{"text_format":"1","workbook":"xlsx","n_sheets":12,"sheets":["Select","DataOutput","AvgResidualTable","MarginErrTable","Linear","Exponential ","Log","Power","AutoRegressive","ExponentialSmooting","Data","Exhibits"],"not_rendered":{"charts":0,"images":0,"macros":1,"external_links":0,"defined_names":16,"comments":0,"pivot_tables":0},"unopened":[],"bounds":{"document_bytes":16777216,"sheet_cells":100000,"rows_first":2000,"rows_last":500,"rows_between":2000,"halvings":0,"cell_chars":16384,"cell_head_chars":4096},"cells_cut":0,"cells_raw":0,"read":"whole","date_system":"1900"}

{"sheet":"Select","index":0,"n_rows":10,"n_cols":4,"rows_kept":10,"cut":false,"hidden":false,"merged":[]}
[]
["State","NY"]
["Coverage","PIP"]
["Attribute ","PurePremium"]
[]
[]
["Start",10,null,"Note: the latest prediction period is 45-48"]
["Length",30]
["End",{"$f":"IF(OR(B7=\"\",B8=\"\"), \"\",B7+B8-1)","v":39}]
["Prediction Period",{"$f":"IF(B9=\"\", \"\", B9+1&\"-\"&B9+4)","v":"40-43"}]

{"sheet":"DataOutput","index":1,"n_rows":53,"n_cols":15,"rows_kept":53,"cut":false,"hidden":false,"merged":[[36,6,36,7],[37,6,37,7],[38,6,38,7]]}
[null,"State#","Coverage#","Attribute#"]
[null,{"$f":"INDEX(State,MATCH(Select!$B$2,StateAbbr),1)","v":16},{"$f":"INDEX(Coverage,MATCH(Select!$B$3,CoverageAbbr),1)","v":6},{"$f":"INDEX(Attribute,MATCH(Select!$B$4,Attr,FALSE),1)","v":3},null,"Index=",{"$f":"B2*1000+C2*100","v":16600},null,null,null,null,null,null,null,3]
[]
[{"$f":"Select!$B$2 & \"_\" & Select!$B$3 & \"_\" &Select!$B$4","v":"NY_PIP_PurePremium"}]
["t","t (index)","x",null,"Predictions "]
["9-1996",1,{"$f":"VLOOKUP($G$2+B6,Data,8+$D$2,FALSE)","v":23.783586618398289},null,null,{"$f":" \"Linear\" &\"  \" & Select!$B$8","v":"Linear  30"},{"$f":" \"Exponential\" & \"  \" & Select!$B$8","v":"Exponential  30"},{"$f":"\"Log\"  & \"  \" & Select!$B$8","v":"Log  30"},{"$f":" \"Power\" & \"  \" & Select!$B$8","v":"Power  30"},"Yearly ","Level","Quately ","Auto-Regressive","Linear Exponential"]
["12-1996",2,30.06034779202411,null,"a=",{"$f":"Linear!$G$10","v":0.96619784165780143},{"$f":"'Exponential '!$H$10","v":70.092303515500205},{"$f":"Log!$H$10","v":7.0939717350594691},{"$f":"Power!$I$10","v":60.205567254179435}]
["3-1997",3,44.289456506637386,{"$f":"IF(Select!$B$4=\"Severity\",DataOutput!F27,\" \")","v":" "},"b=",{"$f":"Linear!$G$11","v":69.769316410966951},{"$f":"'Exponential '!$H$11","v":1.1531219344748239E-2},{"$f":"Log!$H$11","v":65.041219626929561},{"$f":"Power!$I$11","v":0.13291851659953469}]
["6-1997",4,52.334460371953938,"Index","t"]
["9-1997",5,{"$f":"VLOOKUP($G$2+B10,Data,8+$D$2,FALSE)","v":57.576611355164118},{"$f":"IF(Select!$B$9=\"\", \"N/A\", Select!$B$9+1)","v":40},{"$f":"IF(Select!$B$8=\"\", \"N/A\", Select!$B$8+1)","v":31},{"$f":"$F$7*E10 +$F$8","v":99.721449502358794},{"$f":"$G$7*EXP($G$8*E10)","v":100.21128376829898},{"$f":"$H$7*LN(E10)+$H$8","v":89.40182779410307},{"$f":"$I$7*(E10^$I$8)","v":95.031205117553753},{"$f":"VLOOKUP(D10-4,B:C,2)/VLOOKUP(D10-5,B:C,2)*VLOOKUP(D10-1,B:C,2)","v":68.405677096444791},{"$f":"VLOOKUP($D$10-1,B:C,2)","v":73.10056780794261},{"$f":"VLOOKUP(D10-1,B:C,2)/VLOOKUP(D10-2,B:C,2)*VLOOKUP(D10-1,B:C,2)","v":68.791525496092049},{"$f":"AutoRegressive!$O2","v":74.751491125778784},{"$f":"ExponentialSmooting!$U2","v":88.117882458531454}]
["12-1997",6,59.797655371195681,{"$f":"IF(Select!$B$9=\"\", \"N/A\", Select!$B$9+2)","v":41},{"$f":"IF(Select!$B$8=\"\", \"N/A\", Select!$B$8+2)","v":32},{"$f":"$F$7*E11 +$F$8","v":100.6876473440166},{"$f":"$G$7*EXP($G$8*E11)","v":101.37353024323161},{"$f":"$H$7*LN(E11)+$H$8","v":89.62705216257163},{"$f":"$I$7*(E11^$I$8)","v":95.433083206145227},{"$f":"VLOOKUP(D11-4,B:C,2)/VLOOKUP(D11-5,B:C,2)*J10","v":55.804286283646903},{"$f":"VLOOKUP($D$10-1,B:C,2)","v":73.10056780794261},{"$f":"L10/VLOOKUP(D11-2,B:C,2)*L10","v":64.736487307630824},{"$f":"AutoRegressive!$O3","v":76.122652302731424},{"$f":"ExponentialSmooting!$U3","v":88.025567877219231}]
["3-1998",7,62.415489665519196,{"$f":"IF(Select!$B$9=\"\", \"N/A\", Select!$B$9+3)","v":42},{"$f":"IF(Select!$B$8=\"\", \"N/A\", Select!$B$8+3)","v":33},{"$f":"$F$7*E12 +$F$8","v":101.6538451856744},{"$f":"$G$7*EXP($G$8*E12)","v":102.54925640645581},{"$f":"$H$7*LN(E12)+$H$8","v":89.845345439394478},{"$f":"$I$7*(E12^$I$8)","v":95.824215620648488},{"$f":"VLOOKUP(D12-4,B:C,2)/VLOOKUP(D12-5,B:C,2)*J11","v":56.180428687068776},{"$f":"VLOOKUP($D$10-1,B:C,2)","v":73.10056780794261},{"$f":"L11/L10*L11","v":60.920480520076865},{"$f":"AutoRegressive!$O4","v":77.262645525077218},{"$f":"ExponentialSmooting!$U4","v":87.934298080786249}]
["6-1998",8,61.390728177398891,{"$f":"IF(Select!$B$9=\"\", \"N/A\", Select!$B$9+4)","v":43},{"$f":"IF(Select!$B$8=\"\", \"N/A\", Select!$B$8+4)","v":34},{"$f":"$F$7*E13 +$F$8","v":102.6200430273322},{"$f":"$G$7*EXP($G$8*E13)","v":103.73861859485909},{"$f":"$H$7*LN(E13)+$H$8","v":90.057121516186101},{"$f":"$I$7*(E13^$I$8)","v":96.205202598158479},{"$f":"VLOOKUP(D13-4,B:C,2)/VLOOKUP(D13-5,B:C,2)*J12","v":52.868773913791088},{"$f":"VLOOKUP($D$10-1,B:C,2)","v":73.10056780794261},{"$f":"L12/L11*L12","v":57.329415004567203},{"$f":"AutoRegressive!$O5","v":78.2113705436863},{"$f":"ExponentialSmooting!$U5","v":87.832985948909865}]
["9-1998",9,61.10725117104942]
["12-1998",10,63.916742313829481]
["3-1999",11,63.193354470336409]
["6-1999",12,70.146463693585261,null,"Residual"]
["9-1999",13,73.923751741079798,null,null,{"$f":" \"Linear\" &\"  \" & Select!$B$8","v":"Linear  30"},{"$f":" \"Exponential\" & \"  \" & Select!$B$8","v":"Exponential  30"},{"$f":"\"Log\"  & \"  \" & Select!$B$8","v":"Log  30"},{"$f":" \"Power\" & \"  \" & Select!$B$8","v":"Power  30"},"Yearly ","Level","Quately ","Auto-Regressive","Linear Exponential"]
["12-1999",14,75.26062398171743,null,null,{"$f":"ABS(VLOOKUP($D10,table,2)-F10)","v":27.689417298988516},{"$f":"ABS(VLOOKUP($D10,table,2)-G10)","v":28.179251564928705},17.369795590732792,{"$f":"ABS(VLOOKUP($D10,table,2)-I10)","v":22.999172914183475},{"$f":"ABS(VLOOKUP($D10,table,2)-J10)","v":3.6263551069254873},1.0685356045723324,{"$f":"ABS(VLOOKUP($D10,table,2)-L10)","v":3.2405067072782288},{"$f":"ABS(VLOOKUP($D10,table,2)-M10)","v":2.7194589224085064},{"$f":"ABS(VLOOKUP($D10,table,2)-N10)","v":16.085850255161176}]
["3-2000",15,78.443002388213571,null,null,18.182467191428856,18.868350090643872,7.121872009983889,12.927903053557486,26.700893868940838,9.4046123446451304,17.768692844956917,{"$f":"ABS(VLOOKUP($D11,table,2)-M11)","v":6.3825278498563165},{"$f":"ABS(VLOOKUP($D11,table,2)-N11)","v":5.5203877246314903}]
["6-2000",16,74.96997804814292,null,null,12.73797418271252,13.633385403493932,0.9294744364325993,6.908344617686609,{"$f":"ABS(VLOOKUP($D12,table,2)-J12)","v":32.735442315893103},15.815303195019268,27.995390482885014,{"$f":"ABS(VLOOKUP($D12,table,2)-M12)","v":11.653225477884661},{"$f":"ABS(VLOOKUP($D12,table,2)-N12)","v":0.98157292217562997}]
["9-2000",17,70.179326258710063,null,null,{"$f":"ABS(VLOOKUP($D13,table,2)-F13)","v":1.3179101605600465},2.4364857280869359,11.245011350586054,5.0969302686136757,48.433358952981067,28.201565058829544,43.972717862204952,{"$f":"ABS(VLOOKUP($D13,table,2)-M13)","v":23.090762323085855},13.46914691786229]
["12-2000",18,72.509196978482791]
["3-2001",19,74.918005458184481]
["6-2001",20,80.015146126112441]
["9-2001",21,84.778913168062189,null,"Average Residual"]
["12-2001",22,88.514631598896841,null,"∑Xi/4 = ",{"$f":"SUM(F19:F22)/4","v":14.981942208422485},{"$f":"SUM(G19:G22)/4","v":15.779368196788361},9.1665383469338337,11.983087713510312,27.874012561185125,13.622504050766569,23.24432697433128,{"$f":"SUM(M19:M22)/4","v":10.961493643308835},{"$f":"SUM(N19:N22)/4","v":9.0142394549576466}]
["3-2002",23,86.444777548906828]
["6-2002",24,84.720079859199501]
["9-2002",25,87.286928027333687,null,null,"Average of the actual value: "]
["12-2002",26,84.868648841309835,null,null,"(X23+X24+X25+X26)/4=",null,{"$f":"SUM(VLOOKUP($D$10,table,2)+VLOOKUP($D$11,table,2)+VLOOKUP($D$12,table,2)+VLOOKUP($D$13,table,2))/4","v":86.18880405642301}]
["3-2003",27,94.071945009600711]
["6-2003",28,96.396379767734871,null,"Margin of Error"]
["9-2003",29,97.081634829759707,null,null,{"$f":"F27/$H$31","v":0.17382701120454858},{"$f":"G27/$H$31","v":0.18307909443155154},{"$f":"H27/$H$31","v":0.10635416568645055},{"$f":"I27/$H$31","v":0.13903299674126643},{"$f":"J27/$H$31","v":0.32340641996769748},{"$f":"K27/$H$31","v":0.15805421829323302},{"$f":"L27/$H$31","v":0.26969079370348975},0.12718001790734856,0.10458712768605684]
["12-2003",30,99.215974347436301]
["3-2004",31,97.550060849520563,null,null,"Average Residual",null,null,"Margin of Error"]
["6-2004",32,102.85439556746771,null,null,"Green","Best Prediction",null,"Green","<=10%"]
["9-2004",33,109.06846085771259,null,null,"Yellow","Median",null,"Yellow","10%<50%"]
["12-2004",34,108.43575544443242,null,null,"Red","Worst Prediction",null,"Red",">=50%"]
["3-2005",35,101.07465368039649]
["6-2005",36,94.583124722937526]
["9-2005",37,77.159440468647958]
["12-2005",38,77.679524844192954]
["3-2006",39,73.10056780794261]
["6-2006",40,72.032032203370278]
["9-2006",41,82.505180152587741]
["12-2006",42,88.915871002961879]
["3-2007",43,101.30213286677215]
["6-2007",44,112.06039199198131]
["9-2007",45,111.83731664418571]
["12-2007",46,117.00663610006221]
["3-2008",47,121.12378694219291]
["6-2008",48,123.80367199006717]

{"sheet":"AvgResidualTable","index":2,"n_rows":48,"n_cols":12,"rows_kept":48,"cut":false,"hidden":false,"merged":[[1,3,1,4],[2,3,2,4],[3,3,3,4],[4,0,4,1]]}
[null,null,"KEY"]
[null,null,"Green","Best Prediction"]
[null,null,"Yellow","Median"]
[null,null,"Red","Worst Prediction"]
[{"$f":"Select!B2 & \"_Frequency\"","v":"NY_Frequency"}]
[]
["Coverage","Data Period","Prediction Period",{"$f":"DataOutput!$F$6","v":"Linear  30"},{"$f":"DataOutput!$G$6","v":"Exponential  30"},{"$f":"DataOutput!$H$6","v":"Log  30"},{"$f":"DataOutput!$I$6","v":"Power  30"},"Yearly ","Level","Quarterly","Auto-Regressive","Linear Exponential"]
["BI",{"$f":"INDEX(DataOutput!$A$6:$B$53, MATCH(Select!$B$7,DataOutput!$B$6:$B$53,0),1) & \" to \" & INDEX(DataOutput!$A$6:$B$53,MATCH(Select!$B$7+19,DataOutput!$B$6:$B$53,0),1)","v":"12-1998 to 9-2003"},{"$f":"INDEX(DataOutput!$A$6:$B$53, MATCH(Select!$B$9+1,DataOutput!$B$6:$B$53,0),1) & \" to \" & INDEX(DataOutput!$A$6:$B$53,MATCH(Select!$B$9+4,DataOutput!$B$6:$B$53,0),1)","v":"6-2006 to 3-2007"},3.9023754141933016E-3,4.0457775507333231E-3,3.1693022367150318E-4,2.6353527984072631E-3,9.1174335834543537E-4,1.2753750824641369E-3,8.4955415385705717E-4,1.3131996698105977E-3,1.5787007736013578E-3]
[]
["CM",{"$f":"INDEX(DataOutput!$A$6:$B$53, MATCH(Select!$B$7,DataOutput!$B$6:$B$53,0),1) & \" to \" & INDEX(DataOutput!$A$6:$B$53,MATCH(Select!$B$7+19,DataOutput!$B$6:$B$53,0),1)","v":"12-1998 to 9-2003"},{"$f":"INDEX(DataOutput!$A$6:$B$53, MATCH(Select!$B$9+1,DataOutput!$B$6:$B$53,0),1) & \" to \" & INDEX(DataOutput!$A$6:$B$53,MATCH(Select!$B$9+4,DataOutput!$B$6:$B$53,0),1)","v":"6-2006 to 3-2007"},2.8103850497462231E-3,2.7686419135130071E-3,1.1023500112939826E-2,3.3868577516688071E-3,2.7592844798551112E-3,2.325689927758768E-3,2.6758983945573168E-3,3.0616031818914806E-3,2.5351550876697854E-3]
[]
["CO",{"$f":"INDEX(DataOutput!$A$6:$B$53, MATCH(Select!$B$7,DataOutput!$B$6:$B$53,0),1) & \" to \" & INDEX(DataOutput!$A$6:$B$53,MATCH(Select!$B$7+19,DataOutput!$B$6:$B$53,0),1)","v":"12-1998 to 9-2003"},{"$f":"INDEX(DataOutput!$A$6:$B$53, MATCH(Select!$B$9+1,DataOutput!$B$6:$B$53,0),1) & \" to \" & INDEX(DataOutput!$A$6:$B$53,MATCH(Select!$B$9+4,DataOutput!$B$6:$B$53,0),1)","v":"6-2006 to 3-2007"},2.0497093675578872E-3,2.0510304215400899E-3,5.9739323578534252E-3,2.0664857108751052E-3,1.9846911665480031E-3,1.6861606080912535E-3,1.4904224607019748E-3,1.4292390167300467E-3,2.3851517512899663E-3]
[" "]
["CSL",{"$f":"INDEX(DataOutput!$A$6:$B$53, MATCH(Select!$B$7,DataOutput!$B$6:$B$53,0),1) & \" to \" & INDEX(DataOutput!$A$6:$B$53,MATCH(Select!$B$7+19,DataOutput!$B$6:$B$53,0),1)","v":"12-1998 to 9-2003"},{"$f":"INDEX(DataOutput!$A$6:$B$53, MATCH(Select!$B$9+1,DataOutput!$B$6:$B$53,0),1) & \" to \" & INDEX(DataOutput!$A$6:$B$53,MATCH(Select!$B$9+4,DataOutput!$B$6:$B$53,0),1)","v":"6-2006 to 3-2007"},1.6342298738489056E-3,1.6626103963981505E-3,8.1059174671015959E-3,3.4282000230591147E-3,6.3849523619533988E-3,3.5315720667362608E-3,6.3497248759610929E-3,4.0220882446455278E-3,2.2517964001769458E-3]
[" "]
["PD",{"$f":"INDEX(DataOutput!$A$6:$B$53, MATCH(Select!$B$7,DataOutput!$B$6:$B$53,0),1) & \" to \" & INDEX(DataOutput!$A$6:$B$53,MATCH(Select!$B$7+19,DataOutput!$B$6:$B$53,0),1)","v":"12-1998 to 9-2003"},{"$f":"INDEX(DataOutput!$A$6:$B$53, MATCH(Select!$B$9+1,DataOutput!$B$6:$B$53,0),1) & \" to \" & INDEX(DataOutput!$A$6:$B$53,MATCH(Select!$B$9+4,DataOutput!$B$6:$B$53,0),1)","v":"6-2006 to 3-2007"},2.4533127910493571E-3,2.4466856674343999E-3,2.601277044222753E-3,2.5315512051810145E-3,2.2866542087526878E-3,1.8935841916815355E-3,5.04027980307231E-3,2.3291421154215518E-3,1.8935841916815424E-3]
[]
["PIP",{"$f":"INDEX(DataOutput!$A$6:$B$53, MATCH(Select!$B$7,DataOutput!$B$6:$B$53,0),1) & \" to \" & INDEX(DataOutput!$A$6:$B$53,MATCH(Select!$B$7+19,DataOutput!$B$6:$B$53,0),1)","v":"12-1998 to 9-2003"},{"$f":"INDEX(DataOutput!$A$6:$B$53, MATCH(Select!$B$9+1,DataOutput!$B$6:$B$53,0),1) & \" to \" & INDEX(DataOutput!$A$6:$B$53,MATCH(Select!$B$9+4,DataOutput!$B$6:$B$53,0),1)","v":"6-2006 to 3-2007"},1.4586033509033599E-3,1.4638946910069048E-3,2.3133978206513642E-3,1.6820198187822255E-3,4.2660091731730274E-3,2.7442090780951021E-3,4.7353299310211282E-3,1.4519149666943616E-3,1.5989494639676582E-3]
[]
[{"$f":"Select!B2 & \"_Severity\"","v":"NY_Severity"}]
[]
["Coverage","Data Period","Prediction Period",{"$f":"DataOutput!$F$6","v":"Linear  30"},{"$f":"DataOutput!$G$6","v":"Exponential  30"},{"$f":"DataOutput!$H$6","v":"Log  30"},{"$f":"DataOutput!$I$6","v":"Power  30"},"Yearly ","Level","Quarterly","Auto-Regressive","Linear Exponential"]
["BI",{"$f":"INDEX(DataOutput!$A$6:$B$53, MATCH(Select!$B$7,DataOutput!$B$6:$B$53,0),1) & \" to \" & INDEX(DataOutput!$A$6:$B$53,MATCH(Select!$B$7+19,DataOutput!$B$6:$B$53,0),1)","v":"12-1998 to 9-2003"},{"$f":"INDEX(DataOutput!$A$6:$B$53, MATCH(Select!$B$9+1,DataOutput!$B$6:$B$53,0),1) & \" to \" & INDEX(DataOutput!$A$6:$B$53,MATCH(Select!$B$9+4,DataOutput!$B$6:$B$53,0),1)","v":"6-2006 to 3-2007"},6544.3470193062003,6394.4686097223921,13202.435367858618,9686.8399867731132,8522.2958710967105,2469.80093370738,4409.3979569082439,6734.7870176617116,6003.0741104955277]
[]
["CM",{"$f":"INDEX(DataOutput!$A$6:$B$53, MATCH(Select!$B$7,DataOutput!$B$6:$B$53,0),1) & \" to \" & INDEX(DataOutput!$A$6:$B$53,MATCH(Select!$B$7+19,DataOutput!$B$6:$B$53,0),1)","v":"12-1998 to 9-2003"},{"$f":"INDEX(DataOutput!$A$6:$B$53, MATCH(Select!$B$9+1,DataOutput!$B$6:$B$53,0),1) & \" to \" & INDEX(DataOutput!$A$6:$B$53,MATCH(Select!$B$9+4,DataOutput!$B$6:$B$53,0),1)","v":"6-2006 to 3-2007"},56.509729750078321,54.392058183397609,30.136969673402263,30.721772545679357,23.958503170623118,26.235442977939016,25.877274981011539,18.13998826448551,29.601054445620804]
[]
["CO",{"$f":"INDEX(DataOutput!$A$6:$B$53, MATCH(Select!$B$7,DataOutput!$B$6:$B$53,0),1) & \" to \" & INDEX(DataOutput!$A$6:$B$53,MATCH(Select!$B$7+19,DataOutput!$B$6:$B$53,0),1)","v":"12-1998 to 9-2003"},{"$f":"INDEX(DataOutput!$A$6:$B$53, MATCH(Select!$B$9+1,DataOutput!$B$6:$B$53,0),1) & \" to \" & INDEX(DataOutput!$A$6:$B$53,MATCH(Select!$B$9+4,DataOutput!$B$6:$B$53,0),1)","v":"6-2006 to 3-2007"},217.46897011125168,188.96167873561751,700.86980127353513,415.83965045574962,93.328439999114153,251.92881425578003,303.73374216604043,368.37898079214324,538.96049943434093]
[]
["CSL",{"$f":"INDEX(DataOutput!$A$6:$B$53, MATCH(Select!$B$7,DataOutput!$B$6:$B$53,0),1) & \" to \" & INDEX(DataOutput!$A$6:$B$53,MATCH(Select!$B$7+19,DataOutput!$B$6:$B$53,0),1)","v":"12-1998 to 9-2003"},{"$f":"INDEX(DataOutput!$A$6:$B$53, MATCH(Select!$B$9+1,DataOutput!$B$6:$B$53,0),1) & \" to \" & INDEX(DataOutput!$A$6:$B$53,MATCH(Select!$B$9+4,DataOutput!$B$6:$B$53,0),1)","v":"6-2006 to 3-2007"},1565.8333446509316,1732.3444018994112,1672.560703551376,1286.2934617759095,2515.2509171793627,1450.4853816352295,791.67704922043799,870.51349273311303,1233.1045863168804]
[]
["PD",{"$f":"INDEX(DataOutput!$A$6:$B$53, MATCH(Select!$B$7,DataOutput!$B$6:$B$53,0),1) & \" to \" & INDEX(DataOutput!$A$6:$B$53,MATCH(Select!$B$7+19,DataOutput!$B$6:$B$53,0),1)","v":"12-1998 to 9-2003"},{"$f":"INDEX(DataOutput!$A$6:$B$53, MATCH(Select!$B$9+1,DataOutput!$B$6:$B$53,0),1) & \" to \" & INDEX(DataOutput!$A$6:$B$53,MATCH(Select!$B$9+4,DataOutput!$B$6:$B$53,0),1)","v":"6-2006 to 3-2007"},75.886093463126713,87.512053092713359,387.99435295507863,116.07533347812125,279.63350004262236,80.993668152793248,293.13981416511581,63.051525262397263,169.0356457852223]
[]
["PIP",{"$f":"INDEX(DataOutput!$A$6:$B$53, MATCH(Select!$B$7,DataOutput!$B$6:$B$53,0),1) & \" to \" & INDEX(DataOutput!$A$6:$B$53,MATCH(Select!$B$7+19,DataOutput!$B$6:$B$53,0),1)","v":"12-1998 to 9-2003"},{"$f":"INDEX(DataOutput!$A$6:$B$53, MATCH(Select!$B$9+1,DataOutput!$B$6:$B$53,0),1) & \" to \" & INDEX(DataOutput!$A$6:$B$53,MATCH(Select!$B$9+4,DataOutput!$B$6:$B$53,0),1)","v":"6-2006 to 3-2007"},947.36407784939138,1028.0573354769615,601.51461893693431,242.60236322109245,287.67831943288752,272.07707145948984,505.20361500541571,115.50003202675839,58.123536820465461]
[]
[{"$f":"Select!B2& \"_PurePremium\"","v":"NY_PurePremium"}]
[]
["Coverage","Data Period","Prediction Period",{"$f":"DataOutput!$F$6","v":"Linear  30"},{"$f":"DataOutput!$G$6","v":"Exponential  30"},{"$f":"DataOutput!$H$6","v":"Log  30"},{"$f":"DataOutput!$I$6","v":"Power  30"},"Yearly ","Level","Quarterly","Auto-Regressive","Linear Exponential"]
["BI",{"$f":"INDEX(DataOutput!$A$6:$B$53, MATCH(Select!$B$7,DataOutput!$B$6:$B$53,0),1) & \" to \" & INDEX(DataOutput!$A$6:$B$53,MATCH(Select!$B$7+19,DataOutput!$B$6:$B$53,0),1)","v":"12-1998 to 9-2003"},{"$f":"INDEX(DataOutput!$A$6:$B$53, MATCH(Select!$B$9+1,DataOutput!$B$6:$B$53,0),1) & \" to \" & INDEX(DataOutput!$A$6:$B$53,MATCH(Select!$B$9+4,DataOutput!$B$6:$B$53,0),1)","v":"6-2006 to 3-2007"},73.468832949790311,92.167567514667667,21.31633672258755,36.207225943944835,57.122799592016484,44.942075865988421,23.26384225649646,33.516944188473758,23.01767642273937]
[]
["CM",{"$f":"INDEX(DataOutput!$A$6:$B$53, MATCH(Select!$B$7,DataOutput!$B$6:$B$53,0),1) & \" to \" & INDEX(DataOutput!$A$6:$B$53,MATCH(Select!$B$7+19,DataOutput!$B$6:$B$53,0),1)","v":"12-1998 to 9-2003"},{"$f":"INDEX(DataOutput!$A$6:$B$53, MATCH(Select!$B$9+1,DataOutput!$B$6:$B$53,0),1) & \" to \" & INDEX(DataOutput!$A$6:$B$53,MATCH(Select!$B$9+4,DataOutput!$B$6:$B$53,0),1)","v":"6-2006 to 3-2007"},5.3937547911413475,4.8258549208851047,4.9685995787839961,3.9393452350246356,3.4557584441483247,3.7316926578885106,3.9867562139006925,2.9469222302228388,3.7820450226353355]
[]
["CO",{"$f":"INDEX(DataOutput!$A$6:$B$53, MATCH(Select!$B$7,DataOutput!$B$6:$B$53,0),1) & \" to \" & INDEX(DataOutput!$A$6:$B$53,MATCH(Select!$B$7+19,DataOutput!$B$6:$B$53,0),1)","v":"12-1998 to 9-2003"},{"$f":"INDEX(DataOutput!$A$6:$B$53, MATCH(Select!$B$9+1,DataOutput!$B$6:$B$53,0),1) & \" to \" & INDEX(DataOutput!$A$6:$B$53,MATCH(Select!$B$9+4,DataOutput!$B$6:$B$53,0),1)","v":"6-2006 to 3-2007"},15.628567388371572,15.246255656307646,25.579680931691477,16.519889642250945,10.743285642882853,16.26474186759426,17.069240571048049,20.312354766950016,24.677347944321546]
[]
["CSL",{"$f":"INDEX(DataOutput!$A$6:$B$53, MATCH(Select!$B$7,DataOutput!$B$6:$B$53,0),1) & \" to \" & INDEX(DataOutput!$A$6:$B$53,MATCH(Select!$B$7+19,DataOutput!$B$6:$B$53,0),1)","v":"12-1998 to 9-2003"},{"$f":"INDEX(DataOutput!$A$6:$B$53, MATCH(Select!$B$9+1,DataOutput!$B$6:$B$53,0),1) & \" to \" & INDEX(DataOutput!$A$6:$B$53,MATCH(Select!$B$9+4,DataOutput!$B$6:$B$53,0),1)","v":"6-2006 to 3-2007"},74.602542412339602,77.515173553973298,56.126304910966979,57.205431635489262,149.66970227371417,83.019445527631206,33.4201720113671,41.650370284846034,69.359623536682491]
[]
["PD",{"$f":"INDEX(DataOutput!$A$6:$B$53, MATCH(Select!$B$7,DataOutput!$B$6:$B$53,0),1) & \" to \" & INDEX(DataOutput!$A$6:$B$53,MATCH(Select!$B$7+19,DataOutput!$B$6:$B$53,0),1)","v":"12-1998 to 9-2003"},{"$f":"INDEX(DataOutput!$A$6:$B$53, MATCH(Select!$B$9+1,DataOutput!$B$6:$B$53,0),1) & \" to \" & INDEX(DataOutput!$A$6:$B$53,MATCH(Select!$B$9+4,DataOutput!$B$6:$B$53,0),1)","v":"6-2006 to 3-2007"},6.660999644981171,8.1979937044568381,7.2498980409084304,2.8097858797207138,10.775713873123863,3.8478665947038238,6.3340447931158721,4.5643387561874853,3.7056473988554117]
[]
["PIP",{"$f":"INDEX(DataOutput!$A$6:$B$53, MATCH(Select!$B$7,DataOutput!$B$6:$B$53,0),1) & \" to \" & INDEX(DataOutput!$A$6:$B$53,MATCH(Select!$B$7+19,DataOutput!$B$6:$B$53,0),1)","v":"12-1998 to 9-2003"},{"$f":"INDEX(DataOutput!$A$6:$B$53, MATCH(Select!$B$9+1,DataOutput!$B$6:$B$53,0),1) & \" to \" & INDEX(DataOutput!$A$6:$B$53,MATCH(Select!$B$9+4,DataOutput!$B$6:$B$53,0),1)","v":"6-2006 to 3-2007"},14.981942208422485,15.779368196788361,9.1665383469338337,11.983087713510312,27.874012561185125,13.622504050766569,23.24432697433128,10.961493643308835,9.0142394549576466]

{"sheet":"MarginErrTable","index":3,"n_rows":48,"n_cols":12,"rows_kept":48,"cut":false,"hidden":false,"merged":[[2,0,2,1]]}
[null,null,null,"KEY"]
[null,null,null,"Green","<=5%","orange","30%<=50%"]
[{"$f":"Select!B2 & \"_Frequency\"","v":"NY_Frequency"},null,null,"Light green","5%<=10%","Red",">50%"]
[null,null,null,"Yellow","10%<=30%"]
[]
[]
["Coverage","Data Period","Prediction Period",{"$f":"DataOutput!$F$6","v":"Linear  30"},{"$f":"DataOutput!$G$6","v":"Exponential  30"},{"$f":"DataOutput!$H$6","v":"Log  30"},{"$f":"DataOutput!$I$6","v":"Power  30"},"Yearly ","Level","Quarterly","Auto-Regressive","Linear Exponential"]
["BI",{"$f":"INDEX(DataOutput!$A$6:$B$53, MATCH(Select!$B$7,DataOutput!$B$6:$B$53,0),1) & \" to \" & INDEX(DataOutput!$A$6:$B$53,MATCH(Select!$B$7+19,DataOutput!$B$6:$B$53,0),1)","v":"12-1998 to 9-2003"},{"$f":"INDEX(DataOutput!$A$6:$B$53, MATCH(Select!$B$9+1,DataOutput!$B$6:$B$53,0),1) & \" to \" & INDEX(DataOutput!$A$6:$B$53,MATCH(Select!$B$9+4,DataOutput!$B$6:$B$53,0),1)","v":"6-2006 to 3-2007"},0.70744730332715144,0.73344414986775064,5.745511599519567E-2,0.47775342776299329,0.16528660411347312,0.2312080635651535,0.15401255168598296,0.23806514405525483,0.28619686383393306]
[]
["CM",{"$f":"INDEX(DataOutput!$A$6:$B$53, MATCH(Select!$B$7,DataOutput!$B$6:$B$53,0),1) & \" to \" & INDEX(DataOutput!$A$6:$B$53,MATCH(Select!$B$7+19,DataOutput!$B$6:$B$53,0),1)","v":"12-1998 to 9-2003"},{"$f":"INDEX(DataOutput!$A$6:$B$53, MATCH(Select!$B$9+1,DataOutput!$B$6:$B$53,0),1) & \" to \" & INDEX(DataOutput!$A$6:$B$53,MATCH(Select!$B$9+4,DataOutput!$B$6:$B$53,0),1)","v":"6-2006 to 3-2007"},3.4712981634153345E-2,3.4197383701568829E-2,0.1361587647924335,4.1833388966321723E-2,3.4081803659346967E-2,2.8726181758017666E-2,3.3051845274196981E-2,3.7815948043724901E-2,3.1313428743850701E-2]
[]
["CO",{"$f":"INDEX(DataOutput!$A$6:$B$53, MATCH(Select!$B$7,DataOutput!$B$6:$B$53,0),1) & \" to \" & INDEX(DataOutput!$A$6:$B$53,MATCH(Select!$B$7+19,DataOutput!$B$6:$B$53,0),1)","v":"12-1998 to 9-2003"},{"$f":"INDEX(DataOutput!$A$6:$B$53, MATCH(Select!$B$9+1,DataOutput!$B$6:$B$53,0),1) & \" to \" & INDEX(DataOutput!$A$6:$B$53,MATCH(Select!$B$9+4,DataOutput!$B$6:$B$53,0),1)","v":"6-2006 to 3-2007"},4.2079975395731564E-2,4.2107096274402164E-2,0.12264320523340601,4.2424389157600634E-2,4.074516942661488E-2,3.4616418319963538E-2,3.0597967432967575E-2,2.93418879820392E-2,4.8966516228078516E-2]
[]
["CSL",{"$f":"INDEX(DataOutput!$A$6:$B$53, MATCH(Select!$B$7,DataOutput!$B$6:$B$53,0),1) & \" to \" & INDEX(DataOutput!$A$6:$B$53,MATCH(Select!$B$7+19,DataOutput!$B$6:$B$53,0),1)","v":"12-1998 to 9-2003"},{"$f":"INDEX(DataOutput!$A$6:$B$53, MATCH(Select!$B$9+1,DataOutput!$B$6:$B$53,0),1) & \" to \" & INDEX(DataOutput!$A$6:$B$53,MATCH(Select!$B$9+4,DataOutput!$B$6:$B$53,0),1)","v":"6-2006 to 3-2007"},4.6365624928717909E-2,4.7170824175688089E-2,0.22997739485548283,9.7263328123737947E-2,0.18115095748729024,0.10019615261920592,0.18015149931507232,0.114112853990504,6.3886940862576833E-2]
[]
["PD",{"$f":"INDEX(DataOutput!$A$6:$B$53, MATCH(Select!$B$7,DataOutput!$B$6:$B$53,0),1) & \" to \" & INDEX(DataOutput!$A$6:$B$53,MATCH(Select!$B$7+19,DataOutput!$B$6:$B$53,0),1)","v":"12-1998 to 9-2003"},{"$f":"INDEX(DataOutput!$A$6:$B$53, MATCH(Select!$B$9+1,DataOutput!$B$6:$B$53,0),1) & \" to \" & INDEX(DataOutput!$A$6:$B$53,MATCH(Select!$B$9+4,DataOutput!$B$6:$B$53,0),1)","v":"6-2006 to 3-2007"},6.4278496632032556E-2,6.4104861397048157E-2,6.815526268647408E-2,6.6328397344899356E-2,5.9911926189022031E-2,4.9613219126212471E-2,0.13205882655008225,6.1025138811432289E-2,4.9613219126212652E-2]
[]
["PIP",{"$f":"INDEX(DataOutput!$A$6:$B$53, MATCH(Select!$B$7,DataOutput!$B$6:$B$53,0),1) & \" to \" & INDEX(DataOutput!$A$6:$B$53,MATCH(Select!$B$7+19,DataOutput!$B$6:$B$53,0),1)","v":"12-1998 to 9-2003"},{"$f":"INDEX(DataOutput!$A$6:$B$53, MATCH(Select!$B$9+1,DataOutput!$B$6:$B$53,0),1) & \" to \" & INDEX(DataOutput!$A$6:$B$53,MATCH(Select!$B$9+4,DataOutput!$B$6:$B$53,0),1)","v":"6-2006 to 3-2007"},0.10039885948132841,0.10076307399598361,0.15923623278126989,0.11577710371098335,0.29363874370519943,0.18888991407322653,0.32594311815331761,9.9938483364723121E-2,0.11005918946450469]
[]
[{"$f":"Select!B2 & \"_Severity\"","v":"NY_Severity"}]
[]
["Coverage","Data Period","Prediction Period",{"$f":"DataOutput!$F$6","v":"Linear  30"},{"$f":"DataOutput!$G$6","v":"Exponential  30"},{"$f":"DataOutput!$H$6","v":"Log  30"},{"$f":"DataOutput!$I$6","v":"Power  30"},"Yearly ","Level","Quarterly","Auto-Regressive","Linear Exponential"]
["BI",{"$f":"INDEX(DataOutput!$A$6:$B$53, MATCH(Select!$B$7,DataOutput!$B$6:$B$53,0),1) & \" to \" & INDEX(DataOutput!$A$6:$B$53,MATCH(Select!$B$7+19,DataOutput!$B$6:$B$53,0),1)","v":"12-1998 to 9-2003"},{"$f":"INDEX(DataOutput!$A$6:$B$53, MATCH(Select!$B$9+1,DataOutput!$B$6:$B$53,0),1) & \" to \" & INDEX(DataOutput!$A$6:$B$53,MATCH(Select!$B$9+4,DataOutput!$B$6:$B$53,0),1)","v":"6-2006 to 3-2007"},0.17199275091854724,0.16805377887266254,0.34697475103987635,0.25458097685191511,0.22397545647985737,6.4909127764218519E-2,0.11588390442407666,0.17699772683218093,0.15776749417262653]
[]
["CM",{"$f":"INDEX(DataOutput!$A$6:$B$53, MATCH(Select!$B$7,DataOutput!$B$6:$B$53,0),1) & \" to \" & INDEX(DataOutput!$A$6:$B$53,MATCH(Select!$B$7+19,DataOutput!$B$6:$B$53,0),1)","v":"12-1998 to 9-2003"},{"$f":"INDEX(DataOutput!$A$6:$B$53, MATCH(Select!$B$9+1,DataOutput!$B$6:$B$53,0),1) & \" to \" & INDEX(DataOutput!$A$6:$B$53,MATCH(Select!$B$9+4,DataOutput!$B$6:$B$53,0),1)","v":"6-2006 to 3-2007"},7.1782731327984059E-2,6.9092712285524535E-2,3.8282150820274273E-2,3.9025009574795953E-2,3.0433817392572293E-2,3.3326150432588686E-2,3.2871179630083805E-2,2.304272042427424E-2,3.7601392675074355E-2]
[]
["CO",{"$f":"INDEX(DataOutput!$A$6:$B$53, MATCH(Select!$B$7,DataOutput!$B$6:$B$53,0),1) & \" to \" & INDEX(DataOutput!$A$6:$B$53,MATCH(Select!$B$7+19,DataOutput!$B$6:$B$53,0),1)","v":"12-1998 to 9-2003"},{"$f":"INDEX(DataOutput!$A$6:$B$53, MATCH(Select!$B$9+1,DataOutput!$B$6:$B$53,0),1) & \" to \" & INDEX(DataOutput!$A$6:$B$53,MATCH(Select!$B$9+4,DataOutput!$B$6:$B$53,0),1)","v":"6-2006 to 3-2007"},5.8435034850692978E-2,5.0774978502507548E-2,0.18832733351459546,0.11173826065507482,2.5077833592163024E-2,6.7694572855148613E-2,8.1614824403335257E-2,9.8985333722964544E-2,0.14482146832939419]
[]
["CSL",{"$f":"INDEX(DataOutput!$A$6:$B$53, MATCH(Select!$B$7,DataOutput!$B$6:$B$53,0),1) & \" to \" & INDEX(DataOutput!$A$6:$B$53,MATCH(Select!$B$7+19,DataOutput!$B$6:$B$53,0),1)","v":"12-1998 to 9-2003"},{"$f":"INDEX(DataOutput!$A$6:$B$53, MATCH(Select!$B$9+1,DataOutput!$B$6:$B$53,0),1) & \" to \" & INDEX(DataOutput!$A$6:$B$53,MATCH(Select!$B$9+4,DataOutput!$B$6:$B$53,0),1)","v":"6-2006 to 3-2007"},0.16892436212342246,0.1868878154042482,0.18043826370494379,0.13876719593199341,0.27134890070922363,0.15648045732268048,8.5407263170225053E-2,9.3912252528097415E-2,0.13302910324820169]
[]
["PD",{"$f":"INDEX(DataOutput!$A$6:$B$53, MATCH(Select!$B$7,DataOutput!$B$6:$B$53,0),1) & \" to \" & INDEX(DataOutput!$A$6:$B$53,MATCH(Select!$B$7+19,DataOutput!$B$6:$B$53,0),1)","v":"12-1998 to 9-2003"},{"$f":"INDEX(DataOutput!$A$6:$B$53, MATCH(Select!$B$9+1,DataOutput!$B$6:$B$53,0),1) & \" to \" & INDEX(DataOutput!$A$6:$B$53,MATCH(Select!$B$9+4,DataOutput!$B$6:$B$53,0),1)","v":"6-2006 to 3-2007"},2.7897192143480735E-2,3.2171119220732673E-2,0.14263421031460399,4.267153220545198E-2,0.1027986700123599,2.9774835147650416E-2,0.10776385168175878,2.3178957235943504E-2,6.214076485382701E-2]
[]
["PIP",{"$f":"INDEX(DataOutput!$A$6:$B$53, MATCH(Select!$B$7,DataOutput!$B$6:$B$53,0),1) & \" to \" & INDEX(DataOutput!$A$6:$B$53,MATCH(Select!$B$7+19,DataOutput!$B$6:$B$53,0),1)","v":"12-1998 to 9-2003"},{"$f":"INDEX(DataOutput!$A$6:$B$53, MATCH(Select!$B$9+1,DataOutput!$B$6:$B$53,0),1) & \" to \" & INDEX(DataOutput!$A$6:$B$53,MATCH(Select!$B$9+4,DataOutput!$B$6:$B$53,0),1)","v":"6-2006 to 3-2007"},0.1597211699639387,0.17332567726775688,0.10141256242807795,4.0901628207871986E-2,4.8501224426186422E-2,4.5870926700664311E-2,8.5174975857068902E-2,1.9472767310393001E-2,9.7993575231197227E-3]
[]
[{"$f":"Select!B2& \"_PurePremium\"","v":"NY_PurePremium"}]
[]
["Coverage","Data Period","Prediction Period",{"$f":"DataOutput!$F$6","v":"Linear  30"},{"$f":"DataOutput!$G$6","v":"Exponential  30"},{"$f":"DataOutput!$H$6","v":"Log  30"},{"$f":"DataOutput!$I$6","v":"Power  30"},"Yearly ","Level","Quarterly","Auto-Regressive","Linear Exponential"]
["BI",{"$f":"INDEX(DataOutput!$A$6:$B$53, MATCH(Select!$B$7,DataOutput!$B$6:$B$53,0),1) & \" to \" & INDEX(DataOutput!$A$6:$B$53,MATCH(Select!$B$7+19,DataOutput!$B$6:$B$53,0),1)","v":"12-1998 to 9-2003"},{"$f":"INDEX(DataOutput!$A$6:$B$53, MATCH(Select!$B$9+1,DataOutput!$B$6:$B$53,0),1) & \" to \" & INDEX(DataOutput!$A$6:$B$53,MATCH(Select!$B$9+4,DataOutput!$B$6:$B$53,0),1)","v":"6-2006 to 3-2007"},0.34881322713168655,0.43759054514504286,0.10120509479050686,0.17190363341724446,0.27120599672659873,0.21337470444815676,0.11045140595219143,0.15913079052125501,0.10928266683609503]
[]
["CM",{"$f":"INDEX(DataOutput!$A$6:$B$53, MATCH(Select!$B$7,DataOutput!$B$6:$B$53,0),1) & \" to \" & INDEX(DataOutput!$A$6:$B$53,MATCH(Select!$B$7+19,DataOutput!$B$6:$B$53,0),1)","v":"12-1998 to 9-2003"},{"$f":"INDEX(DataOutput!$A$6:$B$53, MATCH(Select!$B$9+1,DataOutput!$B$6:$B$53,0),1) & \" to \" & INDEX(DataOutput!$A$6:$B$53,MATCH(Select!$B$9+4,DataOutput!$B$6:$B$53,0),1)","v":"6-2006 to 3-2007"},8.4554523495363507E-2,7.5651912089768916E-2,7.7889630895594614E-2,6.1754653692878629E-2,5.4173765748481352E-2,5.8499413995818927E-2,6.249788598328563E-2,4.6197058376407786E-2,5.9288756554554636E-2]
[]
["CO",{"$f":"INDEX(DataOutput!$A$6:$B$53, MATCH(Select!$B$7,DataOutput!$B$6:$B$53,0),1) & \" to \" & INDEX(DataOutput!$A$6:$B$53,MATCH(Select!$B$7+19,DataOutput!$B$6:$B$53,0),1)","v":"12-1998 to 9-2003"},{"$f":"INDEX(DataOutput!$A$6:$B$53, MATCH(Select!$B$9+1,DataOutput!$B$6:$B$53,0),1) & \" to \" & INDEX(DataOutput!$A$6:$B$53,MATCH(Select!$B$9+4,DataOutput!$B$6:$B$53,0),1)","v":"6-2006 to 3-2007"},8.6170273155808511E-2,8.4062344414551612E-2,0.14103711737278754,9.1084701982073399E-2,5.9234594920510537E-2,8.9677909350931659E-2,9.4113624494066725E-2,0.11199498426247934,0.13606197934081304]
[]
["CSL",{"$f":"INDEX(DataOutput!$A$6:$B$53, MATCH(Select!$B$7,DataOutput!$B$6:$B$53,0),1) & \" to \" & INDEX(DataOutput!$A$6:$B$53,MATCH(Select!$B$7+19,DataOutput!$B$6:$B$53,0),1)","v":"12-1998 to 9-2003"},{"$f":"INDEX(DataOutput!$A$6:$B$53, MATCH(Select!$B$9+1,DataOutput!$B$6:$B$53,0),1) & \" to \" & INDEX(DataOutput!$A$6:$B$53,MATCH(Select!$B$9+4,DataOutput!$B$6:$B$53,0),1)","v":"6-2006 to 3-2007"},0.22710971139094863,0.23597652472699529,0.17086319711889217,0.17414834198172968,0.45563384019108299,0.25273297268349237,0.10173977152395296,0.12679465429522588,0.21114889083184002]
[]
["PD",{"$f":"INDEX(DataOutput!$A$6:$B$53, MATCH(Select!$B$7,DataOutput!$B$6:$B$53,0),1) & \" to \" & INDEX(DataOutput!$A$6:$B$53,MATCH(Select!$B$7+19,DataOutput!$B$6:$B$53,0),1)","v":"12-1998 to 9-2003"},{"$f":"INDEX(DataOutput!$A$6:$B$53, MATCH(Select!$B$9+1,DataOutput!$B$6:$B$53,0),1) & \" to \" & INDEX(DataOutput!$A$6:$B$53,MATCH(Select!$B$9+4,DataOutput!$B$6:$B$53,0),1)","v":"6-2006 to 3-2007"},6.423339231094409E-2,7.9054942778414516E-2,6.9912260906198051E-2,2.7095344293831133E-2,0.10391242959521348,3.7105770561632549E-2,6.1080499293804512E-2,4.4014859269230017E-2,3.5734321546774681E-2]
[]
["PIP",{"$f":"INDEX(DataOutput!$A$6:$B$53, MATCH(Select!$B$7,DataOutput!$B$6:$B$53,0),1) & \" to \" & INDEX(DataOutput!$A$6:$B$53,MATCH(Select!$B$7+19,DataOutput!$B$6:$B$53,0),1)","v":"12-1998 to 9-2003"},{"$f":"INDEX(DataOutput!$A$6:$B$53, MATCH(Select!$B$9+1,DataOutput!$B$6:$B$53,0),1) & \" to \" & INDEX(DataOutput!$A$6:$B$53,MATCH(Select!$B$9+4,DataOutput!$B$6:$B$53,0),1)","v":"6-2006 to 3-2007"},0.17382701120454858,0.18307909443155154,0.10635416568645055,0.13903299674126643,0.32340641996769748,0.15805421829323302,0.26969079370348975,0.12718001790734856,0.10458712768605684]

{"sheet":"Linear","index":4,"n_rows":49,"n_cols":11,"rows_kept":49,"cut":false,"hidden":false,"merged":[]}
[null,"Index","t","x"]
[1,{"$f":"IF(COUNT($A$2:A2)>Select!$B$8,\"\",OFFSET(DataOutput!B6,Select!$B$7-1,0))","v":10},{"$f":"IF(B2=\"\",\"\",B2-Select!$B$7+1)","v":1},{"$f":"IF(ISERROR(VLOOKUP(B2,table,2,0)),\"\",VLOOKUP(B2,table,2,0))","v":63.916742313829481}]
[1,{"$f":"IF(COUNT($A$2:A3)>Select!$B$8,\"\",OFFSET(DataOutput!B7,Select!$B$7-1,0))","v":11},{"$f":"IF(B3=\"\",\"\",B3-Select!$B$7+1)","v":2},63.193354470336409]
[1,{"$f":"IF(COUNT($A$2:A4)>Select!$B$8,\"\",OFFSET(DataOutput!B8,Select!$B$7-1,0))","v":12},{"$f":"IF(B4=\"\",\"\",B4-Select!$B$7+1)","v":3},70.146463693585261,null,"n","Σt","Σx","Σ(tx)","Σ(t2)","Σ(x2)"]
[1,{"$f":"IF(COUNT($A$2:A5)>Select!$B$8,\"\",OFFSET(DataOutput!B9,Select!$B$7-1,0))","v":13},{"$f":"IF(B5=\"\",\"\",B5-Select!$B$7+1)","v":4},73.923751741079798,null,{"$f":"Select!B8","v":30},{"$f":"SUM(C:C)","v":465},{"$f":"SUM(D:D)","v":2542.3614886998862},{"$f":"SUMPRODUCT(C2:C49,D2:D49)","v":41578.132723974144},{"$f":"SUMPRODUCT(C2:C49,C2:C49)","v":9455},{"$f":"SUMPRODUCT(D2:D49,D2:D49)","v":220247.16828161146}]
[1,{"$f":"IF(COUNT($A$2:A6)>Select!$B$8,\"\",OFFSET(DataOutput!B10,Select!$B$7-1,0))","v":14},{"$f":"IF(B6=\"\",\"\",B6-Select!$B$7+1)","v":5},75.26062398171743]
[1,{"$f":"IF(COUNT($A$2:A7)>Select!$B$8,\"\",OFFSET(DataOutput!B11,Select!$B$7-1,0))","v":15},{"$f":"IF(B7=\"\",\"\",B7-Select!$B$7+1)","v":6},78.443002388213571,null,"Σ(t)2","Σ(x)2"]
[1,{"$f":"IF(COUNT($A$2:A8)>Select!$B$8,\"\",OFFSET(DataOutput!B12,Select!$B$7-1,0))","v":16},{"$f":"IF(B8=\"\",\"\",B8-Select!$B$7+1)","v":7},74.96997804814292,null,{"$f":"G5^2","v":216225},{"$f":"H5^2","v":6463601.9392243018}]
[1,{"$f":"IF(COUNT($A$2:A9)>Select!$B$8,\"\",OFFSET(DataOutput!B13,Select!$B$7-1,0))","v":17},{"$f":"IF(B9=\"\",\"\",B9-Select!$B$7+1)","v":8},70.179326258710063]
[1,{"$f":"IF(COUNT($A$2:A10)>Select!$B$8,\"\",OFFSET(DataOutput!B14,Select!$B$7-1,0))","v":18},{"$f":"IF(B10=\"\",\"\",B10-Select!$B$7+1)","v":9},72.509196978482791,null," a =",{"$f":"(F5*I5-G5*H5)/(F5*J5-F8)","v":0.96619784165780143}]
[1,{"$f":"IF(COUNT($A$2:A11)>Select!$B$8,\"\",OFFSET(DataOutput!B15,Select!$B$7-1,0))","v":19},{"$f":"IF(B11=\"\",\"\",B11-Select!$B$7+1)","v":10},74.918005458184481,null," b =",{"$f":"(H5-G10*G5)/F5","v":69.769316410966951}]
[1,{"$f":"IF(COUNT($A$2:A12)>Select!$B$8,\"\",OFFSET(DataOutput!B16,Select!$B$7-1,0))","v":20},{"$f":"IF(B12=\"\",\"\",B12-Select!$B$7+1)","v":11},80.015146126112441,null,"r =",{"$f":"(F5*I5-G5*H5)/SQRT((F5*J5-F8)*(F5*K5-G8))","v":0.66157228421309933}]
[1,{"$f":"IF(COUNT($A$2:A13)>Select!$B$8,\"\",OFFSET(DataOutput!B17,Select!$B$7-1,0))","v":21},{"$f":"IF(B13=\"\",\"\",B13-Select!$B$7+1)","v":12},84.778913168062189]
[1,{"$f":"IF(COUNT($A$2:A14)>Select!$B$8,\"\",OFFSET(DataOutput!B18,Select!$B$7-1,0))","v":22},{"$f":"IF(B14=\"\",\"\",B14-Select!$B$7+1)","v":13},88.514631598896841]
[1,{"$f":"IF(COUNT($A$2:A15)>Select!$B$8,\"\",OFFSET(DataOutput!B19,Select!$B$7-1,0))","v":23},{"$f":"IF(B15=\"\",\"\",B15-Select!$B$7+1)","v":14},86.444777548906828]
[1,{"$f":"IF(COUNT($A$2:A16)>Select!$B$8,\"\",OFFSET(DataOutput!B20,Select!$B$7-1,0))","v":24},{"$f":"IF(B16=\"\",\"\",B16-Select!$B$7+1)","v":15},84.720079859199501]
[1,{"$f":"IF(COUNT($A$2:A17)>Select!$B$8,\"\",OFFSET(DataOutput!B21,Select!$B$7-1,0))","v":25},{"$f":"IF(B17=\"\",\"\",B17-Select!$B$7+1)","v":16},87.286928027333687]
[1,{"$f":"IF(COUNT($A$2:A18)>Select!$B$8,\"\",OFFSET(DataOutput!B22,Select!$B$7-1,0))","v":26},{"$f":"IF(B18=\"\",\"\",B18-Select!$B$7+1)","v":17},84.868648841309835]
[1,{"$f":"IF(COUNT($A$2:A19)>Select!$B$8,\"\",OFFSET(DataOutput!B23,Select!$B$7-1,0))","v":27},{"$f":"IF(B19=\"\",\"\",B19-Select!$B$7+1)","v":18},94.071945009600711]
[1,{"$f":"IF(COUNT($A$2:A20)>Select!$B$8,\"\",OFFSET(DataOutput!B24,Select!$B$7-1,0))","v":28},{"$f":"IF(B20=\"\",\"\",B20-Select!$B$7+1)","v":19},96.396379767734871]
[1,{"$f":"IF(COUNT($A$2:A21)>Select!$B$8,\"\",OFFSET(DataOutput!B25,Select!$B$7-1,0))","v":29},{"$f":"IF(B21=\"\",\"\",B21-Select!$B$7+1)","v":20},97.081634829759707]
[1,{"$f":"IF(COUNT($A$2:A22)>Select!$B$8,\"\",OFFSET(DataOutput!B26,Select!$B$7-1,0))","v":30},{"$f":"IF(B22=\"\",\"\",B22-Select!$B$7+1)","v":21},99.215974347436301]
[1,{"$f":"IF(COUNT($A$2:A23)>Select!$B$8,\"\",OFFSET(DataOutput!B27,Select!$B$7-1,0))","v":31},{"$f":"IF(B23=\"\",\"\",B23-Select!$B$7+1)","v":22},97.550060849520563]
[1,{"$f":"IF(COUNT($A$2:A24)>Select!$B$8,\"\",OFFSET(DataOutput!B28,Select!$B$7-1,0))","v":32},{"$f":"IF(B24=\"\",\"\",B24-Select!$B$7+1)","v":23},102.85439556746771]
[1,{"$f":"IF(COUNT($A$2:A25)>Select!$B$8,\"\",OFFSET(DataOutput!B29,Select!$B$7-1,0))","v":33},{"$f":"IF(B25=\"\",\"\",B25-Select!$B$7+1)","v":24},109.06846085771259]
[1,{"$f":"IF(COUNT($A$2:A26)>Select!$B$8,\"\",OFFSET(DataOutput!B30,Select!$B$7-1,0))","v":34},{"$f":"IF(B26=\"\",\"\",B26-Select!$B$7+1)","v":25},108.43575544443242]
[1,{"$f":"IF(COUNT($A$2:A27)>Select!$B$8,\"\",OFFSET(DataOutput!B31,Select!$B$7-1,0))","v":35},{"$f":"IF(B27=\"\",\"\",B27-Select!$B$7+1)","v":26},101.07465368039649]
[1,{"$f":"IF(COUNT($A$2:A28)>Select!$B$8,\"\",OFFSET(DataOutput!B32,Select!$B$7-1,0))","v":36},{"$f":"IF(B28=\"\",\"\",B28-Select!$B$7+1)","v":27},94.583124722937526]
[1,{"$f":"IF(COUNT($A$2:A29)>Select!$B$8,\"\",OFFSET(DataOutput!B33,Select!$B$7-1,0))","v":37},{"$f":"IF(B29=\"\",\"\",B29-Select!$B$7+1)","v":28},77.159440468647958]
[1,{"$f":"IF(COUNT($A$2:A30)>Select!$B$8,\"\",OFFSET(DataOutput!B34,Select!$B$7-1,0))","v":38},{"$f":"IF(B30=\"\",\"\",B30-Select!$B$7+1)","v":29},77.679524844192954]
[1,{"$f":"IF(COUNT($A$2:A31)>Select!$B$8,\"\",OFFSET(DataOutput!B35,Select!$B$7-1,0))","v":39},{"$f":"IF(B31=\"\",\"\",B31-Select!$B$7+1)","v":30},73.10056780794261]
[1,{"$f":"IF(COUNT($A$2:A32)>Select!$B$8,\"\",OFFSET(DataOutput!B36,Select!$B$7-1,0))","v":""},{"$f":"IF(B32=\"\",\"\",B32-Select!$B$7+1)","v":""},""]
[1,{"$f":"IF(COUNT($A$2:A33)>Select!$B$8,\"\",OFFSET(DataOutput!B37,Select!$B$7-1,0))","v":""},{"$f":"IF(B33=\"\",\"\",B33-Select!$B$7+1)","v":""},""]
[1,{"$f":"IF(COUNT($A$2:A34)>Select!$B$8,\"\",OFFSET(DataOutput!B38,Select!$B$7-1,0))","v":""},{"$f":"IF(B34=\"\",\"\",B34-Select!$B$7+1)","v":""},""]
[1,{"$f":"IF(COUNT($A$2:A35)>Select!$B$8,\"\",OFFSET(DataOutput!B39,Select!$B$7-1,0))","v":""},{"$f":"IF(B35=\"\",\"\",B35-Select!$B$7+1)","v":""},""]
[1,{"$f":"IF(COUNT($A$2:A36)>Select!$B$8,\"\",OFFSET(DataOutput!B40,Select!$B$7-1,0))","v":""},{"$f":"IF(B36=\"\",\"\",B36-Select!$B$7+1)","v":""},""]
[1,{"$f":"IF(COUNT($A$2:A37)>Select!$B$8,\"\",OFFSET(DataOutput!B41,Select!$B$7-1,0))","v":""},{"$f":"IF(B37=\"\",\"\",B37-Select!$B$7+1)","v":""},""]
[1,{"$f":"IF(COUNT($A$2:A38)>Select!$B$8,\"\",OFFSET(DataOutput!B42,Select!$B$7-1,0))","v":""},{"$f":"IF(B38=\"\",\"\",B38-Select!$B$7+1)","v":""},""]
[1,{"$f":"IF(COUNT($A$2:A39)>Select!$B$8,\"\",OFFSET(DataOutput!B43,Select!$B$7-1,0))","v":""},{"$f":"IF(B39=\"\",\"\",B39-Select!$B$7+1)","v":""},""]
[1,{"$f":"IF(COUNT($A$2:A40)>Select!$B$8,\"\",OFFSET(DataOutput!B44,Select!$B$7-1,0))","v":""},{"$f":"IF(B40=\"\",\"\",B40-Select!$B$7+1)","v":""},""]
[1,{"$f":"IF(COUNT($A$2:A41)>Select!$B$8,\"\",OFFSET(DataOutput!B45,Select!$B$7-1,0))","v":""},{"$f":"IF(B41=\"\",\"\",B41-Select!$B$7+1)","v":""},""]
[1,{"$f":"IF(COUNT($A$2:A42)>Select!$B$8,\"\",OFFSET(DataOutput!B46,Select!$B$7-1,0))","v":""},{"$f":"IF(B42=\"\",\"\",B42-Select!$B$7+1)","v":""},""]
[1,{"$f":"IF(COUNT($A$2:A43)>Select!$B$8,\"\",OFFSET(DataOutput!B47,Select!$B$7-1,0))","v":""},{"$f":"IF(B43=\"\",\"\",B43-Select!$B$7+1)","v":""},""]
[1,{"$f":"IF(COUNT($A$2:A44)>Select!$B$8,\"\",OFFSET(DataOutput!B48,Select!$B$7-1,0))","v":""},{"$f":"IF(B44=\"\",\"\",B44-Select!$B$7+1)","v":""},""]
[1,{"$f":"IF(COUNT($A$2:A45)>Select!$B$8,\"\",OFFSET(DataOutput!B49,Select!$B$7-1,0))","v":""},{"$f":"IF(B45=\"\",\"\",B45-Select!$B$7+1)","v":""},""]
[1,{"$f":"IF(COUNT($A$2:A46)>Select!$B$8,\"\",OFFSET(DataOutput!B50,Select!$B$7-1,0))","v":""},{"$f":"IF(B46=\"\",\"\",B46-Select!$B$7+1)","v":""},""]
[1,{"$f":"IF(COUNT($A$2:A47)>Select!$B$8,\"\",OFFSET(DataOutput!B51,Select!$B$7-1,0))","v":""},{"$f":"IF(B47=\"\",\"\",B47-Select!$B$7+1)","v":""},""]
[1,{"$f":"IF(COUNT($A$2:A48)>Select!$B$8,\"\",OFFSET(DataOutput!B52,Select!$B$7-1,0))","v":""},{"$f":"IF(B48=\"\",\"\",B48-Select!$B$7+1)","v":""},""]
[1,{"$f":"IF(COUNT($A$2:A49)>Select!$B$8,\"\",OFFSET(DataOutput!B53,Select!$B$7-1,0))","v":""},{"$f":"IF(B49=\"\",\"\",B49-Select!$B$7+1)","v":""},""]

{"sheet":"Exponential ","index":5,"n_rows":49,"n_cols":12,"rows_kept":49,"cut":false,"hidden":false,"merged":[]}
[null,"Index","t","x","y=Ln(x)"]
[1,{"$f":"IF(COUNT($A$2:A2)>Select!$B$8,\"\",OFFSET(DataOutput!B6,Select!$B$7-1,0))","v":10},{"$f":"IF(B2=\"\",\"\",B2-Select!$B$7+1)","v":1},{"$f":"IF(ISERROR(VLOOKUP(B2,table,2,0)),\"\",VLOOKUP(B2,table,2,0))","v":63.916742313829481},{"$f":"IF(B2=\"\",\"\",LN(D2))","v":4.1575813351065269}]
[1,{"$f":"IF(COUNT($A$2:A3)>Select!$B$8,\"\",OFFSET(DataOutput!B7,Select!$B$7-1,0))","v":11},{"$f":"IF(B3=\"\",\"\",B3-Select!$B$7+1)","v":2},63.193354470336409,{"$f":"IF(B3=\"\",\"\",LN(D3))","v":4.1461991448382642}]
[1,{"$f":"IF(COUNT($A$2:A4)>Select!$B$8,\"\",OFFSET(DataOutput!B8,Select!$B$7-1,0))","v":12},{"$f":"IF(B4=\"\",\"\",B4-Select!$B$7+1)","v":3},70.146463693585261,4.250585394637544,null,"n","Σt","Σ(y)","Σ(ty)","Σ(t2)","Σ(y2)"]
[1,{"$f":"IF(COUNT($A$2:A5)>Select!$B$8,\"\",OFFSET(DataOutput!B9,Select!$B$7-1,0))","v":13},{"$f":"IF(B5=\"\",\"\",B5-Select!$B$7+1)","v":4},73.923751741079798,4.3030341801185337,null,{"$f":"Select!B8","v":30},{"$f":"SUM(C:C)","v":465},{"$f":"SUM(E2:E49)","v":132.85640684774799},{"$f":"SUMPRODUCT(C2:C49,E2:E49)","v":2085.1907216174154},{"$f":"SUMPRODUCT(C2:C49,C2:C49)","v":9455},{"$f":"SUMPRODUCT(E2:E49,E2:E49)","v":589.02772924768499}]
[1,{"$f":"IF(COUNT($A$2:A6)>Select!$B$8,\"\",OFFSET(DataOutput!B10,Select!$B$7-1,0))","v":14},{"$f":"IF(B6=\"\",\"\",B6-Select!$B$7+1)","v":5},75.26062398171743,4.3209570761449712]
[1,{"$f":"IF(COUNT($A$2:A7)>Select!$B$8,\"\",OFFSET(DataOutput!B11,Select!$B$7-1,0))","v":15},{"$f":"IF(B7=\"\",\"\",B7-Select!$B$7+1)","v":6},78.443002388213571,4.3623722768349653,null,"Σ(t)2","Σ(y)2"]
[1,{"$f":"IF(COUNT($A$2:A8)>Select!$B$8,\"\",OFFSET(DataOutput!B12,Select!$B$7-1,0))","v":16},{"$f":"IF(B8=\"\",\"\",B8-Select!$B$7+1)","v":7},74.96997804814292,4.317087740706377,null,{"$f":"H5^2","v":216225},{"$f":"I5^2","v":17650.824840494341}]
[1,{"$f":"IF(COUNT($A$2:A9)>Select!$B$8,\"\",OFFSET(DataOutput!B13,Select!$B$7-1,0))","v":17},{"$f":"IF(B9=\"\",\"\",B9-Select!$B$7+1)","v":8},70.179326258710063,4.2510537699196176]
[1,{"$f":"IF(COUNT($A$2:A10)>Select!$B$8,\"\",OFFSET(DataOutput!B14,Select!$B$7-1,0))","v":18},{"$f":"IF(B10=\"\",\"\",B10-Select!$B$7+1)","v":9},72.509196978482791,4.2837134086908542,null," a =",{"$f":"EXP((I5-H11*H5)/G5)","v":70.092303515500205}]
[1,{"$f":"IF(COUNT($A$2:A11)>Select!$B$8,\"\",OFFSET(DataOutput!B15,Select!$B$7-1,0))","v":19},{"$f":"IF(B11=\"\",\"\",B11-Select!$B$7+1)","v":10},74.918005458184481,4.3163942549335275,null,"b =",{"$f":"(G5*J5-H5*I5)/(G5*K5-G8)","v":1.1531219344748239E-2}]
[1,{"$f":"IF(COUNT($A$2:A12)>Select!$B$8,\"\",OFFSET(DataOutput!B16,Select!$B$7-1,0))","v":20},{"$f":"IF(B12=\"\",\"\",B12-Select!$B$7+1)","v":11},80.015146126112441,4.382215943330273,null,"r =",{"$f":"(G5*J5-H5*I5)/SQRT((G5*K5-G8)*(G5*L5-H8))","v":0.66941328020677493}]
[1,{"$f":"IF(COUNT($A$2:A13)>Select!$B$8,\"\",OFFSET(DataOutput!B17,Select!$B$7-1,0))","v":21},{"$f":"IF(B13=\"\",\"\",B13-Select!$B$7+1)","v":12},84.778913168062189,4.440046846404508]
[1,{"$f":"IF(COUNT($A$2:A14)>Select!$B$8,\"\",OFFSET(DataOutput!B18,Select!$B$7-1,0))","v":22},{"$f":"IF(B14=\"\",\"\",B14-Select!$B$7+1)","v":13},88.514631598896841,4.4831678671496782]
[1,{"$f":"IF(COUNT($A$2:A15)>Select!$B$8,\"\",OFFSET(DataOutput!B19,Select!$B$7-1,0))","v":23},{"$f":"IF(B15=\"\",\"\",B15-Select!$B$7+1)","v":14},86.444777548906828,4.4595058002282713]
[1,{"$f":"IF(COUNT($A$2:A16)>Select!$B$8,\"\",OFFSET(DataOutput!B20,Select!$B$7-1,0))","v":24},{"$f":"IF(B16=\"\",\"\",B16-Select!$B$7+1)","v":15},84.720079859199501,4.439352643917819]
[1,{"$f":"IF(COUNT($A$2:A17)>Select!$B$8,\"\",OFFSET(DataOutput!B21,Select!$B$7-1,0))","v":25},{"$f":"IF(B17=\"\",\"\",B17-Select!$B$7+1)","v":16},87.286928027333687,4.4692007154064051]
[1,{"$f":"IF(COUNT($A$2:A18)>Select!$B$8,\"\",OFFSET(DataOutput!B22,Select!$B$7-1,0))","v":26},{"$f":"IF(B18=\"\",\"\",B18-Select!$B$7+1)","v":17},84.868648841309835,4.44110475352152]
[1,{"$f":"IF(COUNT($A$2:A19)>Select!$B$8,\"\",OFFSET(DataOutput!B23,Select!$B$7-1,0))","v":27},{"$f":"IF(B19=\"\",\"\",B19-Select!$B$7+1)","v":18},94.071945009600711,4.544059861964441]
[1,{"$f":"IF(COUNT($A$2:A20)>Select!$B$8,\"\",OFFSET(DataOutput!B24,Select!$B$7-1,0))","v":28},{"$f":"IF(B20=\"\",\"\",B20-Select!$B$7+1)","v":19},96.396379767734871,4.5684686466347113]
[1,{"$f":"IF(COUNT($A$2:A21)>Select!$B$8,\"\",OFFSET(DataOutput!B25,Select!$B$7-1,0))","v":29},{"$f":"IF(B21=\"\",\"\",B21-Select!$B$7+1)","v":20},97.081634829759707,4.575552220742976]
[1,{"$f":"IF(COUNT($A$2:A22)>Select!$B$8,\"\",OFFSET(DataOutput!B26,Select!$B$7-1,0))","v":30},{"$f":"IF(B22=\"\",\"\",B22-Select!$B$7+1)","v":21},99.215974347436301,4.5972990330547985]
[1,{"$f":"IF(COUNT($A$2:A23)>Select!$B$8,\"\",OFFSET(DataOutput!B27,Select!$B$7-1,0))","v":31},{"$f":"IF(B23=\"\",\"\",B23-Select!$B$7+1)","v":22},97.550060849520563,4.5803656908466861]
[1,{"$f":"IF(COUNT($A$2:A24)>Select!$B$8,\"\",OFFSET(DataOutput!B28,Select!$B$7-1,0))","v":32},{"$f":"IF(B24=\"\",\"\",B24-Select!$B$7+1)","v":23},102.85439556746771,4.6333143528373446]
[1,{"$f":"IF(COUNT($A$2:A25)>Select!$B$8,\"\",OFFSET(DataOutput!B29,Select!$B$7-1,0))","v":33},{"$f":"IF(B25=\"\",\"\",B25-Select!$B$7+1)","v":24},109.06846085771259,4.6919757663320762]
[1,{"$f":"IF(COUNT($A$2:A26)>Select!$B$8,\"\",OFFSET(DataOutput!B30,Select!$B$7-1,0))","v":34},{"$f":"IF(B26=\"\",\"\",B26-Select!$B$7+1)","v":25},108.43575544443242,4.6861578818912548]
[1,{"$f":"IF(COUNT($A$2:A27)>Select!$B$8,\"\",OFFSET(DataOutput!B31,Select!$B$7-1,0))","v":35},{"$f":"IF(B27=\"\",\"\",B27-Select!$B$7+1)","v":26},101.07465368039649,4.6158593891583282]
[1,{"$f":"IF(COUNT($A$2:A28)>Select!$B$8,\"\",OFFSET(DataOutput!B32,Select!$B$7-1,0))","v":36},{"$f":"IF(B28=\"\",\"\",B28-Select!$B$7+1)","v":27},94.583124722937526,4.5494790745526039]
[1,{"$f":"IF(COUNT($A$2:A29)>Select!$B$8,\"\",OFFSET(DataOutput!B33,Select!$B$7-1,0))","v":37},{"$f":"IF(B29=\"\",\"\",B29-Select!$B$7+1)","v":28},77.159440468647958,4.3458739364385028]
[1,{"$f":"IF(COUNT($A$2:A30)>Select!$B$8,\"\",OFFSET(DataOutput!B34,Select!$B$7-1,0))","v":38},{"$f":"IF(B30=\"\",\"\",B30-Select!$B$7+1)","v":29},77.679524844192954,4.3525917071285347]
[1,{"$f":"IF(COUNT($A$2:A31)>Select!$B$8,\"\",OFFSET(DataOutput!B35,Select!$B$7-1,0))","v":39},{"$f":"IF(B31=\"\",\"\",B31-Select!$B$7+1)","v":30},73.10056780794261,4.29183613427608]
[1,{"$f":"IF(COUNT($A$2:A32)>Select!$B$8,\"\",OFFSET(DataOutput!B36,Select!$B$7-1,0))","v":""},{"$f":"IF(B32=\"\",\"\",B32-Select!$B$7+1)","v":""},"",""]
[1,{"$f":"IF(COUNT($A$2:A33)>Select!$B$8,\"\",OFFSET(DataOutput!B37,Select!$B$7-1,0))","v":""},{"$f":"IF(B33=\"\",\"\",B33-Select!$B$7+1)","v":""},"",""]
[1,{"$f":"IF(COUNT($A$2:A34)>Select!$B$8,\"\",OFFSET(DataOutput!B38,Select!$B$7-1,0))","v":""},{"$f":"IF(B34=\"\",\"\",B34-Select!$B$7+1)","v":""},"",""]
[1,{"$f":"IF(COUNT($A$2:A35)>Select!$B$8,\"\",OFFSET(DataOutput!B39,Select!$B$7-1,0))","v":""},{"$f":"IF(B35=\"\",\"\",B35-Select!$B$7+1)","v":""},"",""]
[1,{"$f":"IF(COUNT($A$2:A36)>Select!$B$8,\"\",OFFSET(DataOutput!B40,Select!$B$7-1,0))","v":""},{"$f":"IF(B36=\"\",\"\",B36-Select!$B$7+1)","v":""},"",""]
[1,{"$f":"IF(COUNT($A$2:A37)>Select!$B$8,\"\",OFFSET(DataOutput!B41,Select!$B$7-1,0))","v":""},{"$f":"IF(B37=\"\",\"\",B37-Select!$B$7+1)","v":""},"",""]
[1,{"$f":"IF(COUNT($A$2:A38)>Select!$B$8,\"\",OFFSET(DataOutput!B42,Select!$B$7-1,0))","v":""},{"$f":"IF(B38=\"\",\"\",B38-Select!$B$7+1)","v":""},"",""]
[1,{"$f":"IF(COUNT($A$2:A39)>Select!$B$8,\"\",OFFSET(DataOutput!B43,Select!$B$7-1,0))","v":""},{"$f":"IF(B39=\"\",\"\",B39-Select!$B$7+1)","v":""},"",""]
[1,{"$f":"IF(COUNT($A$2:A40)>Select!$B$8,\"\",OFFSET(DataOutput!B44,Select!$B$7-1,0))","v":""},{"$f":"IF(B40=\"\",\"\",B40-Select!$B$7+1)","v":""},"",""]
[1,{"$f":"IF(COUNT($A$2:A41)>Select!$B$8,\"\",OFFSET(DataOutput!B45,Select!$B$7-1,0))","v":""},{"$f":"IF(B41=\"\",\"\",B41-Select!$B$7+1)","v":""},"",""]
[1,{"$f":"IF(COUNT($A$2:A42)>Select!$B$8,\"\",OFFSET(DataOutput!B46,Select!$B$7-1,0))","v":""},{"$f":"IF(B42=\"\",\"\",B42-Select!$B$7+1)","v":""},"",""]
[1,{"$f":"IF(COUNT($A$2:A43)>Select!$B$8,\"\",OFFSET(DataOutput!B47,Select!$B$7-1,0))","v":""},{"$f":"IF(B43=\"\",\"\",B43-Select!$B$7+1)","v":""},"",""]
[1,{"$f":"IF(COUNT($A$2:A44)>Select!$B$8,\"\",OFFSET(DataOutput!B48,Select!$B$7-1,0))","v":""},{"$f":"IF(B44=\"\",\"\",B44-Select!$B$7+1)","v":""},"",""]
[1,{"$f":"IF(COUNT($A$2:A45)>Select!$B$8,\"\",OFFSET(DataOutput!B49,Select!$B$7-1,0))","v":""},{"$f":"IF(B45=\"\",\"\",B45-Select!$B$7+1)","v":""},"",""]
[1,{"$f":"IF(COUNT($A$2:A46)>Select!$B$8,\"\",OFFSET(DataOutput!B50,Select!$B$7-1,0))","v":""},{"$f":"IF(B46=\"\",\"\",B46-Select!$B$7+1)","v":""},"",""]
[1,{"$f":"IF(COUNT($A$2:A47)>Select!$B$8,\"\",OFFSET(DataOutput!B51,Select!$B$7-1,0))","v":""},{"$f":"IF(B47=\"\",\"\",B47-Select!$B$7+1)","v":""},"",""]
[1,{"$f":"IF(COUNT($A$2:A48)>Select!$B$8,\"\",OFFSET(DataOutput!B52,Select!$B$7-1,0))","v":""},{"$f":"IF(B48=\"\",\"\",B48-Select!$B$7+1)","v":""},"",""]
[1,{"$f":"IF(COUNT($A$2:A49)>Select!$B$8,\"\",OFFSET(DataOutput!B53,Select!$B$7-1,0))","v":""},{"$f":"IF(B49=\"\",\"\",B49-Select!$B$7+1)","v":""},"",""]

{"sheet":"Log","index":6,"n_rows":49,"n_cols":12,"rows_kept":49,"cut":false,"hidden":false,"merged":[]}
[null,"Index","t","x","t'=Ln(t)"]
[1,{"$f":"IF(COUNT($A$2:A2)>Select!$B$8,\"\",OFFSET(DataOutput!B6,Select!$B$7-1,0))","v":10},{"$f":"IF(B2=\"\",\"\",B2-Select!$B$7+1)","v":1},{"$f":"IF(ISERROR(VLOOKUP(B2,table,2,0)),\"\",VLOOKUP(B2,table,2,0))","v":63.916742313829481},{"$f":"IF(B2=\"\",\"\",LN(C2))","v":0}]
[1,{"$f":"IF(COUNT($A$2:A3)>Select!$B$8,\"\",OFFSET(DataOutput!B7,Select!$B$7-1,0))","v":11},{"$f":"IF(B3=\"\",\"\",B3-Select!$B$7+1)","v":2},63.193354470336409,0.69314718055994529]
[1,{"$f":"IF(COUNT($A$2:A4)>Select!$B$8,\"\",OFFSET(DataOutput!B8,Select!$B$7-1,0))","v":12},{"$f":"IF(B4=\"\",\"\",B4-Select!$B$7+1)","v":3},70.146463693585261,1.0986122886681098,null,"n","Σt'","Σx","Σ(t'x)","Σ(t'2)","Σ(x2)"]
[1,{"$f":"IF(COUNT($A$2:A5)>Select!$B$8,\"\",OFFSET(DataOutput!B9,Select!$B$7-1,0))","v":13},{"$f":"IF(B5=\"\",\"\",B5-Select!$B$7+1)","v":4},73.923751741079798,1.3862943611198906,null,{"$f":"Select!B8","v":30},{"$f":"SUM(E2:E49)","v":83.327777720141171},{"$f":"SUM(D2:D49)","v":2542.3614886998862},{"$f":"SUMPRODUCT(E2:E49,D2:D49)","v":7470.1278038759801},{"$f":"SUMPRODUCT(E2:E49,E2:E49)","v":289.03237688740563},{"$f":"SUMPRODUCT(D2:D49,D2:D49)","v":220247.16828161146}]
[1,{"$f":"IF(COUNT($A$2:A6)>Select!$B$8,\"\",OFFSET(DataOutput!B10,Select!$B$7-1,0))","v":14},{"$f":"IF(B6=\"\",\"\",B6-Select!$B$7+1)","v":5},75.26062398171743,1.6094379124341003]
[1,{"$f":"IF(COUNT($A$2:A7)>Select!$B$8,\"\",OFFSET(DataOutput!B11,Select!$B$7-1,0))","v":15},{"$f":"IF(B7=\"\",\"\",B7-Select!$B$7+1)","v":6},78.443002388213571,1.791759469228055,null,"Σ(t')2","Σ(x)2"]
[1,{"$f":"IF(COUNT($A$2:A8)>Select!$B$8,\"\",OFFSET(DataOutput!B12,Select!$B$7-1,0))","v":16},{"$f":"IF(B8=\"\",\"\",B8-Select!$B$7+1)","v":7},74.96997804814292,1.9459101490553132,null,{"$f":"H5^2","v":6943.5185397772557},{"$f":"I5^2","v":6463601.9392243018}]
[1,{"$f":"IF(COUNT($A$2:A9)>Select!$B$8,\"\",OFFSET(DataOutput!B13,Select!$B$7-1,0))","v":17},{"$f":"IF(B9=\"\",\"\",B9-Select!$B$7+1)","v":8},70.179326258710063,2.0794415416798357]
[1,{"$f":"IF(COUNT($A$2:A10)>Select!$B$8,\"\",OFFSET(DataOutput!B14,Select!$B$7-1,0))","v":18},{"$f":"IF(B10=\"\",\"\",B10-Select!$B$7+1)","v":9},72.509196978482791,2.1972245773362196,null," a =",{"$f":"(G5*J5-H5*I5)/(G5*K5-G8)","v":7.0939717350594691}]
[1,{"$f":"IF(COUNT($A$2:A11)>Select!$B$8,\"\",OFFSET(DataOutput!B15,Select!$B$7-1,0))","v":19},{"$f":"IF(B11=\"\",\"\",B11-Select!$B$7+1)","v":10},74.918005458184481,2.3025850929940459,null," b =",{"$f":"(I5-H10*H5)/G5","v":65.041219626929561}]
[1,{"$f":"IF(COUNT($A$2:A12)>Select!$B$8,\"\",OFFSET(DataOutput!B16,Select!$B$7-1,0))","v":20},{"$f":"IF(B12=\"\",\"\",B12-Select!$B$7+1)","v":11},80.015146126112441,2.3978952727983707,null,"r =",{"$f":"(G5*J5-H5*I5)/SQRT((G5*K5-G8)*(G5*L5-H8))","v":0.77748730516252107}]
[1,{"$f":"IF(COUNT($A$2:A13)>Select!$B$8,\"\",OFFSET(DataOutput!B17,Select!$B$7-1,0))","v":21},{"$f":"IF(B13=\"\",\"\",B13-Select!$B$7+1)","v":12},84.778913168062189,2.4849066497880004]
[1,{"$f":"IF(COUNT($A$2:A14)>Select!$B$8,\"\",OFFSET(DataOutput!B18,Select!$B$7-1,0))","v":22},{"$f":"IF(B14=\"\",\"\",B14-Select!$B$7+1)","v":13},88.514631598896841,2.5649493574615367]
[1,{"$f":"IF(COUNT($A$2:A15)>Select!$B$8,\"\",OFFSET(DataOutput!B19,Select!$B$7-1,0))","v":23},{"$f":"IF(B15=\"\",\"\",B15-Select!$B$7+1)","v":14},86.444777548906828,2.6390573296152584]
[1,{"$f":"IF(COUNT($A$2:A16)>Select!$B$8,\"\",OFFSET(DataOutput!B20,Select!$B$7-1,0))","v":24},{"$f":"IF(B16=\"\",\"\",B16-Select!$B$7+1)","v":15},84.720079859199501,2.7080502011022101]
[1,{"$f":"IF(COUNT($A$2:A17)>Select!$B$8,\"\",OFFSET(DataOutput!B21,Select!$B$7-1,0))","v":25},{"$f":"IF(B17=\"\",\"\",B17-Select!$B$7+1)","v":16},87.286928027333687,2.7725887222397811]
[1,{"$f":"IF(COUNT($A$2:A18)>Select!$B$8,\"\",OFFSET(DataOutput!B22,Select!$B$7-1,0))","v":26},{"$f":"IF(B18=\"\",\"\",B18-Select!$B$7+1)","v":17},84.868648841309835,2.8332133440562162]
[1,{"$f":"IF(COUNT($A$2:A19)>Select!$B$8,\"\",OFFSET(DataOutput!B23,Select!$B$7-1,0))","v":27},{"$f":"IF(B19=\"\",\"\",B19-Select!$B$7+1)","v":18},94.071945009600711,2.8903717578961645]
[1,{"$f":"IF(COUNT($A$2:A20)>Select!$B$8,\"\",OFFSET(DataOutput!B24,Select!$B$7-1,0))","v":28},{"$f":"IF(B20=\"\",\"\",B20-Select!$B$7+1)","v":19},96.396379767734871,2.9444389791664403]
[1,{"$f":"IF(COUNT($A$2:A21)>Select!$B$8,\"\",OFFSET(DataOutput!B25,Select!$B$7-1,0))","v":29},{"$f":"IF(B21=\"\",\"\",B21-Select!$B$7+1)","v":20},97.081634829759707,2.9957322735539909]
[1,{"$f":"IF(COUNT($A$2:A22)>Select!$B$8,\"\",OFFSET(DataOutput!B26,Select!$B$7-1,0))","v":30},{"$f":"IF(B22=\"\",\"\",B22-Select!$B$7+1)","v":21},99.215974347436301,{"$f":"IF(B22=\"\",\"\",LN(D22))","v":4.5972990330547985}]
[1,{"$f":"IF(COUNT($A$2:A23)>Select!$B$8,\"\",OFFSET(DataOutput!B27,Select!$B$7-1,0))","v":31},{"$f":"IF(B23=\"\",\"\",B23-Select!$B$7+1)","v":22},97.550060849520563,4.5803656908466861]
[1,{"$f":"IF(COUNT($A$2:A24)>Select!$B$8,\"\",OFFSET(DataOutput!B28,Select!$B$7-1,0))","v":32},{"$f":"IF(B24=\"\",\"\",B24-Select!$B$7+1)","v":23},102.85439556746771,4.6333143528373446]
[1,{"$f":"IF(COUNT($A$2:A25)>Select!$B$8,\"\",OFFSET(DataOutput!B29,Select!$B$7-1,0))","v":33},{"$f":"IF(B25=\"\",\"\",B25-Select!$B$7+1)","v":24},109.06846085771259,4.6919757663320762]
[1,{"$f":"IF(COUNT($A$2:A26)>Select!$B$8,\"\",OFFSET(DataOutput!B30,Select!$B$7-1,0))","v":34},{"$f":"IF(B26=\"\",\"\",B26-Select!$B$7+1)","v":25},108.43575544443242,4.6861578818912548]
[1,{"$f":"IF(COUNT($A$2:A27)>Select!$B$8,\"\",OFFSET(DataOutput!B31,Select!$B$7-1,0))","v":35},{"$f":"IF(B27=\"\",\"\",B27-Select!$B$7+1)","v":26},101.07465368039649,4.6158593891583282]
[1,{"$f":"IF(COUNT($A$2:A28)>Select!$B$8,\"\",OFFSET(DataOutput!B32,Select!$B$7-1,0))","v":36},{"$f":"IF(B28=\"\",\"\",B28-Select!$B$7+1)","v":27},94.583124722937526,4.5494790745526039]
[1,{"$f":"IF(COUNT($A$2:A29)>Select!$B$8,\"\",OFFSET(DataOutput!B33,Select!$B$7-1,0))","v":37},{"$f":"IF(B29=\"\",\"\",B29-Select!$B$7+1)","v":28},77.159440468647958,4.3458739364385028]
[1,{"$f":"IF(COUNT($A$2:A30)>Select!$B$8,\"\",OFFSET(DataOutput!B34,Select!$B$7-1,0))","v":38},{"$f":"IF(B30=\"\",\"\",B30-Select!$B$7+1)","v":29},77.679524844192954]
[1,{"$f":"IF(COUNT($A$2:A31)>Select!$B$8,\"\",OFFSET(DataOutput!B35,Select!$B$7-1,0))","v":39},{"$f":"IF(B31=\"\",\"\",B31-Select!$B$7+1)","v":30},73.10056780794261,{"$f":"IF(B31=\"\",\"\",LN(D31))","v":4.29183613427608}]
[1,{"$f":"IF(COUNT($A$2:A32)>Select!$B$8,\"\",OFFSET(DataOutput!B36,Select!$B$7-1,0))","v":""},{"$f":"IF(B32=\"\",\"\",B32-Select!$B$7+1)","v":""},"",""]
[1,{"$f":"IF(COUNT($A$2:A33)>Select!$B$8,\"\",OFFSET(DataOutput!B37,Select!$B$7-1,0))","v":""},{"$f":"IF(B33=\"\",\"\",B33-Select!$B$7+1)","v":""},"",""]
[1,{"$f":"IF(COUNT($A$2:A34)>Select!$B$8,\"\",OFFSET(DataOutput!B38,Select!$B$7-1,0))","v":""},{"$f":"IF(B34=\"\",\"\",B34-Select!$B$7+1)","v":""},"",""]
[1,{"$f":"IF(COUNT($A$2:A35)>Select!$B$8,\"\",OFFSET(DataOutput!B39,Select!$B$7-1,0))","v":""},{"$f":"IF(B35=\"\",\"\",B35-Select!$B$7+1)","v":""},"",""]
[1,{"$f":"IF(COUNT($A$2:A36)>Select!$B$8,\"\",OFFSET(DataOutput!B40,Select!$B$7-1,0))","v":""},{"$f":"IF(B36=\"\",\"\",B36-Select!$B$7+1)","v":""},"",""]
[1,{"$f":"IF(COUNT($A$2:A37)>Select!$B$8,\"\",OFFSET(DataOutput!B41,Select!$B$7-1,0))","v":""},{"$f":"IF(B37=\"\",\"\",B37-Select!$B$7+1)","v":""},"",""]
[1,{"$f":"IF(COUNT($A$2:A38)>Select!$B$8,\"\",OFFSET(DataOutput!B42,Select!$B$7-1,0))","v":""},{"$f":"IF(B38=\"\",\"\",B38-Select!$B$7+1)","v":""},"",""]
[1,{"$f":"IF(COUNT($A$2:A39)>Select!$B$8,\"\",OFFSET(DataOutput!B43,Select!$B$7-1,0))","v":""},{"$f":"IF(B39=\"\",\"\",B39-Select!$B$7+1)","v":""},"",""]
[1,{"$f":"IF(COUNT($A$2:A40)>Select!$B$8,\"\",OFFSET(DataOutput!B44,Select!$B$7-1,0))","v":""},{"$f":"IF(B40=\"\",\"\",B40-Select!$B$7+1)","v":""},"",""]
[1,{"$f":"IF(COUNT($A$2:A41)>Select!$B$8,\"\",OFFSET(DataOutput!B45,Select!$B$7-1,0))","v":""},{"$f":"IF(B41=\"\",\"\",B41-Select!$B$7+1)","v":""},"",""]
[1,{"$f":"IF(COUNT($A$2:A42)>Select!$B$8,\"\",OFFSET(DataOutput!B46,Select!$B$7-1,0))","v":""},{"$f":"IF(B42=\"\",\"\",B42-Select!$B$7+1)","v":""},"",""]
[1,{"$f":"IF(COUNT($A$2:A43)>Select!$B$8,\"\",OFFSET(DataOutput!B47,Select!$B$7-1,0))","v":""},{"$f":"IF(B43=\"\",\"\",B43-Select!$B$7+1)","v":""},"",""]
[1,{"$f":"IF(COUNT($A$2:A44)>Select!$B$8,\"\",OFFSET(DataOutput!B48,Select!$B$7-1,0))","v":""},{"$f":"IF(B44=\"\",\"\",B44-Select!$B$7+1)","v":""},"",""]
[1,{"$f":"IF(COUNT($A$2:A45)>Select!$B$8,\"\",OFFSET(DataOutput!B49,Select!$B$7-1,0))","v":""},{"$f":"IF(B45=\"\",\"\",B45-Select!$B$7+1)","v":""},"",""]
[1,{"$f":"IF(COUNT($A$2:A46)>Select!$B$8,\"\",OFFSET(DataOutput!B50,Select!$B$7-1,0))","v":""},{"$f":"IF(B46=\"\",\"\",B46-Select!$B$7+1)","v":""},"",""]
[1,{"$f":"IF(COUNT($A$2:A47)>Select!$B$8,\"\",OFFSET(DataOutput!B51,Select!$B$7-1,0))","v":""},{"$f":"IF(B47=\"\",\"\",B47-Select!$B$7+1)","v":""},"",""]
[1,{"$f":"IF(COUNT($A$2:A48)>Select!$B$8,\"\",OFFSET(DataOutput!B52,Select!$B$7-1,0))","v":""},{"$f":"IF(B48=\"\",\"\",B48-Select!$B$7+1)","v":""},"",""]
[1,{"$f":"IF(COUNT($A$2:A49)>Select!$B$8,\"\",OFFSET(DataOutput!B53,Select!$B$7-1,0))","v":""},{"$f":"IF(B49=\"\",\"\",B49-Select!$B$7+1)","v":""},"",""]

{"sheet":"Power","index":7,"n_rows":49,"n_cols":13,"rows_kept":49,"cut":false,"hidden":false,"merged":[]}
[null,"Index","t","x","t'=Ln(t)","y=Ln(x)"]
[1,{"$f":"IF(COUNT($A$2:A2)>Select!$B$8,\"\",OFFSET(DataOutput!B6,Select!$B$7-1,0))","v":10},{"$f":"IF(B2=\"\",\"\",B2-Select!$B$7+1)","v":1},{"$f":"IF(ISERROR(VLOOKUP(B2,table,2,0)),\"\",VLOOKUP(B2,table,2,0))","v":63.916742313829481},{"$f":"IF(C2=\"\",\"\",LN(C2))","v":0},{"$f":"IF(B2=\"\",\"\",LN(D2))","v":4.1575813351065269}]
[1,{"$f":"IF(COUNT($A$2:A3)>Select!$B$8,\"\",OFFSET(DataOutput!B7,Select!$B$7-1,0))","v":11},{"$f":"IF(B3=\"\",\"\",B3-Select!$B$7+1)","v":2},63.193354470336409,{"$f":"IF(C3=\"\",\"\",LN(C3))","v":0.69314718055994529},4.1461991448382642]
[1,{"$f":"IF(COUNT($A$2:A4)>Select!$B$8,\"\",OFFSET(DataOutput!B8,Select!$B$7-1,0))","v":12},{"$f":"IF(B4=\"\",\"\",B4-Select!$B$7+1)","v":3},70.146463693585261,1.0986122886681098,4.250585394637544,null,"n","Σt'","Σy","Σ(t'y)","Σ(t'2)","Σ(y2)"]
[1,{"$f":"IF(COUNT($A$2:A5)>Select!$B$8,\"\",OFFSET(DataOutput!B9,Select!$B$7-1,0))","v":13},{"$f":"IF(B5=\"\",\"\",B5-Select!$B$7+1)","v":4},73.923751741079798,1.3862943611198906,4.3030341801185337,null,{"$f":"Select!B8","v":30},{"$f":"SUM(E2:E49)","v":74.658236348830172},{"$f":"SUM(F2:F49)","v":132.85640684774799},{"$f":"SUMPRODUCT(E2:E49,F2:F49)","v":333.41533390609811},{"$f":"SUMPRODUCT(E2:E49,E2:E49)","v":206.76907647954229},{"$f":"SUMPRODUCT(F2:F49,F2:F49)","v":589.02772924768499}]
[1,{"$f":"IF(COUNT($A$2:A6)>Select!$B$8,\"\",OFFSET(DataOutput!B10,Select!$B$7-1,0))","v":14},{"$f":"IF(B6=\"\",\"\",B6-Select!$B$7+1)","v":5},75.26062398171743,1.6094379124341003,4.3209570761449712]
[1,{"$f":"IF(COUNT($A$2:A7)>Select!$B$8,\"\",OFFSET(DataOutput!B11,Select!$B$7-1,0))","v":15},{"$f":"IF(B7=\"\",\"\",B7-Select!$B$7+1)","v":6},78.443002388213571,1.791759469228055,4.3623722768349653,null,"Σ(t')2","Σ(y)2"]
[1,{"$f":"IF(COUNT($A$2:A8)>Select!$B$8,\"\",OFFSET(DataOutput!B12,Select!$B$7-1,0))","v":16},{"$f":"IF(B8=\"\",\"\",B8-Select!$B$7+1)","v":7},74.96997804814292,1.9459101490553132,4.317087740706377,null,{"$f":"I5^2","v":5573.8522547177872},{"$f":"J5^2","v":17650.824840494341}]
[1,{"$f":"IF(COUNT($A$2:A9)>Select!$B$8,\"\",OFFSET(DataOutput!B13,Select!$B$7-1,0))","v":17},{"$f":"IF(B9=\"\",\"\",B9-Select!$B$7+1)","v":8},70.179326258710063,2.0794415416798357,4.2510537699196176]
[1,{"$f":"IF(COUNT($A$2:A10)>Select!$B$8,\"\",OFFSET(DataOutput!B14,Select!$B$7-1,0))","v":18},{"$f":"IF(B10=\"\",\"\",B10-Select!$B$7+1)","v":9},72.509196978482791,2.1972245773362196,4.2837134086908542,null," a =",{"$f":"EXP((J5-I11*I5)/H5)","v":60.205567254179435}]
[1,{"$f":"IF(COUNT($A$2:A11)>Select!$B$8,\"\",OFFSET(DataOutput!B15,Select!$B$7-1,0))","v":19},{"$f":"IF(B11=\"\",\"\",B11-Select!$B$7+1)","v":10},74.918005458184481,2.3025850929940459,4.3163942549335275,null," b =",{"$f":"(H5*K5-I5*J5)/(H5*L5-H8)","v":0.13291851659953469}]
[1,{"$f":"IF(COUNT($A$2:A12)>Select!$B$8,\"\",OFFSET(DataOutput!B16,Select!$B$7-1,0))","v":20},{"$f":"IF(B12=\"\",\"\",B12-Select!$B$7+1)","v":11},80.015146126112441,2.3978952727983707,4.382215943330273,null,"r =",{"$f":"(H5*K5-I5*J5)/SQRT((H5*L5-H8)*(H5*M5-I8))","v":0.74541026951951606}]
[1,{"$f":"IF(COUNT($A$2:A13)>Select!$B$8,\"\",OFFSET(DataOutput!B17,Select!$B$7-1,0))","v":21},{"$f":"IF(B13=\"\",\"\",B13-Select!$B$7+1)","v":12},84.778913168062189,2.4849066497880004,4.440046846404508]
[1,{"$f":"IF(COUNT($A$2:A14)>Select!$B$8,\"\",OFFSET(DataOutput!B18,Select!$B$7-1,0))","v":22},{"$f":"IF(B14=\"\",\"\",B14-Select!$B$7+1)","v":13},88.514631598896841,2.5649493574615367,4.4831678671496782]
[1,{"$f":"IF(COUNT($A$2:A15)>Select!$B$8,\"\",OFFSET(DataOutput!B19,Select!$B$7-1,0))","v":23},{"$f":"IF(B15=\"\",\"\",B15-Select!$B$7+1)","v":14},86.444777548906828,2.6390573296152584,4.4595058002282713]
[1,{"$f":"IF(COUNT($A$2:A16)>Select!$B$8,\"\",OFFSET(DataOutput!B20,Select!$B$7-1,0))","v":24},{"$f":"IF(B16=\"\",\"\",B16-Select!$B$7+1)","v":15},84.720079859199501,2.7080502011022101,4.439352643917819]
[1,{"$f":"IF(COUNT($A$2:A17)>Select!$B$8,\"\",OFFSET(DataOutput!B21,Select!$B$7-1,0))","v":25},{"$f":"IF(B17=\"\",\"\",B17-Select!$B$7+1)","v":16},87.286928027333687,2.7725887222397811,4.4692007154064051]
[1,{"$f":"IF(COUNT($A$2:A18)>Select!$B$8,\"\",OFFSET(DataOutput!B22,Select!$B$7-1,0))","v":26},{"$f":"IF(B18=\"\",\"\",B18-Select!$B$7+1)","v":17},84.868648841309835,2.8332133440562162,4.44110475352152]
[1,{"$f":"IF(COUNT($A$2:A19)>Select!$B$8,\"\",OFFSET(DataOutput!B23,Select!$B$7-1,0))","v":27},{"$f":"IF(B19=\"\",\"\",B19-Select!$B$7+1)","v":18},94.071945009600711,2.8903717578961645,4.544059861964441]
[1,{"$f":"IF(COUNT($A$2:A20)>Select!$B$8,\"\",OFFSET(DataOutput!B24,Select!$B$7-1,0))","v":28},{"$f":"IF(B20=\"\",\"\",B20-Select!$B$7+1)","v":19},96.396379767734871,2.9444389791664403,4.5684686466347113]
[1,{"$f":"IF(COUNT($A$2:A21)>Select!$B$8,\"\",OFFSET(DataOutput!B25,Select!$B$7-1,0))","v":29},{"$f":"IF(B21=\"\",\"\",B21-Select!$B$7+1)","v":20},97.081634829759707,2.9957322735539909,4.575552220742976]
[1,{"$f":"IF(COUNT($A$2:A22)>Select!$B$8,\"\",OFFSET(DataOutput!B26,Select!$B$7-1,0))","v":30},{"$f":"IF(B22=\"\",\"\",B22-Select!$B$7+1)","v":21},99.215974347436301,3.044522437723423,4.5972990330547985]
[1,{"$f":"IF(COUNT($A$2:A23)>Select!$B$8,\"\",OFFSET(DataOutput!B27,Select!$B$7-1,0))","v":31},{"$f":"IF(B23=\"\",\"\",B23-Select!$B$7+1)","v":22},97.550060849520563,3.0910424533583161,4.5803656908466861]
[1,{"$f":"IF(COUNT($A$2:A24)>Select!$B$8,\"\",OFFSET(DataOutput!B28,Select!$B$7-1,0))","v":32},{"$f":"IF(B24=\"\",\"\",B24-Select!$B$7+1)","v":23},102.85439556746771,3.1354942159291497,4.6333143528373446]
[1,{"$f":"IF(COUNT($A$2:A25)>Select!$B$8,\"\",OFFSET(DataOutput!B29,Select!$B$7-1,0))","v":33},{"$f":"IF(B25=\"\",\"\",B25-Select!$B$7+1)","v":24},109.06846085771259,3.1780538303479458,4.6919757663320762]
[1,{"$f":"IF(COUNT($A$2:A26)>Select!$B$8,\"\",OFFSET(DataOutput!B30,Select!$B$7-1,0))","v":34},{"$f":"IF(B26=\"\",\"\",B26-Select!$B$7+1)","v":25},108.43575544443242,3.2188758248682006,4.6861578818912548]
[1,{"$f":"IF(COUNT($A$2:A27)>Select!$B$8,\"\",OFFSET(DataOutput!B31,Select!$B$7-1,0))","v":35},{"$f":"IF(B27=\"\",\"\",B27-Select!$B$7+1)","v":26},101.07465368039649,3.2580965380214821,4.6158593891583282]
[1,{"$f":"IF(COUNT($A$2:A28)>Select!$B$8,\"\",OFFSET(DataOutput!B32,Select!$B$7-1,0))","v":36},{"$f":"IF(B28=\"\",\"\",B28-Select!$B$7+1)","v":27},94.583124722937526,3.2958368660043291,4.5494790745526039]
[1,{"$f":"IF(COUNT($A$2:A29)>Select!$B$8,\"\",OFFSET(DataOutput!B33,Select!$B$7-1,0))","v":37},{"$f":"IF(B29=\"\",\"\",B29-Select!$B$7+1)","v":28},77.159440468647958,3.3322045101752038,4.3458739364385028]
[1,{"$f":"IF(COUNT($A$2:A30)>Select!$B$8,\"\",OFFSET(DataOutput!B34,Select!$B$7-1,0))","v":38},{"$f":"IF(B30=\"\",\"\",B30-Select!$B$7+1)","v":29},77.679524844192954,3.3672958299864741,4.3525917071285347]
[1,{"$f":"IF(COUNT($A$2:A31)>Select!$B$8,\"\",OFFSET(DataOutput!B35,Select!$B$7-1,0))","v":39},{"$f":"IF(B31=\"\",\"\",B31-Select!$B$7+1)","v":30},73.10056780794261,3.4011973816621555,4.29183613427608]
[1,{"$f":"IF(COUNT($A$2:A32)>Select!$B$8,\"\",OFFSET(DataOutput!B36,Select!$B$7-1,0))","v":""},{"$f":"IF(B32=\"\",\"\",B32-Select!$B$7+1)","v":""},"","",""]
[1,{"$f":"IF(COUNT($A$2:A33)>Select!$B$8,\"\",OFFSET(DataOutput!B37,Select!$B$7-1,0))","v":""},{"$f":"IF(B33=\"\",\"\",B33-Select!$B$7+1)","v":""},"","",""]
[1,{"$f":"IF(COUNT($A$2:A34)>Select!$B$8,\"\",OFFSET(DataOutput!B38,Select!$B$7-1,0))","v":""},{"$f":"IF(B34=\"\",\"\",B34-Select!$B$7+1)","v":""},"","",""]
[1,{"$f":"IF(COUNT($A$2:A35)>Select!$B$8,\"\",OFFSET(DataOutput!B39,Select!$B$7-1,0))","v":""},{"$f":"IF(B35=\"\",\"\",B35-Select!$B$7+1)","v":""},"","",""]
[1,{"$f":"IF(COUNT($A$2:A36)>Select!$B$8,\"\",OFFSET(DataOutput!B40,Select!$B$7-1,0))","v":""},{"$f":"IF(B36=\"\",\"\",B36-Select!$B$7+1)","v":""},"","",""]
[1,{"$f":"IF(COUNT($A$2:A37)>Select!$B$8,\"\",OFFSET(DataOutput!B41,Select!$B$7-1,0))","v":""},{"$f":"IF(B37=\"\",\"\",B37-Select!$B$7+1)","v":""},"","",""]
[1,{"$f":"IF(COUNT($A$2:A38)>Select!$B$8,\"\",OFFSET(DataOutput!B42,Select!$B$7-1,0))","v":""},{"$f":"IF(B38=\"\",\"\",B38-Select!$B$7+1)","v":""},"","",""]
[1,{"$f":"IF(COUNT($A$2:A39)>Select!$B$8,\"\",OFFSET(DataOutput!B43,Select!$B$7-1,0))","v":""},{"$f":"IF(B39=\"\",\"\",B39-Select!$B$7+1)","v":""},"","",""]
[1,{"$f":"IF(COUNT($A$2:A40)>Select!$B$8,\"\",OFFSET(DataOutput!B44,Select!$B$7-1,0))","v":""},{"$f":"IF(B40=\"\",\"\",B40-Select!$B$7+1)","v":""},"","",""]
[1,{"$f":"IF(COUNT($A$2:A41)>Select!$B$8,\"\",OFFSET(DataOutput!B45,Select!$B$7-1,0))","v":""},{"$f":"IF(B41=\"\",\"\",B41-Select!$B$7+1)","v":""},"","",""]
[1,{"$f":"IF(COUNT($A$2:A42)>Select!$B$8,\"\",OFFSET(DataOutput!B46,Select!$B$7-1,0))","v":""},{"$f":"IF(B42=\"\",\"\",B42-Select!$B$7+1)","v":""},"","",""]
[1,{"$f":"IF(COUNT($A$2:A43)>Select!$B$8,\"\",OFFSET(DataOutput!B47,Select!$B$7-1,0))","v":""},{"$f":"IF(B43=\"\",\"\",B43-Select!$B$7+1)","v":""},"","",""]
[1,{"$f":"IF(COUNT($A$2:A44)>Select!$B$8,\"\",OFFSET(DataOutput!B48,Select!$B$7-1,0))","v":""},{"$f":"IF(B44=\"\",\"\",B44-Select!$B$7+1)","v":""},"","",""]
[1,{"$f":"IF(COUNT($A$2:A45)>Select!$B$8,\"\",OFFSET(DataOutput!B49,Select!$B$7-1,0))","v":""},{"$f":"IF(B45=\"\",\"\",B45-Select!$B$7+1)","v":""},"","",""]
[1,{"$f":"IF(COUNT($A$2:A46)>Select!$B$8,\"\",OFFSET(DataOutput!B50,Select!$B$7-1,0))","v":""},{"$f":"IF(B46=\"\",\"\",B46-Select!$B$7+1)","v":""},"","",""]
[1,{"$f":"IF(COUNT($A$2:A47)>Select!$B$8,\"\",OFFSET(DataOutput!B51,Select!$B$7-1,0))","v":""},{"$f":"IF(B47=\"\",\"\",B47-Select!$B$7+1)","v":""},"","",""]
[1,{"$f":"IF(COUNT($A$2:A48)>Select!$B$8,\"\",OFFSET(DataOutput!B52,Select!$B$7-1,0))","v":""},{"$f":"IF(B48=\"\",\"\",B48-Select!$B$7+1)","v":""},"","",""]
[1,{"$f":"IF(COUNT($A$2:A49)>Select!$B$8,\"\",OFFSET(DataOutput!B53,Select!$B$7-1,0))","v":""},{"$f":"IF(B49=\"\",\"\",B49-Select!$B$7+1)","v":""},"","",""]

{"sheet":"AutoRegressive","index":8,"n_rows":50,"n_cols":15,"rows_kept":50,"cut":false,"hidden":false,"merged":[]}
[null,"Index","t","x",null,"Original Data","1 shift Data ",null,"xt-u","xt+k - u",null,"u=",{"$f":"AVERAGE(OFFSET(F2,0,0,COUNT(F:F),1))","v":84.74538295666288},"Regression","Prediction"]
[1,{"$f":"IF(COUNT($A$2:A2)>Select!$B$8,\"\",OFFSET(DataOutput!B6,Select!$B$7-1,0))","v":10},{"$f":"IF(B2=\"\",\"\",B2-Select!$B$7+1)","v":1},{"$f":"IF(ISERROR(VLOOKUP(B2,table,2,0)),\"\",VLOOKUP(B2,table,2,0))","v":63.916742313829481},null,{"$f":"D2","v":63.916742313829481},{"$f":"F3","v":63.193354470336409},null,{"$f":"IF(ISNUMBER(F2),F2-$M$1,\"\")","v":-20.828640642833399},{"$f":"IF(ISNUMBER(G2),G2-$M$1,\"\")","v":-21.552028486326471},null,null,null,{"$f":"IF(ISNUMBER(C2),$M$3*F2+(1-$M$3)*AVERAGE($F$2:F2),\"\")","v":63.916742313829481},{"$f":"$M$4*INDIRECT(CONCATENATE(\"F\",COUNT(F:F)+1))+(1-$M$4)*AVERAGE(OFFSET($F$2,0,0,COUNT(F:F),1))","v":74.751491125778784}]
[1,{"$f":"IF(COUNT($A$2:A3)>Select!$B$8,\"\",OFFSET(DataOutput!B7,Select!$B$7-1,0))","v":11},{"$f":"IF(B3=\"\",\"\",B3-Select!$B$7+1)","v":2},63.193354470336409,null,{"$f":"D3","v":63.193354470336409},{"$f":"F4","v":70.146463693585261},null,{"$f":"IF(ISNUMBER(F3),F3-$M$1,\"\")","v":-21.552028486326471},{"$f":"IF(ISNUMBER(G3),G3-$M$1,\"\")","v":-14.598919263077619},null,"1st order correleration: ",null,{"$f":"IF(ISNUMBER(C3),$M$3*F3+(1-$M$3)*AVERAGE($F$2:F3),\"\")","v":63.555048392082945},{"$f":"$M$4*$O$2+(1-$M$4)*(SUM(OFFSET($F$2,0,0,COUNT(F:F),1))+$O$2)/(COUNT(F:F)+1)","v":76.122652302731424}]
[1,{"$f":"IF(COUNT($A$2:A4)>Select!$B$8,\"\",OFFSET(DataOutput!B8,Select!$B$7-1,0))","v":12},{"$f":"IF(B4=\"\",\"\",B4-Select!$B$7+1)","v":3},70.146463693585261,null,70.146463693585261,73.923751741079798,null,-14.598919263077619,-10.821631215583082,null,"r1=",{"$f":"SUMPRODUCT($I$2:$I$49,$J$2:$J$49)/SUMPRODUCT($I$2:$I$49,$I$2:$I$49)","v":0.85822674754801864},{"$f":"IF(ISNUMBER(C4),$M$3*F4+(1-$M$3)*AVERAGE($F$2:F4),\"\")","v":65.75218682591705},{"$f":"$M$4*$O$3+(1-$M$4)*(SUM(OFFSET($F$2,0,0,COUNT(F:F),1))+$O$2+$O$3)/(COUNT(F:F)+2)","v":77.262645525077218}]
[1,{"$f":"IF(COUNT($A$2:A5)>Select!$B$8,\"\",OFFSET(DataOutput!B9,Select!$B$7-1,0))","v":13},{"$f":"IF(B5=\"\",\"\",B5-Select!$B$7+1)","v":4},73.923751741079798,null,73.923751741079798,75.26062398171743,null,-10.821631215583082,-9.4847589749454499,null,null,null,{"$f":"IF(ISNUMBER(C5),$M$3*F5+(1-$M$3)*AVERAGE($F$2:F5),\"\")","v":67.795078054707744},{"$f":"$M$4*$O$4+(1-$M$4)*(SUM(OFFSET($F$2,0,0,COUNT(F:F),1))+$O$2+$O$3+$O$4)/(COUNT(F:F)+3)","v":78.2113705436863}]
[1,{"$f":"IF(COUNT($A$2:A6)>Select!$B$8,\"\",OFFSET(DataOutput!B10,Select!$B$7-1,0))","v":14},{"$f":"IF(B6=\"\",\"\",B6-Select!$B$7+1)","v":5},75.26062398171743,null,75.26062398171743,78.443002388213571,null,-9.4847589749454499,{"$f":"IF(ISNUMBER(G6),G6-$M$1,\"\")","v":-6.3023805684493084},null,null,null,{"$f":"IF(ISNUMBER(C6),$M$3*F6+(1-$M$3)*AVERAGE($F$2:F6),\"\")","v":69.288187240109693}]
[1,{"$f":"IF(COUNT($A$2:A7)>Select!$B$8,\"\",OFFSET(DataOutput!B11,Select!$B$7-1,0))","v":15},{"$f":"IF(B7=\"\",\"\",B7-Select!$B$7+1)","v":6},78.443002388213571,null,78.443002388213571,74.96997804814292,null,-6.3023805684493084,{"$f":"IF(ISNUMBER(G7),G7-$M$1,\"\")","v":-9.7754049085199597},null,null,null,{"$f":"IF(ISNUMBER(C7),$M$3*F7+(1-$M$3)*AVERAGE($F$2:F7),\"\")","v":70.813989764793675}]
[1,{"$f":"IF(COUNT($A$2:A8)>Select!$B$8,\"\",OFFSET(DataOutput!B12,Select!$B$7-1,0))","v":16},{"$f":"IF(B8=\"\",\"\",B8-Select!$B$7+1)","v":7},74.96997804814292,null,74.96997804814292,70.179326258710063,null,-9.7754049085199597,-14.566056697952817,null,null,null,{"$f":"IF(ISNUMBER(C8),$M$3*F8+(1-$M$3)*AVERAGE($F$2:F8),\"\")","v":71.407702376700712}]
[1,{"$f":"IF(COUNT($A$2:A9)>Select!$B$8,\"\",OFFSET(DataOutput!B13,Select!$B$7-1,0))","v":17},{"$f":"IF(B9=\"\",\"\",B9-Select!$B$7+1)","v":8},70.179326258710063,null,70.179326258710063,72.509196978482791,null,-14.566056697952817,-12.236185978180089,null,null,null,{"$f":"IF(ISNUMBER(C9),$M$3*F9+(1-$M$3)*AVERAGE($F$2:F9),\"\")","v":71.254155361951874}]
[1,{"$f":"IF(COUNT($A$2:A10)>Select!$B$8,\"\",OFFSET(DataOutput!B14,Select!$B$7-1,0))","v":18},{"$f":"IF(B10=\"\",\"\",B10-Select!$B$7+1)","v":9},72.509196978482791,null,72.509196978482791,74.918005458184481,null,-12.236185978180089,-9.8273774984783984,null,null,null,{"$f":"IF(ISNUMBER(C10),$M$3*F10+(1-$M$3)*AVERAGE($F$2:F10),\"\")","v":71.393604430455312}]
[1,{"$f":"IF(COUNT($A$2:A11)>Select!$B$8,\"\",OFFSET(DataOutput!B15,Select!$B$7-1,0))","v":19},{"$f":"IF(B11=\"\",\"\",B11-Select!$B$7+1)","v":10},74.918005458184481,null,74.918005458184481,80.015146126112441,null,-9.8273774984783984,-4.7302368305504388,null,null,null,{"$f":"IF(ISNUMBER(C11),$M$3*F11+(1-$M$3)*AVERAGE($F$2:F11),\"\")","v":71.746044533228229}]
[1,{"$f":"IF(COUNT($A$2:A12)>Select!$B$8,\"\",OFFSET(DataOutput!B16,Select!$B$7-1,0))","v":20},{"$f":"IF(B12=\"\",\"\",B12-Select!$B$7+1)","v":11},80.015146126112441,null,80.015146126112441,84.778913168062189,null,-4.7302368305504388,3.3530211399309451E-2,null,null,null,{"$f":"IF(ISNUMBER(C12),$M$3*F12+(1-$M$3)*AVERAGE($F$2:F12),\"\")","v":72.497781041672241}]
[1,{"$f":"IF(COUNT($A$2:A13)>Select!$B$8,\"\",OFFSET(DataOutput!B17,Select!$B$7-1,0))","v":21},{"$f":"IF(B13=\"\",\"\",B13-Select!$B$7+1)","v":12},84.778913168062189,null,84.778913168062189,88.514631598896841,null,3.3530211399309451E-2,3.7692486422339613,null,null,null,{"$f":"IF(ISNUMBER(C13),$M$3*F13+(1-$M$3)*AVERAGE($F$2:F13),\"\")","v":73.521208718871407}]
[1,{"$f":"IF(COUNT($A$2:A14)>Select!$B$8,\"\",OFFSET(DataOutput!B18,Select!$B$7-1,0))","v":22},{"$f":"IF(B14=\"\",\"\",B14-Select!$B$7+1)","v":13},88.514631598896841,null,88.514631598896841,86.444777548906828,null,3.7692486422339613,1.699394592243948,null,null,null,{"$f":"IF(ISNUMBER(C14),$M$3*F14+(1-$M$3)*AVERAGE($F$2:F14),\"\")","v":74.674548940411825}]
[1,{"$f":"IF(COUNT($A$2:A15)>Select!$B$8,\"\",OFFSET(DataOutput!B19,Select!$B$7-1,0))","v":23},{"$f":"IF(B15=\"\",\"\",B15-Select!$B$7+1)","v":14},86.444777548906828,null,{"$f":"D15","v":86.444777548906828},84.720079859199501,null,1.699394592243948,-2.5303097463378776E-2,null,null,null,{"$f":"IF(ISNUMBER(C15),$M$3*F15+(1-$M$3)*AVERAGE($F$2:F15),\"\")","v":75.515279555304332}]
[1,{"$f":"IF(COUNT($A$2:A16)>Select!$B$8,\"\",OFFSET(DataOutput!B20,Select!$B$7-1,0))","v":24},{"$f":"IF(B16=\"\",\"\",B16-Select!$B$7+1)","v":15},84.720079859199501,null,84.720079859199501,87.286928027333687,null,-2.5303097463378776E-2,2.5415450706708071,null,null,null,{"$f":"IF(ISNUMBER(C16),$M$3*F16+(1-$M$3)*AVERAGE($F$2:F16),\"\")","v":76.12893290889734}]
[1,{"$f":"IF(COUNT($A$2:A17)>Select!$B$8,\"\",OFFSET(DataOutput!B21,Select!$B$7-1,0))","v":25},{"$f":"IF(B17=\"\",\"\",B17-Select!$B$7+1)","v":16},87.286928027333687,null,87.286928027333687,84.868648841309835,null,2.5415450706708071,0.12326588464695476,null,null,null,{"$f":"IF(ISNUMBER(C17),$M$3*F17+(1-$M$3)*AVERAGE($F$2:F17),\"\")","v":76.82630760379962}]
[1,{"$f":"IF(COUNT($A$2:A18)>Select!$B$8,\"\",OFFSET(DataOutput!B22,Select!$B$7-1,0))","v":26},{"$f":"IF(B18=\"\",\"\",B18-Select!$B$7+1)","v":17},84.868648841309835,null,84.868648841309835,94.071945009600711,null,0.12326588464695476,9.326562052937831,null,null,null,{"$f":"IF(ISNUMBER(C18),$M$3*F18+(1-$M$3)*AVERAGE($F$2:F18),\"\")","v":77.299386500123745}]
[1,{"$f":"IF(COUNT($A$2:A19)>Select!$B$8,\"\",OFFSET(DataOutput!B23,Select!$B$7-1,0))","v":27},{"$f":"IF(B19=\"\",\"\",B19-Select!$B$7+1)","v":18},94.071945009600711,null,94.071945009600711,96.396379767734871,null,9.326562052937831,11.650996811071991,null,null,null,{"$f":"IF(ISNUMBER(C19),$M$3*F19+(1-$M$3)*AVERAGE($F$2:F19),\"\")","v":78.231195306205805}]
[1,{"$f":"IF(COUNT($A$2:A20)>Select!$B$8,\"\",OFFSET(DataOutput!B24,Select!$B$7-1,0))","v":28},{"$f":"IF(B20=\"\",\"\",B20-Select!$B$7+1)","v":19},96.396379767734871,null,96.396379767734871,97.081634829759707,null,11.650996811071991,12.336251873096828,null,null,null,{"$f":"IF(ISNUMBER(C20),$M$3*F20+(1-$M$3)*AVERAGE($F$2:F20),\"\")","v":79.187257646286284}]
[1,{"$f":"IF(COUNT($A$2:A21)>Select!$B$8,\"\",OFFSET(DataOutput!B25,Select!$B$7-1,0))","v":29},{"$f":"IF(B21=\"\",\"\",B21-Select!$B$7+1)","v":20},97.081634829759707,null,97.081634829759707,99.215974347436301,null,12.336251873096828,14.470591390773421,null,null,null,{"$f":"IF(ISNUMBER(C21),$M$3*F21+(1-$M$3)*AVERAGE($F$2:F21),\"\")","v":80.081976505459949}]
[1,{"$f":"IF(COUNT($A$2:A22)>Select!$B$8,\"\",OFFSET(DataOutput!B26,Select!$B$7-1,0))","v":30},{"$f":"IF(B22=\"\",\"\",B22-Select!$B$7+1)","v":21},99.215974347436301,null,99.215974347436301,97.550060849520563,null,14.470591390773421,12.804677892857683,null,null,null,{"$f":"IF(ISNUMBER(C22),$M$3*F22+(1-$M$3)*AVERAGE($F$2:F22),\"\")","v":80.993119259839773}]
[1,{"$f":"IF(COUNT($A$2:A23)>Select!$B$8,\"\",OFFSET(DataOutput!B27,Select!$B$7-1,0))","v":31},{"$f":"IF(B23=\"\",\"\",B23-Select!$B$7+1)","v":22},97.550060849520563,null,97.550060849520563,102.85439556746771,null,12.804677892857683,18.109012610804825,null,null,null,{"$f":"IF(ISNUMBER(C23),$M$3*F23+(1-$M$3)*AVERAGE($F$2:F23),\"\")","v":81.745707513916173}]
[1,{"$f":"IF(COUNT($A$2:A24)>Select!$B$8,\"\",OFFSET(DataOutput!B28,Select!$B$7-1,0))","v":32},{"$f":"IF(B24=\"\",\"\",B24-Select!$B$7+1)","v":23},102.85439556746771,null,102.85439556746771,109.06846085771259,null,18.109012610804825,24.323077901049714,null,null,null,{"$f":"IF(ISNUMBER(C24),$M$3*F24+(1-$M$3)*AVERAGE($F$2:F24),\"\")","v":82.663476559722767}]
[1,{"$f":"IF(COUNT($A$2:A25)>Select!$B$8,\"\",OFFSET(DataOutput!B29,Select!$B$7-1,0))","v":33},{"$f":"IF(B25=\"\",\"\",B25-Select!$B$7+1)","v":24},109.06846085771259,null,109.06846085771259,108.43575544443242,null,24.323077901049714,23.690372487769537,null,null,null,{"$f":"IF(ISNUMBER(C25),$M$3*F25+(1-$M$3)*AVERAGE($F$2:F25),\"\")","v":83.763684238805681}]
[1,{"$f":"IF(COUNT($A$2:A26)>Select!$B$8,\"\",OFFSET(DataOutput!B30,Select!$B$7-1,0))","v":34},{"$f":"IF(B26=\"\",\"\",B26-Select!$B$7+1)","v":25},108.43575544443242,null,108.43575544443242,101.07465368039649,null,23.690372487769537,16.329270723733615,null,null,null,{"$f":"IF(ISNUMBER(C26),$M$3*F26+(1-$M$3)*AVERAGE($F$2:F26),\"\")","v":84.750567087030745}]
[1,{"$f":"IF(COUNT($A$2:A27)>Select!$B$8,\"\",OFFSET(DataOutput!B31,Select!$B$7-1,0))","v":35},{"$f":"IF(B27=\"\",\"\",B27-Select!$B$7+1)","v":26},101.07465368039649,null,101.07465368039649,94.583124722937526,null,16.329270723733615,9.8377417662746467,null,null,null,{"$f":"IF(ISNUMBER(C27),$M$3*F27+(1-$M$3)*AVERAGE($F$2:F27),\"\")","v":85.378416571390957}]
[1,{"$f":"IF(COUNT($A$2:A28)>Select!$B$8,\"\",OFFSET(DataOutput!B32,Select!$B$7-1,0))","v":36},{"$f":"IF(B28=\"\",\"\",B28-Select!$B$7+1)","v":27},94.583124722937526,null,94.583124722937526,77.159440468647958,null,9.8377417662746467,-7.585942488014922,null,null,null,{"$f":"IF(ISNUMBER(C28),$M$3*F28+(1-$M$3)*AVERAGE($F$2:F28),\"\")","v":85.719331688114906}]
[1,{"$f":"IF(COUNT($A$2:A29)>Select!$B$8,\"\",OFFSET(DataOutput!B33,Select!$B$7-1,0))","v":37},{"$f":"IF(B29=\"\",\"\",B29-Select!$B$7+1)","v":28},77.159440468647958,null,{"$f":"D29","v":77.159440468647958},77.679524844192954,null,-7.585942488014922,-7.0658581124699253,null,null,null,{"$f":"IF(ISNUMBER(C29),$M$3*F29+(1-$M$3)*AVERAGE($F$2:F29),\"\")","v":85.413621287419659}]
[1,{"$f":"IF(COUNT($A$2:A30)>Select!$B$8,\"\",OFFSET(DataOutput!B34,Select!$B$7-1,0))","v":38},{"$f":"IF(B30=\"\",\"\",B30-Select!$B$7+1)","v":29},77.679524844192954,null,77.679524844192954,73.10056780794261,null,-7.0658581124699253,-11.644815148720269,null,null,null,{"$f":"IF(ISNUMBER(C30),$M$3*F30+(1-$M$3)*AVERAGE($F$2:F30),\"\")","v":85.146928306618733}]
[1,{"$f":"IF(COUNT($A$2:A31)>Select!$B$8,\"\",OFFSET(DataOutput!B35,Select!$B$7-1,0))","v":39},{"$f":"IF(B31=\"\",\"\",B31-Select!$B$7+1)","v":30},73.10056780794261,null,73.10056780794261,"",null,-11.644815148720269,"",null,null,null,{"$f":"IF(ISNUMBER(C31),$M$3*F31+(1-$M$3)*AVERAGE($F$2:F31),\"\")","v":84.74538295666288}]
[1,{"$f":"IF(COUNT($A$2:A32)>Select!$B$8,\"\",OFFSET(DataOutput!B36,Select!$B$7-1,0))","v":""},{"$f":"IF(B32=\"\",\"\",B32-Select!$B$7+1)","v":""},"",null,"","",null,"","",null,null,null,{"$f":"IF(ISNUMBER(C32),$M$3*F32+(1-$M$3)*AVERAGE($F$2:F32),\"\")","v":""}]
[1,{"$f":"IF(COUNT($A$2:A33)>Select!$B$8,\"\",OFFSET(DataOutput!B37,Select!$B$7-1,0))","v":""},{"$f":"IF(B33=\"\",\"\",B33-Select!$B$7+1)","v":""},"",null,"","",null,"","",null,null,null,{"$f":"IF(ISNUMBER(C33),$M$3*F33+(1-$M$3)*AVERAGE($F$2:F33),\"\")","v":""}]
[1,{"$f":"IF(COUNT($A$2:A34)>Select!$B$8,\"\",OFFSET(DataOutput!B38,Select!$B$7-1,0))","v":""},{"$f":"IF(B34=\"\",\"\",B34-Select!$B$7+1)","v":""},"",null,"","",null,"","",null,null,null,{"$f":"IF(ISNUMBER(C34),$M$3*F34+(1-$M$3)*AVERAGE($F$2:F34),\"\")","v":""}]
[1,{"$f":"IF(COUNT($A$2:A35)>Select!$B$8,\"\",OFFSET(DataOutput!B39,Select!$B$7-1,0))","v":""},{"$f":"IF(B35=\"\",\"\",B35-Select!$B$7+1)","v":""},"",null,"","",null,"","",null,null,null,{"$f":"IF(ISNUMBER(C35),$M$3*F35+(1-$M$3)*AVERAGE($F$2:F35),\"\")","v":""}]
[1,{"$f":"IF(COUNT($A$2:A36)>Select!$B$8,\"\",OFFSET(DataOutput!B40,Select!$B$7-1,0))","v":""},{"$f":"IF(B36=\"\",\"\",B36-Select!$B$7+1)","v":""},"",null,"","",null,"","",null,null,null,{"$f":"IF(ISNUMBER(C36),$M$3*F36+(1-$M$3)*AVERAGE($F$2:F36),\"\")","v":""}]
[1,{"$f":"IF(COUNT($A$2:A37)>Select!$B$8,\"\",OFFSET(DataOutput!B41,Select!$B$7-1,0))","v":""},{"$f":"IF(B37=\"\",\"\",B37-Select!$B$7+1)","v":""},"",null,"","",null,"","",null,null,null,{"$f":"IF(ISNUMBER(C37),$M$3*F37+(1-$M$3)*AVERAGE($F$2:F37),\"\")","v":""}]
[1,{"$f":"IF(COUNT($A$2:A38)>Select!$B$8,\"\",OFFSET(DataOutput!B42,Select!$B$7-1,0))","v":""},{"$f":"IF(B38=\"\",\"\",B38-Select!$B$7+1)","v":""},"",null,"","",null,"","",null,null,null,{"$f":"IF(ISNUMBER(C38),$M$3*F38+(1-$M$3)*AVERAGE($F$2:F38),\"\")","v":""}]
[1,{"$f":"IF(COUNT($A$2:A39)>Select!$B$8,\"\",OFFSET(DataOutput!B43,Select!$B$7-1,0))","v":""},{"$f":"IF(B39=\"\",\"\",B39-Select!$B$7+1)","v":""},"",null,"","",null,"","",null,null,null,{"$f":"IF(ISNUMBER(C39),$M$3*F39+(1-$M$3)*AVERAGE($F$2:F39),\"\")","v":""}]
[1,{"$f":"IF(COUNT($A$2:A40)>Select!$B$8,\"\",OFFSET(DataOutput!B44,Select!$B$7-1,0))","v":""},{"$f":"IF(B40=\"\",\"\",B40-Select!$B$7+1)","v":""},"",null,"","",null,"","",null,null,null,{"$f":"IF(ISNUMBER(C40),$M$3*F40+(1-$M$3)*AVERAGE($F$2:F40),\"\")","v":""}]
[1,{"$f":"IF(COUNT($A$2:A41)>Select!$B$8,\"\",OFFSET(DataOutput!B45,Select!$B$7-1,0))","v":""},{"$f":"IF(B41=\"\",\"\",B41-Select!$B$7+1)","v":""},"",null,"","",null,"","",null,null,null,{"$f":"IF(ISNUMBER(C41),$M$3*F41+(1-$M$3)*AVERAGE($F$2:F41),\"\")","v":""}]
[1,{"$f":"IF(COUNT($A$2:A42)>Select!$B$8,\"\",OFFSET(DataOutput!B46,Select!$B$7-1,0))","v":""},{"$f":"IF(B42=\"\",\"\",B42-Select!$B$7+1)","v":""},"",null,"","",null,"","",null,null,null,{"$f":"IF(ISNUMBER(C42),$M$3*F42+(1-$M$3)*AVERAGE($F$2:F42),\"\")","v":""}]
[1,{"$f":"IF(COUNT($A$2:A43)>Select!$B$8,\"\",OFFSET(DataOutput!B47,Select!$B$7-1,0))","v":""},{"$f":"IF(B43=\"\",\"\",B43-Select!$B$7+1)","v":""},"",null,"","",null,"","",null,null,null,{"$f":"IF(ISNUMBER(C43),$M$3*F43+(1-$M$3)*AVERAGE($F$2:F43),\"\")","v":""}]
[1,{"$f":"IF(COUNT($A$2:A44)>Select!$B$8,\"\",OFFSET(DataOutput!B48,Select!$B$7-1,0))","v":""},{"$f":"IF(B44=\"\",\"\",B44-Select!$B$7+1)","v":""},"",null,"","",null,"","",null,null,null,{"$f":"IF(ISNUMBER(C44),$M$3*F44+(1-$M$3)*AVERAGE($F$2:F44),\"\")","v":""}]
[1,{"$f":"IF(COUNT($A$2:A45)>Select!$B$8,\"\",OFFSET(DataOutput!B49,Select!$B$7-1,0))","v":""},{"$f":"IF(B45=\"\",\"\",B45-Select!$B$7+1)","v":""},"",null,"","",null,"","",null,null,null,{"$f":"IF(ISNUMBER(C45),$M$3*F45+(1-$M$3)*AVERAGE($F$2:F45),\"\")","v":""}]
[1,{"$f":"IF(COUNT($A$2:A46)>Select!$B$8,\"\",OFFSET(DataOutput!B50,Select!$B$7-1,0))","v":""},{"$f":"IF(B46=\"\",\"\",B46-Select!$B$7+1)","v":""},"",null,"","",null,"","",null,null,null,{"$f":"IF(ISNUMBER(C46),$M$3*F46+(1-$M$3)*AVERAGE($F$2:F46),\"\")","v":""}]
[1,{"$f":"IF(COUNT($A$2:A47)>Select!$B$8,\"\",OFFSET(DataOutput!B51,Select!$B$7-1,0))","v":""},{"$f":"IF(B47=\"\",\"\",B47-Select!$B$7+1)","v":""},"",null,"","",null,"","",null,null,null,{"$f":"IF(ISNUMBER(C47),$M$3*F47+(1-$M$3)*AVERAGE($F$2:F47),\"\")","v":""}]
[1,{"$f":"IF(COUNT($A$2:A48)>Select!$B$8,\"\",OFFSET(DataOutput!B52,Select!$B$7-1,0))","v":""},{"$f":"IF(B48=\"\",\"\",B48-Select!$B$7+1)","v":""},"",null,"","",null,"","",null,null,null,{"$f":"IF(ISNUMBER(C48),$M$3*F48+(1-$M$3)*AVERAGE($F$2:F48),\"\")","v":""}]
[1,{"$f":"IF(COUNT($A$2:A49)>Select!$B$8,\"\",OFFSET(DataOutput!B53,Select!$B$7-1,0))","v":""},{"$f":"IF(B49=\"\",\"\",B49-Select!$B$7+1)","v":""},"",null,"",null,null,"","",null,null,null,{"$f":"IF(ISNUMBER(C49),$M$3*F49+(1-$M$3)*AVERAGE($F$2:F49),\"\")","v":""}]
[null,null,null,null,null,null,null,null,null,null,null,null,null,{"$f":"IF(ISNUMBER(C50),$M$3*F50+(1-$M$3)*AVERAGE($F$2:F50),\"\")","v":""}]

{"sheet":"ExponentialSmooting","index":9,"n_rows":49,"n_cols":24,"rows_kept":49,"cut":false,"hidden":false,"merged":[]}
[null,"Index","t","x",null,"Original Data","1st shift ","2nd shift ","3rd shift","1st order correleration: ",null,null,"n","r  (n-1)","1-r",{"$f":"SUM(OFFSET($P$2,0,0,COUNT(P:P),1))","v":88.117882458531454},{"$f":"SUM(OFFSET(Q2,0,0,COUNT(Q:Q),1))","v":88.025567877219231},{"$f":"SUM(OFFSET($R$2,0,0,COUNT(R:R),1))","v":87.934298080786249},{"$f":"SUM(OFFSET($S$2,0,0,COUNT(S:S),1))","v":87.832985948909865},null,"Prediction",null,"Note:"]
[1,{"$f":"IF(COUNT($A$2:A2)>Select!$B$8,\"\",OFFSET(DataOutput!B6,Select!$B$7-1,0))","v":10},{"$f":"IF(B2=\"\",\"\",B2-Select!$B$7+1)","v":1},{"$f":"IF(ISERROR(VLOOKUP(B2,table,2,0)),\"\",VLOOKUP(B2,table,2,0))","v":63.916742313829481},null,{"$f":"D2","v":63.916742313829481},{"$f":"F3","v":63.193354470336409},{"$f":"G3","v":70.146463693585261},{"$f":"H3","v":73.923751741079798},"r1=",{"$f":"AutoRegressive!M4","v":0.85822674754801864},null,{"$f":"C2","v":1},{"$f":"IF(ISNUMBER(M2),$K$2^(M2-1),\"\")","v":1},{"$f":"IF(ISNUMBER(M2),1-$K$2,\"\")","v":0.14177325245198136},{"$f":"IF(ISNUMBER(C2),N2*O2*INDIRECT(\"F\" & COUNT(F:F)+1),\" \")","v":10.36370525421863},{"$f":"IF(ISNUMBER(C2),N2*O2*$P$1,\" \")","v":12.492758795327399},{"$f":"IF(ISNUMBER(C2),N2*O2*$Q$1,\" \")","v":12.479671056886023},{"$f":"IF(ISNUMBER(C2),N2*O2*$R$1,\" \")","v":12.466731440995089},null,{"$f":"$P$1","v":88.117882458531454},null,null,"sum of the column"]
[1,{"$f":"IF(COUNT($A$2:A3)>Select!$B$8,\"\",OFFSET(DataOutput!B7,Select!$B$7-1,0))","v":11},{"$f":"IF(B3=\"\",\"\",B3-Select!$B$7+1)","v":2},63.193354470336409,null,{"$f":"D3","v":63.193354470336409},{"$f":"F4","v":70.146463693585261},73.923751741079798,75.26062398171743,null,null,null,{"$f":"C3","v":2},{"$f":"IF(ISNUMBER(M3),$K$2^(M3-1),\"\")","v":0.85822674754801864},{"$f":"IF(ISNUMBER(M3),1-$K$2,\"\")","v":0.14177325245198136},{"$f":"IF(ISNUMBER(C3),N3*O3*INDIRECT(\"F\" & COUNT(F:F)+1-M2),\" \")","v":9.4515472275455981},{"$f":"IF(ISNUMBER(C3), N3*O3*INDIRECT(\"G\"&COUNT(G:G)+1),\" \")","v":8.8944090528743658},{"$f":"IF(ISNUMBER(C3),N3*O3*$P$1,\" \")","v":10.721619748815737},{"$f":"IF(ISNUMBER(C3),N3*O3*$Q$1,\" \")","v":10.710387501620435},null,{"$f":"$Q$1","v":88.025567877219231}]
[1,{"$f":"IF(COUNT($A$2:A4)>Select!$B$8,\"\",OFFSET(DataOutput!B8,Select!$B$7-1,0))","v":12},{"$f":"IF(B4=\"\",\"\",B4-Select!$B$7+1)","v":3},70.146463693585261,null,70.146463693585261,73.923751741079798,75.26062398171743,78.443002388213571,null,null,null,3,0.73655315020685053,0.14177325245198136,{"$f":"IF(ISNUMBER(C4),N4*O4*INDIRECT(\"F\" & COUNT(F:F)+1-M3),\" \")","v":8.0572615870317552},{"$f":"IF(ISNUMBER(C4), N4*O4*INDIRECT(\"G\"&COUNT(G:G)+1-M2),\" \")","v":8.1115706363929512},{"$f":"IF(ISNUMBER(C4), N4*O4*INDIRECT(\"H\"&COUNT(H:H)+1),\" \")","v":7.6334197528100196},{"$f":"IF(ISNUMBER(C4), N4*O4*$P$1,\" \")","v":9.2015808454727352},null,{"$f":"$R$1","v":87.934298080786249}]
[1,{"$f":"IF(COUNT($A$2:A5)>Select!$B$8,\"\",OFFSET(DataOutput!B9,Select!$B$7-1,0))","v":13},{"$f":"IF(B5=\"\",\"\",B5-Select!$B$7+1)","v":4},73.923751741079798,null,73.923751741079798,75.26062398171743,78.443002388213571,74.96997804814292,null,null,null,4,0.63212961449827254,0.14177325245198136,8.4764518095428123,{"$f":"IF(ISNUMBER(C5), N5*O5*INDIRECT(\"G\"&COUNT(G:G)+1-M3),\" \")","v":6.9149574059818502},{"$f":"IF(ISNUMBER(C5), N5*O5*INDIRECT(\"H\"&COUNT(H:H)+1-M2),\" \")","v":6.9615668847775343},{"$f":"IF(ISNUMBER(C5), N5*O5*INDIRECT(\"i\"&COUNT(I:I)+1),\" \")","v":6.5512050071229435},null,{"$f":"$S$1","v":87.832985948909865}]
[1,{"$f":"IF(COUNT($A$2:A6)>Select!$B$8,\"\",OFFSET(DataOutput!B10,Select!$B$7-1,0))","v":14},{"$f":"IF(B6=\"\",\"\",B6-Select!$B$7+1)","v":5},75.26062398171743,null,75.26062398171743,78.443002388213571,74.96997804814292,70.179326258710063,null,null,null,5,0.54251054307963531,0.14177325245198136,7.774003777037251,7.2747176672514451,{"$f":"IF(ISNUMBER(C6), N6*O6*INDIRECT(\"H\"&COUNT(H:H)+1-M3),\" \")","v":5.9346014039688875},{"$f":"IF(ISNUMBER(C6), N6*O6*INDIRECT(\"i\"&COUNT(I:I)+1-M2),\" \")","v":5.9746029053606158}]
[1,{"$f":"IF(COUNT($A$2:A7)>Select!$B$8,\"\",OFFSET(DataOutput!B11,Select!$B$7-1,0))","v":15},{"$f":"IF(B7=\"\",\"\",B7-Select!$B$7+1)","v":6},78.443002388213571,null,78.443002388213571,74.96997804814292,70.179326258710063,72.509196978482791,null,null,null,6,0.46559705889774466,0.14177325245198136,7.1577584845436117,6.6718579769926922,6.2433572828953174,{"$f":"IF(ISNUMBER(C7), N7*O7*INDIRECT(\"i\"&COUNT(I:I)+1-M3),\" \")","v":5.0932336609221238}]
[1,{"$f":"IF(COUNT($A$2:A8)>Select!$B$8,\"\",OFFSET(DataOutput!B12,Select!$B$7-1,0))","v":16},{"$f":"IF(B8=\"\",\"\",B8-Select!$B$7+1)","v":7},74.96997804814292,null,74.96997804814292,70.179326258710063,72.509196978482791,74.918005458184481,null,null,null,7,0.39958784952573467,0.14177325245198136,6.1788230954501682,6.1429797839240985,5.7259669716967414,5.3582162146794827]
[1,{"$f":"IF(COUNT($A$2:A9)>Select!$B$8,\"\",OFFSET(DataOutput!B13,Select!$B$7-1,0))","v":17},{"$f":"IF(B9=\"\",\"\",B9-Select!$B$7+1)","v":8},70.179326258710063,null,70.179326258710063,72.509196978482791,74.918005458184481,80.015146126112441,null,null,null,8,0.34293698045817833,0.14177325245198136,5.0007077995870484,5.3028312488827778,5.2720695602104088,4.9141780106866717]
[1,{"$f":"IF(COUNT($A$2:A10)>Select!$B$8,\"\",OFFSET(DataOutput!B14,Select!$B$7-1,0))","v":18},{"$f":"IF(B10=\"\",\"\",B10-Select!$B$7+1)","v":9},72.509196978482791,null,72.509196978482791,74.918005458184481,80.015146126112441,84.778913168062189,null,null,null,9,0.29431768935256086,0.14177325245198136,4.0704105250159452,4.2917411902776017,4.5510316155246651,4.5246311115062934]
[1,{"$f":"IF(COUNT($A$2:A11)>Select!$B$8,\"\",OFFSET(DataOutput!B15,Select!$B$7-1,0))","v":19},{"$f":"IF(B11=\"\",\"\",B11-Select!$B$7+1)","v":10},74.918005458184481,null,74.918005458184481,80.015146126112441,84.778913168062189,88.514631598896841,null,null,null,10,0.25259131327889645,0.14177325245198136,3.552992701283253,3.4933351860696575,3.6832870830498088,3.9058170613799383]
[1,{"$f":"IF(COUNT($A$2:A12)>Select!$B$8,\"\",OFFSET(DataOutput!B16,Select!$B$7-1,0))","v":20},{"$f":"IF(B12=\"\",\"\",B12-Select!$B$7+1)","v":11},80.015146126112441,null,80.015146126112441,84.778913168062189,88.514631598896841,86.444777548906828,null,null,null,11,0.21678062125422992,0.14177325245198136,2.9836772330026697,3.0492733700841748,2.9980736948356146,3.1610954935714659]
[1,{"$f":"IF(COUNT($A$2:A13)>Select!$B$8,\"\",OFFSET(DataOutput!B17,Select!$B$7-1,0))","v":21},{"$f":"IF(B13=\"\",\"\",B13-Select!$B$7+1)","v":12},84.778913168062189,null,84.778913168062189,88.514631598896841,86.444777548906828,84.720079859199501,null,null,null,12,0.18604692751045662,0.14177325245198136,2.5425969923300893,2.560671607412953,2.6169679667921271,2.5730270360280403]
[1,{"$f":"IF(COUNT($A$2:A14)>Select!$B$8,\"\",OFFSET(DataOutput!B18,Select!$B$7-1,0))","v":22},{"$f":"IF(B14=\"\",\"\",B14-Select!$B$7+1)","v":13},88.514631598896841,null,88.514631598896841,86.444777548906828,84.720079859199501,87.286928027333687,null,null,null,13,0.15967044948860118,0.14177325245198136,2.1295065198864576,2.1821247470528271,2.1976368651685751,2.2459519065773583]
[1,{"$f":"IF(COUNT($A$2:A15)>Select!$B$8,\"\",OFFSET(DataOutput!B19,Select!$B$7-1,0))","v":23},{"$f":"IF(B15=\"\",\"\",B15-Select!$B$7+1)","v":14},86.444777548906828,null,{"$f":"D15","v":86.444777548906828},84.720079859199501,87.286928027333687,84.868648841309835,null,null,null,14,0.13703345054413241,0.14177325245198136,1.6488007801474309,1.8275994544444549,1.8727578244071912,1.8860707390852505]
[1,{"$f":"IF(COUNT($A$2:A16)>Select!$B$8,\"\",OFFSET(DataOutput!B20,Select!$B$7-1,0))","v":24},{"$f":"IF(B16=\"\",\"\",B16-Select!$B$7+1)","v":15},84.720079859199501,null,84.720079859199501,87.286928027333687,84.868648841309835,94.071945009600711,null,null,null,15,0.11760577256577301,0.14177325245198136,1.4553657531406354,1.4150449309005653,1.5684947356083976,1.6072508565860868]
[1,{"$f":"IF(COUNT($A$2:A17)>Select!$B$8,\"\",OFFSET(DataOutput!B21,Select!$B$7-1,0))","v":25},{"$f":"IF(B17=\"\",\"\",B17-Select!$B$7+1)","v":16},87.286928027333687,null,87.286928027333687,84.868648841309835,94.071945009600711,96.396379767734871,null,null,null,16,0.10093241968199536,0.14177325245198136,1.212303458244093,1.2490338168106601,1.2144294086811027,1.3461241354873843]
[1,{"$f":"IF(COUNT($A$2:A18)>Select!$B$8,\"\",OFFSET(DataOutput!B22,Select!$B$7-1,0))","v":26},{"$f":"IF(B18=\"\",\"\",B18-Select!$B$7+1)","v":17},84.868648841309835,null,84.868648841309835,94.071945009600711,96.396379767734871,97.081634829759707,null,null,null,17,8.6622902265830512E-2,0.14177325245198136,1.0616119396641726,1.0404312540100433,1.0719542301789007,1.0422558015390464]
[1,{"$f":"IF(COUNT($A$2:A19)>Select!$B$8,\"\",OFFSET(DataOutput!B23,Select!$B$7-1,0))","v":27},{"$f":"IF(B19=\"\",\"\",B19-Select!$B$7+1)","v":18},94.071945009600711,null,94.071945009600711,96.396379767734871,97.081634829759707,99.215974347436301,null,null,null,18,7.4342091674773611E-2,0.14177325245198136,0.93291944453465681,0.91110376213612598,0.89292593117634589,0.91997979248677797]
[1,{"$f":"IF(COUNT($A$2:A20)>Select!$B$8,\"\",OFFSET(DataOutput!B24,Select!$B$7-1,0))","v":28},{"$f":"IF(B20=\"\",\"\",B20-Select!$B$7+1)","v":19},96.396379767734871,null,96.396379767734871,97.081634829759707,99.215974347436301,97.550060849520563,null,null,null,19,6.3802371543957598E-2,0.14177325245198136,0.76686509262907321,0.80065642060728293,0.78193361845685128,0.76633291771476142]
[1,{"$f":"IF(COUNT($A$2:A21)>Select!$B$8,\"\",OFFSET(DataOutput!B25,Select!$B$7-1,0))","v":29},{"$f":"IF(B21=\"\",\"\",B21-Select!$B$7+1)","v":20},97.081634829759707,null,97.081634829759707,99.215974347436301,97.550060849520563,102.85439556746771,null,null,null,20,5.4756901816020984E-2,0.14177325245198136,0.62116270551943009,0.6581441342551595,0.6871447557612268,0.67107634616667677]
[1,{"$f":"IF(COUNT($A$2:A22)>Select!$B$8,\"\",OFFSET(DataOutput!B26,Select!$B$7-1,0))","v":30},{"$f":"IF(B22=\"\",\"\",B22-Select!$B$7+1)","v":21},99.215974347436301,null,99.215974347436301,97.550060849520563,102.85439556746771,109.06846085771259,null,null,null,21,4.6993837751369887E-2,0.14177325245198136,0.49913890562961377,0.53309844845606824,0.56483689975961204,0.58972600883163528]
[1,{"$f":"IF(COUNT($A$2:A23)>Select!$B$8,\"\",OFFSET(DataOutput!B27,Select!$B$7-1,0))","v":31},{"$f":"IF(B23=\"\",\"\",B23-Select!$B$7+1)","v":22},97.550060849520563,null,97.550060849520563,102.85439556746771,109.06846085771259,108.43575544443242,null,null,null,22,4.0331368528157469E-2,0.14177325245198136,0.41460101116426218,0.42837435955318082,0.45751934754134643,0.48475813537579804]
[1,{"$f":"IF(COUNT($A$2:A24)>Select!$B$8,\"\",OFFSET(DataOutput!B28,Select!$B$7-1,0))","v":32},{"$f":"IF(B24=\"\",\"\",B24-Select!$B$7+1)","v":23},102.85439556746771,null,102.85439556746771,109.06846085771259,108.43575544443242,101.07465368039649,null,null,null,23,3.4613459236081105E-2,0.14177325245198136,0.34438838967544499,0.35582167734162451,0.3676423333322919,0.39265534158070137]
[1,{"$f":"IF(COUNT($A$2:A25)>Select!$B$8,\"\",OFFSET(DataOutput!B29,Select!$B$7-1,0))","v":33},{"$f":"IF(B25=\"\",\"\",B25-Select!$B$7+1)","v":24},109.06846085771259,null,109.06846085771259,108.43575544443242,101.07465368039649,94.583124722937526,null,null,null,24,2.9706196541567809E-2,0.14177325245198136,0.31573936885142567,0.29556332756445675,0.30537568085198291,0.31552048399673738]
[1,{"$f":"IF(COUNT($A$2:A26)>Select!$B$8,\"\",OFFSET(DataOutput!B30,Select!$B$7-1,0))","v":34},{"$f":"IF(B26=\"\",\"\",B26-Select!$B$7+1)","v":25},108.43575544443242,null,108.43575544443242,101.07465368039649,94.583124722937526,77.159440468647958,null,null,null,25,2.5494652439891945E-2,0.14177325245198136,0.28352907845180075,0.27097597160222331,0.25366035331011344,0.26208157735785909]
[1,{"$f":"IF(COUNT($A$2:A27)>Select!$B$8,\"\",OFFSET(DataOutput!B31,Select!$B$7-1,0))","v":35},{"$f":"IF(B27=\"\",\"\",B27-Select!$B$7+1)","v":26},101.07465368039649,null,101.07465368039649,94.583124722937526,77.159440468647958,77.679524844192954,null,null,null,26,2.1880192643355622E-2,0.14177325245198136,0.23346041803647549,0.24333223883497596,0.23255882677184034,0.21769810000321993]
[1,{"$f":"IF(COUNT($A$2:A28)>Select!$B$8,\"\",OFFSET(DataOutput!B32,Select!$B$7-1,0))","v":36},{"$f":"IF(B28=\"\",\"\",B28-Select!$B$7+1)","v":27},94.583124722937526,null,94.583124722937526,77.159440468647958,77.679524844192954,73.10056780794261,null,null,null,27,1.877816656803118E-2,0.14177325245198136,0.19680289815995913,0.20036197525264512,0.20883423590891909,0.1995882055139796]
[1,{"$f":"IF(COUNT($A$2:A29)>Select!$B$8,\"\",OFFSET(DataOutput!B33,Select!$B$7-1,0))","v":37},{"$f":"IF(B29=\"\",\"\",B29-Select!$B$7+1)","v":28},77.159440468647958,null,{"$f":"D29","v":77.159440468647958},77.679524844192954,73.10056780794261,"",null,null,null,28,1.6115924818596337E-2,0.14177325245198136,0.16027113673002566,0.16890151119584565,0.17195600635337424,0.17922712706078725]
[1,{"$f":"IF(COUNT($A$2:A30)>Select!$B$8,\"\",OFFSET(DataOutput!B34,Select!$B$7-1,0))","v":38},{"$f":"IF(B30=\"\",\"\",B30-Select!$B$7+1)","v":29},77.679524844192954,null,77.679524844192954,73.10056780794261,"","",null,null,null,29,1.3831117740792327E-2,0.14177325245198136,0.12391474587727873,0.13754897640163369,0.14495579460955588,0.1475772440540028]
[1,{"$f":"IF(COUNT($A$2:A31)>Select!$B$8,\"\",OFFSET(DataOutput!B35,Select!$B$7-1,0))","v":39},{"$f":"IF(B31=\"\",\"\",B31-Select!$B$7+1)","v":30},73.10056780794261,null,73.10056780794261,"","","",null,null,null,30,1.18702351936339E-2,0.14177325245198136,0.10756432560037939,0.10634694932749621,0.11804821064573329,0.12440494014599777]
[1,{"$f":"IF(COUNT($A$2:A32)>Select!$B$8,\"\",OFFSET(DataOutput!B36,Select!$B$7-1,0))","v":""},{"$f":"IF(B32=\"\",\"\",B32-Select!$B$7+1)","v":""},"",null,"","","","",null,null,null,"","",""," "," "," "," "]
[1,{"$f":"IF(COUNT($A$2:A33)>Select!$B$8,\"\",OFFSET(DataOutput!B37,Select!$B$7-1,0))","v":""},{"$f":"IF(B33=\"\",\"\",B33-Select!$B$7+1)","v":""},"",null,"","","","",null,null,null,"","",""," "," "," "," "]
[1,{"$f":"IF(COUNT($A$2:A34)>Select!$B$8,\"\",OFFSET(DataOutput!B38,Select!$B$7-1,0))","v":""},{"$f":"IF(B34=\"\",\"\",B34-Select!$B$7+1)","v":""},"",null,"","","","",null,null,null,"","",""," "," "," "," "]
[1,{"$f":"IF(COUNT($A$2:A35)>Select!$B$8,\"\",OFFSET(DataOutput!B39,Select!$B$7-1,0))","v":""},{"$f":"IF(B35=\"\",\"\",B35-Select!$B$7+1)","v":""},"",null,"","","","",null,null,null,"","",""," "," "," "," "]
[1,{"$f":"IF(COUNT($A$2:A36)>Select!$B$8,\"\",OFFSET(DataOutput!B40,Select!$B$7-1,0))","v":""},{"$f":"IF(B36=\"\",\"\",B36-Select!$B$7+1)","v":""},"",null,"","","","",null,null,null,"","",""," "," "," "," "]
[1,{"$f":"IF(COUNT($A$2:A37)>Select!$B$8,\"\",OFFSET(DataOutput!B41,Select!$B$7-1,0))","v":""},{"$f":"IF(B37=\"\",\"\",B37-Select!$B$7+1)","v":""},"",null,"","","","",null,null,null,"","",""," "," "," "," "]
[1,{"$f":"IF(COUNT($A$2:A38)>Select!$B$8,\"\",OFFSET(DataOutput!B42,Select!$B$7-1,0))","v":""},{"$f":"IF(B38=\"\",\"\",B38-Select!$B$7+1)","v":""},"",null,"","","","",null,null,null,"","",""," "," "," "," "]
[1,{"$f":"IF(COUNT($A$2:A39)>Select!$B$8,\"\",OFFSET(DataOutput!B43,Select!$B$7-1,0))","v":""},{"$f":"IF(B39=\"\",\"\",B39-Select!$B$7+1)","v":""},"",null,"","","","",null,null,null,"","",""," "," "," "," "]
[1,{"$f":"IF(COUNT($A$2:A40)>Select!$B$8,\"\",OFFSET(DataOutput!B44,Select!$B$7-1,0))","v":""},{"$f":"IF(B40=\"\",\"\",B40-Select!$B$7+1)","v":""},"",null,"","","","",null,null,null,"","",""," "," "," "," "]
[1,{"$f":"IF(COUNT($A$2:A41)>Select!$B$8,\"\",OFFSET(DataOutput!B45,Select!$B$7-1,0))","v":""},{"$f":"IF(B41=\"\",\"\",B41-Select!$B$7+1)","v":""},"",null,"","","","",null,null,null,"","",""," "," "," "," "]
[1,{"$f":"IF(COUNT($A$2:A42)>Select!$B$8,\"\",OFFSET(DataOutput!B46,Select!$B$7-1,0))","v":""},{"$f":"IF(B42=\"\",\"\",B42-Select!$B$7+1)","v":""},"",null,"","","","",null,null,null,"","",""," "," "," "," "]
[1,{"$f":"IF(COUNT($A$2:A43)>Select!$B$8,\"\",OFFSET(DataOutput!B47,Select!$B$7-1,0))","v":""},{"$f":"IF(B43=\"\",\"\",B43-Select!$B$7+1)","v":""},"",null,"","","","",null,null,null,"",{"$f":"IF(ISNUMBER(M43),$K$2^(M43-1),\"\")","v":""},""," "," "," "," "]
[1,{"$f":"IF(COUNT($A$2:A44)>Select!$B$8,\"\",OFFSET(DataOutput!B48,Select!$B$7-1,0))","v":""},{"$f":"IF(B44=\"\",\"\",B44-Select!$B$7+1)","v":""},"",null,"","","","",null,null,null,"","",""," "," "," "," "]
[1,{"$f":"IF(COUNT($A$2:A45)>Select!$B$8,\"\",OFFSET(DataOutput!B49,Select!$B$7-1,0))","v":""},{"$f":"IF(B45=\"\",\"\",B45-Select!$B$7+1)","v":""},"",null,"","","","",null,null,null,"","",""," "," "," "," "]
[1,{"$f":"IF(COUNT($A$2:A46)>Select!$B$8,\"\",OFFSET(DataOutput!B50,Select!$B$7-1,0))","v":""},{"$f":"IF(B46=\"\",\"\",B46-Select!$B$7+1)","v":""},"",null,"","","",null,null,null,null,"","",""," "," "," "," "]
[1,{"$f":"IF(COUNT($A$2:A47)>Select!$B$8,\"\",OFFSET(DataOutput!B51,Select!$B$7-1,0))","v":""},{"$f":"IF(B47=\"\",\"\",B47-Select!$B$7+1)","v":""},"",null,"","",null,null,null,null,null,"","",""," "," "," "," "]
[1,{"$f":"IF(COUNT($A$2:A48)>Select!$B$8,\"\",OFFSET(DataOutput!B52,Select!$B$7-1,0))","v":""},{"$f":"IF(B48=\"\",\"\",B48-Select!$B$7+1)","v":""},"",null,"","",null,null,null,null,null,"","",""," "," "," "," "]
[1,{"$f":"IF(COUNT($A$2:A49)>Select!$B$8,\"\",OFFSET(DataOutput!B53,Select!$B$7-1,0))","v":""},{"$f":"IF(B49=\"\",\"\",B49-Select!$B$7+1)","v":""},"",null,"",null,null,null,null,null,null,"",null,null," "," "," "," "]

{"sheet":"Data","index":10,"n_rows":5857,"n_cols":11,"rows_kept":5857,"cut":false,"hidden":false,"merged":[]}
["Index","CNX_IND","RM_LEVEL","RISK_ST","Date","Losses","Claims","Exposure","Frequency","Severity","PurePremium"]
[{"$f":"INDEX(State,MATCH(D2,StateAbbr),1)*1000+INDEX(Coverage,MATCH(C2,CoverageAbbr),1)*100+VLOOKUP(E2,Date,2,FALSE)","v":1101},"T","BI   ","AR","9-1996",6284.17,9,3163.1216666666664,{"$f":"G2/H2","v":2.8452904909864888E-3},{"$f":"F2/G2","v":698.24111111111108},{"$f":"F2/H2","v":1.9866987938602849}]
[1102,"T","BI   ","AR","12-1996",109136.83,22,4270.7241666666669,{"$f":"G3/H3","v":5.1513511857571382E-3},{"$f":"F3/G3","v":4960.7650000000003},{"$f":"F3/H3","v":25.554642665012508}]
[1103,"T","BI   ","AR","3-1997",181618.88,30,4367.4025000000001,6.8690714904339591E-3,6053.9626666666672,41.585102357751545]
[1104,"T","BI   ","AR","6-1997",268089.78999999998,41,4473.3091666666669,9.165474254611285E-3,6538.7753658536576,59.93097727241819]
[1105,"T","BI   ","AR","9-1997",475945.52,53,4597.583333333333,1.152779539975712E-2,8980.1041509433962,103.5208033205851]
[1106,"T","BI   ","AR","12-1997",446894.73,55,4716.6541666666662,1.1660808288361189E-2,8125.3587272727273,94.748250392889744]
[1107,"T","BI   ","AR","3-1998",433646.31,51,4851.8583333333336,1.0511436339684278E-2,8502.8688235294121,89.377364343215561]
[1108,"T","BI   ","AR","6-1998",352882.75,45,4970.1883333333335,9.0539828638284327E-3,7841.8388888888885,70.999874920903395]
[1109,"T","BI   ","AR","9-1998",207032.37,36,5067.0683333333336,7.104699923460015E-3,5750.8991666666661,40.858412869242926]
[1110,"T","BI   ","AR","12-1998",226961.03,42,5135.4708333333338,8.1784127226244268E-3,5403.8340476190479,44.194785125998671]
[1111,"T","BI   ","AR","3-1999",220259.07,53,5177.4891666666672,1.0236622094976215E-2,4155.8315094339623,42.541676652470059]
[1112,"T","BI   ","AR","6-1999",310734.53999999998,56,5180.2158333333327,1.0810360379128348E-2,5548.8310714285708,59.984863565047725]
[1113,"T","BI   ","AR","9-1999",290712.15000000002,59,5152.0625,1.1451724430749821E-2,4927.3245762711867,56.426363228318763]
[1114,"T","BI   ","AR","12-1999",261685.78,46,5093.4091666666673,9.0312791481671328E-3,5688.8213043478263,51.377333223605469]
[1115,"T","BI   ","AR","3-2000",241937.6,39,5012.6408333333338,7.780330028965104E-3,6203.5282051282056,48.265496779890967]
[1116,"T","BI   ","AR","6-2000",281112.2,40,4956.8691666666664,8.0696097990616729E-3,7027.8050000000003,56.71164409389462]
[1117,"T","BI   ","AR","9-2000",280777.06,38,4907.3625000000002,7.7434670864440927E-3,7388.87,57.215471651014163]
[1118,"T","BI   ","AR","12-2000",251275.56,37,4899.2475000000004,7.5521802072665237E-3,6791.2313513513509,51.288602994643561]
[1119,"T","BI   ","AR","3-2001",389468.82,39,4899.6091666666662,7.9598185637595933E-3,9986.380000000001,79.48977290875753]
[1120,"T","BI   ","AR","6-2001",446625.19,39,4932.1783333333333,7.9072566651584315E-3,11451.927948717948,90.55333360141411]
[1121,"T","BI   ","AR","9-2001",480966.37,38,5020.5183333333334,7.5689395948824673E-3,12657.009736842105,95.800142149997129]
[1122,"T","BI   ","AR","12-2001",477527.71,39,5184.4425000000001,7.522506036087776E-3,12244.300256410257,92.107822586517258]
[1123,"T","BI   ","AR","3-2002",389971.26,43,5618.7675000000008,7.6529238841080349E-3,9069.0990697674424,69.405124878365214]
[1124,"T","BI   ","AR","6-2002",264990.75,47,6466.835,7.2678520481812203E-3,5638.1010638297876,40.976884364608033]
[1125,"T","BI   ","AR","9-2002",267693.96000000002,60,7375.3175000000001,8.1352429912339361E-3,4461.5660000000007,36.295923531427633]
[1126,"T","BI   ","AR","12-2002",339122.16,84,8302.2875000000004,1.011769346701135E-2,4037.1685714285713,40.846834080366399]
[1127,"T","BI   ","AR","3-2003",412450.99,93,8961.0558333333338,1.0378241328891024E-2,4434.9568817204299,46.027052801720629]
[1128,"T","BI   ","AR","6-2003",457068.58,114,9189.8449999999993,1.2404997037490839E-2,4009.3735087719301,49.736266498510048]
[1129,"T","BI   ","AR","9-2003",547548.4,135,9232.9825000000001,1.4621494192152969E-2,4055.9140740740741,59.303524077945561]
[1130,"T","BI   ","AR","12-2003",720090.15,122,9148.5183333333334,1.3335492760120901E-2,5902.3782786885249,78.711122802945681]
[1131,"T","BI   ","AR","3-2004",759380.61,121,9021.9766666666674,1.3411695071996417E-2,6275.872809917355,84.170092437244904]
[1132,"T","BI   ","AR","6-2004",1071742.1399999999,107,8872.0716666666667,1.2060317366687938E-2,10016.28168224299,120.79953592199341]
[1133,"T","BI   ","AR","9-2004",1385654.64,89,8757.58,1.0162624834714614E-2,15569.153258426964,158.22346355956782]
[1134,"T","BI   ","AR","12-2004",1262295.08,86,8598.3416666666672,1.0001928666477353E-2,14677.849767441861,146.80680635122471]
[1135,"T","BI   ","AR","3-2005",1434136.34,79,8408.0591666666678,9.3957473935473209E-3,18153.624556962026,170.5668706145126]
[1136,"T","BI   ","AR","6-2005",1576848.35,69,8164.5766666666668,8.4511423944005262E-3,22852.874637681161,193.13289768442783]
[1137,"T","BI   ","AR","9-2005",1367272.67,61,7928.5974999999999,7.6936683946940178E-3,22414.306065573768,172.44823816570332]
[1138,"T","BI   ","AR","12-2005",1324156.43,67,7745.0808333333334,8.6506521289803628E-3,19763.528805970149,170.96741254153039]
[1139,"T","BI   ","AR","3-2006",992651.6,61,7606.7391666666663,8.019204900216223E-3,16272.977049180328,130.49633729389302]
[1140,"T","BI   ","AR","6-2006",547273.25,62,7499.7041666666664,8.2669927536030592E-3,8826.9879032258068,72.972645032109597]
[1141,"T","BI   ","AR","9-2006",337343.16,65,7375.0466666666662,8.8135035529718683E-3,5189.8947692307693,45.741155988165495]
[1142,"T","BI   ","AR","12-2006",363552.08,54,7238.875,7.4597226779022988E-3,6732.4459259259265,50.22217955138057]
[1143,"T","BI   ","AR","3-2007",350582.05,57,7126.1833333333334,7.9986715656581008E-3,6150.5622807017544,49.196327627458359]
[1144,"T","BI   ","AR","6-2007",310946.62,53,7109.1491666666661,7.4551818730300475E-3,5866.9173584905657,43.738935941584195]
[1145,"T","BI   ","AR","9-2007",259287.3,41,7358.498333333333,5.5717889904620486E-3,6324.0804878048775,35.236442036747079]
[1146,"T","BI   ","AR","12-2007",395225.36,51,7858.6241666666674,6.4896855885185154E-3,7749.5168627450976,50.291927902138077]
[1147,"T","BI   ","AR","3-2008",631296.06999999995,73,8485.32,8.603093342384259E-3,8647.8913698630131,74.398616669730785]
[1148,"T","BI   ","AR","6-2008",773419.37,88,9204.6725000000006,9.5603618705608472E-3,8788.8564772727277,84.024648351149906]
[2101,"T","BI   ","CO","9-1996",null,null,6.5708333333333329,0,{"$error":"#DIV/0!"},0]
[2102,"T","BI   ","CO","12-1996",null,null,12.190833333333332,0,{"$error":"#DIV/0!"},0]
[2103,"T","BI   ","CO","3-1997",null,null,21.627499999999998,0,{"$error":"#DIV/0!"},0]
[2104,"T","BI   ","CO","6-1997",null,null,28.315833333333334,0,{"$error":"#DIV/0!"},0]
[2105,"T","BI   ","CO","9-1997",0,0,34.926666666666669,0,{"$error":"#DIV/0!"},0]
[2106,"T","BI   ","CO","12-1997",0,0,37.697499999999998,0,{"$error":"#DIV/0!"},0]
[2107,"T","BI   ","CO","3-1998",0,0,38.136666666666663,0,{"$error":"#DIV/0!"},0]
[2108,"T","BI   ","CO","6-1998",0,0,41.454166666666666,0,{"$error":"#DIV/0!"},0]
[2109,"T","BI   ","CO","9-1998",0,0,47.659166666666664,0,{"$error":"#DIV/0!"},0]
[2110,"T","BI   ","CO","12-1998",0,0,60.06583333333333,0,{"$error":"#DIV/0!"},0]
[2111,"T","BI   ","CO","3-1999",0,0,76.885833333333338,0,{"$error":"#DIV/0!"},0]
[2112,"T","BI   ","CO","6-1999",0,0,104.89749999999999,0,{"$error":"#DIV/0!"},0]
[2113,"T","BI   ","CO","9-1999",0,0,144.25333333333333,0,{"$error":"#DIV/0!"},0]
[2114,"T","BI   ","CO","12-1999",0,0,179.92499999999998,0,{"$error":"#DIV/0!"},0]
[2115,"T","BI   ","CO","3-2000",0,0,211.48666666666668,0,{"$error":"#DIV/0!"},0]
[2116,"T","BI   ","CO","6-2000",0,0,236.99,0,{"$error":"#DIV/0!"},0]
[{"$f":"INDEX(State,MATCH(D66,StateAbbr),1)*1000+INDEX(Coverage,MATCH(C66,CoverageAbbr),1)*100+VLOOKUP(E66,Date,2,FALSE)","v":2117},"T","BI   ","CO","9-2000",0,0,252.82333333333335,0,{"$error":"#DIV/0!"},0]
[2118,"T","BI   ","CO","12-2000",0,0,270.78083333333331,{"$f":"G67/H67","v":0},{"$f":"F67/G67","v":{"$error":"#DIV/0!"}},{"$f":"F67/H67","v":0}]
[2119,"T","BI   ","CO","3-2001",0,0,283.80500000000001,0,{"$error":"#DIV/0!"},0]
[2120,"T","BI   ","CO","6-2001",0,0,290.95999999999998,0,{"$error":"#DIV/0!"},0]
[2121,"T","BI   ","CO","9-2001",0,0,303,0,{"$error":"#DIV/0!"},0]
[2122,"T","BI   ","CO","12-2001",50000,1,323.93333333333334,3.0870549495781024E-3,50000,154.35274747890512]
[2123,"T","BI   ","CO","3-2002",50015.28,2,353.6033333333333,5.656055278513589E-3,25007.64,141.44459422516758]
[2124,"T","BI   ","CO","6-2002",50015.28,2,389.85166666666669,5.1301563415145071E-3,25007.64,128.29310293231185]
[2125,"T","BI   ","CO","9-2002",50015.28,2,421.71166666666664,4.7425768791472846E-3,25007.64,118.6006552660388]
[2126,"T","BI   ","CO","12-2002",15.28,1,478.32166666666666,2.0906433257954029E-3,15.28,3.1945030018153756E-2]
[2127,"T","BI   ","CO","3-2003",50000,4,547.10916666666674,7.3111551472816961E-3,12500,91.389439341021202]
[2128,"T","BI   ","CO","6-2003",50000,4,634.00833333333333,6.3090653382579095E-3,12500,78.863316728223865]
[2129,"T","BI   ","CO","9-2003",128000,5,714.17000000000007,7.0011341837377646E-3,25600,179.22903510368678]
[2130,"T","BI   ","CO","12-2003",148050,7,751.43833333333339,9.3154683351705497E-3,21150,197.02215528885714]
[2131,"T","BI   ","CO","3-2004",98550,4,780.73500000000001,5.1233773303361579E-3,24637.5,126.22720897615709]
[2132,"T","BI   ","CO","6-2004",102150,5,772.02166666666665,6.4765021707076445E-3,20430,132.31493934755719]
[2133,"T","BI   ","CO","9-2004",85353.94,7,746.03666666666675,9.3829168360804426E-3,12193.42,114.40984580739999]
[2134,"T","BI   ","CO","12-2004",65303.94,5,678.96416666666664,7.3641588841826464E-3,13060.788,96.181717984626104]
[2135,"T","BI   ","CO","3-2005",73869.84,8,562.92750000000001,1.4211421541850415E-2,9233.73,131.22442943363043]
[2136,"T","BI   ","CO","6-2005",80617.06,10,438.35249999999996,2.2812690699836321E-2,8061.7060000000001,183.90920549101466]
[2137,"T","BI   ","CO","9-2005",19489.12,7,326.7141666666667,2.1425455992368454E-2,2784.16,59.651897555712551]
[2138,"T","BI   ","CO","12-2005",42989.120000000003,9,228.60249999999999,3.9369648188449381E-2,4776.568888888889,188.05183670344815]
[2139,"T","BI   ","CO","3-2006",108999.22,9,172.82583333333332,5.207554811925301E-2,12111.024444444445,630.6882362301161]
[2140,"T","BI   ","CO","6-2006",122378.82,7,136.52500000000001,5.1272660684856253E-2,17482.688571428571,896.3839589818715]
[2141,"T","BI   ","CO","9-2006",137367.82,9,106.03416666666668,8.4878301805235729E-2,15263.091111111113,1295.5052538096995]
[2142,"T","BI   ","CO","12-2006",116787,7,108.18166666666667,6.4705972977553192E-2,16683.857142857141,1079.545209447072]
[2143,"T","BI   ","CO","3-2007",43890.3,5,103.60916666666667,4.8258278305490988E-2,8778.0600000000013,423.61406246229825]
[2144,"T","BI   ","CO","6-2007",20916.48,4,99.304166666666674,4.0280283640330629E-2,5229.12,210.6304367893257]
[2145,"T","BI   ","CO","9-2007",81445.62,3,96.029999999999987,3.1240237425804441E-2,27148.539999999997,848.12683536394889]
[2146,"T","BI   ","CO","12-2007",79026.44,4,90.89,4.4009241940807568E-2,19756.61,869.47342942017826]
[2147,"T","BI   ","CO","3-2008",76847.14,2,82.55,2.4227740763173834E-2,38423.57,930.91629315566331]
[2148,"T","BI   ","CO","6-2008",76094.14,2,70.84,2.82326369282891E-2,38047.07,1074.1691134952005]
[3101,"T","BI   ","CT","9-1996",57439.19,21,6223.0141666666668,3.3745704955141648E-3,2735.1995238095237,9.2301236123920116]
[3102,"T","BI   ","CT","12-1996",178243.26,46,8558.6125000000011,5.3747029673326127E-3,3874.8534782608699,20.826186487587794]
[3103,"T","BI   ","CT","3-1997",430454.33,69,9084.7150000000001,7.5951749724674908E-3,6238.4685507246377,47.382260202989308]
[3104,"T","BI   ","CT","6-1997",675958.5,90,9596.7775000000001,9.3781480293775692E-3,7510.65,70.435987496844646]
[3105,"T","BI   ","CT","9-1997",928766.81,121,10161.84,1.1907292380120135E-2,7675.7587603305792,91.397503798524681]
[3106,"T","BI   ","CT","12-1997",1165273.32,130,10845.414999999999,1.1986632139019116E-2,8963.6409230769241,107.44386637118083]
[3107,"T","BI   ","CT","3-1998",1377748.45,145,11719.660000000002,1.2372372577361457E-2,9501.7134482758611,117.55873890539485]
[3108,"T","BI   ","CT","6-1998",1587434.75,179,12788.6175,1.3996821783120811E-2,8868.3505586592182,124.12872227979294]
[3109,"T","BI   ","CT","9-1998",1808810.11,185,13885.160000000002,1.332357711398356E-2,9777.3519459459458,130.26930262236806]
[3110,"T","BI   ","CT","12-1998",2035752.47,206,14961.243333333334,1.376890913478002E-2,9882.2935436893204,136.06840184628149]
[3111,"T","BI   ","CT","3-1999",2227148.2400000002,229,15955.96,1.4352003890709179E-2,9725.5381659388659,139.58096159679519]
[3112,"T","BI   ","CT","6-1999",2114492.7599999998,220,16733.926666666666,1.314694419201869E-2,9611.330727272727,126.35962868248893]
[3113,"T","BI   ","CT","9-1999",2258652.39,236,17277.458333333332,1.3659416532620781E-2,9570.5609745762722,130.72827880258237]
[3114,"T","BI   ","CT","12-1999",2558890.4900000002,262,17702.532500000001,1.4800142296024592E-2,9766.7575954198473,144.54940218299274]
[3115,"T","BI   ","CT","3-2000",2776770.17,283,18103.334999999999,1.563247876703381E-2,9811.9087279151936,153.38445485320798]
[3116,"T","BI   ","CT","6-2000",3183223.59,299,18560.683333333334,1.6109320687726116E-2,10646.232742474916,171.50357736469829]
[3117,"T","BI   ","CT","9-2000",3354978.72,309,19063.36,1.6209104795796753E-2,10857.536310679612,175.9909438839743]
[3118,"T","BI   ","CT","12-2000",3511113.74,340,19582.2225,1.7362686998373143E-2,10326.80511764706,179.30108495090383]
[3119,"T","BI   ","CT","3-2001",3854623.52,338,20026.834166666667,1.6877355511465637E-2,11404.211597633137,192.47293346123394]
[3120,"T","BI   ","CT","6-2001",4050783.41,360,20418.112499999999,1.7631404469928353E-2,11252.17613888889,198.39166867162675]
[3121,"T","BI   ","CT","9-2001",4047490.51,347,20857.438333333335,1.6636750614069495E-2,11664.237780979827,194.05501506536874]
[3122,"T","BI   ","CT","12-2001",4345166.24,313,21401.407500000001,1.4625206309444834E-2,13882.320255591056,203.03179779180411]
[3123,"T","BI   ","CT","3-2002",3858588.65,291,22023.095000000001,1.3213401658577052E-2,13259.754810996563,175.20646621194703]
[3124,"T","BI   ","CT","6-2002",3819822.67,288,22694.54416666667,1.2690274714704739E-2,13263.273159722223,168.31458001304495]
[3125,"T","BI   ","CT","9-2002",3937885.35,316,23346.804166666669,1.3535043072454777E-2,12461.6625,168.66913869189446]
[3126,"T","BI   ","CT","12-2002",3681917.38,342,23906.843333333334,1.4305527301596906E-2,10765.840292397661,154.01102222752675]
[3127,"T","BI   ","CT","3-2003",4182863.8,374,24368.138333333332,1.5347910245913329E-2,11184.127807486631,171.65298976812824]
[3128,"T","BI   ","CT","6-2003",4662386.49,365,24688.058333333334,1.4784475760379428E-2,12773.661616438358,188.85189053952197]
[3129,"T","BI   ","CT","9-2003",5147907.0199999996,401,24732.392500000002,1.62135547541549E-2,12837.67336658354,208.14432004505829]
[3130,"T","BI   ","CT","12-2003",5186981.21,377,24465.577499999999,1.5409405316510513E-2,13758.570848806366,212.0113947851834]
[3131,"T","BI   ","CT","3-2004",4920312.8899999997,363,23873.74,1.5204990923081176E-2,13554.580964187327,206.09728052663718]
[3132,"T","BI   ","CT","6-2004",4356367.09,369,23115.497499999998,1.5963316385468235E-2,11805.872872628726,188.46088387238908]
[{"$f":"INDEX(State,MATCH(D130,StateAbbr),1)*1000+INDEX(Coverage,MATCH(C130,CoverageAbbr),1)*100+VLOOKUP(E130,Date,2,FALSE)","v":3133},"T","BI   ","CT","9-2004",4424094.92,334,22391.620833333334,1.4916294022931568E-2,13245.793173652695,197.57814554514346]
[3134,"T","BI   ","CT","12-2004",4661401.3499999996,347,21664.295000000002,{"$f":"G131/H131","v":1.6017137875938264E-2},{"$f":"F131/G131","v":13433.433285302592},{"$f":"F131/H131","v":215.16515307790996}]
[3135,"T","BI   ","CT","3-2005",4913447.6900000004,342,20974.303333333333,1.63056667277467E-2,14366.806111111113,234.26035238993239]
[3136,"T","BI   ","CT","6-2005",5287672.16,348,20353.9375,1.7097428937275651E-2,15194.460229885059,259.78620402072079]
[3137,"T","BI   ","CT","9-2005",4955694.78,334,19823.673333333332,1.6848542365676594E-2,14837.409520958085,249.98872291075554]
[3138,"T","BI   ","CT","12-2005",4838969.2,323,19358.389166666668,1.6685272582296039E-2,14981.32879256966,249.96755454902475]
[3139,"T","BI   ","CT","3-2006",4488258.5999999996,311,18888.602500000001,1.6464955520134428E-2,14431.699678456591,237.61729328572611]
[3140,"T","BI   ","CT","6-2006",4204730.45,298,18798.338333333333,1.5852464974076167E-2,14109.833724832215,223.67564491294135]
[3141,"T","BI   ","CT","9-2006",3923576.87,281,19638.709166666667,1.4308476062008657E-2,13962.907010676157,199.78792071831265]
[3142,"T","BI   ","CT","12-2006",3508176.07,265,21461.790833333333,1.2347525053147748E-2,13238.400264150943,163.46147892520153]
[3143,"T","BI   ","CT","3-2007",3717324.69,279,24176.882500000003,1.1539949371057246E-2,13323.74440860215,153.75533590817591]
[3144,"T","BI   ","CT","6-2007",3774566.51,273,27445.83,9.9468662452547423E-3,13826.250952380951,137.52786889665933]
[3145,"T","BI   ","CT","9-2007",4345190.97,309,30236.158333333336,1.0219552252421837E-2,14062.106699029126,143.7084341898593]
[3146,"T","BI   ","CT","12-2007",4877765.96,362,32255.993333333332,1.1222720573478956E-2,13474.491602209944,151.22045412129094]
[3147,"T","BI   ","CT","3-2008",5622574.9900000002,406,33611.040833333333,1.2079364099827416E-2,13848.706871921182,167.28357261771797]
[3148,"T","BI   ","CT","6-2008",7007779.8399999999,501,34372.540833333333,1.4575588183290397E-2,13987.584510978044,203.87727151098736]
[4101,"T","BI   ","FL","9-1996",60840.7,27,9123.92,2.9592543555840034E-3,2253.359259259259,6.6682632026585065]
[4102,"T","BI   ","FL","12-1996",122622.36,42,12451.049166666666,3.3732097141211462E-3,2919.58,9.8483556171538158]
[4103,"T","BI   ","FL","3-1997",358206.71,57,12965.043333333333,4.3964372917637759E-3,6284.328245614035,27.628655052701973]
[4104,"T","BI   ","FL","6-1997",551517.29,67,13391.655833333332,5.0031154350031522E-3,8231.6013432835825,41.183651735374774]
[4105,"T","BI   ","FL","9-1997",845318.2,101,13663.764166666668,7.3918137614226234E-3,8369.4871287128717,61.865690134069318]
[4106,"T","BI   ","FL","12-1997",1415437.9,120,13725.503333333334,8.742848774701887E-3,11795.315833333332,103.12466258068009]
[4107,"T","BI   ","FL","3-1998",1484286.38,127,13632.578333333333,9.3159193290288569E-3,11687.294330708661,108.87789115949819]
[4108,"T","BI   ","FL","6-1998",1779408,129,13420.820833333333,9.6119307158622005E-3,13793.860465116279,132.58563109496842]
[4109,"T","BI   ","FL","9-1998",2045198.39,123,13116.192499999999,9.3777214690924978E-3,16627.629186991868,155.9292752069627]
[4110,"T","BI   ","FL","12-1998",1761401.36,112,12767.07,8.7725688039620685E-3,15726.797857142858,137.96441626778895]
[4111,"T","BI   ","FL","3-1999",1779785.21,111,12337.918333333333,8.9966554325547361E-3,16034.10099099099,144.25328178673035]
[4112,"T","BI   ","FL","6-1999",1661543.45,119,11876.754999999999,1.0019571844329533E-2,13962.55,139.89877285504332]
[4113,"T","BI   ","FL","9-1999",1654893.75,111,11387.030833333332,9.7479318028251011E-3,14908.952702702703,145.33145419749093]
[4114,"T","BI   ","FL","12-1999",1883577.64,117,10929.486666666666,1.0704985839530128E-2,16098.954188034188,172.33907661415023]
[4115,"T","BI   ","FL","3-2000",1951949.26,106,10622.671666666667,9.9786572838000739E-3,18414.61566037736,183.75313868780341]
[4116,"T","BI   ","FL","6-2000",2274193.23,100,10498.988333333333,9.524727223718223E-3,22741.9323,216.61070169776676]
[4117,"T","BI   ","FL","9-2000",2064236.84,97,10562.329166666666,9.1835804839447109E-3,21280.792164948456,195.43386760890414]
[4118,"T","BI   ","FL","12-2000",1973890.05,89,10842.1975,8.2086680306275549E-3,22178.539887640451,182.05627134167221]
[4119,"T","BI   ","FL","3-2001",1866998.36,86,11240.893333333333,7.6506374938172172E-3,21709.283255813956,166.08985644082856]
[4120,"T","BI   ","FL","6-2001",1486690.03,80,11745.411666666667,6.8111703761766828E-3,18583.625375,126.5762386361653]
[4121,"T","BI   ","FL","9-2001",1757834.82,84,12426.921666666667,6.7595179444413225E-3,20926.605,141.45376201373551]
[4122,"T","BI   ","FL","12-2001",1631006.13,85,13487.684166666666,6.3020455513088146E-3,19188.307411764705,120.92558736145772]
[4123,"T","BI   ","FL","3-2002",1836045.84,112,14952.9625,7.4901545429542811E-3,16393.266428571431,122.78809901382419]
[4124,"T","BI   ","FL","6-2002",1658569.65,119,16779.369166666667,7.0920425445076575E-3,13937.560084033612,98.845769082598096]
[4125,"T","BI   ","FL","9-2002",1315862.32,147,18740.191666666666,7.8441033376126096E-3,8951.4443537414973,70.216054531637226]
[4126,"T","BI   ","FL","12-2002",2217794.38,185,20443.540833333333,9.0493130083589158E-3,11988.07772972973,108.48386774486106]
[4127,"T","BI   ","FL","3-2003",2714788.5,203,21716.035833333332,9.3479307898544882E-3,13373.34236453202,125.01307885267428]
[4128,"T","BI   ","FL","6-2003",3484330.29,244,22504.430833333332,1.0842309312643877E-2,14280.042172131147,154.82863422784484]
[4129,"T","BI   ","FL","9-2003",3908560.59,239,22959.320833333331,1.0409715589365758E-2,16353.81,170.2385109025256]
[4130,"T","BI   ","FL","12-2003",3694476.93,249,23173.374166666665,1.0745090387319155E-2,14837.256746987952,159.42766484624653]
[4131,"T","BI   ","FL","3-2004",3504376.24,244,23131.215,1.0548516366304148E-2,14362.197704918033,151.49987754642376]
[4132,"T","BI   ","FL","6-2004",3425650.02,234,22839.446666666667,1.0245432098909577E-2,14639.53,149.98831057494971]
[4133,"T","BI   ","FL","9-2004",3526438.76,255,22079.37,1.1549242573497343E-2,13829.171607843136,159.71645748950263]
[4134,"T","BI   ","FL","12-2004",3802465.29,247,20835.470833333333,1.1854783699192463E-2,15394.596315789473,182.49960946006939]
[4135,"T","BI   ","FL","3-2005",4223600.01,235,19378.02,1.2127141988706793E-2,17972.766,217.95828521180181]
[4136,"T","BI   ","FL","6-2005",4321739.95,213,17902.7,1.1897646723678551E-2,20289.858920187795,241.40157350567233]
[4137,"T","BI   ","FL","9-2005",4775148.01,200,16842.704999999998,1.1874577153729167E-2,23875.74005,283.51431732610649]
[4138,"T","BI   ","FL","12-2005",4199923.79,181,16381.967499999999,1.1048733920391431E-2,23203.998839779008,256.37480906978971]
[4139,"T","BI   ","FL","3-2006",3162147.93,170,16958.848333333332,1.0024265602155179E-2,18600.870176470587,186.46006308014825]
[4140,"T","BI   ","FL","6-2006",3176219.73,168,18781.424166666668,8.9450085632040051E-3,18906.069821428573,169.11495644921141]
[4141,"T","BI   ","FL","9-2006",2620284.56,157,21573.089166666668,7.2775854578391195E-3,16689.710573248409,121.46079496341642]
[4142,"T","BI   ","FL","12-2006",2663444.52,177,25018.940000000002,7.0746402525446719E-3,15047.709152542373,106.45712887916113]
[4143,"T","BI   ","FL","3-2007",3249920.34,206,28373.03,7.2604159654432402E-3,15776.312330097087,114.54258991725592]
[4144,"T","BI   ","FL","6-2007",3491258.25,217,31278.950833333332,6.9375728475121225E-3,16088.747695852535,111.61685916521976]
[4145,"T","BI   ","FL","9-2007",3978281.15,230,33737.730000000003,6.8172932796604861E-3,17296.874565217389,117.91786673258692]
[4146,"T","BI   ","FL","12-2007",4204586.9000000004,232,35583.165000000001,6.5199371669158717E-3,18123.219396551725,118.16225172774823]
[4147,"T","BI   ","FL","3-2008",4833673.12,251,36728.431666666664,6.8339427688604007E-3,19257.661832669324,131.60575882652944]
[4148,"T","BI   ","FL","6-2008",5981600.1399999997,313,37308.722499999996,8.3894590601433765E-3,19110.543578274759,160.32712296702201]
[{"$f":"INDEX(State,MATCH(D194,StateAbbr),1)*1000+INDEX(Coverage,MATCH(C194,CoverageAbbr),1)*100+VLOOKUP(E194,Date,2,FALSE)","v":5101},"T","BI   ","GA","9-1996",152291.6,57,10464.646666666666,5.4469110917584737E-3,2671.7824561403509,14.552961495116575]
[5102,"T","BI   ","GA","12-1996",321056.57,115,14028.856666666667,{"$f":"G195/H195","v":8.1973893334619571E-3},{"$f":"F195/G195","v":2791.7962608695652},{"$f":"F195/H195","v":22.88544089005115}]
[5103,"T","BI   ","GA","3-1997",464661.19,143,14161.185833333335,1.0098024394496623E-2,3249.378951048951,32.812307914656152]
[5104,"T","BI   ","GA","6-1997",563678.03,166,14303.691666666666,1.1605395576782918E-2,3395.6507831325303,39.407870578865719]
[5105,"T","BI   ","GA","9-1997",817742.8,179,14467.673333333332,1.2372410952048959E-2,4568.3955307262577,56.522066897649061]
[5106,"T","BI   ","GA","12-1997",1067584.01,162,14654.336666666668,1.1054748071162551E-2,6590.0247530864199,72.851063428095571]
[5107,"T","BI   ","GA","3-1998",1181317.93,181,14875.433333333334,1.2167712761308914E-2,6526.6183977900546,79.414017966983579]
[5108,"T","BI   ","GA","6-1998",1299257.44,185,15025.237500000001,1.231261735463416E-2,7023.0131891891888,86.471674075035409]
[5109,"T","BI   ","GA","9-1998",1216678.98,178,15188.483333333332,1.1719405821735548E-2,6835.2751685393259,80.105363603344202]
[5110,"T","BI   ","GA","12-1998",1191441.8400000001,190,15315.561666666666,1.2405682803884545E-2,6270.7465263157901,77.792892349034545]
[5111,"T","BI   ","GA","3-1999",1345711.91,179,15409.579166666668,1.1616151100816888E-2,7517.9436312849157,87.329569188429588]
[5112,"T","BI   ","GA","6-1999",1228623.07,172,15507.550833333333,1.1091371026189876E-2,7143.1573837209307,79.227408841316617]
[5113,"T","BI   ","GA","9-1999",1194722.92,178,15551.856666666667,1.1445578737972766E-2,6711.9265168539323,76.821883432138961]
[5114,"T","BI   ","GA","12-1999",1249064.46,188,15593.894999999999,1.2056000120560002E-2,6643.9598936170214,80.099581278442628]
[5115,"T","BI   ","GA","3-2000",1397106.28,210,15632.638333333334,1.3433433021489334E-2,6652.8870476190477,89.371112553724402]
[5116,"T","BI   ","GA","6-2000",1631547.53,234,15690.259166666665,1.4913711591018442E-2,6972.4253418803419,103.98474063871159]
[5117,"T","BI   ","GA","9-2000",1768851.19,242,15717.386666666667,1.5396961666231196E-2,7309.3024380165289,112.54104944503072]
[5118,"T","BI   ","GA","12-2000",1549993.26,228,15715.586666666668,1.4507889831666057E-2,6798.2160526315793,98.627769543442639]
[5119,"T","BI   ","GA","3-2001",1379647.92,229,15787.057500000001,1.4505553045588133E-2,6024.6634061135364,87.391074619193589]
[5120,"T","BI   ","GA","6-2001",1296195.8700000001,227,15880.154166666667,1.42945715524907E-2,5710.1139647577102,81.623632642105449]
[5121,"T","BI   ","GA","9-2001",1270870.76,222,16111.597500000002,1.3778894364758055E-2,5724.643063063063,78.879252041890936]
[5122,"T","BI   ","GA","12-2001",1540613.23,240,16531.016666666666,1.4518163331353889E-2,6419.2217916666668,93.19531043160282]
[5123,"T","BI   ","GA","3-2002",1433018.69,222,16982.829999999998,1.3072026275950476E-2,6455.0391441441443,84.380441304541122]
[5124,"T","BI   ","GA","6-2002",1336250.32,201,17529.800833333331,1.1466188458786922E-2,6648.0115422885574,76.227353220071308]
[5125,"T","BI   ","GA","9-2002",1443155.17,210,18019.856666666667,1.1653810786878252E-2,6872.167476190476,80.086939463262468]
[5126,"T","BI   ","GA","12-2002",1627610.04,237,18407.450833333332,1.2875221134412917E-2,6867.5529113924049,88.421262386458466]
[5127,"T","BI   ","GA","3-2003",1832998.66,263,18709.479166666668,1.4057045503894527E-2,6969.5766539923952,97.971656168052064]
[5128,"T","BI   ","GA","6-2003",1968989.68,282,18843.013333333332,1.4965759192089589E-2,6982.2329078014182,104.4944163212395]
[5129,"T","BI   ","GA","9-2003",1988128.39,306,18943.149999999998,1.6153596418758232E-2,6497.1516013071896,104.95236483900514]
[5130,"T","BI   ","GA","12-2003",1740183.44,298,19063.3125,1.5632120598138441E-2,5839.5417449664428,91.284420795179216]
[5131,"T","BI   ","GA","3-2004",1651361.11,294,19203.720833333333,1.5309533113482999E-2,5616.8745238095244,85.991726516540965]
[5132,"T","BI   ","GA","6-2004",1720137.1,291,19289.168333333331,1.508618697142723E-2,5911.1240549828181,89.176322704771891]
[5133,"T","BI   ","GA","9-2004",1813239.01,282,19163.708333333332,1.4715314755103506E-2,6429.9255673758862,94.61837857582367]
[5134,"T","BI   ","GA","12-2004",2540524.9300000002,279,18841.883333333335,1.4807436977726039E-2,9105.8241218637995,134.83391681475578]
[5135,"T","BI   ","GA","3-2005",2774283.02,268,18452.9375,1.4523432922265087E-2,10351.802313432836,150.34370652369034]
[5136,"T","BI   ","GA","6-2005",2992957.01,273,18087.2,1.5093546817638992E-2,10963.21249084249,165.47376100225571]
[5137,"T","BI   ","GA","9-2005",3016133.79,265,17843.735000000001,1.4851150838095274E-2,11381.636943396226,169.03040703081501]
[5138,"T","BI   ","GA","12-2005",3021646.2,259,17587.425833333331,1.4726430260710412E-2,11666.587644787645,171.807189331431]
[5139,"T","BI   ","GA","3-2006",2729826.46,269,17263.465,1.5582039874382113E-2,10148.05375464684,158.12737825228018]
[5140,"T","BI   ","GA","6-2006",2457675.35,256,16982.574166666669,1.507427540063248E-2,9600.2943359375004,144.717480747054]
[5141,"T","BI   ","GA","9-2006",2558049.67,256,16741.530833333334,1.5291313712500504E-2,9992.3815234374997,152.7966406098765]
[5142,"T","BI   ","GA","12-2006",1863546.22,245,16859.709166666667,1.4531686020088029E-2,7606.311102040816,110.53252470596689]
[5143,"T","BI   ","GA","3-2007",2134536.2799999998,254,18127.855833333331,1.4011585392959006E-2,8403.6861417322834,117.74896599050807]
[5144,"T","BI   ","GA","6-2007",2310056.35,268,20558.539166666666,1.3035945687937377E-2,8619.6132462686564,112.3648101293838]
[5145,"T","BI   ","GA","9-2007",1987405.86,274,23828.030833333334,1.1499061836729619E-2,7253.3060583941606,83.406214886200033]
[5146,"T","BI   ","GA","12-2007",2397813.9900000002,325,27476.154999999999,1.1828438149369881E-2,7377.8892000000005,87.268906075104042]
[5147,"T","BI   ","GA","3-2008",3047772.69,368,30711.194166666668,1.198260145805141E-2,8281.991005434782,99.239797497291491]
[5148,"T","BI   ","GA","6-2008",3639849.5,444,33429.434999999998,1.3281708171256859E-2,8197.8592342342345,108.88157397814233]
[6101,"T","BI   ","IL","9-1996",106881.55,56,12702.195,4.4086868450689039E-3,1908.5991071428573,8.4144157761709693]
[6102,"T","BI   ","IL","12-1996",217047.58,93,16769.801666666666,5.5456827605096905E-3,2333.8449462365588,12.942763684046749]
[6103,"T","BI   ","IL","3-1997",536209,135,16494.054166666665,8.1847675917559193E-3,3971.9185185185183,32.509229967465551]
[6104,"T","BI   ","IL","6-1997",668866.84,157,16117.165000000001,9.7411672586338854E-3,4260.2983439490445,41.500278740088589]
[6105,"T","BI   ","IL","9-1997",880139.56,170,15802.560833333335,1.0757750075633838E-2,5177.2915294117647,55.696008342107838]
[6106,"T","BI   ","IL","12-1997",1021560.48,172,15595.922500000001,1.1028523641355616E-2,5939.3051162790698,65.501766888108094]
[6107,"T","BI   ","IL","3-1998",1047831.85,159,15488.029166666667,1.0265993063998082E-2,6590.137421383648,67.654305058718734]
[6108,"T","BI   ","IL","6-1998",1143175.71,144,15490.779999999999,9.2958521133216024E-3,7938.7202083333332,73.797169025704321]
[6109,"T","BI   ","IL","9-1998",1126951.02,155,15605.709166666667,9.9322625037172561E-3,7270.6517419354841,72.214021674012358]
[6110,"T","BI   ","IL","12-1998",1181000.77,158,15759.193333333335,1.0025893880355127E-2,7474.6884177215188,74.940432864795525]
[6111,"T","BI   ","IL","3-1999",1048465.76,155,15927.720000000001,9.7314618790385558E-3,6764.2952258064515,65.826481128497988]
[6112,"T","BI   ","IL","6-1999",1000377.27,168,16078.435833333335,1.0448777588906217E-2,5954.6266071428572,62.218569043018952]
[6113,"T","BI   ","IL","9-1999",1217786.4099999999,178,16196.067499999999,1.099032218777799E-2,6841.4966853932583,75.190252819087107]
[6114,"T","BI   ","IL","12-1999",1183936.3,195,16352.852500000001,1.1924525094322229E-2,6071.4682051282052,72.399374971430831]
[6115,"T","BI   ","IL","3-2000",1233237.76,213,16584.072499999998,1.284364862731998E-2,5789.8486384976522,74.362781518230832]
[6116,"T","BI   ","IL","6-2000",1613150.19,212,16969.160833333332,1.2493251851532829E-2,7609.1990094339617,95.063639613292608]
[{"$f":"INDEX(State,MATCH(D258,StateAbbr),1)*1000+INDEX(Coverage,MATCH(C258,CoverageAbbr),1)*100+VLOOKUP(E258,Date,2,FALSE)","v":6117},"T","BI   ","IL","9-2000",1384183.84,203,17564.574166666669,1.1557353914406026E-2,6818.6396059113304,78.805431140303284]
[6118,"T","BI   ","IL","12-2000",1570397.25,192,18312.7425,{"$f":"G259/H259","v":1.0484502799075562E-2},{"$f":"F259/G259","v":8179.15234375},{"$f":"F259/H259","v":85.754345642112312}]
[6119,"T","BI   ","IL","3-2001",1701533.78,198,19144.021666666667,1.0342654403946645E-2,8593.6049494949493,88.880686076671623]
[6120,"T","BI   ","IL","6-2001",1419481.7,212,20086.280833333334,1.055446758705994E-2,6695.6683962264151,70.669215061673313]
[6121,"T","BI   ","IL","9-2001",2594873.4500000002,217,21006.608333333334,1.0330082636694087E-2,11957.942165898618,123.52653073854141]
[6122,"T","BI   ","IL","12-2001",2338791.7400000002,242,21832.970833333333,1.1084153496441639E-2,9664.4286776859517,107.12201091888359]
[6123,"T","BI   ","IL","3-2002",2642061.69,244,22625.308333333334,1.0784383417242563E-2,10828.121680327869,116.77461588921255]
[6124,"T","BI   ","IL","6-2002",2752601.89,260,23338.721666666665,1.1140284532864662E-2,10586.930346153847,117.94141638577321]
[6125,"T","BI   ","IL","9-2002",1767719.16,262,24042.875,1.0897199274213254E-2,6747.0196946564884,73.52361811971322]
[6126,"T","BI   ","IL","12-2002",2286608.9300000002,269,24634.53,1.0919631915039581E-2,8500.4049442379182,92.821293119860627]
[6127,"T","BI   ","IL","3-2003",2247111.21,264,24968.97,1.0573123360715319E-2,8511.7848863636355,89.996151623394951]
[6128,"T","BI   ","IL","6-2003",2501167.81,252,24971.209166666667,1.0091621848107675E-2,9925.2690873015872,100.16206236976043]
[6129,"T","BI   ","IL","9-2003",2810303.23,270,24549.440000000002,1.0998214215884353E-2,10408.530481481481,114.47524790789524]
[6130,"T","BI   ","IL","12-2003",2886330.25,243,23841.517500000002,1.0192304244056611E-2,11877.902263374486,121.06319364948141]
[6131,"T","BI   ","IL","3-2004",3086708.33,248,22954.351666666666,1.0804051606481879E-2,12446.404556451613,134.47159714305445]
[6132,"T","BI   ","IL","6-2004",3114208.17,258,21820.213333333333,1.1823899063620521E-2,12070.574302325582,142.72125219062937]
[6133,"T","BI   ","IL","9-2004",3357276.52,253,20466.409166666668,1.2361719046058029E-2,13269.86766798419,164.03837588998982]
[6134,"T","BI   ","IL","12-2004",3571754.99,256,18884.749166666665,1.3555912114091712E-2,13952.167929687501,189.13436225589268]
[6135,"T","BI   ","IL","3-2005",3818464.04,247,17354.423333333332,1.4232682657082432E-2,15459.368582995952,220.0282871206515]
[6136,"T","BI   ","IL","6-2005",4176945.77,235,16108.241666666667,1.4588805213066396E-2,17774.237319148935,259.30488605987927]
[6137,"T","BI   ","IL","9-2005",3497467.77,203,15378.780833333332,1.3200006047293412E-2,17228.90527093596,227.42165376460002]
[6138,"T","BI   ","IL","12-2005",2812315.14,185,15088.997499999999,1.2260589214094574E-2,15201.703459459461,186.38184147091283]
[6139,"T","BI   ","IL","3-2006",2292379.16,169,15039.951666666668,1.1236738238631307E-2,13564.373727810651,152.41931695037584]
[6140,"T","BI   ","IL","6-2006",1855722.69,157,15199.978333333333,1.032896209172228E-2,11819.88974522293,122.08719310674456]
[6141,"T","BI   ","IL","9-2006",2049785.38,150,15435.425833333333,9.717904878015729E-3,13665.235866666666,132.79746228791549]
[6142,"T","BI   ","IL","12-2006",1953319.08,150,15862.39,9.4563303512270221E-3,13022.127200000001,123.14153667889896]
[6143,"T","BI   ","IL","3-2007",1731698.69,151,16503.735833333332,9.1494435881007349E-3,11468.203245033112,104.92767864730425]
[6144,"T","BI   ","IL","6-2007",1611401.81,144,17311.511666666669,8.3181643967737452E-3,11190.290347222222,93.082674755824797]
[6145,"T","BI   ","IL","9-2007",1905228.35,151,18137.36,8.3253571633357878E-3,12617.406291390729,105.04441385074784]
[6146,"T","BI   ","IL","12-2007",2179934.61,147,18921.79,7.768821025917738E-3,14829.487142857142,115.20763151900532]
[6147,"T","BI   ","IL","3-2008",2391088.7799999998,158,19683.313333333335,8.0271038378701143E-3,15133.473291139238,121.47796153560866]
[6148,"T","BI   ","IL","6-2008",2512109,174,20413.452499999999,8.5237908678113122E-3,14437.408045977012,123.06144685716441]
[7101,"T","BI   ","IN","9-1996",114297.91,69,3427.4083333333333,2.0131829443529977E-2,1656.4914492753624,33.348203331477379]
[7102,"T","BI   ","IN","12-1996",296271.34999999998,118,4577.8275000000003,2.5776419054671675E-2,2510.7741525423726,64.718766707570339]
[7103,"T","BI   ","IN","3-1997",411698.45,124,4748.4508333333333,2.6113779915239024E-2,3320.1487903225807,86.70163479633095]
[7104,"T","BI   ","IN","6-1997",605290.59,134,4949.8824999999997,2.7071349673451848E-2,4517.0939552238806,122.2838299697013]
[7105,"T","BI   ","IN","9-1997",765625.48,143,5164.1724999999997,2.769078685888204E-2,5354.0243356643359,148.25714671614861]
[7106,"T","BI   ","IN","12-1997",854064.11,123,5362.2966666666662,2.2937932689289231E-2,6943.6106504065037,159.27207371965619]
[7107,"T","BI   ","IN","3-1998",900539.48,148,5534.2266666666665,2.6742670460431689E-2,6084.726216216216,162.7218280422197]
[7108,"T","BI   ","IN","6-1998",1121919.7,172,5690.8133333333326,3.0224150736508668E-2,6522.7889534883716,197.1457565526662]
[7109,"T","BI   ","IN","9-1998",1146681.57,184,5837.7541666666666,3.1518970266105471E-2,6231.9650543478265,196.42512124739753]
[7110,"T","BI   ","IN","12-1998",1169475.48,200,6000.4025000000001,3.3331097372217948E-2,5847.3774000000003,194.8995054915066]
[7111,"T","BI   ","IN","3-1999",1253200.5,190,6120.375,3.1043849437330229E-2,6595.7921052631582,204.75877703572084]
[7112,"T","BI   ","IN","6-1999",1127179.96,189,6224.7324999999992,3.036275052783393E-2,5963.9151322751322,181.08086733044354]
[7113,"T","BI   ","IN","9-1999",1209136.19,202,6330.8458333333328,3.190726884177536E-2,5985.8227227722773,190.99125485470282]
[7114,"T","BI   ","IN","12-1999",1342502.58,206,6435.6766666666663,3.2009066127726533E-2,6517.0028155339805,208.6031740770072]
[7115,"T","BI   ","IN","3-2000",1493198.48,250,6426.5666666666666,3.8901020244090936E-2,5972.7939200000001,232.34777719570326]
[7116,"T","BI   ","IN","6-2000",1768640.89,265,6485.8341666666665,4.0858275618877601E-2,6674.1165660377355,272.69289416768675]
[7117,"T","BI   ","IN","9-2000",1891982.39,251,6623.0233333333335,3.7898099911067802E-2,7537.7784462151394,285.66748066215479]
[7118,"T","BI   ","IN","12-2000",1979089.24,266,6826.9174999999996,3.8963412110956372E-2,7440.1851127819546,289.89499873112572]
[7119,"T","BI   ","IN","3-2001",3017697.99,263,7060.4608333333335,3.7249693215256369E-2,11474.136844106464,427.40807735283568]
[7120,"T","BI   ","IN","6-2001",2986348.93,256,7353.5841666666665,3.4812955723065205E-2,11665.425507812501,406.10794169419199]
[7121,"T","BI   ","IN","9-2001",3097086.48,255,7688.1908333333331,3.3167751103992935E-2,12145.437176470588,402.83683731835913]
[7122,"T","BI   ","IN","12-2001",2951038.66,246,8040.0808333333334,3.0596707309223776E-2,11996.09211382114,367.04091926107293]
[7123,"T","BI   ","IN","3-2002",2460020.6,229,8372.4858333333341,2.7351494473515082E-2,10742.448034934498,293.82200805953386]
[7124,"T","BI   ","IN","6-2002",2780207.14,247,8590.1224999999995,2.8753955487829191E-2,11255.899352226721,323.65162894941255]
[7125,"T","BI   ","IN","9-2002",3008313.15,270,8554.5091666666667,3.1562301791910718E-2,11141.900555555556,351.6640278699021]
[7126,"T","BI   ","IN","12-2002",3189174.55,292,8342.1608333333334,3.5002921405355304E-2,10921.830650684931,382.29597986852525]
[7127,"T","BI   ","IN","3-2003",2999449.03,288,8031.0966666666673,3.586060683285678E-2,10414.753576388888,373.47938326397093]
[7128,"T","BI   ","IN","6-2003",2865066.07,285,7766.8050000000003,3.6694625396157109E-2,10052.863403508771,368.88605675049132]
[7129,"T","BI   ","IN","9-2003",2659620.2200000002,275,7711.1483333333335,3.56626520606853E-2,9671.3462545454549,344.90585643426652]
[7130,"T","BI   ","IN","12-2003",3235006.92,279,8060.3916666666664,3.4613702601300395E-2,11595.00688172043,401.3461198639024]
[7131,"T","BI   ","IN","3-2004",3174736.58,278,9877.7683333333334,2.8144008911594572E-2,11419.915755395683,321.40221078951538]
[7132,"T","BI   ","IN","6-2004",3046572.99,269,13819.995000000001,1.9464551181096662E-2,11325.550148698885,220.44675052342637]
[{"$f":"INDEX(State,MATCH(D322,StateAbbr),1)*1000+INDEX(Coverage,MATCH(C322,CoverageAbbr),1)*100+VLOOKUP(E322,Date,2,FALSE)","v":7133},"T","BI   ","IN","9-2004",2728660.34,260,18961.501666666667,1.3711994153768236E-2,10494.84746153846,143.90528703730479]
[7134,"T","BI   ","IN","12-2004",2373626.13,248,23950.242499999997,{"$f":"G323/H323","v":1.0354801209215315E-2},{"$f":"F323/G323","v":9571.0731048387097},{"$f":"F323/H323","v":99.106559359472044}]
[7135,"T","BI   ","IN","3-2005",2200364.2599999998,240,27553.773333333334,8.7102407752501412E-3,9168.1844166666651,79.857093741062926]
[7136,"T","BI   ","IN","6-2005",2170699.4500000002,252,29046.070833333331,8.6758722529452856E-3,8613.8867063492071,74.732980665629341]
[7137,"T","BI   ","IN","9-2005",2751328.79,252,29379.979166666668,8.577269526654701E-3,10917.971388888889,93.646383286804578]
[7138,"T","BI   ","IN","12-2005",2743219.3,231,29855.596666666665,7.7372427883147321E-3,11875.408225108224,91.882916648012056]
[7139,"T","BI   ","IN","3-2006",2888088.52,244,30614.618333333332,7.9700487310773276E-3,11836.428360655738,94.336910836331953]
[7140,"T","BI   ","IN","6-2006",3053250.06,235,31711.297500000001,7.4106081594422302E-3,12992.553446808512,96.282722584908427]
[7141,"T","BI   ","IN","9-2006",3088860.95,235,32863.460833333338,7.1507989128655617E-3,13144.089148936171,93.990738396820802]
[7142,"T","BI   ","IN","12-2006",4461566.03,258,33814.426666666666,7.6298794755059185E-3,17292.891589147286,131.94267860818383]
[7143,"T","BI   ","IN","3-2007",5198551.7,272,34672.924166666671,7.8447378332598561E-3,19112.32242647059,149.93115882039464]
[7144,"T","BI   ","IN","6-2007",5233341.6399999997,267,35384.400000000001,7.5456981042493296E-3,19600.530486891384,147.89968573721751]
[7145,"T","BI   ","IN","9-2007",5289949.9000000004,267,35857.084999999999,7.4462271542709065E-3,19812.546441947568,147.52872131128339]
[7146,"T","BI   ","IN","12-2007",4000484.6,262,35157.080833333333,7.4522683280231579E-3,15269.025190839695,113.78887282948241]
[7147,"T","BI   ","IN","3-2008",3361812.45,276,32648.843333333334,8.4535919751317374E-3,12180.479891304349,102.96880706238395]
[7148,"T","BI   ","IN","6-2008",3380329.9,278,29266.781666666666,9.4988237233008602E-3,12159.460071942445,115.50056779389648]
[8101,"T","BI   ","LA","9-1996",85010.51,55,6154.2750000000005,8.9368772113693311E-3,1545.6456363636362,13.813245264470631]
[8102,"T","BI   ","LA","12-1996",188720.65,90,8209.8508333333339,1.0962440344784989E-2,2096.8961111111112,22.987098527267189]
[8103,"T","BI   ","LA","3-1997",384825.73,114,8178.5825000000004,1.393884575964111E-2,3375.6642982456137,47.052863989572764]
[8104,"T","BI   ","LA","6-1997",639438.22,141,8144.3950000000004,1.7312519837262313E-2,4535.0228368794324,78.512672825912787]
[8105,"T","BI   ","LA","9-1997",808070.43,168,8109.435833333333,2.0716607597959704E-2,4809.9430357142865,99.645702439431929]
[8106,"T","BI   ","LA","12-1997",1179022.25,182,8079.1699999999992,2.2527066517971525E-2,6478.1442307692305,145.93358599955195]
[8107,"T","BI   ","LA","3-1998",1252194.1399999999,205,8090.7750000000005,2.5337498570903279E-2,6108.2640975609747,154.76813284265103]
[8108,"T","BI   ","LA","6-1998",1190480.2,193,8149.3508333333339,2.368286799122343E-2,6168.2911917098445,146.08282602469049]
[8109,"T","BI   ","LA","9-1998",1423519.07,215,8198.1658333333344,2.6225378257880648E-2,6621.0189302325589,173.63872589793712]
[8110,"T","BI   ","LA","12-1998",1196970.8500000001,213,8207.5941666666677,2.5951575537817462E-2,5619.5814553990613,145.83699263070693]
[8111,"T","BI   ","LA","3-1999",1223822.56,211,8174.2949999999992,2.5812623596285677E-2,5800.1069194312795,149.71597672949167]
[8112,"T","BI   ","LA","6-1999",1394927.65,209,8066.1699999999992,2.591068623646663E-2,6674.294976076555,172.93556297474515]
[8113,"T","BI   ","LA","9-1999",1271784.6599999999,187,7900.6883333333326,2.3668823792357335E-2,6800.9874866310156,160.97137443509669]
[8114,"T","BI   ","LA","12-1999",1292024.07,180,7716.2249999999995,2.3327469066804041E-2,7177.9115000000002,167.442508480507]
[8115,"T","BI   ","LA","3-2000",1187375.6399999999,155,7528.0441666666666,2.0589677287803726E-2,7660.4879999999994,157.72697578709298]
[8116,"T","BI   ","LA","6-2000",1048629.99,171,7412.3583333333336,2.3069580868886757E-2,6132.3391228070177,141.47049330903457]
[8117,"T","BI   ","LA","9-2000",1209135.3899999999,174,7346.0616666666674,2.3686161088129532E-2,6949.0539655172406,164.5964116373467]
[8118,"T","BI   ","LA","12-2000",1173571.8,178,7339.0408333333335,2.4253850611041475E-2,6593.1,159.90806246365756]
[8119,"T","BI   ","LA","3-2001",1220714.72,203,7356.6783333333333,2.7593975270089059E-2,6013.3730049261085,165.93286598775217]
[8120,"T","BI   ","LA","6-2001",1092359.33,167,7409.0666666666666,2.2539951050964586E-2,6541.0738323353298,147.43548400158366]
[8121,"T","BI   ","LA","9-2001",862224.01,153,7568.2633333333333,2.0215998474330747E-2,5635.4510457516344,113.92626974308065]
[8122,"T","BI   ","LA","12-2001",1003511.59,161,7870.6558333333332,2.0455728646924489E-2,6232.9912422360248,127.50037750983691]
[8123,"T","BI   ","LA","3-2002",1004859.23,148,8241.9116666666669,1.7956999053819835E-2,6789.5893918918919,121.92065028602789]
[8124,"T","BI   ","LA","6-2002",1162185.67,161,8684.1875,1.8539443097008213E-2,7218.5445341614904,133.8277956343066]
[8125,"T","BI   ","LA","9-2002",1259133.9099999999,171,9151.2833333333328,1.8685903798556489E-2,7363.3561988304091,137.59096556584959]
[8126,"T","BI   ","LA","12-2002",1212806.22,177,9743.2741666666661,1.8166377849198365E-2,6852.0125423728814,124.4762488721921]
[8127,"T","BI   ","LA","3-2003",1364572.2,196,10540.315833333332,1.8595268215792715E-2,6962.1030612244895,129.46217376946089]
[8128,"T","BI   ","LA","6-2003",1967604.08,233,11579.2675,2.0122170940432976E-2,8444.6527038626609,169.92474523971401]
[8129,"T","BI   ","LA","9-2003",2147557.27,265,12804.724166666667,2.0695486802429493E-2,8103.9896981132079,167.71601184432646]
[8130,"T","BI   ","LA","12-2003",2463941.33,303,14112.469166666668,2.1470374632646082E-2,8131.8195709570964,174.59321263353218]
[8131,"T","BI   ","LA","3-2004",2258409.29,310,15409.6975,2.011720217090569E-2,7285.1912580645167,146.55766539219866]
[8132,"T","BI   ","LA","6-2004",2003620.59,328,16498.606666666667,1.9880466673751439E-2,6108.5993597560982,121.44180599493049]
[8133,"T","BI   ","LA","9-2004",2439619.7599999998,338,17407.016666666666,1.9417457136537853E-2,7217.8099408284015,140.1515151457123]
[8134,"T","BI   ","LA","12-2004",2826870.88,363,18017.723333333332,2.0146829501396499E-2,7787.523085399449,156.89389983973189]
[8135,"T","BI   ","LA","3-2005",3244149.14,371,18417.272499999999,2.014413372012604E-2,8744.33730458221,176.14709995739057]
[8136,"T","BI   ","LA","6-2005",3305396.84,360,18783.085833333334,1.9166179785066378E-2,9181.6578888888889,175.97730582341745]
[8137,"T","BI   ","LA","9-2005",2966009.66,361,19166.053333333333,1.8835385341026564E-2,8216.0932409972302,154.75328219198667]
[8138,"T","BI   ","LA","12-2005",2803071.18,338,19465.678333333333,1.7363895273107617E-2,8293.11,144.0006935283615]
[8139,"T","BI   ","LA","3-2006",3192541.09,358,19680.060833333333,1.8191000679918291E-2,8917.7125418994401,162.2221149130086]
[8140,"T","BI   ","LA","6-2006",3259007.48,352,20159.184166666666,1.7461024071699992E-2,9258.5439772727277,161.66365925605209]
[8141,"T","BI   ","LA","9-2006",3665051.66,359,21432.829999999998,1.6750004549095945E-2,10209.057548746519,171.00176038348647]
[8142,"T","BI   ","LA","12-2006",4122398.27,390,23701.149166666666,1.6454898336680512E-2,10570.251974358975,173.93242163117338]
[8143,"T","BI   ","LA","3-2007",3866502.3,409,26689.331666666665,1.5324475153898884E-2,9453.5508557457215,144.87070520499483]
[8144,"T","BI   ","LA","6-2007",4004809.06,491,29597.908333333336,1.6589010090521598E-2,8156.4339307535647,135.30716477994361]
[8145,"T","BI   ","LA","9-2007",4624875.8,562,31722.87166666667,1.7715924519864031E-2,8229.3163701067606,145.78994766289284]
[8146,"T","BI   ","LA","12-2007",5163028.9400000004,638,32848.028333333335,1.9422779155136505E-2,8092.5218495297813,157.17926469153375]
[8147,"T","BI   ","LA","3-2008",5736327.2699999996,724,33244.350833333338,2.177813619010608E-2,7923.1039640883973,172.55043717828647]
[8148,"T","BI   ","LA","6-2008",6812857.8700000001,762,33355.6175,2.2844727728395374E-2,8940.7583595800534,204.24919040998117]
[{"$f":"INDEX(State,MATCH(D386,StateAbbr),1)*1000+INDEX(Coverage,MATCH(C386,CoverageAbbr),1)*100+VLOOKUP(E386,Date,2,FALSE)","v":9101},"T","BI   ","MA","9-1996",1250712.3400000001,434,121164.03749999999,3.5819209144462524E-3,2881.825668202765,10.322471632723531]
[9102,"T","BI   ","MA","12-1996",3638480.57,1019,162596.93333333332,{"$f":"G387/H387","v":6.2670308665108082E-3},{"$f":"F387/G387","v":3570.6384396467124},{"$f":"F387/H387","v":22.377301314415934}]
[9103,"T","BI   ","MA","3-1997",7709773.4100000001,1743,165273.26833333334,1.0546170095000541E-2,4423.2779173838207,46.648641294189531]
[9104,"T","BI   ","MA","6-1997",12737740.869999999,2570,170432.29083333333,1.5079302093716601E-2,4956.3194046692606,74.7378375759574]
[9105,"T","BI   ","MA","9-1997",18795085.489999998,3501,175937.15583333335,1.9899150826994866E-2,5368.4905712653526,106.82840359090908]
[9106,"T","BI   ","MA","12-1997",25444577.23,4195,182212.98416666666,2.3022508627392409E-2,6065.4534517282482,139.64195442146067]
[9107,"T","BI   ","MA","3-1998",29803946.739999998,4758,189443.40833333333,2.5115679884876792E-2,6263.9652669188736,157.32374645392122]
[9108,"T","BI   ","MA","6-1998",33180995.23,5136,194790,2.6366856614815956E-2,6460.4741491433024,170.34239555418657]
[9109,"T","BI   ","MA","9-1998",35022055.850000001,5294,199671.7775,2.6513511655396567E-2,6615.4242255383451,175.39812730920374]
[9110,"T","BI   ","MA","12-1998",35381075.329999998,5543,203471.20916666664,2.7242183416031292E-2,6383.0191827530216,173.88737932460398]
[9111,"T","BI   ","MA","3-1999",34506335.950000003,5606,205514.1875,2.7277922114257926E-2,6155.2507937923656,167.90245174679242]
[9112,"T","BI   ","MA","6-1999",36641503.689999998,5881,207587.69666666666,2.8330195355668879E-2,6230.4886396871279,176.51096032361198]
[9113,"T","BI   ","MA","9-1999",36816542.960000001,6037,208749.70916666664,2.8919800770500877E-2,6098.4831803876095,176.36691857906024]
[9114,"T","BI   ","MA","12-1999",39745891.020000003,6219,209821.07583333334,2.9639539189761487E-2,6391.0421321755912,189.42754374003525]
[9115,"T","BI   ","MA","3-2000",43105719.07,6532,211761.035,3.0846090263961921E-2,6599.1609109001838,203.55831312403626]
[9116,"T","BI   ","MA","6-2000",46034052.850000001,6766,214262.53333333333,3.1578082713481094E-2,6803.7323159917232,214.84882183477094]
[9117,"T","BI   ","MA","9-2000",48217135.039999999,6903,219191.94083333333,3.1492946199371555E-2,6984.9536491380559,219.97676947740882]
[9118,"T","BI   ","MA","12-2000",48703234.109999999,7003,225517.24416666667,3.1053057720164805E-2,6954.6243195773241,215.96235041789652]
[9119,"T","BI   ","MA","3-2001",50187985.119999997,7035,230957.97166666668,3.0460087388338178E-2,7134.0419502487557,217.30354123664762]
[9120,"T","BI   ","MA","6-2001",51306999.700000003,7245,235934.01083333333,3.0707738890252481E-2,7081.711483781919,217.46334714007762]
[9121,"T","BI   ","MA","9-2001",54053508.030000001,7490,239233.61,3.1308309898429407E-2,7216.7567463284377,225.94445667563184]
[9122,"T","BI   ","MA","12-2001",56986331.939999998,7911,241762.92166666666,3.2722139298545456E-2,7203.4296473265067,235.71162834709014]
[9123,"T","BI   ","MA","3-2002",58335212.509999998,8357,245410.72916666666,3.405311588608044E-2,6980.4011619002031,237.70440969751814]
[9124,"T","BI   ","MA","6-2002",58840205.649999999,8760,248691.10250000001,3.5224420624376779E-2,6716.9184531963465,236.59956089502637]
[9125,"T","BI   ","MA","9-2002",60983665.600000001,9412,252414.14833333332,3.7287925665603704E-2,6479.3524861878459,241.60161386621695]
[9126,"T","BI   ","MA","12-2002",62736860.740000002,9957,254709.45583333334,3.9091599357486226E-2,6300.7794255297786,246.30754494270232]
[9127,"T","BI   ","MA","3-2003",66018368.420000002,10262,253540.48666666666,4.0474798068411061E-2,6433.2847807444941,260.3859024172155]
[9128,"T","BI   ","MA","6-2003",69842990.189999998,10622,248993.16833333333,4.2659804970151087E-2,6575.3144596121256,280.50163246446766]
[9129,"T","BI   ","MA","9-2003",71480231.159999996,10919,241046.71666666667,4.5298273094088327E-2,6546.4082022163202,296.54098652937466]
[9130,"T","BI   ","MA","12-2003",74622643.379999995,11084,232103.47916666666,4.7754562059110314E-2,6732.4651190905806,321.50592334040664]
[9131,"T","BI   ","MA","3-2004",74413738.409999996,11173,223673.30166666667,4.9952318478540515E-2,6660.1394799964201,332.68940841628233]
[9132,"T","BI   ","MA","6-2004",71976732.829999998,10810,217277.07416666669,4.975214270286047E-2,6658.3471628122106,331.2670382094193]
[9133,"T","BI   ","MA","9-2004",68961839.829999998,10333,212881.45333333334,4.8538751677067969E-2,6673.9417236039872,323.94480002923689]
[9134,"T","BI   ","MA","12-2004",63389844.140000001,9677,208850.87583333332,4.6334495660542104E-2,6550.5677524026041,303.5172530977855]
[9135,"T","BI   ","MA","3-2005",59270295.789999999,9150,204481.5975,4.4747302993854987E-2,6477.6279551912567,289.85638079240846]
[9136,"T","BI   ","MA","6-2005",55162153.759999998,8549,199895.92833333334,4.2767254297167316E-2,6452.4685647444139,275.95436395290255]
[9137,"T","BI   ","MA","9-2005",52931330.229999997,7846,193795.80833333335,4.0485911782491682E-2,6746.2822113178681,273.12938646720812]
[9138,"T","BI   ","MA","12-2005",50287828.640000001,7175,186505.01583333334,3.8470815210738363E-2,7008.7566048780491,269.63258020330545]
[9139,"T","BI   ","MA","3-2006",47521049.5,6577,178133.20416666669,3.6921808209582109E-2,7225.3382241143381,266.77255216011218]
[9140,"T","BI   ","MA","6-2006",44354509.799999997,5967,169099.69500000001,3.5286876182715761E-2,7433.3014580191048,262.29798817792067]
[9141,"T","BI   ","MA","9-2006",41291177.369999997,5530,160593.65833333333,3.4434734580376491E-2,7466.7590180831821,257.11586496332694]
[9142,"T","BI   ","MA","12-2006",37796311.950000003,5120,153863.23166666666,3.3276306135907131E-2,7382.0921777343756,245.64875922977444]
[9143,"T","BI   ","MA","3-2007",35075759.759999998,4674,149662.13416666668,3.1230344442335307E-2,7504.4415404364563,234.36629415519991]
[9144,"T","BI   ","MA","6-2007",33036374.989999998,4266,147029.0975,2.9014664937326434E-2,7744.1104055321139,224.69276865417743]
[9145,"T","BI   ","MA","9-2007",31481807.539999999,4009,146395.41333333333,2.7384737736774266E-2,7852.7831229733101,215.04640632639129]
[9146,"T","BI   ","MA","12-2007",29851126.420000002,3657,146739.23666666666,2.4921759735654435E-2,8162.7362373530223,203.42975129283192]
[9147,"T","BI   ","MA","3-2008",29454076.079999998,3464,147857.41333333333,2.3427976466696834E-2,8502.9087990762127,199.20594724322694]
[9148,"T","BI   ","MA","6-2008",28616945.260000002,3405,149467.94166666668,2.2780804780155477E-2,8404.3892099853165,191.45874988912058]
[10101,"T","BI   ","MD","9-1996",1000,1,137.76666666666668,7.2586498911202512E-3,1000,7.2586498911202506]
[10102,"T","BI   ","MD","12-1996",2500,2,234.755,8.5195203510042387E-3,1250,10.649400438755299]
[10103,"T","BI   ","MD","3-1997",38500,10,328.80500000000001,3.041316281686714E-2,3850,117.09067684493849]
[10104,"T","BI   ","MD","6-1997",42750,11,439.97,2.5001704661681477E-2,3886.3636363636365,97.16571584426211]
[10105,"T","BI   ","MD","9-1997",79750,12,544.77499999999998,2.2027442522142171E-2,6645.833333333333,146.3907117617365]
[10106,"T","BI   ","MD","12-1997",119450,17,614.56833333333327,2.766169208197624E-2,7026.4705882352937,194.36406583482719]
[10107,"T","BI   ","MD","3-1998",91665,12,639.93583333333333,1.8751880071309231E-2,7638.75,143.2409238947134]
[10108,"T","BI   ","MD","6-1998",169435,13,632.65083333333337,2.0548459458284651E-2,13033.461538461539,267.81755602418923]
[10109,"T","BI   ","MD","9-1998",136677,13,600.48416666666674,2.1649196967447101E-2,10513.615384615385,227.61133030152055]
[10110,"T","BI   ","MD","12-1998",130977,11,565.89499999999998,1.9438235008261251E-2,11907,231.45106424336672]
[10111,"T","BI   ","MD","3-1999",124562,9,540.20416666666665,1.6660367607926017E-2,13840.222222222223,230.58318999760894]
[10112,"T","BI   ","MD","6-1999",65642,7,524.89499999999998,1.3336000533440022E-2,9377.4285714285706,125.05739243086713]
[10113,"T","BI   ","MD","9-1999",60400,5,522.95249999999999,9.5610978052499997E-3,12080,115.49806148741999]
[10114,"T","BI   ","MD","12-1999",68000,4,518.25416666666672,7.7182206285525915E-3,17000,131.20975068539406]
[10115,"T","BI   ","MD","3-2000",64270,6,519.91916666666668,1.1540255456377033E-2,10711.666666666666,123.61536969689197]
[10116,"T","BI   ","MD","6-2000",52269,8,525.05833333333328,1.5236402304505851E-2,6533.625,99.548939006777033]
[{"$f":"INDEX(State,MATCH(D450,StateAbbr),1)*1000+INDEX(Coverage,MATCH(C450,CoverageAbbr),1)*100+VLOOKUP(E450,Date,2,FALSE)","v":10117},"T","BI   ","MD","9-2000",57669,9,536.06416666666667,1.6789034894765395E-2,6407.666666666667,107.57853926069174]
[10118,"T","BI   ","MD","12-2000",17069,7,560.99750000000006,{"$f":"G451/H451","v":1.247777396512462E-2},{"$f":"F451/G451","v":2438.4285714285716},{"$f":"F451/H451","v":30.42616054438745}]
[10119,"T","BI   ","MD","3-2001",24140.28,6,594.53250000000003,1.0091963012955557E-2,4023.3799999999997,40.603802147065124]
[10120,"T","BI   ","MD","6-2001",76891.28,9,630.45666666666659,1.4275366533253675E-2,8543.4755555555548,121.96124502344863]
[10121,"T","BI   ","MD","9-2001",98598.28,13,681.39166666666665,1.9078601391759511E-2,7584.4830769230766,144.70132938716108]
[10122,"T","BI   ","MD","12-2001",98098.28,13,752.63166666666666,1.7272725259589131E-2,7546.0215384615385,130.34035683678826]
[10123,"T","BI   ","MD","3-2002",109457.3,14,822.11083333333329,1.7029334041537385E-2,7818.3785714285714,133.14178035605499]
[10124,"T","BI   ","MD","6-2002",54711.15,13,892.71,1.45623998835008E-2,4208.55,61.286588029707296]
[10125,"T","BI   ","MD","9-2002",49104.15,16,974.24249999999995,1.6423015830247602E-2,3069.0093750000001,50.402389548803306]
[10126,"T","BI   ","MD","12-2002",99194.240000000005,20,1046.3583333333333,1.9113910945103254E-2,4959.7120000000004,94.79949348135996]
[10127,"T","BI   ","MD","3-2003",151693.94,27,1133.0866666666668,2.3828715661644E-2,5618.2940740740742,133.87673199461057]
[10128,"T","BI   ","MD","6-2003",204690.09,31,1252.6341666666667,2.474784803490777E-2,6602.9061290322579,163.40771747005144]
[10129,"T","BI   ","MD","9-2003",195632.09,27,1354.3808333333334,1.9935308692717521E-2,7245.6329629629627,144.44392979079615]
[10130,"T","BI   ","MD","12-2003",161557.18,28,1452.6766666666665,1.9274764056236422E-2,5769.8992857142857,111.21344736038991]
[10131,"T","BI   ","MD","3-2004",150398.18,26,1535.7983333333334,1.692930603952993E-2,5784.5453846153841,97.928339115704205]
[10132,"T","BI   ","MD","6-2004",155558.18,24,1550.9708333333335,1.5474178807359905E-2,6481.5908333333327,100.29729551114488]
[10133,"T","BI   ","MD","9-2004",172816.18,26,1491.3341666666665,1.7434053736000373E-2,6646.7761538461536,115.88025263731973]
[10134,"T","BI   ","MD","12-2004",191401,26,1353.5516666666667,1.9208723715755216E-2,7361.5769230769229,141.406497227664]
[10135,"T","BI   ","MD","3-2005",186910,27,1176.6224999999999,2.2947036963852044E-2,6922.5925925925922,158.85298810791056]
[10136,"T","BI   ","MD","6-2005",181650,28,984.05499999999995,2.8453694153273954E-2,6487.5,184.59334081936478]
[10137,"T","BI   ","MD","9-2005",198925,25,832.00833333333333,3.0047775963782414E-2,7957,239.09015334381667]
[10138,"T","BI   ","MD","12-2005",214215,25,724.28666666666675,3.4516719899119128E-2,8568.6,295.75996612759218]
[10139,"T","BI   ","MD","3-2006",218615,20,640.42666666666662,3.1229180546302467E-2,10930.75,341.35836525649569]
[10140,"T","BI   ","MD","6-2006",161115,14,589.38083333333327,2.3753741567775224E-2,11508.214285714286,273.36314804943606]
[10141,"T","BI   ","MD","9-2006",125140,13,545.57083333333333,2.3828253282112771E-2,9626.1538461538457,229.37443197873787]
[10142,"T","BI   ","MD","12-2006",83250,8,513.36916666666673,1.5583327787183686E-2,10406.25,162.16400478538023]
[10143,"T","BI   ","MD","3-2007",37750,6,487.57583333333332,1.2305778075547223E-2,6291.666666666667,77.42385372531794]
[10144,"T","BI   ","MD","6-2007",22750,4,459.6541666666667,8.7021945846968273E-3,5687.5,49.493731700463208]
[10145,"T","BI   ","MD","9-2007",30506,4,444.13583333333332,9.0062537174250366E-3,7626.5,68.686193975942047]
[10146,"T","BI   ","MD","12-2007",36421,7,427.69083333333333,1.6366962895705425E-2,5203,85.157307946355331]
[10147,"T","BI   ","MD","3-2008",30171,6,406.92583333333329,1.4744701634818795E-2,5028.5,74.143732170686306]
[10148,"T","BI   ","MD","6-2008",40921,8,387.84999999999997,2.0626530875338406E-2,5115.125,105.50728374371536]
[11101,"T","BI   ","ME","9-1996",46416.14,35,10092.710833333333,3.4678492803345783E-3,1326.1754285714285,4.5989765055688299]
[11102,"T","BI   ","ME","12-1996",84130.39,48,13486.953333333333,3.5589950386620555E-3,1752.7164583333333,6.2379091793896624]
[11103,"T","BI   ","ME","3-1997",154596.16,69,13549.339166666667,5.0924992836366501E-3,2240.5240579710144,11.409867160188071]
[11104,"T","BI   ","ME","6-1997",200274.2,77,13738.051666666666,5.6048704625874289E-3,2600.9636363636364,14.578064259718538]
[11105,"T","BI   ","ME","9-1997",246085.9,88,14040.555833333334,6.2675581397626289E-3,2796.4306818181817,17.526791882111503]
[11106,"T","BI   ","ME","12-1997",553437.80000000005,111,14469.566666666666,7.6712732701048414E-3,4985.9261261261263,38.248401818068736]
[11107,"T","BI   ","ME","3-1998",597163.77,115,14979.638333333334,7.6770878869683434E-3,5192.7284347826089,39.865032566985647]
[11108,"T","BI   ","ME","6-1998",655018.04,120,15580.775833333333,7.7017987604489739E-3,5458.483666666667,42.040142737864308]
[11109,"T","BI   ","ME","9-1998",764870.57,129,16336.5725,7.8963931999812085E-3,5929.2292248062013,46.819525331889537]
[11110,"T","BI   ","ME","12-1998",645293.54,126,17150.920000000002,7.3465446751544514E-3,5121.3773015873021,37.624427144433064]
[11111,"T","BI   ","ME","3-1999",654899.16,129,17987.5975,7.1716081038615638E-3,5076.7376744186049,36.408373047039774]
[11112,"T","BI   ","ME","6-1999",1429973.86,143,18833.866666666665,7.5927053393178255E-3,9999.8172027972032,75.925665467880563]
[11113,"T","BI   ","ME","9-1999",1491688.34,140,19605.701666666668,7.1407798802746239E-3,10654.916714285715,76.084414899373229]
[11114,"T","BI   ","ME","12-1999",1457158.01,160,20327.409166666668,7.8711457366820517E-3,9107.2375625000004,71.68439411302252]
[11115,"T","BI   ","ME","3-2000",1894516.67,177,21029.404166666667,8.416786257813216E-3,10703.484011299435,90.088937137028566]
[11116,"T","BI   ","ME","6-2000",1397438.26,197,21741.162500000002,9.0611530087225094E-3,7093.5952284263958,64.27615174671547]
[11117,"T","BI   ","ME","9-2000",1510447.74,196,22293.434999999998,8.7918259344062517E-3,7706.3660204081634,67.753028638251578]
[11118,"T","BI   ","ME","12-2000",1674905.96,187,22781.486666666668,8.2084195266156172E-3,8956.7163636363639,73.520485493630346]
[11119,"T","BI   ","ME","3-2001",1648585.57,183,23191.287500000002,7.8908943714315113E-3,9008.6643169398903,71.086418552656895]
[11120,"T","BI   ","ME","6-2001",1600086.28,168,23432.6875,7.1694721316110238E-3,9524.3230952380945,68.284369003768774]
[11121,"T","BI   ","ME","9-2001",1485586.09,161,23556.840833333335,6.8345327431249703E-3,9227.2427950310557,63.063893011403728]
[11122,"T","BI   ","ME","12-2001",1440497.45,149,23494.276666666668,6.3419700939931038E-3,9667.7681208053691,61.312696297807555]
[11123,"T","BI   ","ME","3-2002",1277731.17,151,23394.8325,6.4544168033688638E-3,8461.7958278145688,54.615957177722898]
[11124,"T","BI   ","ME","6-2002",1536766.46,162,23340.558333333334,6.9407080022007468E-3,9486.2127160493819,65.841032508862426]
[11125,"T","BI   ","ME","9-2002",1768208.8,176,23376.679166666669,7.5288709206807417E-3,10046.640909090909,75.63986259097608]
[11126,"T","BI   ","ME","12-2002",2182612.9,193,23445.11,8.2319937931619857E-3,11308.875129533679,93.094589873965177]
[11127,"T","BI   ","ME","3-2003",2032744.35,196,23366.695833333331,8.3880066483511886E-3,10371.144642857143,86.99323021529753]
[11128,"T","BI   ","ME","6-2003",1801966.44,190,22961.145,8.2748486628171202E-3,9484.0338947368418,78.478945191975399]
[11129,"T","BI   ","ME","9-2003",1648022.97,197,22266.344166666666,8.8474335313164908E-3,8365.5988324873088,74.014079620090314]
[11130,"T","BI   ","ME","12-2003",1564786.82,201,21396.596666666668,9.3940173351556369E-3,7785.009054726368,73.132510014443099]
[11131,"T","BI   ","ME","3-2004",2059990.79,196,20422.929166666665,9.5970562498890657E-3,10510.157091836734,100.86656880552762]
[11132,"T","BI   ","ME","6-2004",2507433.4,198,19428.686666666665,1.0191116023282413E-2,12663.805050505051,129.05830656592676]
[{"$f":"INDEX(State,MATCH(D514,StateAbbr),1)*1000+INDEX(Coverage,MATCH(C514,CoverageAbbr),1)*100+VLOOKUP(E514,Date,2,FALSE)","v":11133},"T","BI   ","ME","9-2004",3039441.42,190,18435.48,1.0306213887568971E-2,15997.060105263157,164.86912301713869]
[11134,"T","BI   ","ME","12-2004",3064345.38,173,17380.602500000001,{"$f":"G515/H515","v":9.9536250253695162E-3},{"$f":"F515/G515","v":17712.979075144507},{"$f":"F515/H515","v":176.30835179620499}]
[11135,"T","BI   ","ME","3-2005",3111185.1,170,16395.314166666667,1.0368816252733186E-2,18301.088823529411,189.76062723612546]
[11136,"T","BI   ","ME","6-2005",2514090.7400000002,158,15641.920833333332,1.0101061224098384E-2,15911.96670886076,160.72774992201781]
[11137,"T","BI   ","ME","9-2005",2300422.42,152,15325.881666666666,9.9178633442404459E-3,15134.358026315789,150.10049470780854]
[11138,"T","BI   ","ME","12-2005",1827041.8,155,15445.595000000001,1.0035223634958705E-2,11787.366451612903,118.28885840914512]
[11139,"T","BI   ","ME","3-2006",1682462.81,141,15967.918333333333,8.8302054818040886E-3,11932.360354609929,105.36519381413838]
[11140,"T","BI   ","ME","6-2006",2042656.69,136,16920.674166666668,8.0375048098211607E-3,15019.534485294118,120.71958066682626]
[11141,"T","BI   ","ME","9-2006",1820548.6,133,18077.89,7.3570532844264456E-3,13688.335338345865,100.70581245930804]
[11142,"T","BI   ","ME","12-2006",2055019.37,130,19186.318333333333,6.7756615803744183E-3,15807.841307692308,107.10858301718648]
[11143,"T","BI   ","ME","3-2007",1695576.03,145,20089.663333333334,7.2176421074917627E-3,11693.627793103449,84.400420348839432]
[11144,"T","BI   ","ME","6-2007",1541314.55,148,20683.246666666666,7.1555497251076317E-3,10414.2875,74.519952057816852]
[11145,"T","BI   ","ME","9-2007",1337843.6599999999,158,20896.474166666667,7.5610841685453392E-3,8467.3649367088601,64.022458972245275]
[11146,"T","BI   ","ME","12-2007",1323651.0900000001,148,20825.685833333333,7.1066086939193642E-3,8943.5884459459467,63.558583404796238]
[11147,"T","BI   ","ME","3-2008",1146462.82,130,20506.637500000001,6.3394108371009139E-3,8818.9447692307695,55.906914041855963]
[11148,"T","BI   ","ME","6-2008",1109726.31,130,20002.250833333335,6.4992685614839755E-3,8536.3562307692318,55.480071680266313]
[12101,"T","BI   ","MI","9-1996",1895441.31,107,360324.52,2.9695453420710861E-4,17714.404766355139,5.2603728161491761]
[12102,"T","BI   ","MI","12-1996",4667062.6500000004,225,480432.69333333336,4.683278284808372E-4,20742.500666666667,9.7142902944823177]
[12103,"T","BI   ","MI","3-1997",7508875.6200000001,373,479805.6241666667,7.7739814044037472E-4,20131.033833780162,15.649828267522965]
[12104,"T","BI   ","MI","6-1997",11246446.060000001,547,479178.55499999999,1.14153689536461E-3,20560.230457038393,23.470261643908501]
[12105,"T","BI   ","MI","9-1997",13394392.189999999,658,478551.48583333334,1.37498267057761E-3,20356.219133738599,27.989448547370944]
[12106,"T","BI   ","MI","12-1997",17683918.579999998,771,477924.41666666669,1.6132258012206602E-3,22936.340570687418,37.001496394217142]
[12107,"T","BI   ","MI","3-1998",21614204.82,824,408044.75,2.0193863540702338E-3,26230.831092233009,52.970182363576548]
[12108,"T","BI   ","MI","6-1998",23875690.420000002,813,338165.08333333331,2.4041512269278738E-3,29367.392890528907,70.603653649437987]
[12109,"T","BI   ","MI","9-1998",26389527.870000001,819,268285.41666666669,3.0527190414437358E-3,32221.645750915752,98.363631530475161]
[12110,"T","BI   ","MI","12-1998",24531573.699999999,784,198405.75,3.9514983814733194E-3,31290.27257653061,123.6434614420197]
[12111,"T","BI   ","MI","3-1999",22477565.329999998,759,265874.63166666665,2.8547289195743064E-3,29614.710579710143,84.541970736721723]
[12112,"T","BI   ","MI","6-1999",21749169,757,333343.51333333337,2.2709306457780777E-3,28730.738441215322,65.245514401990164]
[12113,"T","BI   ","MI","9-1999",22092386.25,790,400812.39500000002,1.9709969298728897E-3,27965.04588607595,55.119019585210182]
[12114,"T","BI   ","MI","12-1999",24826123.289999999,848,468281.27666666667,1.8108774410889501E-3,29276.088785377357,53.01540874475706]
[12115,"T","BI   ","MI","3-2000",27674169.719999999,876,464784.70750000002,1.8847435938928777E-3,31591.517945205476,59.54191106857791]
[12116,"T","BI   ","MI","6-2000",30287741.449999999,909,463236.47166666668,1.9622807261473435E-3,33319.847579757974,65.382894703926283]
[12117,"T","BI   ","MI","9-2000",32868081.309999999,937,464159.65749999997,2.018701937705562E-3,35077.994994663823,70.812016466553857]
[12118,"T","BI   ","MI","12-2000",30697376.850000001,871,463642.41666666669,1.8786029247755409E-3,35243.831056257179,66.209164102579777]
[12119,"T","BI   ","MI","3-2001",29903015.09,868,461465.53833333333,1.8809638594789544E-3,34450.478214285715,64.80010446283849]
[12120,"T","BI   ","MI","6-2001",28162902.949999999,839,459823.05583333335,1.8246149020942144E-3,33567.226400476757,61.247261512280225]
[12121,"T","BI   ","MI","9-2001",26634052.789999999,791,459144.07833333337,1.7227707757253117E-3,33671.368887484197,58.008050298024273]
[12122,"T","BI   ","MI","12-2001",27779097.460000001,856,458614.29166666669,1.8664922039153635E-3,32452.216658878504,60.571809393569012]
[12123,"T","BI   ","MI","3-2002",26660539.030000001,856,457938.13500000001,1.8692481245310569E-3,31145.489521028037,58.21864787478335]
[12124,"T","BI   ","MI","6-2002",28191546.34,875,455283.31833333336,1.9218802112125118E-3,32218.910102857142,61.920885753516018]
[12125,"T","BI   ","MI","9-2002",27292812.91,888,449862.4991666667,1.973936484247847E-3,30735.149673423424,60.669233289188789]
[12126,"T","BI   ","MI","12-2002",27190998.100000001,864,443330.64833333337,1.9488839836545022E-3,31471.062615740742,61.333449880405098]
[12127,"T","BI   ","MI","3-2003",30129036.010000002,855,438819.70416666666,1.9484084052781396E-3,35238.638608187139,68.659259654750585]
[12128,"T","BI   ","MI","6-2003",28119507,862,436818.08916666667,1.9733615007667561E-3,32621.237819025522,64.373494819421467]
[12129,"T","BI   ","MI","9-2003",29249681.190000001,907,438013.61166666663,2.0707119044744149E-3,32248.821598676957,66.778018789652009]
[12130,"T","BI   ","MI","12-2003",29398239.91,888,443519.33166666672,2.0021675191993415E-3,33106.126024774778,66.284010213324066]
[12131,"T","BI   ","MI","3-2004",26534154.370000001,900,450092.01750000002,1.9995911169431039E-3,29482.393744444445,58.95273263761004]
[12132,"T","BI   ","MI","6-2004",26057853.579999998,872,456132.58416666667,1.9117248586682401E-3,29882.859610091742,57.127805564705497]
[12133,"T","BI   ","MI","9-2004",22540756.18,777,457772.4375,1.6973498977862773E-3,29009.982213642212,49.240090345107333]
[12134,"T","BI   ","MI","12-2004",20908431.440000001,710,451657.68166666664,1.5719869910770072E-3,29448.494985915495,46.292651024655626]
[12135,"T","BI   ","MI","3-2005",21002677,613,441890.64333333331,1.3872210449534072E-3,34262.115823817294,47.529128115430495]
[12136,"T","BI   ","MI","6-2005",20885366.5,549,428001.23166666669,1.2827065890959138E-3,38042.561930783246,48.797444854705027]
[12137,"T","BI   ","MI","9-2005",23304725.82,542,414072.32000000001,1.3089500887188015E-3,42997.649114391148,56.281776622982186]
[12138,"T","BI   ","MI","12-2005",24343888.600000001,529,403508.39999999997,1.3110012084011139E-3,46018.693005671077,60.330562139474679]
[12139,"T","BI   ","MI","3-2006",23131424.699999999,508,397836.91250000003,1.2769051438885775E-3,45534.300590551182,58.142982647443496]
[12140,"T","BI   ","MI","6-2006",23648407.170000002,508,396157.27,1.2823190143651786E-3,46551.98261811024,59.694492467600057]
[12141,"T","BI   ","MI","9-2006",20721909.09,449,396014.75916666671,1.1337961265505106E-3,46151.245189309579,52.326103031122081]
[12142,"T","BI   ","MI","12-2006",18280043.43,417,397159.74333333335,1.0499553567543095E-3,43837.034604316548,46.026929307026187]
[12143,"T","BI   ","MI","3-2007",18357756.399999999,414,397876.94,1.0405227304703811E-3,44342.40676328502,46.139282160961621]
[12144,"T","BI   ","MI","6-2007",17180629.359999999,379,396909.17333333334,9.5487840912587623E-4,45331.475883905012,43.28604757535124]
[12145,"T","BI   ","MI","9-2007",20183640.34,408,394386.6275,1.0345178349131525E-3,49469.706715686276,51.177293885300408]
[12146,"T","BI   ","MI","12-2007",22337393.239999998,431,391248.35083333333,1.1016020874771695E-3,51826.898468677493,57.092619540562445]
[12147,"T","BI   ","MI","3-2008",23352060.719999999,446,387479.45083333337,1.1510287811155129E-3,52358.880538116588,60.266578446361088]
[12148,"T","BI   ","MI","6-2008",24051274.98,461,383697.32749999996,1.201467841862933E-3,52171.963080260306,62.682935887792972]
[{"$f":"INDEX(State,MATCH(D578,StateAbbr),1)*1000+INDEX(Coverage,MATCH(C578,CoverageAbbr),1)*100+VLOOKUP(E578,Date,2,FALSE)","v":13101},"T","BI   ","NC","9-1996",76836.399999999994,29,7290.5758333333333,3.9777379267366972E-3,2649.5310344827585,10.539140083927984]
[13102,"T","BI   ","NC","12-1996",193890.31,69,9821.4375,{"$f":"G579/H579","v":7.0254481586834918E-3},{"$f":"F579/G579","v":2810.0044927536233},{"$f":"F579/H579","v":19.741540889508283}]
[13103,"T","BI   ","NC","3-1997",351823.68,91,9984.0524999999998,9.1145354053376627E-3,3866.1942857142858,35.238564701057008]
[13104,"T","BI   ","NC","6-1997",428174.87,102,10112.247499999999,1.0086778433775478E-2,4197.7928431372547,42.342206319613915]
[13105,"T","BI   ","NC","9-1997",881274.13,124,10245.679166666667,1.2102662789151362E-2,7107.0494354838711,86.014222743489839]
[13106,"T","BI   ","NC","12-1997",1004541.95,128,10311.984166666667,1.2412742099988678E-2,7847.9839843749996,97.415001202888448]
[13107,"T","BI   ","NC","3-1998",988298.36,136,10382.3125,1.3099201165443632E-2,7266.8997058823525,95.190581096456114]
[13108,"T","BI   ","NC","6-1998",1125505.28,144,10438.388333333334,1.3795233076370504E-2,7816.0088888888895,107.82366434920588]
[13109,"T","BI   ","NC","9-1998",874113,149,10445.171666666667,1.4264964210736603E-2,5866.5302013422815,83.685843363353044]
[13110,"T","BI   ","NC","12-1998",1004018.67,141,10380.715833333334,1.3582878316275394E-2,7120.6997872340426,96.719598736728102]
[13111,"T","BI   ","NC","3-1999",1056246.53,139,10223.727499999999,1.3595824027978055E-2,7598.8958992805756,103.31325145354276]
[13112,"T","BI   ","NC","6-1999",1249341.6599999999,138,10025.689166666667,1.3764639787439383E-2,9053.2004347826078,124.61404290827221]
[13113,"T","BI   ","NC","9-1999",1127846.83,137,9789.4241666666658,1.3994694444489373E-2,8232.4586131386859,115.21074281778067]
[13114,"T","BI   ","NC","12-1999",928147.06,133,9552.3824999999997,1.3923228053315495E-2,6978.5493233082707,97.16393370973158]
[13115,"T","BI   ","NC","3-2000",842475.73,124,9324.8816666666662,1.3297755878582194E-2,6794.1591129032258,90.347069283631669]
[13116,"T","BI   ","NC","6-2000",444189.85,112,9133.439166666667,1.2262631628264891E-2,3965.9808035714282,48.633361638966406]
[13117,"T","BI   ","NC","9-2000",636718.04,101,9002.6275000000005,1.1218946912998455E-2,6304.1390099009905,70.725800884241849]
[13118,"T","BI   ","NC","12-2000",903643.28,109,8958.6175000000003,1.2167055910133454E-2,8290.3053211009174,100.86860835391175]
[13119,"T","BI   ","NC","3-2001",830087.61,104,9153.5874999999996,1.1361665576474798E-2,7981.6116346153849,90.684402153800363]
[13120,"T","BI   ","NC","6-2001",1124495.1599999999,105,9441.7991666666658,1.1120761853386172E-2,10709.477714285713,119.0975512347179]
[13121,"T","BI   ","NC","9-2001",1085665.6000000001,124,9812.6141666666663,1.2636795648322393E-2,8755.3677419354844,110.63979298075259]
[13122,"T","BI   ","NC","12-2001",908958.22,126,10336.5425,1.2189762679348536E-2,7213.9541269841266,87.936388787643452]
[13123,"T","BI   ","NC","3-2002",973734.21,132,10756.067499999999,1.2272143141533838E-2,7376.7743181818178,90.528830355517954]
[13124,"T","BI   ","NC","6-2002",727577.54,140,11168.770833333334,1.2534951436389784E-2,5196.9824285714285,65.143922357913894]
[13125,"T","BI   ","NC","9-2002",776647.29,136,11498.262499999999,1.1827873994005617E-2,5710.641838235294,67.544752087543671]
[13126,"T","BI   ","NC","12-2002",894041.35,143,11662.223333333333,1.2261812856153501E-2,6252.0374125874123,76.661312722817001]
[13127,"T","BI   ","NC","3-2003",936852.97,151,11663.3925,1.2946490482936246E-2,6204.3243046357611,80.324225563016938]
[13128,"T","BI   ","NC","6-2003",1275511.73,166,11565.415000000001,1.4353138214236151E-2,7683.8056024096386,110.2867238227076]
[13129,"T","BI   ","NC","9-2003",1319770.33,157,11486.621666666666,1.3668074439641596E-2,8406.1804458598726,114.89630008707232]
[13130,"T","BI   ","NC","12-2003",1388862.33,160,11521.457499999999,1.3887131901497707E-2,8680.3895625000005,120.54571481082148]
[13131,"T","BI   ","NC","3-2004",1444011.12,169,11715.341666666667,1.4425528918277386E-2,8544.4444970414206,123.25813118268709]
[13132,"T","BI   ","NC","6-2004",1237541.72,168,11925.6875,1.4087238157129306E-2,7366.3197619047614,103.77110082752043]
[13133,"T","BI   ","NC","9-2004",1094695.8600000001,174,11901.2675,1.4620291494162281E-2,6291.3555172413799,91.98145155547509]
[13134,"T","BI   ","NC","12-2004",787124.55,147,11511.256666666666,1.2770108794956358E-2,5354.588775510204,68.37868121551746]
[13135,"T","BI   ","NC","3-2005",832204.28,134,10903.371666666668,1.2289776419312495E-2,6210.479701492538,76.325406988021896]
[13136,"T","BI   ","NC","6-2005",941622.14,117,10204.705833333333,1.1465298648572835E-2,8048.0524786324786,92.273325206908225]
[13137,"T","BI   ","NC","9-2005",1015318.12,104,9616.3033333333333,1.0814966665984953E-2,9762.6742307692311,105.58299637663953]
[13138,"T","BI   ","NC","12-2005",1357642.72,123,9161.2458333333325,1.3426121538236932E-2,11037.745691056911,148.19411515628107]
[13139,"T","BI   ","NC","3-2006",1397415.26,122,8780.5958333333328,1.389427349985266E-2,11454.223442622952,159.14811324022716]
[13140,"T","BI   ","NC","6-2006",1387524,119,8434.7808333333323,1.4108250392200471E-2,11659.865546218487,164.50030266544172]
[13141,"T","BI   ","NC","9-2006",1389464.96,127,8087.6966666666667,1.5702863897384876E-2,10940.668976377952,171.7998358824041]
[13142,"T","BI   ","NC","12-2006",1025697.21,110,7711.4033333333327,1.4264589108510731E-2,9324.5200909090909,133.01044773087131]
[13143,"T","BI   ","NC","3-2007",804624.54,92,7316.9041666666672,1.2573623749115205E-2,8745.9189130434788,109.96789375287932]
[13144,"T","BI   ","NC","6-2007",760292.82,93,6944.4858333333332,1.3391920184155703E-2,8175.1916129032252,109.48151357017912]
[13145,"T","BI   ","NC","9-2007",747789.16,85,6602.2983333333332,1.2874304629776651E-2,8797.5195294117657,113.26194640805639]
[13146,"T","BI   ","NC","12-2007",896277.96,83,6286.8908333333338,1.3202074316279018E-2,10798.529638554217,142.56299079473436]
[13147,"T","BI   ","NC","3-2008",942158.96,92,5995.9933333333329,1.5343579434711404E-2,10240.858260869565,157.13142220527263]
[13148,"T","BI   ","NC","6-2008",899212.17,88,5703.3666666666659,1.5429483170758793E-2,10218.320113636364,157.66339822677836]
[14101,"T","BI   ","NH","9-1996",203236.01,58,13707.019166666667,4.2314086888451249E-3,3504.0691379310347,14.827148596555427]
[14102,"T","BI   ","NH","12-1996",317518.03000000003,76,18128.092499999999,4.1923881401200926E-3,4177.868815789474,17.515247674293366]
[14103,"T","BI   ","NH","3-1997",638809.38,100,17959.260833333334,5.5681578951398006E-3,6388.0937999999996,35.569914927363612]
[14104,"T","BI   ","NH","6-1997",913365.9,122,17616.656666666666,6.9252641013798121E-3,7486.6057377049183,51.846721956511992]
[14105,"T","BI   ","NH","9-1997",1305141.98,150,17299.363333333331,8.670839331466727E-3,8700.9465333333337,75.444509422215745]
[14106,"T","BI   ","NH","12-1997",1854137.28,180,16944.829166666666,1.0622709631920652E-2,10300.762666666667,109.42201079532866]
[14107,"T","BI   ","NH","3-1998",2139882.4,202,16550.264999999999,1.2205242635087717E-2,10593.477227722771,129.2959599136328]
[14108,"T","BI   ","NH","6-1998",2297892.5299999998,198,15936.584166666667,1.2424243359134729E-2,11605.517828282827,144.18977780736262]
[14109,"T","BI   ","NH","9-1998",2349911.3199999998,194,15147.708333333334,1.2807217813475635E-2,12112.944948453607,155.13312431748474]
[14110,"T","BI   ","NH","12-1998",2056629.74,182,14287.314166666665,1.2738573385935554E-2,11300.163406593407,143.94796082795364]
[14111,"T","BI   ","NH","3-1999",2060717.45,163,13462.275833333333,1.2107908203485406E-2,12642.438343558282,153.07348293202779]
[14112,"T","BI   ","NH","6-1999",2196367.3599999999,157,12807.786666666667,1.2258167947831735E-2,13989.601019108279,171.48687881538729]
[14113,"T","BI   ","NH","9-1999",2146339.31,147,12362.450833333334,1.1890846077513889E-2,14600.947687074829,173.61762153283925]
[14114,"T","BI   ","NH","12-1999",2115638.9500000002,134,12063.9625,1.1107461582378096E-2,15788.35037313433,175.36849521871443]
[14115,"T","BI   ","NH","3-2000",1798551.74,125,11791.527499999998,1.060083182607173E-2,14388.413919999999,152.52915620982949]
[14116,"T","BI   ","NH","6-2000",1491798.95,120,11492.577499999999,1.0441521930132732E-2,12431.657916666667,129.80542876478319]
[{"$f":"INDEX(State,MATCH(D642,StateAbbr),1)*1000+INDEX(Coverage,MATCH(C642,CoverageAbbr),1)*100+VLOOKUP(E642,Date,2,FALSE)","v":14117},"T","BI   ","NH","9-2000",1153995.6599999999,106,11120.320833333333,9.5320990813739254E-3,10886.751509433961,103.77359406222168]
[14118,"T","BI   ","NH","12-2000",1476995.65,110,10742.363333333333,{"$f":"G643/H643","v":1.0239832389458683E-2},{"$f":"F643/G643","v":13427.233181818181},{"$f":"F643/H643","v":137.49261723599616}]
[14119,"T","BI   ","NH","3-2001",1399228.93,100,10394.92,9.6200836562474745E-3,13992.289299999999,134.60699360841642]
[14120,"T","BI   ","NH","6-2001",1178344.3600000001,78,10162.352499999999,7.6753881544652193E-3,15106.978974358975,115.95192746955001]
[14121,"T","BI   ","NH","9-2001",1134084.08,67,10114.569166666666,6.6241081449918407E-3,16926.628059701492,112.1238147975161]
[14122,"T","BI   ","NH","12-2001",892713.55,71,10304.514166666666,6.8901841320838601E-3,12573.430281690142,86.633249812764106]
[14123,"T","BI   ","NH","3-2002",757971.45,78,10640.079166666666,7.3307725232307566E-3,9717.5826923076911,71.237388192991986]
[14124,"T","BI   ","NH","6-2002",778174.57,86,11006.157500000001,7.8138078616447199E-3,9048.5415116279055,70.703564799976732]
[14125,"T","BI   ","NH","9-2002",1180138.8600000001,100,11321.027499999998,8.8331204919341478E-3,11801.3886,104.24308747593805]
[14126,"T","BI   ","NH","12-2002",1081666.52,100,11542.025833333333,8.6639903119260335E-3,10816.665199999999,93.715482500147473]
[14127,"T","BI   ","NH","3-2003",1121568.8899999999,97,11591.019999999999,8.3685473754682507E-3,11562.56587628866,96.761880317694221]
[14128,"T","BI   ","NH","6-2003",1409531.99,106,11446.355000000001,9.260589943261413E-3,13297.471603773585,123.14243180470987]
[14129,"T","BI   ","NH","9-2003",1576745.92,113,11134.459166666667,1.0148674336899016E-2,13953.503716814159,141.60956508065686]
[14130,"T","BI   ","NH","12-2003",1813669.45,109,10682.926666666666,1.0203196502331759E-2,16639.169266055047,169.77271365711894]
[14131,"T","BI   ","NH","3-2004",2004663.41,112,10192.747499999999,1.0988205093866988E-2,17898.780446428569,196.67547047545327]
[14132,"T","BI   ","NH","6-2004",1631480.53,98,9750.4191666666666,1.0050849950638874E-2,16647.760510204083,167.3241429022325]
[14133,"T","BI   ","NH","9-2004",1216747.96,89,9329.2091666666656,9.5399297421691082E-3,13671.325393258427,130.42348373401785]
[14134,"T","BI   ","NH","12-2004",1358691.72,80,8886.8291666666664,9.0020859521042149E-3,16983.646499999999,152.88824557315391]
[14135,"T","BI   ","NH","3-2005",1550491.14,86,8473.2233333333334,1.0149620353057298E-2,18028.966744186044,182.98716781138384]
[14136,"T","BI   ","NH","6-2005",1844469.2,83,8121.8283333333338,1.0219373839675262E-2,22222.52048192771,227.10024446465971]
[14137,"T","BI   ","NH","9-2005",1691619.64,75,7889.9533333333338,9.5057596453886912E-3,22554.928533333332,214.40172945678594]
[14138,"T","BI   ","NH","12-2005",1178434.6299999999,75,7776.083333333333,9.6449583659297209E-3,15712.461733333332,151.54603924426391]
[14139,"T","BI   ","NH","3-2006",830526.29,63,7719.47,8.1611820500630226E-3,13182.956984126984,107.5885119056101]
[14140,"T","BI   ","NH","6-2006",675438.68,65,7717.3233333333337,8.4226093934986947E-3,10391.364307692309,87.522402629236311]
[14141,"T","BI   ","NH","9-2006",788857.99,73,7710.6716666666662,9.467398322195451E-3,10806.273835616439,102.30729878049968]
[14142,"T","BI   ","NH","12-2006",757771.31,72,7819.6508333333331,9.2075722477378309E-3,10524.601527777779,96.906028945665852]
[14143,"T","BI   ","NH","3-2007",852977.34,66,8054.2675000000008,8.1944137067709744E-3,12923.89909090909,105.90377585547039]
[14144,"T","BI   ","NH","6-2007",711376.15,58,8515.6083333333336,6.8110225047535262E-3,12265.106034482758,83.537913224050342]
[14145,"T","BI   ","NH","9-2007",570422.54,50,9197.7875000000004,5.4360899292356995E-3,11408.450800000001,62.017364502060957]
[14146,"T","BI   ","NH","12-2007",1009219.82,58,10021.100833333334,5.7877872865098566E-3,17400.341724137928,100.70947661189251]
[14147,"T","BI   ","NH","3-2008",847255.95,66,10951.843333333332,6.0263827733109164E-3,12837.211363636363,77.361949419169321]
[14148,"T","BI   ","NH","6-2008",918428.67,73,11871.224166666667,6.1493236902203782E-3,12581.214657534247,77.3659613453232]
[15101,"T","BI   ","NJ","9-1996",185153.88,77,33582.260833333334,2.2928771943659838E-3,2404.5958441558441,5.5134429727321566]
[15102,"T","BI   ","NJ","12-1996",577381.47,142,45598.563333333332,3.1141332011264391E-3,4066.0666901408449,12.662273277761894]
[15103,"T","BI   ","NJ","3-1997",1413226.19,224,47170.324166666665,4.7487483700248048E-3,6309.0454910714279,29.960069492137791]
[15104,"T","BI   ","NJ","6-1997",2394530.7400000002,324,48807.640833333331,6.6383048733370288E-3,7390.5269753086422,49.060571236720129]
[15105,"T","BI   ","NJ","9-1997",4086127.32,456,49912.934999999998,9.1359083572224321E-3,8960.8055263157894,81.865098095313371]
[15106,"T","BI   ","NJ","12-1997",6127949.3499999996,578,50252.46166666667,1.1501924101429591E-2,10601.988494809688,121.94326699153078]
[15107,"T","BI   ","NJ","3-1998",7845395.1699999999,715,50338.883333333331,1.4203731840164645E-2,10972.580657342658,155.85159325147259]
[15108,"T","BI   ","NJ","6-1998",9703542.8699999992,788,50467.207499999997,1.5614099512044529E-2,12314.140697969542,192.27421826341393]
[15109,"T","BI   ","NJ","9-1998",9791156.6600000001,785,51275.131666666661,1.530956575798164E-2,12472.811031847134,190.95332067894253]
[15110,"T","BI   ","NJ","12-1998",9772378.8599999994,829,52941.391666666663,1.5658825238664076E-2,11788.153027744269,184.58862814807634]
[15111,"T","BI   ","NJ","3-1999",9233025.7100000009,810,55115.516666666663,1.4696405821591077E-2,11398.797172839508,167.52134913005446]
[15112,"T","BI   ","NJ","6-1999",9272851.0700000003,815,57577.539166666662,1.4154825159179912E-2,11377.73137423313,161.04979831038571]
[15113,"T","BI   ","NJ","9-1999",10268080.789999999,860,59683.325000000004,1.4409384865873339E-2,11939.628825581394,172.04270690347761]
[15114,"T","BI   ","NJ","12-1999",10168203.67,853,61479.876666666671,1.3874458542342554E-2,11920.520128956623,165.39076233236858]
[15115,"T","BI   ","NJ","3-2000",10669972.09,839,62827.71333333334,1.3353979565493231E-2,12717.487592371872,169.82906943294768]
[15116,"T","BI   ","NJ","6-2000",11297668.66,848,63988.885833333334,1.325230137947263E-2,13322.722476415094,176.55673345252677]
[15117,"T","BI   ","NJ","9-2000",10596475.890000001,834,65440.082499999997,1.2744482710577269E-2,12705.606582733813,161.9263834210478]
[15118,"T","BI   ","NJ","12-2000",11357639.74,761,67349.104999999996,1.1299333524922121E-2,14924.625151116952,168.63831731691164]
[15119,"T","BI   ","NJ","3-2001",11475368.09,739,69599.959166666667,1.0617822321279858E-2,15528.238281461434,164.87607503505359]
[15120,"T","BI   ","NJ","6-2001",11331002.83,735,72466.854999999996,1.0142567936748463E-2,15416.33038095238,156.36117822416884]
[15121,"T","BI   ","NJ","9-2001",12134927.76,728,75693.544166666674,9.6177290681097594E-3,16668.856813186812,160.31654870434622]
[15122,"T","BI   ","NJ","12-2001",13414799.949999999,781,79152.577499999999,9.8670191757179362E-3,17176.440396927017,169.48026676705504]
[15123,"T","BI   ","NJ","3-2002",14949672.6,824,83112.58,9.914263279999249E-3,18142.806553398059,179.87256080848411]
[15124,"T","BI   ","NJ","6-2002",16224893.619999999,919,86546.296666666676,1.0618594155906304E-2,17654.9440914037,187.47068615183184]
[15125,"T","BI   ","NJ","9-2002",17009631.98,1034,88872.714166666672,1.1634617100372304E-2,16450.321063829786,191.39318675584877]
[15126,"T","BI   ","NJ","12-2002",16660323.59,1100,90101.854166666672,1.2208405811108677E-2,15145.748718181818,184.90544666464271]
[15127,"T","BI   ","NJ","3-2003",16973331.219999999,1180,90412.613333333342,1.3051276326341486E-2,14384.178999999998,187.73189485655834]
[15128,"T","BI   ","NJ","6-2003",18967780.760000002,1212,90142.290833333333,1.3445409349989801E-2,15649.984125412542,210.42044288701376]
[15129,"T","BI   ","NJ","9-2003",19655945.670000002,1172,89901.579166666663,1.3036478456371202E-2,16771.284701365188,218.6384916950152]
[15130,"T","BI   ","NJ","12-2003",21378050.82,1223,89604.704166666663,1.3648836982098551E-2,17480.008847097302,238.5817911996715]
[15131,"T","BI   ","NJ","3-2004",22120398.43,1226,89051.729166666672,1.3767278990231099E-2,18042.739339314845,248.39942623236539]
[15132,"T","BI   ","NJ","6-2004",18681731,1156,88347.078333333324,1.3084756415355522E-2,16160.666955017301,211.4583906160866]
[{"$f":"INDEX(State,MATCH(D706,StateAbbr),1)*1000+INDEX(Coverage,MATCH(C706,CoverageAbbr),1)*100+VLOOKUP(E706,Date,2,FALSE)","v":15133},"T","BI   ","NJ","9-2004",18083280.629999999,1154,87415.013333333321,1.3201393627883298E-2,15670.08720103986,206.86698932418324]
[15134,"T","BI   ","NJ","12-2004",17111235.940000001,1118,85434.650833333333,{"$f":"G707/H707","v":1.3086025273059338E-2},{"$f":"F707/G707","v":15305.219982110913},{"$f":"F707/H707","v":200.28449549563621}]
[15135,"T","BI   ","NJ","3-2005",15799835.619999999,1089,82274.424166666664,1.3236191088909577E-2,14508.572653810836,192.03824007316814]
[15136,"T","BI   ","NJ","6-2005",17689495.68,1064,78389.360833333325,1.3573270513867461E-2,16625.465864661655,225.66194560012201]
[15137,"T","BI   ","NJ","9-2005",17868493.890000001,1024,74346.596666666665,1.3773327171801946E-2,17449.701064453126,240.34044181085358]
[15138,"T","BI   ","NJ","12-2005",16509952.029999999,949,70767.944166666668,1.3410026406376813E-2,17397.209726027395,233.29704182330292]
[15139,"T","BI   ","NJ","3-2006",16577782.039999999,884,67597.343333333338,1.3077437017618493E-2,18753.147104072395,245.24310013564138]
[15140,"T","BI   ","NJ","6-2006",16472094.73,856,64481.925833333335,1.3275037755734936E-2,19243.101320093458,255.45289656167347]
[15141,"T","BI   ","NJ","9-2006",15553717.810000001,774,60649.52416666667,1.2761847856761833E-2,20095.242648578813,256.4524293258745]
[15142,"T","BI   ","NJ","12-2006",16853457.050000001,725,56343.330833333333,1.2867538877752716E-2,23246.147655172415,299.12070871091117]
[15143,"T","BI   ","NJ","3-2007",15881473.24,668,52174.415000000001,1.2803210155782292E-2,23774.660538922155,304.39197526220465]
[15144,"T","BI   ","NJ","6-2007",14702483.609999999,612,48469.356666666667,1.262653441449295E-2,24023.666029411765,303.33564588265284]
[15145,"T","BI   ","NJ","9-2007",15353768.41,595,46106.746666666666,1.2904835908324046E-2,25804.652789915966,333.00480992514184]
[15146,"T","BI   ","NJ","12-2007",14678186.9,572,44674.415833333333,1.2803748842155164E-2,25661.165909090909,328.5591232968743]
[15147,"T","BI   ","NJ","3-2008",15387232.15,542,43676.296666666669,1.2409477024494369E-2,28389.727214022139,352.3016675940703]
[15148,"T","BI   ","NJ","6-2008",15416749.02,517,42909.717499999999,1.2048552871502825E-2,29819.630599613152,359.28339588812253]
[16101,"T","BI   ","NY","9-1996",66480.789999999994,34,29648.704166666666,1.1467617542025798E-3,1955.3173529411763,2.2422831576815678]
[16102,"T","BI   ","NY","12-1996",215047.92,64,39684.8825,1.6127047875220495E-3,3360.1237500000002,5.4188876582915428]
[16103,"T","BI   ","NY","3-1997",496855.03,105,39976.721666666665,2.6265285301658677E-3,4731.952666666667,12.42860868239446]
[16104,"T","BI   ","NY","6-1997",1423237.07,145,40449.888333333329,3.5846823310142642E-3,9815.428068965517,35.185191570162146]
[16105,"T","BI   ","NY","9-1997",2432729.7200000002,192,41254.336666666662,4.6540561675091777E-3,12670.467291666668,58.969066444004568]
[16106,"T","BI   ","NY","12-1997",3688141.87,210,42281.026666666665,4.966766811401931E-3,17562.580333333335,87.229241122180269]
[16107,"T","BI   ","NY","3-1998",5415603.2199999997,220,43446.052499999998,5.0637511889026054E-3,24616.37827272727,124.65121474499898]
[16108,"T","BI   ","NY","6-1998",5366965.84,222,44574.585833333338,4.9804164379691467E-3,24175.521801801802,120.40416617817516]
[16109,"T","BI   ","NY","9-1998",6072608.6299999999,213,45335.279166666667,4.6983277464101494E-3,28509.899671361502,133.94885267332734]
[16110,"T","BI   ","NY","12-1998",5561935.6299999999,237,45724.049999999996,5.1832678863748954E-3,23468.082827004218,121.64136007199713]
[16111,"T","BI   ","NY","3-1999",4636699.04,252,45944.162499999999,5.484918785928463E-3,18399.599365079364,100.92030821108122]
[16112,"T","BI   ","NY","6-1999",5343777.0999999996,259,46082.901666666665,5.6203058104594902E-3,20632.344015444014,115.96008295339909]
[16113,"T","BI   ","NY","9-1999",4968155.08,274,46184.707499999997,5.9326996928582912E-3,18131.952846715329,107.57143108462905]
[16114,"T","BI   ","NY","12-1999",5905973.4800000004,292,46455.172499999993,6.2856294420174643E-3,20225.936575342468,127.13274243035049]
[16115,"T","BI   ","NY","3-2000",6346009.0899999999,284,46607.665833333333,6.0934182161271437E-3,22345.102429577466,136.15805418561422]
[16116,"T","BI   ","NY","6-2000",6215354.1500000004,280,46766.057499999995,5.9872483371085968E-3,22197.693392857145,132.90310285403044]
[16117,"T","BI   ","NY","9-2000",7111480.5899999999,286,46898.396666666667,6.0982895008706408E-3,24865.316748251749,151.63590006168653]
[16118,"T","BI   ","NY","12-2000",6980418.8499999996,274,46888.627500000002,5.8436344719196565E-3,25475.981204379561,148.87232197188965]
[16119,"T","BI   ","NY","3-2001",6553754.6299999999,267,46970.654999999999,5.6844001856052465E-3,24545.897490636704,139.52870425162263]
[16120,"T","BI   ","NY","6-2001",6650442.2800000003,280,47026.936666666668,5.9540344289205592E-3,23751.579571428574,141.41772250953196]
[16121,"T","BI   ","NY","9-2001",6531384.5099999998,261,47202.676666666666,5.5293474529657678E-3,25024.461724137931,138.3689436962014]
[16122,"T","BI   ","NY","12-2001",7560948.9500000002,262,47462.44,5.5201544631923683E-3,28858.583778625954,159.30384004699295]
[16123,"T","BI   ","NY","3-2002",7787524.4699999997,284,47865.119166666671,5.9333394535404805E-3,27420.860809859154,162.69727529317927]
[16124,"T","BI   ","NY","6-2002",7946166.5999999996,290,48322.693333333329,6.0013211184144818E-3,27400.57448275862,164.43964630006826]
[16125,"T","BI   ","NY","9-2002",7234510.5700000003,295,48518.862499999996,6.0801095656354276E-3,24523.764644067796,149.10717599778852]
[16126,"T","BI   ","NY","12-2002",6040110.5700000003,285,48342.21,5.8954689907639718E-3,21193.370421052634,124.94485812709019]
[16127,"T","BI   ","NY","3-2003",7188299.3399999999,297,47780.470833333333,6.2159287009956035E-3,24203.028080808079,150.4442968984975]
[16128,"T","BI   ","NY","6-2003",8149153.1500000004,328,46662.001666666671,7.0292741049364175E-3,24844.979115853661,174.64216833675624]
[16129,"T","BI   ","NY","9-2003",9062572.3100000005,368,45110.281666666669,8.1577854627302437E-3,24626.555190217394,200.89815392787949]
[16130,"T","BI   ","NY","12-2003",9830967.2699999996,395,43481.845000000001,9.0842511397572941E-3,24888.524734177216,226.09360918332695]
[16131,"T","BI   ","NY","3-2004",9513119.5800000001,408,41808.832499999997,9.7587034988360424E-3,23316.46955882353,227.53851306419526]
[16132,"T","BI   ","NY","6-2004",9102450.4600000009,378,40436.626666666671,9.3479607761544226E-3,24080.556772486776,225.10410017716612]
[16133,"T","BI   ","NY","9-2004",8815477.6199999992,359,39318.090000000004,9.1306571606097845E-3,24555.647966573815,224.20920293941029]
[16134,"T","BI   ","NY","12-2004",9610860.8599999994,365,38140.500833333332,9.5698795774858837E-3,26331.125643835614,251.98570155115729]
[16135,"T","BI   ","NY","3-2005",9696849.7100000009,339,36798.39,9.2123595624699888E-3,28604.27643067847,263.51287950369573]
[16136,"T","BI   ","NY","6-2005",9532028.1899999995,336,35335.033333333333,9.5089764549064152E-3,28369.131517857142,269.76140364944706]
[16137,"T","BI   ","NY","9-2005",10602713.380000001,316,34084.909166666665,9.2709650025716416E-3,33552.890443037977,311.06767303252559]
[16138,"T","BI   ","NY","12-2005",9646538.6600000001,269,33881.276666666665,7.9394883093248259E-3,35860.738513011151,284.71591418780662]
[16139,"T","BI   ","NY","3-2006",8792538.5399999991,237,34896.505833333336,6.7915109074793466E-3,37099.318734177214,251.96042784321739]
[16140,"T","BI   ","NY","6-2006",9682972.3499999996,228,37360.894999999997,6.1026375304981326E-3,42469.176973684211,259.17399328897233]
[16141,"T","BI   ","NY","9-2006",8176986.4000000004,212,40918.540833333333,5.1810254149458612E-3,38570.690566037738,199.83572809465409]
[16142,"T","BI   ","NY","12-2006",8420093.4399999995,234,44396.166666666664,5.2707253253846996E-3,35983.305299145301,189.65811853125459]
[16143,"T","BI   ","NY","3-2007",9181290.5700000003,261,47367.08833333334,5.5101550292321454E-3,35177.358505747128,193.83269888554474]
[16144,"T","BI   ","NY","6-2007",7897550.7800000003,276,49278.577500000007,5.6008110217873061E-3,28614.314420289855,160.26336758604688]
[16145,"T","BI   ","NY","9-2007",8043392.8099999996,292,50159.366666666669,5.8214451139401678E-3,27545.865787671231,160.35674579889033]
[16146,"T","BI   ","NY","12-2007",7901608.5899999999,302,50208.519166666665,6.0149154966613154E-3,26164.266854304635,157.37585416073895]
[16147,"T","BI   ","NY","3-2008",8652623.1300000008,298,49538.780833333331,6.0154891781164649E-3,29035.648087248326,174.66362684844034]
[16148,"T","BI   ","NY","6-2008",8784033.3200000003,303,48612.27,6.2329942625596385E-3,28990.208976897691,180.69580622340823]
[{"$f":"INDEX(State,MATCH(D770,StateAbbr),1)*1000+INDEX(Coverage,MATCH(C770,CoverageAbbr),1)*100+VLOOKUP(E770,Date,2,FALSE)","v":17101},"T","BI   ","OH","9-1996",3300,1,488.9375,2.04525118241084E-3,3300,6.7493289019557716]
[17102,"T","BI   ","OH","12-1996",3300,1,651.91666666666663,{"$f":"G771/H771","v":1.5339383868081299E-3},{"$f":"F771/G771","v":3300},{"$f":"F771/H771","v":5.0619966764668289}]
[17103,"T","BI   ","OH","3-1997",11558.77,6,1132.8616666666667,5.2963218515941195E-3,1926.4616666666668,10.203161021425093]
[17104,"T","BI   ","OH","6-1997",23690.99,9,1616.86,5.566344643321005E-3,2632.3322222222223,14.652468364607946]
[17105,"T","BI   ","OH","9-1997",24877.59,11,2102.5625,5.2317113046580063E-3,2261.599090909091,11.832033530513362]
[17106,"T","BI   ","OH","12-1997",51059.11,21,2589.8274999999999,8.1086481628602682E-3,2431.3861904761907,19.715255166608589]
[17107,"T","BI   ","OH","3-1998",83674.09,29,3398.4375,8.5333333333333337E-3,2885.3134482758619,24.621341425287355]
[17108,"T","BI   ","OH","6-1998",121566.55,35,4203.4541666666664,8.3264854598747665E-3,3473.33,28.920631742346821]
[17109,"T","BI   ","OH","9-1998",171526.46,52,5005.6466666666665,1.0388268182465936E-2,3298.5857692307691,34.266593593634923]
[17110,"T","BI   ","OH","12-1998",202365.72,55,5806.081666666666,9.4728257640192808E-3,3679.3767272727273,34.854094657642037]
[17111,"T","BI   ","OH","3-1999",269606.05,61,6583.7550000000001,9.2652293410067661E-3,4419.7713114754097,40.950194835621922]
[17112,"T","BI   ","OH","6-1999",386697.88,71,7361.7475000000004,9.6444492289364716E-3,5446.4490140845073,52.528000994329126]
[17113,"T","BI   ","OH","9-1999",436805.72,66,8142.6816666666664,8.1054378277099128E-3,6618.2684848484841,53.643963731031278]
[17114,"T","BI   ","OH","12-1999",451858.79,75,8928.0049999999992,8.400532929809067E-3,6024.7838666666667,50.611395266915736]
[17115,"T","BI   ","OH","3-2000",495238.29,95,9207.1216666666678,1.0318099775300748E-2,5213.0346315789475,53.788611460729754]
[17116,"T","BI   ","OH","6-2000",462509.87,100,9594.2091666666656,1.042295391551727E-2,4625.0986999999996,48.207190604818834]
[17117,"T","BI   ","OH","9-2000",528342.27,104,10012.835000000001,1.0386668710709803E-2,5080.2141346153849,52.766501195715293]
[17118,"T","BI   ","OH","12-2000",796958.7,111,10408.263333333334,1.0664603348813554E-2,7179.8081081081073,76.569805593568432]
[17119,"T","BI   ","OH","3-2001",1031719.06,102,10465.625833333334,9.7461921173530707E-3,10114.892745098039,98.581687940146281]
[17120,"T","BI   ","OH","6-2001",1064742.0900000001,112,10559.466666666667,1.0606596292742057E-2,9506.6258035714291,100.8329420046467]
[17121,"T","BI   ","OH","9-2001",1167471.1499999999,109,10649.588333333333,1.0235137414544819E-2,10710.744495412842,109.62594172262996]
[17122,"T","BI   ","OH","12-2001",983163.2,113,10750.188333333334,1.0511443753000916E-2,8700.5592920353974,91.455439617879563]
[17123,"T","BI   ","OH","3-2002",694536.69,103,10748.266666666666,9.5829405051357126E-3,6743.0746601941746,64.618483290328982]
[17124,"T","BI   ","OH","6-2002",836674.98,104,10530.763333333334,9.8758272983693173E-3,8044.9517307692304,79.450553916794249]
[17125,"T","BI   ","OH","9-2002",740216.56,112,10205.49,1.0974485301538682E-2,6609.0764285714295,72.531212122102914]
[17126,"T","BI   ","OH","12-2002",809739.05,112,9676.3616666666658,1.1574598372632139E-2,7229.8129464285721,83.68218116416692]
[17127,"T","BI   ","OH","3-2003",833043.83,110,9099.6466666666656,1.2088381453638861E-2,7573.1257272727271,91.546832587638946]
[17128,"T","BI   ","OH","6-2003",628449.82999999996,101,8465.1033333333344,1.1931336927960319E-2,6222.2755445544553,74.240065980686964]
[17129,"T","BI   ","OH","9-2003",668150.54,114,7860.0091666666667,1.4503799878944162E-2,5860.9696491228069,85.006330887442772]
[17130,"T","BI   ","OH","12-2003",854497.1,106,7375.9516666666668,1.4371026925113165E-2,8061.2933962264151,115.84906444840676]
[17131,"T","BI   ","OH","3-2004",1193773.56,114,6969.6399999999994,1.6356655437009659E-2,10471.697894736842,171.28195430466999]
[17132,"T","BI   ","OH","6-2004",1345749.6,113,6557.3474999999999,1.7232577654303055E-2,11909.288495575222,205.22773880749801]
[17133,"T","BI   ","OH","9-2004",1228154.82,96,6067.810833333333,1.5821191964757196E-2,12793.279375,202.40492885064398]
[17134,"T","BI   ","OH","12-2004",977852.06,92,5566.6074999999992,1.6527121770306245E-2,10628.826739130436,175.66391379309573]
[17135,"T","BI   ","OH","3-2005",770989.17,85,5074.1099999999997,1.6751706210547269E-2,9070.4608235294127,151.94569491004336]
[17136,"T","BI   ","OH","6-2005",860843.72,87,4580.9108333333334,1.8991856241107798E-2,9894.7554022988497,187.91977214138453]
[17137,"T","BI   ","OH","9-2005",1172930.96,89,4121.16,2.1595861359423076E-2,13178.999550561797,284.61184714983159]
[17138,"T","BI   ","OH","12-2005",1915358.28,82,3701.7591666666667,2.2151630159624555E-2,23358.027804878049,517.41839319188557]
[17139,"T","BI   ","OH","3-2006",1770865.09,76,3345.7824999999998,2.2715164539237085E-2,23300.856447368424,529.28278810711697]
[17140,"T","BI   ","OH","6-2006",1742979.09,66,3058.2441666666668,2.1581010672518244E-2,26408.774090909094,569.92803550403244]
[17141,"T","BI   ","OH","9-2006",1385822.94,50,2801.2024999999999,1.7849477144190756E-2,27716.4588,494.72429786850466]
[17142,"T","BI   ","OH","12-2006",503447,41,2599.2424999999998,1.57738264128876E-2,12279.195121951219,193.68989234363474]
[17143,"T","BI   ","OH","3-2007",650969.41,31,2458.5391666666669,1.2609113745391486E-2,20999.013225806451,264.77894630517375]
[17144,"T","BI   ","OH","6-2007",897408.5,21,2448.4583333333335,8.5768255534945451E-3,42733.738095238092,366.5198168915814]
[17145,"T","BI   ","OH","9-2007",1317564.0900000001,21,2581.6183333333333,8.1344324716214837E-3,62741.147142857146,510.36362462563858]
[17146,"T","BI   ","OH","12-2007",1415807.94,24,2841.9766666666669,8.4448265467814056E-3,58991.997499999998,498.17718653566232]
[17147,"T","BI   ","OH","3-2008",1312765.24,29,3300.0083333333332,8.7878565963217265E-3,45267.766896551722,397.80664392261639]
[17148,"T","BI   ","OH","6-2008",954506.06,31,3944.5783333333334,7.858888170133943E-3,30790.518064516131,241.9792381695213]
[18101,"T","BI   ","OK","9-1996",154429.13,54,6174.5999999999995,8.7455057817510447E-3,2859.7987037037037,25.010386097884886]
[18102,"T","BI   ","OK","12-1996",264972.39,83,8307.8575000000001,9.990542086211758E-3,3192.4384337349397,31.894190529868865]
[18103,"T","BI   ","OK","3-1997",368003.46,113,8466.6966666666667,1.3346409402486369E-2,3256.6677876106196,43.464821581340857]
[18104,"T","BI   ","OK","6-1997",453819.21,134,8617.1741666666658,1.5550341377379226E-2,3386.7105223880599,52.664504769496659]
[18105,"T","BI   ","OK","9-1997",598669.48,136,8821.73,1.5416477266930637E-2,4401.9814705882354,67.863047270773421]
[18106,"T","BI   ","OK","12-1997",788907.53,166,9032.2924999999996,1.8378501360534993E-2,4752.4549999999999,87.343000683381334]
[18107,"T","BI   ","OK","3-1998",813666.22,168,9219.7875000000004,1.8221678102667768E-2,4843.2513095238091,88.252166332466984]
[18108,"T","BI   ","OK","6-1998",925370.04,158,9337.86,1.692036505152144E-2,5856.7724050632914,99.098727117348091]
[18109,"T","BI   ","OK","9-1998",920736.64,157,9336.1149999999998,1.6816416678672019E-2,5864.5645859872611,98.62096171694543]
[18110,"T","BI   ","OK","12-1998",881030.56,130,9224.7591666666667,1.4092508828821276E-2,6777.1581538461542,95.507161117395029]
[18111,"T","BI   ","OK","3-1999",893441.3,118,9035.1975000000002,1.3060035488986267E-2,7571.5364406779663,98.884534621406999]
[18112,"T","BI   ","OK","6-1999",937055.26,117,8765.2075000000004,1.3348229348820321E-2,8009.0193162393161,106.9062266922945]
[18113,"T","BI   ","OK","9-1999",902494.78,122,8433.7016666666659,1.4465771356626521E-2,7397.4981967213116,107.01051752482749]
[18114,"T","BI   ","OK","12-1999",730988.17,109,8008.5483333333332,1.3610456659956477E-2,6706.3134862385323,91.275989052531173]
[18115,"T","BI   ","OK","3-2000",659286.52,105,7503.105833333334,1.3994204844282817E-2,6278.9192380952381,87.868482018612951]
[18116,"T","BI   ","OK","6-2000",599299.55000000005,106,7001.2016666666668,1.5140258065222612E-2,5653.7693396226423,85.599526843130036]
[{"$f":"INDEX(State,MATCH(D834,StateAbbr),1)*1000+INDEX(Coverage,MATCH(C834,CoverageAbbr),1)*100+VLOOKUP(E834,Date,2,FALSE)","v":18117},"T","BI   ","OK","9-2000",558199.47,102,6556.8899999999994,1.555615543344482E-2,5472.5438235294114,85.131742335161945]
[18118,"T","BI   ","OK","12-2000",709900.35,100,6226.6150000000007,{"$f":"G835/H835","v":1.6060090434369234E-2},{"$f":"F835/G835","v":7099.0034999999998},{"$f":"F835/H835","v":114.01063820390371}]
[18119,"T","BI   ","OK","3-2001",1077275.3500000001,102,6001.0424999999996,1.6997046763124909E-2,10561.523039215686,179.51470098737013]
[18120,"T","BI   ","OK","6-2001",959197.39,94,5855.165,1.6054201717628794E-2,10204.227553191489,163.82072751152188]
[18121,"T","BI   ","OK","9-2001",928700.89,76,5776.9891666666663,1.3155641772451539E-2,12219.74855263158,160.75863450785423]
[18122,"T","BI   ","OK","12-2001",778408.26,82,5746.2783333333327,1.4270105839518739E-2,9492.7836585365858,135.46302751897099]
[18123,"T","BI   ","OK","3-2002",451632.03,80,5777.7874999999995,1.3846130547376484E-2,5645.4003750000002,78.166950584458164]
[18124,"T","BI   ","OK","6-2002",520535.03,78,5820.9875000000002,1.3399788266166179E-2,6673.5260256410256,89.423835732339228]
[18125,"T","BI   ","OK","9-2002",502686.49,83,5853.5333333333328,1.4179469949773926E-2,6056.463734939759,85.877445531473867]
[18126,"T","BI   ","OK","12-2002",841645.62,83,5893.0574999999999,1.4084369616281532E-2,10140.308674698796,142.81985539764375]
[18127,"T","BI   ","OK","3-2003",835454.04,85,5905.7675000000008,1.4392710176958369E-2,9828.8710588235299,141.464092516341]
[18128,"T","BI   ","OK","6-2003",833967.27,81,5908.0516666666663,1.3710103528207692E-2,10295.892222222223,141.15774828193503]
[18129,"T","BI   ","OK","9-2003",808420.23,78,5915.5633333333326,1.3185557419439909E-2,10364.361923076924,136.65988925258739]
[18130,"T","BI   ","OK","12-2003",495545.83,76,5922.4483333333337,1.2832530690432362E-2,6520.3398684210524,83.672461473562876]
[18131,"T","BI   ","OK","3-2004",662989.06000000006,74,5930.5999999999995,1.2477658247057634E-2,8959.3116216216222,111.79122854348634]
[18132,"T","BI   ","OK","6-2004",667256.82999999996,69,5963.604166666667,1.1570184417281216E-2,9670.3888405797097,111.88818227232552]
[18133,"T","BI   ","OK","9-2004",779696.87,65,5975.4933333333329,1.0877762951789756E-2,11995.336461538462,130.4824265555759]
[18134,"T","BI   ","OK","12-2004",786485.68,56,5945.77,9.4184605189908104E-3,14044.387142857144,132.27650581842218]
[18135,"T","BI   ","OK","3-2005",655928.11,56,5912.7208333333328,9.471105025675575E-3,11713.001964285713,110.9350717696943]
[18136,"T","BI   ","OK","6-2005",925413.34,62,5879.9824999999992,1.0544249068768488E-2,14926.021612903225,157.38368949227316]
[18137,"T","BI   ","OK","9-2005",778389.18,59,5917.9191666666666,9.9697204943798527E-3,13193.036949152543,131.53089085507673]
[18138,"T","BI   ","OK","12-2005",871868.62,63,6013.3191666666671,1.0476743085453499E-2,13839.184444444445,144.98957993664897]
[18139,"T","BI   ","OK","3-2006",1021230.33,64,6119.5741666666663,1.0458244030868705E-2,15956.723906249999,166.87931254475905]
[18140,"T","BI   ","OK","6-2006",700251.6,63,6229.4158333333335,1.0113307842268248E-2,11115.104761904762,112.41047615620458]
[18141,"T","BI   ","OK","9-2006",781137.59,68,6351.62,1.070593014065703E-2,11487.317499999999,122.98241865854695]
[18142,"T","BI   ","OK","12-2006",672087.74,66,6547.8450000000003,1.0079652160367266E-2,10183.147575757575,102.64258546132353]
[18143,"T","BI   ","OK","3-2007",529588.26,63,6871.0141666666668,9.168952133097286E-3,8406.1628571428573,77.075704860163171]
[18144,"T","BI   ","OK","6-2007",639478.56000000006,71,7321.9491666666663,9.6968714728625886E-3,9006.7402816901413,87.337202901003494]
[18145,"T","BI   ","OK","9-2007",728307.85,84,7918.854166666667,1.0607595269728102E-2,8670.3315476190473,91.971367911498135]
[18146,"T","BI   ","OK","12-2007",1004725.04,96,8767.1658333333344,1.0949946861390685E-2,10465.885833333334,114.60089373238158]
[18147,"T","BI   ","OK","3-2008",1027356.86,92,9829.0774999999994,9.3599831723780794E-3,11166.922391304348,104.52220566986068]
[18148,"T","BI   ","OK","6-2008",946029.53,90,11171.146666666667,8.0564692851584317E-3,10511.439222222223,84.685087236642971]
[19101,"T","BI   ","RI","9-1996",13935.68,3,1333.5375000000001,2.2496555214982705E-3,4645.2266666666665,10.450159819277673]
[19102,"T","BI   ","RI","12-1996",52484.31,9,1893.9750000000001,4.7519106640795152E-3,5831.59,27.711194709539459]
[19103,"T","BI   ","RI","3-1997",79401.070000000007,15,2111.8716666666664,7.1027043152085481E-3,5293.4046666666673,37.597488168078399]
[19104,"T","BI   ","RI","6-1997",140847.88,24,2305.8650000000002,1.0408241592634433E-2,5868.6616666666669,61.082448452099314]
[19105,"T","BI   ","RI","9-1997",192415.83,35,2450.9041666666667,1.4280444121812189E-2,5497.5951428571425,78.508100241917518]
[19106,"T","BI   ","RI","12-1997",195934,43,2520.36,1.7061054769953499E-2,4556.604651162791,77.740481518513221]
[19107,"T","BI   ","RI","3-1998",283861.5,46,2505.9583333333335,1.8356250935270938E-2,6170.902173913043,113.27462880135676]
[19108,"T","BI   ","RI","6-1998",312242.90999999997,50,2389.5458333333331,2.0924478326599723E-2,6244.8581999999997,130.67040005858854]
[19109,"T","BI   ","RI","9-1998",446906.22,54,2207.8933333333334,2.4457703270689406E-2,8276.0411111111098,202.41295775158218]
[19110,"T","BI   ","RI","12-1998",547743.16,59,2036.9408333333333,2.8965004301794071E-2,9283.7823728813564,268.90479636742845]
[19111,"T","BI   ","RI","3-1999",530971.78,61,1925.6949999999999,3.1676875102235817E-2,8704.4554098360659,275.72994685035792]
[19112,"T","BI   ","RI","6-1999",550095.26,54,1874.6966666666667,2.8804659953876981E-2,10186.94925925926,293.43160938036198]
[19113,"T","BI   ","RI","9-1999",503244.32,55,1893.8025,2.9042099162927496E-2,9149.8967272727277,265.73220808400032]
[19114,"T","BI   ","RI","12-1999",542332.82999999996,53,1898.8016666666665,2.7912341204672071E-2,10232.694905660377,285.61847165010215]
[19115,"T","BI   ","RI","3-2000",541398.96,59,1895.68,3.1123396353814989E-2,9176.2535593220327,285.59617656988519]
[19116,"T","BI   ","RI","6-2000",675509.74,73,1901.7966666666669,3.8384755468074919E-2,9253.5580821917811,355.19556419455984]
[19117,"T","BI   ","RI","9-2000",635485.31999999995,75,1963.9791666666667,3.8187777789564128E-2,8473.1376,323.57029584920065]
[19118,"T","BI   ","RI","12-2000",685769.91,91,2078.94,4.3772307041088247E-2,7535.9330769230774,329.86517648416981]
[19119,"T","BI   ","RI","3-2001",703762.72,97,2195.4508333333333,4.4182269321297332E-2,7255.2857731958757,320.55499003431714]
[19120,"T","BI   ","RI","6-2001",776251.96,108,2346.6708333333331,4.6022645556382184E-2,7187.5181481481477,330.78860016228668]
[19121,"T","BI   ","RI","9-2001",833103.64,104,2491.0700000000002,4.1749127884804518E-2,8010.6119230769236,334.43606161207833]
[19122,"T","BI   ","RI","12-2001",733441.8,83,2653.6058333333335,3.1278194733141411E-2,8836.6481927710847,276.3944029617561]
[19123,"T","BI   ","RI","3-2002",785823.58,84,2859.540833333333,2.9375345517301879E-2,9355.0426190476192,274.80760926360847]
[19124,"T","BI   ","RI","6-2002",585460.71,74,3095.2241666666669,2.3907799892791824E-2,7911.6312162162158,189.14969594286248]
[19125,"T","BI   ","RI","9-2002",615575.57999999996,90,3352.5499999999997,2.6845237207498773E-2,6839.728666666666,183.61413849159595]
[19126,"T","BI   ","RI","12-2002",675524.32,105,3637.7583333333332,2.8863929480380548E-2,6433.5649523809516,185.69796509297163]
[19127,"T","BI   ","RI","3-2003",742816.14,109,3892.9733333333334,2.7999164306288595E-2,6814.8269724770644,190.80946012131258]
[19128,"T","BI   ","RI","6-2003",987026.03,116,4091.2041666666664,2.8353510427349734E-2,8508.8450862068967,241.25562787647078]
[19129,"T","BI   ","RI","9-2003",978113.86,122,4233.8100000000004,2.8815653040641879E-2,8017.326721311475,231.02450511477838]
[19130,"T","BI   ","RI","12-2003",1065822.6599999999,137,4317.3791666666666,3.1732214084354803E-2,7779.7274452554739,246.86797681077735]
[19131,"T","BI   ","RI","3-2004",1238789.9099999999,143,4388.4708333333338,3.2585382341799009E-2,8662.8665034965034,282.28281719239709]
[19132,"T","BI   ","RI","6-2004",1189424.19,147,4466.4883333333337,3.2911761775563424E-2,8091.3210204081624,266.29962987328224]
[{"$f":"INDEX(State,MATCH(D898,StateAbbr),1)*1000+INDEX(Coverage,MATCH(C898,CoverageAbbr),1)*100+VLOOKUP(E898,Date,2,FALSE)","v":19133},"T","BI   ","RI","9-2004",1395189.48,150,4521.1233333333339,3.3177595243659944E-2,9301.2631999999994,308.59354570434925]
[19134,"T","BI   ","RI","12-2004",1304595.25,132,4498.8949999999995,{"$f":"G899/H899","v":2.9340538065458298E-2},{"$f":"F899/G899","v":9883.297348484848},{"$f":"F899/H899","v":289.98126206546277}]
[19135,"T","BI   ","RI","3-2005",1054413.99,119,4368.6149999999998,2.7239754475960918E-2,8860.621764705882,241.36116137494378]
[19136,"T","BI   ","RI","6-2005",1150697.8700000001,126,4143.5258333333331,3.0408884864761915E-2,9132.5227777777782,277.70983367426015]
[19137,"T","BI   ","RI","9-2005",946416.32,112,3848.7441666666668,2.910040136468757E-2,8450.1457142857143,245.90263187580882]
[19138,"T","BI   ","RI","12-2005",1056793.01,112,3484.5533333333333,3.2141852709959957E-2,9435.6518749999996,303.27933278870751]
[19139,"T","BI   ","RI","3-2006",1227144.6000000001,114,3131.2108333333331,3.6407641027046779E-2,10764.426315789475,391.90736916735892]
[19140,"T","BI   ","RI","6-2006",984550.7,92,2801.5016666666666,3.283953070406883E-2,10701.63804347826,351.43677111263543]
[19141,"T","BI   ","RI","9-2006",1106444.48,90,2498.5875000000001,3.6020351498596705E-2,12293.827555555556,442.82798981424503]
[19142,"T","BI   ","RI","12-2006",1161999.3899999999,94,2268.4124999999999,4.1438671317496269E-2,12361.695638297871,512.2522424823527]
[19143,"T","BI   ","RI","3-2007",981959.17,85,2023.7858333333334,4.2000491652814054E-2,11552.460823529413,485.20903438810842]
[19144,"T","BI   ","RI","6-2007",993532.76,92,1773.6824999999999,5.1869486224281967E-2,10799.269130434783,560.1525413934005]
[19145,"T","BI   ","RI","9-2007",865335.26,85,1514.53,5.6123021663486365E-2,10180.414823529412,571.35564168421888]
[19146,"T","BI   ","RI","12-2007",653945.43000000005,81,1234.7950000000001,6.559793326017678E-2,8073.4003703703711,529.59837867824217]
[19147,"T","BI   ","RI","3-2008",651356.46,80,1019.2666666666668,7.8487801687487729E-2,8141.9557499999992,639.04420825430043]
[19148,"T","BI   ","RI","6-2008",554051.6,64,852.11749999999995,7.510701282393567E-2,8657.0562499999996,650.20563478628242]
[20101,"T","BI   ","TN","9-1996",18323,5,620.32666666666671,8.0602693204655605E-3,3664.6,29.537662951778092]
[20102,"T","BI   ","TN","12-1996",24878,6,846.91250000000002,7.0845571413811932E-3,4146.333333333333,29.374935427213554]
[20103,"T","BI   ","TN","3-1997",24878,6,914.7258333333333,6.5593424623589403E-3,4146.333333333333,27.19722029642762]
[20104,"T","BI   ","TN","6-1997",35252.46,10,948.33500000000004,1.0544796933573051E-2,3525.2460000000001,37.173003210890663]
[20105,"T","BI   ","TN","9-1997",31647.96,10,1007.3691666666667,9.9268474069833714E-3,3164.7959999999998,31.416446966231344]
[20106,"T","BI   ","TN","12-1997",32592.959999999999,10,1065.3075000000001,9.3869610417649362E-3,3259.2959999999998,30.594884575580284]
[20107,"T","BI   ","TN","3-1998",41693.96,13,1130.4375,1.1499972355835683E-2,3207.2276923076925,36.883029800409133]
[20108,"T","BI   ","TN","6-1998",32752.5,10,1174.6591666666666,8.5131077028726774E-3,3275.25,27.882556003833738]
[20109,"T","BI   ","TN","9-1998",31107,8,1212.3058333333333,6.5989948905907266E-3,3888.375,25.659366757700717]
[20110,"T","BI   ","TN","12-1998",27657,9,1241.26,7.2506968725327492E-3,3073,22.281391489293139]
[20111,"T","BI   ","TN","3-1999",23177.040000000001,10,1253.0441666666668,7.980564664852861E-3,2317.7040000000002,18.496586645988135]
[20112,"T","BI   ","TN","6-1999",42751.040000000001,10,1260.1083333333333,7.9358256234583011E-3,4275.1040000000003,33.926479866149073]
[20113,"T","BI   ","TN","9-1999",51784.84,17,1246.7850000000001,1.3635069398492922E-2,3046.1670588235293,41.534699246461898]
[20114,"T","BI   ","TN","12-1999",55920.74,17,1227.7766666666666,1.3846166376621156E-2,3289.4552941176471,45.546345290810216]
[20115,"T","BI   ","TN","3-2000",85101.7,15,1205.6883333333333,1.2441026080537675E-2,5673.4466666666667,70.583497946539524]
[20116,"T","BI   ","TN","6-2000",67824.710000000006,17,1192.2208333333333,1.4259103284137098E-2,3989.6888235294123,56.889385006273315]
[20117,"T","BI   ","TN","9-2000",60029.71,11,1217.9091666666666,9.0318722455355535E-3,5457.2463636363636,49.289151968777091]
[20118,"T","BI   ","TN","12-2000",83307.240000000005,14,1292.1591666666666,1.0834578557466154E-2,5950.517142857143,64.471345441834771]
[20119,"T","BI   ","TN","3-2001",133261.24,15,1446.6483333333333,1.0368794996249953E-2,8884.0826666666653,92.117231900404263]
[20120,"T","BI   ","TN","6-2001",157912.23000000001,13,1739.1166666666668,7.4750591775518214E-3,12147.094615384616,90.800251085321094]
[20121,"T","BI   ","TN","9-2001",236661.29,21,2121.3441666666668,9.89938376336073E-3,11269.585238095238,111.56194912580978]
[20122,"T","BI   ","TN","12-2001",257082.86,25,2626.6741666666667,9.5177393211757968E-3,10283.314399999999,97.873905816893284]
[20123,"T","BI   ","TN","3-2002",201656.86,27,3176.0741666666668,8.5010609271561396E-3,7468.7725925925924,63.492490860703548]
[20124,"T","BI   ","TN","6-2002",243136.5,41,3696.1316666666667,1.1092678426408872E-2,5930.1585365853662,65.781341663964895]
[20125,"T","BI   ","TN","9-2002",189987.64,48,4182.6225000000004,1.1476053600342847E-2,3958.0758333333338,45.423090417555017]
[20126,"T","BI   ","TN","12-2002",189808.21,56,4634.649166666667,1.2082899478727174E-2,3389.4323214285714,40.954170029770317]
[20127,"T","BI   ","TN","3-2003",267560.81,62,5013.5483333333332,1.2366490931738633E-2,4315.4969354838713,53.367553718607148]
[20128,"T","BI   ","TN","6-2003",293799.17,57,5373.4958333333334,1.060761965170098E-2,5154.3714035087714,54.675611392025203]
[20129,"T","BI   ","TN","9-2003",409471.62,54,5731.2466666666669,9.4220338332439597E-3,7582.807777777778,71.445471433207658]
[20130,"T","BI   ","TN","12-2003",502744.15,55,6036.1616666666669,9.111750651697257E-3,9140.8027272727286,83.288715207263337]
[20131,"T","BI   ","TN","3-2004",472653.35,55,6319.519166666666,8.7031937952030385E-3,8593.6972727272714,74.792612781853265]
[20132,"T","BI   ","TN","6-2004",494584.35,64,6392.3341666666665,1.0011992228712491E-2,7727.8804687499996,77.371479197544033]
[20133,"T","BI   ","TN","9-2004",415143.84,62,6147.6716666666662,1.0085118946115915E-2,6695.8683870967743,67.528629131408294]
[20134,"T","BI   ","TN","12-2004",378298.49,57,5576.7275,1.0221048096755669E-2,6636.8156140350875,67.835211600351641]
[20135,"T","BI   ","TN","3-2005",413418.54,53,4787.9208333333336,1.1069523044536555E-2,7800.3498113207543,86.346151991861461]
[20136,"T","BI   ","TN","6-2005",406514.36,43,4046.9508333333338,1.0625283521070698E-2,9453.8223255813955,100.44954256713027]
[20137,"T","BI   ","TN","9-2005",422299.5,43,4024.4933333333333,1.068457478705394E-2,9820.9186046511622,104.93233930896477]
[20138,"T","BI   ","TN","12-2005",361589.13,39,4838.5349999999999,8.0602909765042519E-3,9271.5161538461543,74.731117993359561]
[20139,"T","BI   ","TN","3-2006",357221.37,51,6744.2858333333324,7.56195707897414E-3,7004.3405882352936,52.966522894751776]
[20140,"T","BI   ","TN","6-2006",410221.85,89,9884.5041666666675,9.0039923600956206E-3,4609.2342696629212,41.501510149935861]
[20141,"T","BI   ","TN","9-2006",489541.83,124,13793.843333333332,8.9895177872833607E-3,3947.9179838709679,35.489878938743928]
[20142,"T","BI   ","TN","12-2006",803596.76,176,18080.945833333335,9.7340040516870081E-3,4565.8906818181822,44.444398396378133]
[20143,"T","BI   ","TN","3-2007",1082184.7,196,22390.180833333332,8.7538372940787253E-3,5521.3505102040817,48.333004009905089]
[20144,"T","BI   ","TN","6-2007",1498190.81,195,26096.483333333334,7.4722711680820343E-3,7683.0297948717953,57.40968201973574]
[20145,"T","BI   ","TN","9-2007",2061729.83,230,28514.99,8.0659330408322082E-3,8964.0427391304347,72.303368508984221]
[20146,"T","BI   ","TN","12-2007",2718889.39,266,29786.532500000001,8.9302103223998959E-3,10221.388684210528,91.279150736998346]
[20147,"T","BI   ","TN","3-2008",3112116.59,329,30064.038333333334,1.0943306962033212E-2,9459.32094224924,103.51625272342265]
[20148,"T","BI   ","TN","6-2008",3314730.45,399,29749.922500000001,1.3411799644183946E-2,8307.5951127819553,111.41980117763332]
[{"$f":"INDEX(State,MATCH(D962,StateAbbr),1)*1000+INDEX(Coverage,MATCH(C962,CoverageAbbr),1)*100+VLOOKUP(E962,Date,2,FALSE)","v":21101},"T","BI   ","TX","9-1996",233638.07,82,8740.5591666666678,9.3815508180206987E-3,2849.2447560975611,26.730334472308261]
[21102,"T","BI   ","TX","12-1996",547973.31000000006,137,11547.79,{"$f":"G963/H963","v":1.1863741893470524E-2},{"$f":"F963/G963","v":3999.8051824817521},{"$f":"F963/H963","v":47.452656309129281}]
[21103,"T","BI   ","TX","3-1997",860655.38,195,11390.416666666666,1.7119654680469693E-2,4413.6173333333336,75.559604638402163]
[21104,"T","BI   ","TX","6-1997",1321732.17,235,11089.080833333333,2.1192017943777577E-2,5624.3922127659571,119.19222069577903]
[21105,"T","BI   ","TX","9-1997",1450380.48,232,10672.487500000001,2.1738137430472509E-2,6251.64,135.89900948583914]
[21106,"T","BI   ","TX","12-1997",1433352.34,221,9954.0300000000007,2.2202062883073487E-2,6485.7571945701366,143.99718907819246]
[21107,"T","BI   ","TX","3-1998",1525272.9,201,9038.7891666666674,2.2237491802690752E-2,7588.422388059701,168.7474806498326]
[21108,"T","BI   ","TX","6-1998",1229199.02,165,7745.1775000000007,2.1303578904421493E-2,7449.6910303030309,158.70508067762165]
[21109,"T","BI   ","TX","9-1998",1107674.31,153,6305.8158333333331,2.4263315650803315E-2,7239.7013725490197,175.65915961971086]
[21110,"T","BI   ","TX","12-1998",977134.21,133,4958.0116666666663,2.6825269672956936E-2,7346.8737593984961,197.0818698490356]
[21111,"T","BI   ","TX","3-1999",620708.91,94,3601.4300000000003,2.6100743315849537E-2,6603.2862765957452,172.35068014649735]
[21112,"T","BI   ","TX","6-1999",476478.92,87,2592.9483333333333,3.3552538969474258E-2,5476.7691954022985,183.75951185555181]
[21113,"T","BI   ","TX","9-1999",435002.91,67,1891.5583333333334,3.5420530691184955E-2,6492.5807462686562,229.97065558820546]
[21114,"T","BI   ","TX","12-1999",389928.8,56,1429.9358333333332,3.9162596456834023E-2,6963.0142857142855,272.68971859459896]
[21115,"T","BI   ","TX","3-2000",418416.55,53,1219.2391666666667,4.3469732148532517E-2,7894.6518867924524,343.17840292477479]
[21116,"T","BI   ","TX","6-2000",341571.39,37,1127.6566666666665,3.2811405362743393E-2,9231.6591891891894,302.9037118271815]
[21117,"T","BI   ","TX","9-2000",258526.39,26,1112.0416666666667,2.3380418899171942E-2,9943.3226923076927,232.47904979579602]
[21118,"T","BI   ","TX","12-2000",173883.5,21,1146.0083333333334,1.8324474080322277E-2,8280.1666666666661,151.72969946408185]
[21119,"T","BI   ","TX","3-2001",116921.5,16,1232.2208333333333,1.2984685510240656E-2,7307.59375,94.886806680350176]
[21120,"T","BI   ","TX","6-2001",131255,18,1393.7633333333333,1.2914674657820912E-2,7291.9444444444443,94.173090122904654]
[21121,"T","BI   ","TX","9-2001",214943.13,21,1604.12,1.3091289928434283E-2,10235.387142857144,133.99442061691147]
[21122,"T","BI   ","TX","12-2001",311540.7,21,1850.0525,1.1351029227548947E-2,14835.271428571428,168.39559958433614]
[21123,"T","BI   ","TX","3-2002",310463.7,25,2190.1733333333336,1.1414621673779242E-2,12418.548000000001,141.75302715766787]
[21124,"T","BI   ","TX","6-2002",408103.62,32,2585.4633333333336,1.2376891827254688E-2,12753.238125,157.84544872034539]
[21125,"T","BI   ","TX","9-2002",516251.28,51,2868.7041666666664,1.7778061813623749E-2,10122.57411764706,179.9597483765173]
[21126,"T","BI   ","TX","12-2002",526852.9,69,3018.2233333333334,2.2861131327812059E-2,7635.5492753623193,174.55729474403816]
[21127,"T","BI   ","TX","3-2003",669348.67000000004,78,2959.2224999999999,2.6358274850911009E-2,8581.3932051282063,226.1907207045094]
[21128,"T","BI   ","TX","6-2003",745968.25,87,2701.3858333333333,3.2205691955024318E-2,8574.3477011494251,276.14280077848935]
[21129,"T","BI   ","TX","9-2003",594743.92000000004,70,2435.6783333333333,2.8739427141104428E-2,8496.3417142857143,244.1799936636406]
[21130,"T","BI   ","TX","12-2003",485429.73,49,2162.000833333333,2.2664191079173963E-2,9906.7291836734694,224.5280031884046]
[21131,"T","BI   ","TX","3-2004",370684.24,43,1888.8625,2.276502392312834E-2,8620.5637209302331,196.24733933782898]
[21132,"T","BI   ","TX","6-2004",214924.74,32,1621.2950000000001,1.9737308756271991E-2,6716.3981249999997,132.56362352317129]
[21133,"T","BI   ","TX","9-2004",158413.28,24,1357.1933333333334,1.7683552822245908E-2,6600.5533333333333,116.72123352605131]
[21134,"T","BI   ","TX","12-2004",166545.28,25,1118.1383333333333,2.2358593078077697E-2,6661.8112000000001,148.94872578378047]
[21135,"T","BI   ","TX","3-2005",169290.29,24,888.56583333333344,2.7009816380140654E-2,7053.762083333334,190.52081866003175]
[21136,"T","BI   ","TX","6-2005",346768.29,26,690.14416666666659,3.7673288069038718E-2,13337.241923076923,502.45775701453687]
[21137,"T","BI   ","TX","9-2005",347683.29,29,521.87666666666667,5.5568684810587431E-2,11989.078965517241,666.21735020407118]
[21138,"T","BI   ","TX","12-2005",324616.28999999998,24,382.76416666666665,6.2701794185714879E-2,13525.678749999999,848.08432520459723]
[21139,"T","BI   ","TX","3-2006",284947,18,264.44416666666666,6.8067298390019321E-2,15830.388888888889,1077.5318041300463]
[21140,"T","BI   ","TX","6-2006",68351.73,8,175.86166666666668,4.5490300141209472E-2,8543.9662499999995,388.66758910886392]
[21141,"T","BI   ","TX","9-2006",47631.73,4,105.29833333333333,3.7987305908608875E-2,11907.932500000001,452.35027461656568]
[21142,"T","BI   ","TX","12-2006",57631.73,4,50.607499999999995,7.9039668033394267E-2,14407.932500000001,1138.7982018475525]
[21143,"T","BI   ","TX","3-2007",31382.73,2,24.844166666666666,8.0501794519169487E-2,15691.365,1263.1830409552879]
[21144,"T","BI   ","TX","6-2007",80000,2,10.894166666666665,0.18358448711083916,40000,7343.3794844335662]
[21145,"T","BI   ","TX","9-2007",80000,2,5.0449999999999999,0.39643211100099107,40000,15857.284440039644]
[21146,"T","BI   ","TX","12-2007",50000,1,2.8158333333333334,0.3551346552234389,50000,17756.732761171945]
[21147,"T","BI   ","TX","3-2008",52350,2,1.4516666666666669,1.3777267508610791,26175,36061.997703788744]
[21148,"T","BI   ","TX","6-2008",2350,1,0.33833333333333332,2.9556650246305418,2350,6945.8128078817736]
[22101,"T","BI   ","VA","9-1996",57919.62,19,5763.6958333333341,3.2964959549247547E-3,3048.4010526315792,10.049041738988365]
[22102,"T","BI   ","VA","12-1996",113208.22,33,7648.3725000000004,4.3146434094312215E-3,3430.5521212121212,14.801609100498178]
[22103,"T","BI   ","VA","3-1997",160536.95999999999,46,7568.9683333333332,6.0774464859918165E-3,3489.9339130434782,21.209886596169756]
[22104,"T","BI   ","VA","6-1997",251183.16,59,7496.3849999999993,7.8704602284968023E-3,4257.3416949152543,33.507238488951678]
[22105,"T","BI   ","VA","9-1997",591387.54,59,7413.5783333333338,7.9583700808448996E-3,10023.517627118645,79.770862788482489]
[22106,"T","BI   ","VA","12-1997",690936.81,63,7310.5616666666674,8.617668911440229E-3,10967.250952380953,94.512137576296581]
[22107,"T","BI   ","VA","3-1998",708561.07,65,7188.1283333333331,9.0426877464856985E-3,10900.939538461538,98.573792389627613]
[22108,"T","BI   ","VA","6-1998",751982.77,72,6991.5291666666672,1.0298176305016725E-2,10444.205138888889,107.55626588603947]
[22109,"T","BI   ","VA","9-1998",765441.77,79,6749.9441666666671,1.1703800512917821E-2,9689.1363291139241,113.39971873841425]
[22110,"T","BI   ","VA","12-1998",666738.61,77,6495.2016666666668,1.1854905197965369E-2,8658.9429870129861,102.65094822562604]
[22111,"T","BI   ","VA","3-1999",715434.84,77,6222.5183333333334,1.237441111061411E-2,9291.3615584415584,114.97512770151205]
[22112,"T","BI   ","VA","6-1999",711016.88,68,5931.6725000000006,1.146388307850779E-2,10456.130588235294,119.86785851713829]
[22113,"T","BI   ","VA","9-1999",418389.88,68,5764.2408333333333,1.1796870041718416E-2,6152.7923529411764,72.583691781325939]
[22114,"T","BI   ","VA","12-1999",398597.14,61,5665.5108333333337,1.0766902013690145E-2,6534.3793442622955,70.355022119952991]
[22115,"T","BI   ","VA","3-2000",382253.75,56,5687.6616666666669,9.8458739780876558E-3,6825.9598214285716,67.207540181275434]
[22116,"T","BI   ","VA","6-2000",263578.06,56,5858.5991666666669,9.5585989768031867E-3,4706.7510714285718,44.98994597542444]
[{"$f":"INDEX(State,MATCH(D1026,StateAbbr),1)*1000+INDEX(Coverage,MATCH(C1026,CoverageAbbr),1)*100+VLOOKUP(E1026,Date,2,FALSE)","v":22117},"T","BI   ","VA","9-2000",244297.49,50,6028.6083333333336,8.2937880909496799E-3,4885.9497999999994,40.523032264217967]
[22118,"T","BI   ","VA","12-2000",419196.98,59,6290.7533333333331,{"$f":"G1027/H1027","v":9.3788449290122117E-3},{"$f":"F1027/G1027","v":7105.0335593220334},{"$f":"F1027/H1027","v":66.637007968309035}]
[22119,"T","BI   ","VA","3-2001",367402.74,57,6637.3899999999994,8.5877129413820807E-3,6445.6621052631581,55.353495877144482]
[22120,"T","BI   ","VA","6-2001",400858.83,57,7112.5941666666668,8.0139536524003845E-3,7032.6110526315788,56.359019031148151]
[22121,"T","BI   ","VA","9-2001",529584.36,55,7750.81,7.0960325436954328E-3,9628.8065454545449,68.326324603493049]
[22122,"T","BI   ","VA","12-2001",480355.17,73,8536.18,8.5518346614059208E-3,6580.2078082191774,56.272849213582653]
[22123,"T","BI   ","VA","3-2002",534453.56999999995,80,9316.6833333333325,8.586746714227704E-3,6680.6696249999995,57.365217951309567]
[22124,"T","BI   ","VA","6-2002",531193.48,92,10068.190833333332,9.1376893349508596E-3,5773.8421739130436,52.759576054254701]
[22125,"T","BI   ","VA","9-2002",532649.23,115,10685.440833333332,1.0762307497998251E-2,4631.7324347826088,49.848128711582561]
[22126,"T","BI   ","VA","12-2002",595318.56000000006,123,11148.530833333332,1.1032843864255059E-2,4839.9882926829268,53.398835137993153]
[22127,"T","BI   ","VA","3-2003",661381.34,144,11491.504999999999,1.2530995722492399E-2,4592.9259722222223,57.553935711640904]
[22128,"T","BI   ","VA","6-2003",843929.45,152,11774.214166666667,1.2909566434617681E-2,5552.1674342105262,71.67607434806159]
[22129,"T","BI   ","VA","9-2003",1079722.31,159,12015.067499999999,1.3233383832425411E-2,6790.7063522012586,89.864023651968679]
[22130,"T","BI   ","VA","12-2003",1014179.26,146,12222.436666666666,1.1945244960702053E-2,6946.4332876712333,82.976847224407791]
[22131,"T","BI   ","VA","3-2004",1137024.08,138,12454.324999999999,1.10804881035303E-2,8239.3049275362318,91.295520230923813]
[22132,"T","BI   ","VA","6-2004",1085192.9099999999,137,12563.640833333333,1.0904482372380246E-2,7921.1161313868606,86.375671224284829]
[22133,"T","BI   ","VA","9-2004",913097.34,131,12443.530833333332,1.0527558596880026E-2,6970.208702290076,73.379280545841866]
[22134,"T","BI   ","VA","12-2004",1022514.97,129,12071.023333333333,1.0686749286928726E-2,7926.4726356589144,84.708225786987967]
[22135,"T","BI   ","VA","3-2005",959399.03,127,11496.275,1.1047056546577044E-2,7554.3230708661422,83.453034134969812]
[22136,"T","BI   ","VA","6-2005",953887.82,111,10902.080833333333,1.0181542560262005E-2,8593.5839639639635,87.495940874284159]
[22137,"T","BI   ","VA","9-2005",1002737.47,104,10704.179166666667,9.7158313945137475E-3,9641.7064423076918,93.677194148858518]
[22138,"T","BI   ","VA","12-2005",879844.47,104,11918.329166666668,8.7260553510192101E-3,8460.0429807692308,73.822803322193849]
[22139,"T","BI   ","VA","3-2006",1135001.51,117,15191.589999999998,7.7016296516691151E-3,9700.8676068376062,74.712489607736927]
[22140,"T","BI   ","VA","6-2006",1130000.71,149,20087.614166666666,7.4175060693494506E-3,7583.8973825503354,56.253604864390525]
[22141,"T","BI   ","VA","9-2006",1579948.14,212,25815.835833333334,8.2120137952793378E-3,7452.5855660377356,61.200735478801555]
[22142,"T","BI   ","VA","12-2006",2236785.0099999998,285,30992.815000000002,9.1956797083453043E-3,7848.3684561403497,72.171082555747176]
[22143,"T","BI   ","VA","3-2007",2594929.8199999998,336,34625.622499999998,9.7037966609842177E-3,7723.005416666666,74.942474175013032]
[22144,"T","BI   ","VA","6-2007",3314223.38,359,36765.543333333335,9.7645775759422557E-3,9231.82,90.144822557135242]
[22145,"T","BI   ","VA","9-2007",3336439.63,376,37618.375,9.9951154189940414E-3,8873.5096542553183,88.691753165839827]
[22146,"T","BI   ","VA","12-2007",3548476.09,382,37408.412499999999,1.0211606814376313E-2,9289.2044240837695,94.857703197108407]
[22147,"T","BI   ","VA","3-2008",3681430.28,373,36554.559999999998,1.0203925310549491E-2,9869.7862734584451,100.71056196545656]
[22148,"T","BI   ","VA","6-2008",3748308.41,406,35503.256666666668,1.1435570652344851E-2,9232.2867241379317,105.57646711658471]
[23101,"T","BI   ","WI","9-1996",41075.75,22,6148.9991666666674,3.5778180161839339E-3,1867.0795454545455,6.6800708353757834]
[23102,"T","BI   ","WI","12-1996",54681.21,32,8098.0891666666676,3.9515494756118905E-3,1708.7878125,6.7523595844163644]
[23103,"T","BI   ","WI","3-1997",82873.66,49,7914.7658333333338,6.190960166330463E-3,1691.2991836734695,10.470765875469679]
[23104,"T","BI   ","WI","6-1997",724036.51,49,7711.6066666666666,6.3540585143951845E-3,14776.25530612245,93.889190838744369]
[23105,"T","BI   ","WI","9-1997",775524.16,52,7499.6991666666663,6.9336114481925335E-3,14913.926153846154,103.40736911780573]
[23106,"T","BI   ","WI","12-1997",987156.51,72,7283.4975000000004,9.8853607075446923E-3,13710.507083333334,135.5333080020965]
[23107,"T","BI   ","WI","3-1998",1039038.7,68,6990.2466666666669,9.7278398377930383E-3,15279.98088235294,148.64120674806895]
[23108,"T","BI   ","WI","6-1998",581502.06000000006,69,6650.479166666667,1.0375192263715333E-2,8427.5660869565218,87.437618467341011]
[23109,"T","BI   ","WI","9-1998",548340.26,70,6312.894166666666,1.1088416525278358E-2,7833.4322857142861,86.860360006563297]
[23110,"T","BI   ","WI","12-1998",453111.52,51,5983.081666666666,8.5240354120744363E-3,8884.5396078431368,75.732130237232838]
[23111,"T","BI   ","WI","3-1999",497808.21,43,5736.8983333333335,7.495339380542157E-3,11576.93511627907,86.773057683027915]
[23112,"T","BI   ","WI","6-1999",570896.13,54,5596.5241666666661,9.6488460322619891E-3,10572.150555555556,102.00905294044861]
[23113,"T","BI   ","WI","9-1999",622730.19999999995,65,5511.5483333333332,1.1793419211600854E-2,9580.4646153846152,112.9864354511391]
[23114,"T","BI   ","WI","12-1999",603125.42000000004,74,5532.7108333333335,1.3374998663253229E-2,8150.3435135135142,109.01083359829788]
[23115,"T","BI   ","WI","3-2000",621749.46,91,5666.5758333333333,1.6059080947032827E-2,6832.4116483516482,109.7222517243291]
[23116,"T","BI   ","WI","6-2000",551207.78,81,5865.9758333333339,1.380844420458034E-2,6805.0343209876546,93.966936731612279]
[23117,"T","BI   ","WI","9-2000",518040.94,74,6126.0950000000003,1.2079473139087787E-2,7000.5532432432428,84.562994860510642]
[23118,"T","BI   ","WI","12-2000",611530.34,69,6402.21,1.0777528384729647E-2,8862.7585507246367,95.518631847440176]
[23119,"T","BI   ","WI","3-2001",616910.80000000005,57,6655.2008333333333,8.5647302654653177E-3,10822.99649122807,92.696045611445996]
[23120,"T","BI   ","WI","6-2001",710664.81,57,6900.6283333333331,8.2601173757848624E-3,12467.803684210527,102.98552184982189]
[23121,"T","BI   ","WI","9-2001",699536.36,50,7165.3249999999998,6.9780505420200759E-3,13990.727199999999,97.628001521215012]
[23122,"T","BI   ","WI","12-2001",736644.04,63,7468.5349999999999,8.4353892697831643E-3,11692.762539682541,98.633003661360632]
[23123,"T","BI   ","WI","3-2002",825881.91,71,7795.5574999999999,9.1077514340699821E-3,11632.13957746479,105.94263591795712]
[23124,"T","BI   ","WI","6-2002",705378.37,80,8104.44,9.8711323669494755E-3,8817.2296249999999,87.03604073816328]
[23125,"T","BI   ","WI","9-2002",883312.55,96,8373.7725000000009,1.1464366866904968E-2,9201.1723958333332,105.48561595147228]
[23126,"T","BI   ","WI","12-2002",772869.39,92,8543.15,1.0768861602570481E-2,8400.7542391304341,90.466559758402937]
[23127,"T","BI   ","WI","3-2003",691757.33,87,8629.4841666666671,1.0081715004015786E-2,7951.2336781609192,80.162071873550559]
[23128,"T","BI   ","WI","6-2003",861538.89,85,8692.3274999999994,9.7787387785377398E-3,10135.751647058823,99.114867680721886]
[23129,"T","BI   ","WI","9-2003",898272.73,84,8716.7941666666666,9.6365703255009757E-3,10693.722976190476,103.05081350148511]
[23130,"T","BI   ","WI","12-2003",1037583.84,87,8683.6424999999999,1.0018837141211191E-2,11926.251034482759,119.48716681968425]
[23131,"T","BI   ","WI","3-2004",1022541.26,93,8567.2316666666666,1.0855315184465461E-2,10995.067311827957,119.35492114430585]
[23132,"T","BI   ","WI","6-2004",950041.62,94,8350.0833333333339,1.1257372680911367E-2,10106.825744680851,113.7763040289019]
[{"$f":"INDEX(State,MATCH(D1090,StateAbbr),1)*1000+INDEX(Coverage,MATCH(C1090,CoverageAbbr),1)*100+VLOOKUP(E1090,Date,2,FALSE)","v":23133},"T","BI   ","WI","9-2004",873704.58,87,8022.979166666667,1.0843852164226194E-2,10042.581379310344,108.90026782445214]
[23134,"T","BI   ","WI","12-2004",696185.26,66,7598.7075000000004,{"$f":"G1091/H1091","v":8.6856876646455982E-3},{"$f":"F1091/G1091","v":10548.261515151515},{"$f":"F1091/H1091","v":91.61890492560741}]
[23135,"T","BI   ","WI","3-2005",837276.93,64,7166.5349999999999,8.9303966282171226E-3,13082.452031250001,116.83148550868727]
[23136,"T","BI   ","WI","6-2005",951853.48,56,6723.9966666666669,8.3283800953698663E-3,16997.383571428571,141.56067100965248]
[23137,"T","BI   ","WI","9-2005",1093638.95,59,6297.2166666666672,9.3692186759758937E-3,18536.253389830508,173.67021144262145]
[23138,"T","BI   ","WI","12-2005",1418063.64,74,5952.1616666666669,1.2432458011753153E-2,19163.02216216216,238.24346840937616]
[23139,"T","BI   ","WI","3-2006",1415118.86,67,5665.6100000000006,1.1825734563445064E-2,21121.177014925375,249.77343304604446]
[23140,"T","BI   ","WI","6-2006",1379465.36,64,5425.3041666666668,1.179657361760823E-2,21554.146250000002,254.26507300281938]
[23141,"T","BI   ","WI","9-2006",1067612.3400000001,50,5222.2550000000001,9.5744079904179318E-3,21352.246800000001,204.43512237529575]
[23142,"T","BI   ","WI","12-2006",907237.65,37,5133.0008333333335,7.2082591063934174E-3,24519.936486486487,176.74605546690444]
[23143,"T","BI   ","WI","3-2007",992657.17,34,5214.1366666666663,6.5207343369723721E-3,29195.79911764706,190.37804980178888]
[23144,"T","BI   ","WI","6-2007",712012.11,26,5558.3183333333336,4.6776737928228293E-3,27385.081153846153,128.09847642767252]
[23145,"T","BI   ","WI","9-2007",846949.95,34,6103.5133333333333,5.5705620915603802E-3,24910.292647058821,138.76433190938116]
[23146,"T","BI   ","WI","12-2007",907862.18,41,6732.5916666666672,6.089779691079834E-3,22142.98,134.84586990398694]
[23147,"T","BI   ","WI","3-2008",749367.1,50,7413.2550000000001,6.7446755844767243E-3,14987.341999999999,101.08475966360255]
[23148,"T","BI   ","WI","6-2008",1173307.78,63,8182.5441666666666,7.6993168282114373E-3,18623.933015873015,143.3915608765937]
[1201,"T","CM   ","AR","9-1996",369924.02,492,3754.7058333333334,0.13103556492552568,751.87808943089431,98.522770203702152]
[1202,"T","CM   ","AR","12-1996",397285.4,624,5031.7249999999995,0.12401313664796865,636.67532051282058,78.956103523145657]
[1203,"T","CM   ","AR","3-1997",381286.13,674,5080.8074999999999,0.13265607878275254,565.70642433234423,75.0443959941407]
[1204,"T","CM   ","AR","6-1997",240584.79,597,5145.5174999999999,0.11602331543911765,402.98959798994974,46.756189246271148]
[1205,"T","CM   ","AR","9-1997",219504.82,591,5232.53,0.11294727407200723,371.41255499153976,41.950035642413901]
[1206,"T","CM   ","AR","12-1997",249550.11,613,5310.5841666666665,0.11542986247118765,407.09642740619898,46.991084628009375]
[1207,"T","CM   ","AR","3-1998",222583.85,606,5409.4058333333332,0.11202709108378663,367.30008250825085,41.147559798234155]
[1208,"T","CM   ","AR","6-1998",192859.05,611,5485.8166666666666,0.11137812966164259,315.6449263502455,35.155941534077272]
[1209,"T","CM   ","AR","9-1998",211090.51,625,5533.3616666666667,0.11295122886418955,337.74481600000001,38.148692009709592]
[1210,"T","CM   ","AR","12-1998",219825.32,632,5557.1500000000005,0.11372736024760892,347.82487341772151,39.557204682256192]
[1211,"T","CM   ","AR","3-1999",388074.75,711,5550.9025000000001,0.12808727950094601,545.81540084388189,69.912009803811173]
[1212,"T","CM   ","AR","6-1999",397737.87,703,5521.4241666666667,0.12732222317641781,565.77221906116642,72.035376742322967]
[1213,"T","CM   ","AR","9-1999",399721.75,715,5475.0633333333326,0.13059209665154561,559.05139860139855,73.007694279335595]
[1214,"T","CM   ","AR","12-1999",389950.94,715,5408.3225000000002,0.13220365464522502,545.38593006993005,72.10201314732987]
[1215,"T","CM   ","AR","3-2000",226359.75,611,5318.9291666666668,0.11487274615896213,370.47422258592474,42.557391329551763]
[1216,"T","CM   ","AR","6-2000",198928.3,572,5247.5450000000001,0.10900335299649645,347.77674825174824,37.908831653658993]
[1217,"T","CM   ","AR","9-2000",177714.48,562,5183.7925000000005,0.10841483334836415,316.21793594306052,34.282714827030595]
[1218,"T","CM   ","AR","12-2000",174961.44,556,5159.5924999999997,0.1077604481361658,314.67884892086329,33.909933778685044]
[1219,"T","CM   ","AR","3-2001",211015.34,605,5140.5083333333332,0.11769264064351613,348.78568595041321,41.049508398164257]
[1220,"T","CM   ","AR","6-2001",228875.21,662,5150.5233333333335,0.12853062827919751,345.73294561933534,44.437272717270801]
[1221,"T","CM   ","AR","9-2001",265224.03000000003,656,5202.7041666666664,0.12608827620892663,404.30492378048785,50.978110902263175]
[1222,"T","CM   ","AR","12-2001",297234.06,681,5306.7041666666664,0.12832823888650285,436.4670484581498,56.011047660624257]
[1223,"T","CM   ","AR","3-2002",282764.39,658,5616.501666666667,0.11715477695042079,429.73311550151976,50.345287294789962]
[1224,"T","CM   ","AR","6-2002",310968.23,675,6215.1450000000004,0.10860567211223551,460.69367407407407,50.03394611066998]
[1225,"T","CM   ","AR","9-2002",348495.22,732,6838.2041666666664,0.10704564855904541,476.08636612021854,50.962973831457937]
[1226,"T","CM   ","AR","12-2002",390744.52,753,7481.5958333333328,0.10064697649732705,518.91702523240372,52.227429642628614]
[1227,"T","CM   ","AR","3-2003",432644.54,811,7915.4674999999997,0.10245762489707652,533.4704562268804,54.658115897765988]
[1228,"T","CM   ","AR","6-2003",482351.35,832,8013.9533333333338,0.1038189224960132,579.74921874999995,60.188939208530449]
[1229,"T","CM   ","AR","9-2003",571921.68999999994,838,7992.3833333333341,0.10484982577162005,682.4841169451073,71.558340753592475]
[1230,"T","CM   ","AR","12-2003",593322.92000000004,825,7856.5266666666676,0.10500823519129317,719.17929696969702,75.519748760902829]
[1231,"T","CM   ","AR","3-2004",591937.17000000004,784,7705.9516666666668,0.10173954287713977,755.02190051020409,76.815583020137467]
[1232,"T","CM   ","AR","6-2004",587470.82999999996,772,7571.9158333333335,0.10195570275642481,760.97257772020725,77.585493939831821]
[1233,"T","CM   ","AR","9-2004",470516.61,704,7475.3508333333339,9.4176181920558683E-2,668.34745738636366,62.94241173296102]
[1234,"T","CM   ","AR","12-2004",423494.42,667,7368.541666666667,9.0519946846108174E-2,634.92416791604194,57.473301931069578]
[1235,"T","CM   ","AR","3-2005",415247.77,655,7245.4341666666669,9.0401759912938265E-2,633.96606106870229,57.311647645683991]
[1236,"T","CM   ","AR","6-2005",359343.49,584,7080.5316666666668,8.2479681963619017E-2,615.31419520547945,50.750919128248135]
[1237,"T","CM   ","AR","9-2005",312694.11,550,6908.1066666666666,7.9616605032155466E-2,568.53474545454537,45.264806275911582]
[1238,"T","CM   ","AR","12-2005",383652.92,549,6768.1883333333326,8.111476409369027E-2,698.82134790528232,56.684728778971632]
[1239,"T","CM   ","AR","3-2006",448946.1,555,6655.5950000000003,8.3388487430500202E-2,808.91189189189186,67.453939129409164]
[1240,"T","CM   ","AR","6-2006",530907.06999999995,597,6576.2108333333335,9.078176097608387E-2,889.29157453936341,80.731455157877761]
[1241,"T","CM   ","AR","9-2006",602068.28,603,6485.03,9.2983378642812753E-2,998.45485903814267,92.839706215699863]
[1242,"T","CM   ","AR","12-2006",509034.27,580,6386.5583333333334,9.0815736696995122E-2,877.64529310344835,79.704003851839872]
[1243,"T","CM   ","AR","3-2007",396758.07,521,6312.229166666667,8.2538194708023774E-2,761.53180422264882,62.855460333281627]
[1244,"T","CM   ","AR","6-2007",303410.19,471,6304.8074999999999,7.4704897810123461E-2,644.18299363057326,48.123624710191393]
[1245,"T","CM   ","AR","9-2007",241322.44,471,6508.9199999999992,7.236223520952785E-2,512.3618683651805,37.075650031034343]
[1246,"T","CM   ","AR","12-2007",279963.26,497,6918.2,7.1839495822612814E-2,563.30635814889342,40.467644763088664]
[1247,"T","CM   ","AR","3-2008",346172.81,559,7445.9733333333324,7.5074134028593545E-2,619.2715742397138,46.491277164570384]
[1248,"T","CM   ","AR","6-2008",598474.36,682,8081.7866666666669,8.4387280700307196E-2,877.52838709677417,74.05223432442331]
[{"$f":"INDEX(State,MATCH(D1154,StateAbbr),1)*1000+INDEX(Coverage,MATCH(C1154,CoverageAbbr),1)*100+VLOOKUP(E1154,Date,2,FALSE)","v":2201},"T","CM   ","CO","9-1996",null,null,5.0774999999999997,0,{"$error":"#DIV/0!"},0]
[2202,"T","CM   ","CO","12-1996",null,null,9.5683333333333334,{"$f":"G1155/H1155","v":0},{"$f":"F1155/G1155","v":{"$error":"#DIV/0!"}},{"$f":"F1155/H1155","v":0}]
[2203,"T","CM   ","CO","3-1997",685.05,1,17.869166666666668,5.5962318705405023E-2,685.05,38.33698642913771]
[2204,"T","CM   ","CO","6-1997",685.05,1,22.724166666666665,4.4006014155267892E-2,685.05,30.146319997066264]
[2205,"T","CM   ","CO","9-1997",685.05,1,28.635833333333334,3.4921281611035124E-2,685.05,23.922823967639609]
[2206,"T","CM   ","CO","12-1997",975.05,2,31.151666666666667,6.4202022363704453E-2,487.52499999999998,31.300090952865013]
[2207,"T","CM   ","CO","3-1998",354.38,2,31.962500000000002,6.2573328118889313E-2,177.19,11.087368009385999]
[2208,"T","CM   ","CO","6-1998",404.33,3,36.422499999999999,8.2366668954629699E-2,134.77666666666667,11.101105086141807]
[2209,"T","CM   ","CO","9-1998",510.06,6,43.029166666666669,0.13944030212065459,85.01,11.853820083276847]
[2210,"T","CM   ","CO","12-1998",4830.2299999999996,7,54.408333333333331,0.12865676213815286,690.0328571428571,88.777393168938573]
[2211,"T","CM   ","CO","3-1999",5304.86,8,67.673333333333332,0.11821495419170526,663.10749999999996,78.389222736676189]
[2212,"T","CM   ","CO","6-1999",10179.67,9,87.44,0.1029277218664227,1131.0744444444445,116.41891582799634]
[2213,"T","CM   ","CO","9-1999",17922.13,10,117.23166666666667,8.5301184264774871E-2,1792.2130000000002,152.87789135472499]
[2214,"T","CM   ","CO","12-1999",24937.95,11,143.75416666666666,7.6519521173299326E-2,2267.0863636363638,173.4763630039709]
[2215,"T","CM   ","CO","3-2000",25172.68,12,167.46583333333334,7.1656407525913249E-2,2097.7233333333334,150.31531804995049]
[2216,"T","CM   ","CO","6-2000",21836.19,12,188.32500000000002,6.3719633612106724E-2,1819.6824999999999,115.9495021903624]
[2217,"T","CM   ","CO","9-2000",16576.490000000002,13,198.03583333333333,6.5644685515668461E-2,1275.1146153846155,83.704497923355632]
[2218,"T","CM   ","CO","12-2000",5682.38,13,208.44416666666666,6.2366820851307105E-2,437.10615384615386,27.260921189926961]
[2219,"T","CM   ","CO","3-2001",7337.11,15,215.38166666666666,6.964381059978797E-2,489.14066666666662,34.065619945987358]
[2220,"T","CM   ","CO","6-2001",6550.74,17,220.06500000000003,7.7249903437620698E-2,385.33764705882351,29.76729602617408]
[2221,"T","CM   ","CO","9-2001",11018.4,19,230.83916666666667,8.230838931868148E-2,579.91578947368419,47.731934572050527]
[2222,"T","CM   ","CO","12-2001",12032.11,22,247.17333333333332,8.9006365303700513E-2,546.91409090909099,48.678835365195816]
[2223,"T","CM   ","CO","3-2002",10563.21,23,270.8966666666667,8.4903222631015504E-2,459.27,38.993503057746487]
[2224,"T","CM   ","CO","6-2002",24012.97,35,298.34250000000003,0.11731483110854135,686.08485714285723,80.487929141842002]
[2225,"T","CM   ","CO","9-2002",31085.95,47,322.34916666666669,0.14580462697023672,661.40319148936169,96.435645612030427]
[2226,"T","CM   ","CO","12-2002",28979.11,45,368.60999999999996,0.12208024741596811,643.98022222222221,78.617264859879015]
[2227,"T","CM   ","CO","3-2003",31294.91,48,425.34083333333336,0.11285067465503154,651.9772916666667,73.576077224343607]
[2228,"T","CM   ","CO","6-2003",19566.79,39,493.35083333333336,7.9051249871203891E-2,501.7125641025641,39.661005268394199]
[2229,"T","CM   ","CO","9-2003",34069.71,45,558.24,8.0610490111779884E-2,757.10466666666662,61.030578245915734]
[2230,"T","CM   ","CO","12-2003",38295.79,55,596.005,9.2281105024286714E-2,696.28709090909092,64.254142163236892]
[2231,"T","CM   ","CO","3-2004",42245.82,67,626.61749999999995,0.10692328254477414,630.53462686567161,67.418832062621945]
[2232,"T","CM   ","CO","6-2004",50693.69,78,627.64166666666665,0.12427473213218795,649.91910256410256,80.768522378745843]
[2233,"T","CM   ","CO","9-2004",78900.84,91,613.58500000000004,0.14830871028463863,867.04219780219773,128.58991011840249]
[2234,"T","CM   ","CO","12-2004",88600.960000000006,89,560.68083333333334,0.15873558486185693,995.51640449438207,158.02387870698868]
[2235,"T","CM   ","CO","3-2005",87128.87,73,471.45749999999998,0.15483898336541471,1193.5461643835615,184.80747469284083]
[2236,"T","CM   ","CO","6-2005",76816.59,58,375.87083333333334,0.15430832843729561,1324.4239655172414,204.36964826125995]
[2237,"T","CM   ","CO","9-2005",23280.87,26,286.27416666666664,9.0822026670237449E-2,895.41807692307691,81.323684463320419]
[2238,"T","CM   ","CO","12-2005",10938.81,22,204.55166666666665,0.10755228915269982,497.21863636363634,53.477002550292923]
[2239,"T","CM   ","CO","3-2006",7149.32,23,153.13333333333333,0.1501959077057031,310.83999999999997,46.68689595124075]
[2240,"T","CM   ","CO","6-2006",8423.82,27,118.58083333333333,0.22769278340372601,311.99333333333334,71.038630470073159]
[2241,"T","CM   ","CO","9-2006",6656.52,26,91.796666666666667,0.28323468535531426,256.02000000000004,72.513744144667569]
[2242,"T","CM   ","CO","12-2006",5478.63,19,92.316666666666663,0.20581332370463984,288.34894736842108,59.346055244629]
[2243,"T","CM   ","CO","3-2007",4818.97,17,87.84333333333332,0.19352635373581759,283.46882352941179,54.858687815428993]
[2244,"T","CM   ","CO","6-2007",5635.88,14,82.637500000000003,0.16941461201028588,402.56285714285713,68.200030252609281]
[2245,"T","CM   ","CO","9-2007",6562.75,13,77.74666666666667,0.16720974103927286,504.82692307692309,84.411979077345222]
[2246,"T","CM   ","CO","12-2007",15762.36,14,72.224166666666676,0.19384093505174857,1125.8828571428571,218.24218578730571]
[2247,"T","CM   ","CO","3-2008",14662.15,13,63.813333333333333,0.20371918094442124,1127.8576923076923,229.76624529878814]
[2248,"T","CM   ","CO","6-2008",12061.6,10,53.079166666666673,0.18839783342491559,1206.1600000000001,227.23793076379619]
[3201,"T","CM   ","CT","9-1996",578052.5,970,11379.413333333332,8.524165276241541E-2,595.93041237113403,50.798093281903235]
[3202,"T","CM   ","CT","12-1996",849357.28,1315,15262.006666666666,8.6161671182601152E-2,645.89907224334604,55.651743479778332]
[3203,"T","CM   ","CT","3-1997",922922.32,1437,15487.583333333334,9.2784004390613989E-2,642.25631176061233,59.591112450296201]
[3204,"T","CM   ","CT","6-1997",913340.12,1392,15684.635833333334,8.874927124808922E-2,656.13514367816094,58.231515841697096]
[3205,"T","CM   ","CT","9-1997",859713.9,1352,15942.878333333334,8.4802754667784266E-2,635.88306213017756,53.924635315224862]
[3206,"T","CM   ","CT","12-1997",877489.36,1366,16334.1625,8.3628407639510141E-2,642.37874084919474,53.721111198691695]
[3207,"T","CM   ","CT","3-1998",996125.52,1399,16950.657500000001,8.2533671628961885E-2,712.02681915654045,58.76618768328013]
[3208,"T","CM   ","CT","6-1998",1005032.72,1410,17838.278333333332,7.9043502610070648E-2,712.78916312056731,56.341352075550645]
[3209,"T","CM   ","CT","9-1998",1126706.33,1471,18875.297500000001,7.7932546493638039E-2,765.94583956492193,59.692109753501903]
[3210,"T","CM   ","CT","12-1998",1141090.29,1502,19959.1325,7.5253771675697828E-2,759.71390812250331,57.171336980702947]
[3211,"T","CM   ","CT","3-1999",1107128.78,1567,20941.341666666667,7.482806139848569E-2,706.52761965539253,52.868092103299652]
[3212,"T","CM   ","CT","6-1999",1221993.56,1640,21732.759166666667,7.5462116311278318E-2,745.11802439024393,56.228183022166498]
[3213,"T","CM   ","CT","9-1999",1184372.1599999999,1755,22299.49,7.8701351465885541E-2,674.85593162393161,53.112073863572654]
[3214,"T","CM   ","CT","12-1999",1256380.2,1830,22791.803333333333,8.0292023111817531E-2,686.54655737704911,55.124212052256794]
[3215,"T","CM   ","CT","3-2000",1288390.48,1813,23298.679166666669,7.7815570017112909E-2,710.64008825151677,55.298863544303202]
[3216,"T","CM   ","CT","6-2000",1308623.49,1874,23811.508333333331,7.8701440234956427E-2,698.30495731056567,54.957605863551279]
[{"$f":"INDEX(State,MATCH(D1218,StateAbbr),1)*1000+INDEX(Coverage,MATCH(C1218,CoverageAbbr),1)*100+VLOOKUP(E1218,Date,2,FALSE)","v":3217},"T","CM   ","CT","9-2000",1382759.81,1876,24314.910833333332,7.7154303088300458E-2,737.07878997867806,56.868800361972681]
[3218,"T","CM   ","CT","12-2000",1424438.48,1933,24782.411666666667,{"$f":"G1219/H1219","v":7.7998865727824315E-2},{"$f":"F1219/G1219","v":736.90557682359031},{"$f":"F1219/H1219","v":57.477799140748139}]
[3219,"T","CM   ","CT","3-2001",1605011.5,2165,25135.980833333335,8.6131510616404894E-2,741.34480369515006,63.853147829885422]
[3220,"T","CM   ","CT","6-2001",1770644.12,2401,25445.531666666666,9.4358413549883904E-2,737.46110787172017,69.585660193515324]
[3221,"T","CM   ","CT","9-2001",1761541.85,2491,25797.579166666666,9.6559447842247473E-2,707.16252509032518,68.283222957451272]
[3222,"T","CM   ","CT","12-2001",1724753.54,2514,26233.228333333333,9.5832658034145882E-2,686.05948289578362,65.746903815434592]
[3223,"T","CM   ","CT","3-2002",1620554.66,2390,26721.816666666666,8.9440026844482254E-2,678.05634309623429,60.645377528598665]
[3224,"T","CM   ","CT","6-2002",1446427.17,2177,27251.805833333332,7.9884614374331836E-2,664.41303169499304,53.076378822235235]
[3225,"T","CM   ","CT","9-2002",1598720.98,2202,27781.700833333332,7.926080599636913E-2,726.03132606721158,57.545828082699884]
[3226,"T","CM   ","CT","12-2002",1671098.14,2240,28218.685833333333,7.9380025463623799E-2,746.02595535714283,59.219559332774267]
[3227,"T","CM   ","CT","3-2003",1757243.64,2390,28563.697499999998,8.3672640770684537E-2,735.24838493723848,61.520173990079542]
[3228,"T","CM   ","CT","6-2003",1876380.23,2628,28736.39,9.1451988228166442E-2,713.99552130898019,65.296310009712428]
[3229,"T","CM   ","CT","9-2003",1754031.61,2621,28605.148333333334,9.1626862740151263E-2,669.22228538725676,61.318738485828511]
[3230,"T","CM   ","CT","12-2003",1663319.71,2545,28188.30916666667,9.0285656544789206E-2,653.56373673870337,59.007431065319594]
[3231,"T","CM   ","CT","3-2004",1597148.37,2460,27495.692500000001,8.9468559484362872E-2,649.24730487804879,58.087221116543986]
[3232,"T","CM   ","CT","6-2004",1438462.32,2238,26629.317500000001,8.4042709693930379E-2,642.74455764075071,54.017994265155316]
[3233,"T","CM   ","CT","9-2004",1357248.83,2152,25762.112499999999,8.3533522338278737E-2,630.6918355018588,52.683910529464541]
[3234,"T","CM   ","CT","12-2004",1258684.08,2032,24918.993333333332,8.1544225034237611E-2,619.43114173228355,50.511032414632055]
[3235,"T","CM   ","CT","3-2005",1165982.8400000001,1931,24136.201666666664,8.0004303355934017E-2,603.82332470222684,48.308464442865606]
[3236,"T","CM   ","CT","6-2005",1135219.98,1927,23454.068333333333,8.2160586070319994E-2,589.11259989621169,48.401836468882692]
[3237,"T","CM   ","CT","9-2005",1091340.01,1863,22876.930833333332,8.1435749120921205E-2,585.7971068169619,47.704826226507585]
[3238,"T","CM   ","CT","12-2005",1193680.68,1870,22337.12833333333,8.3717117621132597E-2,638.33191443850262,53.439307962370876]
[3239,"T","CM   ","CT","3-2006",1118183.96,1849,21815.008333333335,8.47581615256469E-2,604.75065440778792,51.257553649035962]
[3240,"T","CM   ","CT","6-2006",1029488.32,1689,21571.401666666668,7.829811090161734E-2,609.52535227945532,47.724683630124169]
[3241,"T","CM   ","CT","9-2006",1121584.9099999999,1685,22105.498333333333,7.622537952284722E-2,665.62902670623146,50.737825182105894]
[3242,"T","CM   ","CT","12-2006",1107825.71,1778,23531.539999999997,7.5558165763906657E-2,623.07407761529805,47.078334439649936]
[3243,"T","CM   ","CT","3-2007",1219335.3400000001,1881,25736.054166666669,7.3088127178263046E-2,648.23782030834661,47.378488252456471]
[3244,"T","CM   ","CT","6-2007",1587449.52,2321,28458.87166666667,8.1556290326103925E-2,683.95067643257221,55.780479935870019]
[3245,"T","CM   ","CT","9-2007",1910361.97,2726,30891.855833333335,8.8243322599562177E-2,700.79309244314015,61.840310932004812]
[3246,"T","CM   ","CT","12-2007",2137467.6800000002,3011,32826.255833333336,9.1725355925072874E-2,709.88631019594823,65.114574469060045]
[3247,"T","CM   ","CT","3-2008",2413191.13,3318,34242.879999999997,9.6896055471969653E-2,727.30293248945145,70.472785291424088]
[3248,"T","CM   ","CT","6-2008",2425116.85,3402,35190.779166666667,9.6673051309487196E-2,712.85033803644922,68.913417304982943]
[4201,"T","CM   ","FL","9-1996",372556.21,484,10386.389166666666,4.6599447819008648E-2,769.74423553719009,35.869656337897993]
[4202,"T","CM   ","FL","12-1996",604911.37,696,14069.558333333334,4.9468503808754949E-2,869.12553160919538,42.994339670695652]
[4203,"T","CM   ","FL","3-1997",599085.37,736,14455.214999999998,5.0915880531697391E-2,813.97468749999996,41.444237944575718]
[4204,"T","CM   ","FL","6-1997",539881.03,741,14775.766666666668,5.0149682024395799E-2,728.58438596491237,36.538275284080015]
[4205,"T","CM   ","FL","9-1997",561721.71,759,14962.579166666668,5.0726548648169216E-2,740.08130434782606,37.541770288600524]
[4206,"T","CM   ","FL","12-1997",452784.38,726,14968.893333333333,4.8500579423818461E-2,623.66994490358127,30.248353697044628]
[4207,"T","CM   ","FL","3-1998",479094.95,757,14848.195833333333,5.0982624993440563E-2,632.88632760898281,32.266206303964537]
[4208,"T","CM   ","FL","6-1998",481093.35,749,14625.688333333334,5.1211264928499658E-2,642.31421895861149,32.893723634431794]
[4209,"T","CM   ","FL","9-1998",471991.46,737,14325.762499999999,5.1445778191562236E-2,640.422605156038,32.947039293719975]
[4210,"T","CM   ","FL","12-1998",465505.8,728,13968.779166666667,5.2116222277835661E-2,639.43104395604394,33.324730418161693]
[4211,"T","CM   ","FL","3-1999",387186.09,705,13531.147499999999,5.2102011303919352E-2,549.20012765957449,28.614431259433101]
[4212,"T","CM   ","FL","6-1999",400091.02,670,13034.485833333332,5.1402104276840485E-2,597.15077611940296,30.694806463085779]
[4213,"T","CM   ","FL","9-1999",405615.88,652,12511.136666666667,5.2113570283115758E-2,622.11024539877303,32.420385997435353]
[4214,"T","CM   ","FL","12-1999",429116.76,643,12031.375833333334,5.3443596884285398E-2,667.36665629860033,35.666474553235844]
[4215,"T","CM   ","FL","3-2000",427082.96,588,11693.676666666666,5.0283586314312893E-2,726.33156462585032,36.522555922673881]
[4216,"T","CM   ","FL","6-2000",400118.06,596,11542.683333333334,5.1634440865136785E-2,671.33902684563759,34.664215282119549]
[4217,"T","CM   ","FL","9-2000",376897.61,588,11580.04,5.0777026676937211E-2,640.9823299319728,32.547176866401152]
[4218,"T","CM   ","FL","12-2000",354946.71,585,11817.027499999998,4.9504835289585311E-2,606.74651282051286,30.03688617970975]
[4219,"T","CM   ","FL","3-2001",375167.96,614,12188.784166666666,5.0374179377065294E-2,611.02273615635181,30.77976891460531]
[4220,"T","CM   ","FL","6-2001",422323.97,644,12671.496666666666,5.0822725755363285E-2,655.78256211180121,33.32865730935756]
[4221,"T","CM   ","FL","9-2001",479448.85,696,13280.315833333334,5.2408392144790227E-2,688.86329022988502,36.10221744851826]
[4222,"T","CM   ","FL","12-2001",496071.86,734,14197.936666666666,5.1697652781002683E-2,675.8472207084468,34.939714949190972]
[4223,"T","CM   ","FL","3-2002",558885.48,798,15427.247499999999,5.1726660896572768E-2,700.35774436090219,36.227167548844989]
[4224,"T","CM   ","FL","6-2002",659532.11,875,16953.210833333334,5.1612641912031118E-2,753.75098285714284,38.903079569047215]
[4225,"T","CM   ","FL","9-2002",700063.15,987,18614.103333333333,5.3024310777974627E-2,709.28383991894634,37.609286757657415]
[4226,"T","CM   ","FL","12-2002",768495.35,1078,20066.275833333333,5.3721976561752802E-2,712.889935064935,38.297856382667916]
[4227,"T","CM   ","FL","3-2003",844547.09,1187,21122.302500000002,5.6196524976384554E-2,711.49712721145738,39.983666079964529]
[4228,"T","CM   ","FL","6-2003",817803.14,1278,21755.310833333333,5.8744276732734954E-2,639.90856025039125,37.59096554699498]
[4229,"T","CM   ","FL","9-2003",863703.07,1323,22111.75333333333,5.9832433007724707E-2,652.83678760393047,39.060813359290371]
[4230,"T","CM   ","FL","12-2003",884466.39,1321,22266.215833333335,5.9327548510619166E-2,669.54306585919755,39.722348719710226]
[4231,"T","CM   ","FL","3-2004",861088.87,1280,22174.572499999998,5.7723773479736763E-2,672.72567968750002,38.832264748283201]
[4232,"T","CM   ","FL","6-2004",794847.9,1204,21861.947499999998,5.5072861189516625E-2,660.17267441860463,36.357598059367767]
[{"$f":"INDEX(State,MATCH(D1282,StateAbbr),1)*1000+INDEX(Coverage,MATCH(C1282,CoverageAbbr),1)*100+VLOOKUP(E1282,Date,2,FALSE)","v":4233},"T","CM   ","FL","9-2004",955612.76,1230,21127.370833333334,5.8218318299188908E-2,776.92094308943092,45.231030758086519]
[4234,"T","CM   ","FL","12-2004",1139126.58,1299,19985.397499999999,{"$f":"G1283/H1283","v":6.4997456267757506E-2},{"$f":"F1283/G1283","v":876.92577367205547},{"$f":"F1283/H1283","v":56.997944624318833}]
[4235,"T","CM   ","FL","3-2005",1122350.57,1283,18766.193333333333,6.8367621350307592E-2,874.78610288386596,59.807045044475373]
[4236,"T","CM   ","FL","6-2005",1108109.1599999999,1234,17534.449166666669,7.037574937602592E-2,897.98149108589939,63.196120360971314]
[4237,"T","CM   ","FL","9-2005",843054.07999999996,1048,16681.740833333333,6.2823179575233187E-2,804.44091603053437,50.537536125451332]
[4238,"T","CM   ","FL","12-2005",664646.56999999995,903,16349.790833333333,5.5230064360150585E-2,736.04271317829455,40.651686420657065]
[4239,"T","CM   ","FL","3-2006",645228.77,919,16898.731666666667,5.4382779614919816E-2,702.09877040261154,38.182082698711412]
[4240,"T","CM   ","FL","6-2006",722925.76,979,18614.735833333332,5.2592742049388026E-2,738.43284984678246,38.836208392786311]
[4241,"T","CM   ","FL","9-2006",963204.34,1156,21218.397499999999,5.4481022895343539E-2,833.22174740484422,45.394773097261471]
[4242,"T","CM   ","FL","12-2006",1004151.98,1365,24442.949166666669,5.5844325113660075E-2,735.64247619047615,41.081457607798889]
[4243,"T","CM   ","FL","3-2007",1217906.95,1586,27633.755000000001,5.7393575357384471E-2,767.91106557377043,44.073161609777607]
[4244,"T","CM   ","FL","6-2007",1408426.42,1830,30367.108333333334,6.0262570275459768E-2,769.63192349726774,46.379997875991371]
[4245,"T","CM   ","FL","9-2007",1506400.94,2030,32649.620833333334,6.2175300912759447E-2,742.06942857142849,46.138390019588023]
[4246,"T","CM   ","FL","12-2007",1733355.32,2184,34344.887500000004,6.3590250513995708E-2,793.66086080586081,50.469092961798168]
[4247,"T","CM   ","FL","3-2008",1702147.25,2232,35396.788333333338,6.3056568267751967E-2,762.61077508960568,48.087618401160967]
[4248,"T","CM   ","FL","6-2008",1865317.16,2289,35923.828333333331,6.371815327588741E-2,814.90483180428134,51.924230978166442]
[5201,"T","CM   ","GA","9-1996",382983.9,540,11780.785833333333,4.5837349701417063E-2,709.22944444444454,32.509198063541746]
[5202,"T","CM   ","GA","12-1996",549205.19999999995,749,15715.717499999999,4.7659293952057868E-2,733.25126835781032,34.946237739384152]
[5203,"T","CM   ","GA","3-1997",565212.82999999996,784,15735.613333333333,4.9823288320082433E-2,720.93473214285711,35.919339019514965]
[5204,"T","CM   ","GA","6-1997",601754.73,764,15758.571666666665,4.8481551257342173E-2,787.63708115183249,38.185867522045939]
[5205,"T","CM   ","GA","9-1997",608321.77,763,15777.898333333333,4.8358785427590222E-2,797.27623853211014,38.555310545690553]
[5206,"T","CM   ","GA","12-1997",589180.86,735,15827.033333333333,4.6439530676416513E-2,801.60661224489797,37.226234859765256]
[5207,"T","CM   ","GA","3-1998",619202.74,734,15910.574166666667,4.6132841738531431E-2,843.60046321525886,38.917686660061342]
[5208,"T","CM   ","GA","6-1998",812248.08,826,15943.116666666667,5.1809192472822646E-2,983.35118644067791,50.946630886683593]
[5209,"T","CM   ","GA","9-1998",908603.27,863,16003.1175,5.3926992662523411E-2,1052.8427230590962,56.776641801199048]
[5210,"T","CM   ","GA","12-1998",944141.45,882,16018.345833333333,5.5061865262304707E-2,1070.4551587301587,58.941257719338999]
[5211,"T","CM   ","GA","3-1999",881108.71,860,15988.88,5.3787382230650306E-2,1024.5450116279069,55.107594152936294]
[5212,"T","CM   ","GA","6-1999",838802.37,880,15954.498333333335,5.5156858060615918E-2,953.18451136363637,52.574662798861631]
[5213,"T","CM   ","GA","9-1999",808963.21,894,15889.623333333335,5.6263133571238418E-2,904.88054809843402,50.911415143677615]
[5214,"T","CM   ","GA","12-1999",780346.1,880,15841.529166666667,5.5550192834393351E-2,886.75693181818178,49.259518559735]
[5215,"T","CM   ","GA","3-2000",892646.39,907,15806.269166666667,5.7382294989177025E-2,984.17463065049617,56.474198976851113]
[5216,"T","CM   ","GA","6-2000",695199.95,797,15811.481666666667,5.0406408254592208E-2,872.27095357590963,43.968045794569747]
[5217,"T","CM   ","GA","9-2000",591389.18999999994,715,15808.707499999999,4.5228238930981553E-2,827.11774825174814,37.409079141985515]
[5218,"T","CM   ","GA","12-2000",599095,735,15804.032500000001,4.6507117724542767E-2,815.09523809523807,37.907730194809453]
[5219,"T","CM   ","GA","3-2001",580483.29,737,15857.8825,4.647530967643379E-2,787.62997286295797,36.60534689924711]
[5220,"T","CM   ","GA","6-2001",592050.97,719,15930.045833333332,4.5134835613310387E-2,823.43667593880389,37.16567900646865]
[5221,"T","CM   ","GA","9-2001",658922.52,752,16103.6,4.6697632827442312E-2,876.22675531914899,40.91771529347475]
[5222,"T","CM   ","GA","12-2001",669875.27,731,16438.192500000001,4.4469609417215422E-2,916.38203830369355,40.751151320317]
[5223,"T","CM   ","GA","3-2002",736008.72,739,16824.740000000002,4.3923412783793386E-2,995.95225981055478,43.745622220610834]
[5224,"T","CM   ","GA","6-2002",779234.86,776,17299.094166666666,4.4857840099816401E-2,1004.1686340206186,45.044836018147969]
[5225,"T","CM   ","GA","9-2002",835858.74,855,17778.468333333334,4.8091881930961242E-2,977.61256140350872,47.01522787724214]
[5226,"T","CM   ","GA","12-2002",916070.35,893,18157.762500000001,4.9180068304120618E-2,1025.8346584546473,50.450618571533795]
[5227,"T","CM   ","GA","3-2003",871120.25,921,18411.5075,5.0023063021862824E-2,945.84174809989145,47.313901373909772]
[5228,"T","CM   ","GA","6-2003",1006261.2,969,18479.4175,5.2436717769918886E-2,1038.4532507739937,54.45308002809071]
[5229,"T","CM   ","GA","9-2003",1071015.4099999999,950,18426.559166666666,5.1556017127632484E-2,1127.3846421052631,58.123461917808761]
[5230,"T","CM   ","GA","12-2003",1007729.22,957,18374.647499999999,5.2082631789262895E-2,1053.0085893416929,54.843458629614531]
[5231,"T","CM   ","GA","3-2004",1050565.6299999999,972,18361.351666666666,5.293727921809678E-2,1080.8288374485596,57.216137954985335]
[5232,"T","CM   ","GA","6-2004",877069.43,923,18295.114166666666,5.0450628052471386E-2,950.23773564463716,47.940090562430221]
[5233,"T","CM   ","GA","9-2004",825245.18,881,18087.201666666668,4.8708474436021561E-2,936.71416572077192,45.625917994869482]
[5234,"T","CM   ","GA","12-2004",980428.36,872,17714.345000000001,4.9225641704505579E-2,1124.3444495412843,55.34657702556882]
[5235,"T","CM   ","GA","3-2005",1063495.94,934,17286.433333333334,5.4030810288607824E-2,1138.6466167023555,61.521999332810118]
[5236,"T","CM   ","GA","6-2005",1101416.98,922,16915.593333333334,5.4505921360921812E-2,1194.5954229934923,65.112524183800431]
[5237,"T","CM   ","GA","9-2005",1095130.52,936,16659.375,5.6184580754079907E-2,1170.0112393162394,65.736590958544369]
[5238,"T","CM   ","GA","12-2005",938190.14,916,16402.696666666667,5.5844475979457846E-2,1024.2250436681222,57.197310848683621]
[5239,"T","CM   ","GA","3-2006",1040319.64,947,16082.920833333332,5.8882339210254361E-2,1098.5423864836325,64.684745437771596]
[5240,"T","CM   ","GA","6-2006",1025358.27,910,15793.445,5.7618841234448853E-2,1126.7673296703297,64.92302787643861]
[5241,"T","CM   ","GA","9-2006",939492.88,872,15532.643333333333,5.6139832820899981E-2,1077.4000917431192,60.48506103168102]
[5242,"T","CM   ","GA","12-2006",955118.68,869,15571.4275,5.5807343289496096E-2,1099.1008975834293,61.337901101231729]
[5243,"T","CM   ","GA","3-2007",767275.98,785,16569.698333333334,4.7375636188910698E-2,977.42163057324842,46.305971573210094]
[5244,"T","CM   ","GA","6-2007",904774.75,978,18591.544166666667,5.2604559967293373E-2,925.12755623721887,48.665928009476353]
[5245,"T","CM   ","GA","9-2007",1127857.56,1206,21365.2575,5.6446780479945072E-2,935.2052736318409,52.789326784383483]
[5246,"T","CM   ","GA","12-2007",1467125.76,1490,24519.345833333336,6.0768342276668261E-2,984.64816107382546,59.835436474226213]
[5247,"T","CM   ","GA","3-2008",1942220.02,1836,27381.914166666666,6.7051557784628957E-2,1057.8540413943356,70.930761384255561]
[5248,"T","CM   ","GA","6-2008",2483721.16,2148,29793.557499999999,7.2096123465618361E-2,1156.294767225326,83.36437030052555]
[{"$f":"INDEX(State,MATCH(D1346,StateAbbr),1)*1000+INDEX(Coverage,MATCH(C1346,CoverageAbbr),1)*100+VLOOKUP(E1346,Date,2,FALSE)","v":6201},"T","CM   ","IL","9-1996",711892.74,1308,14197.006666666666,9.2132097329437057E-2,544.26050458715599,50.143861781192378]
[6202,"T","CM   ","IL","12-1996",862866.99,1664,18551.735000000001,{"$f":"G1347/H1347","v":8.9695114769588927E-2},{"$f":"F1347/G1347","v":518.54987379807687},{"$f":"F1347/H1347","v":46.511390444074365}]
[6203,"T","CM   ","IL","3-1997",923036.2,1794,17811.78,0.10071986067647366,514.51293199554061,51.821670826834826]
[6204,"T","CM   ","IL","6-1997",690757.03,1695,17233.494166666667,9.8354981503315758E-2,407.52627138643072,40.08223888432763]
[6205,"T","CM   ","IL","9-1997",590639.17000000004,1620,16751.325833333332,9.6708763002888679E-2,364.59208024691361,35.259249081328939]
[6206,"T","CM   ","IL","12-1997",568739.54,1546,16425.631666666664,9.4121190062807336E-2,367.87809831824063,34.625124411755252]
[6207,"T","CM   ","IL","3-1998",491517.85,1314,16213.785833333333,8.1042146079085067E-2,374.06229071537291,30.314810806832437]
[6208,"T","CM   ","IL","6-1998",577628.62,1210,16134.4925,7.4994611699128438E-2,477.37902479338845,35.800854597688769]
[6209,"T","CM   ","IL","9-1998",539869.68000000005,1129,16189.397499999999,6.9736999168746094E-2,478.18395039858285,33.347113751453698]
[6210,"T","CM   ","IL","12-1998",570412.46,1136,16292.386666666667,6.9725818766884162E-2,502.12364436619714,35.01098222564486]
[6211,"T","CM   ","IL","3-1999",611386.73,1222,16431.785833333332,7.43680578845584E-2,500.31647299509001,37.207564424296955]
[6212,"T","CM   ","IL","6-1999",577432.6,1264,16569.45,7.6284970231359522E-2,456.82958860759493,34.849231567734591]
[6213,"T","CM   ","IL","9-1999",712561.38,1377,16648.8,8.2708663687472969E-2,517.47376906318084,42.799563932535683]
[6214,"T","CM   ","IL","12-1999",700373.81,1439,16765.8825,8.5829063874210021E-2,486.70869353717865,41.773751545735813]
[6215,"T","CM   ","IL","3-2000",647126.9,1363,16949.557499999999,8.041507868273258E-2,474.78129126925899,38.179574894506835]
[6216,"T","CM   ","IL","6-2000",917839.75,1467,17269.350833333334,8.4948184454530493E-2,625.6576346284935,53.148480151806517]
[6217,"T","CM   ","IL","9-2000",1013021.69,1514,17796.244166666667,8.5074130576147308E-2,669.10283355350066,56.923341830600677]
[6218,"T","CM   ","IL","12-2000",1206661.51,1578,18464.186666666665,8.5462740844618856E-2,764.67776299112802,65.351457488153656]
[6219,"T","CM   ","IL","3-2001",1394898.27,1787,19198.605,9.3079679487129405E-2,780.58101287073305,72.656230491746669]
[6220,"T","CM   ","IL","6-2001",1257193.92,1854,20043.384999999998,9.2499345794136073E-2,678.09812297734629,62.72363275963616]
[6221,"T","CM   ","IL","9-2001",1382964.04,1989,20878.592499999999,9.5265042411264073E-2,695.30620412267479,66.238375024561648]
[6222,"T","CM   ","IL","12-2001",1464684.8,2118,21631.104166666668,9.7914557836757052E-2,691.54145420207749,67.711975713984387]
[6223,"T","CM   ","IL","3-2002",1477021,2090,22348.820000000003,9.3517241626179803E-2,706.70861244019136,66.089440068871639]
[6224,"T","CM   ","IL","6-2002",1520894.3,2105,22955.036666666667,9.1701007955988165E-2,722.51510688836106,66.25536356509123]
[6225,"T","CM   ","IL","9-2002",1354863.34,2090,23550.951666666664,8.8743759894770013E-2,648.25997129186612,57.529027241715859]
[6226,"T","CM   ","IL","12-2002",1279767.8400000001,2076,24016.216666666664,8.6441591896586553E-2,616.45849710982668,53.287653828350713]
[6227,"T","CM   ","IL","3-2003",1269210.72,2074,24269.870833333334,8.5455749403967773E-2,611.96273866923821,52.295734440284235]
[6228,"T","CM   ","IL","6-2003",1280959.75,2097,24246.345833333336,8.6487259334439209E-2,610.85348116356704,52.831043440738398]
[6229,"T","CM   ","IL","9-2003",1613485.01,2169,23821.64333333333,9.1051652887647147E-2,743.88428307976028,67.731893531554576]
[6230,"T","CM   ","IL","12-2003",1626972.66,2073,23138.809999999998,8.9589741218325414E-2,784.83968162083931,70.313583974283901]
[6231,"T","CM   ","IL","3-2004",1558805.42,1995,22227.696666666667,8.9752889375702291E-2,781.35610025062658,70.12896762882464]
[6232,"T","CM   ","IL","6-2004",1451242.51,1793,21069.379166666666,8.5099802220877027E-2,809.3934802007808,68.879225083953784]
[6233,"T","CM   ","IL","9-2004",1037775.41,1484,19735.351666666666,7.5195011726418862E-2,699.30957547169817,52.584591727991338]
[6234,"T","CM   ","IL","12-2004",918972.79,1316,18244.854166666668,7.2129927045639572E-2,698.30759118541039,50.368875607619955]
[6235,"T","CM   ","IL","3-2005",876425.73,1182,16872.577499999999,7.0054501157277252E-2,741.47692893401017,51.943796376101993]
[6236,"T","CM   ","IL","6-2005",777051.02,1033,15790.146666666667,6.5420544964327962E-2,752.2275121006777,49.211133778786937]
[6237,"T","CM   ","IL","9-2005",678731,928,15177.62,6.1142656094960869E-2,731.39116379310349,44.719198398694921]
[6238,"T","CM   ","IL","12-2005",562306.07999999996,869,14951.606666666667,5.8120844092117638E-2,647.07258918296884,37.608405072186223]
[6239,"T","CM   ","IL","3-2006",514704.63,839,14922.836666666668,5.6222554648345448E-2,613.47393325387361,34.49107173770134]
[6240,"T","CM   ","IL","6-2006",581259.97,901,15066.970833333333,5.9799677716683264E-2,645.12760266370697,38.578422725426172]
[6241,"T","CM   ","IL","9-2006",678839.93,934,15266.265833333333,6.1180645627213252E-2,726.80934689507501,44.466665090933887]
[6242,"T","CM   ","IL","12-2006",892576.32,1019,15624.138333333334,6.521959664335622E-2,875.93358194308144,57.128034900697983]
[6243,"T","CM   ","IL","3-2007",993857.57,1117,16199.293333333333,6.8953625137557442E-2,889.75610564010742,61.351908972160921]
[6244,"T","CM   ","IL","6-2007",978526.2,1155,16935.68,6.8199210188194387E-2,847.20883116883113,57.778973150177606]
[6245,"T","CM   ","IL","9-2007",1065659.98,1238,17718.803333333333,6.9869278230038481E-2,860.7915831987076,60.14288662458582]
[6246,"T","CM   ","IL","12-2007",1078148.94,1313,18499.154166666667,7.0976218056816559E-2,821.13399847677067,58.280985729752956]
[6247,"T","CM   ","IL","3-2008",1143960.8799999999,1391,19267.006666666664,7.2195957787596146E-2,822.4017828900071,59.374084401970762]
[6248,"T","CM   ","IL","6-2008",1251335.18,1447,20056.100000000002,7.2147625909324331E-2,864.77897719419479,62.391750140854889]
[7201,"T","CM   ","IN","9-1996",1453222.81,1435,4395.2524999999996,0.32648863745598239,1012.6988222996516,330.63465864589125]
[7202,"T","CM   ","IN","12-1996",1698290.88,1829,5865.6033333333335,0.31181788062722732,928.53519956260243,289.53387801539026]
[7203,"T","CM   ","IN","3-1997",1780395.2,1957,6031.9641666666676,0.32443826686083593,909.75738375063872,295.16010884790563]
[7204,"T","CM   ","IN","6-1997",1201307.47,1737,6222.2591666666667,0.27915905677881464,691.59900402993662,193.06612563416476]
[7205,"T","CM   ","IN","9-1997",1091682.47,1679,6423.0391666666665,0.26140273419371696,650.19801667659317,169.96353932659343]
[7206,"T","CM   ","IN","12-1997",1221823.24,1743,6611.5241666666661,0.26363058745027151,700.98866322432582,184.80205308180956]
[7207,"T","CM   ","IN","3-1998",1335370.82,1941,6796.2449999999999,0.28559888585535104,687.98084492529631,196.48656280048763]
[7208,"T","CM   ","IN","6-1998",1484923.85,2087,6968.1966666666667,0.29950360184055269,711.51118830857695,213.10016364827055]
[7209,"T","CM   ","IN","9-1998",1588619.55,2276,7131.95,0.31912730739839734,697.98750000000007,222.74687147273889]
[7210,"T","CM   ","IN","12-1998",1734624.72,2529,7307.7924999999996,0.34606893942322531,685.89352313167262,237.36644410743739]
[7211,"T","CM   ","IN","3-1999",1740335.2,2653,7428.2033333333338,0.35715231273959919,655.98763663776856,234.28750155376287]
[7212,"T","CM   ","IN","6-1999",2078853.51,2887,7535.4683333333332,0.38312150914751814,720.07395566331832,275.87582059155358]
[7213,"T","CM   ","IN","9-1999",2150037.23,2944,7646.2866666666669,0.38502349288499949,730.31155910326083,281.18710738022725]
[7214,"T","CM   ","IN","12-1999",2054314.4,2890,7757.6133333333337,0.37253725802265641,710.83543252595155,264.81268293856698]
[7215,"T","CM   ","IN","3-2000",2054467.16,2899,7737.5866666666661,0.37466462411191087,708.68132459468779,265.51782209439983]
[7216,"T","CM   ","IN","6-2000",1874755.48,2796,7784.3774999999996,0.3591809364332601,670.51340486409151,240.83563265013805]
[{"$f":"INDEX(State,MATCH(D1410,StateAbbr),1)*1000+INDEX(Coverage,MATCH(C1410,CoverageAbbr),1)*100+VLOOKUP(E1410,Date,2,FALSE)","v":7217},"T","CM   ","IN","9-2000",1874120.62,2797,7907.1383333333333,0.35373100635016924,670.04670003575268,237.01629350525675]
[7218,"T","CM   ","IN","12-2000",2022831.63,2852,8079.9933333333329,{"$f":"G1411/H1411","v":0.35297058825956129},{"$f":"F1411/G1411","v":709.26775245441786},{"$f":"F1411/H1411","v":250.3506558173728}]
[7219,"T","CM   ","IN","3-2001",2160953.23,2968,8286.123333333333,0.35818921353250438,728.08397237196766,260.7918254495367]
[7220,"T","CM   ","IN","6-2001",2177598.5499999998,3018,8538.9941666666655,0.35343741207614915,721.5369615639496,255.01815641245022]
[7221,"T","CM   ","IN","9-2001",2280113.86,3027,8831.7824999999993,0.34273941868473323,753.25862570201514,258.17142349236974]
[7222,"T","CM   ","IN","12-2001",2352105.8199999998,3134,9138.3850000000002,0.34294900028834413,750.51238672622844,257.38747273177916]
[7223,"T","CM   ","IN","3-2002",2331322.34,3000,9443.9524999999994,0.31766360536014981,777.10744666666665,246.85875326035364]
[7224,"T","CM   ","IN","6-2002",2204184.1,2933,9622.2241666666669,0.3048151808976251,751.51179679509039,229.07220428679474]
[7225,"T","CM   ","IN","9-2002",2093084.84,2835,9560.9908333333333,0.29651738500952091,738.30153086419762,218.91923928037795]
[7226,"T","CM   ","IN","12-2002",2119871.14,2642,9336.5341666666664,0.28297438351722415,802.37363361090092,227.05118432151977]
[7227,"T","CM   ","IN","3-2003",2031160.82,2559,9022.6674999999996,0.28361900735009909,793.73224697147327,225.11755198781293]
[7228,"T","CM   ","IN","6-2003",2000348.96,2408,8759.9558333333334,0.27488723069094623,830.70970099667773,228.3514892150807]
[7229,"T","CM   ","IN","9-2003",2117241.69,2404,8677.8283333333329,0.27702783549724519,880.71617720465883,243.98289625841488]
[7230,"T","CM   ","IN","12-2003",1892498.82,2321,9020.9699999999993,0.25728940457622629,815.38079276174062,209.78883867255962]
[7231,"T","CM   ","IN","3-2004",1920858.03,2252,10902.795,0.20655253996796233,852.95649644760215,176.18033082342646]
[7232,"T","CM   ","IN","6-2004",1744190.25,2131,15135.744166666665,0.14079254885221204,818.48439699671519,115.23650444893333]
[7233,"T","CM   ","IN","9-2004",1610008.1,2007,20865.559166666666,9.6187213770251634E-2,802.19636273044352,77.161033027671479]
[7234,"T","CM   ","IN","12-2004",1699746.88,2003,26499.112499999999,7.5587437126432067E-2,848.6005391912131,64.143539901572169]
[7235,"T","CM   ","IN","3-2005",1711309.2,2027,30679.598333333332,6.6069965387964932E-2,844.25712876171679,55.780039275829289]
[7236,"T","CM   ","IN","6-2005",1737721.49,1994,32505.329166666666,6.1343787345639091E-2,871.47517051153454,53.459587536864149]
[7237,"T","CM   ","IN","9-2005",1590882.28,2002,32852.39166666667,6.0939246685997234E-2,794.64649350649347,48.425158695954906]
[7238,"T","CM   ","IN","12-2005",1653623.33,1991,33221.586666666662,5.9930912390698587E-2,830.54913611250629,49.775567512529008]
[7239,"T","CM   ","IN","3-2006",1668397.92,2003,33806.807500000003,5.9248422081854366E-2,832.94953569645531,49.350945663828206]
[7240,"T","CM   ","IN","6-2006",2343027.9700000002,2415,34669.109166666669,6.9658553624503045E-2,970.19791718426507,67.582583640561282]
[7241,"T","CM   ","IN","9-2006",2839402.2,2560,35577.051666666666,7.1956496676157958E-2,1109.1414843750001,79.809935533818603]
[7242,"T","CM   ","IN","12-2006",2983541.85,2666,36327.385000000002,7.3388161575626762E-2,1119.1079707426857,82.129276577436002]
[7243,"T","CM   ","IN","3-2007",3199632.77,2785,36994.60833333333,7.5281240306864547E-2,1148.8807073608618,86.489164614753548]
[7244,"T","CM   ","IN","6-2007",2618583.56,2516,37513.684999999998,6.7068857671540402E-2,1040.7724801271861,69.803421338106347]
[7245,"T","CM   ","IN","9-2007",2327635.9700000002,2480,37855.282500000001,6.5512653352936934E-2,938.56289112903232,61.487745336466588]
[7246,"T","CM   ","IN","12-2007",2393326.83,2527,37006.762500000004,6.8284816862863904E-2,947.10203007518805,64.672688674130839]
[7247,"T","CM   ","IN","3-2008",2355321.7200000002,2460,34239.153333333335,7.1847570997180032E-2,957.4478536585367,68.790302641829342]
[7248,"T","CM   ","IN","6-2008",2846120.39,2542,30602.787500000002,8.3064328698815415E-2,1119.6382336742722,93.001998265680868]
[8201,"T","CM   ","LA","9-1996",350311.7,646,4978.1575000000003,0.12976688664430563,542.27817337461306,70.369750253984535]
[8202,"T","CM   ","LA","12-1996",453760.49,850,6632.1716666666662,0.1281631481694156,533.83587058823525,68.418085780348974]
[8203,"T","CM   ","LA","3-1997",428348.19,896,6590.2275,0.13595888761048083,478.06717633928571,64.99748149817286]
[8204,"T","CM   ","LA","6-1997",388578.12,891,6557.9949999999999,0.13586469645066823,436.11461279461281,59.252579485040776]
[8205,"T","CM   ","LA","9-1997",429308.38,903,6524.3650000000007,0.13840427382588188,475.42456256921372,65.800791341379579]
[8206,"T","CM   ","LA","12-1997",393303.34,870,6503.5325000000003,0.13377345311951619,452.07280459770118,60.475340132458783]
[8207,"T","CM   ","LA","3-1998",523515.4,907,6523.2524999999996,0.13904106885330594,577.19448732083799,80.253738453325241]
[8208,"T","CM   ","LA","6-1998",563879.03,903,6576.5058333333336,0.13730695644229515,624.45075304540421,85.741432348763723]
[8209,"T","CM   ","LA","9-1998",539329.37,844,6641.8408333333327,0.12707320473026493,639.01584123222744,81.201790818785312]
[8210,"T","CM   ","LA","12-1998",555965.15,867,6670.5691666666671,0.12997391651861789,641.25161476355254,83.345983844706907]
[8211,"T","CM   ","LA","3-1999",467008.62,846,6658.7716666666665,0.12705045950667077,552.01964539007088,70.134349603517961]
[8212,"T","CM   ","LA","6-1999",490921.8,820,6588.4608333333335,0.12446002499572169,598.68512195121946,74.512365242615459]
[8213,"T","CM   ","LA","9-1999",485075.22,836,6466.96,0.12927248660885485,580.2335167464114,75.008229523609231]
[8214,"T","CM   ","LA","12-1999",464440.67,825,6327.1916666666666,0.13038960149513409,562.9583878787879,73.403919853858284]
[8215,"T","CM   ","LA","3-2000",531557.31999999995,841,6197.3116666666674,0.13570400283778961,632.05388822829957,85.772242641769111]
[8216,"T","CM   ","LA","6-2000",714208.87,960,6124.3716666666669,0.15675077416104999,743.96757291666665,116.61749300540491]
[8217,"T","CM   ","LA","9-2000",742136.6,950,6092.335,0.15593364448934605,781.19642105263154,121.81480499677053]
[8218,"T","CM   ","LA","12-2000",771741.57,969,6110.5033333333331,0.15857940780655821,796.4309287925696,126.29754504675283]
[8219,"T","CM   ","LA","3-2001",664058.68999999994,894,6136.729166666667,0.14568021102446674,742.79495525727066,108.21052582978852]
[8220,"T","CM   ","LA","6-2001",403170.16,738,6188.144166666666,0.11926031135075098,546.30102981029802,65.152030906412037]
[8221,"T","CM   ","LA","9-2001",439895.84,761,6317.4025000000001,0.12046090145435565,578.0497240473062,69.632390844180023]
[8222,"T","CM   ","LA","12-2001",475100.43,774,6566.6241666666674,0.11786878316090624,613.82484496124027,72.350787549513313]
[8223,"T","CM   ","LA","3-2002",483346.66,795,6868.7116666666661,0.11574222919533431,607.98322012578615,70.369333210716135]
[8224,"T","CM   ","LA","6-2002",497022.39,841,7219.1641666666665,0.11649548072104839,590.98976218787163,68.847636447294164]
[8225,"T","CM   ","LA","9-2002",448849.98,879,7600.0225,0.11565755232961482,510.63706484641637,59.05903304891531]
[8226,"T","CM   ","LA","12-2002",514869.75,936,8083.3183333333336,0.11579402930850799,550.07451923076928,63.695345001671136]
[8227,"T","CM   ","LA","3-2003",547017.63,1016,8714.4675000000007,0.11658773183788911,538.40317913385832,62.771205469525242]
[8228,"T","CM   ","LA","6-2003",666016.54,1143,9537.7091666666656,0.11984009787116072,582.69163604549431,69.829822692398807]
[8229,"T","CM   ","LA","9-2003",769227.24,1256,10515.264166666666,0.11944540622968976,612.44207006369425,73.153391850910069]
[8230,"T","CM   ","LA","12-2003",858877.78,1300,11543.8675,0.11261390517519367,660.6752153846154,74.40121605692373]
[8231,"T","CM   ","LA","3-2004",889868.72,1365,12585.720000000001,0.10845625041713941,651.91847619047621,70.704633505274217]
[8232,"T","CM   ","LA","6-2004",823026.77,1405,13470.684999999999,0.10430056081038196,585.78417793594303,61.097618272567438]
[{"$f":"INDEX(State,MATCH(D1474,StateAbbr),1)*1000+INDEX(Coverage,MATCH(C1474,CoverageAbbr),1)*100+VLOOKUP(E1474,Date,2,FALSE)","v":8233},"T","CM   ","LA","9-2004",787278.6,1481,14203.1625,0.10427255197566035,531.58582039162729,55.429810086309999]
[8234,"T","CM   ","LA","12-2004",700719.61,1547,14718.2125,{"$f":"G1475/H1475","v":0.10510787230446632},{"$f":"F1475/G1475","v":452.95385261797026},{"$f":"F1475/H1475","v":47.609015700785676}]
[8235,"T","CM   ","LA","3-2005",691440.34,1580,15085.1425,0.10473881834394339,437.62046835443039,45.835850738566108]
[8236,"T","CM   ","LA","6-2005",742656.35,1628,15416.191666666666,0.10560325372187143,456.17711916461917,48.17378805725366]
[8237,"T","CM   ","LA","9-2005",1696843.75,1702,15759.840833333334,0.10799601455365798,996.97047591069327,107.66883802601856]
[8238,"T","CM   ","LA","12-2005",5612498.4299999997,2242,16061.793333333333,0.13958590759271797,2503.3445272078502,349.4316178475712]
[8239,"T","CM   ","LA","3-2006",5940253.25,2321,16305.481666666667,0.14234476769519944,2559.3508186126669,364.31019772593856]
[8240,"T","CM   ","LA","6-2006",6008734.5800000001,2327,16740.050833333331,0.13900794108500569,2582.1807391491193,358.9436280584772]
[8241,"T","CM   ","LA","9-2006",5055341.79,2252,17725.923333333332,0.12704556810110693,2244.8231749555948,285.1948355487641]
[8242,"T","CM   ","LA","12-2006",1201508.27,1834,19430.387500000001,9.4388235952576852E-2,655.12991821155947,61.836557299745053]
[8243,"T","CM   ","LA","3-2007",1145295.8500000001,2016,21679.025833333333,9.299310843110993E-2,568.10310019841279,52.829673196800705]
[8244,"T","CM   ","LA","6-2007",1253934.8500000001,2267,23920.48166666667,9.4772339102145997E-2,553.1252095280106,52.420969923334177]
[8245,"T","CM   ","LA","9-2007",1368648.34,2447,25649.536666666667,9.5401333435392796E-2,559.31685328974254,53.359573616729399]
[8246,"T","CM   ","LA","12-2007",1634344.92,2566,26685.255833333333,9.6157968880880448E-2,636.92319563522994,61.245240825403364]
[8247,"T","CM   ","LA","3-2008",1601375.99,2570,27177.588333333333,9.4563210262769815E-2,623.1034980544747,58.92266710199268]
[8248,"T","CM   ","LA","6-2008",2062542.78,2667,27442.43416666667,9.718525637348556E-2,773.35687289088867,75.158885960098104]
[9201,"T","CM   ","MA","9-1996",6520904.6600000001,13488,57637.095000000001,0.2340159579520793,483.45971678529065,113.13728875475074]
[9202,"T","CM   ","MA","12-1996",9473163.4199999999,18467,78584.974166666667,0.23499403283933551,512.97792927925491,120.54675235890356]
[9203,"T","CM   ","MA","3-1997",10755579.310000001,20932,82369.488333333327,0.25412322479523314,513.8342876934837,130.57722619902967]
[9204,"T","CM   ","MA","6-1997",11589901.35,21715,87348.250833333339,0.24860257409657535,533.72790006907667,132.6861298243322]
[9205,"T","CM   ","MA","9-1997",12415616.869999999,23102,92489.825833333321,0.24977882477181659,537.42606137996711,134.23765001323434]
[9206,"T","CM   ","MA","12-1997",13050367.68,24294,98246.457500000004,0.24727609135423534,537.1848061249691,132.83295919346506]
[9207,"T","CM   ","MA","3-1998",14234650.560000001,24813,104711.58750000001,0.23696517828077049,573.67712731229597,135.94150274915847]
[9208,"T","CM   ","MA","6-1998",15616141.18,25826,110143.1825,0.2344766095713641,604.6674351428793,141.78037011051501]
[9209,"T","CM   ","MA","9-1998",16554161.51,25798,115412.89166666666,0.22352788867390391,641.68390999302267,143.43424959675576]
[9210,"T","CM   ","MA","12-1998",17074814.690000001,26172,120032.48999999999,0.21804096540861564,652.40771396912737,142.25160779385649]
[9211,"T","CM   ","MA","3-1999",17026780.829999998,26732,123486.72249999999,0.2164767147334403,636.94376889121645,137.88349455950618]
[9212,"T","CM   ","MA","6-1999",16266358.85,26190,126930.37333333334,0.20633359307328383,621.09044864452085,128.15182389232186]
[9213,"T","CM   ","MA","9-1999",16459679.27,27020,129592.895,0.20849908476849752,609.16651628423392,127.0106611168768]
[9214,"T","CM   ","MA","12-1999",16681415.01,26999,132070.23500000002,0.20442910546801099,617.85306900255569,126.30715020685773]
[9215,"T","CM   ","MA","3-2000",16361764.08,26070,134884.51166666666,0.19327645315145958,627.60890218642123,121.3020225808728]
[9216,"T","CM   ","MA","6-2000",16820506.16,27434,137998.06166666668,0.19879989377145477,613.12627250856599,121.88943784319096]
[9217,"T","CM   ","MA","9-2000",16975985.57,28071,142728.00833333333,0.19667478253071211,604.75172134943534,118.93941328147402]
[9218,"T","CM   ","MA","12-2000",17693501.5,29913,148269.98500000002,0.20174683365618468,591.49872964931637,119.33299581840518]
[9219,"T","CM   ","MA","3-2001",19265958.379999999,32344,153304.13333333333,0.21097930823348099,595.65787719515208,125.67148687445696]
[9220,"T","CM   ","MA","6-2001",20778239.32,34574,158088.63416666668,0.21870009936040044,600.97875050616074,131.43411244918664]
[9221,"T","CM   ","MA","9-2001",21757156.829999998,36329,161702.9375,0.22466505903765663,598.8922577004596,134.55016443346923]
[9222,"T","CM   ","MA","12-2001",22335301.059999999,36695,164711.18666666668,0.22278389672622112,608.67423518190481,135.60281795067712]
[9223,"T","CM   ","MA","3-2002",22446850.719999999,37052,171334.82250000001,0.21625492972976931,605.82021807189892,131.01160868801202]
[9224,"T","CM   ","MA","6-2002",21735894.960000001,35445,179378.8475,0.19759854907084293,613.22880406263232,121.17312193122436]
[9225,"T","CM   ","MA","9-2002",21929604.48,35197,189700.23499999999,0.18554009698511972,623.05322840014776,115.60135642425536]
[9226,"T","CM   ","MA","12-2002",22584308.18,35634,200406.99666666667,0.17780816335104999,633.78537857102765,112.69221412246435]
[9227,"T","CM   ","MA","3-2003",22749626.510000002,35861,205897.32666666666,0.17416933274736707,634.3834948830206,110.49015000971845]
[9228,"T","CM   ","MA","6-2003",23114556.5,37131,206870.18666666668,0.17948937253017413,622.51370822224021,111.7345948802418]
[9229,"T","CM   ","MA","9-2003",22671675.98,36930,202979.035,0.18193997227349121,613.90944976983485,111.69466826955799]
[9230,"T","CM   ","MA","12-2003",21412479.210000001,35304,196507.29083333336,0.17965745622101575,606.51708616587359,108.96531685514347]
[9231,"T","CM   ","MA","3-2004",20160114.859999999,33974,189878.23499999999,0.17892519382224087,593.39832989933473,106.17391119103252]
[9232,"T","CM   ","MA","6-2004",18518744.809999999,31572,184746.96333333335,0.17089320132984051,586.55596129481819,100.2384259847735]
[9233,"T","CM   ","MA","9-2004",16742672.609999999,29561,180970.36250000002,0.16334718896305464,566.37707147931394,92.516102519273005]
[9234,"T","CM   ","MA","12-2004",15164654.02,28067,177537.25666666668,0.15809076093079955,540.3019211173264,85.416741841810961]
[9235,"T","CM   ","MA","3-2005",14563257.32,27768,172883.94750000001,0.16061641581847846,524.46187409968309,84.237186451333201]
[9236,"T","CM   ","MA","6-2005",14172515.119999999,28081,167225.43083333332,0.16792302378928939,504.70122573982405,84.750955936391989]
[9237,"T","CM   ","MA","9-2005",14042395.109999999,27686,159599.0025,0.17347226214650058,507.202019432204,87.98548167617777]
[9238,"T","CM   ","MA","12-2005",13617433.6,26707,150586.02333333335,0.17735377698952892,509.88256262403115,90.429598302471931]
[9239,"T","CM   ","MA","3-2006",12733472.01,24898,142022.27499999999,0.17531052787318047,511.4254964254157,89.658273746142996]
[9240,"T","CM   ","MA","6-2006",11254920.550000001,21460,134076.76333333334,0.16005756304429486,524.46041705498601,83.943856267015605]
[9241,"T","CM   ","MA","9-2006",10040391.4,19207,127684.2475,0.15042576023326606,522.74646743374808,78.634534772975812]
[9242,"T","CM   ","MA","12-2006",8976195.2100000009,17506,123443.31666666667,0.14181407687928022,512.74964069461907,72.715116965290008]
[9243,"T","CM   ","MA","3-2007",8186089.8499999996,15673,121052.94916666666,0.12947226901858697,522.30522873731888,67.624043084892762]
[9244,"T","CM   ","MA","6-2007",8151466.21,15583,119719.57916666666,0.13016250231139093,523.09993005197975,68.087995854479246]
[9245,"T","CM   ","MA","9-2007",7866866.0899999999,15422,119752.39750000001,0.12878239034838529,510.10673648035271,65.692764856753698]
[9246,"T","CM   ","MA","12-2007",7724828.1399999997,15650,120431.1675,0.12994974909630433,493.59924217252393,64.143097674445443]
[9247,"T","CM   ","MA","3-2008",8062137.6299999999,16579,121744.83833333333,0.13617825796118968,486.28612280595934,66.221597074416692]
[9248,"T","CM   ","MA","6-2008",8154896.8600000003,16693,123661.22083333333,0.13498977195525425,488.5219469238603,65.945466210388716]
[{"$f":"INDEX(State,MATCH(D1538,StateAbbr),1)*1000+INDEX(Coverage,MATCH(C1538,CoverageAbbr),1)*100+VLOOKUP(E1538,Date,2,FALSE)","v":10201},"T","CM   ","MD","9-1996",7040.54,12,117.83166666666666,0.10184019575948741,586.7116666666667,59.750830987708454]
[10202,"T","CM   ","MD","12-1996",8798.58,19,198.16249999999999,{"$f":"G1539/H1539","v":9.5880905822241846E-2},{"$f":"F1539/G1539","v":463.08315789473681},{"$f":"F1539/H1539","v":44.400832649971612}]
[10203,"T","CM   ","MD","3-1997",14758.51,26,274.64166666666665,9.466881087477623E-2,567.63499999999999,53.737330460903607]
[10204,"T","CM   ","MD","6-1997",44811.839999999997,36,365.16750000000002,9.8584895972396225E-2,1244.7733333333333,122.71584957587955]
[10205,"T","CM   ","MD","9-1997",43786.59,43,452.96166666666664,9.4930770447830395E-2,1018.2927906976744,96.667319162401526]
[10206,"T","CM   ","MD","12-1997",53753.120000000003,51,511.84500000000003,9.9639539313659403E-2,1053.9827450980392,105.01835516611474]
[10207,"T","CM   ","MD","3-1998",48567.1,50,534.08166666666659,9.3618641343864398E-2,971.34199999999998,90.935718320231928]
[10208,"T","CM   ","MD","6-1998",26444.14,55,530.89416666666659,0.10359880264899,480.80254545454545,49.810568019677497]
[10209,"T","CM   ","MD","9-1998",34215.949999999997,52,504.30916666666667,0.10311135199803032,657.99903846153836,67.847170469173165]
[10210,"T","CM   ","MD","12-1998",25139.55,45,476.06083333333328,9.4525734631253369E-2,558.65666666666664,52.807431823313905]
[10211,"T","CM   ","MD","3-1999",40606.5,51,453.39000000000004,0.11248593925759279,796.20588235294122,89.561966518891012]
[10212,"T","CM   ","MD","6-1999",37820.519999999997,41,438.68583333333328,9.3460962002040196E-2,922.4517073170731,86.213223966278079]
[10213,"T","CM   ","MD","9-1999",33788.51,46,438.79666666666668,0.10483215460463843,734.53282608695656,77.002658786529835]
[10214,"T","CM   ","MD","12-1999",40211.93,47,437.69250000000005,0.10738132364616711,855.57297872340428,91.872558931213106]
[10215,"T","CM   ","MD","3-2000",35246.22,41,443.82750000000004,9.2378232534036306E-2,859.66390243902447,79.414231880629288]
[10216,"T","CM   ","MD","6-2000",38601.129999999997,43,456.63333333333338,9.4167457478648062E-2,897.70069767441851,84.534192276808511]
[10217,"T","CM   ","MD","9-2000",67112.84,52,467.78833333333336,0.1111613870945905,1290.6315384615384,143.46839204340992]
[10218,"T","CM   ","MD","12-2000",76001.88,61,489.31416666666672,0.12466428351246726,1245.9324590163935,155.32327730820518]
[10219,"T","CM   ","MD","3-2001",70556.44,64,515.43083333333334,0.12416796951417665,1102.444375,136.88827954607552]
[10220,"T","CM   ","MD","6-2001",76336.19,70,538.71416666666664,0.12993903693517125,1090.5170000000001,141.70072874143216]
[10221,"T","CM   ","MD","9-2001",56912.27,66,578.54583333333335,0.11407912078414992,862.30712121212116,98.371238233790166]
[10222,"T","CM   ","MD","12-2001",72414.64,71,635.70333333333326,0.11168731745940194,1019.9245070422535,113.91263220265219]
[10223,"T","CM   ","MD","3-2002",100090.61,84,693.54250000000002,0.12111730715853751,1191.5548809523809,144.31791851256412]
[10224,"T","CM   ","MD","6-2002",108009.23,93,753.96750000000009,0.12334749176854438,1161.389569892473,143.25449041238514]
[10225,"T","CM   ","MD","9-2002",128282.46,97,823.34333333333336,0.11781233426314659,1322.499587628866,155.8067634806055]
[10226,"T","CM   ","MD","12-2002",115521.63,100,882.85,0.11326952483434331,1155.2163,130.8508013818882]
[10227,"T","CM   ","MD","3-2003",126706.47,100,956.26416666666671,0.10457361415996451,1267.0646999999999,132.50153505351119]
[10228,"T","CM   ","MD","6-2003",146538.32999999999,116,1054.3966666666668,0.11001552230501487,1263.2614655172413,138.97836993667784]
[10229,"T","CM   ","MD","9-2003",157706.31,128,1136.2341666666666,0.11265283491299109,1232.080546875,138.79736644661716]
[10230,"T","CM   ","MD","12-2003",199639.81,156,1218.9441666666667,0.12797961076970302,1279.7423717948718,163.78093062780425]
[10231,"T","CM   ","MD","3-2004",199103.46,167,1288.47,0.12961108912120578,1192.2362874251496,154.52704370299656]
[10232,"T","CM   ","MD","6-2004",171163.71,144,1302.0766666666666,0.11059256623393912,1188.6368749999999,131.45440232653991]
[10233,"T","CM   ","MD","9-2004",142947.92000000001,140,1255.28,0.11152890191829712,1021.0565714285715,113.87731820788989]
[10234,"T","CM   ","MD","12-2004",96160.83,103,1142.2708333333333,9.0171259734811882E-2,933.6002912621359,84.183914351894074]
[10235,"T","CM   ","MD","3-2005",59122.21,83,996.495,8.3291938243543626E-2,712.3157831325301,59.330162218576106]
[10236,"T","CM   ","MD","6-2005",51114.43,75,837.75916666666672,8.9524535193586857E-2,681.52573333333339,61.013274499135093]
[10237,"T","CM   ","MD","9-2005",47334.22,62,710.6925,8.7238855060381246E-2,763.45516129032262,66.602954160906435]
[10238,"T","CM   ","MD","12-2005",30971.83,49,621.32333333333338,7.8863930213469088E-2,632.0781632653061,49.848168157212832]
[10239,"T","CM   ","MD","3-2006",26609.3,42,547.91666666666663,7.665399239543727E-2,633.5547619047619,48.564501901140687]
[10240,"T","CM   ","MD","6-2006",25380.58,41,503.80416666666662,8.1380827537154823E-2,619.03853658536593,50.377868384706368]
[10241,"T","CM   ","MD","9-2006",24635.69,32,465.60249999999996,6.8728153306736969E-2,769.86531249999996,52.911421223038964]
[10242,"T","CM   ","MD","12-2006",35347.620000000003,36,436.37416666666667,8.2498009162626104E-2,981.87833333333344,81.003007739917393]
[10243,"T","CM   ","MD","3-2007",32597.57,34,414.25083333333333,8.2075875928634218E-2,958.75205882352941,78.690415026322611]
[10244,"T","CM   ","MD","6-2007",28806.82,27,388.42666666666668,6.9511190443498558E-2,1066.9192592592592,74.162827818206779]
[10245,"T","CM   ","MD","9-2007",15110.03,26,372.36999999999995,6.9823025485404311E-2,581.15499999999997,40.578000375970142]
[10246,"T","CM   ","MD","12-2007",17337.8,30,356.51249999999999,8.414852214157989E-2,577.92666666666662,48.631674906209462]
[10247,"T","CM   ","MD","3-2008",18516.599999999999,29,339.07749999999999,8.5526170270808305E-2,638.50344827586207,54.608754635739615]
[10248,"T","CM   ","MD","6-2008",28979.17,33,323.8533333333333,0.10189797850879,878.15666666666664,89.482389147350659]
[11201,"T","CM   ","ME","9-1996",727840.51,1849,18579.9025,9.9516130399500205E-2,393.64008112493241,39.173537643698616]
[11202,"T","CM   ","ME","12-1996",1011535.55,2412,24838.927500000002,9.7105641940458176E-2,419.37626451077944,40.723801379910626]
[11203,"T","CM   ","ME","3-1997",1108201.72,2558,25059.605833333335,0.10207662550691222,433.22975762314309,44.222631727347931]
[11204,"T","CM   ","ME","6-1997",1230212.8600000001,2716,25422.252500000002,0.1068355370949132,452.95024300441833,48.391182488648475]
[11205,"T","CM   ","ME","9-1997",1346903.48,2812,25936.350833333334,0.10841926137064836,478.98416785206257,51.931109686755278]
[11206,"T","CM   ","ME","12-1997",1462713.34,2940,26686.576666666664,0.1101677460066378,497.52154421768711,54.810827116204372]
[11207,"T","CM   ","ME","3-1998",1811482.18,3315,27534.689166666667,0.12039358715598357,546.45012971342385,65.789091318051618]
[11208,"T","CM   ","ME","6-1998",2104085.37,3539,28481.068333333333,0.12425797932088339,594.54234812093819,73.876630798200992]
[11209,"T","CM   ","ME","9-1998",2184083.85,3545,29569.27,0.11988797829638675,616.10263751763046,73.863299635060315]
[11210,"T","CM   ","ME","12-1998",2246718.44,3666,30665.636666666669,0.11954749349733593,612.85282051282047,73.26501857508039]
[11211,"T","CM   ","ME","3-1999",2102777.4700000002,3629,31781.178333333333,0.11418708148381534,579.43716450812906,66.164238718440643]
[11212,"T","CM   ","ME","6-1999",1915985.61,3577,32895.879166666666,0.10873702392561581,535.64037181996093,58.243939926112837]
[11213,"T","CM   ","ME","9-1999",1904126.42,3710,34021.64,0.10904824106068961,513.24162264150937,55.968096188190806]
[11214,"T","CM   ","ME","12-1999",1967691.44,3776,35077.000833333332,0.10764888417745522,521.10472457627122,56.09634214023572]
[11215,"T","CM   ","ME","3-2000",1905348.35,3650,36117.137500000004,0.1010600577080617,522.01324657534246,52.754688823276759]
[11216,"T","CM   ","ME","6-2000",1996295.02,3766,37065.486666666671,0.10160395393882142,530.08364843335107,53.85859459914461]
[{"$f":"INDEX(State,MATCH(D1602,StateAbbr),1)*1000+INDEX(Coverage,MATCH(C1602,CoverageAbbr),1)*100+VLOOKUP(E1602,Date,2,FALSE)","v":11217},"T","CM   ","ME","9-2000",2250565.81,3893,37770.384166666663,0.10307017219686299,578.10578217313127,59.585462516586801]
[11218,"T","CM   ","ME","12-2000",2416700.7000000002,4000,38380.263333333329,{"$f":"G1603/H1603","v":0.10422023333346941},{"$f":"F1603/G1603","v":604.17517500000008},{"$f":"F1603/H1603","v":62.967277712789716}]
[11219,"T","CM   ","ME","3-2001",2597503.84,4324,38828.353333333333,0.11136192057590905,600.71781683626273,66.897089807053362]
[11220,"T","CM   ","ME","6-2001",2688213.3,4503,39139.502500000002,0.11505000606484458,596.9827448367754,68.682868414078584]
[11221,"T","CM   ","ME","9-2001",2473345.85,4388,39271.769166666665,0.11173420737368954,563.66131494986325,62.980250253134557]
[11222,"T","CM   ","ME","12-2001",2330431.23,4316,39236.834166666667,0.1099986808738668,539.95162882298428,59.393966906224023]
[11223,"T","CM   ","ME","3-2002",2291156.27,4161,39170.860833333332,0.10622692255103831,550.62635664503728,58.491343341892772]
[11224,"T","CM   ","ME","6-2002",2150824.5099999998,3807,39099.808333333334,9.7366206185580187E-2,564.96572366692931,55.008569138339759]
[11225,"T","CM   ","ME","9-2002",2153806.16,3761,39072.025000000001,9.6258128417966562E-2,572.66848178675889,55.123996260751781]
[11226,"T","CM   ","ME","12-2002",2221290.4700000002,3714,39006.872499999998,9.5213990816618285E-2,598.08574851911692,56.94613096704947]
[11227,"T","CM   ","ME","3-2003",2071153.17,3524,38764.444166666668,9.0908049264131277E-2,587.72791430192956,53.429198187264944]
[11228,"T","CM   ","ME","6-2003",1962190.82,3415,38138.145833333336,8.954289531860872E-2,574.58003513909227,51.449559938622258]
[11229,"T","CM   ","ME","9-2003",1864564.22,3315,37132.911666666667,8.9273904232395451E-2,562.46281146304671,50.213251164835938]
[11230,"T","CM   ","ME","12-2003",1754002.27,3104,35848.199166666665,8.6587334152233922E-2,565.07805090206182,48.928602015549878]
[11231,"T","CM   ","ME","3-2004",1683049.02,2859,34353.854166666664,8.3222103293844399E-2,588.68451206715633,48.991563270739277]
[11232,"T","CM   ","ME","6-2004",1486894.42,2524,32780.090000000004,7.6997958211829184E-2,589.1023851030111,45.359680830650547]
[11233,"T","CM   ","ME","9-2004",1284783.17,2283,31200.516666666666,7.3171865209497061E-2,562.76091546211126,41.178265851366774]
[11234,"T","CM   ","ME","12-2004",971601.03,2063,29617.158333333336,6.9655568464113846E-2,470.96511391177899,32.805342736291095]
[11235,"T","CM   ","ME","3-2005",859172.74,1970,28149.851666666666,6.9982606776317527E-2,436.12829441624365,30.521394932158021]
[11236,"T","CM   ","ME","6-2005",843020.74,1928,27049.085000000003,7.1277826957917428E-2,437.2514211618257,31.166331134676085]
[11237,"T","CM   ","ME","9-2005",880837.53,1844,26501.25,6.9581623508325086E-2,477.67761930585687,33.237584264893165]
[11238,"T","CM   ","ME","12-2005",913994.6,1775,26484.391666666666,6.7020606791358558E-2,514.92653521126761,34.510688842831016]
[11239,"T","CM   ","ME","3-2006",946683.87,1770,26900.87,6.5797128494357246E-2,534.84964406779659,35.191570755890055]
[11240,"T","CM   ","ME","6-2006",961674.23999999999,1713,27668.712499999998,6.1911084586968049E-2,561.39768826619968,34.756739765177002]
[11241,"T","CM   ","ME","9-2006",926880.01,1648,28646.214166666668,5.7529416990732656E-2,562.42719053398059,32.356108371155614]
[11242,"T","CM   ","ME","12-2006",1037661.8,1716,29585.74,5.8000915305819627E-2,604.69801864801866,35.073038565200669]
[11243,"T","CM   ","ME","3-2007",1043089.34,1674,30361.325833333332,5.5135932112758253E-2,623.1119115890084,34.355856056022589]
[11244,"T","CM   ","ME","6-2007",1178286.92,1756,30860.29416666667,5.6901596287980936E-2,671.00621867881546,38.181324961986611]
[11245,"T","CM   ","ME","9-2007",1285725.72,1841,30960.42,5.9463017620561998E-2,698.38442151004892,41.528045162178032]
[11246,"T","CM   ","ME","12-2007",1310986.1499999999,1819,30761.291666666668,5.9132757483363156E-2,720.71805937328202,42.618046218800409]
[11247,"T","CM   ","ME","3-2008",1384854.03,1882,30328.255000000001,6.2054345032379866E-2,735.84167375132836,45.66217311216883]
[11248,"T","CM   ","ME","6-2008",1350335.29,1825,29759.126666666667,6.132572438841731E-2,739.90974794520548,45.375501274790992]
[12201,"T","CM   ","MI","9-1996",33193702.07,49345,438581.50750000001,0.1125104436830365,672.68623102644642,75.684226312255078]
[12202,"T","CM   ","MI","12-1996",48444882.439999998,68799,584775.34333333338,0.11765030927575075,704.15096789197514,82.843579149310102]
[12203,"T","CM   ","MI","3-1997",54337795.740000002,75946,579181.84250000003,0.13112634828499478,715.47936349511497,93.818196208386837]
[12204,"T","CM   ","MI","6-1997",54702762.590000004,77034,573588.34166666667,0.1343018928455964,710.11193226367584,95.369376635255591]
[12205,"T","CM   ","MI","9-1997",56534564.049999997,78210,567994.84083333332,0.13769491266021755,722.8559525636108,99.533587254164743]
[12206,"T","CM   ","MI","12-1997",58271798.560000002,79767,562401.34,0.14183287685623225,730.52513645993963,103.61248171990488]
[12207,"T","CM   ","MI","3-1998",58810359.859999999,86197,557916.58833333326,0.15449800526185586,682.27849994779399,105.41066727498541]
[12208,"T","CM   ","MI","6-1998",59261410.560000002,92349,553431.83666666667,0.16686607795500211,641.71144852678424,107.07987259448771]
[12209,"T","CM   ","MI","9-1998",60201736.509999998,101674,548947.08499999996,0.18521639476416932,592.1055187166827,109.66764949667235]
[12210,"T","CM   ","MI","12-1998",59641707.130000003,109137,544462.33333333337,0.2004491281000767,546.4847588810394,109.54239343768501]
[12211,"T","CM   ","MI","3-1999",58351945.780000001,114082,544170.20583333331,0.20964396576122116,511.49125874371066,107.2310559352304]
[12212,"T","CM   ","MI","6-1999",56118516.93,113437,543878.07833333337,0.20857064205937059,494.7108697338611,103.18216373414106]
[12213,"T","CM   ","MI","9-1999",52714492.719999999,112604,543585.95083333331,0.20715031326209726,468.14049873894356,96.975450964446608]
[12214,"T","CM   ","MI","12-1999",50692901.439999998,111143,543293.82250000001,0.20457254508908024,456.10521076451056,93.306603794487273]
[12215,"T","CM   ","MI","3-2000",50299018.07,108007,539516.62583333335,0.20019216244387872,465.70146444211952,93.229783219948985]
[12216,"T","CM   ","MI","6-2000",51212545.200000003,107878,538033.10750000004,0.20050438996451531,474.72649845195502,95.18474697209966]
[12217,"T","CM   ","MI","9-2000",51408652.219999999,104339,539180.0541666667,0.19351420586442469,492.70792532035,95.345982891475799]
[12218,"T","CM   ","MI","12-2000",51348501.020000003,102184,538660.41666666663,0.18970022084105248,502.51018770061853,95.326293581686059]
[12219,"T","CM   ","MI","3-2001",51819407.68,105023,536270.62416666665,0.19583955426087274,493.41008807594528,96.629211716611081]
[12220,"T","CM   ","MI","6-2001",51053270.759999998,104797,533958.94750000001,0.19626415193651192,487.16347567201348,95.612726407211284]
[12221,"T","CM   ","MI","9-2001",49862360.43,105083,532435.00749999995,0.19736305562139433,474.50453860281874,93.649665644872172]
[12222,"T","CM   ","MI","12-2001",50558262.700000003,107277,530836.1758333334,0.20209059759650169,471.28706712529248,95.242685034852968]
[12223,"T","CM   ","MI","3-2002",50073652.590000004,102775,528558.02083333337,0.19444412145702231,487.21627428849433,94.736340413589886]
[12224,"T","CM   ","MI","6-2002",49320044.789999999,101252,524113.97916666669,0.19318698608457105,487.10193171492909,94.101754103979687]
[12225,"T","CM   ","MI","9-2002",49671897.549999997,99023,516408.70500000002,0.19175315799527429,501.61980095533357,96.187180946146128]
[12226,"T","CM   ","MI","12-2002",47648496.030000001,94906,507559.35000000003,0.18698502943547388,502.05989115545913,93.877683526074335]
[12227,"T","CM   ","MI","3-2003",45942737.479999997,90815,501507.20583333331,0.18108413786217997,505.8937122722017,91.609326736709377]
[12228,"T","CM   ","MI","6-2003",45843775.130000003,88398,498009.45833333331,0.17750265285289513,518.60647446774817,92.054025004712514]
[12229,"T","CM   ","MI","9-2003",45582639.049999997,86918,497491.45500000002,0.17471254858035701,524.4326727490278,91.624968814790989]
[12230,"T","CM   ","MI","12-2003",45985392.130000003,84882,500818.88416666671,0.16948642050756269,541.75669906458381,91.820403710449142]
[12231,"T","CM   ","MI","3-2004",45841688.369999997,85730,505043.49333333335,0.16974775664205502,534.72166534468681,90.767803120164274]
[12232,"T","CM   ","MI","6-2004",44960653.799999997,83568,508792.14749999996,0.16424781791664739,538.01280155083282,88.367428665946534]
[{"$f":"INDEX(State,MATCH(D1666,StateAbbr),1)*1000+INDEX(Coverage,MATCH(C1666,CoverageAbbr),1)*100+VLOOKUP(E1666,Date,2,FALSE)","v":12233},"T","CM   ","MI","9-2004",43540181.539999999,80850,508736.73,0.15892306419471619,538.53038392084102,85.584898774656978]
[12234,"T","CM   ","MI","12-2004",41699654.759999998,78005,501668.71916666668,{"$f":"G1667/H1667","v":0.15549105818193304},{"$f":"F1667/G1667","v":534.57669072495355},{"$f":"F1667/H1667","v":83.121895320218968}]
[12235,"T","CM   ","MI","3-2005",40369746.490000002,74681,491479.29499999998,0.15195146725356967,540.56247894377418,82.139261817733342]
[12236,"T","CM   ","MI","6-2005",38287005.039999999,71413,476917.86000000004,0.14973857343065322,536.13494797865928,80.28008227664192]
[12237,"T","CM   ","MI","9-2005",36417009.700000003,67998,462189.49333333335,0.14712147502444306,535.56001205917823,78.792378938254828]
[12238,"T","CM   ","MI","12-2005",34373228.240000002,65167,450961.1141666667,0.14450691634559762,527.46371998097197,76.22215565862804]
[12239,"T","CM   ","MI","3-2006",34523099.880000003,63067,444168.28833333333,0.14198897502711932,547.40355304675984,77.725269423312767]
[12240,"T","CM   ","MI","6-2006",34156313.18,61238,441194.97333333333,0.13880031210993246,557.76336882327962,77.417729676158601]
[12241,"T","CM   ","MI","9-2006",33842396.039999999,59377,439504.47416666668,0.13509987608791293,569.95799787796625,77.001254888628182]
[12242,"T","CM   ","MI","12-2006",34364313.780000001,58295,439209.22083333338,0.13272717701462189,589.4899010206708,78.241330441102505]
[12243,"T","CM   ","MI","3-2007",33224360.559999999,57762,439072.87666666665,0.1315544709536943,575.19408192237108,75.66935314299343]
[12244,"T","CM   ","MI","6-2007",33230026.620000001,58409,437642.15416666662,0.13346292043374822,568.91962916673799,75.929675200677906]
[12245,"T","CM   ","MI","9-2007",35840194.090000004,59484,434699.92,0.13683922463109724,602.51822490081372,82.448126721532418]
[12246,"T","CM   ","MI","12-2007",36106190.280000001,60506,431317.14083333337,0.14028192777847501,596.73735298978613,83.711466254831521]
[12247,"T","CM   ","MI","3-2008",36545692.960000001,60830,427655.21333333332,0.14224075400803407,600.78403682393559,85.455974393827105]
[12248,"T","CM   ","MI","6-2008",37288391.93,60588,423666.79916666663,0.14300860987732306,615.44186852181952,88.013486077607624]
[13201,"T","CM   ","NC","9-1996",329196.71999999997,428,5405.7349999999997,7.9175172293869389E-2,769.15121495327094,60.897679963964194]
[13202,"T","CM   ","NC","12-1996",565175.78,600,7307.9291666666659,8.2102602025311555E-2,941.95963333333339,77.337336899475062]
[13203,"T","CM   ","NC","3-1997",585685.12,649,7472.3499999999995,8.6853533359652596E-2,902.44240369799695,78.380311414749045]
[13204,"T","CM   ","NC","6-1997",578340.65,657,7636.3658333333333,8.6035689533382975E-2,880.27496194824971,75.735063330190115]
[13205,"T","CM   ","NC","9-1997",510466.57,628,7790.4483333333337,8.0611535194059211E-2,812.84485668789807,65.524671772206517]
[13206,"T","CM   ","NC","12-1997",345080.16,585,7879.59,7.4242441548354673E-2,589.88061538461534,43.79417710819979]
[13207,"T","CM   ","NC","3-1998",349273.56,571,7960.0424999999996,7.1733285343639819E-2,611.68749562171627,43.878353664569005]
[13208,"T","CM   ","NC","6-1998",374046.03,584,8003.6633333333339,7.2966587383527293E-2,640.48977739726035,46.734353310713139]
[13209,"T","CM   ","NC","9-1998",395133.47,628,8013.4208333333336,7.8368528629835052E-2,629.19342356687889,49.308962828504882]
[13210,"T","CM   ","NC","12-1998",413650.64,654,7982.4375,8.1929861649402205E-2,632.49333333333334,51.820091294169231]
[13211,"T","CM   ","NC","3-1999",432730.84,650,7882.8991666666661,8.2456972524596758E-2,665.73975384615392,54.894884591424123]
[13212,"T","CM   ","NC","6-1999",392610.06,623,7758.6608333333324,8.0297362313277221E-2,630.19271268057787,50.602812577299375]
[13213,"T","CM   ","NC","9-1999",351384.11,563,7610.4891666666663,7.3976847962138229E-2,624.12808170515098,46.171028209202937]
[13214,"T","CM   ","NC","12-1999",466525.22,580,7439.6549999999997,7.7960604355981566E-2,804.35382758620688,62.707910514667681]
[13215,"T","CM   ","NC","3-2000",402486,552,7281.7524999999996,7.5805927213263569E-2,729.14130434782612,55.273232645575362]
[13216,"T","CM   ","NC","6-2000",418779.96,558,7144.8166666666666,7.8098574957603292E-2,750.50172043010753,58.613114868820993]
[13217,"T","CM   ","NC","9-2000",411314.36,564,7045.9616666666661,8.0045851323346684E-2,729.28078014184393,58.375900900208322]
[13218,"T","CM   ","NC","12-2000",302598.90000000002,535,7046.2666666666664,7.5926731886389015E-2,565.60542056074769,42.944571120404191]
[13219,"T","CM   ","NC","3-2001",345587.43,546,7234.958333333333,7.5466916994454014E-2,632.94401098901096,47.766333139444484]
[13220,"T","CM   ","NC","6-2001",300683.56,505,7502.0099999999993,6.7315292834853602E-2,595.4129900990099,40.08039978619064]
[13221,"T","CM   ","NC","9-2001",308937.18,531,7855.7975000000006,6.7593392013987119E-2,581.8025988700565,39.326011140180228]
[13222,"T","CM   ","NC","12-2001",317730.71999999997,547,8311.6066666666666,6.5811583961704959E-2,580.8605484460694,38.227352754100487]
[13223,"T","CM   ","NC","3-2002",319156.42,538,8673.2358333333341,6.2029905601360041E-2,593.22754646840144,36.797848707561371]
[13224,"T","CM   ","NC","6-2002",337025.52,568,9021.5258333333331,6.2960524693208314E-2,593.35478873239435,37.357928827819315]
[13225,"T","CM   ","NC","9-2002",363038.56,578,9287.8616666666658,6.2231762352188358E-2,628.09439446366787,39.087421091004622]
[13226,"T","CM   ","NC","12-2002",417012.83,608,9425.3516666666674,6.4506876931736054E-2,685.87636513157895,44.243742275929229]
[13227,"T","CM   ","NC","3-2003",517627.61,705,9426.5749999999989,7.4788563184401552E-2,734.2235602836879,54.91152512975286]
[13228,"T","CM   ","NC","6-2003",546962.16,733,9337.6416666666664,7.8499478365790076E-2,746.19667121418831,58.576049448602745]
[13229,"T","CM   ","NC","9-2003",522893.9,735,9261.5033333333322,7.9360766124722024E-2,711.42027210884362,56.458857831216037]
[13230,"T","CM   ","NC","12-2003",494056.5,720,9274.0466666666671,7.7636012183103092E-2,686.1895833333333,53.273022851585104]
[13231,"T","CM   ","NC","3-2004",450093.89,660,9424.3533333333344,7.0031330177914936E-2,681.9604393939394,47.758596699472925]
[13232,"T","CM   ","NC","6-2004",436539.94,646,9587.7150000000001,6.7377889309392272E-2,675.75842105263155,45.531176093573912]
[13233,"T","CM   ","NC","9-2004",468035.92,647,9556.32,6.7703886014700218E-2,723.39400309119003,48.976585129003631]
[13234,"T","CM   ","NC","12-2004",502970.37,645,9226.6608333333334,6.9906113560584807E-2,779.79902325581395,54.512719074154042]
[13235,"T","CM   ","NC","3-2005",470197.09,615,8717.7591666666667,7.0545651496260839E-2,764.54811382113826,53.935544789749585]
[13236,"T","CM   ","NC","6-2005",425315.31,556,8148.1875,6.8236034087335376E-2,764.95559352517989,52.197535955082031]
[13237,"T","CM   ","NC","9-2005",393135.39,501,7673.1408333333338,6.5292689249697722E-2,784.70137724550898,51.235263178300848]
[13238,"T","CM   ","NC","12-2005",305825.09000000003,446,7327.581666666666,6.0865920065942637E-2,685.70647982062781,41.736155789461243]
[13239,"T","CM   ","NC","3-2006",263323.28000000003,430,7049.5374999999995,6.0996909371714106E-2,612.37972093023268,37.353270338656976]
[13240,"T","CM   ","NC","6-2006",276439.02,434,6796.8516666666665,6.3853092767705441E-2,636.95626728110608,40.671627623671846]
[13241,"T","CM   ","NC","9-2006",296715.28000000003,449,6539.0491666666667,6.8664417189094384E-2,660.83581291759469,45.375905951668052]
[13242,"T","CM   ","NC","12-2006",281421.53000000003,408,6232.2683333333334,6.5465730642214004E-2,689.75865196078439,45.155554117401344]
[13243,"T","CM   ","NC","3-2007",274526.96000000002,374,5914.2358333333332,6.3237248317372083E-2,734.02930481283431,46.417993420677206]
[13244,"T","CM   ","NC","6-2007",247694.28,345,5620.73,6.1379927518311686E-2,717.9544347826087,44.067991168406955]
[13245,"T","CM   ","NC","9-2007",188357.65,284,5355.1058333333331,5.3033499026707689E-2,663.23116197183094,35.173469182915312]
[13246,"T","CM   ","NC","12-2007",208593.89,311,5111.5524999999998,6.0842571801815598E-2,670.71990353697754,40.808323889855387]
[13247,"T","CM   ","NC","3-2008",220190.81,328,4886.1716666666662,6.7128218649706334E-2,671.31344512195119,45.06407572663398]
[13248,"T","CM   ","NC","6-2008",231868.23,325,4653.6899999999996,6.9837054036689175E-2,713.44070769230768,49.824597255081457]
[{"$f":"INDEX(State,MATCH(D1730,StateAbbr),1)*1000+INDEX(Coverage,MATCH(C1730,CoverageAbbr),1)*100+VLOOKUP(E1730,Date,2,FALSE)","v":14201},"T","CM   ","NH","9-1996",727102.76,1492,12893.689166666665,0.11571552413852075,487.33428954423596,56.392142745284893]
[14202,"T","CM   ","NH","12-1996",1053529.31,2038,17049.915833333333,{"$f":"G1731/H1731","v":0.11953138185090748},{"$f":"F1731/G1731","v":516.94274288518159},{"$f":"F1731/H1731","v":61.790880394864125}]
[14203,"T","CM   ","NH","3-1997",1013373.41,2130,16897.968333333334,0.1260506563856148,475.76216431924882,59.970133095882041]
[14204,"T","CM   ","NH","6-1997",999081.25,2058,16609.102500000001,0.12390795950593958,485.46222060252671,60.152633172081387]
[14205,"T","CM   ","NH","9-1997",968092.29,2063,16356.004166666666,0.12613105126277532,469.26431895298111,59.188801869649808]
[14206,"T","CM   ","NH","12-1997",867468.25,1955,16076.477500000001,0.12160624116819123,443.7177749360614,53.958850749487873]
[14207,"T","CM   ","NH","3-1998",929148.52,1897,15688.725,0.12091486083158447,489.79890353189245,59.223966256021441]
[14208,"T","CM   ","NH","6-1998",920768.44,1845,15086.57,0.12229419941046905,499.06148509485092,61.032324776274528]
[14209,"T","CM   ","NH","9-1998",875685.45,1668,14327.825833333334,0.11641682551161664,524.9912769784172,61.117817887117198]
[14210,"T","CM   ","NH","12-1998",871554.37,1586,13495.466666666667,0.11752094530509009,549.52986759142493,64.581269512725257]
[14211,"T","CM   ","NH","3-1999",852534.37,1515,12732.165833333333,0.11898996760108699,562.72895709570957,66.95910037301195]
[14212,"T","CM   ","NH","6-1999",782316.46,1376,12125.359166666667,0.11348117454390182,568.54393895348835,64.519033972258271]
[14213,"T","CM   ","NH","9-1999",835525.68,1367,11725.532500000001,0.11658319142435535,611.21117776152164,71.256949737677161]
[14214,"T","CM   ","NH","12-1999",763620.82,1270,11461.938333333334,0.11080150346879956,601.27623622047236,66.622310973289416]
[14215,"T","CM   ","NH","3-2000",697288.89,1161,11233.180833333334,0.10335451883360137,600.5933591731266,62.074037651994828]
[14216,"T","CM   ","NH","6-2000",686418.98,1141,10990.86,0.10381353233504929,601.5941980718668,62.453618734111792]
[14217,"T","CM   ","NH","9-2000",531684.14,1013,10667.684166666668,9.4959691735655521E-2,524.86094768015801,49.840633795791817]
[14218,"T","CM   ","NH","12-2000",526617.93000000005,1029,10323.366666666667,9.967678502814005E-2,511.77641399416916,51.012227600169197]
[14219,"T","CM   ","NH","3-2001",557262.18000000005,1047,10006.955,0.1046272317603107,532.24659025787969,55.687487352546313]
[14220,"T","CM   ","NH","6-2001",529397.05000000005,1055,9791.1750000000011,0.10775009128117921,501.79815165876784,54.068796645959246]
[14221,"T","CM   ","NH","9-2001",562614.34,1098,9764.5991666666669,0.11244701203386143,512.39921675774133,57.617760892898907]
[14222,"T","CM   ","NH","12-2001",542540.91,1064,9954.3249999999989,0.1068882119078893,509.9068703007519,54.503033605995391]
[14223,"T","CM   ","NH","3-2002",497192.63,1063,10276.933333333332,0.1034355255134476,467.72589840075261,48.379474097331247]
[14224,"T","CM   ","NH","6-2002",523294.24,1023,10620.475,9.6323375366920969E-2,511.52907135874875,49.272206751581258]
[14225,"T","CM   ","NH","9-2002",561903.80000000005,1001,10891.629166666668,9.1905442673674079E-2,561.34245754245762,51.590427051967659]
[14226,"T","CM   ","NH","12-2002",640811.32999999996,1051,11103.220833333333,9.465721845725697E-2,609.71582302568982,57.714003856988946]
[14227,"T","CM   ","NH","3-2003",673008.36,1082,11157.240833333335,9.6977381429951784E-2,622.00402957486131,60.320322027048341]
[14228,"T","CM   ","NH","6-2003",733725,1149,11045.612500000001,0.10402320378340267,638.57702349869453,66.42682784680342]
[14229,"T","CM   ","NH","9-2003",723789.08,1150,10772.481666666667,0.10675348871174686,629.38180869565213,67.188703809970121]
[14230,"T","CM   ","NH","12-2003",631843.48,1056,10348.210000000001,0.10204663415218669,598.33662878787879,61.058239057769406]
[14231,"T","CM   ","NH","3-2004",609225.93000000005,945,9883.2883333333339,9.5615949684762475E-2,644.68352380952388,61.642027375166805]
[14232,"T","CM   ","NH","6-2004",497311.75,824,9448.4691666666677,8.7209894583452352E-2,603.533677184466,52.634108364820648]
[14233,"T","CM   ","NH","9-2004",434160.18,761,9025.6841666666678,8.4314937898059605E-2,570.5127201051248,48.102744565716662]
[14234,"T","CM   ","NH","12-2004",411682.24,745,8570.4483333333337,8.6926607690107224E-2,552.59361073825505,48.035088012704115]
[14235,"T","CM   ","NH","3-2005",370463.84,745,8158.2716666666665,9.1318361344100055E-2,497.2668993288591,45.409598397372974]
[14236,"T","CM   ","NH","6-2005",341844.51,727,7815.8074999999999,9.3016620483552082E-2,470.21253094910594,43.737580537903476]
[14237,"T","CM   ","NH","9-2005",324649.03000000003,694,7589.5458333333336,9.1441571767304913E-2,467.79399135446693,42.775817832753496]
[14238,"T","CM   ","NH","12-2005",330191.78000000003,634,7490.3258333333333,8.4642512770083098E-2,520.80722397476347,44.082432106035448]
[14239,"T","CM   ","NH","3-2006",340017.91999999998,591,7431.3033333333333,7.9528445212167814E-2,575.32642978003378,45.75481644987353]
[14240,"T","CM   ","NH","6-2006",362863.47,562,7429.3774999999996,7.5645637874774838E-2,645.66453736654796,48.841705782213921]
[14241,"T","CM   ","NH","9-2006",496697.9,581,7427.5908333333327,7.822186399829735E-2,854.90172117039594,66.87200616530103]
[14242,"T","CM   ","NH","12-2006",513760.91,618,7520.7633333333333,8.2172509971283947E-2,831.32833333333326,68.312335760244196]
[14243,"T","CM   ","NH","3-2007",494263.5,609,7731.2383333333337,7.877133956332566E-2,811.59852216748766,63.930702778748461]
[14244,"T","CM   ","NH","6-2007",528983.89,649,8150.7183333333332,7.9624883778137354E-2,815.07533127889064,64.900278523508462]
[14245,"T","CM   ","NH","9-2007",503781.26,696,8772.2849999999999,7.9340787491514464E-2,723.82364942528739,57.428738350384194]
[14246,"T","CM   ","NH","12-2007",490231.08,712,9528.9274999999998,7.4719846488495167E-2,688.52679775280899,51.446616631305048]
[14247,"T","CM   ","NH","3-2008",556975.42000000004,857,10400.762499999999,8.2397804968626101E-2,649.91297549591604,53.551402601491965]
[14248,"T","CM   ","NH","6-2008",585279.61,979,11275.717499999999,8.682374314539186E-2,597.83412665985702,51.906196656665088]
[15201,"T","CM   ","NJ","9-1996",1760575.68,1613,34362.404999999999,4.694083548575835E-2,1091.4914321140732,51.235519748981481]
[15202,"T","CM   ","NJ","12-1996",2834071.02,2289,46681.761666666665,4.9034139207185731E-2,1238.1262647444298,60.710455621551276]
[15203,"T","CM   ","NJ","3-1997",3274273.42,2607,47385.950833333336,5.5016306608880433E-2,1255.9545147679326,69.097978671280217]
[15204,"T","CM   ","NJ","6-1997",3365978.54,2690,48579.501666666671,5.5373149326596968E-2,1251.2931375464684,69.288041756706633]
[15205,"T","CM   ","NJ","9-1997",3527848.82,2823,49447.724999999999,5.7090594157769646E-2,1249.680772228126,71.345017794044111]
[15206,"T","CM   ","NJ","12-1997",3240923.8,2784,49235.159166666672,5.6544957853712628E-2,1164.1249281609196,65.825394999315435]
[15207,"T","CM   ","NJ","3-1998",3423485.68,2761,49400.844166666669,5.5889733193324478E-2,1239.9441072075335,69.300145326463976]
[15208,"T","CM   ","NJ","6-1998",3056008.8,2655,49180.272499999999,5.3985060778180924E-2,1151.0390960451978,62.138915558062429]
[15209,"T","CM   ","NJ","9-1998",2996861.15,2572,49503.951666666668,5.1955448270442788E-2,1165.1870723172628,60.537816661168222]
[15210,"T","CM   ","NJ","12-1998",3162038.05,2649,50501.642499999994,5.2453739499660833E-2,1193.6723480558701,62.612578392871086]
[15211,"T","CM   ","NJ","3-1999",2967801.89,2666,51841.673333333332,5.1425809172054762E-2,1113.2040097524382,57.247416975095071]
[15212,"T","CM   ","NJ","6-1999",3203239.33,2712,53284.246666666666,5.0896844182964897E-2,1181.1354461651918,60.116066762446486]
[15213,"T","CM   ","NJ","9-1999",3223725.79,2847,54445.459166666667,5.2290862150411045E-2,1132.3237759044609,59.210186475453085]
[15214,"T","CM   ","NJ","12-1999",4469011.0199999996,3335,55585.004166666673,5.9998196456013571E-2,1340.0332893553223,80.399580552338705]
[15215,"T","CM   ","NJ","3-2000",4279386.24,3413,56515.013333333336,6.0391032377001413E-2,1253.848883680047,75.721228530188796]
[15216,"T","CM   ","NJ","6-2000",4276381.7,3522,57415.195,6.1342646315143579E-2,1214.1912833617264,74.481706454188654]
[{"$f":"INDEX(State,MATCH(D1794,StateAbbr),1)*1000+INDEX(Coverage,MATCH(C1794,CoverageAbbr),1)*100+VLOOKUP(E1794,Date,2,FALSE)","v":15217},"T","CM   ","NJ","9-2000",4340635.6500000004,3578,58539.505000000005,6.1121118123564584E-2,1213.1457937395194,74.148827360258679]
[15218,"T","CM   ","NJ","12-2000",3000507.5,3206,59811.344166666669,{"$f":"G1795/H1795","v":5.3601871763094881E-2},{"$f":"F1795/G1795","v":935.90377417342484},{"$f":"F1795/H1795","v":50.166194085840431}]
[15219,"T","CM   ","NJ","3-2001",3345556.29,3369,61253.359166666669,5.5001065179677018E-2,993.04134461264471,54.618331721154178]
[15220,"T","CM   ","NJ","6-2001",3553960.26,3639,63064.064166666671,5.7703226839025082E-2,976.63101401483914,56.354760939725345]
[15221,"T","CM   ","NJ","9-2001",3927605.98,3849,65196.282500000001,5.90371084424944E-2,1020.4224421927773,60.242790376889971]
[15222,"T","CM   ","NJ","12-2001",4914169.74,4272,67636.14916666667,6.3161490602800061E-2,1150.320632022472,72.655965789694392]
[15223,"T","CM   ","NJ","3-2002",5534346.6100000003,4462,70474.570833333331,6.3313617198922284E-2,1240.3286889287315,78.52969581167487]
[15224,"T","CM   ","NJ","6-2002",5980238.71,4544,72980.050833333327,6.2263590503345435E-2,1316.0736597711268,81.943471424228591]
[15225,"T","CM   ","NJ","9-2002",6267097.9699999997,4605,74732.174166666664,6.1620045868463459E-2,1360.9333268186754,83.860774022487348]
[15226,"T","CM   ","NJ","12-2002",6403029.5099999998,4567,75712.025833333333,6.0320668344728282E-2,1402.0209130720384,84.570838509791557]
[15227,"T","CM   ","NJ","3-2003",6169589.75,4512,76065.735000000001,5.9317115650036119E-2,1367.3736148049645,81.108658846194018]
[15228,"T","CM   ","NJ","6-2003",6392996.04,4586,76031.14,6.031739100584313E-2,1394.0244308765809,84.083916668880676]
[15229,"T","CM   ","NJ","9-2003",6373014.6799999997,4480,75949.546666666676,5.8986527196300133E-2,1422.5479196428571,83.911161550053563]
[15230,"T","CM   ","NJ","12-2003",5960689.9299999997,4427,75795.608333333337,5.840707789468453E-2,1346.4400112943301,78.641626620187864]
[15231,"T","CM   ","NJ","3-2004",6025985.1799999997,4415,75448.639166666675,5.8516628646505184E-2,1364.8890554926386,79.868706003941938]
[15232,"T","CM   ","NJ","6-2004",5230327.13,4097,74984.294166666674,5.4638108493675334E-2,1276.6236587747132,69.752301973725537]
[15233,"T","CM   ","NJ","9-2004",5013292.83,3973,74280.818333333329,5.3486217426567124E-2,1261.8406317644099,67.491082388228051]
[15234,"T","CM   ","NJ","12-2004",4560445.82,3676,72746.25,5.0531814354691826E-2,1240.6000598476605,62.689771912641547]
[15235,"T","CM   ","NJ","3-2005",4009653.41,3453,70232.146666666667,4.9165519835076471E-2,1161.2086330726904,57.091426081997398]
[15236,"T","CM   ","NJ","6-2005",4030974.97,3345,67130.733333333337,4.9828146273788156E-2,1205.0747294469359,60.046639889727608]
[15237,"T","CM   ","NJ","9-2005",3636762.48,3172,63910.165833333333,4.9632166630141875E-2,1146.5203278688525,56.90428795763178]
[15238,"T","CM   ","NJ","12-2005",3510484.32,2993,60967.192500000005,4.909197680375392E-2,1172.8982024724355,57.579891348941473]
[15239,"T","CM   ","NJ","3-2006",3430804.25,2869,58415.905833333331,4.9113335812775993E-2,1195.8188393168352,58.730652226611738]
[15240,"T","CM   ","NJ","6-2006",3032027.34,2681,55867.653333333328,4.7988412615147136E-2,1130.9314957105557,54.27160725562365]
[15241,"T","CM   ","NJ","9-2006",2799239.66,2517,52598.557499999995,4.7853023345744802E-2,1112.1333571712357,53.218943504296682]
[15242,"T","CM   ","NJ","12-2006",2656143.54,2389,48876.891666666663,4.8877903617370655E-2,1111.8223273336123,54.343544555053029]
[15243,"T","CM   ","NJ","3-2007",2345679.9900000002,2136,45199.959166666667,4.7256679859463739E-2,1098.1647893258428,51.895621882106795]
[15244,"T","CM   ","NJ","6-2007",2708679.85,2111,41951.544999999998,5.0319958418694716E-2,1283.1264092846993,64.566867561135126]
[15245,"T","CM   ","NJ","9-2007",2615649.4700000002,2025,39915.4,5.0732298811987354E-2,1291.6787506172841,65.52983234541054]
[15246,"T","CM   ","NJ","12-2007",2252493.19,1927,38781.909999999996,4.9688114896868155E-2,1168.9118785677217,58.08102772658696]
[15247,"T","CM   ","NJ","3-2008",2259741.44,1904,38028.873333333329,5.0067220853768836E-2,1186.8389915966386,59.421729910133202]
[15248,"T","CM   ","NJ","6-2008",1946828.14,1856,37496.212500000001,4.949833266493249E-2,1048.9375754310345,51.920661053433058]
[16201,"T","CM   ","NY","9-1996",3292007.03,4589,48403.917500000003,9.4806375950872157E-2,717.36915014164299,68.011169343886252]
[16202,"T","CM   ","NY","12-1996",4791814.24,6261,64242.936666666668,9.7458184897213862E-2,765.34327423734226,74.588966330461957]
[16203,"T","CM   ","NY","3-1997",5024156.88,6487,63654.615833333337,0.10190934176690171,774.49620471712649,78.92839842368592]
[16204,"T","CM   ","NY","6-1997",4912389.47,6345,63357.125833333332,0.10014658835205212,774.21425847123714,77.534916639408266]
[16205,"T","CM   ","NY","9-1997",4768526.83,6244,63426.081666666665,9.8445305715322312E-2,763.69744234465088,75.182428185628893]
[16206,"T","CM   ","NY","12-1997",4516312.12,6085,63917.465833333328,9.5200895728044299E-2,742.20412818405919,70.658497816174645]
[16207,"T","CM   ","NY","3-1998",4669663.95,6051,64689.166666666664,9.353961894701586E-2,771.71772434308377,72.186181869710282]
[16208,"T","CM   ","NY","6-1998",4734852.6399999997,6021,65559.557499999995,9.1840156181652088E-2,786.38974256767972,72.222156777064882]
[16209,"T","CM   ","NY","9-1998",4814370.08,5934,66105.023333333331,8.9766249231588907E-2,811.31952814290526,72.829110969731147]
[16210,"T","CM   ","NY","12-1998",5715159.9000000004,6288,66144.960000000006,9.5063932308674756E-2,908.89947519083978,86.403558184931995]
[16211,"T","CM   ","NY","3-1999",5641686.7400000002,6340,65994.640833333324,9.606840676671613E-2,889.85595268138809,85.487043625979297]
[16212,"T","CM   ","NY","6-1999",5500920.2400000002,6207,65801.332500000004,9.4329396748918409E-2,886.24460125664575,83.598918608525139]
[16213,"T","CM   ","NY","9-1999",5435191.9100000001,6288,65611.463333333333,9.5836911425894636E-2,864.37530375318067,82.839059424524351]
[16214,"T","CM   ","NY","12-1999",4808164.79,6044,65653.686666666661,9.2058805938595181E-2,795.5269341495698,73.235259649800838]
[16215,"T","CM   ","NY","3-2000",4845565.4800000004,5874,65516.765000000007,8.9656441370388168E-2,824.91751447054821,73.959168771535047]
[16216,"T","CM   ","NY","6-2000",4924439.96,6040,65218.837500000001,9.2611279678206468E-2,815.30462913907286,75.506405032135078]
[16217,"T","CM   ","NY","9-2000",4954958.55,5966,64801.490833333337,9.2065783105890212E-2,830.53277740529666,76.463650546928633]
[16218,"T","CM   ","NY","12-2000",4745607.3099999996,5800,64228.302499999998,9.0302869206297334E-2,818.2081568965516,73.886544175754906]
[16219,"T","CM   ","NY","3-2001",4672692.5599999996,5983,63787.196666666663,9.3796252424533058E-2,780.99491225137888,73.254395931806371]
[16220,"T","CM   ","NY","6-2001",4478388.41,5963,63411.737499999996,9.4036218452459228E-2,751.02941640114034,70.623966264920597]
[16221,"T","CM   ","NY","9-2001",4346316.82,6032,63143.570833333331,9.5528332027996779E-2,720.54323938992047,68.8322938129687]
[16222,"T","CM   ","NY","12-2001",4630470.93,5957,62955.994999999995,9.4621648025736083E-2,777.31591908678865,73.550913300631663]
[16223,"T","CM   ","NY","3-2002",4564817.34,5691,62839.105000000003,9.0564625323673847E-2,802.11163943068004,72.642940092797303]
[16224,"T","CM   ","NY","6-2002",4687701.79,5415,62727.041666666664,8.632640494629841E-2,865.68823453370271,74.73175309160257]
[16225,"T","CM   ","NY","9-2002",4702593.72,5182,62415.4,8.3024381803208827E-2,907.4862446931686,75.343484460565818]
[16226,"T","CM   ","NY","12-2002",4351652.2300000004,5156,61765.291666666664,8.3477303528748284E-2,843.99771722265325,70.454653618166091]
[16227,"T","CM   ","NY","3-2003",4264963.6399999997,5165,60762.571666666663,8.5002985527576555E-2,825.74320232333002,70.190637476584754]
[16228,"T","CM   ","NY","6-2003",4185763.21,5276,59213.329999999994,8.9101558719970664E-2,793.359213419257,70.68954254050567]
[16229,"T","CM   ","NY","9-2003",3969363.68,5162,57180.008333333331,9.0276307235002448E-2,768.95848120883386,69.418732100569542]
[16230,"T","CM   ","NY","12-2003",3775954.13,4890,54981.546666666669,8.8938931268090909E-2,772.17875869120655,68.676753545916981]
[16231,"T","CM   ","NY","3-2004",3645219.32,4724,52749.641666666663,8.9555110721921183E-2,771.63829805249782,69.104153219366268]
[16232,"T","CM   ","NY","6-2004",3353929.62,4371,50787.979166666664,8.6063672383105749E-2,767.31402882635552,66.037863191872432]
[{"$f":"INDEX(State,MATCH(D1858,StateAbbr),1)*1000+INDEX(Coverage,MATCH(C1858,CoverageAbbr),1)*100+VLOOKUP(E1858,Date,2,FALSE)","v":16233},"T","CM   ","NY","9-2004",3115328.44,4121,49140.767499999994,8.386112406567521E-2,755.96419315700075,63.396006991547296]
[16234,"T","CM   ","NY","12-2004",2847687.54,3896,47550.702500000007,{"$f":"G1859/H1859","v":8.1933594987371627E-2},{"$f":"F1859/G1859","v":730.92595995893225},{"$f":"F1859/H1859","v":59.887391569030967}]
[16235,"T","CM   ","NY","3-2005",2772057.13,3756,45866.316666666673,8.189015977229476E-2,738.03437965921194,60.437753267739318]
[16236,"T","CM   ","NY","6-2005",2646903.54,3648,44100.952500000007,8.2719301810998291E-2,725.57662828947366,60.019192102483494]
[16237,"T","CM   ","NY","9-2005",2693962.78,3511,42498.581666666665,8.2614521763059626E-2,767.29216177727142,63.389474997773455]
[16238,"T","CM   ","NY","12-2005",2611251.86,3432,41866.809166666666,8.1974243280342335E-2,760.8542715617715,62.370453157892314]
[16239,"T","CM   ","NY","3-2006",2635334.29,3463,42428.612499999996,8.1619449610802156E-2,760.9974848397344,62.112195867823871]
[16240,"T","CM   ","NY","6-2006",2656701.71,3477,44535.606666666667,7.807236187494021E-2,764.07872016105841,59.653430341355332]
[16241,"T","CM   ","NY","9-2006",2895782.37,3793,47892.908333333333,7.9197529070500872E-2,763.45435539151072,60.463698505119673]
[16242,"T","CM   ","NY","12-2006",3363027.02,4274,51363.056666666671,8.3211558605968211E-2,786.85704726251754,65.47560130280408]
[16243,"T","CM   ","NY","3-2007",3787984.27,4539,54449.862499999996,8.3361092050507943E-2,834.54158845560698,69.568298175224967]
[16244,"T","CM   ","NY","6-2007",4382605.74,5107,56533.230833333335,9.0336248693375434E-2,858.15659682788339,77.522647748904376]
[16245,"T","CM   ","NY","9-2007",4889106.83,5459,57681.415000000001,9.4640535430692882E-2,895.6048415460707,84.760521738240996]
[16246,"T","CM   ","NY","12-2007",5002895.16,5530,58065.552499999998,9.5237189037338452E-2,904.68266907775774,86.159434373762309]
[16247,"T","CM   ","NY","3-2008",5071970.7,5721,57780.91333333333,9.901193439079134E-2,886.55317252228633,87.779344551724535]
[16248,"T","CM   ","NY","6-2008",4874712.76,5550,57225.829166666663,9.698417796334538E-2,878.32662342342337,85.183785556041528]
[17201,"T","CM   ","OH","9-1996",12737.14,19,520.1875,3.6525291361287994E-2,670.37578947368422,24.485671032079779]
[17202,"T","CM   ","OH","12-1996",26809.37,39,693.58333333333337,5.6229724858824937E-2,687.41974358974358,38.65342304457527]
[17203,"T","CM   ","OH","3-1997",54665.13,65,1216.1324999999999,5.3448123456942401E-2,841.00199999999995,44.949978723535473]
[17204,"T","CM   ","OH","6-1997",86841.49,106,1741.7349999999999,6.0858856255400509E-2,819.25933962264151,49.859186385988693]
[17205,"T","CM   ","OH","9-1997",129934.66,153,2268.7083333333335,6.7439255082737973E-2,849.24614379084971,57.272527319142682]
[17206,"T","CM   ","OH","12-1997",162797.47,194,2796.8608333333336,6.9363479829916447E-2,839.16221649484532,58.207211477868185]
[17207,"T","CM   ","OH","3-1998",251964.7,268,3751.4483333333333,7.1439075308247613E-2,940.16679104477612,67.164646187761264]
[17208,"T","CM   ","OH","6-1998",289110.45,317,4701.7691666666669,6.742142984121402E-2,912.0203470031546,61.489715839232858]
[17209,"T","CM   ","OH","9-1998",333302.11,422,5649.2016666666668,7.4700820558421088E-2,789.81542654028431,58.999860452258588]
[17210,"T","CM   ","OH","12-1998",376118.74,518,6595.2750000000005,7.8541076755707678E-2,726.09795366795367,57.028515111197024]
[17211,"T","CM   ","OH","3-1999",401853.43,600,7494.0283333333327,8.0063748535778606E-2,669.75571666666667,53.623153279600182]
[17212,"T","CM   ","OH","6-1999",456508.8,723,8395.2133333333331,8.6120503588552846E-2,631.40912863070537,54.377272128085686]
[17213,"T","CM   ","OH","9-1999",588931.51,813,9298.3041666666668,8.7435298461681854E-2,724.39300123001226,63.3375182660996]
[17214,"T","CM   ","OH","12-1999",698255.83,897,10203.870000000001,8.7907823208253327E-2,778.43459308807132,68.430490588374795]
[17215,"T","CM   ","OH","3-2000",737574.40000000002,980,10491.73,9.3406902388833882E-2,752.62693877551021,70.300551005410938]
[17216,"T","CM   ","OH","6-2000",794057.22,1023,10899.195,9.3860142882111933E-2,776.20451612903219,72.854666789611528]
[17217,"T","CM   ","OH","9-2000",787772.44,1087,11373.821666666665,9.5570339667420512E-2,724.72165593376258,69.261894821925154]
[17218,"T","CM   ","OH","12-2000",780923.9,1081,11810.144166666667,9.15314821516785E-2,722.40878815911196,66.123147099601454]
[17219,"T","CM   ","OH","3-2001",797438.87,1060,11878.794166666667,8.9234646642374543E-2,752.30082075471694,67.131297908815526]
[17220,"T","CM   ","OH","6-2001",857467.8,1074,11954.465833333334,8.9840902552525873E-2,798.38715083798888,71.727822217624535]
[17221,"T","CM   ","OH","9-2001",889557.82,1028,12004.799166666666,8.5632419645504276E-2,865.32861867704275,74.100183405817077]
[17222,"T","CM   ","OH","12-2001",1030051.6,1073,12050.497499999999,8.9041966939539224E-2,959.97353215284249,85.477931512786085]
[17223,"T","CM   ","OH","3-2002",967705.52,1051,11983.834166666667,8.7701480626574638E-2,920.74740247383443,80.750910480027912]
[17224,"T","CM   ","OH","6-2002",920038.02,1009,11721.684166666666,8.6079780486606694E-2,911.8315361744302,78.490258474660322]
[17225,"T","CM   ","OH","9-2002",859435.43,951,11317.855000000001,8.4026522693566918E-2,903.71759200841223,75.936246753470513]
[17226,"T","CM   ","OH","12-2002",762707.37,888,10714.155833333332,8.2881004701957001E-2,858.90469594594595,71.186884143228895]
[17227,"T","CM   ","OH","3-2003",767947.86,852,10058.573333333334,8.4703861250038107E-2,901.34725352112673,76.347592700356444]
[17228,"T","CM   ","OH","6-2003",688643.73,779,9335.8700000000008,8.3441607477396318E-2,884.00992297817709,73.7632089992684]
[17229,"T","CM   ","OH","9-2003",626528.34,723,8647.2224999999999,8.3610662267566263E-2,866.56755186721989,72.454286911201834]
[17230,"T","CM   ","OH","12-2003",513779.34,638,8080.6491666666661,7.8954052680792253E-2,805.29677115987465,63.581443693828646]
[17231,"T","CM   ","OH","3-2004",496322.24,570,7626.5441666666666,7.4738962699684969E-2,870.74077192982452,65.078262074358051]
[17232,"T","CM   ","OH","6-2004",452777.97,498,7180.94,6.9350252195395035E-2,909.19271084337345,63.052743791202822]
[17233,"T","CM   ","OH","9-2004",429906.48,435,6688.4508333333333,6.503748189821236E-2,988.29075862068964,64.275942323963662]
[17234,"T","CM   ","OH","12-2004",383084.28,371,6231.0825000000004,5.9540216326777889E-2,1032.5721832884099,61.479571166005265]
[17235,"T","CM   ","OH","3-2005",341891.37,328,5784.6083333333336,5.6702196777943768E-2,1042.351737804878,59.103633348843843]
[17236,"T","CM   ","OH","6-2005",358209.46,316,5324.8824999999997,5.9344032473956004E-2,1133.5742405063293,67.27086654024761]
[17237,"T","CM   ","OH","9-2005",306022.36,309,4884.6733333333332,6.3259092044367346E-2,990.36362459546922,62.649503685678056]
[17238,"T","CM   ","OH","12-2005",275404.98,299,4454.4525000000003,6.7123849676250888E-2,921.08688963210693,61.826897918431044]
[17239,"T","CM   ","OH","3-2006",226101.31,276,4081.4874999999997,6.7622404821771481E-2,819.20764492753619,55.396790998379885]
[17240,"T","CM   ","OH","6-2006",165610.09,244,3772.2900000000004,6.4682195695452888E-2,678.72987704918035,43.901738731645757]
[17241,"T","CM   ","OH","9-2006",194054.13,212,3487.8783333333336,6.0781936678792788E-2,915.34966981132072,55.636725669425587]
[17242,"T","CM   ","OH","12-2006",221201.72,216,3264.9124999999999,6.6157975137159111E-2,1024.082037037037,67.751193944707552]
[17243,"T","CM   ","OH","3-2007",214142.53,211,3109.3133333333335,6.7860642328316859E-2,1014.8935071090048,68.871325287255274]
[17244,"T","CM   ","OH","6-2007",224779.42,228,3074.0258333333331,7.4169838629094154E-2,985.87464912280711,73.12216363395342]
[17245,"T","CM   ","OH","9-2007",193144.04,239,3167.1124999999997,7.5463059806053626E-2,808.13405857740588,60.984268793735623]
[17246,"T","CM   ","OH","12-2007",263952.52,250,3377.6675,7.4015574357156236E-2,1055.81008,78.146389483275073]
[17247,"T","CM   ","OH","3-2008",331789.02,288,3787.7241666666669,7.6035103752935193E-2,1152.0452083333334,87.595876943696837]
[17248,"T","CM   ","OH","6-2008",396070.7,327,4400.1366666666663,7.4315873522110304E-2,1211.2253822629971,90.013272315026583]
[{"$f":"INDEX(State,MATCH(D1922,StateAbbr),1)*1000+INDEX(Coverage,MATCH(C1922,CoverageAbbr),1)*100+VLOOKUP(E1922,Date,2,FALSE)","v":18201},"T","CM   ","OK","9-1996",434399.81,383,6909.833333333333,5.5428254420029431E-2,1134.2031592689295,62.866901275959385]
[18202,"T","CM   ","OK","12-1996",566221.38,450,9249.3441666666677,{"$f":"G1923/H1923","v":4.8652098126236512E-2},{"$f":"F1923/G1923","v":1258.2697333333333},{"$f":"F1923/H1923","v":61.217462535406781}]
[18203,"T","CM   ","OK","3-1997",595642.73,480,9320.6533333333336,5.149853586801497E-2,1240.9223541666665,63.905684365473661]
[18204,"T","CM   ","OK","6-1997",443257.79,392,9400.3191666666662,4.1700711757747942E-2,1130.7596683673469,47.15348299787339]
[18205,"T","CM   ","OK","9-1997",381102.39,395,9514.2058333333334,4.1516865087793717E-2,964.8161772151899,40.056143063963916]
[18206,"T","CM   ","OK","12-1997",305709.77,404,9629.2574999999997,4.1955467490613893E-2,756.70735148514859,31.74801068514369]
[18207,"T","CM   ","OK","3-1998",286843.94,392,9733.31,4.0274069150165771E-2,731.74474489795921,29.470338456290822]
[18208,"T","CM   ","OK","6-1998",353776.52,397,9770.6808333333338,4.0631764231373504E-2,891.12473551637288,36.207970154246333]
[18209,"T","CM   ","OK","9-1998",503303.03,403,9711.8350000000009,4.1495762644237669E-2,1248.8908933002483,51.823680076937052]
[18210,"T","CM   ","OK","12-1998",579576.23,429,9562.6208333333325,4.4862178212127173E-2,1350.9935431235431,60.608513095041502]
[18211,"T","CM   ","OK","3-1999",614260.35,423,9348.9066666666677,4.5245932501197995E-2,1452.1521276595745,65.703977149556167]
[18212,"T","CM   ","OK","6-1999",600338.93999999994,412,9064.0733333333337,4.5454177702298669E-2,1457.133349514563,66.232798204780622]
[18213,"T","CM   ","OK","9-1999",453535.17,367,8735.0458333333336,4.201466220125729E-2,1235.7906539509536,51.92132687722016]
[18214,"T","CM   ","OK","12-1999",401657.12,337,8337.9166666666661,4.0417770226375493E-2,1191.8608902077151,48.172359602218783]
[18215,"T","CM   ","OK","3-2000",347296.05,326,7866.2908333333335,4.1442657906643629E-2,1065.3253067484661,44.149912246866876]
[18216,"T","CM   ","OK","6-2000",427943.98,404,7410.8566666666666,5.4514615269399803E-2,1059.2672772277226,57.745548085533969]
[18217,"T","CM   ","OK","9-2000",487606.19,414,6997.9949999999999,5.915980220048743E-2,1177.792729468599,69.677984908534512]
[18218,"T","CM   ","OK","12-2000",451283.28,408,6675.5333333333328,6.1118712112889863E-2,1106.0864705882354,67.602580567844782]
[18219,"T","CM   ","OK","3-2001",446341.82,416,6448.9716666666673,6.450640838603984E-2,1072.9370673076924,69.211316636269913]
[18220,"T","CM   ","OK","6-2001",302819.88,286,6283.8975,4.5513154853337436E-2,1058.8107692307692,48.189818500381335]
[18221,"T","CM   ","OK","9-2001",247939.91,264,6183.0074999999997,4.2697667761198738E-2,939.16632575757581,40.100211749702716]
[18222,"T","CM   ","OK","12-2001",281866.09999999998,250,6136.7241666666669,4.073834723710492E-2,1127.4643999999998,45.931036224674152]
[18223,"T","CM   ","OK","3-2002",280874.99,224,6136.060833333333,3.6505505092640188E-2,1253.9062053571429,45.774479365358317]
[18224,"T","CM   ","OK","6-2002",227502.36,213,6144.9466666666667,3.4662627937101703E-2,1068.0861971830984,37.022674457711588]
[18225,"T","CM   ","OK","9-2002",247541.47,228,6149.8666666666659,3.7073974503512276E-2,1085.708201754386,40.25151819009627]
[18226,"T","CM   ","OK","12-2002",226373.41,236,6147.4208333333336,3.8390083646190371E-2,959.20936440677963,36.824127733785375]
[18227,"T","CM   ","OK","3-2003",237000.06,240,6130.69,3.91473064206476E-2,987.50024999999994,38.657974877216105]
[18228,"T","CM   ","OK","6-2003",274040.11,279,6110.8241666666663,4.5656689243635855E-2,982.22261648745518,44.845032769038653]
[18229,"T","CM   ","OK","9-2003",257260.59,251,6079.0175000000008,4.1289566940710398E-2,1024.9425896414343,42.319435665385065]
[18230,"T","CM   ","OK","12-2003",364273,290,6057.3666666666659,4.787558950258914E-2,1256.1137931034482,60.137188327160878]
[18231,"T","CM   ","OK","3-2004",451491.07,321,6032.6583333333328,5.3210372983717794E-2,1406.5142367601247,74.841147144915396]
[18232,"T","CM   ","OK","6-2004",610985.34,337,6023.4558333333334,5.5947949038667864E-2,1813.0128783382788,101.43435212371857]
[18233,"T","CM   ","OK","9-2004",614350.31000000006,353,6001.4691666666668,5.8818930864567465E-2,1740.3691501416433,102.36665272100736]
[18234,"T","CM   ","OK","12-2004",482766.73,290,5931.019166666666,4.8895475103140656E-2,1664.7128620689655,81.396926301171121]
[18235,"T","CM   ","OK","3-2005",383790.31,249,5862.2358333333332,4.2475261500766984E-2,1541.3265461847388,65.468248107270796]
[18236,"T","CM   ","OK","6-2005",547619.6,395,5794.0083333333341,6.8173875023192054E-2,1386.3787341772152,94.514810558608659]
[18237,"T","CM   ","OK","9-2005",574914.65,383,5782.3758333333326,6.6235749982237704E-2,1501.0826370757181,99.425334252025323]
[18238,"T","CM   ","OK","12-2005",652434.97,400,5830.7508333333326,6.8601799568123095E-2,1631.0874249999999,111.895532607936]
[18239,"T","CM   ","OK","3-2006",668446.17000000004,400,5899.2141666666676,6.7805641344602804E-2,1671.1154250000002,113.3110531529835]
[18240,"T","CM   ","OK","6-2006",369364.55,196,5980.7891666666665,3.2771594941414503E-2,1884.5130102040816,61.758497032233905]
[18241,"T","CM   ","OK","9-2006",290233.87,172,6080.915,2.8285216945147237E-2,1687.4062209302326,47.728651033602674]
[18242,"T","CM   ","OK","12-2006",233719.11,163,6240.0116666666663,2.6121746033060302E-2,1433.8595705521473,37.454915549036102]
[18243,"T","CM   ","OK","3-2007",276633.93,211,6488.29,3.2520124716990145E-2,1311.0612796208532,42.635876324886837]
[18244,"T","CM   ","OK","6-2007",289346.90000000002,222,6835.2574999999997,3.2478659362869651E-2,1303.3644144144146,42.331528841451842]
[18245,"T","CM   ","OK","9-2007",414612.61,260,7332.1374999999998,3.5460327905743723E-2,1594.6638846153846,56.547304247908606]
[18246,"T","CM   ","OK","12-2007",439118.85,295,8041.2033333333338,3.6686051548669538E-2,1488.538474576271,54.608599210483]
[18247,"T","CM   ","OK","3-2008",538013.62,341,8945.7375000000011,3.8118712962458376E-2,1577.7525513196481,60.141896629540035]
[18248,"T","CM   ","OK","6-2008",1193488.82,656,10091.571666666667,6.5004740754784976E-2,1819.3427134146343,118.26590142962536]
[19201,"T","CM   ","RI","9-1996",43968.39,68,1555.3241666666665,4.3720789181676489E-2,646.59397058823527,28.269598674231364]
[19202,"T","CM   ","RI","12-1996",92152.65,102,2147.7841666666668,4.7490805446388347E-2,903.4573529411764,42.905917377638424]
[19203,"T","CM   ","RI","3-1997",107229.31,119,2286.0441666666666,5.20549872724098E-2,901.08663865546214,46.906053506548616]
[19204,"T","CM   ","RI","6-1997",107646.34,127,2397.1233333333334,5.2980169286241705E-2,847.60897637795267,44.906467057041979]
[19205,"T","CM   ","RI","9-1997",174839,136,2471.3091666666664,5.5031560532524768E-2,1285.5808823529412,70.74752214666249]
[19206,"T","CM   ","RI","12-1997",170366.9,138,2482.7883333333334,5.558266814260579E-2,1234.5427536231884,68.619180182496422]
[19207,"T","CM   ","RI","3-1998",178524.3,137,2429.5591666666664,5.6388830483993846E-2,1303.0970802919708,73.480120364771253]
[19208,"T","CM   ","RI","6-1998",164222.16,124,2297.4033333333332,5.3973979318680081E-2,1324.3722580645162,71.481640867007826]
[19209,"T","CM   ","RI","9-1998",136128.1,113,2107.9516666666664,5.3606542211989371E-2,1204.6734513274337,64.578378220247004]
[19210,"T","CM   ","RI","12-1998",129183.84,98,1934.8549999999998,5.0649790294363152E-2,1318.2024489795917,66.766677606332266]
[19211,"T","CM   ","RI","3-1999",169648.59,92,1798.1525000000001,5.1163624887210622E-2,1844.0064130434782,94.346052406567281]
[19212,"T","CM   ","RI","6-1999",187271.51,90,1714.5291666666665,5.2492545329500089E-2,2080.7945555555557,109.226202528877]
[19213,"T","CM   ","RI","9-1999",163473.76,75,1686.5391666666667,4.4469764759885504E-2,2179.6501333333335,96.928528688186418]
[19214,"T","CM   ","RI","12-1999",159975.12,65,1652.9133333333332,3.9324505822043505E-2,2461.1556923076923,96.783731351109367]
[19215,"T","CM   ","RI","3-2000",112655.5,54,1630.6258333333333,3.3116119526705241E-2,2086.212962962963,69.087277839643377]
[19216,"T","CM   ","RI","6-2000",121446.73,55,1625.97,3.3825962348628821E-2,2208.1223636363634,74.691863933528907]
[{"$f":"INDEX(State,MATCH(D1986,StateAbbr),1)*1000+INDEX(Coverage,MATCH(C1986,CoverageAbbr),1)*100+VLOOKUP(E1986,Date,2,FALSE)","v":19217},"T","CM   ","RI","9-2000",108545.89,63,1671.6183333333331,3.7688028866238413E-2,1722.9506349206349,64.934613263992688]
[19218,"T","CM   ","RI","12-2000",146413.22,80,1760.6433333333334,{"$f":"G1987/H1987","v":4.5437936511843205E-2},{"$f":"F1987/G1987","v":1830.16525},{"$f":"F1987/H1987","v":83.158932435681649}]
[19219,"T","CM   ","RI","3-2001",154502.13,87,1868.7158333333334,4.6556035138212111E-2,1775.8865517241379,82.678236703547313]
[19220,"T","CM   ","RI","6-2001",147706.04999999999,105,1992.2708333333333,5.2703677754656016E-2,1406.7242857142855,74.139543443934372]
[19221,"T","CM   ","RI","9-2001",187161.71,111,2115.4508333333333,5.2471084768770722E-2,1686.1415315315314,88.473675233135879]
[19222,"T","CM   ","RI","12-2001",154849.82,114,2237.0533333333333,5.0959893669648766E-2,1358.331754385965,69.220441771616237]
[19223,"T","CM   ","RI","3-2002",157997.54999999999,124,2368.4808333333335,5.2354234095906053E-2,1274.1737903225805,66.708392897416303]
[19224,"T","CM   ","RI","6-2002",156723.91,121,2525.2925,4.7915241501727025E-2,1295.2389256198348,62.061685923511831]
[19225,"T","CM   ","RI","9-2002",179069.47,143,2688.1958333333332,5.3195529219566412E-2,1252.2340559440559,66.613253312708181]
[19226,"T","CM   ","RI","12-2002",181918.15,152,2884.2808333333337,5.26994452978891E-2,1196.8299342105263,63.072273648803836]
[19227,"T","CM   ","RI","3-2003",175729.14,150,3066.84,4.8910278984231323E-2,1171.5276000000001,57.299741753726963]
[19228,"T","CM   ","RI","6-2003",177167.05,155,3202.145,4.8405053487584102E-2,1143.0132258064516,55.327616332177335]
[19229,"T","CM   ","RI","9-2003",132336.82,141,3310.5833333333335,4.2590681400558814E-2,938.55900709219861,39.973867646688653]
[19230,"T","CM   ","RI","12-2003",122967,148,3392.9633333333331,4.3619687411888722E-2,830.85810810810813,36.241770959308923]
[19231,"T","CM   ","RI","3-2004",148523.10999999999,167,3450.6691666666666,4.8396410068288688E-2,889.35994011976038,43.041828360344596]
[19232,"T","CM   ","RI","6-2004",125674.67,156,3524.5558333333333,4.426089623113267E-2,805.60685897435894,35.656881588152835]
[19233,"T","CM   ","RI","9-2004",141068.79999999999,159,3574.5316666666663,4.4481351636274966E-2,887.2251572327043,39.46497419941727]
[19234,"T","CM   ","RI","12-2004",171442.2,151,3552.7983333333336,4.2501708746954858E-2,1135.3788079470201,48.255539412829044]
[19235,"T","CM   ","RI","3-2005",145537.41,144,3470.3649999999998,4.1494194414708543E-2,1010.6764583333334,41.93720545245241]
[19236,"T","CM   ","RI","6-2005",162481.78,165,3306.6075000000001,4.9900086417876931E-2,984.73806060606057,49.138514323214956]
[19237,"T","CM   ","RI","9-2005",146453.38,155,3081.9266666666667,5.0293214850450692E-2,944.86051612903225,47.520072941385152]
[19238,"T","CM   ","RI","12-2005",103481.98,132,2806.8083333333329,4.7028505093270237E-2,783.95439393939387,36.868203208270373]
[19239,"T","CM   ","RI","3-2006",83147.42,108,2535.5341666666668,4.2594574910414996E-2,769.88351851851849,32.79286120183091]
[19240,"T","CM   ","RI","6-2006",69262.11,83,2280.1766666666667,3.6400688250764195E-2,834.48325301204818,30.375764743375147]
[19241,"T","CM   ","RI","9-2006",60842.93,67,2046.6866666666667,3.2735836457624193E-2,908.10343283582085,29.727525463920546]
[19242,"T","CM   ","RI","12-2006",56729.05,65,1863.8341666666665,3.4874347279644426E-2,872.75461538461548,30.43674754683558]
[19243,"T","CM   ","RI","3-2007",52796.56,57,1670.6858333333332,3.4117725105907104E-2,926.25543859649122,31.601728431886507]
[19244,"T","CM   ","RI","6-2007",52909.85,44,1473.6850000000002,2.9857126862253464E-2,1202.4965909090909,35.903093266200031]
[19245,"T","CM   ","RI","9-2007",41180.39,44,1263.0508333333335,3.4836285950486288E-2,935.91795454545456,32.603905490739677]
[19246,"T","CM   ","RI","12-2007",35418.69,35,1034.4316666666666,3.3835004406606528E-2,1011.9625714285716,34.239758063606587]
[19247,"T","CM   ","RI","3-2008",47619.15,39,846.77583333333325,4.6057053667292902E-2,1221.0038461538461,56.235839670278743]
[19248,"T","CM   ","RI","6-2008",38824.04,38,703.30666666666673,5.4030484568135279E-2,1021.6852631578947,55.202149844543868]
[20201,"T","CM   ","TN","9-1996",10974.85,19,441.09916666666663,4.3074214226203861E-2,577.62368421052633,24.880686315813339]
[20202,"T","CM   ","TN","12-1996",17963.5,25,607.86666666666667,4.1127440228120205E-2,718.54,29.551710901513488]
[20203,"T","CM   ","TN","3-1997",63295.87,31,665.84500000000003,4.6557381973282068E-2,2041.8022580645163,95.060967642619531]
[20204,"T","CM   ","TN","6-1997",64418.48,29,701.06833333333327,4.136543988817068E-2,2221.3268965517241,91.886164211287067]
[20205,"T","CM   ","TN","9-1997",67162.89,33,755.00916666666672,4.37080785994872E-2,2035.2390909090909,88.956390154203419]
[20206,"T","CM   ","TN","12-1997",64430.87,34,801.12750000000005,4.2440185863049262E-2,1895.0255882352942,80.425238179940138]
[20207,"T","CM   ","TN","3-1998",38193.279999999999,29,846.53583333333336,3.4257262195043915E-2,1317.0096551724137,45.117145070645755]
[20208,"T","CM   ","TN","6-1998",70353.75,58,881.71750000000009,6.578070640539628E-2,1212.9956896551723,79.79171333221808]
[20209,"T","CM   ","TN","9-1998",83668.820000000007,58,918.18916666666667,6.31678112807183E-2,1442.5658620689655,91.123728135179121]
[20210,"T","CM   ","TN","12-1998",116371.88,68,955.98416666666662,7.1130885187254675E-2,1711.3511764705884,121.72992404860263]
[20211,"T","CM   ","TN","3-1999",116686.55,69,984.14666666666665,7.0111500995786544E-2,1691.1094202898551,118.56621980463618]
[20212,"T","CM   ","TN","6-1999",83302.490000000005,44,1006.4116666666667,4.3719683959678526E-2,1893.2384090909093,82.771784905779114]
[20213,"T","CM   ","TN","9-1999",68047.850000000006,46,1005.6125000000001,4.5743265920023861E-2,1479.3010869565219,67.668062996432525]
[20214,"T","CM   ","TN","12-1999",33560.410000000003,34,998.46083333333343,3.4052412337990223E-2,987.07088235294123,33.612144692706188]
[20215,"T","CM   ","TN","3-2000",16013.84,36,987.88416666666672,3.6441519375162906E-2,444.82888888888891,16.210240573076632]
[20216,"T","CM   ","TN","6-2000",17823.46,41,987.04250000000002,4.1538231636429029E-2,434.71853658536583,18.057439269332374]
[20217,"T","CM   ","TN","9-2000",12985.05,40,1029.3433333333335,3.8859726103697173E-2,324.62624999999997,12.614887161070325]
[20218,"T","CM   ","TN","12-2000",35295.42,68,1119.4483333333333,6.0744205851394069E-2,519.05029411764701,31.529297913108987]
[20219,"T","CM   ","TN","3-2001",38856.660000000003,71,1291.4758333333332,5.497586417606215E-2,547.27690140845073,30.087020598527143]
[20220,"T","CM   ","TN","6-2001",44384.22,77,1611.5,4.778156996587031E-2,576.4184415584416,27.542178094942599]
[20221,"T","CM   ","TN","9-2001",57632.06,89,2021.1125,4.4035153906573733E-2,647.5512359550562,28.515018337672938]
[20222,"T","CM   ","TN","12-2001",79857.710000000006,101,2535.9025000000001,3.9828029665967046E-2,790.67039603960404,31.490843989467262]
[20223,"T","CM   ","TN","3-2002",103092.19,117,3084.25,3.7934668071654375E-2,881.12982905982904,33.425367593418173]
[20224,"T","CM   ","TN","6-2002",150565.20000000001,151,3579.5983333333334,4.2183503828874654E-2,997.12052980132455,42.062037686723698]
[20225,"T","CM   ","TN","9-2002",169720.4,170,4025.2841666666668,4.2233043174384581E-2,998.35529411764708,42.163582239846001]
[20226,"T","CM   ","TN","12-2002",216569.21,210,4421.5058333333336,4.749513127786216E-2,1031.2819523809524,48.980871712823323]
[20227,"T","CM   ","TN","3-2003",226904.57,249,4736.3383333333331,5.2572257823642249E-2,911.26333333333332,47.907170905231645]
[20228,"T","CM   ","TN","6-2003",435406.76,357,5026.0733333333328,7.1029604290161572E-2,1219.6267787114846,86.629607473561208]
[20229,"T","CM   ","TN","9-2003",500660.28,407,5309.4549999999999,7.6655701950576846E-2,1230.1235380835381,94.295983297720767]
[20230,"T","CM   ","TN","12-2003",485764.52,401,5562.3891666666668,7.2091324066831594E-2,1211.3828428927682,87.330193095982281]
[20231,"T","CM   ","TN","3-2004",523176.32,394,5796.28,6.7974632005355168E-2,1327.8586802030457,90.260705141918621]
[20232,"T","CM   ","TN","6-2004",317912.43,315,5843.3149999999996,5.3907756128156709E-2,1009.2458095238095,54.406176973173622]
[{"$f":"INDEX(State,MATCH(D2050,StateAbbr),1)*1000+INDEX(Coverage,MATCH(C2050,CoverageAbbr),1)*100+VLOOKUP(E2050,Date,2,FALSE)","v":20233},"T","CM   ","TN","9-2004",251537.25,277,5615.4625000000005,4.9328082949534426E-2,908.07671480144404,44.793683512266348]
[20234,"T","CM   ","TN","12-2004",219355.07,248,5098.3041666666668,{"$f":"G2051/H2051","v":4.8643625780794758E-2},{"$f":"F2051/G2051","v":884.49625000000003},{"$f":"F2051/H2051","v":43.025104589516289}]
[20235,"T","CM   ","TN","3-2005",179441.4,229,4403.1216666666669,5.2008556050953239E-2,783.58689956331875,40.753223186731532]
[20236,"T","CM   ","TN","6-2005",132966.59,175,3733.5825,4.6871871721061477E-2,759.80908571428574,35.613673998096999]
[20237,"T","CM   ","TN","9-2005",136809.85999999999,173,3595.8416666666667,4.8111128363549562E-2,790.80843930635831,38.046686334446498]
[20238,"T","CM   ","TN","12-2005",210700.98,199,4099.2574999999997,4.8545376815191534E-2,1058.7988944723618,51.399791303669026]
[20239,"T","CM   ","TN","3-2006",277312.86,275,5432.8625000000002,5.0617883298169242E-2,1008.4104,51.043599943860158]
[20240,"T","CM   ","TN","6-2006",859950.66,626,7732.394166666666,8.0958107735713172E-2,1373.7230990415335,111.21402265124225]
[20241,"T","CM   ","TN","9-2006",1106323.69,831,10709.570833333333,7.7594145734909234E-2,1331.3161131167267,103.30233650041221]
[20242,"T","CM   ","TN","12-2006",1381552.82,1087,14114.612500000001,7.7012386985473386E-2,1270.9777552897885,97.881030740305476]
[20243,"T","CM   ","TN","3-2007",1607649.43,1349,17640.866666666665,7.647016586486681E-2,1191.734195700519,91.132111612052327]
[20244,"T","CM   ","TN","6-2007",1349541.95,1394,20810.213333333333,6.6986338759301517E-2,968.10756814921092,64.849981515486618]
[20245,"T","CM   ","TN","9-2007",1561110.7,1656,23091.708333333332,7.1714053204523273E-2,942.69969806763277,67.60481630311024]
[20246,"T","CM   ","TN","12-2007",1566855.42,1778,24516.69083333333,7.2522022327034419E-2,881.24601799775019,63.909743392843026]
[20247,"T","CM   ","TN","3-2008",1726996.5,1842,25221.773333333334,7.3032136783403548E-2,937.56596091205211,68.472445500792176]
[20248,"T","CM   ","TN","6-2008",1850512.39,1872,25477.119999999999,7.3477692926045016E-2,988.52157585470081,72.634284801421828]
[21201,"T","CM   ","TX","9-1996",490507.57,592,8180.9691666666668,7.2363064563560772E-2,828.56008445945952,59.957146886529237]
[21202,"T","CM   ","TX","12-1996",687622.2,852,10775.9125,7.9065229974723719E-2,807.06830985915485,63.81104152432566]
[21203,"T","CM   ","TX","3-1997",675706.62,882,10547.65,8.362052210682E-2,766.10727891156466,64.062290652420202]
[21204,"T","CM   ","TX","6-1997",597668.54,878,10196.090833333334,8.6111433720227254E-2,680.71587699316638,58.617420124003409]
[21205,"T","CM   ","TX","9-1997",592044.21,842,9739.9891666666663,8.6447734755351807E-2,703.14039192399048,60.784894096819237]
[21206,"T","CM   ","TX","12-1997",548965.11,727,9033.5500000000011,8.0477774518323358E-2,755.1101925722146,60.769587814314406]
[21207,"T","CM   ","TX","3-1998",618617.68000000005,701,8174.3566666666666,8.5755984059092114E-2,882.47885877318129,75.677842945438726]
[21208,"T","CM   ","TX","6-1998",549213.34,608,6994.2475000000004,8.692857952195715E-2,903.31141447368418,78.523578126167251]
[21209,"T","CM   ","TX","9-1998",440218.57,468,5678.4350000000004,8.2417074422794306E-2,940.6379700854701,77.524629585440351]
[21210,"T","CM   ","TX","12-1998",320246.46999999997,384,4451.0725000000002,8.6271342468584811E-2,833.97518229166656,71.948158561784822]
[21211,"T","CM   ","TX","3-1999",206089.78,291,3227.9850000000001,9.0149117793298289E-2,708.21230240549824,63.844714272216258]
[21212,"T","CM   ","TX","6-1999",141315.35999999999,200,2319.7091666666665,8.6217704733819012E-2,706.57679999999993,60.919429914166678]
[21213,"T","CM   ","TX","9-1999",120031.6,161,1691.1475,9.5201630845328386E-2,745.53788819875786,70.976422813503845]
[21214,"T","CM   ","TX","12-1999",94722,126,1283.4125000000001,9.8175761884818788E-2,751.76190476190482,73.804797755982577]
[21215,"T","CM   ","TX","3-2000",67210.92,94,1102.4991666666667,8.5260835420132589E-2,715.00978723404251,60.962331793145722]
[21216,"T","CM   ","TX","6-2000",78564.31,105,1019.8033333333333,0.10296102843358687,748.23152380952376,77.038687197858408]
[21217,"T","CM   ","TX","9-2000",73868.039999999994,96,1004.8583333333332,9.5535854971264614E-2,769.4587499999999,73.510899546370553]
[21218,"T","CM   ","TX","12-2000",72712.240000000005,91,1040.7916666666667,8.7433444093038146E-2,799.03560439560442,69.86243484527003]
[21219,"T","CM   ","TX","3-2001",69899.22,95,1120.5908333333334,8.4776706335720209E-2,735.78126315789473,62.377112074062119]
[21220,"T","CM   ","TX","6-2001",88714.16,100,1259.0833333333333,7.9422860546694021E-2,887.14160000000004,70.45932358197102]
[21221,"T","CM   ","TX","9-2001",152663.28,125,1441.2566666666669,8.672986768491385E-2,1221.3062399999999,105.92372859795964]
[21222,"T","CM   ","TX","12-2001",167008.13,135,1642.9708333333335,8.2168226764017402E-2,1237.0972592592593,101.65008812795925]
[21223,"T","CM   ","TX","3-2002",183102.77,144,1914.54,7.5213889498260675E-2,1271.5470138888888,95.637996594482217]
[21224,"T","CM   ","TX","6-2002",199537.34,158,2233.5608333333334,7.0739062774575576E-2,1262.8945569620253,89.335977342606512]
[21225,"T","CM   ","TX","9-2002",167882.68,169,2463.2708333333335,6.860796535771374E-2,993.38863905325445,68.15437333491208]
[21226,"T","CM   ","TX","12-2002",217857.04,188,2574.7091666666665,7.3017955749694705E-2,1158.8140425531915,84.614232481273788]
[21227,"T","CM   ","TX","3-2003",259125.68,216,2512.5208333333335,8.5969436405999938E-2,1199.6559259259259,103.13374383296987]
[21228,"T","CM   ","TX","6-2003",329387.15999999997,242,2276.4833333333331,0.10630431440306322,1361.1039669421486,144.69122403707473]
[21229,"T","CM   ","TX","9-2003",327148.96000000002,230,2033.7958333333333,0.11308903097860937,1422.3867826086957,160.8563429219993]
[21230,"T","CM   ","TX","12-2003",284920.71999999997,212,1794.8033333333333,0.11811879110246062,1343.9656603773583,158.74759908699374]
[21231,"T","CM   ","TX","3-2004",240584.28,188,1556.2008333333333,0.12080702951257898,1279.7036170212766,154.59719262884343]
[21232,"T","CM   ","TX","6-2004",109203.11,126,1338.0074999999999,9.4169875729396141E-2,866.69134920634917,81.616216650504583]
[21233,"T","CM   ","TX","9-2004",83128.009999999995,104,1115.72,9.3213351019969165E-2,799.30778846153839,74.506157458860642]
[21234,"T","CM   ","TX","12-2004",65947.11,88,909.73916666666673,9.6731022719882154E-2,749.39897727272728,72.490129496824636]
[21235,"T","CM   ","TX","3-2005",44855.66,63,729.81166666666661,8.6323640573938029E-2,711.99460317460318,61.461966215028085]
[21236,"T","CM   ","TX","6-2005",54420.72,60,568.56916666666666,0.10552805800525589,907.01200000000006,95.715214947463153]
[21237,"T","CM   ","TX","9-2005",38048.370000000003,46,434.09500000000003,0.10596758774001082,827.13847826086965,87.649869268247741]
[21238,"T","CM   ","TX","12-2005",32002.82,36,324.13249999999999,0.1110656907283287,888.96722222222218,98.733758570954777]
[21239,"T","CM   ","TX","3-2006",30637.5,32,221.03583333333333,0.14477290635379633,957.421875,138.60874745045109]
[21240,"T","CM   ","TX","6-2006",19963.97,20,145.065,0.13786923103436391,998.19850000000008,137.6208596146555]
[21241,"T","CM   ","TX","9-2006",16332.03,13,83.66,0.15539086779823094,1256.31,195.21910112359552]
[21242,"T","CM   ","TX","12-2006",10969.48,8,37.477499999999999,0.21346141017944101,1371.1849999999999,292.69508371689682]
[21243,"T","CM   ","TX","3-2007",10210.85,6,17.304166666666667,0.34673729833855044,1701.8083333333334,590.08042379003132]
[21244,"T","CM   ","TX","6-2007",-157.27000000000001,1,6.9683333333333337,0.14350633819660369,-157.27000000000001,-22.569241808179861]
[21245,"T","CM   ","TX","9-2007",1100,1,3.06,0.32679738562091504,1100,359.47712418300654]
[21246,"T","CM   ","TX","12-2007",0,0,1.6858333333333333,0,{"$error":"#DIV/0!"},0]
[21247,"T","CM   ","TX","3-2008",0,0,0.82166666666666666,0,{"$error":"#DIV/0!"},0]
[21248,"T","CM   ","TX","6-2008",0,0,0.16916666666666666,0,{"$error":"#DIV/0!"},0]
[{"$f":"INDEX(State,MATCH(D2114,StateAbbr),1)*1000+INDEX(Coverage,MATCH(C2114,CoverageAbbr),1)*100+VLOOKUP(E2114,Date,2,FALSE)","v":22201},"T","CM   ","VA","9-1996",394601.87,789,7620.1025,0.1035419142983969,500.12911280101395,51.784325735775866]
[22202,"T","CM   ","VA","12-1996",523046.98,1044,10083.7325,{"$f":"G2115/H2115","v":0.1035330915412522},{"$f":"F2115/G2115","v":501.00285440613027},{"$f":"F2115/H2115","v":51.870374387658536}]
[22203,"T","CM   ","VA","3-1997",465257.66,1036,9910.92,0.10453116360539687,449.09040540540536,46.943942641046441]
[22204,"T","CM   ","VA","6-1997",470975.95,974,9779.7525000000005,9.959352243321086E-2,483.54820328542098,48.158268831445376]
[22205,"T","CM   ","VA","9-1997",426292.33,876,9646.1633333333339,9.0813307812536173E-2,486.63507990867583,44.192941304124716]
[22206,"T","CM   ","VA","12-1997",373617.32,773,9509.5283333333336,8.1286891726315896E-2,483.33417852522638,39.288733037407916]
[22207,"T","CM   ","VA","3-1998",362181.47,705,9372.4916666666668,7.5220125562483822E-2,513.73258156028362,38.643029290503499]
[22208,"T","CM   ","VA","6-1998",337548.69,668,9171.7008333333342,7.2832728862267548E-2,505.31241017964072,36.803281761352693]
[22209,"T","CM   ","VA","9-1998",337602.25,649,8912.9600000000009,7.2815316123936366E-2,520.18836671802774,37.877680366567333]
[22210,"T","CM   ","VA","12-1998",347959.14,651,8629.3950000000004,7.5439819361612259E-2,534.49944700460833,40.322541730909293]
[22211,"T","CM   ","VA","3-1999",352895.18,676,8296.7741666666661,8.1477449719665154E-2,522.03428994082844,42.534022610594945]
[22212,"T","CM   ","VA","6-1999",389229.68,714,7976.0074999999997,8.9518471490905693E-2,545.13960784313724,48.800064443269392]
[22213,"T","CM   ","VA","9-1999",411433.6,742,7714.4266666666663,9.6183427759591558E-2,554.4927223719676,53.333010705483403]
[22214,"T","CM   ","VA","12-1999",472649.67,764,7537.4316666666664,0.10136078624482832,618.65140052356014,62.706992368532255]
[22215,"T","CM   ","VA","3-2000",470573.59,710,7495.3041666666659,9.4725975652533573E-2,662.77970422535213,62.782454125444104]
[22216,"T","CM   ","VA","6-2000",455145.09,688,7542.6049999999996,9.1215170355599964E-2,661.54809593023265,60.343222268698952]
[22217,"T","CM   ","VA","9-2000",434782.66,649,7644.4925000000003,8.4897722118243951E-2,669.9270570107858,56.875281125594661]
[22218,"T","CM   ","VA","12-2000",392608.45,629,7815.6658333333335,8.0479387606025035E-2,624.17877583465815,50.23352563585167]
[22219,"T","CM   ","VA","3-2001",409310.81,657,8063.1866666666674,8.1481432485750044E-2,622.99971080669707,50.76290887473769]
[22220,"T","CM   ","VA","6-2001",382103.31,660,8427.0475000000006,7.8319245263539811E-2,578.94440909090906,45.342489169546035]
[22221,"T","CM   ","VA","9-2001",390589.94,698,8943.7466666666678,7.8043355431951705E-2,559.58444126074494,43.671847443502422]
[22222,"T","CM   ","VA","12-2001",432063.06,730,9615.8366666666661,7.5916430915527897E-2,591.86720547945208,44.932445815947375]
[22223,"T","CM   ","VA","3-2002",449342.86,775,10299.1425,7.5248983107088774E-2,579.79723870967734,43.629152621201229]
[22224,"T","CM   ","VA","6-2002",611131.24,864,10981.011666666667,7.8681275116272681E-2,707.3278240740741,55.65345512336674]
[22225,"T","CM   ","VA","9-2002",669256.51,915,11541.547500000001,7.9278796885772898E-2,731.42787978142076,57.986722317782771]
[22226,"T","CM   ","VA","12-2002",702794.03,997,11929.860833333332,8.3571804728373125E-2,704.90875626880643,58.910496930217064]
[22227,"T","CM   ","VA","3-2003",762007.81,1091,12217.278333333334,8.9299758115794201E-2,698.44895508707611,62.371322745505104]
[22228,"T","CM   ","VA","6-2003",693078.87,1121,12447.879166666666,9.0055501422431072E-2,618.26839429081178,55.678470261500372]
[22229,"T","CM   ","VA","9-2003",679238.23,1121,12644.733333333332,8.8653510552482995E-2,605.92170383586085,53.717086164990967]
[22230,"T","CM   ","VA","12-2003",878737.37,1183,12813.308333333334,9.2325882529687556E-2,742.80420118343193,68.58005342101994]
[22231,"T","CM   ","VA","3-2004",874655.96,1138,12993.845833333333,8.757992164880618E-2,768.59047451669596,67.313093538190998]
[22232,"T","CM   ","VA","6-2004",801430.07,1059,13051.325833333334,8.1141181633462386E-2,756.78004721435309,61.406027267600074]
[22233,"T","CM   ","VA","9-2004",865660.5,1032,12917.152499999998,7.9893769156940755E-2,838.81831395348843,67.016356739614253]
[22234,"T","CM   ","VA","12-2004",638268.56999999995,923,12573.611666666666,7.3407706907866702E-2,691.5152437703141,50.762548337013214]
[22235,"T","CM   ","VA","3-2005",594432.48,888,12060.668333333333,7.3627760540080633E-2,669.40594594594597,49.286860692214262]
[22236,"T","CM   ","VA","6-2005",579891.96,868,11540.180833333334,7.5215459145390337E-2,668.07829493087559,50.249815698295308]
[22237,"T","CM   ","VA","9-2005",465361.1,838,11324.352500000001,7.3999815883512982E-2,555.32350835322188,41.093837373924906]
[22238,"T","CM   ","VA","12-2005",523666.94,856,12138.223333333333,7.0521029024840809E-2,611.76044392523363,43.141976022300902]
[22239,"T","CM   ","VA","3-2006",622469.52,986,14403.9925,6.8453243085207102E-2,631.30782961460443,43.215068322203031]
[22240,"T","CM   ","VA","6-2006",803431.77,1220,17885.699166666669,6.8210920279465348E-2,658.55063114754103,44.920344601196511]
[22241,"T","CM   ","VA","9-2006",1134840.6399999999,1536,22126.510833333334,6.9418988450995797E-2,738.82854166666664,51.288730001224394]
[22242,"T","CM   ","VA","12-2006",1735970.42,1999,26134.9575,7.648759329338875E-2,868.41941970985488,66.423311382848041]
[22243,"T","CM   ","VA","3-2007",2175181.0299999998,2300,29146.708333333332,7.891114062336943E-2,945.73088260869554,74.628702669398052]
[22244,"T","CM   ","VA","6-2007",2324152.0099999998,2537,31046.41,8.171637235996046E-2,916.10248718959394,74.860571963070768]
[22245,"T","CM   ","VA","9-2007",2449074.63,2648,31890.906666666666,8.3033073586702671E-2,924.87712613293047,76.795390472853697]
[22246,"T","CM   ","VA","12-2007",2238253.4500000002,2579,31867.907500000001,8.0927811152960077E-2,867.87648313299735,70.235344131082343]
[22247,"T","CM   ","VA","3-2008",2156504.1,2580,31358.262500000001,8.2274966605691238E-2,835.85430232558144,68.769884811060564]
[22248,"T","CM   ","VA","6-2008",2214035.8199999998,2531,30744.86,8.232270369746357E-2,874.76721453970754,72.01320220680789]
[23201,"T","CM   ","WI","9-1996",279015.44,733,7782.8083333333334,9.418194160848109E-2,380.64862210095498,35.850226300060925]
[23202,"T","CM   ","WI","12-1996",445645.26,975,10241.963333333333,9.5196591538926942E-2,457.07206153846153,43.511702346132203]
[23203,"T","CM   ","WI","3-1997",476458.84,996,9990.6583333333328,9.9693129998940685E-2,478.37232931726908,47.690434814522568]
[23204,"T","CM   ","WI","6-1997",421828.68,974,9716.248333333333,0.10024445306307356,433.08899383983572,43.414769315111165]
[23205,"T","CM   ","WI","9-1997",491135.66,951,9434.7333333333336,0.1007977614629631,516.44128286014723,52.056125239363766]
[23206,"T","CM   ","WI","12-1997",423755.17,873,9152.2474999999995,9.5386406453715336E-2,485.40111111111111,46.300667677529482]
[23207,"T","CM   ","WI","3-1998",405877.36,787,8801.5949999999993,8.9415611602215284E-2,515.72726810673441,46.114069097703315]
[23208,"T","CM   ","WI","6-1998",431409.8,743,8407.0074999999997,8.837865316523151E-2,580.63230148048456,51.31550078907388]
[23209,"T","CM   ","WI","9-1998",363665.67,638,8035.2658333333338,7.9399986662959388E-2,570.00888714733537,45.258698037266754]
[23210,"T","CM   ","WI","12-1998",369744.63,643,7678.3874999999998,8.3741540785744403E-2,575.03052877138418,48.153942478157035]
[23211,"T","CM   ","WI","3-1999",373166.77,639,7401.6158333333333,8.6332500144394142E-2,583.98555555555561,50.416933059324101]
[23212,"T","CM   ","WI","6-1999",321323.05,580,7246.2608333333337,8.0041281060703379E-2,554.00525862068969,44.343290614366282]
[23213,"T","CM   ","WI","9-1999",291595.71999999997,590,7153.9208333333336,8.2472257346059064E-2,494.23003389830501,40.760266543812506]
[23214,"T","CM   ","WI","12-1999",282175.17,560,7169.604166666667,7.8107519882838719E-2,503.88423214285712,39.357147680747133]
[23215,"T","CM   ","WI","3-2000",300820.68,524,7322.3416666666672,7.1561806844577261E-2,574.08526717557254,41.082579001935855]
[23216,"T","CM   ","WI","6-2000",483401.98,608,7547.5891666666676,8.0555523965875633E-2,795.06904605263151,64.047203593818637]
[{"$f":"INDEX(State,MATCH(D2178,StateAbbr),1)*1000+INDEX(Coverage,MATCH(C2178,CoverageAbbr),1)*100+VLOOKUP(E2178,Date,2,FALSE)","v":23217},"T","CM   ","WI","9-2000",522543.63,594,7828.6925000000001,7.5874738980998419E-2,879.70308080808081,66.747241637093296]
[23218,"T","CM   ","WI","12-2000",593513.04,625,8131.3016666666663,{"$f":"G2179/H2179","v":7.686346240997495E-2},{"$f":"F2179/G2179","v":949.6208640000001},{"$f":"F2179/H2179","v":72.991147583791943}]
[23219,"T","CM   ","WI","3-2001",567927.44999999995,699,8385.1258333333335,8.3361897471027818E-2,812.48562231759649,67.730343144323712]
[23220,"T","CM   ","WI","6-2001",443188.83,654,8619.82,7.5871653932448713E-2,677.65876146788992,51.415091034383551]
[23221,"T","CM   ","WI","9-2001",441852.55,709,8892.4091666666664,7.9730924062479877E-2,623.20528913963324,49.688733583727917]
[23222,"T","CM   ","WI","12-2001",603082.36,748,9196.4950000000008,8.1335334820494098E-2,806.2598395721925,65.577414003922144]
[23223,"T","CM   ","WI","3-2002",699696.4,731,9528.0733333333337,7.6720652164026168E-2,957.17701778385776,73.435245040795238]
[23224,"T","CM   ","WI","6-2002",689584.6,741,9846.2124999999996,7.5257364189529732E-2,930.61349527665311,70.035518733726292]
[23225,"T","CM   ","WI","9-2002",820554.22,769,10110.745833333332,7.6057692743570271E-2,1067.0405981794538,81.15664596124833]
[23226,"T","CM   ","WI","12-2002",678941.71,760,10288.171666666667,7.3871240160423707E-2,893.34435526315781,65.992455413603608]
[23227,"T","CM   ","WI","3-2003",647495.31999999995,723,10365.528333333334,6.9750424363318353E-2,895.56752420470252,62.466214859284378]
[23228,"T","CM   ","WI","6-2003",633193.85,695,10414.761666666667,6.6732203985464852E-2,911.07028776978416,60.797728288549408]
[23229,"T","CM   ","WI","9-2003",511783.38,634,10400.290833333334,6.0959833735418772E-2,807.2293059936909,49.208564279732876]
[23230,"T","CM   ","WI","12-2003",512480.61,604,10285.125,5.8725586708960754E-2,848.47783112582783,49.827358442410763]
[23231,"T","CM   ","WI","3-2004",488771.43,605,10088.6775,5.9968216845072114E-2,807.88666115702483,48.447522482505761]
[23232,"T","CM   ","WI","6-2004",628170.38,650,9792.8449999999993,6.6374991128727148E-2,966.41596923076929,64.145851384352554]
[23233,"T","CM   ","WI","9-2004",707107.95,667,9404.2800000000007,7.0925153228104651E-2,1060.1318590704648,75.19001454656815]
[23234,"T","CM   ","WI","12-2004",623862.37,614,8950.7100000000009,6.8597910109924234E-2,1016.0624918566775,69.699763482449981]
[23235,"T","CM   ","WI","3-2005",592909.41,571,8490.998333333333,6.7247687207570211E-2,1038.3702451838881,69.827997453774088]
[23236,"T","CM   ","WI","6-2005",445592.55,484,8048.3600000000006,6.0136475008573172E-2,920.64576446280989,55.36439100636651]
[23237,"T","CM   ","WI","9-2005",342600.69,398,7612.916666666667,5.2279568715450711E-2,860.80575376884428,45.002553554813638]
[23238,"T","CM   ","WI","12-2005",318846.42,370,7239.8874999999998,5.1105766491537336E-2,861.74708108108109,44.040245100493621]
[23239,"T","CM   ","WI","3-2006",305061.56,356,6921.4708333333328,5.1434154469817049E-2,856.91449438202244,44.074672471470123]
[23240,"T","CM   ","WI","6-2006",283105.7,331,6631.3424999999997,4.9914478101530727E-2,855.30422960725082,42.692064238877727]
[23241,"T","CM   ","WI","9-2006",288910.58,322,6399.2975000000006,5.0318023189264129E-2,897.2378260869566,45.147233739328414]
[23242,"T","CM   ","WI","12-2006",293727.24,315,6288.456666666666,5.0091781926355015E-2,932.46742857142851,46.708955085429018]
[23243,"T","CM   ","WI","3-2007",315319.92,323,6368.8233333333337,5.0715804646279505E-2,976.22266253869964,49.509917844583534]
[23244,"T","CM   ","WI","6-2007",317032.61,348,6704.144166666666,5.1908191612327355E-2,911.0132471264368,47.289050193207615]
[23245,"T","CM   ","WI","9-2007",326007.23,381,7245.4558333333334,5.2584683250317697E-2,855.66202099737529,44.994716343473669]
[23246,"T","CM   ","WI","12-2007",409687.69,442,7887.2466666666669,5.6039834771238292E-2,926.89522624434392,51.943055328982567]
[23247,"T","CM   ","WI","3-2008",429149.84,522,8594.1483333333326,6.0739002837007901E-2,822.12613026819929,49.935121358738485]
[23248,"T","CM   ","WI","6-2008",528979.65,558,9409.3125,5.9302951198613077E-2,947.99220430107528,56.218735428332309]
[1301,"T","CO   ","AR","9-1996",317295.53999999998,124,3637.2958333333336,3.4091260563307677E-2,2558.835,87.233910723511386]
[1302,"T","CO   ","AR","12-1996",475237.7,177,4875.8725000000004,3.6301195324529092E-2,2684.958757062147,97.467212278417861]
[1303,"T","CO   ","AR","3-1997",496944.84,195,4923.3324999999995,3.9607318823175162E-2,2548.4350769230768,100.93668059185522]
[1304,"T","CO   ","AR","6-1997",566501.73,212,4988.4108333333334,4.249850445023156E-2,2672.1779716981132,113.56356742202301]
[1305,"T","CO   ","AR","9-1997",525522.84,205,5076.3391666666666,4.0383432483415298E-2,2563.5260487804876,103.52398111040321]
[1306,"T","CO   ","AR","12-1997",555030.21,213,5154.71,4.1321432243520972E-2,2605.7756338028166,107.67438129400101]
[1307,"T","CO   ","AR","3-1998",558856.14,211,5253.0891666666666,4.0166841510876058E-2,2648.6072985781993,106.38618958654011]
[1308,"T","CO   ","AR","6-1998",522661.89,192,5328.836666666667,3.6030378112546141E-2,2722.1973437500001,98.081799592281243]
[1309,"T","CO   ","AR","9-1998",593622.11,196,5374.9691666666668,3.6465325460006512E-2,3028.6842346938774,110.44195633370299]
[1310,"T","CO   ","AR","12-1998",561785.02,191,5400.4808333333331,3.5367221159473917E-2,2941.2828272251309,104.02500024303393]
[1311,"T","CO   ","AR","3-1999",607759.6,205,5397.36,3.7981531711799847E-2,2964.6809756097559,112.60312449049165]
[1312,"T","CO   ","AR","6-1999",597792.02,205,5370.3466666666673,3.8172582278983846E-2,2916.0586341463418,111.31348814229248]
[1313,"T","CO   ","AR","9-1999",552370.26,217,5328.3625000000002,4.072545739896638E-2,2545.4850691244242,103.66604374233172]
[1314,"T","CO   ","AR","12-1999",592709.14,215,5261.5291666666662,4.086264528610583E-2,2756.7866976744185,112.64959695652485]
[1315,"T","CO   ","AR","3-2000",619523.78,211,5174.6891666666661,4.0775396010098518E-2,2936.1316587677725,119.72193112404338]
[1316,"T","CO   ","AR","6-2000",506702.49,203,5108.3591666666662,3.973878761787665E-2,2496.0713793103446,99.190850421474224]
[1317,"T","CO   ","AR","9-2000",542798.42000000004,187,5049.3275000000003,3.7034634810279188E-2,2902.6653475935832,107.49915112458045]
[1318,"T","CO   ","AR","12-2000",498684.34,183,5031.333333333333,3.6372068371538363E-2,2725.0510382513662,99.1157426792103]
[1319,"T","CO   ","AR","3-2001",565462.97,187,5017.6608333333334,3.7268361934254556E-2,3023.8661497326202,112.69453810897608]
[1320,"T","CO   ","AR","6-2001",637079.34,199,5029.3625000000002,3.956763903973913E-2,3201.4037185929647,126.67198675776501]
[1321,"T","CO   ","AR","9-2001",600315.89,210,5081.6658333333335,4.1325031375046138E-2,2858.6470952380955,118.1336809008988]
[1322,"T","CO   ","AR","12-2001",617464.71,221,5182.4683333333332,4.2643772385166527E-2,2793.957963800905,119.14490746204913]
[1323,"T","CO   ","AR","3-2002",705846.51,231,5484.3391666666676,4.2119933319222438E-2,3055.6125974025977,128.70219885197349]
[1324,"T","CO   ","AR","6-2002",868661.78,263,6072.9658333333327,4.3306681976777138E-2,3302.8965019011407,143.03748841004239]
[1325,"T","CO   ","AR","9-2002",971842.29,284,6681.4741666666669,4.2505589771917845E-2,3421.9798943661972,145.45327359768035]
[1326,"T","CO   ","AR","12-2002",1113033.82,316,7311.6341666666667,4.3218792515717815E-2,3522.2589240506331,152.22777762517978]
[1327,"T","CO   ","AR","3-2003",1115055.3400000001,335,7748.0483333333332,4.3236694660096123E-2,3328.5234029850749,143.91435004384977]
[1328,"T","CO   ","AR","6-2003",1188453.1499999999,348,7844.9208333333336,4.4359912278698371E-2,3415.0952586206895,151.49332609581251]
[1329,"T","CO   ","AR","9-2003",1283214.58,356,7815.6583333333328,4.554958582077219E-2,3604.535337078652,164.18509168027006]
[1330,"T","CO   ","AR","12-2003",1295707.48,344,7679.1633333333339,4.4796546846032272E-2,3766.591511627907,168.73029310050703]
[1331,"T","CO   ","AR","3-2004",1265007.1000000001,349,7523.9766666666665,4.6385045496774094E-2,3624.6621776504298,168.13012002075146]
[1332,"T","CO   ","AR","6-2004",1204911.1000000001,336,7395.915,4.5430484260568164E-2,3586.0449404761907,162.9157582259937]
[{"$f":"INDEX(State,MATCH(D2242,StateAbbr),1)*1000+INDEX(Coverage,MATCH(C2242,CoverageAbbr),1)*100+VLOOKUP(E2242,Date,2,FALSE)","v":1333},"T","CO   ","AR","9-2004",1108751.8400000001,321,7312.78,4.3895755102710599E-2,3454.0555763239877,151.6183776894697]
[1334,"T","CO   ","AR","12-2004",982629.29,296,7210.1399999999994,{"$f":"G2243/H2243","v":4.1053294388181095E-2},{"$f":"F2243/G2243","v":3319.6935472972973},{"$f":"F2243/H2243","v":136.28435647574113}]
[1335,"T","CO   ","AR","3-2005",915586.37,282,7077.5466666666662,3.984431516759103E-2,3246.7601773049646,129.36493577812274]
[1336,"T","CO   ","AR","6-2005",844827.36,271,6904.9025000000001,3.9247476702241629E-2,3117.4441328413282,122.35181597422989]
[1337,"T","CO   ","AR","9-2005",802846.1,271,6731.2825000000003,4.0259787046524935E-2,2962.5317343173433,119.27089674218843]
[1338,"T","CO   ","AR","12-2005",788756.13,267,6590.375,4.0513627828461962E-2,2954.142808988764,119.68304231549799]
[1339,"T","CO   ","AR","3-2006",805655.25,264,6477.810833333333,4.0754509014297911E-2,3051.724431818182,124.37153086568728]
[1340,"T","CO   ","AR","6-2006",815362.76,258,6395.9824999999992,4.0337821437128704E-2,3160.3207751937985,127.48045511381561]
[1341,"T","CO   ","AR","9-2006",746182.65,239,6301.7391666666663,3.7926038142645016E-2,3122.1031380753138,118.40900269991606]
[1342,"T","CO   ","AR","12-2006",745588.36,232,6200.4691666666668,3.7416523453937554E-2,3213.7429310344828,120.24708775397775]
[1343,"T","CO   ","AR","3-2007",820061.19,234,6123.0225,3.8216420076849299E-2,3504.5349999999999,133.93078173402105]
[1344,"T","CO   ","AR","6-2007",715103.6,212,6116.8883333333333,3.4658144541355858E-2,3373.1301886792453,116.90643363605624]
[1345,"T","CO   ","AR","9-2007",987797.77,252,6324.1875,3.9847015921017519E-2,3919.8324206349207,156.19362487276032]
[1346,"T","CO   ","AR","12-2007",1150212.83,291,6732.1433333333334,4.3225461133477548E-2,3952.6214089347081,170.85388308725851]
[1347,"T","CO   ","AR","3-2008",1090625.32,296,7258.3450000000003,4.0780646276802765E-2,3684.5450000000001,150.25812633596226]
[1348,"T","CO   ","AR","6-2008",1333733.45,333,7882.416666666667,4.2245927116260872E-2,4005.2055555555553,169.20362198564314]
[2301,"T","CO   ","CO","9-1996",573.62,1,5.0774999999999997,0.19694731659281142,573.62,112.97291974396849]
[2302,"T","CO   ","CO","12-1996",573.62,1,9.5683333333333334,0.10451140916216686,573.62,59.949834523602163]
[2303,"T","CO   ","CO","3-1997",573.62,1,17.869166666666668,5.5962318705405023E-2,573.62,32.10110525579443]
[2304,"T","CO   ","CO","6-1997",4419.2700000000004,2,22.785,8.7777046302391928E-2,2209.6350000000002,193.9552337063858]
[2305,"T","CO   ","CO","9-1997",5720.11,2,28.802499999999998,6.9438416804096875E-2,2860.0549999999998,198.59769117264128]
[2306,"T","CO   ","CO","12-1997",32218.91,2,31.318333333333332,6.3860358682347934E-2,16109.455,1028.7555744771435]
[2307,"T","CO   ","CO","3-1998",32218.91,2,32.12916666666667,6.2248735572558674E-2,16109.455,1002.7932045130332]
[2308,"T","CO   ","CO","6-1998",30012.22,2,36.528333333333329,5.4752018980699917E-2,15006.11,821.61481954647093]
[2309,"T","CO   ","CO","9-1998",36003.39,2,43.068333333333335,4.6437831353275803E-2,18001.695,835.95967648310818]
[2310,"T","CO   ","CO","12-1998",9939.59,2,54.491666666666667,3.6702859764489983E-2,4969.7950000000001,182.4056889432635]
[2311,"T","CO   ","CO","3-1999",1285.5899999999999,2,67.756666666666675,2.9517390662665417E-2,642.79499999999996,18.973631131008016]
[2312,"T","CO   ","CO","6-1999",5337.8,4,86.903333333333322,4.6028153887461169E-2,1334.45,61.422269955122559]
[2313,"T","CO   ","CO","9-1999",1409.76,4,116.13833333333334,3.4441685920525808E-2,352.44,12.138627785830115]
[2314,"T","CO   ","CO","12-1999",8694.67,8,142.1575,5.6275609798990558E-2,1086.83375,61.162232031373655]
[2315,"T","CO   ","CO","3-2000",17348.669999999998,8,165.75333333333333,4.8264489401922538E-2,2168.5837499999998,104.66558741905642]
[2316,"T","CO   ","CO","6-2000",51999.9,10,186.95000000000002,5.3490238031559237E-2,5199.99,278.14870286172771]
[2317,"T","CO   ","CO","9-2000",44667.3,11,196.83249999999998,5.5885079953767805E-2,4060.6636363636367,226.93051198353933]
[2318,"T","CO   ","CO","12-2000",43948.480000000003,11,207.68166666666664,5.2965676636519035E-2,3995.3163636363638,211.61463457695675]
[2319,"T","CO   ","CO","3-2001",52980.44,13,215.32416666666666,6.037408713219216E-2,4075.4184615384615,246.04966929706762]
[2320,"T","CO   ","CO","6-2001",19937.88,12,219.78166666666667,5.4599640552366366E-2,1661.49,90.716756781351194]
[2321,"T","CO   ","CO","9-2001",36356.11,14,230.4075,6.0761910962099756E-2,2596.8650000000002,157.79047991059321]
[2322,"T","CO   ","CO","12-2001",36102.339999999997,14,246.26833333333332,5.6848559498108436E-2,2578.738571428571,146.59757310792429]
[2323,"T","CO   ","CO","3-2002",50094.84,20,269.26833333333332,7.4275351105774295E-2,2504.7419999999997,186.04059147937932]
[2324,"T","CO   ","CO","6-2002",73074.45,22,296.92083333333335,7.4093824111365253E-2,3321.5659090909089,246.10752024248885]
[2325,"T","CO   ","CO","9-2002",86167.84,23,320.88416666666666,7.1676955079844493E-2,3746.4278260869564,268.53253900031422]
[2326,"T","CO   ","CO","12-2002",106231.57,26,366.23916666666668,7.0991860965170753E-2,4085.8296153846159,290.06064798276174]
[2327,"T","CO   ","CO","3-2003",115072,27,422.02666666666664,6.3976999873625678E-2,4261.9259259259261,272.665234424365]
[2328,"T","CO   ","CO","6-2003",116488.35,30,490.32249999999999,6.1184220589509966E-2,3882.9450000000002,237.57496341693479]
[2329,"T","CO   ","CO","9-2003",149309.28,39,555.49916666666661,7.0207126023291377E-2,3828.4430769230771,268.78398557453585]
[2330,"T","CO   ","CO","12-2003",144927.78,45,593.79499999999996,7.5783730075194303E-2,3220.6173333333331,244.07039466482541]
[2331,"T","CO   ","CO","3-2004",127537,42,624.91583333333335,6.7209050818843596E-2,3036.5952380952381,204.08668367340135]
[2332,"T","CO   ","CO","6-2004",120222.18,41,625.47333333333336,6.5550356529987946E-2,2932.2482926829266,192.20992101981432]
[2333,"T","CO   ","CO","9-2004",87522.73,33,611.12166666666667,5.3999067288837736E-2,2652.2039393939394,143.21653898705387]
[2334,"T","CO   ","CO","12-2004",100535.85,30,558.85416666666663,5.3681267474370929E-2,3351.1950000000002,179.89639515377448]
[2335,"T","CO   ","CO","3-2005",85748,26,470.12166666666667,5.5304832436993259E-2,3298,182.39533737720376]
[2336,"T","CO   ","CO","6-2005",78656.570000000007,23,374.49499999999995,6.1416040267560326E-2,3419.8508695652176,210.03369871426861]
[2337,"T","CO   ","CO","9-2005",49174.96,17,285.02916666666664,5.964301898928473E-2,2892.6447058823528,172.5260631221951]
[2338,"T","CO   ","CO","12-2005",29007.14,7,203.28916666666666,3.443370896137276E-2,4143.8771428571426,142.68905950882774]
[2339,"T","CO   ","CO","3-2006",34550.14,9,151.88333333333333,5.9256007900801058E-2,3838.9044444444444,227.47815209042028]
[2340,"T","CO   ","CO","6-2006",4874.09,5,117.85333333333334,4.2425613757212349E-2,974.81799999999998,41.357251951578235]
[2341,"T","CO   ","CO","9-2006",14736.06,6,91.483333333333334,6.5585716888322099E-2,2456.0099999999998,161.07917653488795]
[2342,"T","CO   ","CO","12-2006",4063.43,7,92.250833333333333,7.588007335073757E-2,580.49,44.047623779369651]
[2343,"T","CO   ","CO","3-2007",6846.48,6,87.84333333333332,6.8303418965582674E-2,1141.08,77.939665313247076]
[2344,"T","CO   ","CO","6-2007",19419.419999999998,5,82.637500000000003,6.0505218575102097E-2,3883.8839999999996,234.99525034034181]
[2345,"T","CO   ","CO","9-2007",12800.97,4,77.74666666666667,5.1449151089007029E-2,3200.2424999999998,164.64975990396158]
[2346,"T","CO   ","CO","12-2007",8198.75,3,72.224166666666676,4.1537343225374695E-2,2732.9166666666665,113.51809758968027]
[2347,"T","CO   ","CO","3-2008",1986.37,2,63.813333333333333,3.1341412452987882E-2,993.18499999999995,31.127820727120767]
[2348,"T","CO   ","CO","6-2008",5247.15,3,53.079166666666673,5.6519350027474678E-2,1749.05,98.855169165554571]
[{"$f":"INDEX(State,MATCH(D2306,StateAbbr),1)*1000+INDEX(Coverage,MATCH(C2306,CoverageAbbr),1)*100+VLOOKUP(E2306,Date,2,FALSE)","v":3301},"T","CO   ","CT","9-1996",1359946.05,507,9747.9174999999996,5.2011109039443552E-2,2682.3393491124261,139.51144436747646]
[3302,"T","CO   ","CT","12-1996",1826223.36,680,13090.074166666667,{"$f":"G2307/H2307","v":5.194775761711052E-2},{"$f":"F2307/G2307","v":2685.6225882352942},{"$f":"F2307/H2307","v":139.51207126468407}]
[3303,"T","CO   ","CT","3-1997",1830084.59,651,13308.180833333334,4.8917279390239723E-2,2811.1898463901689,137.51575913487298]
[3304,"T","CO   ","CT","6-1997",1875305.33,658,13494.035000000002,4.8762286447308005E-2,2850.0081003039513,138.97291136416942]
[3305,"T","CO   ","CT","9-1997",1937181.37,675,13736.893333333333,4.91377477877094E-2,2869.8983259259262,141.02034011571757]
[3306,"T","CO   ","CT","12-1997",2014324,697,14101.095833333333,4.9428782573931164E-2,2889.9913916786227,142.84875613981538]
[3307,"T","CO   ","CT","3-1998",2132437.83,756,14690.394166666667,5.1462199817306924E-2,2820.6849603174605,145.15865304952959]
[3308,"T","CO   ","CT","6-1998",2382634.31,834,15522.393333333333,5.3728827899821287E-2,2856.8756714628298,153.49658128321278]
[3309,"T","CO   ","CT","9-1998",2481433.83,883,16487.407500000001,5.3556024499303481E-2,2810.2308380520954,150.50479161141615]
[3310,"T","CO   ","CT","12-1998",2767999.9,953,17493.665833333333,5.4476860886647591E-2,2904.5119622245538,158.22869410971086]
[3311,"T","CO   ","CT","3-1999",2842719.66,980,18422.946666666667,5.3194530589026297E-2,2900.7343469387756,154.30320194887392]
[3312,"T","CO   ","CT","6-1999",2709821.3,974,19184.834999999999,5.0769266454467818E-2,2782.1573921971249,141.24808996272316]
[3313,"T","CO   ","CT","9-1999",2982323.37,1052,19750.848333333332,5.3263534924955551E-2,2834.9081463878329,150.99722906416932]
[3314,"T","CO   ","CT","12-1999",2927673.15,1091,20239.336666666666,5.3904928702373484E-2,2683.4767644362969,144.65262366141445]
[3315,"T","CO   ","CT","3-2000",3247370.77,1158,20729.185833333333,5.5863264930448506E-2,2804.2925474956824,156.65693752323364]
[3316,"T","CO   ","CT","6-2000",3576700.17,1212,21229.103333333333,5.7091436268857959E-2,2951.0727475247522,168.48098169007295]
[3317,"T","CO   ","CT","9-2000",3610966.14,1247,21727.5,5.7392705097227013E-2,2895.7226463512429,166.19335588539869]
[3318,"T","CO   ","CT","12-2000",3856225.39,1305,22217.783333333336,5.8736732662349293E-2,2954.9619846743294,173.56481212122119]
[3319,"T","CO   ","CT","3-2001",4050592.3,1356,22601.526666666668,5.999594717642967E-2,2987.1624631268437,179.21764134517164]
[3320,"T","CO   ","CT","6-2001",4166978.96,1410,22931.644166666665,6.1487087003101577E-2,2955.3042269503544,181.71304812313031]
[3321,"T","CO   ","CT","9-2001",4224485.55,1396,23282.774999999998,5.9958488625174625E-2,3026.1357808022922,181.44252779146817]
[3322,"T","CO   ","CT","12-2001",4196497.92,1382,23711.532500000001,5.8283875156529844E-2,3036.5397395079594,176.98130308532356]
[3323,"T","CO   ","CT","3-2002",3960237.64,1316,24220.183333333334,5.4334848827871519E-2,3009.2991185410337,163.50981268377407]
[3324,"T","CO   ","CT","6-2002",3898007.46,1303,24782.86,5.2576659836677447E-2,2991.563668457406,157.28642537624793]
[3325,"T","CO   ","CT","9-2002",3941131.5,1338,25343.757500000003,5.2794065757613085E-2,2945.5392376681616,155.50699220508244]
[3326,"T","CO   ","CT","12-2002",4095114.7,1369,25808.416666666668,5.3044710866287155E-2,2991.3182615047481,158.67361229056414]
[3327,"T","CO   ","CT","3-2003",4746108.13,1511,26175.119166666667,5.7726575775220126E-2,3141.0378093977497,181.32135711703063]
[3328,"T","CO   ","CT","6-2003",4769205.8499999996,1499,26344.610833333336,5.6899682803563896E-2,3181.5916277518345,181.03155442955392]
[3329,"T","CO   ","CT","9-2003",4921411.59,1479,26199.789166666666,5.6450835943431733E-2,3327.5264300202839,187.84164859850813]
[3330,"T","CO   ","CT","12-2003",5005014.63,1447,25776.099166666667,5.6137276266815521E-2,3458.8905528680025,194.17269454302934]
[3331,"T","CO   ","CT","3-2004",4590467.9000000004,1401,25098.322499999998,5.5820463698320874E-2,3276.5652391149183,182.89939098519434]
[3332,"T","CO   ","CT","6-2004",4180726.69,1349,24296.034166666665,5.5523464889211518E-2,3099.1302372127502,172.0744489129759]
[3333,"T","CO   ","CT","9-2004",3817960.29,1316,23527.355,5.593488940852042E-2,2901.1856306990881,162.27749740674207]
[3334,"T","CO   ","CT","12-2004",3465085.11,1237,22773.038333333334,5.4318619320522517E-2,2801.2005739692804,152.15734761786652]
[3335,"T","CO   ","CT","3-2005",3295285.53,1168,22016.3475,5.3051488218016182E-2,2821.3061044520546,149.67448755975531]
[3336,"T","CO   ","CT","6-2005",3522916.93,1205,21359.4175,5.6415396159562876E-2,2923.5825145228218,164.93506576197598]
[3337,"T","CO   ","CT","9-2005",3565326.09,1211,20813.342499999999,5.8183830876756104E-2,2944.1173327828242,171.3000249719621]
[3338,"T","CO   ","CT","12-2005",3426679.38,1197,20291.030833333334,5.899158154319168E-2,2862.7229573934837,168.87655477664453]
[3339,"T","CO   ","CT","3-2006",3247379.71,1145,19778.500833333335,5.7891141985356907E-2,2836.1394847161573,164.18735359998001]
[3340,"T","CO   ","CT","6-2006",2988604.73,1053,19520.958333333332,5.3942023850434256E-2,2838.1811301044636,153.09723421194744]
[3341,"T","CO   ","CT","9-2006",3279932.62,1054,19958.860833333332,5.2808625141556806E-2,3111.8905313092982,164.33466054947274]
[3342,"T","CO   ","CT","12-2006",3752803.16,1169,21191.200833333332,5.5164405698104026E-2,3210.2678870829768,177.09252012264054]
[3343,"T","CO   ","CT","3-2007",4474623.32,1371,23107.795833333334,5.9330626334438717E-2,3263.7660977388769,193.6412867879545]
[3344,"T","CO   ","CT","6-2007",5246636.8099999996,1603,25492.534166666665,6.2881155302952921E-2,3273.0111104179659,205.81071994248251]
[3345,"T","CO   ","CT","9-2007",5992236.6200000001,1838,27619.24,6.6547812322134858E-2,3260.1940261153427,216.95878018366906]
[3346,"T","CO   ","CT","12-2007",6751410.7599999998,2024,29290.516666666666,6.9100863703895066E-2,3335.6772529644268,230.49817921727794]
[3347,"T","CO   ","CT","3-2008",7141083.0300000003,2088,30500.269166666665,6.8458412238602384E-2,3420.0589224137934,234.13180359091368]
[3348,"T","CO   ","CT","6-2008",7441716.6399999997,2072,31295.813333333335,6.6206938862109779E-2,3591.5620849420848,237.7863313772321]
[4301,"T","CO   ","FL","9-1996",1136818.3799999999,427,9968.0008333333335,4.2837075070469244E-2,2662.3381264637001,114.04677818629796]
[4302,"T","CO   ","FL","12-1996",1645105.94,621,13503.300833333333,4.5988755465407503E-2,2649.1238969404185,121.82991109396031]
[4303,"T","CO   ","FL","3-1997",1693734.97,649,13886.002500000001,4.6737713031522209E-2,2609.7611248073958,121.97426653207069]
[4304,"T","CO   ","FL","6-1997",1589543.09,658,14192.979166666666,4.6360950176363609E-2,2415.7189817629182,111.99502735360647]
[4305,"T","CO   ","FL","9-1997",1755073.23,687,14364.720833333333,4.7825503048121658E-2,2554.6917467248909,122.17941792000251]
[4306,"T","CO   ","FL","12-1997",1674423.26,650,14361.911666666667,4.5258598930713378E-2,2576.0357846153847,116.58777040707325]
[4307,"T","CO   ","FL","3-1998",1689047.18,648,14242.83,4.5496576172010757E-2,2606.5542901234567,118.58929580708327]
[4308,"T","CO   ","FL","6-1998",1586853.93,629,14034.036666666667,4.4819606428276398E-2,2522.8202384737679,113.07181017768468]
[4309,"T","CO   ","FL","9-1998",1464410.41,613,13751.233333333332,4.4577819686476609E-2,2388.9239967373569,106.49302317125495]
[4310,"T","CO   ","FL","12-1998",1527901.77,633,13416.543333333333,4.718055793307914E-2,2413.7468720379147,113.88192413197339]
[4311,"T","CO   ","FL","3-1999",1495476.03,632,13007.450833333334,4.8587537104535145E-2,2366.2595411392404,114.97072325406316]
[4312,"T","CO   ","FL","6-1999",1507909.73,603,12543.046666666667,4.8074444433223826E-2,2500.6794859038141,120.21877699038563]
[4313,"T","CO   ","FL","9-1999",1455023.74,587,12056.913333333332,4.8685760921673156E-2,2478.745724020443,120.67962170527892]
[4314,"T","CO   ","FL","12-1999",1250584.96,551,11602.894166666667,4.7488151842575481E-2,2269.6641742286752,107.78215693742501]
[4315,"T","CO   ","FL","3-2000",1175098.2,518,11281.699999999999,4.5915065991827479E-2,2268.5293436293437,104.15967451713838]
[4316,"T","CO   ","FL","6-2000",1162207.2,529,11148.918333333333,4.7448549194084748E-2,2196.9890359168239,104.24394234956425]
[{"$f":"INDEX(State,MATCH(D2370,StateAbbr),1)*1000+INDEX(Coverage,MATCH(C2370,CoverageAbbr),1)*100+VLOOKUP(E2370,Date,2,FALSE)","v":4317},"T","CO   ","FL","9-2000",1050617.33,496,11202.184999999999,4.4277076302524913E-2,2118.1801008064517,93.786821945897174]
[4318,"T","CO   ","FL","12-2000",1050427.81,501,11460.970000000001,{"$f":"G2371/H2371","v":4.3713577472063878E-2},{"$f":"F2371/G2371","v":2096.6622954091818},{"$f":"F2371/H2371","v":91.652609683124552}]
[4319,"T","CO   ","FL","3-2001",1084690.68,511,11848.13,4.3129168906823272E-2,2122.6823483365947,91.549525536941275]
[4320,"T","CO   ","FL","6-2001",1122511.01,546,12330.183333333334,4.4281580025168583E-2,2055.8809706959705,91.037657726094906]
[4321,"T","CO   ","FL","9-2001",1363617.28,595,12938.624166666666,4.5986342313959323E-2,2291.7937478991598,105.39121180388256]
[4322,"T","CO   ","FL","12-2001",1658512.52,654,13853.792500000001,4.7207289989365721E-2,2535.951865443425,119.71541511106074]
[4323,"T","CO   ","FL","3-2002",2003652.36,718,15079.292500000001,4.7614966020454869E-2,2790.6021727019502,132.87442762981087]
[4324,"T","CO   ","FL","6-2002",2308212.7999999998,814,16597.850833333334,4.9042494005624521E-2,2835.6422604422601,139.06696855983512]
[4325,"T","CO   ","FL","9-2002",2605303.41,922,18238.149166666666,5.0553375321938508E-2,2825.7086876355752,142.84911183650351]
[4326,"T","CO   ","FL","12-2002",2793791.86,996,19671.533333333333,5.0631538636201893E-2,2805.0119076305218,142.02206877620114]
[4327,"T","CO   ","FL","3-2003",3031685.59,1117,20730.069166666664,5.3883081190877202E-2,2714.1321307072512,146.24580196166735]
[4328,"T","CO   ","FL","6-2003",3176858.56,1158,21353.384999999998,5.4230277775631365E-2,2743.4011744386876,148.77540773980334]
[4329,"T","CO   ","FL","9-2003",3064606.83,1160,21689.087499999998,5.3483116797790602E-2,2641.9024396551727,141.29717674844551]
[4330,"T","CO   ","FL","12-2003",2793541.74,1137,21821.647499999999,5.2104223569737346E-2,2456.9408443271768,128.01699505044246]
[4331,"T","CO   ","FL","3-2004",2613493.7200000002,1087,21711.871666666666,5.0064776389998011E-2,2404.3180496780133,120.37164552756585]
[4332,"T","CO   ","FL","6-2004",2581050.2599999998,1044,21410.912500000002,4.8760182453690376E-2,2472.2703639846741,120.54835402274422]
[4333,"T","CO   ","FL","9-2004",2540210.7599999998,982,20716.133333333335,4.7402668451641553E-2,2586.7726680244396,122.61992714213075]
[4334,"T","CO   ","FL","12-2004",2604149.6800000002,966,19611.988333333331,4.9255587122604354E-2,2695.8071221532091,132.7835625709547]
[4335,"T","CO   ","FL","3-2005",2490496.27,937,18401.889166666668,5.0918685115074462E-2,2657.9469263607257,135.33916259594179]
[4336,"T","CO   ","FL","6-2005",2257614.92,892,17174.569166666664,5.1937256262080914E-2,2530.9584304932737,131.45103659320324]
[4337,"T","CO   ","FL","9-2005",1986402.95,814,16328.500833333334,4.9851484120225165E-2,2440.2984643734644,121.6525001453236]
[4338,"T","CO   ","FL","12-2005",1895091.93,753,16000.716666666667,4.7060392086604452E-2,2516.7223505976094,118.4379405922443]
[4339,"T","CO   ","FL","3-2006",1878233.2,723,16536.804166666665,4.3720660456108888E-2,2597.8329183955739,113.57897094687533]
[4340,"T","CO   ","FL","6-2006",2007975.47,744,18222.379166666666,4.0828916641190517E-2,2698.8917607526882,110.1928267233674]
[4341,"T","CO   ","FL","9-2006",2520132.94,913,20780.435000000001,4.3935557653148258E-2,2760.2770427163196,121.27431114892444]
[4342,"T","CO   ","FL","12-2006",3068646.46,1091,23951.287500000002,4.5550787196721676E-2,2812.6915307057743,128.12031336520008]
[4343,"T","CO   ","FL","3-2007",3807316.02,1295,27088.274999999998,4.7806661738335129E-2,2940.0123706563709,140.55217691048989]
[4344,"T","CO   ","FL","6-2007",4316500.59,1456,29764.785,4.8916866021373913E-2,2964.6295260989009,145.02038533118917]
[4345,"T","CO   ","FL","9-2007",4826154.79,1606,31994.97,5.0195390087879439E-2,3005.0777023661271,150.8410475146562]
[4346,"T","CO   ","FL","12-2007",5246300.8899999997,1739,33651.014999999999,5.1677490262923717E-2,3016.8492754456583,155.90319905655147]
[4347,"T","CO   ","FL","3-2008",5337444.1399999997,1748,34674.104166666664,5.0412261311725791E-2,3053.457745995423,153.9317097954345]
[4348,"T","CO   ","FL","6-2008",5663020.3799999999,1765,35184.943333333336,5.0163502702813313E-2,3208.5101303116148,160.95010659389058]
[5301,"T","CO   ","GA","9-1996",1011192.43,403,11141.272499999999,3.6171810715517463E-2,2509.1623573200995,90.760945843484222]
[5302,"T","CO   ","GA","12-1996",1531132.81,598,14864.858333333332,4.0229108585517412E-2,2560.4227591973245,103.00352520457928]
[5303,"T","CO   ","GA","3-1997",1668645.58,625,14893.236666666666,4.1965357429580456E-2,2669.8329280000003,112.04049310078334]
[5304,"T","CO   ","GA","6-1997",1645003.92,621,14912.833333333334,4.164198620874638E-2,2648.9596135265701,110.30793969399957]
[5305,"T","CO   ","GA","9-1997",1757313.14,616,14924.498333333335,4.1274419162497807E-2,2852.7810714285711,117.74688172098246]
[5306,"T","CO   ","GA","12-1997",1675963.27,567,14978.202499999999,3.7855009638172538E-2,2955.8435097001766,111.89348454862993]
[5307,"T","CO   ","GA","3-1998",1772671.23,592,15071.99,3.927815769516832E-2,2994.3770777027025,117.61361505680405]
[5308,"T","CO   ","GA","6-1998",1917106.34,599,15121.931666666665,3.961134154047119E-2,3200.5114190317195,126.77655092344355]
[5309,"T","CO   ","GA","9-1998",2060226.64,637,15200.945833333333,4.1905287143590569E-2,3234.2647409733122,135.53279266887722]
[5310,"T","CO   ","GA","12-1998",2158648.61,655,15233.316666666666,4.299785885980182E-2,3295.6467328244271,141.70575306975172]
[5311,"T","CO   ","GA","3-1999",2194835.0099999998,634,15221.542500000001,4.1651494912555674E-2,3461.8848738170345,144.19268020964364]
[5312,"T","CO   ","GA","6-1999",2220323.5099999998,674,15210.526666666667,4.4311417662943074E-2,3294.2485311572696,145.97282254964654]
[5313,"T","CO   ","GA","9-1999",2253571.25,695,15158.421666666667,4.5849100604471463E-2,3242.548561151079,148.6679351951]
[5314,"T","CO   ","GA","12-1999",2334479.0299999998,698,15121.100833333332,4.6160660370792014E-2,3344.5258309455585,154.38552098361887]
[5315,"T","CO   ","GA","3-2000",2354154.08,725,15087.870833333334,4.8051842967681821E-2,3247.1090758620689,156.02957541225857]
[5316,"T","CO   ","GA","6-2000",2320835.6800000002,688,15092.334999999999,4.5586054112899031E-2,3373.3076744186051,153.77578618550413]
[5317,"T","CO   ","GA","9-2000",2204238.9300000002,673,15103.341666666667,4.4559675259503828E-2,3275.2435809806839,145.9437903642737]
[5318,"T","CO   ","GA","12-2000",2045372.16,678,15105.235000000001,4.4885101092435833E-2,3016.7730973451326,135.40816544727704]
[5319,"T","CO   ","GA","3-2001",2003867.22,663,15170.984166666667,4.3701845095635135E-2,3022.4241628959276,132.08551258018252]
[5320,"T","CO   ","GA","6-2001",1885614.01,623,15248.51,4.0856450892579013E-2,3026.6677528089886,123.65890241079292]
[5321,"T","CO   ","GA","9-2001",2004513.62,648,15415.466666666667,4.2035704400774976E-2,3093.385216049383,130.0326265395793]
[5322,"T","CO   ","GA","12-2001",2054022.6,652,15739.803333333335,4.1423643370385184E-2,3150.3414110429449,130.49861910599898]
[5323,"T","CO   ","GA","3-2002",2114915.52,653,16120.555833333334,4.0507288132693109E-2,3238.7680245022971,131.19370956346779]
[5324,"T","CO   ","GA","6-2002",2413044.89,717,16573.945833333335,4.3260669921943246E-2,3365.4740446304045,145.59266177562324]
[5325,"T","CO   ","GA","9-2002",2520843.7200000002,711,17030.256666666664,4.1749223979204074E-2,3545.4904641350213,148.02147550330523]
[5326,"T","CO   ","GA","12-2002",2677401.0299999998,730,17403.215,4.1946272570901409E-2,3667.6726438356163,153.84519641916737]
[5327,"T","CO   ","GA","3-2003",2674736.4500000002,784,17667.335833333334,4.4375677657115156E-2,3411.6536352040821,151.39444199354148]
[5328,"T","CO   ","GA","6-2003",2750836.04,913,17756.942500000001,5.1416509345570044E-2,3012.9638992332971,154.91608648279399]
[5329,"T","CO   ","GA","9-2003",2719488.53,968,17712.639166666668,5.4650241044918627E-2,2809.3889772727271,153.53378479689195]
[5330,"T","CO   ","GA","12-2003",2720398.12,1021,17661.6175,5.7808974744244124E-2,2664.4447796278159,154.0288209729375]
[5331,"T","CO   ","GA","3-2004",2876877.63,1057,17632.844166666666,5.9944952159117083E-2,2721.7385335856197,163.15448618541544]
[5332,"T","CO   ","GA","6-2004",2880286.7200000002,1022,17573.663333333334,5.8155205355589872E-2,2818.2844618395306,163.89791162874599]
[{"$f":"INDEX(State,MATCH(D2434,StateAbbr),1)*1000+INDEX(Coverage,MATCH(C2434,CoverageAbbr),1)*100+VLOOKUP(E2434,Date,2,FALSE)","v":5333},"T","CO   ","GA","9-2004",3123554.66,1070,17397.561666666665,6.1502871523087962E-2,2919.2099626168224,179.53979527974087]
[5334,"T","CO   ","GA","12-2004",3067667.05,1065,17045.4575,{"$f":"G2435/H2435","v":6.2479989170135211E-2},{"$f":"F2435/G2435","v":2880.4385446009387},{"$f":"F2435/H2435","v":179.96976907190668}]
[5335,"T","CO   ","GA","3-2005",2777273.72,1043,16620.726666666666,6.275297229282796E-2,2662.7744199424737,167.09700939670108]
[5336,"T","CO   ","GA","6-2005",2690291.5,1020,16250.178333333335,6.2768541924719382E-2,2637.5406862745099,165.55458314457471]
[5337,"T","CO   ","GA","9-2005",2313969.3199999998,968,15997.3825,6.0509899041296285E-2,2390.4641735537189,144.64674580357129]
[5338,"T","CO   ","GA","12-2005",2238750.11,943,15745.2575,5.9891049733546753E-2,2374.0722269353128,142.1856778144149]
[5339,"T","CO   ","GA","3-2006",2309483.85,912,15433.959166666667,5.9090476406707261E-2,2532.3287828947368,149.63651419966718]
[5340,"T","CO   ","GA","6-2006",2002796.69,855,15154.885833333334,5.6417449092187703E-2,2342.4522690058479,132.15518163751699]
[5341,"T","CO   ","GA","9-2006",1966001.62,804,14913.949166666667,5.3909262463960612E-2,2445.2756467661693,131.82300663824844]
[5342,"T","CO   ","GA","12-2006",2034778.97,776,14961.3025,5.1867141914950253E-2,2622.1378479381442,136.00279587956999]
[5343,"T","CO   ","GA","3-2007",2188239.5299999998,838,15938.694166666666,5.2576452702916429E-2,2611.2643556085918,137.29101688746667]
[5344,"T","CO   ","GA","6-2007",2830483.17,972,17915.150833333333,5.4255753079760563E-2,2912.0197222222223,157.99382301228184]
[5345,"T","CO   ","GA","9-2007",3772712.83,1226,20624.200833333332,5.9444727575504848E-2,3077.2535318107666,182.92649787925117]
[5346,"T","CO   ","GA","12-2007",4829087.01,1515,23709.4025,6.3898700104315156E-2,3187.5161782178216,203.67814034959335]
[5347,"T","CO   ","GA","3-2008",5727666.1100000003,1643,26514.704166666666,6.1965616877050454E-2,3486.1023189287889,216.0184806889385]
[5348,"T","CO   ","GA","6-2008",6260995.04,1737,28872.03,6.0162032250589935E-2,3604.4876453655729,216.85330196733656]
[6301,"T","CO   ","IL","9-1996",1703253.82,801,13749.465833333334,5.8256808643293356E-2,2126.4092634207241,123.8778175564275]
[6302,"T","CO   ","IL","12-1996",2357737.58,1063,17972.592499999999,5.9145612965964711E-2,2218.0033678269051,131.18516875069639]
[6303,"T","CO   ","IL","3-1997",2410607.9500000002,1088,17265.520833333332,6.3015764800994273E-2,2215.6323069852942,139.61976434246967]
[6304,"T","CO   ","IL","6-1997",2449072.9500000002,1042,16703.665000000001,6.2381519265382775E-2,2350.357917466411,146.61889770897585]
[6305,"T","CO   ","IL","9-1997",2348432.2799999998,989,16237.083333333334,6.0909954066052499E-2,2374.5523559150656,144.6338749262234]
[6306,"T","CO   ","IL","12-1997",2315837,941,15932.279166666667,5.906248504412033E-2,2461.0382571732198,145.35503525730127]
[6307,"T","CO   ","IL","3-1998",2270313.8199999998,854,15738.644999999999,5.4261342065978366E-2,2658.447096018735,144.25090724137942]
[6308,"T","CO   ","IL","6-1998",2161498.7000000002,820,15663.995000000001,5.2349352767285737E-2,2635.9740243902443,137.99153408820675]
[6309,"T","CO   ","IL","9-1998",2355600.7999999998,862,15725.745833333334,5.4814570268129831E-2,2732.7155452436191,149.7926282775671]
[6310,"T","CO   ","IL","12-1998",2384555.4,870,15826.874166666666,5.4969793203532666E-2,2740.8682758620689,150.66496232226103]
[6311,"T","CO   ","IL","3-1999",2570580.6,934,15963.379166666666,5.8508915327294686E-2,2752.2276231263386,161.02985296294045]
[6312,"T","CO   ","IL","6-1999",2650899.9700000002,952,16107.068333333335,5.9104486322309219E-2,2784.5587920168068,164.57991703642324]
[6313,"T","CO   ","IL","9-1999",2615004.61,922,16186.555833333334,5.6960851307311773E-2,2836.230596529284,161.55410928215272]
[6314,"T","CO   ","IL","12-1999",2643781.9,979,16304.906666666668,6.0043275316714474E-2,2700.4922369765063,162.14639887543052]
[6315,"T","CO   ","IL","3-2000",2442508.88,944,16482.354166666668,5.7273371901515886E-2,2587.403474576271,148.18932145868118]
[6316,"T","CO   ","IL","6-2000",2508179.29,1001,16796.395,5.9596121667774539E-2,2505.6736163836163,149.32842970173064]
[6317,"T","CO   ","IL","9-2000",2582596.75,1001,17309.895,5.7828195953817163E-2,2580.0167332667334,149.19771321547589]
[6318,"T","CO   ","IL","12-2000",2668888.13,1011,17966.901666666668,5.6270135984306691E-2,2639.8497823936696,148.54470623343423]
[6319,"T","CO   ","IL","3-2001",3271724.75,1175,18693.84,6.2854929752260633E-2,2784.446595744681,175.01619517445317]
[6320,"T","CO   ","IL","6-2001",3529602.14,1246,19514.623333333333,6.3849554189020982E-2,2832.7465008025683,180.86960120675317]
[6321,"T","CO   ","IL","9-2001",3705009.8,1353,20313.079166666666,6.6607331606339845E-2,2738.3664449371763,182.39528185760446]
[6322,"T","CO   ","IL","12-2001",3725305.28,1363,21034.324166666669,6.4798849214274326E-2,2733.1660161408654,177.10601255749083]
[6323,"T","CO   ","IL","3-2002",3639688.13,1310,21728.982500000002,6.0288142806502784E-2,2778.3878854961831,167.50384561265119]
[6324,"T","CO   ","IL","6-2002",3587062.53,1293,22312.501666666667,5.7949575503299683E-2,2774.2169605568442,160.7646952183234]
[6325,"T","CO   ","IL","9-2002",3759342.26,1307,22889.215833333335,5.7101126116196124E-2,2876.3138944146899,164.24076243474045]
[6326,"T","CO   ","IL","12-2002",3938586.88,1307,23325.14,5.6033961639672905E-2,3013.4559143075744,168.85587310515606]
[6327,"T","CO   ","IL","3-2003",3753431.46,1282,23564.590833333335,5.4403660520451071E-2,2927.793650546022,159.28269183823792]
[6328,"T","CO   ","IL","6-2003",3821574.53,1264,23546.656666666666,5.3680656999146516E-2,3023.3975712025317,162.29796799177575]
[6329,"T","CO   ","IL","9-2003",3520652.01,1164,23127.382500000003,5.032994979003784E-2,3024.6151288659794,152.22872757001358]
[6330,"T","CO   ","IL","12-2003",3347141.07,1134,22471.089166666668,5.0464843585871277E-2,2951.6235185185183,148.95321918641608]
[6331,"T","CO   ","IL","3-2004",3083655.58,1063,21603.611666666668,4.9204735597064904E-2,2900.898946378175,142.73796565034226]
[6332,"T","CO   ","IL","6-2004",2809041.77,987,20500.761666666669,4.814455267800212E-2,2846.0402938196557,137.02133684951704]
[6333,"T","CO   ","IL","9-2004",2650589.48,954,19243.103333333333,4.9576203145334667E-2,2778.395681341719,137.74230871631758]
[6334,"T","CO   ","IL","12-2004",2468956.09,923,17812.282500000001,5.1818176586857972E-2,2674.9253412784396,138.60975369102752]
[6335,"T","CO   ","IL","3-2005",2466741.62,917,16474.231666666667,5.5662686949790985E-2,2690.0126717557255,149.73333323890978]
[6336,"T","CO   ","IL","6-2005",2317513.69,896,15413.385,5.8131293028753903E-2,2586.510814732143,150.35721809323519]
[6337,"T","CO   ","IL","9-2005",2194559.8199999998,858,14812.580833333333,5.7923734537144861E-2,2557.7620279720277,148.15512871744102]
[6338,"T","CO   ","IL","12-2005",2053333.56,811,14593.775833333333,5.5571636104455716E-2,2531.8539580764491,140.69926682785029]
[6339,"T","CO   ","IL","3-2006",1999713.66,775,14556.252500000001,5.3241725505929496E-2,2580.2756903225804,137.37833003377756]
[6340,"T","CO   ","IL","6-2006",2011790.04,732,14685.696666666665,4.9844417777025224E-2,2748.3470491803278,136.98975851559877]
[6341,"T","CO   ","IL","9-2006",2031663.23,728,14871.865833333335,4.895149056336183E-2,2790.746195054945,136.61118603197008]
[6342,"T","CO   ","IL","12-2006",2046087.39,739,15201.240833333335,4.8614452471506024E-2,2768.7244790257105,134.60002459229065]
[6343,"T","CO   ","IL","3-2007",2332656.52,852,15744.362500000001,5.4114607688942627E-2,2737.8597652582162,148.15820710428892]
[6344,"T","CO   ","IL","6-2007",2560484.3199999998,932,16457.070833333335,5.6632192292218865E-2,2747.3007725321886,155.58566563460434]
[6345,"T","CO   ","IL","9-2007",2765379.27,1016,17210.954999999998,5.9032168755307313E-2,2721.8299901574806,160.67552730223281]
[6346,"T","CO   ","IL","12-2007",3110112.93,1083,17963.509999999998,6.0288885635379728E-2,2871.7570914127427,173.13503485677356]
[6347,"T","CO   ","IL","3-2008",3453944.25,1155,18702.431666666667,6.175667531289826E-2,2990.4279220779222,184.67888623039124]
[6348,"T","CO   ","IL","6-2008",3686109.67,1208,19453.539166666666,6.2096669899011955E-2,3051.4152897350991,189.48272797147837]
[{"$f":"INDEX(State,MATCH(D2498,StateAbbr),1)*1000+INDEX(Coverage,MATCH(C2498,CoverageAbbr),1)*100+VLOOKUP(E2498,Date,2,FALSE)","v":7301},"T","CO   ","IN","9-1996",1974362.7,882,4095.5650000000001,0.21535490219298192,2238.5064625850341,482.0733403083579]
[7302,"T","CO   ","IN","12-1996",2705757.89,1219,5466.02,{"$f":"G2499/H2499","v":0.22301418582442067},{"$f":"F2499/G2499","v":2219.6537243642329},{"$f":"F2499/H2499","v":495.0142681512325}]
[7303,"T","CO   ","IN","3-1997",2933732.69,1334,5604.0875000000005,0.23804053737562089,2199.1999175412293,523.49873016793538]
[7304,"T","CO   ","IN","6-1997",3346504.78,1451,5766.6425000000008,0.25161955158482596,2306.3437491385248,580.32117995870203]
[7305,"T","CO   ","IN","9-1997",3346574.94,1472,5939.4833333333336,0.24783300455426818,2273.488410326087,563.44546355042098]
[7306,"T","CO   ","IN","12-1997",3371684.61,1466,6102.4866666666667,0.2402299390521678,2299.9212892223736,552.509951134674]
[7307,"T","CO   ","IN","3-1998",3551101.96,1448,6261.5408333333335,0.23125298365724412,2452.4184806629833,567.12909082948033]
[7308,"T","CO   ","IN","6-1998",3404150.11,1427,6406.16,0.22275434893914609,2385.5291590749825,531.3869947050963]
[7309,"T","CO   ","IN","9-1998",3468699.59,1445,6542.0941666666668,0.22087728534428258,2400.4841453287195,530.21242153219794]
[7310,"T","CO   ","IN","12-1998",3822195.06,1539,6685.8991666666661,0.23018594232962186,2483.5575438596493,571.68003356317445]
[7311,"T","CO   ","IN","3-1999",4022056.03,1624,6802.1216666666669,0.23874903737142797,2476.6354864532018,591.29433831062022]
[7312,"T","CO   ","IN","6-1999",3995541.16,1666,6906.5475000000006,0.24122037819909295,2398.2840096038417,578.51497582547574]
[7313,"T","CO   ","IN","9-1999",4396727.6900000004,1703,7013.5441666666666,0.24281589443663351,2581.75436876101,626.89099626639086]
[7314,"T","CO   ","IN","12-1999",4397168.9800000004,1708,7124.5800000000008,0.2397334299004292,2574.4549063231852,617.18290481684528]
[7315,"T","CO   ","IN","3-2000",4476139.57,1743,7103.0841666666665,0.24538636444427134,2568.0663052208838,630.16845428998511]
[7316,"T","CO   ","IN","6-2000",4423774.54,1693,7159.4674999999997,0.23647010060454915,2612.9796455995274,617.89155967255942]
[7317,"T","CO   ","IN","9-2000",4251211.95,1678,7284.0533333333333,0.23036624297094657,2533.4993742550655,583.63273241638353]
[7318,"T","CO   ","IN","12-2000",4328166.0599999996,1716,7443.9616666666661,0.2305224122370324,2522.2412937062936,581.43314726902815]
[7319,"T","CO   ","IN","3-2001",4345412.1100000003,1739,7627.0083333333341,0.22800551985761125,2498.7993732029904,569.74005010702103]
[7320,"T","CO   ","IN","6-2001",4867534.24,1882,7842.9075000000003,0.23996202938769837,2586.3625079702447,620.62879614479709]
[7321,"T","CO   ","IN","9-2001",5154349.7300000004,1984,8102.5666666666666,0.2448606820061133,2597.9585332661291,636.13789827914616]
[7322,"T","CO   ","IN","12-2001",5276172.33,1979,8376.8566666666666,0.23624613369294847,2666.080005053057,629.85109330986131]
[7323,"T","CO   ","IN","3-2002",5483402.5,1962,8646.5249999999996,0.22691196752452575,2794.8024974515802,634.17413353919642]
[7324,"T","CO   ","IN","6-2002",5358695.76,1901,8804.0883333333331,0.21592241331820652,2818.882567069963,608.65992674236759]
[7325,"T","CO   ","IN","9-2002",5189764.18,1848,8741.0391666666674,0.21141651064180297,2808.3139502164499,593.72393614145983]
[7326,"T","CO   ","IN","12-2002",4859437.83,1750,8531.7425000000003,0.20511636397840183,2776.8216171428571,569.57155352496864]
[7327,"T","CO   ","IN","3-2003",4780429.8600000003,1694,8243.2375000000011,0.20550178252173371,2821.977485242031,579.92140345343682]
[7328,"T","CO   ","IN","6-2003",4340791.04,1600,7999.6341666666667,0.20000914625158381,2712.9944,542.62369372932778]
[7329,"T","CO   ","IN","9-2003",3983059.19,1470,7928.0158333333338,0.18541839861360854,2709.564074829932,502.40303169592977]
[7330,"T","CO   ","IN","12-2003",3918342.73,1434,8256.1350000000002,0.17368902034668765,2732.4565760111577,474.59770582724241]
[7331,"T","CO   ","IN","3-2004",3922484.52,1371,10053.815000000001,0.13636614558752075,2861.0390371991248,390.14886587827601]
[7332,"T","CO   ","IN","6-2004",3888083.05,1316,14114.508333333333,9.3237395800184322E-2,2954.4704027355619,275.46712631978562]
[7333,"T","CO   ","IN","9-2004",3959444.41,1301,19617.315833333334,6.6318960812639202E-2,3043.3854035357417,201.83415731484502]
[7334,"T","CO   ","IN","12-2004",3892905.42,1283,25013.975000000002,5.1291328147565506E-2,3034.2209041309429,155.62922006598311]
[7335,"T","CO   ","IN","3-2005",3339111.71,1232,28997.447499999998,4.248649816505401E-2,2710.3179464285713,115.15191845765045]
[7336,"T","CO   ","IN","6-2005",3562608.75,1235,30731.136666666669,4.0187254164912652E-2,2884.7034412955468,115.92831038574231]
[7337,"T","CO   ","IN","9-2005",3580523.13,1234,31056.467499999999,3.9734074714067209E-2,2901.5584521880064,115.29074032647145]
[7338,"T","CO   ","IN","12-2005",3710996.98,1229,31392.641666666666,3.9149301707379944E-2,3019.5256143205856,118.21231928819837]
[7339,"T","CO   ","IN","3-2006",4163779.18,1241,31945.6525,3.8847226551406329E-2,3355.1806446414184,130.33946262327871]
[7340,"T","CO   ","IN","6-2006",4239461.8499999996,1292,32764.54416666667,3.9432869672407313E-2,3281.3172213622288,129.39175434380246]
[7341,"T","CO   ","IN","9-2006",4355428.5999999996,1364,33626.040833333333,4.0563800144079801E-2,3193.1294721407621,129.52546574208893]
[7342,"T","CO   ","IN","12-2006",4743270.4800000004,1440,34342.135833333334,4.1930997157209424E-2,3293.9378333333339,138.11809792552458]
[7343,"T","CO   ","IN","3-2007",4773654.54,1520,34983.185833333329,4.3449444748730845E-2,3140.562197368421,136.45568367451193]
[7344,"T","CO   ","IN","6-2007",4984624.79,1588,35491.102500000001,4.4743608626979112E-2,3138.9324874055415,140.44716672298361]
[7345,"T","CO   ","IN","9-2007",5279919.37,1606,35829.424166666671,4.4823494581699597E-2,3287.6210273972601,147.36266330822275]
[7346,"T","CO   ","IN","12-2007",5113965.5199999996,1607,35028.464166666665,4.587697571762888E-2,3182.3058618543869,145.99456875036176]
[7347,"T","CO   ","IN","3-2008",5593263.5099999998,1705,32375.48,5.2663311864410971E-2,3280.5064574780058,172.76233464337827]
[7348,"T","CO   ","IN","6-2008",6035480.3200000003,1711,28892.289999999997,5.9219951066530212E-2,3527.4578141437755,208.89587914284402]
[8301,"T","CO   ","LA","9-1996",599301.89,220,4667.6175000000003,4.7133253742407122E-2,2724.0995000000003,128.39567295306438]
[8302,"T","CO   ","LA","12-1996",777648.48,292,6224.9958333333334,4.690766191945242E-2,2663.179726027397,124.92353421923308]
[8303,"T","CO   ","LA","3-1997",985246.55,317,6200.05,5.1128619930484433E-2,3108.0332807570981,158.90945234312628]
[8304,"T","CO   ","LA","6-1997",965814.54,326,6180.4641666666676,5.2746847357877776E-2,2962.6212883435583,156.2689328754569]
[8305,"T","CO   ","LA","9-1997",1057167.07,341,6160.4016666666676,5.535353349524557E-2,3100.1966862170088,171.60684111236253]
[8306,"T","CO   ","LA","12-1997",1080809.8,342,6153.0491666666667,5.5582198473683578E-2,3160.2625730994155,175.65434156696566]
[8307,"T","CO   ","LA","3-1998",961063.51,335,6183.6025,5.4175539258870538E-2,2868.8462985074625,155.42129527245646]
[8308,"T","CO   ","LA","6-1998",892890.38,323,6245.1716666666662,5.1719955389536935E-2,2764.3665015479878,142.9729121403922]
[8309,"T","CO   ","LA","9-1998",808227.62,304,6317.793333333334,4.811806654011052E-2,2658.6434868421052,127.92878420629987]
[8310,"T","CO   ","LA","12-1998",868092.12,306,6360.581666666666,4.8108807658838335E-2,2836.9023529411766,136.47998964455297]
[8311,"T","CO   ","LA","3-1999",893995.52000000002,314,6364.8074999999999,4.9333777965790797E-2,2847.1194904458598,140.45916078373148]
[8312,"T","CO   ","LA","6-1999",993478.65,326,6312.5141666666668,5.1643448456947356E-2,3047.4805214723929,157.38240323421056]
[8313,"T","CO   ","LA","9-1999",1024994.16,340,6201.1291666666666,5.4828724069742672E-2,3014.6887058823531,165.29153521099317]
[8314,"T","CO   ","LA","12-1999",963498.35,344,6066.4991666666674,5.6704862318314002E-2,2800.867296511628,158.82279442056023]
[8315,"T","CO   ","LA","3-2000",905258.98,331,5941.32,5.57115253849313E-2,2734.9213897280965,152.36664242962843]
[8316,"T","CO   ","LA","6-2000",832067.21,305,5876.2541666666666,5.1903813441244104E-2,2728.0892131147539,141.59823356857862]
[{"$f":"INDEX(State,MATCH(D2562,StateAbbr),1)*1000+INDEX(Coverage,MATCH(C2562,CoverageAbbr),1)*100+VLOOKUP(E2562,Date,2,FALSE)","v":8317},"T","CO   ","LA","9-2000",785880.37,299,5854.8175000000001,5.1069055525641914E-2,2628.3624414715719,134.22798746502346]
[8318,"T","CO   ","LA","12-2000",751251.64,281,5878.6775000000007,{"$f":"G2563/H2563","v":4.7799866551618109E-2},{"$f":"F2563/G2563","v":2673.4933807829184},{"$f":"F2563/H2563","v":127.79262682805783}]
[8319,"T","CO   ","LA","3-2001",819428.17,289,5908.8050000000003,4.8910058802075884E-2,2835.391591695502,138.67916947673854]
[8320,"T","CO   ","LA","6-2001",835084.01,298,5960.5841666666665,4.9995099753226087E-2,2802.2953355704699,140.10103483984582]
[8321,"T","CO   ","LA","9-2001",835749.38,298,6091.1808333333329,4.8923190454177132E-2,2804.5281208053693,137.20646338825657]
[8322,"T","CO   ","LA","12-2001",962216.02,319,6334.5991666666669,5.0358356007529546E-2,3016.3511598746081,151.8984855526902]
[8323,"T","CO   ","LA","3-2002",963656.25,308,6633.7150000000001,4.6429489358526858E-2,3128.7540584415583,145.26645326186005]
[8324,"T","CO   ","LA","6-2002",937330.07,313,6977.331666666666,4.4859555909506001E-2,2994.6647603833862,134.33933124864592]
[8325,"T","CO   ","LA","9-2002",1118868.79,347,7350.8774999999996,4.7205248625079119E-2,3224.4057348703172,152.20887438268426]
[8326,"T","CO   ","LA","12-2002",1116676.45,357,7834.2816666666668,4.5568951333338582E-2,3127.945238095238,142.53718432811004]
[8327,"T","CO   ","LA","3-2003",1280881.1200000001,388,8464.4600000000009,4.5838718595161414E-2,3301.2400000000002,151.32461137509068]
[8328,"T","CO   ","LA","6-2003",1630868.43,469,9283.6433333333334,5.051895933098105E-2,3477.3314072494668,175.6711639431789]
[8329,"T","CO   ","LA","9-2003",1874958.28,533,10238.436666666666,5.2058729018199718E-2,3517.7453658536588,183.12935275600344]
[8330,"T","CO   ","LA","12-2003",2030632.33,584,11249.204166666668,5.1914783601358462E-2,3477.1101541095891,180.51342120868549]
[8331,"T","CO   ","LA","3-2004",2334995.46,666,12275.81,5.4253039106991717E-2,3505.9991891891891,190.21111112016234]
[8332,"T","CO   ","LA","6-2004",2505865.83,710,13158.7325,5.3956564585532836E-2,3529.3884929577466,190.43367816771107]
[8333,"T","CO   ","LA","9-2004",2480821.7000000002,697,13901.54,5.0138329997971444E-2,3559.2850789096128,178.456609843226]
[8334,"T","CO   ","LA","12-2004",2731618.29,735,14421.511666666667,5.096553100593823E-2,3716.487469387755,189.41275735426257]
[8335,"T","CO   ","LA","3-2005",2613149.8199999998,726,14784.4275,4.9105722896608611E-2,3599.3799173553716,176.75015282127089]
[8336,"T","CO   ","LA","6-2005",2559829.46,714,15104.199166666667,4.7271622422440027E-2,3585.1953221288513,169.4779995783733]
[8337,"T","CO   ","LA","9-2005",2509974.15,726,15442.279999999999,4.7013782938788835E-2,3457.2646694214873,162.53909073012534]
[8338,"T","CO   ","LA","12-2005",2621369.7200000002,808,15741.547500000001,5.1329133936800046E-2,3244.2694554455447,166.52554140563373]
[8339,"T","CO   ","LA","3-2006",3002256.03,891,15982.1,5.574987016724961E-2,3369.535387205387,187.85116036065347]
[8340,"T","CO   ","LA","6-2006",3233960.68,954,16416.868333333336,5.8110961276516292E-2,3389.895890985325,196.99010885246992]
[8341,"T","CO   ","LA","9-2006",3544869.18,1041,17398.14,5.9833982253275353E-2,3405.2537752161384,203.74989395418132]
[8342,"T","CO   ","LA","12-2006",3891550.49,1114,19084.142499999998,5.8373070731367688E-2,3493.3128276481152,203.91539677509746]
[8343,"T","CO   ","LA","3-2007",4613907.08,1276,21307.314999999999,5.9885536962306141E-2,3615.9146394984327,216.54098979622728]
[8344,"T","CO   ","LA","6-2007",5249587.2000000002,1447,23521.651666666668,6.1517788823077964E-2,3627.910988251555,223.18106204418325]
[8345,"T","CO   ","LA","9-2007",5898921.3799999999,1626,25229.23,6.4449053736479467E-2,3627.8729274292741,233.81297724900838]
[8346,"T","CO   ","LA","12-2007",6443754.3799999999,1738,26252.295833333334,6.6203733609965218E-2,3707.5686881472957,245.45488977075178]
[8347,"T","CO   ","LA","3-2008",6515593.8099999996,1756,26735.773333333334,6.5679790822084569E-2,3710.4748348519361,243.70321100368392]
[8348,"T","CO   ","LA","6-2008",6628140.6799999997,1726,26992.800833333331,6.3942975412487307E-2,3840.1742062572421,245.55216485037477]
[9301,"T","CO   ","MA","9-1996",16062257.1,8159,87635.30333333333,9.3101748834782755E-2,1968.655117048658,183.28523424977399]
[9302,"T","CO   ","MA","12-1996",22302685.210000001,11068,117913.87166666666,9.3865122428414313E-2,2015.0601020961331,189.14386318386659]
[9303,"T","CO   ","MA","3-1997",22309370.350000001,10257,120501.01000000001,8.5119618499463187E-2,2175.0385444086965,185.13845112169599]
[9304,"T","CO   ","MA","6-1997",23216921.149999999,10661,124937.05583333333,8.5330968693722281E-2,2177.7432839320886,185.82894398417304]
[9305,"T","CO   ","MA","9-1997",25725776.579999998,11471,129643.2075,8.8481303580829715E-2,2242.6795030947605,198.43520594783183]
[9306,"T","CO   ","MA","12-1997",27304213.469999999,11926,135003.2825,8.8338592804215701E-2,2289.4695178601373,202.24851547591072]
[9307,"T","CO   ","MA","3-1998",30427027.850000001,13262,141080.62666666668,9.400298477078875E-2,2294.301602322425,215.67119858271113]
[9308,"T","CO   ","MA","6-1998",32447129.039999999,13944,145772.32250000001,9.5656018651963229E-2,2326.95991394148,222.58772093035697]
[9309,"T","CO   ","MA","9-1998",33453598.27,14549,150206.91583333333,9.6859721267050627E-2,2299.3744085504159,222.71676430078267]
[9310,"T","CO   ","MA","12-1998",32650655.030000001,14552,153849.72416666665,9.4585804939342627E-2,2243.7228580263882,212.2243325872283]
[9311,"T","CO   ","MA","3-1999",30796426.059999999,14323,156179.74166666667,9.1708437004393809E-2,2150.1379641136632,197.18579203267345]
[9312,"T","CO   ","MA","6-1999",28860249.460000001,13905,158497.29916666666,8.7730201543549963E-2,2075.5303459187344,182.08669555720454]
[9313,"T","CO   ","MA","9-1999",27972022.760000002,13902,160021.00666666668,8.6876093892839304E-2,2012.0862293195225,174.80219217885184]
[9314,"T","CO   ","MA","12-1999",28648204.539999999,14220,161449.67500000002,8.8076981263666212E-2,2014.6416694796062,177.44355657575647]
[9315,"T","CO   ","MA","3-2000",30266312.73,14529,163480.05416666667,8.887322722066017E-2,2083.1655812512904,185.13764804080458]
[9316,"T","CO   ","MA","6-2000",32433159.379999999,15129,165931.92583333334,9.1175944135042403E-2,2143.7741674928943,195.46063373347917]
[9317,"T","CO   ","MA","9-2000",33560643.780000001,15556,170120.39166666666,9.1441125003288118E-2,2157.4083170480844,197.27584360232731]
[9318,"T","CO   ","MA","12-2000",36737190.189999998,16688,175254.31916666668,9.5221618955534715E-2,2201.4136019894536,209.62216717217089]
[9319,"T","CO   ","MA","3-2001",41412261.689999998,18566,179816.12333333332,0.10324991805981359,2230.5430189593881,230.30338393644604]
[9320,"T","CO   ","MA","6-2001",43333043.520000003,19301,183947.68583333332,0.10492657144644789,2245.1190881301491,235.57264840647201]
[9321,"T","CO   ","MA","9-2001",45316381.890000001,19754,186755.79416666666,0.10577449598362082,2294.0357340285514,242.65047353528564]
[9322,"T","CO   ","MA","12-2001",46290370.18,19961,188951.70083333334,0.10564075322934929,2319.0406382445767,244.98519979362803]
[9323,"T","CO   ","MA","3-2002",44628353.5,18648,192060.54916666666,9.7094380292631594E-2,2393.1978496353495,232.3660621280028]
[9324,"T","CO   ","MA","6-2002",45324250.829999998,19005,194877.11333333331,9.7522996286856609E-2,2384.8592912391473,232.57862380419087]
[9325,"T","CO   ","MA","9-2002",47647365.810000002,20049,198338.16500000001,0.10108493239311758,2376.5457534041598,240.23296681201018]
[9326,"T","CO   ","MA","12-2002",50560329.799999997,21036,200908.13249999998,0.10470457187690002,2403.514441909108,251.65895064003942]
[9327,"T","CO   ","MA","3-2003",53792196.149999999,22704,200671.845,0.11313993749347348,2369.2827761627905,268.06050519942147]
[9328,"T","CO   ","MA","6-2003",54763118.850000001,22301,197825.95916666664,0.11273040249086624,2455.6351217434199,276.82473564484303]
[9329,"T","CO   ","MA","9-2003",52803620.009999998,21040,191942.68916666668,0.1096160530591017,2509.6777571292773,275.10097018673025]
[9330,"T","CO   ","MA","12-2003",48624243.600000001,19312,184969.57333333333,0.10440636074343902,2517.8253728251866,262.87698416417027]
[9331,"T","CO   ","MA","3-2004",44546035.329999998,17364,178398.91666666666,9.7332429615837546E-2,2565.4247483298777,249.69902375154558]
[9332,"T","CO   ","MA","6-2004",41325440.560000002,16583,173493.91666666666,9.5582602079707896E-2,2492.0364566121934,238.19532900048853]
[{"$f":"INDEX(State,MATCH(D2626,StateAbbr),1)*1000+INDEX(Coverage,MATCH(C2626,CoverageAbbr),1)*100+VLOOKUP(E2626,Date,2,FALSE)","v":9333},"T","CO   ","MA","9-2004",38823192.759999998,15738,170156.86416666667,9.2491126215071828E-2,2466.8441199644171,228.16119085253672]
[9334,"T","CO   ","MA","12-2004",35812067.200000003,14777,167005.76083333333,{"$f":"G2627/H2627","v":8.8481977665111788E-2},{"$f":"F2627/G2627","v":2423.5005210800568},{"$f":"F2627/H2627","v":214.43611897759237}]
[9335,"T","CO   ","MA","3-2005",34213962.159999996,14752,162400.25333333333,9.0837296723428759E-2,2319.2761767895877,210.67677825461519]
[9336,"T","CO   ","MA","6-2005",31737882.739999998,13691,156889.80416666667,8.7265071638790631E-2,2318.1566532758748,202.29410641805833]
[9337,"T","CO   ","MA","9-2005",29999696.84,13015,149716.78416666665,8.6930801195352514E-2,2305.0093615059545,200.37631055850059]
[9338,"T","CO   ","MA","12-2005",29235326.640000001,12427,141315.5275,8.7937965628016354E-2,2352.5651114508732,206.87978990843735]
[9339,"T","CO   ","MA","3-2006",26543701.489999998,10520,133337.07083333333,7.8897788396369017E-2,2523.1655408745246,199.07218093292821]
[9340,"T","CO   ","MA","6-2006",24198888.23,9801,125922.1375,7.7833812184136403E-2,2469.0223681257016,192.17342327912755]
[9341,"T","CO   ","MA","9-2006",23217023.579999998,9107,119912.37,7.5947127056199465E-2,2549.3602261996266,193.61658501120442]
[9342,"T","CO   ","MA","12-2006",21332995.190000001,8321,115873.9875,7.1810767710052265E-2,2563.7537783920202,184.10512704587819]
[9343,"T","CO   ","MA","3-2007",19571913.359999999,7886,113575.74416666666,6.9433839574299369E-2,2481.8556124778088,172.32476444335867]
[9344,"T","CO   ","MA","6-2007",20635786.09,8002,112289.82666666666,7.1262021124620739E-2,2578.8285541114719,183.77253489986686]
[9345,"T","CO   ","MA","9-2007",20606688.359999999,8008,112273.12083333333,7.1326065763217511E-2,2573.2627822177819,183.54071043050561]
[9346,"T","CO   ","MA","12-2007",21456195.449999999,8279,112852.28749999999,7.3361384012707767E-2,2591.6409530136489,190.12636717709424]
[9347,"T","CO   ","MA","3-2008",22341857.18,8794,114018.12166666666,7.7128090442582134E-2,2540.5796201955877,195.95005472302628]
[9348,"T","CO   ","MA","6-2008",22665944.140000001,8854,115750.67,7.6491997843295426E-2,2559.9665845945337,195.81695846771342]
[10301,"T","CO   ","MD","9-1996",43291.35,15,110.58,0.13564839934888767,2886.0899999999997,391.49348887683124]
[10302,"T","CO   ","MD","12-1996",73117.570000000007,25,186.37083333333331,0.13414116121531894,2924.7028000000005,392.32302980169476]
[10303,"T","CO   ","MD","3-1997",104467.28,31,260.10750000000002,0.11918149226762011,3369.9122580645162,401.63117172707433]
[10304,"T","CO   ","MD","6-1997",123592.71,40,347.17750000000001,0.11521483967134967,3089.8177500000002,355.99285667994036]
[10305,"T","CO   ","MD","9-1997",119466.3,40,432.90333333333336,9.2399380924147803E-2,2986.6575000000003,275.965304032463]
[10306,"T","CO   ","MD","12-1997",121522.04,39,491.91750000000002,7.9281586851453742E-2,3115.9497435897433,247.03744022117527]
[10307,"T","CO   ","MD","3-1998",130460.9,43,514.90583333333336,8.3510415334842769E-2,3033.974418604651,253.36846381296255]
[10308,"T","CO   ","MD","6-1998",130696.96000000001,37,513.81499999999994,7.2010353921158399E-2,3532.3502702702704,254.3657931356617]
[10309,"T","CO   ","MD","9-1998",118045.88,37,488.98250000000002,7.5667329607910297E-2,3190.4291891891894,241.4112570490764]
[10310,"T","CO   ","MD","12-1998",99813.69,34,462.56416666666672,7.3503315756192372E-2,2935.6967647058823,215.78344626060886]
[10311,"T","CO   ","MD","3-1999",54022.04,25,440.98333333333335,5.6691484938962165E-2,2160.8816000000002,122.50358668128047]
[10312,"T","CO   ","MD","6-1999",21404.6,24,426.49666666666667,5.6272421042759223E-2,891.85833333333323,50.187027643826831]
[10313,"T","CO   ","MD","9-1999",6577.28,20,425.89499999999998,4.6959931438500101E-2,328.86399999999998,15.443430892590897]
[10314,"T","CO   ","MD","12-1999",31117.39,21,424.76749999999998,4.9438810643469666E-2,1481.7804761904761,73.257464377571267]
[10315,"T","CO   ","MD","3-2000",54223.76,27,430.35666666666663,6.2738658631987423E-2,2008.2874074074075,125.99725808825239]
[10316,"T","CO   ","MD","6-2000",44037.87,21,442.41833333333335,4.7466387393530256E-2,2097.0414285714287,99.538980828853539]
[10317,"T","CO   ","MD","9-2000",59746.67,31,453.16,6.8408509135846049E-2,1927.3119354838709,131.84453614617354]
[10318,"T","CO   ","MD","12-2000",53262.28,37,472.43416666666667,7.8317790309408192E-2,1439.5210810810811,112.74011017408068]
[10319,"T","CO   ","MD","3-2001",76675.399999999994,37,499.15666666666669,7.4125024207496643E-2,2072.3081081081082,153.60988867890507]
[10320,"T","CO   ","MD","6-2001",112908.15,46,523.76416666666671,8.7825786732896635E-2,2454.5250000000001,215.5705891805631]
[10321,"T","CO   ","MD","9-2001",125204.73,45,564.23750000000007,7.9753649837169621E-2,2782.3273333333332,221.90075987505259]
[10322,"T","CO   ","MD","12-2001",129856.02,48,623.1966666666666,7.7022234821538416E-2,2705.3337500000002,208.37085136313311]
[10323,"T","CO   ","MD","3-2002",136473.35999999999,54,682.01416666666671,7.9177240941964794E-2,2527.284444444444,200.10340938665738]
[10324,"T","CO   ","MD","6-2002",189967.86,61,743.02750000000003,8.2096557664420228E-2,3114.2272131147538,255.66733398158209]
[10325,"T","CO   ","MD","9-2002",211620.98,73,812.05083333333334,8.9895850116115478E-2,2898.9175342465755,260.60065615760919]
[10326,"T","CO   ","MD","12-2002",224508.14,73,869.99333333333334,8.390868895547092E-2,3075.4539726027401,258.05731078399072]
[10327,"T","CO   ","MD","3-2003",223627.21,70,941.69166666666661,7.4334309708591811E-2,3194.6744285714285,237.47391839154713]
[10328,"T","CO   ","MD","6-2003",186735.66,80,1036.0625,7.7215418953972367E-2,2334.1957499999999,180.23590275683176]
[10329,"T","CO   ","MD","9-2003",170708.28,71,1115.7158333333334,6.3636275365815217E-2,2404.341971830986,153.00336779302376]
[10330,"T","CO   ","MD","12-2003",186582.67,83,1196.7041666666667,6.9357158027777685E-2,2247.9839759036145,155.91377986065896]
[10331,"T","CO   ","MD","3-2004",233380.18,97,1264.8508333333332,7.6688884921212716E-2,2405.9812371134021,184.51201821558669]
[10332,"T","CO   ","MD","6-2004",215419.47,87,1279.845,6.797698158761413E-2,2476.0858620689655,168.31684305521372]
[10333,"T","CO   ","MD","9-2004",217662.07999999999,91,1234.2091666666668,7.3731424508676605E-2,2391.890989010989,176.35752988924753]
[10334,"T","CO   ","MD","12-2004",213835.09,78,1124.0341666666666,6.9392908430274583E-2,2741.4755128205129,190.23895922499392]
[10335,"T","CO   ","MD","3-2005",154743.62,61,980.34,6.22233102801069E-2,2536.7806557377048,157.84688985454025]
[10336,"T","CO   ","MD","6-2005",157658.44,53,823.93083333333334,6.4325787864474876E-2,2974.6875471698113,191.34912012234037]
[10337,"T","CO   ","MD","9-2005",153924.03,42,700.91499999999996,5.9921673812088488E-2,3664.857857142857,219.60441708338388]
[10338,"T","CO   ","MD","12-2005",118416.09,35,613.52499999999998,5.7047390081903758E-2,3383.3168571428569,193.00939652010922]
[10339,"T","CO   ","MD","3-2006",119688.92,30,541.66916666666668,5.5384359764493393E-2,3989.6306666666665,220.96314017012227]
[10340,"T","CO   ","MD","6-2006",114350.91,25,498.47250000000003,5.0153218081238182E-2,4574.0364,229.40264508072161]
[10341,"T","CO   ","MD","9-2006",83910.8,19,460.30583333333334,4.1276904666643736E-2,4416.3578947368424,182.29358379483207]
[10342,"T","CO   ","MD","12-2006",66076.41,17,431.09833333333336,3.9434158486656178E-2,3886.8476470588239,153.27456612760429]
[10343,"T","CO   ","MD","3-2007",26436.080000000002,12,408.60750000000002,2.9368036563205521E-2,2203.0066666666667,64.69798033565219]
[10344,"T","CO   ","MD","6-2007",7452.43,9,382.36500000000001,2.3537719195010003E-2,828.04777777777781,19.490356073385378]
[10345,"T","CO   ","MD","9-2007",27191.83,13,365.70166666666665,3.5548101594651382E-2,2091.6792307692308,74.35522579880687]
[10346,"T","CO   ","MD","12-2007",42854.91,14,349.84750000000003,4.0017436168616326E-2,3061.0650000000001,122.49597324548553]
[10347,"T","CO   ","MD","3-2008",62537,22,332.78000000000003,6.610974217200552E-2,2842.590909090909,187.92295210048678]
[10348,"T","CO   ","MD","6-2008",75542,27,319.30833333333334,8.4557768092491589E-2,2797.8518518518517,236.580108046037]
[{"$f":"INDEX(State,MATCH(D2690,StateAbbr),1)*1000+INDEX(Coverage,MATCH(C2690,CoverageAbbr),1)*100+VLOOKUP(E2690,Date,2,FALSE)","v":11301},"T","CO   ","ME","9-1996",1369299.72,725,16085.61,4.507134016055344E-2,1888.6892689655172,85.125756499131825]
[11302,"T","CO   ","ME","12-1996",1925539.57,999,21534.031666666666,{"$f":"G2691/H2691","v":4.6391684356366467E-2},{"$f":"F2691/G2691","v":1927.467037037037},{"$f":"F2691/H2691","v":89.418442389523136}]
[11303,"T","CO   ","ME","3-1997",1943968.56,1029,21778.965833333332,4.7247422484362686E-2,1889.1822740524781,89.258993052126485]
[11304,"T","CO   ","ME","6-1997",2104644.9,1062,22160.305833333332,4.7923526326182249E-2,1981.774858757062,94.973639616210178]
[11305,"T","CO   ","ME","9-1997",2104917.9,1114,22693.0275,4.9089968273294517E-2,1889.5133752244164,92.756151641732245]
[11306,"T","CO   ","ME","12-1997",2358126.4500000002,1155,23406.432499999999,4.9345409643267939E-2,2041.6679220779222,100.74693997045472]
[11307,"T","CO   ","ME","3-1998",2785826.21,1320,24222.566666666666,5.4494637920286457E-2,2110.4744015151514,115.00953835060145]
[11308,"T","CO   ","ME","6-1998",2907355.43,1397,25129.514166666664,5.5592001927879164E-2,2081.1420400858983,115.69485230464565]
[11309,"T","CO   ","ME","9-1998",2989590.91,1427,26147.883333333331,5.4574207090057641E-2,2095.0181569726701,114.33395475605739]
[11310,"T","CO   ","ME","12-1998",2891395.7,1478,27219.313333333335,5.4299679859668264E-2,1956.2893775372127,106.22588691314036]
[11311,"T","CO   ","ME","3-1999",3029558.42,1519,28314.506666666668,5.3647411833180447E-2,1994.4426728110598,106.99668744596408]
[11312,"T","CO   ","ME","6-1999",3018804.39,1568,29410.858333333334,5.3313642948763534E-2,1925.2579017857145,102.64251236008923]
[11313,"T","CO   ","ME","9-1999",3357777.32,1664,30527.66916666667,5.4507928231118635E-2,2017.8950240384615,109.99127714821987]
[11314,"T","CO   ","ME","12-1999",3631167.83,1752,31549.730833333335,5.5531377090195455E-2,2072.5843778538815,115.09346463785204]
[11315,"T","CO   ","ME","3-2000",3674079.01,1794,32530.072499999998,5.5148970233619983E-2,2047.9816109253065,112.94407689992083]
[11316,"T","CO   ","ME","6-2000",3848658.22,1808,33449.622499999998,5.4051432120048593E-2,2128.6826438053099,115.05834542676828]
[11317,"T","CO   ","ME","9-2000",4105108.78,1824,34145.654166666667,5.3418218057764061E-2,2250.6078837719297,120.22346269785186]
[11318,"T","CO   ","ME","12-2000",4166866.68,1857,34764.674166666671,5.3416292386267862E-2,2243.8700484652668,119.85921858560972]
[11319,"T","CO   ","ME","3-2001",4390671.46,1923,35239.871666666666,5.4568870686863551E-2,2283.2404888195529,124.5938549814053]
[11320,"T","CO   ","ME","6-2001",4742254.3099999996,2012,35554.718333333331,5.6588832490165046E-2,2356.985243538767,133.37904312840615]
[11321,"T","CO   ","ME","9-2001",4672161.41,2062,35701.999166666668,5.7755869366699096E-2,2265.8396750727452,130.86554027938539]
[11322,"T","CO   ","ME","12-2001",4741368.21,2052,35692.162499999999,5.7491613179784219E-2,2310.6082894736842,132.84059798842392]
[11323,"T","CO   ","ME","3-2002",4680856.3,1985,35655.985000000001,5.5670878255081158E-2,2358.1140050377835,131.27827768606028]
[11324,"T","CO   ","ME","6-2002",4505836.16,1915,35622.505833333336,5.3758149664139054E-2,2352.9170548302873,126.48846718087187]
[11325,"T","CO   ","ME","9-2002",4557137.5999999996,1891,35606.879166666666,5.3107715257737532E-2,2409.908831306187,127.98475201011601]
[11326,"T","CO   ","ME","12-2002",4659435.8,1895,35556.203333333331,5.3295904015248724E-2,2458.8051715039578,131.0442444126721]
[11327,"T","CO   ","ME","3-2003",4684633.5199999996,1884,35362.350833333338,5.327700097992636E-2,2486.5358386411885,132.47517231190864]
[11328,"T","CO   ","ME","6-2003",4570207.26,1860,34787.29,5.3467803901942348E-2,2457.1006774193547,131.37577718758774]
[11329,"T","CO   ","ME","9-2003",4438925.62,1785,33867.926666666666,5.2704732048354894E-2,2486.7930644257704,131.06576212026758]
[11330,"T","CO   ","ME","12-2003",3971687.76,1646,32669.540833333333,5.0383322140865716E-2,2412.9330255164032,121.5715819289267]
[11331,"T","CO   ","ME","3-2004",3802087.66,1558,31277.736666666668,4.9811788384943878E-2,2440.3643517329911,121.55891267068451]
[11332,"T","CO   ","ME","6-2004",3540796.04,1464,29855.692500000001,4.9035874816837695E-2,2418.576530054645,118.59701596270125]
[11333,"T","CO   ","ME","9-2004",3242494.67,1361,28436.827499999999,4.7860472480623938E-2,2382.4354665686992,114.02448708457369]
[11334,"T","CO   ","ME","12-2004",3084819.3,1286,26995.119999999999,4.7638239800378734E-2,2398.7708398133746,114.27322049318543]
[11335,"T","CO   ","ME","3-2005",2653868.71,1206,25616.726666666666,4.7078614519835867E-2,2200.5544859038141,103.59905637176126]
[11336,"T","CO   ","ME","6-2005",2509582.2200000002,1142,24567.83,4.648355186436897E-2,2197.5325919439583,102.14912021126815]
[11337,"T","CO   ","ME","9-2005",2324500.0099999998,1122,24044.175833333331,4.666410725729804E-2,2071.7468894830658,96.676219060811363]
[11338,"T","CO   ","ME","12-2005",2415248.42,1129,24037.833333333332,4.6967627420663259E-2,2139.2811514614705,100.47696006988983]
[11339,"T","CO   ","ME","3-2006",2639094.11,1126,24433.134166666667,4.6084959560209242E-2,2343.778072824156,108.01291770420639]
[11340,"T","CO   ","ME","6-2006",2620064.7599999998,1121,25163.447499999998,4.4548744761622988E-2,2337.2566993755572,104.1218521428751]
[11341,"T","CO   ","ME","9-2006",2821449.82,1136,26086.080000000002,4.3548129883830763E-2,2483.6706161971829,108.1592105828089]
[11342,"T","CO   ","ME","12-2006",2828736.28,1153,26980.99666666667,4.2733780899371271E-2,2453.3705810928013,104.84180087738294]
[11343,"T","CO   ","ME","3-2007",2834781.48,1188,27727.259166666667,4.2845922594044107E-2,2386.179696969697,102.23807059184327]
[11344,"T","CO   ","ME","6-2007",3179531.02,1321,28188.035833333332,4.6863854147576739E-2,2406.9122028766087,112.79718242163202]
[11345,"T","CO   ","ME","9-2007",3369598.19,1409,28292.488333333331,4.9801204595354025E-2,2391.4820369056069,119.0986862060501]
[11346,"T","CO   ","ME","12-2007",3451188.81,1399,28103.965833333335,4.9779451352046721E-2,2466.8969335239458,122.80077589286849]
[11347,"T","CO   ","ME","3-2008",3324195.13,1357,27687.966666666664,4.9010460621280727E-2,2449.664797347089,120.05920008571715]
[11348,"T","CO   ","ME","6-2008",3203154.65,1259,27157.25,4.6359627723720188E-2,2544.2054408260524,117.9484170893592]
[12301,"T","CO   ","MI","9-1996",79005766.840000004,36814,405256.1875,9.0841302700652785E-2,2146.0793947954585,194.95264792224796]
[12302,"T","CO   ","MI","12-1996",109329024.70999999,50173,540341.58333333337,9.2854226932685635E-2,2179.0410122974508,202.33316865149649]
[12303,"T","CO   ","MI","3-1997",121854732.98999999,55513,538415.02083333337,0.10310447861220438,2195.0666148469727,226.32119884285359]
[12304,"T","CO   ","MI","6-1997",124697260.41,56101,536488.45833333337,0.10457074915327084,2222.7279444216679,232.43232631208357]
[12305,"T","CO   ","MI","9-1997",126036488.95999999,56309,534561.89583333337,0.10533672609084752,2238.3009636115007,235.7752955128247]
[12306,"T","CO   ","MI","12-1997",124575757.39,55332,532635.33333333337,0.10388345747497035,2251.4233606231473,233.88564294144962]
[12307,"T","CO   ","MI","3-1998",119568889.41,52669,529341.04166666663,9.949918078176602E-2,2270.194790294101,225.88252184929613]
[12308,"T","CO   ","MI","6-1998",118201186.69,51878,526046.75,9.8618611368666384E-2,2278.4453273063727,224.69711425838102]
[12309,"T","CO   ","MI","9-1998",119565347.67,51719,522752.45833333331,9.893592880441579E-2,2311.8263630387287,228.72268846177116]
[12310,"T","CO   ","MI","12-1998",119341235.56999999,52189,519458.16666666669,0.10046814806068759,2286.7124407442179,229.74176406890641]
[12311,"T","CO   ","MI","3-1999",122907990.33,54101,518860.52083333331,0.10426886962436317,2271.8247413171662,236.88059776180216]
[12312,"T","CO   ","MI","6-1999",122284589.75,54497,518262.875,0.10515320048730097,2243.8774565572417,235.95089605829861]
[12313,"T","CO   ","MI","9-1999",121431671.54000001,54651,517665.22916666669,0.10557208968424775,2221.947842491446,234.57567690122772]
[12314,"T","CO   ","MI","12-1999",123010632.53,54930,517067.58333333331,0.10623369511174474,2239.407109594029,237.90049211168559]
[12315,"T","CO   ","MI","3-2000",120910927,53697,513389.27083333331,0.10459314802749782,2251.7259250982365,235.5151030011543]
[12316,"T","CO   ","MI","6-2000",120650659.31999999,53284,512006.70833333331,0.10406894896640759,2264.2943345094209,235.64273154298678]
[{"$f":"INDEX(State,MATCH(D2754,StateAbbr),1)*1000+INDEX(Coverage,MATCH(C2754,CoverageAbbr),1)*100+VLOOKUP(E2754,Date,2,FALSE)","v":12317},"T","CO   ","MI","9-2000",118188093.59999999,52296,513340.89583333331,0.10187382385559823,2259.9834327673243,230.23315414630864]
[12318,"T","CO   ","MI","12-2000",118255656.73,51349,513057.75,{"$f":"G2755/H2755","v":0.10008424977500097},{"$f":"F2755/G2755","v":2302.9787674540889},{"$f":"F2755/H2755","v":230.49190218839888}]
[12319,"T","CO   ","MI","3-2001",123093648.23999999,54130,510921.40250000003,0.1059458455549824,2274.0374697949378,240.92482256113746]
[12320,"T","CO   ","MI","6-2001",125035380.86,54935,508812.45833333331,0.10796708905270352,2276.0604507144808,245.73962137162687]
[12321,"T","CO   ","MI","9-2001",127399140.26000001,55407,507451.48249999998,0.10918679304479123,2299.3329409641383,251.05678996612255]
[12322,"T","CO   ","MI","12-2001",126982234.01000001,55685,505983.01166666666,0.11005310201340192,2280.3669571697947,250.96145736539833]
[12323,"T","CO   ","MI","3-2002",122252384.94,52404,503888.05583333335,0.1039992899084181,2332.882698648958,242.61814409912577]
[12324,"T","CO   ","MI","6-2002",121258631.55,51003,499653.65916666668,0.10207670666329938,2377.480374683842,242.68536680435363]
[12325,"T","CO   ","MI","9-2002",122020456.54000001,50441,492268.8758333333,0.10246636030890917,2419.0729077536134,247.87359617940234]
[12326,"T","CO   ","MI","12-2002",122059026.23999999,49446,483863.20416666666,0.10219003961079944,2468.5318577842495,252.25936832749275]
[12327,"T","CO   ","MI","3-2003",121591293.92,48123,478161.61166666663,0.10064170528508934,2526.6773459676247,254.28911680338541]
[12328,"T","CO   ","MI","6-2003",119754691.48999999,47039,474785.10916666663,9.907429506911436E-2,2545.8596375348116,252.22924893367241]
[12329,"T","CO   ","MI","9-2003",116964312.77,45569,474210.62000000005,9.6094431626183308E-2,2566.7517999078318,246.65055533762609]
[12330,"T","CO   ","MI","12-2003",115060926.73,44695,477398.15416666662,9.3622062862849548E-2,2574.3579087146213,241.01669796115416]
[12331,"T","CO   ","MI","3-2004",114878543.65000001,44601,481319.38416666671,9.2664042769064939E-2,2575.6943487814174,238.67425129552012]
[12332,"T","CO   ","MI","6-2004",112603696.62,43763,484915.28750000003,9.0248752984509684E-2,2573.0342211457169,232.21312984487005]
[12333,"T","CO   ","MI","9-2004",108849420.81999999,42704,484823.17833333329,8.8081597391450356E-2,2548.9279884788307,224.51364886099179]
[12334,"T","CO   ","MI","12-2004",106809421.86,41653,477644.27750000003,8.7205064442544264E-2,2564.267204283005,223.61708679740227]
[12335,"T","CO   ","MI","3-2005",104402678.56999999,40413,467519.44750000001,8.6441323919471819E-2,2583.393427115037,223.31194804468532]
[12336,"T","CO   ","MI","6-2005",100680494.23999999,38864,453397.4458333333,8.571728922859044E-2,2590.5849691230956,222.05792106956343]
[12337,"T","CO   ","MI","9-2005",98144221.530000001,37735,439274.96666666662,8.5902914719550388E-2,2600.8803903537828,223.42320636831192]
[12338,"T","CO   ","MI","12-2005",92579582.129999995,35797,428437.29000000004,8.3552484425433643E-2,2586.2385711093107,216.08665793306645]
[12339,"T","CO   ","MI","3-2006",88140843.939999998,34405,421715.18250000005,8.1583498597421242E-2,2561.8614718790873,209.00562179783506]
[12340,"T","CO   ","MI","6-2006",85183378.590000004,33336,418496.71916666668,7.9656538446419484E-2,2555.2969339452843,203.54610846083037]
[12341,"T","CO   ","MI","9-2006",84140668.780000001,32514,416353.5708333333,7.8092280882623641E-2,2587.8288977056036,202.08946115579633]
[12342,"T","CO   ","MI","12-2006",84384088.670000002,32536,415380.3125,7.8328218793470142E-2,2593.5606303786576,203.14898451042984]
[12343,"T","CO   ","MI","3-2007",83383557.930000007,31774,414439.76833333331,7.6667352961273291E-2,2624.2700928432055,201.19584147372348]
[12344,"T","CO   ","MI","6-2007",86529380.260000005,32493,412451.60333333333,7.8780151992135547E-2,2663.0160422244794,209.79280856393973]
[12345,"T","CO   ","MI","9-2007",84917335.590000004,32104,409135.10250000004,7.8467967680675835E-2,2645.07025884625,207.55328758426441]
[12346,"T","CO   ","MI","12-2007",85142459.790000007,32121,405261.86916666664,7.9259862434257353E-2,2650.6789885121884,210.0924519868525]
[12347,"T","CO   ","MI","3-2008",86471685.480000004,32618,400916.26750000002,8.1358634318823189E-2,2651.0419240909928,215.68515046598853]
[12348,"T","CO   ","MI","6-2008",85681537.5,32523,396353.51250000001,8.2055536217810102E-2,2634.4905912738677,216.17453812775281]
[13301,"T","CO   ","NC","9-1996",543296.79,171,5046.9891666666672,3.3881586497031969E-2,3177.1742105263161,107.64770283008664]
[13302,"T","CO   ","NC","12-1996",813027.38,257,6824.0666666666666,3.7660827854358592E-2,3163.5306614785991,119.1411836539307]
[13303,"T","CO   ","NC","3-1997",970863.1,293,6992.4483333333337,4.1902347508705223E-2,3313.5259385665527,138.84451535692432]
[13304,"T","CO   ","NC","6-1997",1122897.8500000001,323,7153.833333333333,4.5150618549495612E-2,3476.4639318885452,156.96449688977938]
[13305,"T","CO   ","NC","9-1997",1131676.08,334,7300.708333333333,4.5748985543640174E-2,3388.2517365269464,155.00907971258499]
[13306,"T","CO   ","NC","12-1997",1072672.49,325,7389.3516666666665,4.398220773089926E-2,3300.5307384615385,145.16462856123371]
[13307,"T","CO   ","NC","3-1998",983446.03,321,7466.3358333333335,4.2992976362903577E-2,3063.6947975077883,131.717358012403]
[13308,"T","CO   ","NC","6-1998",901921.13,304,7504.0675000000001,4.0511362670978109E-2,2966.8458223684211,120.19096709884339]
[13309,"T","CO   ","NC","9-1998",917144.42,298,7515.6575000000003,3.9650556188863047E-2,3077.6658389261747,122.03116227688662]
[13310,"T","CO   ","NC","12-1998",903202.47,301,7493.1258333333326,4.0170151508866297E-2,3000.672657807309,120.53747529263211]
[13311,"T","CO   ","NC","3-1999",892838.34,299,7401.7808333333332,4.039568405666339E-2,2986.0814046822743,120.62480099102277]
[13312,"T","CO   ","NC","6-1999",864164.96,299,7286.9900000000007,4.1032031058091195E-2,2890.18381270903,118.59011196666935]
[13313,"T","CO   ","NC","9-1999",769740.17,293,7147.96,4.0990716232323629E-2,2627.0995563139932,107.68669242693021]
[13314,"T","CO   ","NC","12-1999",826232.63,308,6986.7975000000006,4.4083143958301346E-2,2682.5734740259741,118.25627263420758]
[13315,"T","CO   ","NC","3-2000",773612.77,302,6842.1324999999997,4.4138285834131395E-2,2561.631688741722,113.06603167945082]
[13316,"T","CO   ","NC","6-2000",746670.44,299,6721.2891666666665,4.4485513505779582E-2,2497.2255518394645,111.09036101333238]
[13317,"T","CO   ","NC","9-2000",762528.17,286,6636.6324999999997,4.3094144507775593E-2,2666.1824125874127,114.89685017213174]
[13318,"T","CO   ","NC","12-2000",710502.84,255,6638.5983333333324,3.8411722956577937E-2,2786.2856470588235,107.02603235271302]
[13319,"T","CO   ","NC","3-2001",778679.93,261,6808.8991666666661,3.8332187569723397E-2,2983.4480076628356,114.36208863424939]
[13320,"T","CO   ","NC","6-2001",885223.13,277,7046.21,3.9311913780599783E-2,3195.7513718411551,125.63110239405297]
[13321,"T","CO   ","NC","9-2001",828413.1,292,7368.07,3.9630459536893654E-2,2837.0311643835616,112.43284876500903]
[13322,"T","CO   ","NC","12-2001",848570.42,303,7801.644166666666,3.8837967167818156E-2,2800.5624422442247,108.76815218330582]
[13323,"T","CO   ","NC","3-2002",865786.69,308,8161.7666666666664,3.7736927871008318E-2,2810.9957467532467,106.07834374093844]
[13324,"T","CO   ","NC","6-2002",922105.94,314,8512.7983333333341,3.6885638271316579E-2,2936.6431210191081,108.31995589386098]
[13325,"T","CO   ","NC","9-2002",1151216.1100000001,344,8782.5233333333326,3.9168697530740031E-2,3346.5584593023259,131.08033606135217]
[13326,"T","CO   ","NC","12-2002",1231619.72,358,8922.3941666666669,4.0123759756933698E-2,3440.2785474860334,138.03690993626242]
[13327,"T","CO   ","NC","3-2003",1345145.58,366,8934.2049999999999,4.0966151996736137E-2,3675.261147540984,150.56130679786284]
[13328,"T","CO   ","NC","6-2003",1326444.01,382,8856.685833333333,4.3131257807778552E-2,3472.3665183246076,149.76753550495704]
[13329,"T","CO   ","NC","9-2003",1155422.01,354,8782.0566666666655,4.0309464335802896E-2,3263.9039830508473,131.56622120027316]
[13330,"T","CO   ","NC","12-2003",1103560.8500000001,357,8792.0616666666665,4.0604810741204617E-2,3091.2068627450981,125.51786962367758]
[13331,"T","CO   ","NC","3-2004",1075971.31,369,8921.3458333333328,4.1361472460946895E-2,2915.9114092140921,120.60638945076954]
[13332,"T","CO   ","NC","6-2004",1035857.14,357,9076.3941666666669,3.9332800387966112E-2,2901.5606162464987,114.12650453240747]
[{"$f":"INDEX(State,MATCH(D2818,StateAbbr),1)*1000+INDEX(Coverage,MATCH(C2818,CoverageAbbr),1)*100+VLOOKUP(E2818,Date,2,FALSE)","v":13333},"T","CO   ","NC","9-2004",1071336.3899999999,357,9053.1183333333338,3.9433926173872681E-2,3000.9422689075627,118.33893588415482]
[13334,"T","CO   ","NC","12-2004",1032724.93,334,8732.3233333333337,{"$f":"G2819/H2819","v":3.8248698227314075E-2},{"$f":"F2819/G2819","v":3091.9908083832338},{"$f":"F2819/H2819","v":118.2646233514792}]
[13335,"T","CO   ","NC","3-2005",908184.52,322,8234.0958333333328,3.9105690110683072E-2,2820.4488198757763,110.29559752310389]
[13336,"T","CO   ","NC","6-2005",820329.13,285,7671.16,3.7152138659602985E-2,2878.3478245614037,106.93677748867186]
[13337,"T","CO   ","NC","9-2005",705672.48,255,7206.1074999999992,3.5386649449789642E-2,2767.3430588235292,97.926998729896837]
[13338,"T","CO   ","NC","12-2005",699763.24,242,6875.1366666666663,3.5199300280576246E-2,2891.5836363636363,101.78172070276422]
[13339,"T","CO   ","NC","3-2006",595910.06000000006,216,6618.0825000000004,3.2637852429310152E-2,2758.8428703703707,90.042706478802586]
[13340,"T","CO   ","NC","6-2006",570936.43999999994,208,6387.0291666666672,3.2566001277328331E-2,2744.8867307692303,89.38998478035235]
[13341,"T","CO   ","NC","9-2006",631871.55000000005,207,6153.1816666666664,3.364113254145755E-2,3052.5195652173916,102.69021527887064]
[13342,"T","CO   ","NC","12-2006",558332.77,190,5872.9741666666669,3.2351581091295455E-2,2938.5935263157894,95.068146760961113]
[13343,"T","CO   ","NC","3-2007",533482.05000000005,168,5580.7716666666665,3.0103363841858192E-2,3175.488392857143,95.5928824657761]
[13344,"T","CO   ","NC","6-2007",566358.22,179,5312.9483333333328,3.3691274367747479E-2,3164.0124022346367,106.59960994664294]
[13345,"T","CO   ","NC","9-2007",516842.8,176,5067.9691666666668,3.4727914518027682E-2,2936.6068181818182,101.98223055487544]
[13346,"T","CO   ","NC","12-2007",550342.94999999995,189,4844.8924999999999,3.9010153476057519E-2,2911.86746031746,113.59239652892194]
[13347,"T","CO   ","NC","3-2008",576497.13,183,4638.0933333333332,3.9455868359699532E-2,3150.2575409836068,124.29614683619994]
[13348,"T","CO   ","NC","6-2008",544407.44999999995,173,4423.1099999999997,3.9112750982905696E-2,3146.8638728323695,123.08250303519469]
[14301,"T","CO   ","NH","9-1996",1551172.12,780,11745.795,6.6406743860249556E-2,1988.6822051282052,132.06190981538501]
[14302,"T","CO   ","NH","12-1996",2186285.21,1089,15542.073333333334,7.0067871682499672E-2,2007.6080899908172,140.66882603822484]
[14303,"T","CO   ","NH","3-1997",2346328.2799999998,1097,15435.567499999999,7.1069625396021241E-2,2138.8589608021875,152.00790511913473]
[14304,"T","CO   ","NH","6-1997",2419916.29,1115,15173.96,7.3481147966648133E-2,2170.3285112107624,159.47823046851317]
[14305,"T","CO   ","NH","9-1997",2366940.2599999998,1113,14925.032500000001,7.4572701935489913E-2,2126.6309613656781,158.58861680870709]
[14306,"T","CO   ","NH","12-1997",2261581.17,1043,14642.622499999999,7.1230409716565454E-2,2168.3424448705655,154.45192075394965]
[14307,"T","CO   ","NH","3-1998",2190402.39,1011,14296.450833333334,7.0716852160451704E-2,2166.570118694362,153.21301877896153]
[14308,"T","CO   ","NH","6-1998",2095345.51,967,13765.749166666666,7.0246812454026142E-2,2166.851613236815,152.21441889075052]
[14309,"T","CO   ","NH","9-1998",2001945.48,934,13080.032500000001,7.140655040421344E-2,2143.4105781584581,153.05355548619622]
[14310,"T","CO   ","NH","12-1998",1819765.21,872,12344.071666666665,7.064119713066043E-2,2086.8867087155963,147.42017537973359]
[14311,"T","CO   ","NH","3-1999",1630226.91,759,11673.853333333333,6.5017092328268647E-2,2147.8615415019763,139.64771215217141]
[14312,"T","CO   ","NH","6-1999",1426163.37,707,11134.570833333333,6.3495936267563072E-2,2017.2042008486565,128.0842693757468]
[14313,"T","CO   ","NH","9-1999",1476958.82,691,10793.188333333334,6.4021860701340486E-2,2137.4223154848046,136.84175374190482]
[14314,"T","CO   ","NH","12-1999",1519034.99,674,10571.535,6.3756114887762283E-2,2253.7611127596438,143.69105243467482]
[14315,"T","CO   ","NH","3-2000",1468749.29,691,10355.715833333334,6.6726435054908079E-2,2125.5416642547034,141.8298178163927]
[14316,"T","CO   ","NH","6-2000",1612312.51,694,10137.060833333333,6.8461658799357769E-2,2323.2168731988472,159.05128088985032]
[14317,"T","CO   ","NH","9-2000",1579658.29,668,9848.0633333333335,6.7830595457177872E-2,2364.7579191616769,160.40293776881342]
[14318,"T","CO   ","NH","12-2000",1579228.66,654,9547.6075000000001,6.8498835964926286E-2,2414.7227217125383,165.40569561536751]
[14319,"T","CO   ","NH","3-2001",1469706.37,622,9270.7758333333331,6.7092550956046382E-2,2362.8719774919614,158.53110855249352]
[14320,"T","CO   ","NH","6-2001",1376913.98,606,9090.0541666666668,6.6666269407085491E-2,2272.1352805280526,151.47478274102693]
[14321,"T","CO   ","NH","9-2001",1254485.1599999999,595,9097.8041666666668,6.5400396524252877E-2,2108.3784201680669,137.88878470216943]
[14322,"T","CO   ","NH","12-2001",1187712.98,618,9312.0025000000005,6.636596156412114E-2,1921.8656634304207,127.54646275062747]
[14323,"T","CO   ","NH","3-2002",1353410.21,637,9651.17,6.6002360335586249E-2,2124.6628100470957,140.23276038034766]
[14324,"T","CO   ","NH","6-2002",1320761.08,656,9993.6949999999997,6.5641386894436951E-2,2013.3553048780489,132.15943452346707]
[14325,"T","CO   ","NH","9-2002",1316086.31,653,10262.460833333333,6.3629962696568967E-2,2015.446110260337,128.24276081281027]
[14326,"T","CO   ","NH","12-2002",1494014.71,670,10465.289999999999,6.4021159470975003E-2,2229.8727014925371,142.75903582222759]
[14327,"T","CO   ","NH","3-2003",1535967.58,703,10521.274166666666,6.681700228164697E-2,2184.8756472261734,145.98684110582616]
[14328,"T","CO   ","NH","6-2003",1611480.36,734,10402.934999999999,7.0557011074278558E-2,2195.4773297002725,154.90631826498966]
[14329,"T","CO   ","NH","9-2003",1726092.71,749,10132.155000000001,7.3923069672739899E-2,2304.5296528704939,170.35790609204062]
[14330,"T","CO   ","NH","12-2003",1562000.53,716,9728.7741666666661,7.3596116811222106E-2,2181.5649860335197,160.55471154339503]
[14331,"T","CO   ","NH","3-2004",1591407.42,679,9286.3591666666671,7.3117998971789347E-2,2343.7517231222387,171.37043608138137]
[14332,"T","CO   ","NH","6-2004",1448253.89,604,8896.1983333333337,6.7894169775516461E-2,2397.7713410596025,162.79469451276844]
[14333,"T","CO   ","NH","9-2004",1415359.67,556,8515,6.5296535525543153E-2,2545.6109172661868,166.21957369348209]
[14334,"T","CO   ","NH","12-2004",1338338.48,520,8092.7558333333336,6.425499677849747E-2,2573.7278461538463,165.37487446334464]
[14335,"T","CO   ","NH","3-2005",1182078.25,501,7695.6775000000007,6.5101480668855988E-2,2359.4376247504988,153.6028829170661]
[14336,"T","CO   ","NH","6-2005",1196673.18,479,7359.31,6.5087623703852668E-2,2498.2738622129436,162.60670905288674]
[14337,"T","CO   ","NH","9-2005",1153863.05,492,7138.7283333333335,6.8919837963670932E-2,2345.2501016260162,161.63425698834783]
[14338,"T","CO   ","NH","12-2005",1214767.73,473,7034.8066666666664,6.7237100095619784E-2,2568.2193023255813,172.67961829796792]
[14339,"T","CO   ","NH","3-2006",1050086.8700000001,445,6976.418333333334,6.3786312508495882E-2,2359.7457752808991,150.51948146267031]
[14340,"T","CO   ","NH","6-2006",991482.13,436,6978.6333333333341,6.2476416108216026E-2,2274.0415825688074,142.07396815995489]
[14341,"T","CO   ","NH","9-2006",887447.47,415,6977.1258333333326,5.948007960775635E-2,2138.4276385542166,127.19384617663124]
[14342,"T","CO   ","NH","12-2006",726248.49,406,7067.081666666666,5.7449456388056458E-2,1788.7893842364531,102.76497771711048]
[14343,"T","CO   ","NH","3-2007",764500.97,393,7261.7266666666665,5.4119360042010213E-2,1945.2950890585241,105.27812531271259]
[14344,"T","CO   ","NH","6-2007",912658.25,433,7656.2949999999992,5.6554769637272344E-2,2107.7557736720555,119.20364223165383]
[14345,"T","CO   ","NH","9-2007",1102885.21,483,8252.9466666666667,5.8524551230994669E-2,2283.4062318840579,133.63532499907103]
[14346,"T","CO   ","NH","12-2007",1248468.3,534,8976.9250000000011,5.9485848439192704E-2,2337.9556179775282,139.07527354857035]
[14347,"T","CO   ","NH","3-2008",1446135.14,641,9810.3566666666666,6.5339112713197312E-2,2256.0610608424336,147.40902794223928]
[14348,"T","CO   ","NH","6-2008",1662029.39,672,10651.993333333334,6.3086783756905587E-2,2473.2580208333334,156.0298939353448]
[{"$f":"INDEX(State,MATCH(D2882,StateAbbr),1)*1000+INDEX(Coverage,MATCH(C2882,CoverageAbbr),1)*100+VLOOKUP(E2882,Date,2,FALSE)","v":15301},"T","CO   ","NJ","9-1996",4238291.3899999997,1530,30804.182499999999,4.966857990793945E-2,2770.1250915032679,137.58817946231815]
[15302,"T","CO   ","NJ","12-1996",6143396.46,2177,41958.211666666662,{"$f":"G2883/H2883","v":5.1884956806428878E-2},{"$f":"F2883/G2883","v":2821.9551952227835},{"$f":"F2883/H2883","v":146.41702341381171}]
[15303,"T","CO   ","NJ","3-1997",7243695.1200000001,2476,42703.663333333338,5.7980974153739651E-2,2925.5634571890146,169.62701919640148]
[15304,"T","CO   ","NJ","6-1997",7517524.1799999997,2541,43909.24,5.7869368725124826E-2,2958.4904289649744,171.20597350352682]
[15305,"T","CO   ","NJ","9-1997",7565944.1200000001,2594,44773.401666666665,5.7936183167677568E-2,2916.7093754818811,168.98300862480073]
[15306,"T","CO   ","NJ","12-1997",7319324.8200000003,2477,44620.109999999993,5.5513085915745171E-2,2954.9151473556722,164.03645844889223]
[15307,"T","CO   ","NJ","3-1998",6888598.54,2330,44860.449166666665,5.193884687474986E-2,2956.4800600858371,153.55616512904956]
[15308,"T","CO   ","NJ","6-1998",6662815.6699999999,2225,44718.999166666668,4.97551385644271E-2,2994.5238966292136,148.99295141127467]
[15309,"T","CO   ","NJ","9-1998",6624051.2699999996,2249,45117.954999999994,4.9847117405919669E-2,2945.3318230324585,146.81630118209037]
[15310,"T","CO   ","NJ","12-1998",7091420.1500000004,2356,46155.714999999997,5.1044599785747012E-2,3009.9406409168082,153.64121539445333]
[15311,"T","CO   ","NJ","3-1999",7210906.4500000002,2399,47553.318333333329,5.0448635007630561E-2,3005.7967694872864,151.63834413097916]
[15312,"T","CO   ","NJ","6-1999",7521284.2699999996,2556,49045.920000000006,5.2114426643439446E-2,2942.599479655712,153.35188472354068]
[15313,"T","CO   ","NJ","9-1999",7979612.8700000001,2662,50254.605000000003,5.297027008768649E-2,2997.6006273478588,158.78371484563453]
[15314,"T","CO   ","NJ","12-1999",8458160.8800000008,2954,51460.96166666667,5.7402736061060132E-2,2863.2907515233583,164.36072327576986]
[15315,"T","CO   ","NJ","3-2000",8944674.4399999995,3115,52466.549166666664,5.9371162187640859E-2,2871.4845714285711,170.48337620959413]
[15316,"T","CO   ","NJ","6-2000",9406423.9600000009,3227,53468.972500000003,6.0352758789221167E-2,2914.9129098233657,175.92303573815639]
[15317,"T","CO   ","NJ","9-2000",10016655.470000001,3338,54695.377500000002,6.1028923330861004E-2,3000.7955272618337,183.13532016485306]
[15318,"T","CO   ","NJ","12-2000",9780446.8900000006,3212,56061.511666666665,5.7294209601376253E-2,3044.9710118306352,174.45920738193914]
[15319,"T","CO   ","NJ","3-2001",10962686.18,3512,57625.709166666667,6.0945020040317363E-2,3121.4937870159451,190.23950140541291]
[15320,"T","CO   ","NJ","6-2001",11543407.550000001,3654,59525.644999999997,6.1385307122669569E-2,3159.1153667214012,193.92326702213813]
[15321,"T","CO   ","NJ","9-2001",12346786.300000001,3821,61713.924999999996,6.1914713737620808E-2,3231.297121172468,200.06483625859158]
[15322,"T","CO   ","NJ","12-2001",13726428.949999999,4115,64234.131666666661,6.406251463558614E-2,3335.7056986634261,213.69369514063382]
[15323,"T","CO   ","NJ","3-2002",14258635.41,4189,67125.765833333324,6.2405247046281379E-2,3403.8279804249223,212.4167260214623]
[15324,"T","CO   ","NJ","6-2002",15036463.6,4338,69648.137499999997,6.228450832586873E-2,3466.2202858460118,215.89182625307103]
[15325,"T","CO   ","NJ","9-2002",15110395.359999999,4403,71418.097500000003,6.1651040200279762E-2,3431.8408721326368,211.57655956881234]
[15326,"T","CO   ","NJ","12-2002",15314778.630000001,4494,72387.593333333338,6.2082461828864038E-2,3407.8279105473966,211.56634617589626]
[15327,"T","CO   ","NJ","3-2003",15177205.789999999,4435,72769.278333333335,6.094604895880168E-2,3422.1433573844415,208.56611660319015]
[15328,"T","CO   ","NJ","6-2003",15220885.74,4397,72775.934999999998,6.0418323721983101E-2,3461.6524312030929,209.14723720141831]
[15329,"T","CO   ","NJ","9-2003",15426476.439999999,4384,72704.37,6.0298988905343659E-2,3518.8130565693427,212.18086945805322]
[15330,"T","CO   ","NJ","12-2003",15337197.09,4242,72558.394166666665,5.8463256370532735E-2,3615.5580127298444,211.37729502075874]
[15331,"T","CO   ","NJ","3-2004",15638318.25,4248,72199.047500000001,5.883734130980052E-2,3681.3366878531074,216.60006317950385]
[15332,"T","CO   ","NJ","6-2004",14348699.439999999,4027,71800.633333333331,5.6085856252892849E-2,3563.1237745219764,199.84084782910458]
[15333,"T","CO   ","NJ","9-2004",13580392.710000001,3847,71245.117500000008,5.3996682649867192E-2,3530.1254769950615,190.61506509551339]
[15334,"T","CO   ","NJ","12-2004",12645090.15,3651,69846.833333333328,5.2271517916584145E-2,3463.4593672966312,181.04027837100705]
[15335,"T","CO   ","NJ","3-2005",11812499.93,3471,67439.416666666672,5.1468416714755091E-2,3403.1979055027368,175.15720796319658]
[15336,"T","CO   ","NJ","6-2005",12142169.15,3398,64451.233333333337,5.2722032213503023E-2,3573.3281783402003,188.39312332787011]
[15337,"T","CO   ","NJ","9-2005",11945351.92,3251,61355.553333333337,5.2986238789794957E-2,3674.3623254383265,194.69063957590146]
[15338,"T","CO   ","NJ","12-2005",11259130.33,3048,58547.551666666666,5.2060246982716128E-2,3693.9403969816271,192.30744940629597]
[15339,"T","CO   ","NJ","3-2006",10800294.74,2840,56122.239999999998,5.060382479387851E-2,3802.9206830985918,192.4423319525379]
[15340,"T","CO   ","NJ","6-2006",9870281.9499999993,2618,53703.72,4.8748950724456327E-2,3770.1611726508781,183.79140122881617]
[15341,"T","CO   ","NJ","9-2006",9011129.6999999993,2516,50594.026666666665,4.972919069233997E-2,3581.5300874403811,178.10659268867576]
[15342,"T","CO   ","NJ","12-2006",8782600.1699999999,2385,47056.06,5.0684226431197174E-2,3682.4319371069182,186.64121411779908]
[15343,"T","CO   ","NJ","3-2007",7564078.4800000004,2176,43534.680833333332,4.9983138921599612E-2,3476.1390073529415,173.74833891531344]
[15344,"T","CO   ","NJ","6-2007",7281218.0899999999,2100,40419.782500000001,5.1954757549722091E-2,3467.2467095238094,180.13996215838122]
[15345,"T","CO   ","NJ","9-2007",7270576.9500000002,1998,38470.135000000002,5.1936391697091779E-2,3638.9274024024025,188.99275892845191]
[15346,"T","CO   ","NJ","12-2007",7356406.04,2009,37367.146666666667,5.3763805353437027E-2,3661.7252563464413,196.86828393997436]
[15347,"T","CO   ","NJ","3-2008",7475900.5800000001,1984,36636.783333333333,5.4153225788108217E-2,3768.0950504032257,204.0545020555389]
[15348,"T","CO   ","NJ","6-2008",7936836.7000000002,2026,36134.918333333335,5.6067651275997991E-2,3917.4909674234946,219.6445174383725]
[16301,"T","CO   ","NY","9-1996",5734055.9800000004,2258,42242.154999999999,5.3453712292850591E-2,2539.4402037201066,135.74250603455246]
[16302,"T","CO   ","NY","12-1996",7566474.4699999997,2997,56139.956666666665,5.3384437358846078E-2,2524.682839506173,134.77877289657093]
[16303,"T","CO   ","NY","3-1997",7789287.71,2979,55777.070833333331,5.3409043456252969E-2,2614.7323632091307,139.65035441310749]
[16304,"T","CO   ","NY","6-1997",7428230.8399999999,2921,55644.031666666669,5.2494398994992544E-2,2543.0437658336186,133.49555410539836]
[16305,"T","CO   ","NY","9-1997",7391345.6900000004,2849,55821.488333333335,5.1037693280183351E-2,2594.3649315549319,132.41040163356448]
[16306,"T","CO   ","NY","12-1997",7444090.8799999999,2838,56358.697500000002,5.0356025349947091E-2,2623.0059478505991,132.08415400302675]
[16307,"T","CO   ","NY","3-1998",7418909.0300000003,2891,57144.445,5.0591094199969919E-2,2566.2085887236253,129.82730044888879]
[16308,"T","CO   ","NY","6-1998",7451736.0999999996,2828,58006.971666666672,4.8752760551799189E-2,2634.9844766619517,128.46276724840803]
[16309,"T","CO   ","NY","9-1998",7503747.1799999997,2815,58585.607500000006,4.8049343859752583E-2,2665.6295488454707,128.08175079519316]
[16310,"T","CO   ","NY","12-1998",7583504.9199999999,2806,58753.307499999995,4.775901339682026E-2,2702.6033214540271,129.07366823561381]
[16311,"T","CO   ","NY","3-1999",7447635.7000000002,2784,58740.237499999996,4.7395109698015782E-2,2675.1565014367816,126.78933584495638]
[16312,"T","CO   ","NY","6-1999",7770199.5599999996,2910,58689.065833333334,4.9583341610239466E-2,2670.1716701030928,132.39603407670529]
[16313,"T","CO   ","NY","9-1999",7901771.8899999997,2965,58645.317500000005,5.0558171161747052E-2,2665.0158145025293,134.7383256983816]
[16314,"T","CO   ","NY","12-1999",8242290.4400000004,3125,58790.143333333333,5.3155168924858887E-2,2637.5329408000002,140.19850901310386]
[16315,"T","CO   ","NY","3-2000",9039117.75,3262,58831.732500000006,5.5446267879328555E-2,2771.03548436542,153.64357576925002]
[16316,"T","CO   ","NY","6-2000",8886711.9000000004,3236,58782.055,5.5050814402456669E-2,2746.2026885043265,151.18069451637919]
[{"$f":"INDEX(State,MATCH(D2946,StateAbbr),1)*1000+INDEX(Coverage,MATCH(C2946,CoverageAbbr),1)*100+VLOOKUP(E2946,Date,2,FALSE)","v":16317},"T","CO   ","NY","9-2000",9067150.0500000007,3268,58612.755000000005,5.5755782167209167E-2,2774.5257190942475,154.69585161113824]
[16318,"T","CO   ","NY","12-2000",8948890.4700000007,3179,58306.5075,{"$f":"G2947/H2947","v":5.4522216066534256E-2},{"$f":"F2947/G2947","v":2815.0017206668767},{"$f":"F2947/H2947","v":153.48013204186515}]
[16319,"T","CO   ","NY","3-2001",9219357.2799999993,3214,58091.832499999997,5.5326194091054028E-2,2868.499464841319,158.70315814189541]
[16320,"T","CO   ","NY","6-2001",9752407.6799999997,3259,57863.494166666671,5.6322212250317347E-2,2992.4540288432036,168.54163096182418]
[16321,"T","CO   ","NY","9-2001",9571886.1400000006,3246,57712.085833333338,5.6244718123238856E-2,2948.82505853358,165.85583421196452]
[16322,"T","CO   ","NY","12-2001",9422263.2599999998,3194,57623.016666666663,5.5429239647004483E-2,2949.9884971822166,163.51561936621971]
[16323,"T","CO   ","NY","3-2002",8975002.7400000002,3035,57613.829999999994,5.2678323937151904E-2,2957.1672948929158,155.77861669672023]
[16324,"T","CO   ","NY","6-2002",9072448.3200000003,3069,57616.244166666671,5.3266228029760061E-2,2956.1578103616816,157.46337601868154]
[16325,"T","CO   ","NY","9-2002",9424677.9199999999,3031,57393.99,5.2810407500855056E-2,3109.428545034642,164.21018855807029]
[16326,"T","CO   ","NY","12-2002",10091302.77,3060,56859.197500000002,5.3817150690528122E-2,3297.811362745098,177.47881105778885]
[16327,"T","CO   ","NY","3-2003",9840829.7300000004,2986,55987.017499999994,5.3333792963699132E-2,3295.6563060951107,175.7698511087861]
[16328,"T","CO   ","NY","6-2003",9362764.5600000005,2813,54548.960833333338,5.1568351752744199E-2,3328.3912406683257,171.6396502695369]
[16329,"T","CO   ","NY","9-2003",8853803.5999999996,2647,52655.72416666666,5.0269938205040679E-2,3344.8445787684168,168.14513028015364]
[16330,"T","CO   ","NY","12-2003",8181980.1200000001,2447,50587.053333333337,4.8372060413876643E-2,3343.6780220678384,161.74059528801703]
[16331,"T","CO   ","NY","3-2004",7972076.7000000002,2411,48474.868333333339,4.9737112918408814E-2,3306.5436333471589,164.45793406143341]
[16332,"T","CO   ","NY","6-2004",7058212.4800000004,2237,46711.891666666663,4.788930441873563E-2,3155.2134465802415,151.10097724936924]
[16333,"T","CO   ","NY","9-2004",6686297.5800000001,2136,45285.829166666663,4.716707277543316E-2,3130.2891292134832,147.64657516575966]
[16334,"T","CO   ","NY","12-2004",6077920.0800000001,2022,43893.074166666665,4.6066493140176308E-2,3005.8951928783381,138.47105028281891]
[16335,"T","CO   ","NY","3-2005",5800875.2999999998,1864,42367.621666666666,4.3995861147583103E-2,3112.0575643776824,136.91765248564616]
[16336,"T","CO   ","NY","6-2005",6160574.6100000003,1852,40745.124166666668,4.5453291353940939E-2,3326.4441738660908,151.19783620735478]
[16337,"T","CO   ","NY","9-2005",6109974.0099999998,1836,39284.478333333333,4.6736015797927313E-2,3327.8725544662307,155.5315042790225]
[16338,"T","CO   ","NY","12-2005",6405242.1600000001,1835,38719.506666666668,4.739213275100268E-2,3490.5951825613079,165.42675027195594]
[16339,"T","CO   ","NY","3-2006",6481254.4900000002,1868,39255.660833333335,4.7585493667548114E-2,3469.6223179871522,165.10369084136124]
[16340,"T","CO   ","NY","6-2006",6945003.0099999998,1922,41229.0075,4.661766354671526E-2,3613.4250832466182,168.44943478205241]
[16341,"T","CO   ","NY","9-2006",7891249.9199999999,2104,44360.372499999998,4.7429718945664855E-2,3750.5940684410648,177.88962254543739]
[16342,"T","CO   ","NY","12-2006",8753390.2300000004,2339,47585.24,4.9153897300927771E-2,3742.3643565626339,183.95179324513234]
[16343,"T","CO   ","NY","3-2007",9850213.5800000001,2606,50466.585833333338,5.1638127623817358E-2,3779.821020721412,195.18288026319988]
[16344,"T","CO   ","NY","6-2007",10495169.449999999,2816,52441.940833333334,5.3697478683132259E-2,3726.9777876420453,200.12931030441615]
[16345,"T","CO   ","NY","9-2007",10815985.77,2930,53565.073333333334,5.4699822434046266E-2,3691.4627201365188,201.922355313369]
[16346,"T","CO   ","NY","12-2007",11325637.52,3080,53998.815833333334,5.7038287830355042E-2,3677.1550389610388,209.73862750910016]
[16347,"T","CO   ","NY","3-2008",11789903.949999999,3150,53800.866666666669,5.8549242701170859E-2,3742.8266507936505,219.13966596572791]
[16348,"T","CO   ","NY","6-2008",12184130.460000001,3164,53301.126666666671,5.9360846531199024E-2,3850.8629772439954,228.59048620485694]
[17301,"T","CO   ","OH","9-1996",63461.54,23,488.25,4.7107014848950336E-2,2759.197391304348,129.97755248335895]
[17302,"T","CO   ","OH","12-1996",142121.32999999999,40,651,6.1443932411674347E-2,3553.0332499999995,218.31233486943162]
[17303,"T","CO   ","OH","3-1997",175876.58,55,1149.8616666666667,4.7831840641700381E-2,3197.7559999999999,152.95455540304121]
[17304,"T","CO   ","OH","6-1997",244954.16,84,1651.7766666666666,5.0854332607515547E-2,2916.1209523809525,148.29738483612596]
[17305,"T","CO   ","OH","9-1997",301002.15999999997,107,2155.0625,4.9650532177141035E-2,2813.1042990654205,139.67212551840143]
[17306,"T","CO   ","OH","12-1997",411842.72,153,2659.5275000000001,5.7529015962421895E-2,2691.7824836601303,154.85559746985129]
[17307,"T","CO   ","OH","3-1998",476220.45,197,3564.6566666666663,5.5264789409358736E-2,2417.36269035533,133.5950400085282]
[17308,"T","CO   ","OH","6-1998",580034.24,224,4465.5916666666662,5.0161326140059831E-2,2589.4385714285713,129.88967270107918]
[17309,"T","CO   ","OH","9-1998",719547.33,276,5363.7933333333331,5.1456121227638651E-2,2607.0555434782609,134.14896609240475]
[17310,"T","CO   ","OH","12-1998",800034.38,303,6260.6358333333337,4.8397640122548782E-2,2640.3774917491751,127.78803963335459]
[17311,"T","CO   ","OH","3-1999",1043118.35,384,7102.3408333333327,5.4066681536568524E-2,2716.4540364583331,146.8696552979188]
[17312,"T","CO   ","OH","6-1999",1189947.3,472,7945.7191666666668,5.9403055922250793E-2,2521.0747881355933,149.75954662379522]
[17313,"T","CO   ","OH","9-1999",1291499.98,523,8790.8066666666655,5.9493971353406332E-2,2469.4072275334606,146.91484285477026]
[17314,"T","CO   ","OH","12-1999",1479773.14,604,9638.1391666666659,6.2667698562490493E-2,2449.9555298013242,153.53307463309611]
[17315,"T","CO   ","OH","3-2000",1597665.26,633,9917.7941666666666,6.3824676068342814E-2,2523.95775671406,161.09078623245608]
[17316,"T","CO   ","OH","6-2000",1719108.19,625,10306.265833333333,6.0642720662082671E-2,2750.5731040000001,166.80223640650968]
[17317,"T","CO   ","OH","9-2000",1772967.44,637,10755.17,5.9227329740022705E-2,2783.3083830455257,164.84792337080677]
[17318,"T","CO   ","OH","12-2000",1804124.44,628,11179.897499999999,5.6172250237535727E-2,2872.8096178343949,161.372180737793]
[17319,"T","CO   ","OH","3-2001",1803333.03,628,11243.158333333333,5.5856191061378811E-2,2871.5494108280254,160.39381253339994]
[17320,"T","CO   ","OH","6-2001",1846226.01,648,11314.388333333334,5.7272207821515757E-2,2849.1142129629629,163.17506131204911]
[17321,"T","CO   ","OH","9-2001",1878252.79,642,11357.456666666667,5.6526739994899093E-2,2925.6273987538943,165.37617929131434]
[17322,"T","CO   ","OH","12-2001",1793382.68,611,11396.175833333333,5.3614476376614935E-2,2935.159869067103,157.36705946168638]
[17323,"T","CO   ","OH","3-2002",1830555.58,609,11346.9825,5.3670656493918098E-2,3005.838390804598,161.32531974910512]
[17324,"T","CO   ","OH","6-2002",1682132.79,572,11106.535833333333,5.1501206909475149E-2,2940.7915909090912,151.4543162010537]
[17325,"T","CO   ","OH","9-2002",1590374.76,553,10727.866666666667,5.1547993387936711E-2,2875.903725135624,148.24706620763371]
[17326,"T","CO   ","OH","12-2002",1499142.57,548,10148.789166666667,5.3996589248290455E-2,2735.6616240875915,147.71639703816882]
[17327,"T","CO   ","OH","3-2003",1362946.83,512,9514.3833333333332,5.3813261675743566E-2,2662.0055273437501,143.25120002522499]
[17328,"T","CO   ","OH","6-2003",1288998.17,491,8816.4158333333344,5.5691565516183393E-2,2625.2508553971484,146.20433000976681]
[17329,"T","CO   ","OH","9-2003",1266325.6000000001,459,8159.3483333333324,5.6254492546279747E-2,2758.8793028322443,155.19935517726194]
[17330,"T","CO   ","OH","12-2003",1215496.3,413,7623.3,5.4176013012737265E-2,2943.090314769976,159.44489919063923]
[17331,"T","CO   ","OH","3-2004",1112986.8799999999,370,7185.6133333333337,5.1491777087921978E-2,3008.0726486486483,154.89100628849124]
[17332,"T","CO   ","OH","6-2004",994985.23,344,6762.0541666666659,5.0872115413647119E-2,2892.3989244186046,147.14245190533202]
[{"$f":"INDEX(State,MATCH(D3010,StateAbbr),1)*1000+INDEX(Coverage,MATCH(C3010,CoverageAbbr),1)*100+VLOOKUP(E3010,Date,2,FALSE)","v":17333},"T","CO   ","OH","9-2004",896621.66,310,6291.46,4.9273141687303103E-2,2892.327935483871,142.51408417124165]
[17334,"T","CO   ","OH","12-2004",804099.61,287,5846.1674999999996,{"$f":"G3011/H3011","v":4.9091990607521938E-2},{"$f":"F3011/G3011","v":2801.7408013937284},{"$f":"F3011/H3011","v":137.54303310673188}]
[17335,"T","CO   ","OH","3-2005",727144.19,267,5406.8983333333335,4.9381361279525936E-2,2723.3864794007491,134.4845316430646]
[17336,"T","CO   ","OH","6-2005",678758.63,235,4966.1283333333331,4.7320565282747092E-2,2888.3345957446809,136.67762579635311]
[17337,"T","CO   ","OH","9-2005",583742.35,212,4550.8858333333328,4.6584337151942767E-2,2753.5016509433963,128.27004925597819]
[17338,"T","CO   ","OH","12-2005",545495.11,194,4141.9724999999999,4.6837587646948405E-2,2811.8304639175258,131.6993558020967]
[17339,"T","CO   ","OH","3-2006",507360.79,169,3789.3733333333334,4.4598403254012098E-2,3002.1348520710058,133.89042075558666]
[17340,"T","CO   ","OH","6-2006",542070.5,162,3495.7625000000003,4.6341820990413389E-2,3346.1141975308642,155.06502515545606]
[17341,"T","CO   ","OH","9-2006",518231.62,154,3227.7066666666669,4.7711894513338675E-2,3365.1403896103898,160.5572232916663]
[17342,"T","CO   ","OH","12-2006",457613.86,142,3023.2975000000001,4.6968583144728557E-2,3222.6328169014082,151.3624974055646]
[17343,"T","CO   ","OH","3-2007",374256.64000000001,128,2881.0908333333332,4.4427616970308413E-2,2923.88,129.90102070714536]
[17344,"T","CO   ","OH","6-2007",347263.27,127,2852.9050000000002,4.4516028399122998E-2,2734.3564566929135,121.72268967946707]
[17345,"T","CO   ","OH","9-2007",400039.44,138,2945.7066666666669,4.684784183082271E-2,2898.8365217391306,135.80423486384703]
[17346,"T","CO   ","OH","12-2007",468913.12,162,3142.8616666666662,5.1545380351346475E-2,2894.5254320987656,149.19941433417637]
[17347,"T","CO   ","OH","3-2008",652423.77,199,3524.5949999999998,5.6460387647375092E-2,3278.511407035176,185.10602494754718]
[17348,"T","CO   ","OH","6-2008",751458.91,229,4094.7466666666664,5.5925315689045477E-2,3281.4799563318779,183.51780248513543]
[18301,"T","CO   ","OK","9-1996",785316.3,272,6813.2125000000005,3.9922430131160591E-2,2887.192279411765,115.26373205004246]
[18302,"T","CO   ","OK","12-1996",1065408.02,378,9118.8249999999989,4.1452709093550984E-2,2818.5397354497354,116.83610772221203]
[18303,"T","CO   ","OK","3-1997",1093345.49,397,9187.5833333333339,4.3210492421837443E-2,2754.0188664987404,119.00251136044116]
[18304,"T","CO   ","OK","6-1997",1162766.5900000001,402,9265.5108333333337,4.3386706597306694E-2,2892.4542039800999,125.49406189423088]
[18305,"T","CO   ","OK","9-1997",1107086.3700000001,394,9381.6516666666666,4.1996869421180458E-2,2809.8638832487313,118.00548659608802]
[18306,"T","CO   ","OK","12-1997",1097163.7,402,9493.3850000000002,4.2345275157385905E-2,2729.2629353233829,115.57138997312339]
[18307,"T","CO   ","OK","3-1998",1160761.08,411,9598.4258333333328,4.2819521360750908E-2,2824.2362043795624,120.93244248123673]
[18308,"T","CO   ","OK","6-1998",1012750.34,391,9635.5074999999997,4.0579076919404607E-2,2590.1543222506393,105.10607147573701]
[18309,"T","CO   ","OK","9-1998",1078713.02,398,9578.8091666666678,4.1550050019265615E-2,2710.3342211055278,112.61452245586197]
[18310,"T","CO   ","OK","12-1998",1036146.99,367,9439.0249999999996,3.8881134439203206E-2,2823.2888010899183,109.77267143587395]
[18311,"T","CO   ","OK","3-1999",1112340.3600000001,378,9230.8033333333333,4.0949848713058921E-2,2942.6993650793652,120.50309380801455]
[18312,"T","CO   ","OK","6-1999",1256236.72,391,8950.4891666666663,4.3684763225697074E-2,3212.8816368286443,140.35397357704937]
[18313,"T","CO   ","OK","9-1999",1126420.1299999999,388,8622.5958333333328,4.499805018113745E-2,2903.1446649484533,130.63584931645198]
[18314,"T","CO   ","OK","12-1999",1138312.96,386,8227.4475000000002,4.6916130428058034E-2,2948.9973056994818,138.35554222618862]
[18315,"T","CO   ","OK","3-2000",946358.91,331,7763.4350000000004,4.2635766255529929E-2,2859.0903625377646,121.89950840059845]
[18316,"T","CO   ","OK","6-2000",903657.86,316,7316.9625000000005,4.3187319874879768E-2,2859.6767721518986,123.50177549768773]
[18317,"T","CO   ","OK","9-2000",863137.8,273,6913.6450000000004,3.9487130160718406E-2,3161.6769230769232,124.84554818767813]
[18318,"T","CO   ","OK","12-2000",853563.94,247,6599.5275000000001,3.7426921851602256E-2,3455.7244534412953,129.33712905961826]
[18319,"T","CO   ","OK","3-2001",861650.68,279,6375.1883333333326,4.3763413002439411E-2,3088.3536917562724,135.15689810993823]
[18320,"T","CO   ","OK","6-2001",847822.86,270,6212.6866666666674,4.3459458763412069E-2,3140.0846666666666,136.46638008462253]
[18321,"T","CO   ","OK","9-2001",865987.04,270,6110.9733333333324,4.4182814303449759E-2,3207.3594074074076,141.71016510190415]
[18322,"T","CO   ","OK","12-2001",841495,276,6064.5883333333331,4.5510096453372902E-2,3048.894927536232,138.7555022283733]
[18323,"T","CO   ","OK","3-2002",826460.05,247,6063.2733333333335,4.0737071614782336E-2,3345.992105263158,136.30592001460158]
[18324,"T","CO   ","OK","6-2002",1048385.2,262,6071.82,4.3150159260320634E-2,4001.4702290076334,172.66407765711105]
[18325,"T","CO   ","OK","9-2002",960201.67,251,6079.9324999999999,4.128335306354141E-2,3825.5046613545819,157.92965958092464]
[18326,"T","CO   ","OK","12-2002",1017576.05,244,6076.5183333333334,4.0154573164292821E-2,4170.3936475409837,167.46037684408643]
[18327,"T","CO   ","OK","3-2003",994036.07,246,6063.9049999999997,4.0567917868106443E-2,4040.797032520325,163.92672213697278]
[18328,"T","CO   ","OK","6-2003",773192.12,235,6047.4641666666676,3.8859262911437945E-2,3290.1792340425532,127.85393988141308]
[18329,"T","CO   ","OK","9-2003",811214.92,234,6014.2350000000006,3.8907691501911708E-2,3466.7304273504274,134.88247798764098]
[18330,"T","CO   ","OK","12-2003",741517.39,232,5993.8383333333331,3.8706416005547924E-2,3196.1956465517242,123.71327833055224]
[18331,"T","CO   ","OK","3-2004",763743.9,225,5966.1274999999996,3.7712905062789896E-2,3394.4173333333333,128.01333863548845]
[18332,"T","CO   ","OK","6-2004",791395.7,228,5956.53,3.8277319177440559E-2,3471.0337719298245,132.8618675638333]
[18333,"T","CO   ","OK","9-2004",851594.03,229,5941.5566666666664,3.8542088016215732E-2,3718.7512227074235,143.32843693599938]
[18334,"T","CO   ","OK","12-2004",849915.86,246,5875.6766666666663,4.1867518237615753E-2,3454.9425203252031,144.64986897962959]
[18335,"T","CO   ","OK","3-2005",802492.01,241,5809.9575000000004,4.1480509969307001E-2,3329.8423651452281,138.12355942362746]
[18336,"T","CO   ","OK","6-2005",855659.96,237,5742.6533333333327,4.1270121360857587E-2,3610.3795780590717,149.0008033452597]
[18337,"T","CO   ","OK","9-2005",866521.2,260,5732.3641666666663,4.5356504304434025E-2,3332.7738461538461,151.16297129878205]
[18338,"T","CO   ","OK","12-2005",804051.44,240,5781.2166666666672,4.1513752872088631E-2,3350.2143333333329,139.07996990252914]
[18339,"T","CO   ","OK","3-2006",838994.63,231,5849.4625000000005,3.9490807916111946E-2,3632.0113852813852,143.43106396527884]
[18340,"T","CO   ","OK","6-2006",735166.75,227,5930.2975000000006,3.8278012190788066E-2,3238.6200440528632,123.96793752758609]
[18341,"T","CO   ","OK","9-2006",689796.37,206,6027.1025,3.4178944194162952E-2,3348.5260679611652,114.44908560954455]
[18342,"T","CO   ","OK","12-2006",838223.92,244,6181.4416666666666,3.9472992411425059E-2,3435.3439344262297,135.60330505424167]
[18343,"T","CO   ","OK","3-2007",939604.68,298,6424.979166666667,4.63814733510809E-2,3153.0358389261746,146.24244773815738]
[18344,"T","CO   ","OK","6-2007",1041393.69,338,6766.706666666666,4.9950443642697684E-2,3081.0464201183431,153.89963556865675]
[18345,"T","CO   ","OK","9-2007",1115403.3,377,7257.8499999999995,5.1943757448831271E-2,2958.6294429708223,153.68233016664718]
[18346,"T","CO   ","OK","12-2007",1119137.55,378,7961.8675000000003,4.7476298745237844E-2,2960.6813492063493,140.56219222437448]
[18347,"T","CO   ","OK","3-2008",1359615.02,423,8859.9441666666662,4.7742964520186504E-2,3214.2199054373523,153.45638690537271]
[18348,"T","CO   ","OK","6-2008",1564448.41,430,10000.253333333332,4.299891069426242E-2,3638.2521162790695,156.44087783109495]
[{"$f":"INDEX(State,MATCH(D3074,StateAbbr),1)*1000+INDEX(Coverage,MATCH(C3074,CoverageAbbr),1)*100+VLOOKUP(E3074,Date,2,FALSE)","v":19301},"T","CO   ","RI","9-1996",248573.48,77,1310.9908333333333,5.8734201675704575E-2,3228.227012987013,189.60733643573658]
[19302,"T","CO   ","RI","12-1996",364105.8,113,1813.2066666666667,{"$f":"G3075/H3075","v":6.2320529742886453E-2},{"$f":"F3075/G3075","v":3222.1752212389379},{"$f":"F3075/H3075","v":200.80766671201297}]
[19303,"T","CO   ","RI","3-1997",414859.61,121,1939.8766666666668,6.2375099447903044E-2,3428.5918181818179,213.85875562535762]
[19304,"T","CO   ","RI","6-1997",475572,129,2044.2908333333335,6.3102567353226405E-2,3686.6046511627906,232.63421830471771]
[19305,"T","CO   ","RI","9-1997",498684.69,141,2113.8291666666669,6.6703592808469617E-2,3536.7708510638299,235.91532270622625]
[19306,"T","CO   ","RI","12-1997",503879.24,144,2130.7966666666666,6.758035726856465E-2,3499.1613888888887,236.47457680147801]
[19307,"T","CO   ","RI","3-1998",487090.6,142,2092.4758333333334,6.7862193549825936E-2,3430.2154929577464,232.78194770071019]
[19308,"T","CO   ","RI","6-1998",487510.02,148,1980.1266666666668,7.4742693228379328E-2,3293.9866216216219,246.20143155825048]
[19309,"T","CO   ","RI","9-1998",377182.08,125,1819.4858333333334,6.8700727265898834E-2,3017.4566400000003,207.30146566131549]
[19310,"T","CO   ","RI","12-1998",395049.71,113,1672.5275000000001,6.7562416761458327E-2,3496.0151327433632,236.19923140277214]
[19311,"T","CO   ","RI","3-1999",347063.44,102,1556.0574999999999,6.5550276901721174E-2,3402.5827450980391,223.04024112219506]
[19312,"T","CO   ","RI","6-1999",296104.56,92,1489.58,6.1762375971750431E-2,3218.5278260869563,198.78392567032319]
[19313,"T","CO   ","RI","9-1999",315684.36,100,1472.9591666666665,6.7890544600976155E-2,3156.8435999999997,214.31983122410614]
[19314,"T","CO   ","RI","12-1999",220804.28,93,1452.8908333333331,6.4010315067259599E-2,2374.2395698924729,151.97582291397211]
[19315,"T","CO   ","RI","3-2000",219603.81,86,1442.1958333333332,5.9631291404600051E-2,2553.5326744186045,152.27045101942352]
[19316,"T","CO   ","RI","6-2000",217832.95999999999,78,1447.5733333333335,5.3883280524648143E-2,2792.7302564102565,150.48146783582638]
[19317,"T","CO   ","RI","9-2000",237830.27,80,1502.8158333333333,5.323340240736972E-2,2972.8783749999998,158.25643084454236]
[19318,"T","CO   ","RI","12-2000",255671.46,92,1595.4991666666667,5.7662204983915687E-2,2779.0376086956521,160.24543625061958]
[19319,"T","CO   ","RI","3-2001",262968.09999999998,117,1704.5758333333333,6.863877670446851E-2,2247.5905982905979,154.27186919913115]
[19320,"T","CO   ","RI","6-2001",354384.91,146,1827.6133333333335,7.9885606729359238E-2,2427.2939041095888,193.90584624026963]
[19321,"T","CO   ","RI","9-2001",415972.64,159,1945.9425000000001,8.1708478025429826E-2,2616.1801257861634,213.76409631836501]
[19322,"T","CO   ","RI","12-2001",496457.47,172,2063.750833333333,8.3343394571615367E-2,2886.3806395348834,240.56076052462731]
[19323,"T","CO   ","RI","3-2002",536295.47,166,2197.0308333333332,7.5556518134133305E-2,3230.6956024096385,244.10011086932857]
[19324,"T","CO   ","RI","6-2002",542749.92000000004,168,2350.5666666666666,7.147212728845527E-2,3230.6542857142858,230.90173433356497]
[19325,"T","CO   ","RI","9-2002",655067.01,208,2507.6683333333335,8.2945578262941466E-2,3149.3606250000003,261.22553819916374]
[19326,"T","CO   ","RI","12-2002",650447.14,226,2695.4391666666666,8.3845335036622046E-2,2878.0846902654866,241.31397511908233]
[19327,"T","CO   ","RI","3-2003",773957.36,247,2871.2583333333332,8.6025000653023792E-2,3133.4306072874492,269.55337003810757]
[19328,"T","CO   ","RI","6-2003",775361.16,250,3006.5083333333332,8.3152937654699111E-2,3101.4446400000002,257.89423278942076]
[19329,"T","CO   ","RI","9-2003",696048.4,226,3117.290833333333,7.2498849829272169E-2,3079.8601769911506,223.28632046683703]
[19330,"T","CO   ","RI","12-2003",725769.03,230,3206.8183333333332,7.1722179460326982E-2,3155.5175217391306,226.32059398438017]
[19331,"T","CO   ","RI","3-2004",668490.85,247,3266.8808333333332,7.5607287991578107E-2,2706.4406882591093,204.62664054933134]
[19332,"T","CO   ","RI","6-2004",654241.69999999995,252,3341.0691666666667,7.5424957529812681E-2,2596.1972222222221,195.81806522512878]
[19333,"T","CO   ","RI","9-2004",607592.46,251,3394.7674999999999,7.3937316767643146E-2,2420.687091633466,178.97910828944839]
[19334,"T","CO   ","RI","12-2004",597409.78,247,3374.6108333333336,7.31936250426901E-2,2418.6630769230769,177.03071835690682]
[19335,"T","CO   ","RI","3-2005",653744.35,249,3291.9408333333336,7.5639269539321916E-2,2625.4793172690761,198.58933774883053]
[19336,"T","CO   ","RI","6-2005",622210,255,3135.5324999999998,8.132589918937215E-2,2440.0392156862745,198.43838327301663]
[19337,"T","CO   ","RI","9-2005",561587.54,231,2926.0591666666664,7.8945772058038252E-2,2431.1148917748919,191.92624209296295]
[19338,"T","CO   ","RI","12-2005",522967.57,208,2665.7641666666664,7.8026407062140105E-2,2514.2671634615385,196.17923315922235]
[19339,"T","CO   ","RI","3-2006",400468.81,169,2412.3483333333334,7.0056217696587486E-2,2369.6379289940828,166.0078706157002]
[19340,"T","CO   ","RI","6-2006",374474.56,146,2168.9308333333333,6.7314271970406306E-2,2564.8942465753425,172.65398888930298]
[19341,"T","CO   ","RI","9-2006",365404.69,138,1943.8149999999998,7.0994410476305628E-2,2647.8600724637681,187.98326486831311]
[19342,"T","CO   ","RI","12-2006",283648.88,118,1770.3541666666667,6.6653329724513682E-2,2403.8040677966101,160.22154512397472]
[19343,"T","CO   ","RI","3-2007",209648.81,94,1579.8575000000001,5.9499037096700173E-2,2230.306489361702,132.70108854754304]
[19344,"T","CO   ","RI","6-2007",170064.94,73,1389.4849999999999,5.2537450926062539E-2,2329.6567123287673,122.39422519854479]
[19345,"T","CO   ","RI","9-2007",115709.15,58,1187.7508333333333,4.8831790618262393E-2,1994.985344827586,97.418706645122683]
[19346,"T","CO   ","RI","12-2007",116566.54,48,966.73750000000007,4.9651534154824858E-2,2428.469583333333,120.57724046082829]
[19347,"T","CO   ","RI","3-2008",139522.26,53,790.71333333333325,6.7028084345780614E-2,2632.4954716981133,176.45112851686665]
[19348,"T","CO   ","RI","6-2008",116352.22,41,655.53416666666669,6.2544413525356543E-2,2837.859024390244,177.49222834812829]
[20301,"T","CO   ","TN","9-1996",76679.33,22,420.87583333333333,5.2271948773490201E-2,3485.4240909090909,182.18990953388865]
[20302,"T","CO   ","TN","12-1996",87427.96,27,580.29833333333329,4.6527791739306511E-2,3238.0725925925926,150.66036722490446]
[20303,"T","CO   ","TN","3-1997",114721.8,32,634.98083333333341,5.0395221903023313E-2,3585.0562500000001,180.66970525357064]
[20304,"T","CO   ","TN","6-1997",120741.02,31,667.57916666666665,4.6436440122582218E-2,3894.8716129032259,180.86397243772586]
[20305,"T","CO   ","TN","9-1997",101276.76,27,720.20416666666677,3.7489369333927297E-2,3750.991111111111,140.62229113272275]
[20306,"T","CO   ","TN","12-1997",124473.18,35,767.76583333333338,4.5586816292728143E-2,3556.3765714285714,162.12388542947664]
[20307,"T","CO   ","TN","3-1998",138070.67000000001,38,815.01333333333332,4.6625004089912638E-2,3633.4386842105268,169.40909351176262]
[20308,"T","CO   ","TN","6-1998",147267.26999999999,43,852.18416666666656,5.0458576540086703E-2,3424.8202325581392,172.81155384057243]
[20309,"T","CO   ","TN","9-1998",172176.75,50,887.23166666666668,5.6355066977997102E-2,3443.5349999999999,194.06064556607726]
[20310,"T","CO   ","TN","12-1998",167478.20000000001,51,920.01333333333332,5.5433979217692497E-2,3283.886274509804,182.03888349444213]
[20311,"T","CO   ","TN","3-1999",170357.85,56,945.14666666666665,5.9250063482210874E-2,3042.1044642857146,180.24488262844568]
[20312,"T","CO   ","TN","6-1999",163596.14000000001,53,965.21750000000009,5.4909903726362189E-2,3086.7196226415099,169.49147730951833]
[20313,"T","CO   ","TN","9-1999",171831.58,49,964.23750000000007,5.0817355682598944E-2,3506.76693877551,178.20462282373376]
[20314,"T","CO   ","TN","12-1999",160532.67000000001,46,957.80000000000007,4.8026727918145745E-2,3489.8406521739134,167.60562747964084]
[20315,"T","CO   ","TN","3-2000",177932.94,42,946.31583333333344,4.4382645328946729E-2,4236.4985714285713,188.02701353230376]
[20316,"T","CO   ","TN","6-2000",185025.26,48,943.30833333333339,5.0884740761680959E-2,3854.6929166666669,196.1450497804712]
[{"$f":"INDEX(State,MATCH(D3138,StateAbbr),1)*1000+INDEX(Coverage,MATCH(C3138,CoverageAbbr),1)*100+VLOOKUP(E3138,Date,2,FALSE)","v":20317},"T","CO   ","TN","9-2000",146150.32,51,982.98333333333323,5.188287356516727E-2,2865.6925490196081,148.68036419742623]
[20318,"T","CO   ","TN","12-2000",202598.56,63,1068.5775000000001,{"$f":"G3139/H3139","v":5.8956884269039909E-2},{"$f":"F3139/G3139","v":3215.8501587301589},{"$f":"F3139/H3139","v":189.59650563482759}]
[20319,"T","CO   ","TN","3-2001",205226.91,70,1235.0516666666667,5.6677790807672011E-2,2931.8130000000001,166.16868390121331]
[20320,"T","CO   ","TN","6-2001",235405.18,75,1549.6775,4.8397166507224892E-2,3138.7357333333334,151.90591590830994]
[20321,"T","CO   ","TN","9-2001",279664.62,93,1950.6566666666668,4.7676252612368138E-2,3007.1464516129031,143.36947386948327]
[20322,"T","CO   ","TN","12-2001",324235.84000000003,103,2454.1208333333334,4.1970223552562101E-2,3147.9207766990294,132.11893872381319]
[20323,"T","CO   ","TN","3-2002",484164.98,142,2994.8291666666664,4.7415058454920223E-2,3409.6125352112676,161.66697766567097]
[20324,"T","CO   ","TN","6-2002",647896.53,181,3473.4833333333336,5.2109073984328888E-2,3579.5388397790057,186.52645423182301]
[20325,"T","CO   ","TN","9-2002",796819.76,197,3896.1841666666664,5.0562291609675368E-2,4044.7703553299493,204.51285820036315]
[20326,"T","CO   ","TN","12-2002",845444.16,208,4275.8066666666664,4.8645791593321185E-2,4064.6353846153847,197.7274058228389]
[20327,"T","CO   ","TN","3-2003",848557.55,221,4576.8058333333329,4.8286951216159307E-2,3839.6269230769235,185.40387792286728]
[20328,"T","CO   ","TN","6-2003",815018.71,215,4848.9566666666669,4.4339435218710276E-2,3790.7846976744186,168.08125253061309]
[20329,"T","CO   ","TN","9-2003",919434.21,240,5111.4350000000004,4.6953546313315143E-2,3830.9758749999996,179.87790317200549]
[20330,"T","CO   ","TN","12-2003",981510.81,270,5340.2466666666669,5.0559462296997516E-2,3635.2252222222223,183.79503256403888]
[20331,"T","CO   ","TN","3-2004",980382.58,259,5557.0033333333331,4.6607853993249362E-2,3785.2609266409263,176.42288859523208]
[20332,"T","CO   ","TN","6-2004",1016330.35,281,5610.5341666666673,5.0084357683708364E-2,3616.8339857651245,181.14680702565306]
[20333,"T","CO   ","TN","9-2004",853545.93,266,5408.2583333333332,4.9184041072988689E-2,3208.8192857142858,157.82269954436967]
[20334,"T","CO   ","TN","12-2004",787401.03,246,4925.2775000000001,4.9946424338527119E-2,3200.8171951219515,159.86937385761513]
[20335,"T","CO   ","TN","3-2005",652586.29,229,4255.2366666666667,5.381604313430275E-2,2849.7217903930132,153.36075079255286]
[20336,"T","CO   ","TN","6-2005",549752.39,183,3602.9683333333337,5.0791453898429116E-2,3004.1114207650276,152.58318673353128]
[20337,"T","CO   ","TN","9-2005",567595.43999999994,178,3467.03,5.1340772938220897E-2,3188.7384269662916,163.71229553825606]
[20338,"T","CO   ","TN","12-2005",674106.2,192,3957.4508333333338,4.8516079690187765E-2,3510.9697916666664,170.33849020234192]
[20339,"T","CO   ","TN","3-2006",1214045.44,320,5260.5108333333328,6.0830594240451626E-2,3793.8919999999998,230.78470484409547]
[20340,"T","CO   ","TN","6-2006",1616241.95,484,7505.8408333333327,6.4483115316083292E-2,3339.3428719008261,215.33123148872173]
[20341,"T","CO   ","TN","9-2006",2408710.91,681,10410.206666666667,6.5416568739269348E-2,3537.0204258443468,231.37973981944643]
[20342,"T","CO   ","TN","12-2006",3348440.99,968,13725.628333333334,7.0525004501918967E-2,3459.1332541322317,243.95538832041328]
[20343,"T","CO   ","TN","3-2007",4032861.5,1195,17152.674166666668,6.9668437025538626E-2,3374.7794979079499,235.11561292507886]
[20344,"T","CO   ","TN","6-2007",5049206.3899999997,1418,20232.418333333331,7.0085541759672659E-2,3560.7943511988715,249.56020119855503]
[20345,"T","CO   ","TN","9-2007",5770391.5899999999,1644,22432.971666666665,7.3284985352289861E-2,3509.9705535279804,257.22814060226676]
[20346,"T","CO   ","TN","12-2007",5708751.5099999998,1723,23792.836666666666,7.2416754006212794E-2,3313.262629135229,239.93572477206374]
[20347,"T","CO   ","TN","3-2008",5859156.6100000003,1733,24451.880833333333,7.0873893579488451E-2,3380.9328390075016,239.61987423121542]
[20348,"T","CO   ","TN","6-2008",5694577.2300000004,1687,24669.49,6.838406468881196E-2,3375.5644516893899,230.83481782558133]
[21301,"T","CO   ","TX","9-1996",1127271.67,367,8029.3675000000003,4.5707211682613852E-2,3071.5849318801088,140.39358268257118]
[21302,"T","CO   ","TX","12-1996",1637733.1,529,10578.739166666666,5.0005959279803905E-2,3095.9037807183367,154.81363839279209]
[21303,"T","CO   ","TX","3-1997",1833613.64,585,10362.216666666667,5.6455102109748072E-2,3134.3822905982906,176.95187226671254]
[21304,"T","CO   ","TX","6-1997",1724089.61,580,10023.018333333333,5.7866800270244607E-2,2972.5682931034485,172.0130157066792]
[21305,"T","CO   ","TX","9-1997",1660277.73,554,9568.2966666666671,5.7899542551809118E-2,2996.8912093862814,173.51863010100368]
[21306,"T","CO   ","TX","12-1997",1468241.4,492,8864.5708333333332,5.5501840895662839E-2,2984.2304878048781,165.63028573013264]
[21307,"T","CO   ","TX","3-1998",1340190.17,437,8014.2183333333332,5.4528087684159676E-2,3066.7967276887871,167.22656087690814]
[21308,"T","CO   ","TX","6-1998",1171175.8899999999,371,6858.5658333333331,5.4092941442203842E-2,3156.8083288409703,170.76104807625597]
[21309,"T","CO   ","TX","9-1998",986711.86,332,5575.7350000000006,5.9543719348211482E-2,2972.0236746987953,176.96534358250526]
[21310,"T","CO   ","TX","12-1998",761760.35,277,4383.3491666666669,6.3193688083636193E-2,2750.0373646209387,173.7850034382005]
[21311,"T","CO   ","TX","3-1999",520508.82,211,3185.9691666666663,6.6227885130715078E-2,2466.8664454976301,163.37534758523245]
[21312,"T","CO   ","TX","6-1999",390898.42,162,2288.2816666666668,7.0795480451488702E-2,2412.953209876543,170.82618180017172]
[21313,"T","CO   ","TX","9-1999",285454.55,106,1666.0983333333334,6.3621694997994319E-2,2692.9674528301884,171.3311539234879]
[21314,"T","CO   ","TX","12-1999",221466.54,77,1261.7049999999999,6.1028528855794344E-2,2876.1888311688313,175.52957307770043]
[21315,"T","CO   ","TX","3-2000",197703.2,63,1080.3341666666668,5.8315289790736038E-2,3138.1460317460319,183.0018952469182]
[21316,"T","CO   ","TX","6-2000",144455.1,55,999.53166666666664,5.5025770402471828E-2,2626.4563636363637,144.52278483756561]
[21317,"T","CO   ","TX","9-2000",119877.23,60,985.44916666666666,6.0885941182489543E-2,1997.9538333333333,121.64729958166285]
[21318,"T","CO   ","TX","12-2000",110194.53,55,1019.14,5.3967070274937697E-2,2003.5369090909091,108.12501717134055]
[21319,"T","CO   ","TX","3-2001",112375.7,53,1100.5450000000001,4.8157958102576448E-2,2120.2962264150942,102.10913683674906]
[21320,"T","CO   ","TX","6-2001",149616.46,60,1239.9108333333334,4.839057647290497E-2,2493.6076666666663,120.66711248725547]
[21321,"T","CO   ","TX","9-2001",163838.63,62,1421.2725,4.3622880200665251E-2,2642.5585483870968,115.27601497953418]
[21322,"T","CO   ","TX","12-2001",283381.09999999998,85,1623.5141666666666,5.2355564087573407E-2,3333.8952941176467,174.54796873243586]
[21323,"T","CO   ","TX","3-2002",364735,104,1895.7741666666668,5.4858854935692494E-2,3507.0673076923076,192.39369668240195]
[21324,"T","CO   ","TX","6-2002",453121.72,122,2211.4524999999999,5.5167361722668701E-2,3714.1124590163931,204.89778550522789]
[21325,"T","CO   ","TX","9-2002",549362.54,144,2433.3483333333334,5.917771739763248E-2,3815.017638888889,225.76403570114979]
[21326,"T","CO   ","TX","12-2002",569627.78,145,2542.5275000000001,5.7029864967045582E-2,3928.4674482758624,224.03996810260657]
[21327,"T","CO   ","TX","3-2003",585424.51,156,2487.311666666667,6.2718316361640769E-2,3752.7212179487178,235.36435656434958]
[21328,"T","CO   ","TX","6-2003",534751.98,142,2265.5983333333334,6.2676599779749126E-2,3765.8590140845067,236.03123825273528]
[21329,"T","CO   ","TX","9-2003",458781.2,125,2036.7375,6.1372660934460137E-2,3670.2496000000001,225.25298424563795]
[21330,"T","CO   ","TX","12-2003",370735.14,110,1808.3374999999999,6.0829352927758235E-2,3370.3194545454548,205.01435157983508]
[21331,"T","CO   ","TX","3-2004",293497.55,84,1571.0991666666666,5.3465753010498489E-2,3494.0184523809521,186.81032758912417]
[21332,"T","CO   ","TX","6-2004",246501.7,80,1344.8583333333333,5.9485819448145093E-2,3081.2712500000002,183.29194524826036]
[{"$f":"INDEX(State,MATCH(D3202,StateAbbr),1)*1000+INDEX(Coverage,MATCH(C3202,CoverageAbbr),1)*100+VLOOKUP(E3202,Date,2,FALSE)","v":21333},"T","CO   ","TX","9-2004",234738.31,75,1121.0616666666667,6.6900869265294649E-2,3129.8441333333335,209.38929318488277]
[21334,"T","CO   ","TX","12-2004",189751.55,62,913.52250000000004,{"$f":"G3203/H3203","v":6.7869154837456105E-2},{"$f":"F3203/G3203","v":3060.5088709677416},{"$f":"F3203/H3203","v":207.71415044511764}]
[21335,"T","CO   ","TX","3-2005",160305.21,53,728.8225000000001,7.2720038143718108E-2,3024.626603773585,219.95096199691966]
[21336,"T","CO   ","TX","6-2005",132172.53,40,567.81333333333339,7.0445686375804242E-2,3304.3132500000002,232.77461489691444]
[21337,"T","CO   ","TX","9-2005",90744.42,23,434.39750000000004,5.2946897714650748E-2,3945.4095652173914,208.8971966919699]
[21338,"T","CO   ","TX","12-2005",57508.32,17,324.71583333333336,5.2353468032305166E-2,3382.8423529411766,177.10352898303387]
[21339,"T","CO   ","TX","3-2006",18828.240000000002,9,222.3475,4.0477180989217328E-2,2092.0266666666666,84.679342020935707]
[21340,"T","CO   ","TX","6-2006",12305.72,6,146.59,4.0930486390613273E-2,2050.9533333333334,83.946517497782921]
[21341,"T","CO   ","TX","9-2006",-5402.35,2,85.252499999999998,2.3459722588780388E-2,-2701.1750000000002,-63.368816163748868]
[21342,"T","CO   ","TX","12-2006",997.23,1,38.269166666666671,2.6130697036343443E-2,997.23,26.058315005552771]
[21343,"T","CO   ","TX","3-2007",-326.56,0,17.73,0,{"$error":"#DIV/0!"},-18.418499717992102]
[21344,"T","CO   ","TX","6-2007",-1011.34,0,7.2541666666666664,0,{"$error":"#DIV/0!"},-139.41504882251581]
[21345,"T","CO   ","TX","9-2007",-1075,0,3.06,0,{"$error":"#DIV/0!"},-351.30718954248363]
[21346,"T","CO   ","TX","12-2007",-1135,0,1.6858333333333333,0,{"$error":"#DIV/0!"},-673.25753830944143]
[21347,"T","CO   ","TX","3-2008",-1195,0,0.82166666666666666,0,{"$error":"#DIV/0!"},-1454.3610547667342]
[21348,"T","CO   ","TX","6-2008",-1309.28,0,0.16916666666666666,0,{"$error":"#DIV/0!"},-7739.5862068965516]
[22301,"T","CO   ","VA","9-1996",663747.93999999994,287,6852.5758333333333,4.1882061137350907E-2,2312.7105923344948,96.861086421152336]
[22302,"T","CO   ","VA","12-1996",900663.05,389,9075.4174999999996,4.2863041838020123E-2,2315.3291773778919,99.242051398737317]
[22303,"T","CO   ","VA","3-1997",966411.88,400,8936.2383333333328,4.4761563543795367E-2,2416.0297,108.14526694024687]
[22304,"T","CO   ","VA","6-1997",989124.67,398,8829.2875000000004,4.5077250004601159E-2,2485.237864321608,112.0276885309262]
[22305,"T","CO   ","VA","9-1997",863060.28,361,8714.1566666666677,4.1426842987674843E-2,2390.7486980609419,99.04117093755869]
[22306,"T","CO   ","VA","12-1997",804179.55,330,8597.7758333333331,3.8382019535866396E-2,2436.9077272727272,93.533439995285605]
[22307,"T","CO   ","VA","3-1998",803617.51,318,8481.5891666666666,3.7492973751872563E-2,2527.0990880503145,94.748459776651529]
[22308,"T","CO   ","VA","6-1998",733931.52000000002,297,8301.6291666666675,3.5776110211298881E-2,2471.1498989898992,88.408131134902732]
[22309,"T","CO   ","VA","9-1998",714922.78,301,8069.7150000000001,3.7299954211518001E-2,2375.1587375415284,88.593312155385917]
[22310,"T","CO   ","VA","12-1998",703040.63,306,7811.895833333333,3.9171029226260166E-2,2297.5183986928105,89.996160343066535]
[22311,"T","CO   ","VA","3-1999",696447.89,304,7502.8166666666666,4.0518116529570006E-2,2290.9470065789474,92.82485777563538]
[22312,"T","CO   ","VA","6-1999",646140.31000000006,287,7215.7358333333332,3.9774183344433688E-2,2251.3599651567947,89.546004028464196]
[22313,"T","CO   ","VA","9-1999",674589.05,279,6985.520833333333,3.9939756341241556E-2,2417.8818996415771,96.569613933582872]
[22314,"T","CO   ","VA","12-1999",642067.99,267,6832.855833333334,3.9075901279443062E-2,2404.7490262172282,93.967735550301242]
[22315,"T","CO   ","VA","3-2000",590321.77,269,6811.6925000000001,3.9490919474124822E-2,2194.5047211895912,86.663009230084882]
[22316,"T","CO   ","VA","6-2000",648238.6,275,6881.2408333333333,3.9963722628028935E-2,2357.2312727272724,94.203736753388341]
[22317,"T","CO   ","VA","9-2000",584782.12,267,7005.9208333333336,3.8110621908492875E-2,2190.1952059925093,83.469701401374195]
[22318,"T","CO   ","VA","12-2000",584117.5,268,7189.8741666666674,3.7274644004548524E-2,2179.5429104477612,81.241686079577875]
[22319,"T","CO   ","VA","3-2001",640802.30000000005,275,7448.0325000000003,3.6922502687790362E-2,2330.1901818181818,86.036453251244538]
[22320,"T","CO   ","VA","6-2001",764624.28,292,7806.6166666666659,3.7404167831988681E-2,2618.5763013698629,97.945667457306527]
[22321,"T","CO   ","VA","9-2001",879740.1,313,8294.7624999999989,3.7734654849973105E-2,2810.6712460063895,106.05970936479497]
[22322,"T","CO   ","VA","12-2001",997094.96,356,8942.7450000000008,3.9808805909147579E-2,2800.8285393258425,111.49763970682379]
[22323,"T","CO   ","VA","3-2002",1112261.7,381,9603.1358333333337,3.9674540338950043E-2,2919.3220472440944,115.82276032577205]
[22324,"T","CO   ","VA","6-2002",1197788.45,416,10252.1975,4.0576666612206796E-2,2879.299158653846,116.83236203750464]
[22325,"T","CO   ","VA","9-2002",1241438.3899999999,434,10791.001666666667,4.0218694557394345E-2,2860.4571198156682,115.04385119639031]
[22326,"T","CO   ","VA","12-2002",1391936.45,463,11163.64,4.1473927858655425E-2,3006.3422246220302,124.68482054240373]
[22327,"T","CO   ","VA","3-2003",1425081.12,497,11435.624166666666,4.3460679780705745E-2,2867.366438631791,124.61769460331892]
[22328,"T","CO   ","VA","6-2003",1530304.73,492,11655.086666666668,4.2213328315018957E-2,3110.3754674796746,131.29930079170009]
[22329,"T","CO   ","VA","9-2003",1442576.85,493,11829.584166666667,4.1675175818028543E-2,2926.1193711967549,121.94653925916387]
[22330,"T","CO   ","VA","12-2003",1387895.56,480,11984.995833333334,4.0050076501903939E-2,2891.4490833333334,115.80275698886003]
[22331,"T","CO   ","VA","3-2004",1436862.61,488,12153.894999999999,4.0151737364853002E-2,2944.3905942622955,118.22239784036313]
[22332,"T","CO   ","VA","6-2004",1344394.67,503,12212.033333333333,4.118888200436182E-2,2672.7528230616299,110.08770065591042]
[22333,"T","CO   ","VA","9-2004",1520749.28,520,12097.410833333333,4.2984404445221162E-2,2924.5178461538462,125.70865790634402]
[22334,"T","CO   ","VA","12-2004",1403250.14,493,11761.754166666666,4.1915516428423907E-2,2846.3491683569978,119.30619532729847]
[22335,"T","CO   ","VA","3-2005",1200654.72,432,11252.700833333334,3.8390783368229889E-2,2779.2933333333331,106.69924827676554]
[22336,"T","CO   ","VA","6-2005",1031967.69,389,10737.843333333332,3.6227013928619441E-2,2652.8732390745499,96.105675782815482]
[22337,"T","CO   ","VA","9-2005",920499.38,349,10523.160833333333,3.3164940223521247E-2,2637.5340401146132,87.473658777903623]
[22338,"T","CO   ","VA","12-2005",1184230.06,393,11318.684999999999,3.4721347930435381E-2,3013.3080407124685,104.62611690315616]
[22339,"T","CO   ","VA","3-2006",1642984.88,532,13527.455,3.9327427073311279E-2,3088.3174436090221,121.45557904276895]
[22340,"T","CO   ","VA","6-2006",2274619.27,731,16907.045000000002,4.3236414169359576E-2,3111.6542681258552,134.53677268854491]
[22341,"T","CO   ","VA","9-2006",3046112.58,1005,21011.192500000001,4.7831649726687332E-2,3030.9577910447761,144.97571139762772]
[22342,"T","CO   ","VA","12-2006",4114384.48,1296,24876.592499999999,5.2097167246679787E-2,3174.6793827160495,165.39180275594418]
[22343,"T","CO   ","VA","3-2007",5073514.07,1496,27767.257500000003,5.3876404610718208E-2,3391.3864104278077,182.71570643949983]
[22344,"T","CO   ","VA","6-2007",5763719.9900000002,1618,29583.800833333331,5.4692093457340017E-2,3562.2496847960447,194.82689267924528]
[22345,"T","CO   ","VA","9-2007",5950604.5700000003,1652,30376.104166666668,5.438485432285383E-2,3602.0608777239713,195.89755609706918]
[22346,"T","CO   ","VA","12-2007",5752289.9000000004,1654,30317.807499999999,5.4555396197432812E-2,3477.8052599758166,189.7330438554965]
[22347,"T","CO   ","VA","3-2008",5548740.3300000001,1601,29787.620833333334,5.3747159229596074E-2,3465.7965833853841,186.2767208246043]
[22348,"T","CO   ","VA","6-2008",5282754.25,1517,29156.084166666667,5.203030665326256E-2,3482.3693144363874,181.18874331003698]
[{"$f":"INDEX(State,MATCH(D3266,StateAbbr),1)*1000+INDEX(Coverage,MATCH(C3266,CoverageAbbr),1)*100+VLOOKUP(E3266,Date,2,FALSE)","v":23301},"T","CO   ","WI","9-1996",625738.68999999994,322,7187.6108333333332,4.4799309181667114E-2,1943.2878571428569,87.057953541122203]
[23302,"T","CO   ","WI","12-1996",852548.21,410,9452.6841666666678,{"$f":"G3267/H3267","v":4.3373923509027988E-2},{"$f":"F3267/G3267","v":2079.3858780487803},{"$f":"F3267/H3267","v":90.191124020240792}]
[23303,"T","CO   ","WI","3-1997",834676.71,411,9208.3625000000011,4.463334279031695E-2,2030.8435766423356,90.643337509790683]
[23304,"T","CO   ","WI","6-1997",810934.93,401,8948.0583333333325,4.4814191533172468E-2,2022.2816209476312,90.62691589516163]
[23305,"T","CO   ","WI","9-1997",773099.75,383,8675.5708333333332,4.4146950945110723E-2,2018.5372062663184,89.112263025920001]
[23306,"T","CO   ","WI","12-1997",694120.37,369,8411.8449999999993,4.3866714139406994E-2,1881.0850135501355,82.517018561326324]
[23307,"T","CO   ","WI","3-1998",694592.69,351,8088.2816666666668,4.3396114831971935E-2,1978.8965527065525,85.876422041846951]
[23308,"T","CO   ","WI","6-1998",629527.04000000004,323,7719.0133333333333,4.1844726268987747E-2,1949.0001238390093,81.555376680266562]
[23309,"T","CO   ","WI","9-1998",589034.14,296,7372.8066666666664,4.0147533142059877E-2,1989.9802027027029,79.892796140049796]
[23310,"T","CO   ","WI","12-1998",642662.85,316,7035.8566666666666,4.4912796688581398E-2,2033.7431962025316,91.341094687830008]
[23311,"T","CO   ","WI","3-1999",590140.17000000004,304,6780.5158333333338,4.483434704267214E-2,1941.2505592105265,87.034701268426105]
[23312,"T","CO   ","WI","6-1999",634788.79,308,6635.875,4.6414376401002128E-2,2061.002564935065,95.660148812326938]
[23313,"T","CO   ","WI","9-1999",650522.82999999996,312,6549.689166666667,4.7635848367867835E-2,2085.0090705128205,99.321175928577773]
[23314,"T","CO   ","WI","12-1999",663726.26,295,6571.3083333333334,4.4892125743605092E-2,2249.9195254237288,101.00367024831432]
[23315,"T","CO   ","WI","3-2000",787924.25,305,6723.2133333333331,4.5365212269529852E-2,2583.3581967213113,117.19459296249215]
[23316,"T","CO   ","WI","6-2000",831807.89,319,6947.9908333333333,4.5912553377241309E-2,2607.5482445141065,119.71919795998579]
[23317,"T","CO   ","WI","9-2000",893349.83,342,7223.8683333333329,4.7343055578947663E-2,2612.1340058479532,123.66640541851885]
[23318,"T","CO   ","WI","12-2000",831781.32,355,7515.4174999999996,4.72362313870121E-2,2343.0459718309858,110.67666167581508]
[23319,"T","CO   ","WI","3-2001",935333.21,401,7755.0908333333327,5.1707969463929561E-2,2332.5017705735659,120.60893032737958]
[23320,"T","CO   ","WI","6-2001",913802.79,407,7978.9075000000003,5.1009489707707474E-2,2245.2157002457002,114.52730715326628]
[23321,"T","CO   ","WI","9-2001",953593.5,417,8236.9533333333329,5.062551444992202E-2,2286.794964028777,115.77017149544776]
[23322,"T","CO   ","WI","12-2001",962351.59,419,8528.3266666666659,4.9130388219963433E-2,2296.7818377088306,112.8417833431959]
[23323,"T","CO   ","WI","3-2002",1043087.51,426,8849.9166666666661,4.8136046478780406E-2,2448.5622300469486,117.86410531172611]
[23324,"T","CO   ","WI","6-2002",1190767.24,455,9147.6683333333331,4.9739450909257209E-2,2617.0708571428572,130.17166742490483]
[23325,"T","CO   ","WI","9-2002",1153405.8700000001,448,9397.2416666666668,4.7673563785117792E-2,2574.5666741071432,122.73876855708546]
[23326,"T","CO   ","WI","12-2002",1312126.3899999999,457,9566.8983333333326,4.7768878070722678E-2,2871.1737199124723,137.15274734636216]
[23327,"T","CO   ","WI","3-2003",1206973.72,432,9640.2858333333334,4.4811949299912703E-2,2793.9206481481483,125.20103043279404]
[23328,"T","CO   ","WI","6-2003",1139989.46,429,9686.5358333333334,4.4288278842031847E-2,2657.3180885780885,117.68804447892147]
[23329,"T","CO   ","WI","9-2003",1178058.69,439,9676.2883333333339,4.5368635666602875E-2,2683.5049886104784,121.74696013778009]
[23330,"T","CO   ","WI","12-2003",1185441.5900000001,441,9580.8016666666663,4.6029551110980449E-2,2688.0761678004537,123.73093935597944]
[23331,"T","CO   ","WI","3-2004",1136357.8600000001,456,9433.2733333333326,4.8339530074749594E-2,2492.0128508771932,120.46273015164056]
[23332,"T","CO   ","WI","6-2004",1021391.75,400,9196.2458333333325,4.349600992071493E-2,2553.4793749999999,111.06616422734096]
[23333,"T","CO   ","WI","9-2004",893718.09,363,8860.7966666666671,4.0966970990945505E-2,2462.033305785124,100.86204701684083]
[23334,"T","CO   ","WI","12-2004",816173.11,350,8453.8883333333342,4.140106731951549E-2,2331.9231714285715,96.544108204252353]
[23335,"T","CO   ","WI","3-2005",739073.75,312,8024.5908333333327,3.8880487052870505E-2,2368.8261217948716,92.101113358946975]
[23336,"T","CO   ","WI","6-2005",704100.53,322,7598.9316666666664,4.2374377626328612E-2,2186.6476086956523,92.65783150657802]
[23337,"T","CO   ","WI","9-2005",788797.75,330,7178.7091666666665,4.5969267223181141E-2,2390.2962121212122,109.88016531755767]
[23338,"T","CO   ","WI","12-2005",679639.2,304,6821.3641666666663,4.4565865796394342E-2,2235.6552631578948,99.633912424897417]
[23339,"T","CO   ","WI","3-2006",668802.99,297,6515.7358333333332,4.5581958445982632E-2,2251.8619191919192,102.64427642669675]
[23340,"T","CO   ","WI","6-2006",758576.36,288,6240.9083333333328,4.6147128689867534E-2,2633.9456944444446,121.54903092365028]
[23341,"T","CO   ","WI","9-2006",602839.21,265,6024.0383333333339,4.3990423921051847E-2,2274.8649433962264,100.07227322313962]
[23342,"T","CO   ","WI","12-2006",584911.06999999995,248,5919.9783333333335,4.1892045213003312E-2,2358.5123790322577,98.802907217847348]
[23343,"T","CO   ","WI","3-2007",610904.57999999996,250,5988.3441666666668,4.1747767503342949E-2,2443.61832,102.0156094902695]
[23344,"T","CO   ","WI","6-2007",539525.38,250,6297.9316666666664,3.9695572011869504E-2,2158.1015200000002,85.667074296085048]
[23345,"T","CO   ","WI","9-2007",696861.26,275,6807.4316666666664,4.0397026876754061E-2,2534.0409454545456,102.36772018032254]
[23346,"T","CO   ","WI","12-2007",875915.08,330,7402.831666666666,4.457753665883258E-2,2654.288121212121,118.32162602643719]
[23347,"T","CO   ","WI","3-2008",1112332.55,389,8060.7991666666667,4.8258242384775954E-2,2859.4667095115683,137.992837558807]
[23348,"T","CO   ","WI","6-2008",1272790.24,442,8828.5475000000006,5.0064860612688548E-2,2879.6159276018097,144.16757003346245]
[1401,"T","CSL  ","AR","9-1996",58564.41,33,1294.4033333333334,2.5494371924258536E-2,1774.679090909091,45.244328789841397]
[1402,"T","CSL  ","AR","12-1996",118774.02,58,1704.8275000000001,3.4021037319024942E-2,2047.8279310344828,69.669230464665773]
[1403,"T","CSL  ","AR","3-1997",163753.39000000001,67,1664.6599999999999,4.0248459144810358E-2,2444.0804477611941,98.37047204834623]
[1404,"T","CSL  ","AR","6-1997",162049.12,62,1622.8941666666667,3.8203353782055E-2,2613.6954838709676,99.851933248882006]
[1405,"T","CSL  ","AR","9-1997",156820.49,63,1583.9858333333334,3.9773082987379409E-2,2489.2141269841268,99.00372004589687]
[1406,"T","CSL  ","AR","12-1997",141868.9,56,1543.1949999999999,3.6288349819692263E-2,2533.3732142857143,91.931933423838203]
[1407,"T","CSL  ","AR","3-1998",89539.47,51,1506.3458333333335,3.3856767065995795E-2,1755.6758823529412,59.441509392210172]
[1408,"T","CSL  ","AR","6-1998",80846.31,49,1466.9216666666669,3.3403283292791137E-2,1649.9246938775509,55.112901961363526]
[1409,"T","CSL  ","AR","9-1998",92403.88,54,1415.665,3.8144617547230454E-2,1711.1829629629631,65.272419675558837]
[1410,"T","CSL  ","AR","12-1998",64973.52,49,1365.9025000000001,3.5873717194309256E-2,1325.9902040816326,47.568197583648896]
[1411,"T","CSL  ","AR","3-1999",99897.57,50,1311.0716666666667,3.8136740554482781E-2,1997.9514000000001,76.19535418226566]
[1412,"T","CSL  ","AR","6-1999",117004.78,56,1264.8875,4.4272712000079054E-2,2089.3710714285712,92.502123706653748]
[1413,"T","CSL  ","AR","9-1999",129847.76,51,1226.6708333333333,4.1575945733879981E-2,2546.0345098039215,105.85379261619356]
[1414,"T","CSL  ","AR","12-1999",128916.36,47,1186.7108333333333,3.9605267500577579E-2,2742.9012765957445,108.6333387872502]
[1415,"T","CSL  ","AR","3-2000",112681.95,43,1151.6783333333333,3.7336814243560487E-2,2620.5104651162792,97.841512459352799]
[1416,"T","CSL  ","AR","6-2000",97009.74,37,1112.2025000000001,3.3267323171814481E-2,2621.884864864865,87.223091118748613]
[{"$f":"INDEX(State,MATCH(D3330,StateAbbr),1)*1000+INDEX(Coverage,MATCH(C3330,CoverageAbbr),1)*100+VLOOKUP(E3330,Date,2,FALSE)","v":1417},"T","CSL  ","AR","9-2000",81669.88,33,1080.8924999999999,3.0530325633677725E-2,2474.8448484848486,75.557819117072242]
[1418,"T","CSL  ","AR","12-2000",77751.850000000006,31,1052.9641666666666,{"$f":"G3331/H3331","v":2.9440697966138449E-2},{"$f":"F3331/G3331","v":2508.1241935483872},{"$f":"F3331/H3331","v":73.840926843822643}]
[1419,"T","CSL  ","AR","3-2001",48790.43,27,1025.4624999999999,2.6329582993039731E-2,1807.052962962963,47.578950961151683]
[1420,"T","CSL  ","AR","6-2001",62082.59,28,1004.54,2.7873454516495113E-2,2217.2353571428571,61.802008879686227]
[1421,"T","CSL  ","AR","9-2001",108952.23,34,982.01416666666671,3.4622718443471201E-2,3204.4773529411764,110.94771714936223]
[1422,"T","CSL  ","AR","12-2001",116436.35,42,960.10666666666668,4.3745139428952341E-2,2772.2940476190479,121.27438965114987]
[1423,"T","CSL  ","AR","3-2002",372677.66,55,933.93,5.8890923302602982E-2,6775.9574545454543,399.04239075733727]
[1424,"T","CSL  ","AR","6-2002",362660.15,58,914.89499999999998,6.3395253007175689E-2,6252.7612068965518,396.39537870466012]
[1425,"T","CSL  ","AR","9-2002",475735.38,60,899.43166666666673,6.6708792033487813E-2,7928.9229999999998,528.92887545653821]
[1426,"T","CSL  ","AR","12-2002",493389.29,58,882.82499999999993,6.5698184804462947E-2,8506.7118965517238,558.87553025797865]
[1427,"T","CSL  ","AR","3-2003",272942.77,57,857.2166666666667,6.6494274104174356E-2,4788.4696491228069,318.40581338829156]
[1428,"T","CSL  ","AR","6-2003",305256.32000000001,58,802.7600000000001,7.2250734964372898E-2,5263.04,380.25850814689318]
[1429,"T","CSL  ","AR","9-2003",199483.97,54,746.70583333333332,7.2317635124050414E-2,3694.1475925925924,267.15201769550038]
[1430,"T","CSL  ","AR","12-2003",178990.43,45,689.37083333333339,6.52769131273081E-2,3977.565111111111,259.64317221621161]
[1431,"T","CSL  ","AR","3-2004",245222.89,43,648.17500000000007,6.6340108766922506E-2,5702.8579069767447,378.32821383114128]
[1432,"T","CSL  ","AR","6-2004",220732.82,43,629.34749999999997,6.8324733156165718E-2,5133.3213953488375,350.73281454204556]
[1433,"T","CSL  ","AR","9-2004",149287.45000000001,34,612.65166666666664,5.5496462100541093E-2,4390.8073529411768,243.67427385327719]
[1434,"T","CSL  ","AR","12-2004",144435.35,33,599.43583333333333,5.5051763950269908E-2,4376.8287878787878,240.95214528104898]
[1435,"T","CSL  ","AR","3-2005",51522.42,26,586.25333333333333,4.4349428006095204E-2,1981.6315384615384,87.884225249607681]
[1436,"T","CSL  ","AR","6-2005",42923.72,20,571.33083333333332,3.5005987482442311E-2,2146.1860000000001,75.129360250992931]
[1437,"T","CSL  ","AR","9-2005",189321.24,22,555.27666666666664,3.9619889184370559E-2,8605.5109090909082,340.94938859307371]
[1438,"T","CSL  ","AR","12-2005",186282.63,25,535.87416666666661,4.6652743414576502E-2,7451.3051999999998,347.62382959929965]
[1439,"T","CSL  ","AR","3-2006",199313.29,29,512.36250000000007,5.6600551367440036E-2,6872.8720689655174,389.00834858132669]
[1440,"T","CSL  ","AR","6-2006",204860.02,31,490.14416666666665,6.3246697825299708E-2,6608.387741935484,417.95870262660816]
[1441,"T","CSL  ","AR","9-2006",82459.89,28,467.16249999999997,5.9936317662483612E-2,2944.9960714285712,176.51222005190914]
[1442,"T","CSL  ","AR","12-2006",88941.46,27,466.45583333333337,5.7883293702333367E-2,3294.1281481481483,190.67498709238279]
[1443,"T","CSL  ","AR","3-2007",84797.81,20,550.60583333333341,3.6323625339966428E-2,4239.8904999999995,154.0081940044829]
[1444,"T","CSL  ","AR","6-2007",77560.23,16,832.72166666666669,1.9214103151713357E-2,4847.5143749999997,93.140641230663306]
[1445,"T","CSL  ","AR","9-2007",46204.6,16,1560.9075,1.0250447255843155E-2,2887.7874999999999,29.601113454833165]
[1446,"T","CSL  ","AR","12-2007",53818.9,18,2791.3700000000003,6.4484464617732508E-3,2989.9388888888889,19.280460848973799]
[1447,"T","CSL  ","AR","3-2008",59813.16,22,4323.8,5.0881169341782688E-3,2718.78,13.833470558305194]
[1448,"T","CSL  ","AR","6-2008",78557.919999999998,29,6039.0166666666664,4.8021063031784975E-3,2708.8937931034484,13.008395958503177]
[2401,"T","CSL  ","CO","9-1996",null,null,0,{"$error":"#DIV/0!"},{"$error":"#DIV/0!"},{"$error":"#DIV/0!"}]
[2402,"T","CSL  ","CO","12-1996",null,null,0,{"$error":"#DIV/0!"},{"$error":"#DIV/0!"},{"$error":"#DIV/0!"}]
[2403,"T","CSL  ","CO","3-1997",null,null,0,{"$error":"#DIV/0!"},{"$error":"#DIV/0!"},{"$error":"#DIV/0!"}]
[2404,"T","CSL  ","CO","6-1997",null,null,0,{"$error":"#DIV/0!"},{"$error":"#DIV/0!"},{"$error":"#DIV/0!"}]
[2405,"T","CSL  ","CO","9-1997",null,null,0,{"$error":"#DIV/0!"},{"$error":"#DIV/0!"},{"$error":"#DIV/0!"}]
[2406,"T","CSL  ","CO","12-1997",null,null,0,{"$error":"#DIV/0!"},{"$error":"#DIV/0!"},{"$error":"#DIV/0!"}]
[2407,"T","CSL  ","CO","3-1998",null,null,0,{"$error":"#DIV/0!"},{"$error":"#DIV/0!"},{"$error":"#DIV/0!"}]
[2408,"T","CSL  ","CO","6-1998",null,null,0,{"$error":"#DIV/0!"},{"$error":"#DIV/0!"},{"$error":"#DIV/0!"}]
[2409,"T","CSL  ","CO","9-1998",null,null,0,{"$error":"#DIV/0!"},{"$error":"#DIV/0!"},{"$error":"#DIV/0!"}]
[2410,"T","CSL  ","CO","12-1998",null,null,0,{"$error":"#DIV/0!"},{"$error":"#DIV/0!"},{"$error":"#DIV/0!"}]
[2411,"T","CSL  ","CO","3-1999",null,null,0,{"$error":"#DIV/0!"},{"$error":"#DIV/0!"},{"$error":"#DIV/0!"}]
[2412,"T","CSL  ","CO","6-1999",null,null,0,{"$error":"#DIV/0!"},{"$error":"#DIV/0!"},{"$error":"#DIV/0!"}]
[2413,"T","CSL  ","CO","9-1999",null,null,0,{"$error":"#DIV/0!"},{"$error":"#DIV/0!"},{"$error":"#DIV/0!"}]
[2414,"T","CSL  ","CO","12-1999",null,null,0,{"$error":"#DIV/0!"},{"$error":"#DIV/0!"},{"$error":"#DIV/0!"}]
[2415,"T","CSL  ","CO","3-2000",null,null,0,{"$error":"#DIV/0!"},{"$error":"#DIV/0!"},{"$error":"#DIV/0!"}]
[2416,"T","CSL  ","CO","6-2000",null,null,0,{"$error":"#DIV/0!"},{"$error":"#DIV/0!"},{"$error":"#DIV/0!"}]
[2417,"T","CSL  ","CO","9-2000",null,null,0,{"$error":"#DIV/0!"},{"$error":"#DIV/0!"},{"$error":"#DIV/0!"}]
[2418,"T","CSL  ","CO","12-2000",null,null,0,{"$error":"#DIV/0!"},{"$error":"#DIV/0!"},{"$error":"#DIV/0!"}]
[2419,"T","CSL  ","CO","3-2001",null,null,0,{"$error":"#DIV/0!"},{"$error":"#DIV/0!"},{"$error":"#DIV/0!"}]
[2420,"T","CSL  ","CO","6-2001",null,null,0,{"$error":"#DIV/0!"},{"$error":"#DIV/0!"},{"$error":"#DIV/0!"}]
[2421,"T","CSL  ","CO","9-2001",null,null,0,{"$error":"#DIV/0!"},{"$error":"#DIV/0!"},{"$error":"#DIV/0!"}]
[2422,"T","CSL  ","CO","12-2001",null,null,0,{"$error":"#DIV/0!"},{"$error":"#DIV/0!"},{"$error":"#DIV/0!"}]
[2423,"T","CSL  ","CO","3-2002",null,null,0,{"$error":"#DIV/0!"},{"$error":"#DIV/0!"},{"$error":"#DIV/0!"}]
[2424,"T","CSL  ","CO","6-2002",null,null,7.8333333333333324E-2,0,{"$error":"#DIV/0!"},0]
[2425,"T","CSL  ","CO","9-2002",null,null,1.1366666666666667,0,{"$error":"#DIV/0!"},0]
[2426,"T","CSL  ","CO","12-2002",null,null,2.7341666666666669,0,{"$error":"#DIV/0!"},0]
[2427,"T","CSL  ","CO","3-2003",null,null,5.69,0,{"$error":"#DIV/0!"},0]
[2428,"T","CSL  ","CO","6-2003",null,null,13.265833333333333,0,{"$error":"#DIV/0!"},0]
[2429,"T","CSL  ","CO","9-2003",null,null,24.922499999999999,0,{"$error":"#DIV/0!"},0]
[2430,"T","CSL  ","CO","12-2003",11927.18,2,41.682499999999997,4.7981766928567149E-2,5963.59,286.14358543753377]
[2431,"T","CSL  ","CO","3-2004",9349.18,2,57.034166666666664,3.5066699785216468E-2,4674.59,163.92244414897505]
[2432,"T","CSL  ","CO","6-2004",11257.51,4,66.200833333333335,6.042220012336199E-2,2814.3775000000001,170.05088052768721]
[{"$f":"INDEX(State,MATCH(D3394,StateAbbr),1)*1000+INDEX(Coverage,MATCH(C3394,CoverageAbbr),1)*100+VLOOKUP(E3394,Date,2,FALSE)","v":2433},"T","CSL  ","CO","9-2004",11257.51,4,68.568333333333342,5.8335966554045833E-2,2814.3775000000001,164.17943171045914]
[2434,"T","CSL  ","CO","12-2004",1777.95,3,62.6325,{"$f":"G3395/H3395","v":4.7898455274817384E-2},{"$f":"F3395/G3395","v":592.65},{"$f":"F3395/H3395","v":28.387019518620527}]
[2435,"T","CSL  ","CO","3-2005",4680.47,4,55.659166666666664,7.1865969966013382E-2,1170.1175000000001,84.091629111706681]
[2436,"T","CSL  ","CO","6-2005",2772.14,2,47.74,4.1893590280687051E-2,1386.07,58.067448680351902]
[2437,"T","CSL  ","CO","9-2005",2772.14,2,40.567500000000003,4.9300548468601713E-2,1386.07,68.334011215874767]
[2438,"T","CSL  ","CO","12-2005",324.52,1,34.145000000000003,2.9286864841118757E-2,324.52,9.5041733782398587]
[2439,"T","CSL  ","CO","3-2006",1439.19,1,27.9725,3.5749396728930197E-2,1439.19,51.450174278309056]
[2440,"T","CSL  ","CO","6-2006",15212.53,2,23.854166666666668,8.3842794759825326E-2,7606.2650000000003,637.73051528384281]
[2441,"T","CSL  ","CO","9-2006",15212.53,2,20.428333333333331,9.7903238965489123E-2,7606.2650000000003,744.67797992983617]
[2442,"T","CSL  ","CO","12-2006",15212.53,2,17.571666666666669,0.11381959594043439,7606.2650000000003,865.74200891586827]
[2443,"T","CSL  ","CO","3-2007",23273.34,2,15.5075,0.12896985329679186,11636.67,1500.7796227631791]
[2444,"T","CSL  ","CO","6-2007",9500,1,13.204166666666666,7.5733669927421907E-2,9500,719.46986431050811]
[2445,"T","CSL  ","CO","9-2007",9500,1,10.829166666666666,9.2343208926510198E-2,9500,877.26048480184693]
[2446,"T","CSL  ","CO","12-2007",9500,1,9.6783333333333328,0.10332357499569486,9500,981.57396245910115]
[2447,"T","CSL  ","CO","3-2008",14000,1,8.0866666666666678,0.12366034624896947,14000,1731.2448474855728]
[2448,"T","CSL  ","CO","6-2008",14000,1,7.1066666666666665,0.14071294559099437,14000,1969.9812382739212]
[3401,"T","CSL  ","CT","9-1996",359184.58,204,6269.4233333333332,3.2538877844692789E-2,1760.7087254901962,57.291486138810221]
[3402,"T","CSL  ","CT","12-1996",623568.85,303,8234.3249999999989,3.6797187383301004E-2,2057.98300330033,75.727986204090811]
[3403,"T","CSL  ","CT","3-1997",783223.22,318,8025.1083333333336,3.9625633298823584E-2,2462.9661006289307,97.596591530955436]
[3404,"T","CSL  ","CT","6-1997",987295.52,340,7816.6100000000006,4.3497117036669343E-2,2903.8103529411765,126.30737877417448]
[3405,"T","CSL  ","CT","9-1997",1332542.6499999999,351,7611.8908333333338,4.6112064358954173E-2,3796.4178062678061,175.0606622161007]
[3406,"T","CSL  ","CT","12-1997",1440373.18,334,7449.1100000000006,4.4837571199780907E-2,4312.4945508982037,193.36178147456539]
[3407,"T","CSL  ","CT","3-1998",1622661.58,346,7359.104166666667,4.7016592259587757E-2,4689.7733526011561,220.49716150912843]
[3408,"T","CSL  ","CT","6-1998",1743784.62,350,7341.9575000000004,4.7671210300522709E-2,4982.2417714285721,237.50949525382026]
[3409,"T","CSL  ","CT","9-1998",1554684.53,349,7410.3641666666663,4.7096200962683236E-2,4454.6834670487106,209.79866778926859]
[3410,"T","CSL  ","CT","12-1998",1704436.21,356,7511.9741666666669,4.7391004295475367E-2,4787.7421629213486,226.89590940863414]
[3411,"T","CSL  ","CT","3-1999",1590444.56,343,7612.185833333333,4.505933085579996E-2,4636.8646064139939,208.93401643395686]
[3412,"T","CSL  ","CT","6-1999",1517094.31,345,7673.5999999999995,4.4959341117598001E-2,4397.3748115942035,197.70307417639702]
[3413,"T","CSL  ","CT","9-1999",1679724.9,376,7678.7141666666676,4.8966531614396805E-2,4467.3534574468085,218.75080430675402]
[3414,"T","CSL  ","CT","12-1999",1498189.74,382,7695.7008333333333,4.9638104218578318E-2,3921.9626701570683,194.67879176263023]
[3415,"T","CSL  ","CT","3-2000",1537936.84,409,7711.9366666666674,5.3034667902269246E-2,3760.2367726161369,199.42290846959756]
[3416,"T","CSL  ","CT","6-2000",1446942.79,394,7712.19,5.1087952967963708E-2,3672.4436294416246,187.61762741841164]
[3417,"T","CSL  ","CT","9-2000",1353047.5,392,7702.4691666666668,5.0892771073518306E-2,3451.6517857142858,175.66412415585782]
[3418,"T","CSL  ","CT","12-2000",1647109.15,398,7664.894166666666,5.1925048323672229E-2,4138.4652010050249,214.8900055480218]
[3419,"T","CSL  ","CT","3-2001",1783818.81,383,7580.4033333333327,5.052501603916415E-2,4657.4903655352482,235.31977542092091]
[3420,"T","CSL  ","CT","6-2001",1972941.29,376,7475.8566666666666,5.0295239296990264E-2,5247.1842819148933,263.90838909431562]
[3421,"T","CSL  ","CT","9-2001",1853958.83,342,7363.0950000000003,4.6447859222242815E-2,5420.9322514619889,251.79069806922226]
[3422,"T","CSL  ","CT","12-2001",1442772.53,328,7271.520833333333,4.5107482673558089E-2,4398.6967378048785,198.41413688677002]
[3423,"T","CSL  ","CT","3-2002",1614592.47,341,7199.4975000000004,4.7364416752696974E-2,4734.8752785923753,224.26460596729146]
[3424,"T","CSL  ","CT","6-2002",1708891.23,355,7156.831666666666,4.9602955125161302E-2,4813.7781126760565,238.77761970555409]
[3425,"T","CSL  ","CT","9-2002",1996558.99,372,7137.0883333333331,5.2122095541762711E-2,5367.0940591397848,279.74418933211092]
[3426,"T","CSL  ","CT","12-2002",2376578.8199999998,388,7088.3008333333337,5.473808309255121E-2,6125.2031443298965,335.28187867308583]
[3427,"T","CSL  ","CT","3-2003",2209436.16,358,7024.4049999999997,5.0965170715526795E-2,6171.6093854748606,314.5371259202737]
[3428,"T","CSL  ","CT","6-2003",1934989.7,344,6912.543333333334,4.9764606659488085E-2,5624.9700581395346,279.92442241471178]
[3429,"T","CSL  ","CT","9-2003",1785285.78,318,6738.2058333333334,4.7193571681482471E-2,5614.1062264150942,264.9497246237778]
[3430,"T","CSL  ","CT","12-2003",1542496.15,296,6521.6875,4.5387025980622345E-2,5211.1356418918913,236.5179487670944]
[3431,"T","CSL  ","CT","3-2004",1520287.85,294,6272.6883333333326,4.6869856172778661E-2,5171.0471088435379,242.36623425415954]
[3432,"T","CSL  ","CT","6-2004",1368855.84,273,6041.4741666666669,4.5187646668466259E-2,5014.1239560439562,226.57646167760657]
[3433,"T","CSL  ","CT","9-2004",1333059,273,5825.9674999999997,4.6859169743051265E-2,4883,228.81332585531931]
[3434,"T","CSL  ","CT","12-2004",1447812.15,248,5622.1549999999997,4.4111199353272901E-2,5837.9522177419349,257.51907409169615]
[3435,"T","CSL  ","CT","3-2005",1430003.49,226,5409.6241666666665,4.1777393962519581E-2,6327.4490707964605,264.34433260844213]
[3436,"T","CSL  ","CT","6-2005",1691817.42,228,5225.42,4.363285630628734E-2,7420.2518421052628,323.76678238304288]
[3437,"T","CSL  ","CT","9-2005",1705236.73,229,5098.6841666666669,4.4913548773449878E-2,7446.4486026200875,334.44643250276499]
[3438,"T","CSL  ","CT","12-2005",1461348.58,245,4977.0991666666669,4.9225460814775135E-2,5964.6880816326529,293.61451943476447]
[3439,"T","CSL  ","CT","3-2006",1988019.67,256,4858.9808333333331,5.2685945629544748E-2,7765.7018359374997,409.14334470345892]
[3440,"T","CSL  ","CT","6-2006",1912721.3,261,4771.1099999999997,5.4704251211982122E-2,7328.4340996168585,400.89649997589663]
[3441,"T","CSL  ","CT","9-2006",1834503.47,254,4781.26,5.3124071897365961E-2,7222.4546062992122,383.68619778050135]
[3442,"T","CSL  ","CT","12-2006",2305925.09,254,4909.104166666667,5.174060100917937E-2,9078.445236220472,469.7242127509686]
[3443,"T","CSL  ","CT","3-2007",1833682.06,250,5142.3841666666667,4.8615582169165693E-2,7334.7282400000004,356.58208344022012]
[3444,"T","CSL  ","CT","6-2007",1681922.01,236,5453.0425000000005,4.3278591721960719E-2,7126.788177966102,308.43735584309127]
[3445,"T","CSL  ","CT","9-2007",2049340.14,262,5751.0825000000004,4.5556640858481857E-2,7821.9089312977094,356.33989601088138]
[3446,"T","CSL  ","CT","12-2007",1645242.62,255,6020.7458333333334,4.2353556695287613E-2,6451.9318431372558,273.26226111244523]
[3447,"T","CSL  ","CT","3-2008",1803407.15,273,6233.126666666667,4.3798243578129323E-2,6605.8869963369962,289.32624771516487]
[3448,"T","CSL  ","CT","6-2008",2337769.86,314,6388.0466666666662,4.9154305906761279E-2,7445.1269426751587,365.96004725492509]
[{"$f":"INDEX(State,MATCH(D3458,StateAbbr),1)*1000+INDEX(Coverage,MATCH(C3458,CoverageAbbr),1)*100+VLOOKUP(E3458,Date,2,FALSE)","v":4401},"T","CSL  ","FL","9-1996",164180.39000000001,77,2955.0433333333331,2.6057147498119038E-2,2132.2128571428575,55.559384915957246]
[4402,"T","CSL  ","FL","12-1996",232223.88,113,3888.9283333333333,{"$f":"G3459/H3459","v":2.9056848137683174E-2},{"$f":"F3459/G3459","v":2055.0785840707963},{"$f":"F3459/H3459","v":59.714106328350098}]
[4403,"T","CSL  ","FL","3-1997",273265.17,124,3804.4091666666668,3.2593760178704925E-2,2203.7513709677419,71.828543678814768]
[4404,"T","CSL  ","FL","6-1997",374089.83,143,3728.1483333333331,3.8356842918893165E-2,2616.0127972027972,100.34199193612201]
[4405,"T","CSL  ","FL","9-1997",419840.01,142,3646.9524999999999,3.8936618999013559E-2,2956.6197887323942,115.12077823881721]
[4406,"T","CSL  ","FL","12-1997",533738.06000000006,143,3557.2791666666667,4.0199262779254279E-2,3732.4339860139862,150.04109460999572]
[4407,"T","CSL  ","FL","3-1998",666314.01,147,3483.1175000000003,4.2203571943811823E-2,4532.7483673469387,191.29817182452211]
[4408,"T","CSL  ","FL","6-1998",754385.66,138,3407.5283333333332,4.0498562741224459E-2,5466.5627536231887,221.38793465644943]
[4409,"T","CSL  ","FL","9-1998",795863.67,141,3339.2658333333334,4.2224850322638285E-2,5644.4231914893617,238.33492441826661]
[4410,"T","CSL  ","FL","12-1998",831160.2,150,3262.6774999999998,4.5974510199061971E-2,5541.0679999999993,254.7478872796959]
[4411,"T","CSL  ","FL","3-1999",680881.81,146,3171.4091666666668,4.6036317714706738E-2,4663.5740410958906,214.69377624194922]
[4412,"T","CSL  ","FL","6-1999",503208.32,134,3067.0008333333335,4.369089129146525E-2,3755.2859701492539,164.07179109015567]
[4413,"T","CSL  ","FL","9-1999",419783.19,131,2963.5541666666668,4.4203679984478092E-2,3204.4518320610687,141.64856331010202]
[4414,"T","CSL  ","FL","12-1999",257972.29,109,2872.2616666666668,3.794918870553228E-2,2366.7182568807339,89.815037743195404]
[4415,"T","CSL  ","FL","3-2000",255878.05,97,2791.6141666666667,3.4746922106296325E-2,2637.9180412371134,91.659532701659757]
[4416,"T","CSL  ","FL","6-2000",266055.84999999998,102,2739.0883333333331,3.7238667610208512E-2,2608.3906862745098,97.132993763740117]
[4417,"T","CSL  ","FL","9-2000",330816.71000000002,95,2708.62,3.5073210712466128E-2,3482.2811578947371,122.13478081089265]
[4418,"T","CSL  ","FL","12-2000",387061.31,99,2696.335,3.6716505923781728E-2,3909.7102020202019,143.55089779274459]
[4419,"T","CSL  ","FL","3-2001",484190.83,100,2709.22,3.6910992831885196E-2,4841.9083000000001,178.71964255394545]
[4420,"T","CSL  ","FL","6-2001",632710.07999999996,106,2726.9549999999999,3.8871195160902913E-2,5968.9630188679239,232.02072641462729]
[4421,"T","CSL  ","FL","9-2001",1022749.05,107,2726.0774999999999,3.9250534880244603E-2,9558.4023364485984,375.17240430618722]
[4422,"T","CSL  ","FL","12-2001",1067116.97,106,2713.1541666666667,3.9068918862885604E-2,10067.141226415095,393.31232375602195]
[4423,"T","CSL  ","FL","3-2002",962417.23,105,2699.0574999999999,3.890246873214076E-2,9165.8783809523811,356.57529711760498]
[4424,"T","CSL  ","FL","6-2002",864028.35,102,2694.9575,3.7848463287454441E-2,8470.8661764705885,320.60926749308663]
[4425,"T","CSL  ","FL","9-2002",383164.53,93,2701.895,3.4420286502621307E-2,4120.0487096774195,141.81325699185203]
[4426,"T","CSL  ","FL","12-2002",380665.68,86,2731.4866666666662,3.1484685995172353E-2,4426.3451162790698,139.36208609231116]
[4427,"T","CSL  ","FL","3-2003",406328.11,87,2712.8858333333333,3.2069171113294791E-2,4670.4380459770109,149.77707687047894]
[4428,"T","CSL  ","FL","6-2003",403595.38,83,2634.3466666666668,3.1506863181762969E-2,4862.5949397590366,153.20511347532087]
[4429,"T","CSL  ","FL","9-2003",634093.66,94,2535.3541666666665,3.7075687979161359E-2,6745.6772340425532,250.10062433749397]
[4430,"T","CSL  ","FL","12-2003",685101.98,93,2420.2024999999999,3.8426536622452045E-2,7366.6879569892471,283.07630456542375]
[4431,"T","CSL  ","FL","3-2004",645316.72,91,2317.11,3.9273059975573017E-2,7091.392527472527,278.50068404175892]
[4432,"T","CSL  ","FL","6-2004",602145.21,90,2259.1533333333332,3.9837933385073465E-2,6690.5023333333329,266.53578626801192]
[4433,"T","CSL  ","FL","9-2004",444482.87,82,2204.5408333333335,3.7195954259560474E-2,5420.5228048780491,201.62151831314833]
[4434,"T","CSL  ","FL","12-2004",296757.45,80,2154.7408333333333,3.712743489259536E-2,3709.4681250000003,137.72303629709529]
[4435,"T","CSL  ","FL","3-2005",428521.1,78,2096.9175,3.7197457696833566E-2,5493.8602564102557,204.35763448013572]
[4436,"T","CSL  ","FL","6-2005",371927.13,68,2029.0891666666666,3.351257358083902E-2,5469.5166176470593,183.29757810051882]
[4437,"T","CSL  ","FL","9-2005",482699.78,74,1977.3483333333334,3.7423856359821948E-2,6522.97,244.1146923194278]
[4438,"T","CSL  ","FL","12-2005",465228.06,70,1926.6775,3.6331975642005472E-2,6646.1151428571429,241.46649348424944]
[4439,"T","CSL  ","FL","3-2006",392473.84,70,1925.6208333333334,3.6351912478443098E-2,5606.7691428571434,203.81678116797829]
[4440,"T","CSL  ","FL","6-2006",549766.85,67,2019.6783333333333,3.3173599426311283E-2,8205.475373134328,272.20515313082035]
[4441,"T","CSL  ","FL","9-2006",473407.03,68,2189.1516666666666,3.106226079965527E-2,6961.8680882352946,216.25136220956216]
[4442,"T","CSL  ","FL","12-2006",510539.75,79,2426.9458333333332,3.2551200325512002E-2,6462.5284810126586,210.36305919476985]
[4443,"T","CSL  ","FL","3-2007",449850.19,81,2669.6333333333332,3.0341245364531959E-2,5553.7060493827157,168.50635792680643]
[4444,"T","CSL  ","FL","6-2007",341610.99,107,2832.5383333333334,3.7775305188573499E-2,3192.626074766355,120.60242432729653]
[4445,"T","CSL  ","FL","9-2007",306872.40999999997,104,2935.7941666666666,3.5424826842708375E-2,2950.69625,104.52790372167894]
[4446,"T","CSL  ","FL","12-2007",377480.93,112,2995.6041666666665,3.7388117310781774E-2,3370.3654464285714,126.01161869127681]
[4447,"T","CSL  ","FL","3-2008",436015.21,118,3001.3383333333331,3.9315794120733917E-2,3695.044152542373,145.27359516837768]
[4448,"T","CSL  ","FL","6-2008",544762.02,109,2992.5333333333333,3.6423988593833542E-2,4997.8166972477065,182.04041837462128]
[5401,"T","CSL  ","GA","9-1996",290293.26,144,4339.4991666666665,3.3183552863915368E-2,2015.9254166666667,66.895567633668946]
[5402,"T","CSL  ","GA","12-1996",427679.87,219,5718.6783333333333,3.8295561882451278E-2,1952.8761187214611,74.78648825325898]
[5403,"T","CSL  ","GA","3-1997",586513.30000000005,261,5600.1341666666667,4.6606026254430513E-2,2247.1773946360154,104.7320086527689]
[5404,"T","CSL  ","GA","6-1997",968353.68,291,5471.3191666666671,5.3186442087473418E-2,3327.6758762886598,176.98724028010918]
[5405,"T","CSL  ","GA","9-1997",1161069.93,300,5328.2966666666662,5.6303171307403435E-2,3870.2330999999999,217.90639722888304]
[5406,"T","CSL  ","GA","12-1997",1249200.1299999999,288,5200.6058333333331,5.5378163473582487E-2,4337.5004513888889,240.20280906375169]
[5407,"T","CSL  ","GA","3-1998",1273026.3,268,5082.5349999999999,5.2729592614708998E-2,4750.0981343283584,250.47073950302359]
[5408,"T","CSL  ","GA","6-1998",1022177.98,252,4971.8666666666668,5.0685188661535575E-2,4056.2618253968253,205.59239588082275]
[5409,"T","CSL  ","GA","9-1998",608074.51,270,4866.5,5.5481352101099356E-2,2252.1278148148149,124.95109627042022]
[5410,"T","CSL  ","GA","12-1998",629937.76,276,4752.1958333333332,5.8078414627623899E-2,2282.3831884057972,132.55719715535011]
[5411,"T","CSL  ","GA","3-1999",869093.46,277,4621.1966666666667,5.9941184065599167E-2,3137.5215162454874,188.06675471504855]
[5412,"T","CSL  ","GA","6-1999",1871082.64,276,4491.9741666666669,6.1442917915267022E-2,6779.2849275362314,416.53904732681559]
[5413,"T","CSL  ","GA","9-1999",2227445.7999999998,244,4373.1025,5.5795627932343231E-2,9128.876229508196,509.35138154205163]
[5414,"T","CSL  ","GA","12-1999",2177150.56,233,4262.586666666667,5.4661645198220796E-2,9343.993819742489,510.75807490913184]
[5415,"T","CSL  ","GA","3-2000",1875156.8,236,4158.7583333333332,5.6747707148167223E-2,7945.5796610169491,450.89342772582364]
[5416,"T","CSL  ","GA","6-2000",784652.1,226,4077.1416666666664,5.5430990256654482E-2,3471.9119469026546,192.45151730072334]
[{"$f":"INDEX(State,MATCH(D3522,StateAbbr),1)*1000+INDEX(Coverage,MATCH(C3522,CoverageAbbr),1)*100+VLOOKUP(E3522,Date,2,FALSE)","v":5417},"T","CSL  ","GA","9-2000",684644.11,220,4012.2841666666668,5.4831609841526262E-2,3112.0186818181819,170.6369941809954]
[5418,"T","CSL  ","GA","12-2000",908224.9,215,3978.6808333333333,{"$f":"G3523/H3523","v":5.403801134253669E-2},{"$f":"F3523/G3523","v":4224.3018604651161},{"$f":"F3523/H3523","v":228.27287185011281}]
[5419,"T","CSL  ","GA","3-2001",1074454.1000000001,195,3959.5658333333336,4.9247823677638053E-2,5510.0210256410264,271.35654393084764]
[5420,"T","CSL  ","GA","6-2001",1114845.82,182,3948.3783333333336,4.6094873549351691E-2,6125.5264835164835,282.35536868089724]
[5421,"T","CSL  ","GA","9-2001",1066607.71,180,3941.5416666666665,4.5667410171569923E-2,5925.5983888888886,270.60673213738278]
[5422,"T","CSL  ","GA","12-2001",879820.03,192,3935.0508333333332,4.8792254060250388E-2,4582.3959895833332,223.58542932842249]
[5423,"T","CSL  ","GA","3-2002",814614.2,192,3972.85,4.8328026479731175E-2,4242.7822916666664,205.04529493940117]
[5424,"T","CSL  ","GA","6-2002",797352.7,204,4038.9191666666666,5.0508562212291531E-2,3908.5916666666662,197.41734535827757]
[5425,"T","CSL  ","GA","9-2002",970199.26,215,4147.4441666666671,5.183915475655388E-2,4512.554697674419,233.92702132015839]
[5426,"T","CSL  ","GA","12-2002",983952.08,196,4250.4341666666669,4.6112936305918548E-2,5020.1636734693875,231.49448771997996]
[5427,"T","CSL  ","GA","3-2003",1002657.69,208,4307.2391666666672,4.8290794161070301E-2,4820.4696634615384,232.78430827790496]
[5428,"T","CSL  ","GA","6-2003",1107813.74,198,4300.9233333333332,4.6036626243822064E-2,5595.0188888888888,257.57579341490236]
[5429,"T","CSL  ","GA","9-2003",956738.8,170,4218.524166666667,4.0298453507338364E-2,5627.8752941176472,226.79467088509824]
[5430,"T","CSL  ","GA","12-2003",1235247.81,164,4120.2466666666669,3.9803442188736271E-2,7531.9988414634154,299.7994804518176]
[5431,"T","CSL  ","GA","3-2004",1315677.83,151,4012.7166666666667,3.7630366792239668E-2,8713.098211920531,327.87708161137721]
[5432,"T","CSL  ","GA","6-2004",1210978.1200000001,148,3917.1816666666668,3.7782266076503132E-2,8182.2845945945955,309.14525366664554]
[5433,"T","CSL  ","GA","9-2004",1164572.3999999999,154,3844.105,4.0061340676178198E-2,7562.1584415584412,302.95020557450954]
[5434,"T","CSL  ","GA","12-2004",787174.51,149,3765.7866666666669,3.9566766040915753E-2,5283.0504026845638,209.0332192653859]
[5435,"T","CSL  ","GA","3-2005",774232.73,153,3698.7433333333333,4.1365400681132238E-2,5060.344640522876,209.32318363984885]
[5436,"T","CSL  ","GA","6-2005",849105.23,158,3636.9150000000004,4.344341289252017E-2,5374.0837341772149,233.46853858283734]
[5437,"T","CSL  ","GA","9-2005",912352.16,151,3579.0466666666666,4.2190005904738134E-2,6042.0672847682117,254.91485442119597]
[5438,"T","CSL  ","GA","12-2005",916250.21,147,3506.5516666666667,4.1921526894180466E-2,6232.9946258503396,261.29665183886732]
[5439,"T","CSL  ","GA","3-2006",756252.66,155,3414.9850000000001,4.5388193505974402E-2,4879.0494193548393,221.45123917088947]
[5440,"T","CSL  ","GA","6-2006",686292.67,139,3330.3616666666662,4.173720872157529E-2,4937.3573381294964,206.07151375451218]
[5441,"T","CSL  ","GA","9-2006",715723.64,147,3250.2758333333331,4.522693073998079E-2,4868.8682993197281,220.20396935542138]
[5442,"T","CSL  ","GA","12-2006",694951.78,146,3206.7708333333335,4.5528666558388824E-2,4759.9436986301371,216.71388949163554]
[5443,"T","CSL  ","GA","3-2007",567173.09,126,3279.9974999999999,3.8414663425810541E-2,4501.3737301587298,172.91875679783291]
[5444,"T","CSL  ","GA","6-2007",483035.88,132,3493.8525000000004,3.7780644718115597E-2,3659.3627272727272,138.25308309380546]
[5445,"T","CSL  ","GA","9-2007",482643.56,147,3807.1933333333332,3.8611120352875873E-2,3283.2895238095239,126.77148695714604]
[5446,"T","CSL  ","GA","12-2007",639100.55000000005,180,4220.1383333333333,4.2652630265279615E-2,3550.5586111111115,151.44066367492695]
[5447,"T","CSL  ","GA","3-2008",1575054.33,201,4599.8341666666665,4.3697227490628737E-2,7836.0911940298511,342.41545954283498]
[5448,"T","CSL  ","GA","6-2008",1726761.85,226,4910.0858333333335,4.6027708612697366E-2,7640.5391592920359,351.67651006779755]
[6401,"T","CSL  ","IL","9-1996",207651.93,133,2825.6175000000003,4.7069357405947546E-2,1561.2927067669173,73.489044430111278]
[6402,"T","CSL  ","IL","12-1996",262819.8,166,3513.1924999999997,4.7250470903601217E-2,1583.2518072289156,74.809393450543922]
[6403,"T","CSL  ","IL","3-1997",296497.48,165,2959.4758333333334,5.575311619090205E-2,1796.9544242424242,100.18580880454336]
[6404,"T","CSL  ","IL","6-1997",371760.81,167,2692.9233333333336,6.2014390804540784E-2,2226.112634730539,138.05101890510559]
[6405,"T","CSL  ","IL","9-1997",440031.68,164,2468.3908333333334,6.6440045792316119E-2,2683.12,178.26661566627919]
[6406,"T","CSL  ","IL","12-1997",733669.78,167,2317.2716666666665,7.2067510427133066E-2,4393.2322155688626,316.6093085043259]
[6407,"T","CSL  ","IL","3-1998",709370.58,150,2201.3483333333334,6.8140056586531439E-2,4729.1372000000001,322.24367641347084]
[6408,"T","CSL  ","IL","6-1998",708136.25,140,2115.0916666666667,6.6190984630295768E-2,5058.1160714285716,334.80168314218059]
[6409,"T","CSL  ","IL","9-1998",602789.55000000005,113,2065.5241666666666,5.4707662986271846E-2,5334.4207964601774,291.83369515970327]
[6410,"T","CSL  ","IL","12-1998",343475.3,106,2017.2533333333333,5.2546697159173532E-2,3240.3330188679242,170.26879783732335]
[6411,"T","CSL  ","IL","3-1999",328466.15000000002,107,1979.6599999999999,5.404968529949588E-2,3069.7771028037387,165.92048634614028]
[6412,"T","CSL  ","IL","6-1999",237688.37,100,1949.5541666666668,5.1293778705815217E-2,2376.8836999999999,121.91934651725927]
[6413,"T","CSL  ","IL","9-1999",334410.39,102,1899.3774999999998,5.3701804933458469E-2,3278.5332352941177,176.06315226962519]
[6414,"T","CSL  ","IL","12-1999",315104.38,96,1871.3416666666665,5.1300092179853138E-2,3282.3372916666667,168.38420562786951]
[6415,"T","CSL  ","IL","3-2000",312393.44,99,1840.425,5.3791923061249441E-2,3155.4892929292928,169.73983726584893]
[6416,"T","CSL  ","IL","6-2000",324460.19,103,1823.2641666666666,5.649208813679861E-2,3150.0989320388348,177.95566650837304]
[6417,"T","CSL  ","IL","9-2000",263225.15000000002,103,1824.6499999999999,5.6449182034910811E-2,2555.5839805825244,144.2606253254049]
[6418,"T","CSL  ","IL","12-2000",266625.94,104,1821.2716666666665,5.7102958280981331E-2,2563.7109615384616,146.39548008122532]
[6419,"T","CSL  ","IL","3-2001",267282.37,97,1821.3341666666665,5.3257662308902678E-2,2755.4883505154639,146.75086806786783]
[6420,"T","CSL  ","IL","6-2001",300570.64,97,1818.0366666666666,5.3354259448379293E-2,3098.6663917525775,165.32705060954035]
[6421,"T","CSL  ","IL","9-2001",259061.74,89,1819.8999999999999,4.8903785922303426E-2,2910.80606741573,142.34943678224079]
[6422,"T","CSL  ","IL","12-2001",878002.97,89,1826.0708333333332,4.8738525568330915E-2,9865.2019101123587,480.8153955327582]
[6423,"T","CSL  ","IL","3-2002",1346452.06,92,1841.3291666666667,4.9963907412896934E-2,14635.34847826087,731.23919632330819]
[6424,"T","CSL  ","IL","6-2002",1356780.02,92,1850.1783333333333,4.9724936425047314E-2,14747.608913043479,733.32391562254816]
[6425,"T","CSL  ","IL","9-2002",1664681.22,100,1863.4308333333331,5.3664454945783258E-2,16646.8122,893.34210329781502]
[6426,"T","CSL  ","IL","12-2002",1065779.1399999999,102,1866.655,5.4643198662848787E-2,10448.815098039215,570.95667919353059]
[6427,"T","CSL  ","IL","3-2003",579556.34,97,1865.6458333333333,5.1992719232616051E-2,5974.8076288659795,310.64649551652133]
[6428,"T","CSL  ","IL","6-2003",559917.47,95,1857.07,5.1155853037311468E-2,5893.8681052631573,301.50585061413949]
[6429,"T","CSL  ","IL","9-2003",255461.74,93,1834.1191666666666,5.0705538489638304E-2,2746.900430107527,139.28306548602123]
[6430,"T","CSL  ","IL","12-2003",217564.93,82,1797.1691666666666,4.5627312954679193E-2,2653.2308536585365,121.05979450088867]
[6431,"T","CSL  ","IL","3-2004",255769.23,90,1731.7116666666668,5.1971700446667886E-2,2841.8803333333335,147.69735338927669]
[6432,"T","CSL  ","IL","6-2004",298968.15000000002,85,1647.2349999999999,5.1601623326362062E-2,3517.2723529411769,181.4969630926978]
[{"$f":"INDEX(State,MATCH(D3586,StateAbbr),1)*1000+INDEX(Coverage,MATCH(C3586,CoverageAbbr),1)*100+VLOOKUP(E3586,Date,2,FALSE)","v":6433},"T","CSL  ","IL","9-2004",330115.34000000003,85,1547.2550000000001,5.4935999560511997E-2,3883.7098823529413,213.3554843900973]
[6434,"T","CSL  ","IL","12-2004",308931.46000000002,81,1448.2891666666667,{"$f":"G3587/H3587","v":5.5928057645026001E-2},{"$f":"F3587/G3587","v":3813.9686419753089},{"$f":"F3587/H3587","v":213.30785806471661}]
[6435,"T","CSL  ","IL","3-2005",278962.69,69,1377.5450000000001,5.0089107796841482E-2,4042.9375362318842,202.50713406821555]
[6436,"T","CSL  ","IL","6-2005",413277.4,63,1332.1941666666667,4.7290403738694246E-2,6559.9587301587308,310.22309685837837]
[6437,"T","CSL  ","IL","9-2005",366334.8,53,1320.2491666666667,4.0143937476448573E-2,6911.9773584905661,277.47398691787345]
[6438,"T","CSL  ","IL","12-2005",367349.41,61,1338.0375000000001,4.5589155759834826E-2,6022.1214754098355,274.54343394710531]
[6439,"T","CSL  ","IL","3-2006",378699.34,62,1361.0841666666668,4.5551922150295625E-2,6108.0538709677421,278.23359442013447]
[6440,"T","CSL  ","IL","6-2006",338882.7,69,1407.7974999999999,4.9012730879263534E-2,4911.3434782608701,240.71835615562611]
[6441,"T","CSL  ","IL","9-2006",519057.21,71,1459.6975,4.8640214839033427E-2,7310.664929577465,355.59231279083508]
[6442,"T","CSL  ","IL","12-2006",636759.38,68,1510.6341666666667,4.5014207609276678E-2,9364.1085294117656,421.51792541873971]
[6443,"T","CSL  ","IL","3-2007",666839.85,63,1578.7333333333333,3.9905409399940882E-2,10584.759523809524,422.3891621975423]
[6444,"T","CSL  ","IL","6-2007",500903.7,62,1662.5108333333335,3.729299007074139E-2,8079.0919354838716,301.29349533060685]
[6445,"T","CSL  ","IL","9-2007",404860.95,64,1761.7449999999999,3.6327618355664414E-2,6325.9523437500002,229.80678247987083]
[6446,"T","CSL  ","IL","12-2007",345611.48,59,1870.7233333333334,3.1538602715170783E-2,5857.8216949152538,184.74751121224054]
[6447,"T","CSL  ","IL","3-2008",322049.28999999998,66,1988.5366666666666,3.3190235365704431E-2,4879.5346969696966,161.95290506754549]
[6448,"T","CSL  ","IL","6-2008",391940.81,86,2132.7950000000001,4.0322675175063709E-2,4557.4512790697672,183.76862755210885]
[7401,"T","CSL  ","IN","9-1996",314538.89,210,1410.75,0.14885699096225413,1497.8042380952381,222.95863193336879]
[7402,"T","CSL  ","IN","12-1996",463958.78,285,1881,0.15151515151515152,1627.9255438596492,246.65538543328017]
[7403,"T","CSL  ","IN","3-1997",543490.1,332,1904.9791666666667,0.17428012117367861,1637.0183734939758,285.29976049606842]
[7404,"T","CSL  ","IN","6-1997",558439.64,328,1928.9583333333333,0.17003996111891134,1702.5598780487805,289.50321546603305]
[7405,"T","CSL  ","IN","9-1997",646304.43000000005,338,1952.9375,0.17307261497103721,1912.1432840236687,330.93963836528309]
[7406,"T","CSL  ","IN","12-1997",687579.55,353,1976.9166666666667,0.17856089027526029,1947.8174220963174,347.80401298318088]
[7407,"T","CSL  ","IN","3-1998",752378.45,358,1989.7916666666667,0.17991833315883152,2101.6157821229049,378.11920845984707]
[7408,"T","CSL  ","IN","6-1998",813260.03,396,2002.6666666666667,0.1977363515312916,2053.6869444444446,406.08856358189081]
[7409,"T","CSL  ","IN","9-1998",775021.11,384,2015.5416666666667,0.19051950468236412,2018.284140625,384.52249478014591]
[7410,"T","CSL  ","IN","12-1998",939965.67,401,2028.4166666666667,0.19769113840844665,2344.0540399002493,463.39871163879872]
[7411,"T","CSL  ","IN","3-1999",979244.96,387,2035.9166666666667,0.19008636568294379,2530.3487338501291,480.98479472800943]
[7412,"T","CSL  ","IN","6-1999",1555210.08,421,2043.4166666666667,0.20602748664410098,3694.0857007125892,761.08319236572731]
[7413,"T","CSL  ","IN","9-1999",1656308.11,456,2050.9166666666665,0.22233960424200563,3632.2546271929828,807.59405631628147]
[7414,"T","CSL  ","IN","12-1999",1783880.26,461,2058.4166666666665,0.2239585441884944,3869.5884164859003,866.62738836484357]
[7415,"T","CSL  ","IN","3-2000",1800883.58,480,2032.5625,0.23615509978167953,3751.840791666667,886.01633652101725]
[7416,"T","CSL  ","IN","6-2000",1534420.79,442,2024.375,0.21833899351651745,3471.5402488687782,757.97260389008954]
[7417,"T","CSL  ","IN","9-2000",1936162.87,399,2035.1875,0.1960507324263735,4852.5385213032587,951.34373122869522]
[7418,"T","CSL  ","IN","12-2000",1998673.91,414,2039.3333333333333,0.2030075187969925,4827.7147584541062,980.06239457338995]
[7419,"T","CSL  ","IN","3-2001",2052641.97,415,2051.3333333333335,0.20230744231394213,4946.1252289156628,1000.6379444263893]
[7420,"T","CSL  ","IN","6-2001",1831236.21,418,2063.0833333333335,0.20260936300844204,4380.9478708133975,887.62105747869282]
[7421,"T","CSL  ","IN","9-2001",1557509.03,449,2068.0833333333335,0.21710923963412176,3468.839710467706,753.11715195229078]
[7422,"T","CSL  ","IN","12-2001",1249497.54,427,2065.9216666666666,0.20668741070369723,2926.2237470725995,604.8136094221062]
[7423,"T","CSL  ","IN","3-2002",1289750.6200000001,418,2060.5833333333335,0.2028551785497634,3085.5277990430623,625.91529259513891]
[7424,"T","CSL  ","IN","6-2002",1405858.79,414,2036.4216666666669,0.20329777804694998,3395.7941787439613,690.35741124341462]
[7425,"T","CSL  ","IN","9-2002",1477061.71,401,1990.25,0.20148222585102374,3683.4456608478804,742.14883054892596]
[7426,"T","CSL  ","IN","12-2002",1628139.87,385,1941.0150000000001,0.19834983243303117,4228.9347272727273,838.80849452477185]
[7427,"T","CSL  ","IN","3-2003",1570767.9,375,1898.4316666666666,0.19753147115294292,4188.7143999999998,827.40291767151655]
[7428,"T","CSL  ","IN","6-2003",1454524.17,357,1871.2650000000001,0.19078003382738415,4074.2973949579828,777.29459483290702]
[7429,"T","CSL  ","IN","9-2003",1205641.6000000001,341,1861.5683333333334,0.18317887874113314,3535.6058651026397,647.64831804007554]
[7430,"T","CSL  ","IN","12-2003",1104246.49,347,1908.0666666666666,0.18185947381293457,3182.2665417867433,578.7253188218441]
[7431,"T","CSL  ","IN","3-2004",1010395.38,340,2267.1266666666666,0.1499695650000441,2971.7511176470589,445.67222240192433]
[7432,"T","CSL  ","IN","6-2004",1053049.3500000001,337,3230.3016666666667,0.10432462190063777,3124.775519287834,325.9910245740723]
[7433,"T","CSL  ","IN","9-2004",1227941.29,330,4693.6816666666664,7.0307281881422865E-2,3721.034212121212,261.6158012420243]
[7434,"T","CSL  ","IN","12-2004",1194363.2,296,6190.5683333333336,4.7814672912368572E-2,4035.0108108108107,192.93272211679002]
[7435,"T","CSL  ","IN","3-2005",1192017.1000000001,277,7362.2233333333324,3.7624503829685511E-2,4303.3108303249101,161.90993481588671]
[7436,"T","CSL  ","IN","6-2005",1159952.92,274,7913.1383333333333,3.4625958558793468E-2,4233.4048175182479,146.58569977398346]
[7437,"T","CSL  ","IN","9-2005",1024393.35,290,7966.5391666666665,3.640225622857772E-2,3532.3908620689654,128.586997260521]
[7438,"T","CSL  ","IN","12-2005",990221.67,287,7964.9075000000003,3.6033061275350657E-2,3450.2497212543553,124.32305962121971]
[7439,"T","CSL  ","IN","3-2006",1828542.52,314,8000.604166666667,3.9247036031133067E-2,5823.3838216560507,228.55055467165241]
[7440,"T","CSL  ","IN","6-2006",1838371.46,322,8094.415,3.9780515330632295E-2,5709.2281366459629,227.11603741592197]
[7441,"T","CSL  ","IN","9-2006",2664131.73,323,8203.5308333333323,3.937329017982806E-2,8248.0858513931889,324.75427765503821]
[7442,"T","CSL  ","IN","12-2006",2985808.33,341,8285.8533333333344,4.1154481775363308E-2,8756.0361583577724,360.35013050355701]
[7443,"T","CSL  ","IN","3-2007",2486793.73,313,8345.1908333333322,3.7506631813592442E-2,7945.027891373802,297.99123587047995]
[7444,"T","CSL  ","IN","6-2007",2819772,311,8378.6275000000005,3.7118251169418859E-2,9066.7909967845662,336.54342551927505]
[7445,"T","CSL  ","IN","9-2007",1877969.77,295,8410.8541666666661,3.5073726657766133E-2,6365.9992203389829,223.27931655772181]
[7446,"T","CSL  ","IN","12-2007",1779643.71,297,8203.1933333333345,3.6205412688879689E-2,5992.0663636363633,216.94523555460918]
[7447,"T","CSL  ","IN","3-2008",1584114.6,311,7539.7125000000005,4.1248257145083449E-2,5093.6160771704181,210.10278574945661]
[7448,"T","CSL  ","IN","6-2008",1378936.32,303,6696.4283333333333,4.5248001608817832E-2,4550.9449504950499,205.92116444164142]
[{"$f":"INDEX(State,MATCH(D3650,StateAbbr),1)*1000+INDEX(Coverage,MATCH(C3650,CoverageAbbr),1)*100+VLOOKUP(E3650,Date,2,FALSE)","v":8401},"T","CSL  ","LA","9-1996",40692.61,18,480.9783333333333,3.7423723175333608E-2,2260.7005555555556,84.60383177343401]
[8402,"T","CSL  ","LA","12-1996",51405.36,22,631.20833333333337,{"$f":"G3651/H3651","v":3.4853785728430918E-2},{"$f":"F3651/G3651","v":2336.6072727272726},{"$f":"F3651/H3651","v":81.439609215129707}]
[8403,"T","CSL  ","LA","3-1997",74031.460000000006,26,605.44749999999999,4.294344266018111E-2,2847.3638461538462,122.27560605998045]
[8404,"T","CSL  ","LA","6-1997",103296.34,37,583.95916666666665,6.3360594562119787E-2,2791.7929729729731,176.88966266191557]
[8405,"T","CSL  ","LA","9-1997",151956.21,40,560.19333333333327,7.1403920075212138E-2,3798.9052499999998,271.25672684430378]
[8406,"T","CSL  ","LA","12-1997",170536.57,44,531.71,8.2751876022643917E-2,3875.8311363636367,320.73229768106671]
[8407,"T","CSL  ","LA","3-1998",178433.21,43,505.32499999999999,8.5093751546034727E-2,4149.6095348837207,353.10584277445207]
[8408,"T","CSL  ","LA","6-1998",151896.54999999999,30,478.77250000000004,6.2660240510889822E-2,5063.2183333333332,317.26247852581338]
[8409,"T","CSL  ","LA","9-1998",94784.85,23,456.36583333333334,5.0398163753859748E-2,4121.0804347826088,207.69488659500146]
[8410,"T","CSL  ","LA","12-1998",102297.79,21,436.29416666666663,4.8132662786766575E-2,4871.3233333333328,234.46976332864105]
[8411,"T","CSL  ","LA","3-1999",66219.179999999993,16,419.09083333333336,3.8177881087830996E-2,4138.6987499999996,158.00674873585476]
[8412,"T","CSL  ","LA","6-1999",41595.86,12,406.68916666666672,2.95065641859979E-2,3466.3216666666667,102.27924274681523]
[8413,"T","CSL  ","LA","9-1999",47611.1,15,396.04500000000002,3.7874483960156038E-2,3174.0733333333333,120.21638955169234]
[8414,"T","CSL  ","LA","12-1999",16937.490000000002,14,385.15333333333336,3.6349159642047317E-2,1209.8207142857143,43.975966281827155]
[8415,"T","CSL  ","LA","3-2000",12601.03,12,371.11166666666668,3.2335280935208183E-2,1050.0858333333333,33.954820426915532]
[8416,"T","CSL  ","LA","6-2000",18691.759999999998,14,357.24,3.9189340499384169E-2,1335.1257142857141,52.322696226626348]
[8417,"T","CSL  ","LA","9-2000",279282.86,19,345.43666666666667,5.50028466385541E-2,14699.097894736842,808.49222722930392]
[8418,"T","CSL  ","LA","12-2000",289516.76,20,335.91416666666663,5.9539019144275451E-2,14475.838,861.87719581143017]
[8419,"T","CSL  ","LA","3-2001",297445.94,22,327.92416666666668,6.7088681580345047E-2,13520.27,907.05708891029178]
[8420,"T","CSL  ","LA","6-2001",296547.61,21,321.5983333333333,6.5298845868811517E-2,14121.314761904761,922.10555610259178]
[8421,"T","CSL  ","LA","9-2001",32620.48,13,314.93666666666667,4.1278140578529014E-2,2509.2676923076924,103.57790455223801]
[8422,"T","CSL  ","LA","12-2001",32114.33,10,309.93083333333334,3.2265263486207944E-2,3211.433,103.61773191330325]
[8423,"T","CSL  ","LA","3-2002",25240.51,9,304.34999999999997,2.9571217348447514E-2,2804.5011111111107,82.932511910629216]
[8424,"T","CSL  ","LA","6-2002",24067.09,10,300.03666666666669,3.3329259757140794E-2,2406.7089999999998,80.213829420848555]
[8425,"T","CSL  ","LA","9-2002",20628.11,10,297.91666666666669,3.3566433566433566E-2,2062.8110000000001,69.241208391608396]
[8426,"T","CSL  ","LA","12-2002",38956.81,15,293.95666666666665,5.1027929286629553E-2,2597.1206666666667,132.52568972751087]
[8427,"T","CSL  ","LA","3-2003",44203.63,16,289.3175,5.5302565520578606E-2,2762.7268749999998,152.78588402015086]
[8428,"T","CSL  ","LA","6-2003",46309.14,16,279.0983333333333,5.7327465230295187E-2,2894.32125,165.9241008246795]
[8429,"T","CSL  ","LA","9-2003",45803.85,15,265.98916666666668,5.6393274162168258E-2,3053.5899999999997,172.20193804885537]
[8430,"T","CSL  ","LA","12-2003",14112.4,9,250.14750000000001,3.5978772524210716E-2,1568.0444444444445,56.416314374519033]
[8431,"T","CSL  ","LA","3-2004",17672.310000000001,11,235.89,4.6631904701343853E-2,1606.5736363636365,74.91758870660054]
[8432,"T","CSL  ","LA","6-2004",21279.49,13,229.59333333333333,5.6621853131624031E-2,1636.8838461538462,92.683396730450951]
[8433,"T","CSL  ","LA","9-2004",22192.31,12,225.00833333333333,5.3331358097848232E-2,1849.3591666666669,98.628835969038192]
[8434,"T","CSL  ","LA","12-2004",24904.92,11,222.24749999999997,4.9494370015410752E-2,2264.0836363636363,112.05939324401849]
[8435,"T","CSL  ","LA","3-2005",20791.240000000002,7,215.36166666666668,3.25034631666112E-2,2970.1771428571433,96.541043361167652]
[8436,"T","CSL  ","LA","6-2005",28911.279999999999,7,206.98749999999998,3.3818467298749925E-2,4130.1828571428568,139.67645389214326]
[8437,"T","CSL  ","LA","9-2005",28193.25,9,200.38,4.4914662141930337E-2,3132.5833333333335,140.69892204810859]
[8438,"T","CSL  ","LA","12-2005",24901.51,10,193.02250000000001,5.1807431776088278E-2,2490.1509999999998,129.00832804465799]
[8439,"T","CSL  ","LA","3-2006",26683.599999999999,9,185.125,4.8615800135043886E-2,2964.8444444444444,144.13828494260633]
[8440,"T","CSL  ","LA","6-2006",15818.95,6,186.76833333333332,3.2125360294839422E-2,2636.4916666666668,84.698244706008353]
[8441,"T","CSL  ","LA","9-2006",28572.83,7,207.0325,3.3811116612126116E-2,4081.8328571428574,138.01132672406507]
[8442,"T","CSL  ","LA","12-2006",38512.69,10,247.90916666666666,4.0337354743504847E-2,3851.2690000000002,155.35000386566318]
[8443,"T","CSL  ","LA","3-2007",35948.959999999999,12,317.27,3.782267469347874E-2,2995.7466666666664,113.30715163740663]
[8444,"T","CSL  ","LA","6-2007",36729.96,14,387.22166666666664,3.6155001657104245E-2,2623.5685714285714,94.85512604752661]
[8445,"T","CSL  ","LA","9-2007",32003.88,14,458.7525,3.0517544863515732E-2,2285.9914285714285,69.762845979040989]
[8446,"T","CSL  ","LA","12-2007",82065.55,18,527.1,3.414911781445646E-2,4559.1972222222221,155.6925630810093]
[8447,"T","CSL  ","LA","3-2008",124923.27,24,579.41499999999996,4.1421088511688513E-2,5205.1362500000005,215.60240932664846]
[8448,"T","CSL  ","LA","6-2008",136221.20000000001,26,628.28416666666669,4.1382548501805845E-2,5239.2769230769236,216.81463138362287]
[11401,"T","CSL  ","ME","9-1996",512125.46,405,12790.705833333333,3.1663616166087261E-2,1264.5073086419754,40.038874060051548]
[11402,"T","CSL  ","ME","12-1996",736207.12,570,17057.668333333331,3.341605598498662E-2,1291.5914385964911,43.159891821869756]
[11403,"T","CSL  ","ME","3-1997",867927.91,628,17158.482500000002,3.659997322024252E-2,1382.0508121019109,50.583022711944366]
[11404,"T","CSL  ","ME","6-1997",965230,632,17279.471666666668,3.6575192354936004E-2,1527.2626582278481,55.859925501194425]
[11405,"T","CSL  ","ME","9-1997",1121121.8600000001,642,17531.983333333334,3.6618789089273983E-2,1746.2957320872276,63.947235100801493]
[11406,"T","CSL  ","ME","12-1997",1185511.5,647,17877.7775,3.6190180798480125E-2,1832.3207109737248,66.312017810938741]
[11407,"T","CSL  ","ME","3-1998",1364453.91,719,18283.150833333333,3.9325825540373442E-2,1897.7105841446453,74.629035358192496]
[11408,"T","CSL  ","ME","6-1998",1653893.36,747,18705.446666666667,3.9934892403888068E-2,2214.0473360107098,88.4177421407027]
[11409,"T","CSL  ","ME","9-1998",1691078.47,761,19107.405833333334,3.9827489227889694E-2,2222.1793298291723,88.50382332121049]
[11410,"T","CSL  ","ME","12-1998",2109579.88,794,19523.880833333333,4.0668144145010104E-2,2656.9016120906799,108.0512577396135]
[11411,"T","CSL  ","ME","3-1999",2296892.65,796,19950.047500000001,3.98996543742565E-2,2885.5435301507537,115.13218953488706]
[11412,"T","CSL  ","ME","6-1999",2116470.4,821,20411.015833333335,4.022337774385637E-2,2577.9176613885506,103.69255588659048]
[11413,"T","CSL  ","ME","9-1999",2238678.88,831,20915.9725,3.9730402208168904E-2,2693.9577376654634,107.03202444925762]
[11414,"T","CSL  ","ME","12-1999",2327652.64,857,21329.212499999998,4.0179636261770103E-2,2716.0474212368731,109.12979745501623]
[11415,"T","CSL  ","ME","3-2000",2562892.0699999998,880,21703.129166666666,4.0547148443072056E-2,2912.377352272727,118.08859682484342]
[11416,"T","CSL  ","ME","6-2000",2865158.76,862,22064.285833333332,3.9067659225921772E-2,3323.850069605568,129.8550418374067]
[{"$f":"INDEX(State,MATCH(D3714,StateAbbr),1)*1000+INDEX(Coverage,MATCH(C3714,CoverageAbbr),1)*100+VLOOKUP(E3714,Date,2,FALSE)","v":11417},"T","CSL  ","ME","9-2000",3248922.4,899,22347.192500000001,4.0228766991647832E-2,3613.9292547274749,145.38391791273108]
[11418,"T","CSL  ","ME","12-2000",3236153.48,898,22599.495833333334,{"$f":"G3715/H3715","v":3.973539970194763E-2},{"$f":"F3715/G3715","v":3603.7343875278398},{"$f":"F3715/H3715","v":143.19582630807213}]
[11419,"T","CSL  ","ME","3-2001",3160192.51,886,22746.942500000001,3.895028969277959E-2,3566.8087020316025,138.92823222285807]
[11420,"T","CSL  ","ME","6-2001",3352430.96,927,22807.685833333333,4.06441936623484E-2,3616.4303775620278,146.98689663203081]
[11421,"T","CSL  ","ME","9-2001",3202871.95,892,22788.154999999999,3.9143142566829131E-2,3590.6636210762335,140.54985802931392]
[11422,"T","CSL  ","ME","12-2001",2949871.22,876,22746.575833333332,3.8511290948516755E-2,3367.4328995433793,129.68418814392248]
[11423,"T","CSL  ","ME","3-2002",2740514.67,841,22739.642500000002,3.6983870788645859E-2,3258.6381331747916,120.51705166429066]
[11424,"T","CSL  ","ME","6-2002",2849985.6,816,22728.25333333333,3.5902450928917258E-2,3492.6294117647062,125.39395606877551]
[11425,"T","CSL  ","ME","9-2002",2938402.83,832,22697.626666666667,3.6655814822342661E-2,3531.7341706730772,129.45859376193224]
[11426,"T","CSL  ","ME","12-2002",3123233.8,814,22663.447499999998,3.5916865693094574E-2,3836.8965601965601,137.80929843087642]
[11427,"T","CSL  ","ME","3-2003",3131608.89,813,22544.178333333333,3.606252523286315E-2,3851.9174538745388,138.90987037525653]
[11428,"T","CSL  ","ME","6-2003",3345568.16,844,22261.948333333334,3.7912225262703499E-2,3963.9433175355452,150.28191198299581]
[11429,"T","CSL  ","ME","9-2003",3464523.74,812,21785.974166666667,3.7271686535018E-2,4266.6548522167486,159.02542220493623]
[11430,"T","CSL  ","ME","12-2003",3776369.86,791,21112.836666666666,3.7465358752518808E-2,4774.1717572692796,178.8660576322367]
[11431,"T","CSL  ","ME","3-2004",4149341.28,763,20296.314166666667,3.7593032593725866E-2,5438.1930275229352,204.43816773464243]
[11432,"T","CSL  ","ME","6-2004",3518219.87,677,19449.390833333335,3.4808288125904883E-2,5196.7797193500737,180.89100579799648]
[11433,"T","CSL  ","ME","9-2004",3477477.06,649,18639.682499999999,3.4818189633863135E-2,5358.2081047765796,186.56310588981333]
[11434,"T","CSL  ","ME","12-2004",3282126.99,620,17823.105833333331,3.4786305248799936E-2,5293.7532096774194,184.15011506365312]
[11435,"T","CSL  ","ME","3-2005",2774541.63,589,17016.497500000001,3.4613468488447749E-2,4710.5969949066211,163.05010064497702]
[11436,"T","CSL  ","ME","6-2005",2754270.01,581,16392.765833333335,3.5442463212558339E-2,4740.5680034423403,168.01740706863629]
[11437,"T","CSL  ","ME","9-2005",2473481.2400000002,587,16062.694166666666,3.6544305326944686E-2,4213.7670187393533,153.98918850942036]
[11438,"T","CSL  ","ME","12-2005",2012462.06,557,16044.905833333332,3.4715068183375129E-2,3613.0378096947939,125.4268539126671]
[11439,"T","CSL  ","ME","3-2006",2105110.23,548,16262.339999999998,3.3697487569439577E-2,3841.4420255474452,129.44694490460785]
[11440,"T","CSL  ","ME","6-2006",1862508.63,518,16638.317500000001,3.1132955600829227E-2,3595.5765057915055,111.94092371419164]
[11441,"T","CSL  ","ME","9-2006",1554496.01,483,17074.275833333333,2.8288168980909929E-2,3218.4182401656317,91.043159029048141]
[11442,"T","CSL  ","ME","12-2006",1605988.47,505,17453.213333333333,2.8934499931626726E-2,3180.175188118812,92.016778763184774]
[11443,"T","CSL  ","ME","3-2007",1461625.1,521,17748.047500000001,2.9355341763650337E-2,2805.4224568138197,82.354135011189257]
[11444,"T","CSL  ","ME","6-2007",1574744.6,561,17878.995833333334,3.137760113764778E-2,2807.0313725490196,88.077910788707143]
[11445,"T","CSL  ","ME","9-2007",1618542.54,558,17804.260833333334,3.1340812473119144E-2,2900.6138709677421,90.907595386928207]
[11446,"T","CSL  ","ME","12-2007",2148831.9500000002,562,17584.162500000002,3.1960578162309405E-2,3823.5443950177937,122.20268949402623]
[11447,"T","CSL  ","ME","3-2008",2297664.14,583,17244.848333333332,3.3807197879096071E-2,3941.1048713550604,133.23771224816997]
[11448,"T","CSL  ","ME","6-2008",2444831.48,560,16849.350833333334,3.3235701810668178E-2,4365.7704999999996,145.09944651181169]
[12401,"T","CSL  ","MI","9-1996",516079.59,122,120633.125,1.0113308430002123E-3,4230.1605737704922,4.2780918590975743]
[12402,"T","CSL  ","MI","12-1996",1883770.65,203,160844.16666666666,1.2620911544818226E-3,9279.6583743842366,11.711774750923514]
[12403,"T","CSL  ","MI","3-1997",2763500.18,261,158421.47916666666,1.6475038698850681E-3,10588.123295019157,17.443974103364301]
[12404,"T","CSL  ","MI","6-1997",4268075.12,333,155998.79166666666,2.1346319188903975E-3,12817.042402402403,27.359667817939833]
[12405,"T","CSL  ","MI","9-1997",5165145.57,380,153576.10416666666,2.4743432714480727E-3,13592.488342105264,33.632482071524535]
[12406,"T","CSL  ","MI","12-1997",7335157.5899999999,448,151153.41666666666,2.9638761060092919E-3,16373.119620535714,48.527898024137727]
[12407,"T","CSL  ","MI","3-1998",9316437.3900000006,557,126572.72916666667,4.4006319818431132E-3,16726.099443447038,73.605408142321338]
[12408,"T","CSL  ","MI","6-1998",10200867.34,614,101992.04166666667,6.0200775469001055E-3,16613.790456026058,100.01630689322573]
[12409,"T","CSL  ","MI","9-1998",10804138.470000001,674,77411.354166666672,8.7067331046667626E-3,16029.87903560831,139.56787846313458]
[12410,"T","CSL  ","MI","12-1998",10455122.27,658,52830.666666666664,1.2454887312924313E-2,15889.243571428571,197.89873816974989]
[12411,"T","CSL  ","MI","3-1999",10309905.189999999,577,73689.25,7.8301787574171274E-3,17868.119913344886,139.91057298045507]
[12412,"T","CSL  ","MI","6-1999",9616468.0700000003,534,94547.833333333328,5.6479348195886741E-3,18008.367172284645,101.71008399628407]
[12413,"T","CSL  ","MI","9-1999",9996420.3499999996,502,115406.41666666667,4.3498447876598421E-3,19913.187948207171,86.619276802199749]
[12414,"T","CSL  ","MI","12-1999",10924888.310000001,497,136265,3.6473048838659965E-3,21981.666619718311,80.173840017612747]
[12415,"T","CSL  ","MI","3-2000",11789293.32,520,134489.16666666666,3.8664824304311999E-3,22671.717923076925,87.659799017269052]
[12416,"T","CSL  ","MI","6-2000",13534876.07,534,133323.33333333334,4.0053003975298145E-3,25346.209868913858,101.51918446383478]
[12417,"T","CSL  ","MI","9-2000",13972313.73,530,132832,3.9900024090580586E-3,26362.856094339622,105.18785932606602]
[12418,"T","CSL  ","MI","12-2000",12710205.52,498,131646.25,3.7828650645194981E-3,25522.501044176704,96.548177559178484]
[12419,"T","CSL  ","MI","3-2001",11050008.560000001,481,130407.30083333334,3.6884437982098919E-3,22972.990769230772,84.734585329102316]
[12420,"T","CSL  ","MI","6-2001",10431181.4,455,129125.38916666666,3.5237067081572591E-3,22925.673406593407,80.783349171835681]
[12421,"T","CSL  ","MI","9-2001",10242150.52,435,128076.18833333334,3.3964158807401525E-3,23545.173609195401,79.969201561055201]
[12422,"T","CSL  ","MI","12-2001",9397290.6300000008,438,127031.41166666667,3.4479660916413497E-3,21455.001438356165,73.976117455568442]
[12423,"T","CSL  ","MI","3-2002",9436398.25,406,125788.3275,3.2276444728148563E-3,23242.360221674877,75.0180755046608]
[12424,"T","CSL  ","MI","6-2002",8523193.3399999999,396,124089.43666666666,3.1912466575519148E-3,21523.215505050506,68.685889540261968]
[12425,"T","CSL  ","MI","9-2002",8412652.8300000001,394,121469.97083333333,3.2436000214456297E-3,21351.910736040609,69.257058121326494]
[12426,"T","CSL  ","MI","12-2002",10182312.470000001,396,118471.2525,3.3425830456211307E-3,25712.910277777781,85.947537948077326]
[12427,"T","CSL  ","MI","3-2003",11366066.74,412,116226.38083333334,3.5448062397365793E-3,27587.540631067961,97.792486167996117]
[12428,"T","CSL  ","MI","6-2003",12168747.470000001,409,114224.99083333333,3.5806525088434931E-3,29752.438801955992,106.53314464043622]
[12429,"T","CSL  ","MI","9-2003",11775732.359999999,388,112751.875,3.4411844592384827E-3,30349.825670103091,104.43934843655593]
[12430,"T","CSL  ","MI","12-2003",10103543.609999999,380,111983.37166666666,3.3933609458654305E-3,26588.272657894737,90.223606055321639]
[12431,"T","CSL  ","MI","3-2004",9079524.4900000002,368,111419.3625,3.3028370629925295E-3,24672.620896739132,81.48964673891399]
[12432,"T","CSL  ","MI","6-2004",8061681.7000000002,370,111119.38500000001,3.3297520500135953E-3,21788.32891891892,72.549732884140781]
[{"$f":"INDEX(State,MATCH(D3778,StateAbbr),1)*1000+INDEX(Coverage,MATCH(C3778,CoverageAbbr),1)*100+VLOOKUP(E3778,Date,2,FALSE)","v":12433},"T","CSL  ","MI","9-2004",9923631.4800000004,379,110539.69750000001,3.4286325055304222E-3,26183.724221635886,89.774367982145051]
[12434,"T","CSL  ","MI","12-2004",10193331.68,351,108898.54166666667,{"$f":"G3779/H3779","v":3.2231836591016484E-3},{"$f":"F3779/G3779","v":29040.830997150995},{"$f":"F3779/H3779","v":93.603931916749715}]
[12435,"T","CSL  ","MI","3-2005",11890923.77,332,106991.89083333332,3.1030389070997276E-3,35816.035451807227,111.138551505021]
[12436,"T","CSL  ","MI","6-2005",12194379.220000001,301,104312.90000000001,2.8855491506803088E-3,40512.887774086383,116.90192890812162]
[12437,"T","CSL  ","MI","9-2005",10694511.310000001,283,101542.80583333333,2.7870019710160496E-3,37789.79261484099,105.32022650184959]
[12438,"T","CSL  ","MI","12-2005",10779847.609999999,285,99560.137499999997,2.8625914663888449E-3,37824.026701754381,108.27473606090589]
[12439,"T","CSL  ","MI","3-2006",9301527.6400000006,284,98368.530000000013,2.8871022063662022E-3,32751.857887323946,94.557961169085274]
[12440,"T","CSL  ","MI","6-2006",10572395.35,302,97894.104166666672,3.0849661741205472E-3,35007.931622516553,107.99828488138861]
[12441,"T","CSL  ","MI","9-2006",11418429.970000001,294,97532.395833333328,3.0143830415321408E-3,38838.197176870752,117.07320293364066]
[12442,"T","CSL  ","MI","12-2006",11547049.41,287,97230.07166666667,2.9517616831953035E-3,40233.621637630662,118.76006272613567]
[12443,"T","CSL  ","MI","3-2007",11321414.810000001,282,97064.06,2.9052978002362564E-3,40146.861028368796,116.63858703211055]
[12444,"T","CSL  ","MI","6-2007",9070179.5700000003,266,96891.755833333344,2.7453316096114023E-3,34098.419436090226,93.6114687156863]
[12445,"T","CSL  ","MI","9-2007",8728620.7400000002,266,96532.209166666667,2.7555569513667763E-3,32814.363684210526,90.421847954703821]
[12446,"T","CSL  ","MI","12-2007",7834857.5,266,96157.246666666659,2.7663021688017E-3,29454.351503759397,81.479636445497235]
[12447,"T","CSL  ","MI","3-2008",7725434.4800000004,265,95642.849166666667,2.7707246522760166E-3,29152.582943396228,80.773780238789243]
[12448,"T","CSL  ","MI","6-2008",8181956.9900000002,265,95013.119166666656,2.7890885208720698E-3,30875.309396226417,86.113971015388643]
[13401,"T","CSL  ","NC","9-1996",null,null,12.248333333333333,0,{"$error":"#DIV/0!"},0]
[13402,"T","CSL  ","NC","12-1996",null,null,16.5975,0,{"$error":"#DIV/0!"},0]
[13403,"T","CSL  ","NC","3-1997",null,null,17.056666666666668,0,{"$error":"#DIV/0!"},0]
[13404,"T","CSL  ","NC","6-1997",null,null,18.055833333333332,0,{"$error":"#DIV/0!"},0]
[13405,"T","CSL  ","NC","9-1997",null,null,18.068333333333332,0,{"$error":"#DIV/0!"},0]
[13406,"T","CSL  ","NC","12-1997",null,null,18.050833333333333,0,{"$error":"#DIV/0!"},0]
[13407,"T","CSL  ","NC","3-1998",null,null,18.160833333333333,0,{"$error":"#DIV/0!"},0]
[13408,"T","CSL  ","NC","6-1998",null,null,18.193333333333332,0,{"$error":"#DIV/0!"},0]
[13409,"T","CSL  ","NC","9-1998",null,null,19.069166666666668,0,{"$error":"#DIV/0!"},0]
[13410,"T","CSL  ","NC","12-1998",null,null,20.072500000000002,0,{"$error":"#DIV/0!"},0]
[13411,"T","CSL  ","NC","3-1999",null,null,20.627500000000001,0,{"$error":"#DIV/0!"},0]
[13412,"T","CSL  ","NC","6-1999",null,null,20.454166666666666,0,{"$error":"#DIV/0!"},0]
[13413,"T","CSL  ","NC","9-1999",null,null,19.526666666666667,0,{"$error":"#DIV/0!"},0]
[13414,"T","CSL  ","NC","12-1999",null,null,18.934999999999999,0,{"$error":"#DIV/0!"},0]
[13415,"T","CSL  ","NC","3-2000",null,null,19.337500000000002,0,{"$error":"#DIV/0!"},0]
[13416,"T","CSL  ","NC","6-2000",null,null,20.241666666666667,0,{"$error":"#DIV/0!"},0]
[13417,"T","CSL  ","NC","9-2000",null,null,21.079166666666666,0,{"$error":"#DIV/0!"},0]
[13418,"T","CSL  ","NC","12-2000",null,null,21.574999999999999,0,{"$error":"#DIV/0!"},0]
[13419,"T","CSL  ","NC","3-2001",null,null,21.763333333333335,0,{"$error":"#DIV/0!"},0]
[13420,"T","CSL  ","NC","6-2001",null,null,21.688333333333333,0,{"$error":"#DIV/0!"},0]
[13421,"T","CSL  ","NC","9-2001",null,null,21.993333333333336,0,{"$error":"#DIV/0!"},0]
[13422,"T","CSL  ","NC","12-2001",null,null,21.48,0,{"$error":"#DIV/0!"},0]
[13423,"T","CSL  ","NC","3-2002",null,null,20.884166666666669,0,{"$error":"#DIV/0!"},0]
[13424,"T","CSL  ","NC","6-2002",null,null,20.815000000000001,0,{"$error":"#DIV/0!"},0]
[13425,"T","CSL  ","NC","9-2002",null,null,20.890833333333333,0,{"$error":"#DIV/0!"},0]
[13426,"T","CSL  ","NC","12-2002",null,null,21.598333333333333,0,{"$error":"#DIV/0!"},0]
[13427,"T","CSL  ","NC","3-2003",null,null,21.147500000000001,0,{"$error":"#DIV/0!"},0]
[13428,"T","CSL  ","NC","6-2003",null,null,19.852499999999999,0,{"$error":"#DIV/0!"},0]
[13429,"T","CSL  ","NC","9-2003",null,null,18.285,0,{"$error":"#DIV/0!"},0]
[13430,"T","CSL  ","NC","12-2003",null,null,17.559999999999999,0,{"$error":"#DIV/0!"},0]
[13431,"T","CSL  ","NC","3-2004",null,null,17.21,0,{"$error":"#DIV/0!"},0]
[13432,"T","CSL  ","NC","6-2004",null,null,17.983333333333334,0,{"$error":"#DIV/0!"},0]
[13433,"T","CSL  ","NC","9-2004",null,null,18.637499999999999,0,{"$error":"#DIV/0!"},0]
[13434,"T","CSL  ","NC","12-2004",null,null,18.254166666666666,0,{"$error":"#DIV/0!"},0]
[13435,"T","CSL  ","NC","3-2005",null,null,18.331666666666667,0,{"$error":"#DIV/0!"},0]
[13436,"T","CSL  ","NC","6-2005",null,null,16.704166666666666,0,{"$error":"#DIV/0!"},0]
[13437,"T","CSL  ","NC","9-2005",null,null,17.255833333333332,0,{"$error":"#DIV/0!"},0]
[13438,"T","CSL  ","NC","12-2005",null,null,18.254166666666666,0,{"$error":"#DIV/0!"},0]
[13439,"T","CSL  ","NC","3-2006",null,null,19.4725,0,{"$error":"#DIV/0!"},0]
[13440,"T","CSL  ","NC","6-2006",null,null,21.778333333333332,0,{"$error":"#DIV/0!"},0]
[13441,"T","CSL  ","NC","9-2006",null,null,22.593333333333334,0,{"$error":"#DIV/0!"},0]
[13442,"T","CSL  ","NC","12-2006",null,null,21.541666666666668,0,{"$error":"#DIV/0!"},0]
[13443,"T","CSL  ","NC","3-2007",null,null,19.465833333333332,0,{"$error":"#DIV/0!"},0]
[13444,"T","CSL  ","NC","6-2007",null,null,17.315833333333334,0,{"$error":"#DIV/0!"},0]
[13445,"T","CSL  ","NC","9-2007",null,null,14.7675,0,{"$error":"#DIV/0!"},0]
[13446,"T","CSL  ","NC","12-2007",null,null,13.635833333333332,0,{"$error":"#DIV/0!"},0]
[13447,"T","CSL  ","NC","3-2008",null,null,13.373333333333333,0,{"$error":"#DIV/0!"},0]
[13448,"T","CSL  ","NC","6-2008",null,null,12.980833333333335,0,{"$error":"#DIV/0!"},0]
[{"$f":"INDEX(State,MATCH(D3842,StateAbbr),1)*1000+INDEX(Coverage,MATCH(C3842,CoverageAbbr),1)*100+VLOOKUP(E3842,Date,2,FALSE)","v":14401},"T","CSL  ","NH","9-1996",64199.45,27,555.14250000000004,4.8636160985692858E-2,2377.7574074074073,115.64499205159035]
[14402,"T","CSL  ","NH","12-1996",99685.85,36,721.13166666666666,{"$f":"G3843/H3843","v":4.992153536455432E-2},{"$f":"F3843/G3843","v":2769.0513888888891},{"$f":"F3843/H3843","v":138.23529683668494}]
[14403,"T","CSL  ","NH","3-1997",223272.02,39,702.09,5.5548433961457928E-2,5724.9235897435892,318.01053995926446]
[14404,"T","CSL  ","NH","6-1997",241441.41,45,690.19999999999993,6.5198493190379611E-2,5365.3646666666664,349.81369168357003]
[14405,"T","CSL  ","NH","9-1997",237083.11,41,672.79750000000001,6.0939584347444807E-2,5782.5148780487798,352.38405315120815]
[14406,"T","CSL  ","NH","12-1997",221821.92,44,665.02166666666665,6.6163257838717029E-2,5041.4072727272733,333.55592925543783]
[14407,"T","CSL  ","NH","3-1998",103881.69,39,642.8033333333334,6.0671745116443077E-2,2663.6330769230772,161.60726712680395]
[14408,"T","CSL  ","NH","6-1998",94728.7,33,606.2208333333333,5.4435608585980087E-2,2870.5666666666666,156.26104348662824]
[14409,"T","CSL  ","NH","9-1998",80409.259999999995,35,571.98416666666674,6.1190504981926942E-2,2297.4074285714282,140.57952070351595]
[14410,"T","CSL  ","NH","12-1998",67579.789999999994,29,533.92250000000001,5.4314998899653036E-2,2330.3375862068965,126.57228343064769]
[14411,"T","CSL  ","NH","3-1999",56805.78,27,511.75166666666672,5.2759964956961544E-2,2103.9177777777777,111.00262822788395]
[14412,"T","CSL  ","NH","6-1999",89297.38,27,490.30250000000001,5.5068044727489662E-2,3307.3103703703705,182.12711540324597]
[14413,"T","CSL  ","NH","9-1999",75076.23,21,474.2833333333333,4.4277330709491518E-2,3575.0585714285712,158.29405067294513]
[14414,"T","CSL  ","NH","12-1999",68962.69,17,463.52250000000004,3.6675673780668681E-2,4056.6288235294119,148.77959538102249]
[14415,"T","CSL  ","NH","3-2000",59509.51,15,448.14583333333331,3.3471247268839197E-2,3967.300666666667,132.79050160383062]
[14416,"T","CSL  ","NH","6-2000",24752.81,15,432.35666666666663,3.4693578604084591E-2,1650.1873333333335,57.250903960464747]
[14417,"T","CSL  ","NH","9-2000",18078.169999999998,12,412.47166666666664,2.9092907391618822E-2,1506.5141666666666,43.828877134995132]
[14418,"T","CSL  ","NH","12-2000",21313.62,12,395.35666666666663,3.0352340081108202E-2,1776.135,53.909853549959109]
[14419,"T","CSL  ","NH","3-2001",20377.46,11,380.53,2.8907050692455263E-2,1852.4963636363636,53.5502062912254]
[14420,"T","CSL  ","NH","6-2001",26378.73,11,365.11500000000001,3.012749407720855E-2,2398.0663636363638,72.247730167207592]
[14421,"T","CSL  ","NH","9-2001",40808.42,16,360.27083333333331,4.4411033366101894E-2,2550.5262499999999,113.27150638986873]
[14422,"T","CSL  ","NH","12-2001",41029.72,19,364.74250000000001,5.2091544034490088E-2,2159.4589473684209,112.48955084751572]
[14423,"T","CSL  ","NH","3-2002",48489.36,22,374.08833333333337,5.8809639434536404E-2,2204.0618181818181,129.62008081870147]
[14424,"T","CSL  ","NH","6-2002",34280.29,19,389.79749999999996,4.8743257717148013E-2,1804.2257894736842,87.943842636240618]
[14425,"T","CSL  ","NH","9-2002",21834.36,17,401.565,4.233436678993438E-2,1284.3741176470589,54.37316499196892]
[14426,"T","CSL  ","NH","12-2002",24522.76,16,408.58500000000004,3.9159538406941023E-2,1532.6724999999999,60.018747629012317]
[14427,"T","CSL  ","NH","3-2003",22405.69,16,418.08083333333337,3.8270111242443144E-2,1400.3556249999999,53.591765547730994]
[14428,"T","CSL  ","NH","6-2003",31214.66,23,424.04416666666663,5.4239633057091147E-2,1357.1591304347826,73.611813234863519]
[14429,"T","CSL  ","NH","9-2003",33129.1,25,422.2525,5.9206280602246288E-2,1325.164,78.458031627995098]
[14430,"T","CSL  ","NH","12-2003",47657.14,29,414.48666666666668,6.9966062438679172E-2,1643.3496551724138,114.97870458237499]
[14431,"T","CSL  ","NH","3-2004",57865.55,30,403.92666666666668,7.4270907260393801E-2,1928.8516666666667,143.25756325405601]
[14432,"T","CSL  ","NH","6-2004",57851.8,23,392.65333333333336,5.8575842982783788E-2,2515.2956521739134,147.33556317701789]
[14433,"T","CSL  ","NH","9-2004",62417.33,20,382.72583333333336,5.2256728598147929E-2,3120.8665000000001,163.08627368155186]
[14434,"T","CSL  ","NH","12-2004",41300.339999999997,12,366.03583333333336,3.2783675550890963E-2,3441.6949999999997,112.83141222512366]
[14435,"T","CSL  ","NH","3-2005",28800.880000000001,8,347.6466666666667,2.3011870289757798E-2,3600.11,82.845264348859942]
[14436,"T","CSL  ","NH","6-2005",29428.14,11,326.64916666666664,3.3675273420259763E-2,2675.2854545454543,90.090969159062098]
[14437,"T","CSL  ","NH","9-2005",26563.15,10,313.9975,3.1847387319962742E-2,2656.3150000000001,84.596692648826831]
[14438,"T","CSL  ","NH","12-2005",60424.160000000003,13,313.27749999999997,4.1496756070895618E-2,4648.0123076923082,192.87743294682832]
[14439,"T","CSL  ","NH","3-2006",69226.679999999993,15,307.18,4.8831304121362065E-2,4615.1119999999992,225.36193762614749]
[14440,"T","CSL  ","NH","6-2006",73289.740000000005,14,311.14499999999998,4.4995098748172077E-2,5234.9814285714292,235.54850632341837]
[14441,"T","CSL  ","NH","9-2006",80450.509999999995,17,312.00416666666666,5.4486451836914571E-2,4732.38294117647,257.8507551982479]
[14442,"T","CSL  ","NH","12-2006",67410.91,16,315.65000000000003,5.0689054332330105E-2,4213.1818750000002,213.56220497386343]
[14443,"T","CSL  ","NH","3-2007",78301.789999999994,14,333.28249999999997,4.2006405976911486E-2,5592.9849999999997,234.94119853277624]
[14444,"T","CSL  ","NH","6-2007",75638.83,13,350.71333333333337,3.7067310433972663E-2,5818.3715384615389,215.67138403634496]
[14445,"T","CSL  ","NH","9-2007",66654.45,15,373.32750000000004,4.0179199228559372E-2,4443.63,178.54149506800326]
[14446,"T","CSL  ","NH","12-2007",67183.37,17,399.66499999999996,4.2535623584752234E-2,3951.9629411764704,168.09920808677268]
[14447,"T","CSL  ","NH","3-2008",64191.61,18,424.7166666666667,4.2381195306675036E-2,3566.2005555555556,151.139842247773]
[14448,"T","CSL  ","NH","6-2008",59773.02,22,458.5408333333333,4.7978278924632307E-2,2716.9554545454544,130.35484662398295]
[15401,"T","CSL  ","NJ","9-1996",417607.86,227,9794.8833333333332,2.317536536933399E-2,1839.6822026431716,42.635307209716636]
[15402,"T","CSL  ","NJ","12-1996",692880.31,334,12959.784166666666,2.5772034140743472E-2,2074.4919461077848,53.463877259787189]
[15403,"T","CSL  ","NJ","3-1997",917435.11,409,12788.366666666667,3.198219214859338E-2,2243.1176283618584,71.73981900216603]
[15404,"T","CSL  ","NJ","6-1997",1539889.26,454,12660.613333333333,3.585924220627542E-2,3391.826563876652,121.62833027573177]
[15405,"T","CSL  ","NJ","9-1997",1788120.65,489,12599.654999999999,3.8810586480344106E-2,3656.6884458077707,141.91822315769758]
[15406,"T","CSL  ","NJ","12-1997",2373366.2799999998,501,12510.195,4.0047337391623396E-2,4737.2580439121748,189.71457119573276]
[15407,"T","CSL  ","NJ","3-1998",3153716.25,509,12376.574166666667,4.112608167216978E-2,6195.9061886051077,254.81334394567585]
[15408,"T","CSL  ","NJ","6-1998",2883289.17,497,12183.451666666668,4.0793037441086408E-2,5801.3866599597586,236.65618322995766]
[15409,"T","CSL  ","NJ","9-1998",2866626.33,477,11932.9375,3.9973392972183087E-2,6009.6988050314467,240.22805197798112]
[15410,"T","CSL  ","NJ","12-1998",2485343.23,436,11702.695,3.7256375561355741E-2,5700.3285091743119,212.37357976090124]
[15411,"T","CSL  ","NJ","3-1999",2146251.33,404,11489.657500000001,3.516205770276442E-2,5312.5032920792082,186.79854730221504]
[15412,"T","CSL  ","NJ","6-1999",2394896.8199999998,409,11282.659166666666,3.6250319535340039E-2,5855.4934474327629,212.26350850652744]
[15413,"T","CSL  ","NJ","9-1999",2468520.21,425,11067.549166666666,3.8400552245118409E-2,5808.2828470588238,223.04126892290745]
[15414,"T","CSL  ","NJ","12-1999",2940534.52,479,10873.924166666666,4.4050334787908908E-2,6138.9029645093942,270.42073081712533]
[15415,"T","CSL  ","NJ","3-2000",3028205.37,499,10685.134166666667,4.6700396290453694E-2,6068.5478356713429,283.40358883342674]
[15416,"T","CSL  ","NJ","6-2000",3364433.94,490,10526.81,4.6547814580105464E-2,6866.1917142857146,319.60621878802789]
[{"$f":"INDEX(State,MATCH(D3906,StateAbbr),1)*1000+INDEX(Coverage,MATCH(C3906,CoverageAbbr),1)*100+VLOOKUP(E3906,Date,2,FALSE)","v":15417},"T","CSL  ","NJ","9-2000",3520253.34,455,10403.9275,4.3733484301961931E-2,7736.8205274725269,338.35811908531656]
[15418,"T","CSL  ","NJ","12-2000",3323716.72,421,10243.050833333333,{"$f":"G3907/H3907","v":4.1101035897426724E-2},{"$f":"F3907/G3907","v":7894.8140617577201},{"$f":"F3907/H3907","v":324.4850361558133}]
[15419,"T","CSL  ","NJ","3-2001",2972496.35,391,10081.3375,3.8784536278048426E-2,7602.2924552429668,294.85138752670468]
[15420,"T","CSL  ","NJ","6-2001",2547747.14,384,9918.4483333333337,3.871573325733578E-2,6634.758177083334,256.86952781088576]
[15421,"T","CSL  ","NJ","9-2001",2806556.78,377,9776.8958333333339,3.8560296276723818E-2,7444.4476923076918,287.06010863195752]
[15422,"T","CSL  ","NJ","12-2001",2719407.2,381,9689.5241666666661,3.9320816321475716E-2,7137.5517060367456,280.65435961810647]
[15423,"T","CSL  ","NJ","3-2002",2611494.04,378,9612.5816666666669,3.9323463051635969E-2,6908.7143915343913,271.67457510980836]
[15424,"T","CSL  ","NJ","6-2002",2609025.54,362,9558.3483333333334,3.787265198711981E-2,7207.2528729281767,272.95777983957828]
[15425,"T","CSL  ","NJ","9-2002",2851189.35,379,9498.3316666666669,3.9901744148402203E-2,7522.9270448548814,300.17791019089492]
[15426,"T","CSL  ","NJ","12-2002",2998535.89,368,9399.9783333333344,3.9149026407330367E-2,8148.1953532608695,318.99391505689641]
[15427,"T","CSL  ","NJ","3-2003",3873161.74,392,9310.0333333333328,4.2105112405612585E-2,9880.5146428571443,416.02017966280113]
[15428,"T","CSL  ","NJ","6-2003",4264715.28,400,9210.7350000000006,4.3427587483517868E-2,10661.788200000001,463.01573978623856]
[15429,"T","CSL  ","NJ","9-2003",3863685.93,397,9101.2741666666661,4.3620265990229029E-2,9732.2063727959703,424.52143065316227]
[15430,"T","CSL  ","NJ","12-2003",3429341.96,395,9007.33,4.3853172915836326E-2,8681.878379746835,380.7279138212989]
[15431,"T","CSL  ","NJ","3-2004",2415911.86,374,8896.8591666666671,4.2037306985957867E-2,6459.6573796791445,271.5466002936804]
[15432,"T","CSL  ","NJ","6-2004",1754827.35,363,8788.3558333333331,4.1304654349927229E-2,4834.2351239669424,199.67641084173218]
[15433,"T","CSL  ","NJ","9-2004",1400749.52,355,8667.3975000000009,4.0958084592289667E-2,3945.773295774648,161.61131643033562]
[15434,"T","CSL  ","NJ","12-2004",1245960.6100000001,342,8501.6216666666678,4.0227619318902487E-2,3643.1596783625732,146.55564065914481]
[15435,"T","CSL  ","NJ","3-2005",1340474.06,333,8265.8950000000004,4.0286018634400747E-2,4025.4476276276278,162.1692581384109]
[15436,"T","CSL  ","NJ","6-2005",1283023.58,321,7951.4041666666672,4.0370228109605374E-2,3996.9581931464177,161.35811400187703]
[15437,"T","CSL  ","NJ","9-2005",1301216.1499999999,291,7617.1433333333334,3.8203298436903073E-2,4471.5331615120276,170.82731583975269]
[15438,"T","CSL  ","NJ","12-2005",1536844.09,277,7242.6908333333331,3.8245454123921947E-2,5548.1736101083034,212.19241927695154]
[15439,"T","CSL  ","NJ","3-2006",1843361.57,243,6899.2716666666665,3.5221109088084901E-2,7585.8500823045269,267.18205327470559]
[15440,"T","CSL  ","NJ","6-2006",1775254.64,224,6552.0841666666665,3.4187595015886169E-2,7925.2439285714281,270.94502983211066]
[15441,"T","CSL  ","NJ","9-2006",1727592.42,217,6082.28,3.5677410444767424E-2,7961.2553917050691,284.03697626547938]
[15442,"T","CSL  ","NJ","12-2006",2073912.33,204,5618.4883333333337,3.6308698692085917E-2,10166.236911764707,369.12283286162676]
[15443,"T","CSL  ","NJ","3-2007",1997657.27,204,5229.9574999999995,3.9006053108462169E-2,9792.437598039216,381.96434101041933]
[15444,"T","CSL  ","NJ","6-2007",2870325.54,198,5008.4841666666662,3.9532919224895227E-2,14496.593636363637,573.09266526249382]
[15445,"T","CSL  ","NJ","9-2007",2648294,178,5042.6858333333339,3.5298649545719929E-2,14878.056179775282,525.17529101142031]
[15446,"T","CSL  ","NJ","12-2007",2165192.17,184,5211.28,3.5308024132266927E-2,11767.348749999999,415.48183363780106]
[15447,"T","CSL  ","NJ","3-2008",2162078.41,204,5376.4266666666672,3.7943417189111969E-2,10598.423578431373,402.14040738334256]
[15448,"T","CSL  ","NJ","6-2008",1220600.1100000001,223,5542.0041666666666,4.0238150909606259E-2,5473.5430941704044,220.24525303346189]
[16401,"T","CSL  ","NY","9-1996",1390506.44,784,25487.445000000003,3.0760242935296177E-2,1773.6051530612244,54.556525379456424]
[16402,"T","CSL  ","NY","12-1996",2060087.16,1085,33475.32916666667,3.2411929232958749E-2,1898.6978433179722,61.540460132393513]
[16403,"T","CSL  ","NY","3-1997",2856012.57,1255,32459.839166666668,3.8663161377853403E-2,2275.7072270916333,87.986035769791101]
[16404,"T","CSL  ","NY","6-1997",3411138.04,1288,31635.360833333336,4.0713934220180249E-2,2648.3990993788821,107.82674672089641]
[16405,"T","CSL  ","NY","9-1997",3864586.41,1324,31016.949166666669,4.2686338778375979E-2,2918.8719108761329,124.59595523834427]
[16406,"T","CSL  ","NY","12-1997",4347414.49,1332,30654.976666666666,4.3451346072899751E-2,3263.8246921921923,141.81757622171844]
[16407,"T","CSL  ","NY","3-1998",4781716.03,1277,30503.422500000001,4.1864154751815146E-2,3744.4918010963197,156.75998422799933]
[16408,"T","CSL  ","NY","6-1998",5414886.3099999996,1213,30462.000833333335,3.9820102646463823E-2,4464.0447732893645,177.75872109079285]
[16409,"T","CSL  ","NY","9-1998",5372336.1299999999,1219,30247.798333333336,4.0300453823663963E-2,4407.1666365873662,177.6108155309816]
[16410,"T","CSL  ","NY","12-1998",7370121.5099999998,1251,29796.407500000001,4.1984927209765134E-2,5891.3841007194242,247.34933263347267]
[16411,"T","CSL  ","NY","3-1999",7462713.46,1247,29228.115833333333,4.2664399139196424E-2,5984.5336487570166,255.32653225252091]
[16412,"T","CSL  ","NY","6-1999",7624286.9500000002,1260,28633.355,4.4004623279388672E-2,6051.0213888888893,266.27291667357878]
[16413,"T","CSL  ","NY","9-1999",7588418.8300000001,1212,28056.824166666669,4.3198046678423953E-2,6261.0716419141918,270.46606504436573]
[16414,"T","CSL  ","NY","12-1999",6882556.1500000004,1142,27566.424166666668,4.1427208443701846E-2,6026.7566987740811,249.67170599959027]
[16415,"T","CSL  ","NY","3-2000",7738038.6500000004,1138,27011.002500000002,4.2130979773890284E-2,6799.6824692442888,286.47728458060749]
[16416,"T","CSL  ","NY","6-2000",7324707.4100000001,1118,26332.807499999999,4.2456543989849924E-2,6551.6166457960644,278.15900032687364]
[16417,"T","CSL  ","NY","9-2000",7892533.04,1091,25605.833333333332,4.2607478764604419E-2,7234.2191017415216,308.23183675594754]
[16418,"T","CSL  ","NY","12-2000",6805382.1299999999,1080,24891.779166666664,4.3387818635570286E-2,6301.2797499999997,273.39878296499165]
[16419,"T","CSL  ","NY","3-2001",6995780.04,1030,24283.202499999999,4.241615165874435E-2,6792.0194563106797,288.09132732801618]
[16420,"T","CSL  ","NY","6-2001",6749345.71,1009,23754.960000000003,4.2475339886912031E-2,6689.1434192269571,284.12364028396593]
[16421,"T","CSL  ","NY","9-2001",7301242.5499999998,1003,23269.364166666666,4.3103885126212264E-2,7279.4043369890323,313.77060832882665]
[16422,"T","CSL  ","NY","12-2001",7103247.6100000003,984,22831.674999999999,4.3098020622665663E-2,7218.7475711382122,311.11373169073232]
[16423,"T","CSL  ","NY","3-2002",5933633.29,926,22401.513333333332,4.1336493040499946E-2,6407.8113282937366,264.87644837685076]
[16424,"T","CSL  ","NY","6-2002",6826117.3099999996,916,21974.368333333332,4.1684929737457001E-2,7452.0931331877728,310.63997865391809]
[16425,"T","CSL  ","NY","9-2002",7063917.7300000004,874,21554.560000000001,4.05482644971644E-2,8082.2857322654463,327.72265961355743]
[16426,"T","CSL  ","NY","12-2002",7032031.0199999996,875,21053.209166666667,4.1561359746778111E-2,8036.6068799999994,334.01230968311199]
[16427,"T","CSL  ","NY","3-2003",6652485.9699999997,873,20480.428333333333,4.2626061613131955E-2,7620.2588430698734,324.82162295271002]
[16428,"T","CSL  ","NY","6-2003",5938110.1500000004,842,19762.291666666668,4.2606394754319564E-2,7052.3873515439436,300.47679946025153]
[16429,"T","CSL  ","NY","9-2003",5784254.1799999997,794,18839.7425,4.2144949698755173E-2,7284.9548866498735,307.02405725555963]
[16430,"T","CSL  ","NY","12-2003",6158493.2400000002,689,17808.909166666668,3.8688500994188718E-2,8938.306589259797,345.80968336494124]
[16431,"T","CSL  ","NY","3-2004",6315595.6200000001,667,16751.465,3.9817412984476282E-2,9468.659100449775,377.0175098118284]
[16432,"T","CSL  ","NY","6-2004",6213576.7400000002,601,15810.452499999999,3.8012827273602702E-2,10338.730016638936,393.00435835090747]
[{"$f":"INDEX(State,MATCH(D3970,StateAbbr),1)*1000+INDEX(Coverage,MATCH(C3970,CoverageAbbr),1)*100+VLOOKUP(E3970,Date,2,FALSE)","v":16433},"T","CSL  ","NY","9-2004",4899199.24,568,15074.101666666667,3.7680520707646367E-2,8625.3507746478881,325.00770847483341]
[16434,"T","CSL  ","NY","12-2004",4481406.1900000004,530,14421.855833333333,{"$f":"G3971/H3971","v":3.6749777984537012E-2},{"$f":"F3971/G3971","v":8455.4833773584905},{"$f":"F3971/H3971","v":310.73713686986775}]
[16435,"T","CSL  ","NY","3-2005",4788591.2699999996,475,13769.565000000001,3.449636934790605E-2,10081.244778947368,347.76634338121789]
[16436,"T","CSL  ","NY","6-2005",4042593.57,465,13137.470833333333,3.5394940616740984E-2,8693.7496129032261,307.71475128552459]
[16437,"T","CSL  ","NY","9-2005",4870293.04,457,12605.773333333333,3.6253230001491381E-2,10657.09636761488,386.35416576320057]
[16438,"T","CSL  ","NY","12-2005",5432824.9699999997,467,12383.188333333334,3.7712420051217291E-2,11633.458179871519,438.72586152758447]
[16439,"T","CSL  ","NY","3-2006",5157337.4800000004,486,12532.829166666668,3.877815563724471E-2,10611.805514403293,411.50624582970255]
[16440,"T","CSL  ","NY","6-2006",5370705.1900000004,496,13203.824999999999,3.7564872300261481E-2,10828.034657258066,406.75373916270479]
[16441,"T","CSL  ","NY","9-2006",5160361.0999999996,507,14269.1325,3.553124200087146E-2,10178.227021696252,361.64504744769869]
[16442,"T","CSL  ","NY","12-2006",4207842.34,522,15374.580833333333,3.3952145145203685E-2,8061.0006513409962,273.68826412991098]
[16443,"T","CSL  ","NY","3-2007",4445814.45,555,16353.314166666665,3.393807483569717E-2,8010.4764864864865,271.86015046797093]
[16444,"T","CSL  ","NY","6-2007",4396784.8600000003,604,17062.629166666666,3.5398999421494E-2,7279.4451324503316,257.68507403240665]
[16445,"T","CSL  ","NY","9-2007",4551291.71,638,17508.054166666665,3.644037160992334E-2,7133.6860658307205,259.95417118740352]
[16446,"T","CSL  ","NY","12-2007",5975347.5300000003,710,17774.330833333333,3.994524500852048E-2,8415.982436619719,336.17848041817984]
[16447,"T","CSL  ","NY","3-2008",5507361.7999999998,723,17875.459166666667,4.044651347184508E-2,7617.3745504840936,308.09624237624479]
[16448,"T","CSL  ","NY","6-2008",6016059.9900000002,737,17899.952499999999,4.1173293616281942E-2,8162.9036499321574,336.09362874007627]
[17401,"T","CSL  ","OH","9-1996",15558.65,5,136.125,3.6730945821854911E-2,3111.73,114.29678604224058]
[17402,"T","CSL  ","OH","12-1996",17342.900000000001,6,181.5,3.3057851239669422E-2,2890.4833333333336,95.55316804407714]
[17403,"T","CSL  ","OH","3-1997",24139.1,8,312.66666666666669,2.5586353944562899E-2,3017.3874999999998,77.203944562899778]
[17404,"T","CSL  ","OH","6-1997",48693.62,14,443.83333333333331,3.1543372136687946E-2,3478.1157142857146,109.71149831017651]
[17405,"T","CSL  ","OH","9-1997",39761.800000000003,18,575,3.1304347826086959E-2,2208.9888888888891,69.150956521739133]
[17406,"T","CSL  ","OH","12-1997",74528.91,29,706.16666666666663,4.1066792541892848E-2,2569.9624137931037,105.54011328770358]
[17407,"T","CSL  ","OH","3-1998",118699.15,45,997.83333333333337,4.5097711708702186E-2,2637.7588888888886,118.9568899281777]
[17408,"T","CSL  ","OH","6-1998",126342.46,52,1289.5,4.0325707638619618E-2,2429.6626923076924,97.977867390461427]
[17409,"T","CSL  ","OH","9-1998",204463.35,76,1581.1666666666667,4.8065774217350053E-2,2690.3072368421053,129.31170022135552]
[17410,"T","CSL  ","OH","12-1998",219870.62,84,1872.8333333333333,4.4851828779923469E-2,2617.507380952381,117.3999928806621]
[17411,"T","CSL  ","OH","3-1999",235871.99,95,2144.75,4.4294206784007459E-2,2482.8630526315787,109.97644946963516]
[17412,"T","CSL  ","OH","6-1999",282429.46999999997,115,2416.6666666666665,4.7586206896551728E-2,2455.9084347826083,116.86736689655172]
[17413,"T","CSL  ","OH","9-1999",275359.19,122,2688.5833333333335,4.5377057310231533E-2,2257.0425409836066,102.41794873384372]
[17414,"T","CSL  ","OH","12-1999",387601.13,150,2960.5,5.0667117041040363E-2,2584.0075333333334,130.92421212633002]
[17415,"T","CSL  ","OH","3-2000",839818.43,159,3034.625,5.2395271244387691E-2,5281.8769182389942,276.74537381060264]
[17416,"T","CSL  ","OH","6-2000",870316.49,168,3130.0833333333335,5.3672692420329592E-2,5180.455297619048,278.04898378637415]
[17417,"T","CSL  ","OH","9-2000",983876.86,169,3256.9583333333335,5.18889045249274E-2,5821.7565680473372,302.08457072677726]
[17418,"T","CSL  ","OH","12-2000",985923.1,162,3383.5,4.7879414807152354E-2,6085.9450617283946,291.39148810403429]
[17419,"T","CSL  ","OH","3-2001",582370.76,161,3401.75,4.7328580877489528E-2,3617.2096894409938,171.19740133754686]
[17420,"T","CSL  ","OH","6-2001",536613.74,146,3404.4691666666663,4.2884806074760071E-2,3675.4365753424659,157.62038477364192]
[17421,"T","CSL  ","OH","9-2001",444968.6,143,3391.3358333333331,4.216627518703913E-2,3111.6685314685315,131.20747158875201]
[17422,"T","CSL  ","OH","12-2001",353008.9,142,3348.2374999999997,4.2410372621416496E-2,2485.9781690140849,105.43126047659405]
[17423,"T","CSL  ","OH","3-2002",580269.55000000005,144,3282.2766666666666,4.3871987228377055E-2,4029.6496527777781,176.78873810150071]
[17424,"T","CSL  ","OH","6-2002",665756.88,154,3196.1891666666666,4.8182379693317068E-2,4323.096623376623,208.2970829584294]
[17425,"T","CSL  ","OH","9-2002",808393.31,149,3049.8666666666668,4.8854594736381915E-2,5425.458456375839,265.05857414531783]
[17426,"T","CSL  ","OH","12-2002",1092502.04,143,2876.0974999999999,4.9720150307839009E-2,7639.8744055944062,379.85570377916605]
[17427,"T","CSL  ","OH","3-2003",862347.41,149,2683.4158333333335,5.5526243137245156E-2,5787.566510067114,321.36182521096401]
[17428,"T","CSL  ","OH","6-2003",775454.26,132,2473.813333333333,5.3358916867885485E-2,5874.6534848484853,313.46514692566404]
[17429,"T","CSL  ","OH","9-2003",620727.99,131,2283.5433333333335,5.7366986685896036E-2,4738.3816030534354,271.82667433506111]
[17430,"T","CSL  ","OH","12-2003",553910.63,111,2110.4616666666666,5.2595127290474358E-2,4990.1858558558561,262.45946029186348]
[17431,"T","CSL  ","OH","3-2004",512864.27,82,1982.875,4.135409443358759E-2,6254.4423170731707,258.64679820967029]
[17432,"T","CSL  ","OH","6-2004",521674.47,79,1868.9258333333335,4.2270270222066059E-2,6603.4743037974677,279.13064322598854]
[17433,"T","CSL  ","OH","9-2004",541259.93999999994,66,1772.0225,3.7245576735058385E-2,8200.9081818181803,305.44755498307723]
[17434,"T","CSL  ","OH","12-2004",312398.65000000002,74,1713.5183333333334,4.3185998399005554E-2,4221.6033783783787,182.31415673988511]
[17435,"T","CSL  ","OH","3-2005",490131.84,68,1652.7258333333332,4.1144150244721983E-2,7207.8211764705884,296.55967742179462]
[17436,"T","CSL  ","OH","6-2005",445404.02,63,1585.0325,3.9746819071533233E-2,7069.9050793650795,281.00623804243764]
[17437,"T","CSL  ","OH","9-2005",370430.55,59,1506.0766666666666,3.9174632544159996E-2,6278.4838983050849,245.95729965052686]
[17438,"T","CSL  ","OH","12-2005",321207.09999999998,42,1405.5600000000002,2.9881328438487148E-2,7647.7880952380947,228.52606790176154]
[17439,"T","CSL  ","OH","3-2006",162373.62,48,1312.7133333333334,3.6565485229067531E-2,3382.7837500000001,123.69312924375465]
[17440,"T","CSL  ","OH","6-2006",173624.2,47,1233.5708333333334,3.8100771135288133E-2,3694.1319148936172,140.74927463292542]
[17441,"T","CSL  ","OH","9-2006",196590.79,49,1169.22,4.1908280734164659E-2,4012.0569387755104,168.13840851165736]
[17442,"T","CSL  ","OH","12-2006",205505.09,57,1118.7683333333332,5.0948885753827507E-2,3605.352456140351,183.68869039017611]
[17443,"T","CSL  ","OH","3-2007",135976.66,47,1094.5925,4.2938353770923886E-2,2893.1204255319149,124.22582833337522]
[17444,"T","CSL  ","OH","6-2007",123900.31,42,1088.1466666666668,3.8597738050017767E-2,2950.007380952381,113.86361213561896]
[17445,"T","CSL  ","OH","9-2007",92870.03,36,1099.1958333333334,3.2751215850981966E-2,2579.7230555555557,84.489066628254733]
[17446,"T","CSL  ","OH","12-2007",128920.75,41,1136.0516666666667,3.6089907882710728E-2,3144.4085365853657,113.48141443097511]
[17447,"T","CSL  ","OH","3-2008",142651.29999999999,51,1205.1391666666666,4.2318764015497522E-2,2797.0843137254901,118.36915100399884]
[17448,"T","CSL  ","OH","6-2008",163332.41,65,1322.2541666666666,4.9158476213284764E-2,2512.8063076923077,123.52572910528423]
[{"$f":"INDEX(State,MATCH(D4034,StateAbbr),1)*1000+INDEX(Coverage,MATCH(C4034,CoverageAbbr),1)*100+VLOOKUP(E4034,Date,2,FALSE)","v":18401},"T","CSL  ","OK","9-1996",179896.24,96,2321.4,4.1354355130524684E-2,1873.9191666666666,77.494718704230195]
[18402,"T","CSL  ","OK","12-1996",263558.05,129,3066.1666666666665,{"$f":"G4035/H4035","v":4.2072076969071046E-2},{"$f":"F4035/G4035","v":2043.0856589147286},{"$f":"F4035/H4035","v":85.956857096265693}]
[18403,"T","CSL  ","OK","3-1997",300154.65999999997,146,2990.4683333333337,4.8821784324751802E-2,2055.8538356164381,100.37045256567949]
[18404,"T","CSL  ","OK","6-1997",321566.83,144,2912.4641666666666,4.9442668393345039E-2,2233.102986111111,110.41057043048026]
[18405,"T","CSL  ","OK","9-1997",399801.59,163,2829.3441666666663,5.7610523993634574E-2,2452.7704907975462,141.30539321097089]
[18406,"T","CSL  ","OK","12-1997",397440.89,160,2733.1183333333333,5.8541190130199268E-2,2484.0055625,145.41664191878507]
[18407,"T","CSL  ","OK","3-1998",424611.08,160,2651.5125000000003,6.0342917485774625E-2,2653.81925,160.13919602491029]
[18408,"T","CSL  ","OK","6-1998",391506.89,139,2564.0250000000001,5.4211639902107034E-2,2816.5963309352519,152.69230604225777]
[18409,"T","CSL  ","OK","9-1998",326955.07,111,2467.7958333333331,4.4979409763436E-2,2945.5411711711713,132.48870331317929]
[18410,"T","CSL  ","OK","12-1998",321544.63,109,2371.1349999999998,4.5969546229970043E-2,2949.9507339449542,135.60789664021661]
[18411,"T","CSL  ","OK","3-1999",295395.75,99,2271.5841666666665,4.3581920253156665E-2,2983.7954545454545,130.03953555173135]
[18412,"T","CSL  ","OK","6-1999",820421.1,104,2172.64,4.7868031519257677E-2,7888.6644230769225,377.61483724869282]
[18413,"T","CSL  ","OK","9-1999",911366.59,108,2083.9575,5.1824473387773025E-2,8438.5795370370361,437.32494064778189]
[18414,"T","CSL  ","OK","12-1999",962668.53,113,2000.1125,5.6496822053759478E-2,8519.190530973452,481.30719147047984]
[18415,"T","CSL  ","OK","3-2000",1000435.69,107,1909.2208333333335,5.604380495533736E-2,9349.8662616822421,524.00208112820883]
[18416,"T","CSL  ","OK","6-2000",461526.13,98,1825.3941666666667,5.3687034718072305E-2,4709.4503061224486,252.83642208783218]
[18417,"T","CSL  ","OK","9-2000",331035.53000000003,83,1748.1316666666669,4.7479261192187081E-2,3988.3798795180728,189.3653300333022]
[18418,"T","CSL  ","OK","12-2000",272749.61,71,1677.6158333333333,4.2321965845378784E-2,3841.543802816901,162.58168561634344]
[18419,"T","CSL  ","OK","3-2001",261207.54,75,1621.0016666666668,4.6267688394315859E-2,3482.7672000000002,161.13958755954394]
[18420,"T","CSL  ","OK","6-2001",247920.17,75,1566.4108333333334,4.7880159153649023E-2,3305.6022666666668,158.27276262666297]
[18421,"T","CSL  ","OK","9-2001",255483.9,76,1517.7258333333332,5.0074920206822603E-2,3361.6302631578947,168.33336719247166]
[18422,"T","CSL  ","OK","12-2001",237994.35,72,1484.2491666666667,4.8509375391261239E-2,3305.4770833333332,160.34662868262797]
[18423,"T","CSL  ","OK","3-2002",213182.04,67,1449.1566666666668,4.6233786547118204E-2,3181.8214925373136,147.10765571700321]
[18424,"T","CSL  ","OK","6-2002",216078.69,68,1422.7008333333333,4.7796415385994127E-2,3177.6277941176472,151.87921798972729]
[18425,"T","CSL  ","OK","9-2002",282420.98,69,1406.9258333333335,4.9043096917570278E-2,4093.0576811594201,200.73622454630689]
[18426,"T","CSL  ","OK","12-2002",264001.75,64,1383.1175000000001,4.6272279831612279E-2,4125.02734375,190.8744195630523]
[18427,"T","CSL  ","OK","3-2003",371322.95,53,1363.8058333333333,3.8861837003923455E-2,7006.0933962264153,272.26965959841544]
[18428,"T","CSL  ","OK","6-2003",373987.84000000003,51,1348.9091666666666,3.7808327840211632E-2,7333.0949019607851,277.2520561367179]
[18429,"T","CSL  ","OK","9-2003",284759.31,41,1321.3616666666667,3.1028598024512591E-2,6945.3490243902443,215.50444301774559]
[18430,"T","CSL  ","OK","12-2003",597716.36,46,1296.6166666666666,3.5476946411815369E-2,12993.833913043478,460.98154941707264]
[18431,"T","CSL  ","OK","3-2004",460738.75,52,1272.3158333333333,4.0870355172556078E-2,8860.3605769230762,362.12608373576006]
[18432,"T","CSL  ","OK","6-2004",436853.49,45,1240.94,3.6262833013683174E-2,9707.855333333333,352.03433687366027]
[18433,"T","CSL  ","OK","9-2004",425318.37,50,1215.4525000000001,4.1136942825820012E-2,8506.3673999999992,349.92594938921923]
[18434,"T","CSL  ","OK","12-2004",350411.67,48,1183.9066666666665,4.0543736555809583E-2,7300.243125,295.9791340533601]
[18435,"T","CSL  ","OK","3-2005",319315.90000000002,43,1148.0074999999999,3.7456201287883573E-2,7425.9511627906986,278.1479215074815]
[18436,"T","CSL  ","OK","6-2005",375445.25,51,1111.6541666666667,4.5877577334077969E-2,7361.6715686274511,337.73565669778895]
[18437,"T","CSL  ","OK","9-2005",376550.56,42,1081.2474999999999,3.8844020448602197E-2,8965.4895238095232,348.25565839458591]
[18438,"T","CSL  ","OK","12-2005",135408.79999999999,39,1059.2483333333332,3.6818561590058363E-2,3472.0205128205125,127.83480109322807]
[18439,"T","CSL  ","OK","3-2006",160105.99,42,1047.8125,4.0083507306889352E-2,3812.0473809523805,152.80022904861318]
[18440,"T","CSL  ","OK","6-2006",214048,38,1050.5575000000001,3.6171270968033638E-2,5632.8421052631575,203.74705810962271]
[18441,"T","CSL  ","OK","9-2006",205777.43,37,1050.4549999999999,3.522283201089052E-2,5561.5521621621619,195.89361752764279]
[18442,"T","CSL  ","OK","12-2006",210004.9,37,1050.3366666666668,3.5226800295778175E-2,5675.8081081081082,199.94055874148285]
[18443,"T","CSL  ","OK","3-2007",200232.27,38,1050.3858333333333,3.6177182511505694E-2,5269.2702631578941,190.62735201271281]
[18444,"T","CSL  ","OK","6-2007",112994.53,34,1058.3566666666668,3.212527597816741E-2,3323.3685294117645,106.76413118450931]
[18445,"T","CSL  ","OK","9-2007",175551.32,48,1083.5316666666665,4.4299582076512155E-2,3657.3191666666667,162.01771060375103]
[18446,"T","CSL  ","OK","12-2007",172420.01,42,1121.6658333333332,3.7444307165161346E-2,4105.2383333333337,153.71780513952837]
[18447,"T","CSL  ","OK","3-2008",179946.03,41,1169.6200000000001,3.505412014158444E-2,4388.9275609756096,153.8499940151502]
[18448,"T","CSL  ","OK","6-2008",174048.11,42,1225.0958333333333,3.4283032279787636E-2,4144.0026190476183,142.06897555633401]
[19401,"T","CSL  ","RI","9-1996",55430.84,35,831.54916666666668,4.2090114936078143E-2,1583.7382857142857,66.659726474381642]
[19402,"T","CSL  ","RI","12-1996",85477.6,53,1116.1558333333335,4.7484408912435307E-2,1612.7849056603775,76.582137948180772]
[19403,"T","CSL  ","RI","3-1997",159027.99,57,1134.83,5.0227787421904604E-2,2789.9647368421051,140.13375571671529]
[19404,"T","CSL  ","RI","6-1997",217142.56,69,1137.5033333333333,6.065916290355193E-2,3146.9936231884058,190.89399884542462]
[19405,"T","CSL  ","RI","9-1997",249348.94,67,1111.6499999999999,6.0270768677191569E-2,3721.6259701492536,224.30525794989433]
[19406,"T","CSL  ","RI","12-1997",405460.53,68,1066.8583333333333,6.3738546979839564E-2,5962.6548529411766,380.05095646875952]
[19407,"T","CSL  ","RI","3-1998",347076.1,69,1006.1091666666666,6.8581027075425058E-2,5030.0884057971007,344.96862914975264]
[19408,"T","CSL  ","RI","6-1998",290702.90000000002,63,923.16250000000002,6.824367324279311E-2,4614.3317460317467,314.89894791003752]
[19409,"T","CSL  ","RI","9-1998",279283.03000000003,59,834.49666666666656,7.0701300983826584E-2,4733.6106779661022,334.6724332831368]
[19410,"T","CSL  ","RI","12-1998",234059.11,50,749.7208333333333,6.6691490721546356E-2,4681.1821999999993,312.19501925716793]
[19411,"T","CSL  ","RI","3-1999",299639.14,45,664.9425,6.7675024532196398E-2,6658.6475555555562,450.62413667347181]
[19412,"T","CSL  ","RI","6-1999",347512.41,44,597.0625,7.3694127499214904E-2,7898.0093181818174,582.03690568407831]
[19413,"T","CSL  ","RI","9-1999",627769.06000000006,46,537.82749999999999,8.5529282158312847E-2,13647.153478260871,1167.2312404999745]
[19414,"T","CSL  ","RI","12-1999",552649.89,49,487.86250000000001,0.1004381357452151,11278.56918367347,1132.7984626815958]
[19415,"T","CSL  ","RI","3-2000",457593.16,43,450.56416666666672,9.5435907205226031E-2,10641.701395348837,1015.600426872236]
[19416,"T","CSL  ","RI","6-2000",437507.69,41,423.71000000000004,9.6764296334757249E-2,10670.919268292682,1032.5639942413443]
[{"$f":"INDEX(State,MATCH(D4098,StateAbbr),1)*1000+INDEX(Coverage,MATCH(C4098,CoverageAbbr),1)*100+VLOOKUP(E4098,Date,2,FALSE)","v":19417},"T","CSL  ","RI","9-2000",131705.72,32,415.16083333333336,7.707856192278896E-2,4115.80375,317.24023420642197]
[19418,"T","CSL  ","RI","12-2000",361364.39,20,410.73666666666668,{"$f":"G4099/H4099","v":4.8692998758328533E-2},{"$f":"F4099/G4099","v":18068.219499999999},{"$f":"F4099/H4099","v":879.79578967870737}]
[19419,"T","CSL  ","RI","3-2001",360112.29,18,414.34916666666663,4.3441622303250681E-2,20006.238333333331,869.10344938548212]
[19420,"T","CSL  ","RI","6-2001",390770.07,20,415.78500000000003,4.8101783373618576E-2,19538.503499999999,939.83686280168831]
[19421,"T","CSL  ","RI","9-2001",689029.84,19,422.69,4.4950199910099603E-2,36264.728421052627,1630.1067922117863]
[19422,"T","CSL  ","RI","12-2001",419011.58,24,431.39583333333331,5.5633360699280439E-2,17458.815833333334,971.29259863814173]
[19423,"T","CSL  ","RI","3-2002",413577.55,22,438.28500000000003,5.0195648949884202E-2,18798.979545454546,943.62697787969012]
[19424,"T","CSL  ","RI","6-2002",396285.31,23,447.88583333333332,5.1352372163293102E-2,17229.796086956521,884.7909009550425]
[19425,"T","CSL  ","RI","9-2002",120886.62,29,454.63499999999999,6.3787433875526517E-2,4168.5041379310342,265.89818205813452]
[19426,"T","CSL  ","RI","12-2002",124650.03,34,472.72166666666664,7.1923929867117015E-2,3666.1773529411767,263.68588281335389]
[19427,"T","CSL  ","RI","3-2003",190665.97,41,487.18416666666667,8.4157086385880764E-2,4650.3895121951218,391.36323190579878]
[19428,"T","CSL  ","RI","6-2003",159828.32999999999,37,496.08750000000003,7.4583616801471506E-2,4319.6845945945943,322.177700506463]
[19429,"T","CSL  ","RI","9-2003",132032.48000000001,33,508.02833333333336,6.4957006991079896E-2,4000.9842424242429,259.89196140635204]
[19430,"T","CSL  ","RI","12-2003",133123.21,34,518.13166666666666,6.5620386066604697E-2,3915.3885294117645,256.92930690075559]
[19431,"T","CSL  ","RI","3-2004",114924.27,42,525.41916666666668,7.9936177940469755E-2,2736.2921428571431,218.72873562853786]
[19432,"T","CSL  ","RI","6-2004",98025.49,39,537.19583333333333,7.2599222816012166E-2,2513.4741025641029,182.47626641432751]
[19433,"T","CSL  ","RI","9-2004",402799.13,39,544.01916666666659,7.1688650675604274E-2,10328.18282051282,740.41349033352083]
[19434,"T","CSL  ","RI","12-2004",381291.35,32,537.0716666666666,5.9582364861300328E-2,11915.354687499999,709.94501044243009]
[19435,"T","CSL  ","RI","3-2005",348283.57,18,529.51416666666671,3.3993424790334535E-2,19349.087222222224,657.7417412502341]
[19436,"T","CSL  ","RI","6-2005",411688.64,23,519.84833333333336,4.4243673635579607E-2,17899.506086956524,791.939905549375]
[19437,"T","CSL  ","RI","9-2005",150894.26999999999,30,504.34083333333336,5.9483583357154299E-2,5029.8089999999993,299.19106292206487]
[19438,"T","CSL  ","RI","12-2005",163468.79,31,481.86666666666662,6.4333148865522979E-2,5273.1867741935484,339.24070973990047]
[19439,"T","CSL  ","RI","3-2006",160049.93,34,453.82416666666671,7.491888378208153E-2,4707.350882352941,352.6694736764789]
[19440,"T","CSL  ","RI","6-2006",98403.64,34,424.67833333333334,8.0060594881616279E-2,2894.2247058823527,231.7133516740121]
[19441,"T","CSL  ","RI","9-2006",73772.12,24,389.49666666666667,6.161798560535392E-2,3073.8383333333331,189.4037261765184]
[19442,"T","CSL  ","RI","12-2006",59145.88,22,360.76833333333337,6.0980961928476719E-2,2688.449090909091,163.9442116593751]
[19443,"T","CSL  ","RI","3-2007",54122.15,18,327.20249999999999,5.501180461640727E-2,3006.786111111111,165.4087300677715]
[19444,"T","CSL  ","RI","6-2007",45742.65,11,284.94416666666666,3.8604054010581021E-2,4158.4227272727276,160.531975562464]
[19445,"T","CSL  ","RI","9-2007",28970.67,11,239.56916666666666,4.5915758497024173E-2,2633.6972727272728,120.92820792881666]
[19446,"T","CSL  ","RI","12-2007",31408.06,9,189.21416666666667,4.7565148839278239E-2,3489.7844444444445,165.99211651699792]
[19447,"T","CSL  ","RI","3-2008",30470.29,8,145.88083333333333,5.4839280919928943E-2,3808.7862500000001,208.87109912771271]
[19448,"T","CSL  ","RI","6-2008",26829.69,7,113.87833333333333,6.1469111771334906E-2,3832.812857142857,235.59960191432376]
[20401,"T","CSL  ","TN","9-1996",null,null,0,{"$error":"#DIV/0!"},{"$error":"#DIV/0!"},{"$error":"#DIV/0!"}]
[20402,"T","CSL  ","TN","12-1996",null,null,0,{"$error":"#DIV/0!"},{"$error":"#DIV/0!"},{"$error":"#DIV/0!"}]
[20403,"T","CSL  ","TN","3-1997",null,null,0,{"$error":"#DIV/0!"},{"$error":"#DIV/0!"},{"$error":"#DIV/0!"}]
[20404,"T","CSL  ","TN","6-1997",null,null,0.33333333333333331,0,{"$error":"#DIV/0!"},0]
[20405,"T","CSL  ","TN","9-1997",null,null,0.33333333333333331,0,{"$error":"#DIV/0!"},0]
[20406,"T","CSL  ","TN","12-1997",null,null,0.33333333333333331,0,{"$error":"#DIV/0!"},0]
[20407,"T","CSL  ","TN","3-1998",null,null,1.2750000000000001,0,{"$error":"#DIV/0!"},0]
[20408,"T","CSL  ","TN","6-1998",null,null,10.339166666666666,0,{"$error":"#DIV/0!"},0]
[20409,"T","CSL  ","TN","9-1998",null,null,28.959166666666665,0,{"$error":"#DIV/0!"},0]
[20410,"T","CSL  ","TN","12-1998",null,null,49.473333333333329,0,{"$error":"#DIV/0!"},0]
[20411,"T","CSL  ","TN","3-1999",3723.1,2,71.862499999999997,2.7830927117759613E-2,1861.55,51.808662376065406]
[20412,"T","CSL  ","TN","6-1999",4250.6499999999996,3,86.775833333333324,3.4571837397124779E-2,1416.8833333333332,48.984260210696142]
[20413,"T","CSL  ","TN","9-1999",4250.6499999999996,3,91.945833333333326,3.2627905922871257E-2,1416.8833333333332,46.229936103684231]
[20414,"T","CSL  ","TN","12-1999",4250.6499999999996,3,96.769166666666663,3.1001610361427109E-2,1416.8833333333332,43.92566502760004]
[20415,"T","CSL  ","TN","3-2000",527.54999999999995,1,98.697499999999991,1.0131968894855493E-2,527.54999999999995,5.3451201904810155]
[20416,"T","CSL  ","TN","6-2000",812.79,1,103.27499999999999,9.6828854998789651E-3,812.79,7.8701525054466233]
[20417,"T","CSL  ","TN","9-2000",9011.33,4,121.00083333333333,3.3057623570085605E-2,2252.8325,74.473288751454874]
[20418,"T","CSL  ","TN","12-2000",16595.060000000001,8,150.87666666666667,5.3023440779444583E-2,2074.3825000000002,109.99089764266621]
[20419,"T","CSL  ","TN","3-2001",17504.64,8,194.97,4.1031953633892393E-2,2188.08,89.781197107247266]
[20420,"T","CSL  ","TN","6-2001",24510.43,9,279.67666666666668,3.2180017401046444E-2,2723.3811111111113,87.638451545236762]
[20421,"T","CSL  ","TN","9-2001",22493.15,9,388.09833333333336,2.31899990981667E-2,2499.2388888888891,57.95734757943648]
[20422,"T","CSL  ","TN","12-2001",27316.98,8,522.4666666666667,1.5311981625622048E-2,3414.6224999999999,52.284636978435621]
[20423,"T","CSL  ","TN","3-2002",32474.720000000001,13,668.46749999999997,1.9447467528339073E-2,2498.0553846153848,48.580850976300276]
[20424,"T","CSL  ","TN","6-2002",46798.559999999998,18,786.71999999999991,2.2879804758999391E-2,2599.92,59.4856619890177]
[20425,"T","CSL  ","TN","9-2002",72036.56,24,892.38916666666671,2.6894096092231808E-2,3001.5233333333331,80.723256949742591]
[20426,"T","CSL  ","TN","12-2002",71723.350000000006,26,965.85583333333341,2.6919131305828077E-2,2758.5903846153847,74.25885678245632]
[20427,"T","CSL  ","TN","3-2003",77915.89,25,1021.7058333333333,2.4468882514291867E-2,3116.6356000000001,76.26059033625954]
[20428,"T","CSL  ","TN","6-2003",224290.23,35,1056.9375,3.3114540831411507E-2,6408.2922857142858,212.2076565549051]
[20429,"T","CSL  ","TN","9-2003",205934.59,31,1067.1641666666667,2.9048951387516914E-2,6643.0512903225808,192.97367399736217]
[20430,"T","CSL  ","TN","12-2003",249658.5,35,1081.5716666666667,3.2360315158650295E-2,7133.1,230.82936405816844]
[20431,"T","CSL  ","TN","3-2004",273058.08,45,1081.0575000000001,4.1625907965117483E-2,6067.9573333333337,252.58423349359308]
[20432,"T","CSL  ","TN","6-2004",160355.78,42,1069.8399999999999,3.9258206834666867E-2,3817.9947619047621,149.88762805653184]
[{"$f":"INDEX(State,MATCH(D4162,StateAbbr),1)*1000+INDEX(Coverage,MATCH(C4162,CoverageAbbr),1)*100+VLOOKUP(E4162,Date,2,FALSE)","v":20433},"T","CSL  ","TN","9-2004",283875.93,49,1038.5741666666665,4.7180068186431882E-2,5793.3863265306118,273.33236191605641]
[20434,"T","CSL  ","TN","12-2004",261025.99,50,973.93583333333333,{"$f":"G4163/H4163","v":5.1338084387831849E-2},{"$f":"F4163/G4163","v":5220.5198},{"$f":"F4163/H4163","v":268.011486040747}]
[20435,"T","CSL  ","TN","3-2005",557043.93000000005,47,887.22916666666663,5.2973912226735857E-2,11851.998510638299,627.84672881395738]
[20436,"T","CSL  ","TN","6-2005",516304.49,39,789.18833333333339,4.9417861811608128E-2,13238.576666666666,654.22215229571304]
[20437,"T","CSL  ","TN","9-2005",516778.23,35,742.40583333333336,4.7144026122280379E-2,14765.092285714285,696.08589641559479]
[20438,"T","CSL  ","TN","12-2005",495332.06,32,760.58833333333325,4.2072693726128679E-2,15479.126875,651.2485641597624]
[20439,"T","CSL  ","TN","3-2006",183744.77,28,898.57666666666671,3.1160390691946149E-2,6562.3132142857139,204.48424360006379]
[20440,"T","CSL  ","TN","6-2006",296519.34000000003,42,1198.8166666666666,3.5034547957013169E-2,7059.9842857142867,247.34335803361651]
[20441,"T","CSL  ","TN","9-2006",254483.13,60,1633.86,3.672285263119239E-2,4241.3855000000003,155.75577466857627]
[20442,"T","CSL  ","TN","12-2006",351854.21,84,2197.374166666667,3.8227444954185841E-2,4188.7405952380959,160.12485053182795]
[20443,"T","CSL  ","TN","3-2007",418452.01,107,2825.5416666666665,3.7868845206671289E-2,3910.7664485981309,148.09620928140623]
[20444,"T","CSL  ","TN","6-2007",423728.83,152,3457.3516666666669,4.3964286730064576E-2,2787.6896710526316,122.5587880125973]
[20445,"T","CSL  ","TN","9-2007",482501.6,170,4022.9650000000001,4.2257389761034457E-2,2838.2447058823527,119.93681277366319]
[20446,"T","CSL  ","TN","12-2007",618196.13,185,4497.1383333333333,4.1137271368496188E-2,3341.6007027027026,137.46433491223863]
[20447,"T","CSL  ","TN","3-2008",1193068.1100000001,210,4880.0491666666667,4.303235332840738E-2,5681.2767142857147,244.47870692559621]
[20448,"T","CSL  ","TN","6-2008",1220224.56,200,5171.7858333333334,3.8671361584803957E-2,6101.1228000000001,235.93872587209157]
[21401,"T","CSL  ","TX","9-1996",143419.48000000001,70,1364.6483333333333,5.1295266546082081E-2,2048.8497142857145,105.09629220714983]
[21402,"T","CSL  ","TX","12-1996",228953.7,105,1774.8608333333334,5.9159567909784473E-2,2180.5114285714285,128.99811393663259]
[21403,"T","CSL  ","TX","3-1997",327022.01,105,1686.5883333333334,6.2255855756146776E-2,3114.4953333333333,193.89557222519227]
[21404,"T","CSL  ","TX","6-1997",344794.24,110,1583.2791666666665,6.9476061023140273E-2,3134.4930909090908,217.77223326061156]
[21405,"T","CSL  ","TX","9-1997",359435.71,109,1458.1533333333334,7.4752083685757781E-2,3297.5753211009178,246.50062636302539]
[21406,"T","CSL  ","TX","12-1997",304354.96000000002,84,1313.1008333333332,6.3970715627956989E-2,3623.2733333333335,231.78338804902648]
[21407,"T","CSL  ","TX","3-1998",217049.53,69,1172.0058333333334,5.8873427108937879E-2,3145.6453623188404,185.19492294904674]
[21408,"T","CSL  ","TX","6-1998",189515.44,60,1004.4808333333334,5.9732349298186375E-2,3158.5906666666665,188.6700409913247]
[21409,"T","CSL  ","TX","9-1998",127914.16,38,832.17000000000007,4.5663746590239973E-2,3366.1621052631581,153.71157335640552]
[21410,"T","CSL  ","TX","12-1998",111125.08,32,667.05000000000007,4.797241586087999E-2,3472.6587500000001,166.59182969792369]
[21411,"T","CSL  ","TX","3-1999",93133.57,28,486.70666666666665,5.7529518121798212E-2,3326.198928571429,191.35462153795581]
[21412,"T","CSL  ","TX","6-1999",64345.56,15,350.25833333333338,4.2825533534771948E-2,4289.7039999999997,183.70886250624537]
[21413,"T","CSL  ","TX","9-1999",93008.12,18,262.55500000000001,6.8557064234160456E-2,5167.1177777777775,354.24242539658354]
[21414,"T","CSL  ","TX","12-1999",87857.09,16,208.31916666666666,7.6805222755147354E-2,5491.0681249999998,421.74271050431429]
[21415,"T","CSL  ","TX","3-2000",86420.01,15,187.7175,7.9907307523273005E-2,5761.3339999999998,460.37268768228853]
[21416,"T","CSL  ","TX","6-2000",79413.399999999994,14,176.50416666666669,7.9318240834730047E-2,5672.3857142857141,449.92365619319645]
[21417,"T","CSL  ","TX","9-2000",38384.83,9,169.5025,5.3096561997610654E-2,4264.9811111111112,226.45583398474949]
[21418,"T","CSL  ","TX","12-2000",51500.86,12,164.29583333333332,7.303897948314779E-2,4291.7383333333337,313.46418807537219]
[21419,"T","CSL  ","TX","3-2001",30403.75,9,163.81166666666667,5.4941141758320024E-2,3378.1944444444443,185.60185985939137]
[21420,"T","CSL  ","TX","6-2001",29755.01,10,160.10583333333332,6.2458686181536174E-2,2975.5009999999997,185.84588319184707]
[21421,"T","CSL  ","TX","9-2001",32335.33,10,156.71333333333334,6.3810779767728754E-2,3233.5330000000004,206.33426213468329]
[21422,"T","CSL  ","TX","12-2001",15276.24,7,153.91666666666666,4.5479155387114244E-2,2182.3200000000002,99.250070384407152]
[21423,"T","CSL  ","TX","3-2002",16827.150000000001,6,150.89250000000001,3.9763407724041945E-2,2804.5250000000001,111.51747104726876]
[21424,"T","CSL  ","TX","6-2002",18884.48,6,154.46250000000001,3.8844379703811605E-2,3147.4133333333334,122.25931860483935]
[21425,"T","CSL  ","TX","9-2002",28541.33,9,152.6825,5.8945851685687618E-2,3171.258888888889,186.93255612136298]
[21426,"T","CSL  ","TX","12-2002",26331.87,8,142.04416666666665,5.6320510639296467E-2,3291.4837499999999,185.37804556094642]
[21427,"T","CSL  ","TX","3-2003",21810.07,8,126.05416666666667,6.3464780352361749E-2,2726.25875,173.0214127524543]
[21428,"T","CSL  ","TX","6-2003",17202.169999999998,6,103.49916666666667,5.7971481251861932E-2,2867.0283333333332,166.20587927439027]
[21429,"T","CSL  ","TX","9-2003",3482.31,2,87.625833333333333,2.2824319312227177E-2,1741.155,39.740677692080915]
[21430,"T","CSL  ","TX","12-2003",31375.919999999998,4,75.548333333333332,5.2946237507997089E-2,7843.98,415.30922808797897]
[21431,"T","CSL  ","TX","3-2004",51076.7,8,64.05083333333333,0.12490079494151782,6384.5874999999996,797.44005412367778]
[21432,"T","CSL  ","TX","6-2004",51131.7,8,54.745000000000005,0.14613206685542057,6391.4624999999996,933.99762535391346]
[21433,"T","CSL  ","TX","9-2004",51381.7,9,42.06666666666667,0.21394611727416796,5709.0777777777776,1221.4350237717906]
[21434,"T","CSL  ","TX","12-2004",25048.29,7,32.288333333333334,0.21679657254942444,3578.3271428571429,775.76906003200327]
[21435,"T","CSL  ","TX","3-2005",4226.04,2,27.135000000000002,7.370554634236226E-2,2113.02,155.74129353233829]
[21436,"T","CSL  ","TX","6-2005",4171.04,2,22.876666666666665,8.7425324202243929E-2,2085.52,182.32726213026373]
[21437,"T","CSL  ","TX","9-2005",3921.04,1,19.888333333333332,5.0280734098717847E-2,3921.04,197.15276963043661]
[21438,"T","CSL  ","TX","12-2005",1.164153E-10,0,16.864999999999998,0,{"$error":"#DIV/0!"},6.9027749777646017E-12]
[21439,"T","CSL  ","TX","3-2006",5726.83,1,11.140833333333333,8.975989228812925E-2,5726.83,514.03964395242724]
[21440,"T","CSL  ","TX","6-2006",3586.1,1,6.8208333333333329,0.14660965180207697,3586.1,525.75687232742825]
[21441,"T","CSL  ","TX","9-2006",3586.1,1,3.3008333333333333,0.30295379954556928,3586.1,1086.422620550366]
[21442,"T","CSL  ","TX","12-2006",34842,3,1.0175000000000001,2.9484029484029484,11614,34242.751842751837]
[21443,"T","CSL  ","TX","3-2007",32244.38,3,0.27916666666666667,10.746268656716417,10748.126666666667,115502.25671641791]
[21444,"T","CSL  ","TX","6-2007",34385.11,3,3.0833333333333334E-2,97.297297297297291,11461.703333333333,1115192.7567567567]
[21445,"T","CSL  ","TX","9-2007",34385.11,3,0,{"$error":"#DIV/0!"},11461.703333333333,{"$error":"#DIV/0!"}]
[21446,"T","CSL  ","TX","12-2007",3129.21,1,0,{"$error":"#DIV/0!"},3129.21,{"$error":"#DIV/0!"}]
[21447,"T","CSL  ","TX","3-2008",1.164153E-10,0,0,{"$error":"#DIV/0!"},{"$error":"#DIV/0!"},{"$error":"#DIV/0!"}]
[21448,"T","CSL  ","TX","6-2008",1.164153E-10,0,0,{"$error":"#DIV/0!"},{"$error":"#DIV/0!"},{"$error":"#DIV/0!"}]
[{"$f":"INDEX(State,MATCH(D4226,StateAbbr),1)*1000+INDEX(Coverage,MATCH(C4226,CoverageAbbr),1)*100+VLOOKUP(E4226,Date,2,FALSE)","v":22401},"T","CSL  ","VA","9-1996",197118.84,116,3581.0108333333333,3.2393088264416961E-2,1699.3003448275863,55.045586057754178]
[22402,"T","CSL  ","VA","12-1996",282662.18,162,4706.4175000000005,{"$f":"G4227/H4227","v":3.4421085677163149E-2},{"$f":"F4227/G4227","v":1744.8282716049382},{"$f":"F4227/H4227","v":60.058883428850066}]
[22403,"T","CSL  ","VA","3-1997",352151.87,172,4553.4399999999996,3.7773639270529534E-2,2047.3945930232558,77.337544801293092]
[22404,"T","CSL  ","VA","6-1997",410564.24,182,4441.3125,4.0978877302599179E-2,2255.8474725274723,92.442096790081763]
[22405,"T","CSL  ","VA","9-1997",465115.05,179,4335.2933333333331,4.1289016967709993E-2,2598.408100558659,107.28571615300157]
[22406,"T","CSL  ","VA","12-1997",475845.29,173,4247.6308333333336,4.0728586543439804E-2,2750.5508092485547,112.02604667660815]
[22407,"T","CSL  ","VA","3-1998",539974.9,170,4188.4391666666661,4.0587911925026969E-2,3176.3229411764705,128.92031578191322]
[22408,"T","CSL  ","VA","6-1998",524863.06999999995,171,4117.7375000000002,4.1527659303197448E-2,3069.3746783625729,127.46394591690216]
[22409,"T","CSL  ","VA","9-1998",483657.06,168,4027.7249999999999,4.1710891384094E-2,2878.9110714285716,120.08194700482282]
[22410,"T","CSL  ","VA","12-1998",608871.96,161,3910.9241666666662,4.1166740427294575E-2,3781.813416149068,155.68493124706885]
[22411,"T","CSL  ","VA","3-1999",508786.54,139,3745.0541666666668,3.7115618042907701E-2,3660.3348201438848,135.85558909361569]
[22412,"T","CSL  ","VA","6-1999",534323.66,114,3564.8033333333333,3.1979323777562296E-2,4687.0496491228078,149.888678290808]
[22413,"T","CSL  ","VA","9-1999",469114.84,95,3393.9741666666669,2.7990784647987644E-2,4938.0509473684215,138.21992064858085]
[22414,"T","CSL  ","VA","12-1999",337493.33,88,3252.7158333333332,2.7054315381070025E-2,3835.1514772727273,103.75739760031298]
[22415,"T","CSL  ","VA","3-2000",328059.23,99,3155.2000000000003,3.137677484787018E-2,3313.7295959595958,103.97414743914806]
[22416,"T","CSL  ","VA","6-2000",279995.21000000002,105,3091.6716666666666,3.3962209225537644E-2,2666.6210476190477,90.56434194446048]
[22417,"T","CSL  ","VA","9-2000",557998.49,111,3042.8924999999999,3.6478449370130561E-2,5027.0134234234238,183.37765464931803]
[22418,"T","CSL  ","VA","12-2000",572596.38,119,2991.1749999999997,3.9783697042132277E-2,4811.7342857142858,191.4285790700979]
[22419,"T","CSL  ","VA","3-2001",571639.92000000004,118,2951.7058333333334,3.9976883423624814E-2,4844.4061016949154,193.66425798415437]
[22420,"T","CSL  ","VA","6-2001",585243.05000000005,117,2909.646666666667,4.0211068010548814E-2,5002.0773504273511,201.13887253206002]
[22421,"T","CSL  ","VA","9-2001",320572.40000000002,101,2886.0049999999997,3.4996474365082533E-2,3173.9841584158416,111.07825523517806]
[22422,"T","CSL  ","VA","12-2001",515253.28,97,2890.2641666666664,3.3560946130356602E-2,5311.8894845360828,178.27203684092316]
[22423,"T","CSL  ","VA","3-2002",920034.63,101,2891.85,3.4925739578470533E-2,9109.2537623762382,318.14742465895534]
[22424,"T","CSL  ","VA","6-2002",892420.35,103,2909.6058333333331,3.5399984018453817E-2,8664.275242718446,306.71520512371808]
[22425,"T","CSL  ","VA","9-2002",917466.91,115,2932.5308333333337,3.9215273951367938E-2,7977.9731304347833,312.85840188665247]
[22426,"T","CSL  ","VA","12-2002",715012.76,117,2936.4841666666666,3.9843565760755283E-2,6111.2201709401706,243.49280275930883]
[22427,"T","CSL  ","VA","3-2003",321499.34000000003,112,2947.4633333333331,3.7998776348928287E-2,2870.5298214285717,109.07662068739336]
[22428,"T","CSL  ","VA","6-2003",330763.93,115,2952.9133333333334,3.8944590314198183E-2,2876.2080869565216,112.01274560490543]
[22429,"T","CSL  ","VA","9-2003",326450.57,107,2938.5450000000001,3.641257833383528E-2,3050.9399065420562,111.09258833878671]
[22430,"T","CSL  ","VA","12-2003",297557.21999999997,108,2914.6116666666662,3.7054679096757893E-2,2755.159444444444,102.09154907429064]
[22431,"T","CSL  ","VA","3-2004",278844.38,103,2883.4791666666665,3.57207366679431E-2,2707.2269902912622,96.704142420542325]
[22432,"T","CSL  ","VA","6-2004",266808.48,94,2843.2750000000001,3.3060467242880129E-2,2838.3880851063827,93.838436310240823]
[22433,"T","CSL  ","VA","9-2004",253248.4,93,2811.0791666666664,3.3083379900068037E-2,2723.1010752688171,90.089387379402041]
[22434,"T","CSL  ","VA","12-2004",445296.21,79,2773.1116666666662,2.8487853896976147E-2,5636.6608860759497,160.57637178933174]
[22435,"T","CSL  ","VA","3-2005",462255.55,72,2724.8083333333334,2.6423876908773399E-2,6420.2159722222223,169.64699657774094]
[22436,"T","CSL  ","VA","6-2005",636463.34,70,2692.0733333333333,2.6002263435121877E-2,9092.3334285714282,236.42124904967918]
[22437,"T","CSL  ","VA","9-2005",634438.42000000004,69,2667.7275,2.5864710694776735E-2,9194.7597101449282,237.81979981088776]
[22438,"T","CSL  ","VA","12-2005",478604.26,65,2751.6941666666667,2.3621811169058576E-2,7363.1424615384612,173.93076083733871]
[22439,"T","CSL  ","VA","3-2006",495142.63,74,2961.7766666666666,2.4985003370724554E-2,6691.1166216216216,167.17757134512732]
[22440,"T","CSL  ","VA","6-2006",377871.69,90,3261.4874999999997,2.7594770790935121E-2,4198.574333333333,115.85869637703657]
[22441,"T","CSL  ","VA","9-2006",380664.58,106,3647.7766666666666,2.9058796545475645E-2,3591.175283018868,104.35523190838622]
[22442,"T","CSL  ","VA","12-2006",403439.57,132,4008.603333333333,3.2929174833129744E-2,3056.3603787878787,100.64342526615671]
[22443,"T","CSL  ","VA","3-2007",370770.69,131,4307.0316666666668,3.0415378882362523E-2,2830.3106106870227,86.084969578816654]
[22444,"T","CSL  ","VA","6-2007",543568.71,142,4550.5033333333331,3.1205339189584156E-2,3827.9486619718309,119.4524363971458]
[22445,"T","CSL  ","VA","9-2007",554542.97,152,4710.9849999999997,3.2265014641311748E-2,3648.3090131578947,117.71274372556907]
[22446,"T","CSL  ","VA","12-2007",685048.77,163,4798.2791666666662,3.397051199779088E-2,4202.7531901840493,142.76967767090113]
[22447,"T","CSL  ","VA","3-2008",1044441.97,187,4838.8791666666666,3.8645313007230495E-2,5585.2511764705878,215.84377993870825]
[22448,"T","CSL  ","VA","6-2008",918118.3,189,4876.4008333333331,3.8758093614467366E-2,4857.7687830687837,188.27785725161712]
[23401,"T","CSL  ","WI","9-1996",104406.32,71,2443.8525,2.9052489869990109E-2,1470.5115492957748,42.722021889618958]
[23402,"T","CSL  ","WI","12-1996",163535.81,108,3214.1733333333336,3.3601174796629926E-2,1514.220462962963,50.879586456652405]
[23403,"T","CSL  ","WI","3-1997",232556.4,121,3122.0033333333336,3.8757165537939849E-2,1921.9537190082644,74.489478443862424]
[23404,"T","CSL  ","WI","6-1997",300500.84000000003,122,3023.7249999999999,4.0347584519094828E-2,2463.1216393442623,99.381008524254042]
[23405,"T","CSL  ","WI","9-1997",328279.76,131,2919.89,4.4864703807335211E-2,2505.9523664122139,112.42881067437473]
[23406,"T","CSL  ","WI","12-1997",334501.33,122,2818.9366666666665,4.3278730395976739E-2,2741.8141803278691,118.66223670627578]
[23407,"T","CSL  ","WI","3-1998",319042.53000000003,118,2721.5275000000001,4.3358003915080774E-2,2703.7502542372886,117.22921410862099]
[23408,"T","CSL  ","WI","6-1998",316499.59999999998,116,2617.8516666666669,4.4311143170194897E-2,2728.4448275862069,120.90050938715012]
[23409,"T","CSL  ","WI","9-1998",278883.38,107,2522.4949999999999,4.2418319957026676E-2,2606.3867289719628,110.55854620128088]
[23410,"T","CSL  ","WI","12-1998",272758.61,105,2437.2533333333336,4.3081282755451485E-2,2597.7010476190476,111.91229334660873]
[23411,"T","CSL  ","WI","3-1999",262807.74,100,2367.88,4.2231869858269842E-2,2628.0774000000001,110.98862273426018]
[23412,"T","CSL  ","WI","6-1999",239080.82,103,2330.6950000000002,4.4192826603223496E-2,2321.1730097087379,102.57919633414068]
[23413,"T","CSL  ","WI","9-1999",325334.34000000003,99,2315.7716666666665,4.2750328724118603E-2,3286.2054545454548,140.48636343680977]
[23414,"T","CSL  ","WI","12-1999",326259.45,96,2318.5991666666664,4.1404310576896468E-2,3398.5359375000003,140.71403746299401]
[23415,"T","CSL  ","WI","3-2000",320630.48,99,2352.7858333333334,4.2077778009969036E-2,3238.6917171717168,136.27695111787691]
[23416,"T","CSL  ","WI","6-2000",346596.99,93,2396.0841666666665,3.8813327717689382E-2,3726.8493548387096,144.6514253638141]
[{"$f":"INDEX(State,MATCH(D4290,StateAbbr),1)*1000+INDEX(Coverage,MATCH(C4290,CoverageAbbr),1)*100+VLOOKUP(E4290,Date,2,FALSE)","v":23417},"T","CSL  ","WI","9-2000",309415.71000000002,88,2440.8808333333332,3.6052558895234885E-2,3516.087613636364,126.76395577143089]
[23418,"T","CSL  ","WI","12-2000",289023.03999999998,81,2486.6525000000001,{"$f":"G4291/H4291","v":3.2573912116791545E-2},{"$f":"F4291/G4291","v":3568.1856790123456},{"$f":"F4291/H4291","v":116.22976672454232}]
[23419,"T","CSL  ","WI","3-2001",350370.31,91,2512.7966666666666,3.6214629383727825E-2,3850.2231868131867,139.43440575507503]
[23420,"T","CSL  ","WI","6-2001",284388.44,92,2533.5683333333332,3.6312421018839705E-2,3091.1786956521742,112.24818224098949]
[23421,"T","CSL  ","WI","9-2001",252803.91,101,2567.2125000000001,3.9342282728835262E-2,2503.0090099009903,98.47408814034678]
[23422,"T","CSL  ","WI","12-2001",289105.34000000003,102,2613.5641666666666,3.9027165011253792E-2,2834.3660784313729,110.61727264524148]
[23423,"T","CSL  ","WI","3-2002",239858.25,80,2663.9516666666664,3.0030574879048734E-2,2998.2281250000001,90.038514212282394]
[23424,"T","CSL  ","WI","6-2002",316085.19,99,2712.9833333333331,3.6491193581481646E-2,3192.7796969696969,116.50834198514552]
[23425,"T","CSL  ","WI","9-2002",417611.14,101,2747.9066666666663,3.6755251270057694E-2,4134.7637623762375,151.97428102846774]
[23426,"T","CSL  ","WI","12-2002",467501.24,117,2778.6525000000001,4.210674058738903E-2,3995.737094017094,168.24746527318547]
[23427,"T","CSL  ","WI","3-2003",803130.3,118,2787.5158333333334,4.2331598116483043E-2,6806.188983050848,288.11685673534294]
[23428,"T","CSL  ","WI","6-2003",935942.38,115,2792.3441666666663,4.118403503866077E-2,8138.6293913043482,335.18159801815267]
[23429,"T","CSL  ","WI","9-2003",867110.16,113,2777.9791666666665,4.067705091380875E-2,7673.5412389380535,312.13702766549426]
[23430,"T","CSL  ","WI","12-2003",844578.8,103,2727.1108333333336,3.776890867105083E-2,8199.7941747572822,309.69727730782239]
[23431,"T","CSL  ","WI","3-2004",613218.84,105,2678.7358333333336,3.919759413877752E-2,5840.1794285714286,228.92098293878047]
[23432,"T","CSL  ","WI","6-2004",425863.41,96,2620.4016666666666,3.6635604846839642E-2,4436.0771875,162.51837091132975]
[23433,"T","CSL  ","WI","9-2004",388752.34,88,2556.7233333333334,3.4419054597225357E-2,4417.6402272727273,152.05100017339905]
[23434,"T","CSL  ","WI","12-2004",340316.75,94,2486.0641666666666,3.7810769834648275E-2,3620.3909574468084,136.88976920346317]
[23435,"T","CSL  ","WI","3-2005",413049.93,96,2402.3883333333333,3.9960234017120462E-2,4302.6034374999999,171.93304024536693]
[23436,"T","CSL  ","WI","6-2005",409867.89,85,2324.8849999999998,3.6560948175931286E-2,4821.9751764705888,176.2959845325683]
[23437,"T","CSL  ","WI","9-2005",514359.92,87,2238.4291666666668,3.8866541454852077E-2,5912.1829885057468,229.78610521142988]
[23438,"T","CSL  ","WI","12-2005",505766.3,74,2158.3608333333336,3.4285277446271918E-2,6834.6797297297298,234.32889079019452]
[23439,"T","CSL  ","WI","3-2006",284479.39,67,2088.6349999999998,3.2078366971730346E-2,4245.9610447761197,136.20349654199995]
[23440,"T","CSL  ","WI","6-2006",287556.19,72,2010.1041666666667,3.5819039228895684E-2,3993.8359722222222,143.05536736280251]
[23441,"T","CSL  ","WI","9-2006",217000.38,63,1957.8283333333331,3.217851071382663E-2,3444.4504761904764,110.83728655134048]
[23442,"T","CSL  ","WI","12-2006",235655.99,69,1935.5758333333333,3.5648306210339646E-2,3415.3042028985506,121.74981002638749]
[23443,"T","CSL  ","WI","3-2007",248335.62,66,1958.1466666666665,3.3705340423938281E-2,3762.6609090909092,126.82176684075419]
[23444,"T","CSL  ","WI","6-2007",237235.56,69,2038.7566666666669,3.3844156651030771E-2,3438.1965217391303,116.36286167876825]
[23445,"T","CSL  ","WI","9-2007",299790.12,80,2155.4441666666667,3.7115320005582764E-2,3747.3764999999999,139.0850779789007]
[23446,"T","CSL  ","WI","12-2007",292767,82,2291.94,3.5777550895747703E-2,3570.3292682926831,127.73763711091912]
[23447,"T","CSL  ","WI","3-2008",322047.62,91,2438.8200000000002,3.7313126840029194E-2,3538.9848351648352,132.0505900394453]
[23448,"T","CSL  ","WI","6-2008",323426.11,92,2588.4758333333334,3.554215141407218E-2,3515.5011956521739,124.94847579222134]
[1501,"T","PD   ","AR","9-1996",140527.71,81,3167.9650000000001,2.5568464298058848E-2,1734.9099999999999,44.358984395345274]
[1502,"T","PD   ","AR","12-1996",209365.5,116,4275.4516666666668,2.7131636384615892E-2,1804.875,48.969212219683612]
[1503,"T","PD   ","AR","3-1997",243654.71,134,4370.5783333333338,3.065955802187887E-2,1818.3187313432836,55.748848645888579]
[1504,"T","PD   ","AR","6-1997",275409.31,142,4475.6949999999997,3.1726916154921195E-2,1939.5021830985916,61.534423145455627]
[1505,"T","PD   ","AR","9-1997",268340.74,137,4598.4025000000001,2.9792955270879398E-2,1958.6915328467153,58.355209227552393]
[1506,"T","PD   ","AR","12-1997",282473.86,134,4717.5275000000001,2.8404709882454315E-2,2108.013880597015,59.877522706544895]
[1507,"T","PD   ","AR","3-1998",280661.33,132,4853.1466666666665,2.7198848307352481E-2,2126.2221969696971,57.830795003104519]
[1508,"T","PD   ","AR","6-1998",256969.74,127,4970.33,2.5551623332857175E-2,2023.383779527559,51.700740192301112]
[1509,"T","PD   ","AR","9-1998",258485.47,128,5068.3391666666666,2.5254821311451962E-2,2019.417734375,51.00003403481778]
[1510,"T","PD   ","AR","12-1998",275979.98,139,5138.0066666666671,2.7053293041010715E-2,1985.4674820143885,53.713433614332914]
[1511,"T","PD   ","AR","3-1999",304532.25,146,5180.3233333333328,2.8183568979285079E-2,2085.8373287671234,58.786340234875951]
[1512,"T","PD   ","AR","6-1999",329251.53999999998,155,5183.4541666666664,2.9902839885565372E-2,2124.2034838709678,63.519716662553684]
[1513,"T","PD   ","AR","9-1999",327526.07,151,5154.1850000000004,2.9296581321780261E-2,2169.0468211920529,63.54565658780195]
[1514,"T","PD   ","AR","12-1999",299545.42,150,5094.3024999999998,2.9444659008765185E-2,1996.9694666666664,58.800084996915672]
[1515,"T","PD   ","AR","3-2000",309639.09999999998,153,5013.5183333333334,3.0517490877165106E-2,2023.7849673202613,61.760839277539951]
[1516,"T","PD   ","AR","6-2000",323403.98,156,4958.8725000000004,3.1458764063806842E-2,2073.102435897436,65.217240411000674]
[1517,"T","PD   ","AR","9-2000",327640.93,155,4910.5983333333334,3.1564381665642238E-2,2113.8124516129033,66.72118299229659]
[1518,"T","PD   ","AR","12-2000",352596.7,154,4901.458333333333,3.1419220470098187E-2,2289.5889610389613,71.93710035278616]
[1519,"T","PD   ","AR","3-2001",324305.56,141,4898.4341666666669,2.878470858289579E-2,2300.0394326241135,66.205964797254083]
[1520,"T","PD   ","AR","6-2001",327519.05,133,4927.6966666666667,2.6990297698248473E-2,2462.5492481203005,66.464937303364849]
[1521,"T","PD   ","AR","9-2001",379057.05,143,5016.1850000000004,2.8507720508713294E-2,2650.7486013986013,75.566800267533978]
[1522,"T","PD   ","AR","12-2001",363310.94,140,5184.1949999999997,2.7005157020521028E-2,2595.0781428571427,70.080492728379241]
[1523,"T","PD   ","AR","3-2002",426748.38,161,5620.2975000000006,2.8646170420693919E-2,2650.6110559006211,75.929856026304648]
[1524,"T","PD   ","AR","6-2002",490474.5,187,6467.4008333333331,2.8914243112347682E-2,2622.8582887700536,75.837962210733551]
[1525,"T","PD   ","AR","9-2002",503477.09,215,7374.1450000000004,2.9155922483216697E-2,2341.7539069767445,68.275995386583801]
[1526,"T","PD   ","AR","12-2002",614878.88,261,8296.8150000000005,3.1457854610474019E-2,2355.8577777777778,74.110231456287735]
[1527,"T","PD   ","AR","3-2003",610072.97,271,8955.6166666666668,3.0260339414557344E-2,2251.1917712177119,68.121827084306489]
[1528,"T","PD   ","AR","6-2003",787246.44,304,9185.9958333333325,3.3093853460816038E-2,2589.6264473684209,85.70071816746416]
[1529,"T","PD   ","AR","9-2003",857473.57,303,9234.3549999999996,3.2812253806573391E-2,2829.9457755775575,92.856899047090991]
[1530,"T","PD   ","AR","12-2003",799087.84,278,9153.3274999999994,3.037146873636937E-2,2874.416690647482,87.300256655298313]
[1531,"T","PD   ","AR","3-2004",829566.39,281,9031.8383333333331,3.1112160075200637E-2,2952.1935587188614,91.849118571837451]
[1532,"T","PD   ","AR","6-2004",628062.93999999994,232,8884.3225000000002,2.6113414950886801E-2,2707.1678448275861,70.693397273680674]
[{"$f":"INDEX(State,MATCH(D4354,StateAbbr),1)*1000+INDEX(Coverage,MATCH(C4354,CoverageAbbr),1)*100+VLOOKUP(E4354,Date,2,FALSE)","v":1533},"T","PD   ","AR","9-2004",522421.32,222,8765.9424999999992,2.532528590051783E-2,2353.2491891891891,59.59670851137799]
[1534,"T","PD   ","AR","12-2004",598470.87,228,8604.7274999999991,{"$f":"G4355/H4355","v":2.6497062225387152E-2},{"$f":"F4355/G4355","v":2624.8722368421054},{"$f":"F4355/H4355","v":69.551402993296421}]
[1535,"T","PD   ","AR","3-2005",614357.43000000005,216,8410.39,2.5682518884379918E-2,2844.2473611111113,73.047436563583858]
[1536,"T","PD   ","AR","6-2005",613024.11,220,8165.7725,2.6941725354214803E-2,2786.4732272727274,75.072396396054387]
[1537,"T","PD   ","AR","9-2005",622203.44999999995,210,7928.7924999999996,2.6485747987477288E-2,2962.8735714285713,78.473922731613925]
[1538,"T","PD   ","AR","12-2005",561672.43000000005,206,7745.0808333333334,2.6597527441342608E-2,2726.5651941747574,72.519892572672745]
[1539,"T","PD   ","AR","3-2006",498625.25,191,7606.7391666666663,2.5109313703955714E-2,2610.6034031413615,65.550459806090814]
[1540,"T","PD   ","AR","6-2006",428183.99,175,7499.7041666666664,2.3334253740008633E-2,2446.765657142857,57.093450686110394]
[1541,"T","PD   ","AR","9-2006",433315.64,169,7375.0466666666662,2.2915109237726859E-2,2563.9978698224854,58.754291272281222]
[1542,"T","PD   ","AR","12-2006",445347.94,150,7238.875,2.0721451883061941E-2,2968.9862666666668,61.521706066205041]
[1543,"T","PD   ","AR","3-2007",489028.45,171,7126.1833333333334,2.3996014696974304E-2,2859.8154970760233,68.624174698471137]
[1544,"T","PD   ","AR","6-2007",514508.07,169,7109.1491666666661,2.3772183708341096E-2,3044.4264497041422,72.372664848899532]
[1545,"T","PD   ","AR","9-2007",496874.11,176,7358.498333333333,2.3917923471251722E-2,2823.1483522727272,67.523846237649479]
[1546,"T","PD   ","AR","12-2007",560030.94999999995,195,7858.6241666666674,2.4813503720806089E-2,2871.9535897435894,71.263231085084968]
[1547,"T","PD   ","AR","3-2008",647906.56000000006,203,8485.32,2.3923670527452118E-2,3191.6579310344832,76.356172778398474]
[1548,"T","PD   ","AR","6-2008",756999.45,242,9204.6725000000006,2.6290995144042331E-2,3128.096900826446,82.240780429721966]
[2501,"T","PD   ","CO","9-1996",null,null,6.5708333333333329,0,{"$error":"#DIV/0!"},0]
[2502,"T","PD   ","CO","12-1996",null,null,12.190833333333332,0,{"$error":"#DIV/0!"},0]
[2503,"T","PD   ","CO","3-1997",null,null,21.627499999999998,0,{"$error":"#DIV/0!"},0]
[2504,"T","PD   ","CO","6-1997",280,1,28.438333333333333,3.5163804723671102E-2,280,9.8458653226279083]
[2505,"T","PD   ","CO","9-1997",280,1,35.279166666666669,2.8345340734616746E-2,280,7.9366954056926886]
[2506,"T","PD   ","CO","12-1997",280,1,38.43333333333333,2.6019080659150047E-2,280,7.285342584562013]
[2507,"T","PD   ","CO","3-1998",280,1,38.97,2.5660764690787787E-2,280,7.1850141134205803]
[2508,"T","PD   ","CO","6-1998",0,0,42.164999999999999,0,{"$error":"#DIV/0!"},0]
[2509,"T","PD   ","CO","9-1998",0,0,48.228333333333332,0,{"$error":"#DIV/0!"},0]
[2510,"T","PD   ","CO","12-1998",0,0,60.504166666666663,0,{"$error":"#DIV/0!"},0]
[2511,"T","PD   ","CO","3-1999",2024.03,2,77.302499999999995,2.587238446363313E-2,1012.015,26.183241162963682]
[2512,"T","PD   ","CO","6-1999",3104.63,3,105.50833333333333,2.8433773003712189E-2,1034.8766666666668,29.425448226838327]
[2513,"T","PD   ","CO","9-1999",6553.15,5,145.04833333333332,3.4471268197957004E-2,1310.6299999999999,45.17907823828839]
[2514,"T","PD   ","CO","12-1999",8024.12,8,180.67833333333331,4.4277583550877714E-2,1003.015,44.411080465283611]
[2515,"T","PD   ","CO","3-2000",7741.44,8,212.77083333333334,3.759913835307941E-2,967.68,36.383934201507877]
[2516,"T","PD   ","CO","6-2000",32809.550000000003,11,238.03333333333333,4.6212015123932221E-2,2982.6863636363637,137.83594734631006]
[2517,"T","PD   ","CO","9-2000",36312.67,12,253.86,4.7270148900969033E-2,3026.0558333333333,143.0421098243126]
[2518,"T","PD   ","CO","12-2000",34808.43,9,272.54000000000002,3.3022675570558449E-2,3867.6033333333335,127.71861011227709]
[2519,"T","PD   ","CO","3-2001",43354.95,13,286.09250000000003,4.5439848999886394E-2,3334.9961538461534,151.54172164597111]
[2520,"T","PD   ","CO","6-2001",25306.52,13,293.505,4.4292260779203084E-2,1946.6553846153847,86.221767942624496]
[2521,"T","PD   ","CO","9-2001",29846.81,16,305.04166666666669,5.245185084004917E-2,1865.4256250000001,97.845026635705509]
[2522,"T","PD   ","CO","12-2001",33283.800000000003,18,324.6033333333333,5.5452295622349337E-2,1849.1000000000001,102.53683983528616]
[2523,"T","PD   ","CO","3-2002",27543.11,15,352.48166666666663,4.2555404772825066E-2,1836.2073333333333,78.140546316829727]
[2524,"T","PD   ","CO","6-2002",38139.519999999997,14,387.45583333333337,3.6133150660182772E-2,2724.2514285714283,98.435787304789557]
[2525,"T","PD   ","CO","9-2002",40765.019999999997,15,417.41416666666669,3.5935531656208761E-2,2717.6679999999997,97.660844445065536]
[2526,"T","PD   ","CO","12-2002",40885.910000000003,15,473.71166666666664,3.1664831279224002E-2,2725.7273333333337,86.309696123169175]
[2527,"T","PD   ","CO","3-2003",47985.55,19,541.60749999999996,3.508075497477417E-2,2525.5552631578948,88.59838536209341]
[2528,"T","PD   ","CO","6-2003",43858.25,21,629.47833333333335,3.3360957618345351E-2,2088.4880952380954,69.673962831656894]
[2529,"T","PD   ","CO","9-2003",58551.66,25,714.3125,3.4998687549216902E-2,2342.0664000000002,81.969250153119262]
[2530,"T","PD   ","CO","12-2003",95717.56,34,755.52750000000003,4.5001671017931177E-2,2815.2223529411763,126.68971016938495]
[2531,"T","PD   ","CO","3-2004",100722.22,32,788.43,4.058698933323187E-2,3147.569375,127.7503646487323]
[2532,"T","PD   ","CO","6-2004",104237.1,37,780.52583333333325,4.7403940292388362E-2,2817.2189189189189,133.54727742301932]
[2533,"T","PD   ","CO","9-2004",79694.58,28,752.23,3.7222657963654732E-2,2846.2350000000001,105.94443188918282]
[2534,"T","PD   ","CO","12-2004",54392.14,24,681.9616666666667,3.519259391412518E-2,2266.3391666666666,79.758353964176862]
[2535,"T","PD   ","CO","3-2005",52131.77,23,563.86749999999995,4.0789724536349409E-2,2266.5986956521738,92.453936430101052]
[2536,"T","PD   ","CO","6-2005",37010.120000000003,15,438.57499999999999,3.4201675882118227E-2,2467.3413333333333,84.387208573220093]
[2537,"T","PD   ","CO","9-2005",55795.93,15,326.7141666666667,4.5911691412218118E-2,3719.7286666666669,170.77903468118154]
[2538,"T","PD   ","CO","12-2005",50205.85,10,228.60249999999999,4.3744053542721539E-2,5020.585,219.62073905578461]
[2539,"T","PD   ","CO","3-2006",36430.32,6,172.82583333333332,3.4717032079502004E-2,6071.72,210.79209801775391]
[2540,"T","PD   ","CO","6-2006",34312.54,5,136.52500000000001,3.6623329060611609E-2,6862.5079999999998,251.32788866507966]
[2541,"T","PD   ","CO","9-2006",11258.41,3,106.03416666666668,2.8292767268411907E-2,3752.8033333333333,106.17719131412044]
[2542,"T","PD   ","CO","12-2006",1460.42,1,108.18166666666667,9.2437104253647404E-3,1460.42,13.499699579411176]
[2543,"T","PD   ","CO","3-2007",1251,2,103.60916666666667,1.9303311322196395E-2,625.5,12.074221232033844]
[2544,"T","PD   ","CO","6-2007",3504.02,2,99.304166666666674,2.0140141820165314E-2,1752.01,35.285729870347836]
[2545,"T","PD   ","CO","9-2007",3504.02,2,96.029999999999987,2.0826824950536293E-2,1752.01,36.488805581589091]
[2546,"T","PD   ","CO","12-2007",4283.1499999999996,3,90.89,3.3006931455605674E-2,1427.7166666666665,47.124546154692482]
[2547,"T","PD   ","CO","3-2008",7581.39,4,82.55,4.8455481526347668E-2,1895.3475000000001,91.839975772259237]
[2548,"T","PD   ","CO","6-2008",7423.95,3,70.84,4.2348955392433649E-2,2474.65,104.79884246188593]
[{"$f":"INDEX(State,MATCH(D4418,StateAbbr),1)*1000+INDEX(Coverage,MATCH(C4418,CoverageAbbr),1)*100+VLOOKUP(E4418,Date,2,FALSE)","v":3501},"T","PD   ","CT","9-1996",427268.43,242,6225.4866666666667,3.887246298281366E-2,1765.5720247933884,68.632133177272351]
[3502,"T","PD   ","CT","12-1996",586446.22,324,8559.6033333333344,{"$f":"G4419/H4419","v":3.7852221345147999E-2},{"$f":"F4419/G4419","v":1810.0191975308642},{"$f":"F4419/H4419","v":68.51324730390543}]
[3503,"T","PD   ","CT","3-1997",698705.46,361,9083.0916666666672,3.9744176679930014E-2,1935.4721883656509,76.923748613495206]
[3504,"T","PD   ","CT","6-1997",773444.62,399,9594.0283333333336,4.1588369987789281E-2,1938.4576942355889,80.617295793546575]
[3505,"T","PD   ","CT","9-1997",854457.42,421,10168.247499999999,4.1403398176529438E-2,2029.5900712589075,84.0319258554633]
[3506,"T","PD   ","CT","12-1997",963886.79,474,10856.961666666666,4.3658623337990358E-2,2033.5164345991561,88.78052806977766]
[3507,"T","PD   ","CT","3-1998",1030133.89,526,11719.415000000001,4.4882786384815278E-2,1958.4294486692015,87.899770594351338]
[3508,"T","PD   ","CT","6-1998",1157673.08,551,12782.713333333333,4.3105089321150911E-2,2101.0400725952813,90.565519996536992]
[3509,"T","PD   ","CT","9-1998",1207196.6000000001,591,13882.557500000001,4.2571406601413321E-2,2042.6338409475468,86.957795780784636]
[3510,"T","PD   ","CT","12-1998",1334509.83,651,14950.356666666667,4.3544111656644978E-2,2049.9382949308756,89.262742003702485]
[3511,"T","PD   ","CT","3-1999",1468593.82,684,15923.811666666666,4.2954539674179767E-2,2147.0669883040937,92.226274132229861]
[3512,"T","PD   ","CT","6-1999",1459822.42,712,16688.033333333333,4.2665303081449585E-2,2050.3123876404493,87.477199430330316]
[3513,"T","PD   ","CT","9-1999",1581979.01,762,17239.948333333334,4.4199668425147061E-2,2076.0879396325458,91.762398553205259]
[3514,"T","PD   ","CT","12-1999",1694530.35,808,17687.305,4.5682482435848763E-2,2097.1910272277228,95.804892265950073]
[3515,"T","PD   ","CT","3-2000",1841838.87,866,18109.1525,4.7821122495931269E-2,2126.8347228637413,101.70762381066702]
[3516,"T","PD   ","CT","6-2000",2057956.89,908,18576.265833333335,4.8879576129379064E-2,2266.4723458149779,110.78420757239557]
[3517,"T","PD   ","CT","9-2000",2058915.22,918,19072.704166666666,4.8131612170883825E-2,2242.8270370370369,107.95088111303916]
[3518,"T","PD   ","CT","12-2000",2114351.5,903,19561.016666666666,4.6163244752956772E-2,2341.4745293466221,108.09006178104239]
[3519,"T","PD   ","CT","3-2001",2256187.71,927,19975.864166666666,4.6406002376951819E-2,2433.8594498381876,112.94568741435758]
[3520,"T","PD   ","CT","6-2001",2369305.81,986,20358.574166666669,4.8431682490534596E-2,2402.9470689655172,116.37876948569867]
[3521,"T","PD   ","CT","9-2001",2392935.11,972,20802.306666666667,4.6725587482926573E-2,2461.8673971193416,115.03220043546452]
[3522,"T","PD   ","CT","12-2001",2412816.38,992,21356.805833333336,4.6448893516262788E-2,2432.2745766129033,112.97646281140588]
[3523,"T","PD   ","CT","3-2002",2267039.52,971,21975.998333333333,4.4184568330949546E-2,2334.7471884654997,103.1597966842462]
[3524,"T","PD   ","CT","6-2002",2176652.9700000002,947,22640.404166666664,4.1827875201727302E-2,2298.4719852164735,96.140199352301039]
[3525,"T","PD   ","CT","9-2002",2327871.2799999998,1009,23290.110833333336,4.3323108559702353E-2,2307.1073141724478,99.951060630776283]
[3526,"T","PD   ","CT","12-2002",2474881.9900000002,1062,23857.08,4.4515087345140307E-2,2330.3973540489646,103.73784176437351]
[3527,"T","PD   ","CT","3-2003",2688876.19,1121,24334.848333333332,4.6065625092245974E-2,2398.6406690454951,110.49488179126382]
[3528,"T","PD   ","CT","6-2003",2723107.69,1106,24662.64333333333,4.4845152445811103E-2,2462.1226853526218,110.41426716492813]
[3529,"T","PD   ","CT","9-2003",2848280.38,1117,24689.051666666666,4.5242726009929776E-2,2549.9376723366158,115.36613145192359]
[3530,"T","PD   ","CT","12-2003",2687262.03,1052,24416.531666666666,4.3085562452597863E-2,2554.4315874524714,110.05912169207215]
[3531,"T","PD   ","CT","3-2004",2634070.77,1039,23845.735833333336,4.3571731535648771E-2,2535.1980461982675,110.4629686586522]
[3532,"T","PD   ","CT","6-2004",2536731.0499999998,1021,23091.035833333332,4.4216292736687181E-2,2484.5553868756119,109.85782830660513]
[3533,"T","PD   ","CT","9-2004",2471185.7799999998,990,22357.692500000001,4.428006154928555E-2,2496.1472525252525,110.5295539778982]
[3534,"T","PD   ","CT","12-2004",2418231.2599999998,973,21630.805,4.4982144677463462E-2,2485.3353134635145,111.79571264222481]
[3535,"T","PD   ","CT","3-2005",2224545.83,891,20955.895,4.2517869076935152E-2,2496.6844332210999,106.15370185811678]
[3536,"T","PD   ","CT","6-2005",2218351.58,886,20348.540833333333,4.3541205595863983E-2,2503.7828216704288,109.01772260574459]
[3537,"T","PD   ","CT","9-2005",2091679.96,847,19822.966666666667,4.2728215924626146E-2,2469.5158913813457,105.51800823623776]
[3538,"T","PD   ","CT","12-2005",1991600,792,19358.383333333335,4.091250732886613E-2,2514.6464646464647,102.88049191435579]
[3539,"T","PD   ","CT","3-2006",1959249.86,778,18888.602500000001,4.1188859789918285E-2,2518.3160154241646,103.7265652660116]
[3540,"T","PD   ","CT","6-2006",1890916.71,733,18798.338333333333,3.8992808140932318E-2,2579.6953751705319,100.58956682607496]
[3541,"T","PD   ","CT","9-2006",1996393.94,787,19638.709166666667,4.0073916942351649E-2,2536.7140279542564,101.65606726273718]
[3542,"T","PD   ","CT","12-2006",2339013.44,920,21461.790833333333,4.2866879429795952E-2,2542.405913043478,108.98500773603507]
[3543,"T","PD   ","CT","3-2007",2520788.3199999998,1005,24176.882500000003,4.1568634831227719E-2,2508.247084577114,104.2644071252776]
[3544,"T","PD   ","CT","6-2007",3004349.92,1211,27445.83,4.4123278472540273E-2,2480.8835012386457,109.46471358308347]
[3545,"T","PD   ","CT","9-2007",3570693.25,1433,30236.158333333336,4.7393586982914217E-2,2491.7608164689464,118.09348299593834]
[3546,"T","PD   ","CT","12-2007",4052804.55,1593,32255.993333333332,4.9386170921414299E-2,2544.1334274952919,125.64500829716607]
[3547,"T","PD   ","CT","3-2008",4880126.9800000004,1821,33611.040833333333,5.4178625679275179E-2,2679.9159692476665,145.19416414978124]
[3548,"T","PD   ","CT","6-2008",5191716.28,1895,34372.540833333333,5.513121678110839E-2,2739.6919683377309,151.04255181988898]
[4501,"T","PD   ","FL","9-1996",516706.08,263,9132.34,2.8798752565059996E-2,1964.6619011406844,56.579811964950935]
[4502,"T","PD   ","FL","12-1996",741517.49,385,12459.387499999999,3.0900395384604581E-2,1926.0194545454544,59.514762663894999]
[4503,"T","PD   ","FL","3-1997",833539.62,443,12965.685833333335,3.4167108913058519E-2,1881.5792776523701,64.288124108102508]
[4504,"T","PD   ","FL","6-1997",891791.19,463,13389.801666666666,3.4578555495158571E-2,1926.1148812095032,66.602270309953553]
[4505,"T","PD   ","FL","9-1997",987462.16,518,13664.679166666667,3.7907951857632953E-2,1906.2976061776062,72.26383788130164]
[4506,"T","PD   ","FL","12-1997",1032527.31,522,13731.651666666667,3.8014363652053997E-2,1978.0216666666668,75.1932349483086]
[4507,"T","PD   ","FL","3-1998",1041000.82,521,13644.885,3.8182806231052878E-2,1998.082188099808,76.292385021933129]
[4508,"T","PD   ","FL","6-1998",999326.77,519,13436.774166666668,3.8625342181273788E-2,1925.4851059730252,74.372521083154311]
[4509,"T","PD   ","FL","9-1998",910207.44,491,13135.008333333333,3.7381019298934594E-2,1853.7829735234216,69.296297109315375]
[4510,"T","PD   ","FL","12-1998",866890.64,481,12788.850833333332,3.7610885158368093E-2,1802.2674428274429,67.784873816848688]
[4511,"T","PD   ","FL","3-1999",888263.25,462,12362.665000000001,3.737058312265195E-2,1922.6477272727273,71.850466707623312]
[4512,"T","PD   ","FL","6-1999",953075.48,456,11902.870833333334,3.8310085557090742E-2,2090.0778070175438,80.071059607818697]
[4513,"T","PD   ","FL","9-1999",873662.01,423,11410.329166666668,3.707167372837257E-2,2065.3948226950356,76.567642987220268]
[4514,"T","PD   ","FL","12-1999",839303.98,392,10954.011666666667,3.5785976127163152E-2,2141.0815816326531,76.620694366614842]
[4515,"T","PD   ","FL","3-2000",768027.94,366,10648.434999999999,3.4371247981510901E-2,2098.4369945355188,72.12589831275676]
[4516,"T","PD   ","FL","6-2000",700049.66,339,10523.099166666667,3.221484418524042E-2,2065.0432448377583,66.525046368231671]
[{"$f":"INDEX(State,MATCH(D4482,StateAbbr),1)*1000+INDEX(Coverage,MATCH(C4482,CoverageAbbr),1)*100+VLOOKUP(E4482,Date,2,FALSE)","v":4517},"T","PD   ","FL","9-2000",713732.79,323,10582.883333333333,3.0520982781945059E-2,2209.6990402476781,67.442186360679912]
[4518,"T","PD   ","FL","12-2000",716476.45,339,10852.729166666666,{"$f":"G4483/H4483","v":3.1236382553543562E-2},{"$f":"F4483/G4483","v":2113.4998525073743},{"$f":"F4483/H4483","v":66.018089919778248}]
[4519,"T","PD   ","FL","3-2001",694093.41,339,11243.129166666666,3.0151748234384632E-2,2047.4731858407081,61.734896016122448]
[4520,"T","PD   ","FL","6-2001",705777.69,356,11746.954166666668,3.0305728186987475E-2,1982.5216011235952,60.08176076848288]
[4521,"T","PD   ","FL","9-2001",775666.48,384,12432.831666666667,3.0885964701792928E-2,2019.9647916666665,62.388561254281171]
[4522,"T","PD   ","FL","12-2001",880558.79,428,13501.595000000001,3.1699958412320914E-2,2057.3803504672896,65.218871548139305]
[4523,"T","PD   ","FL","3-2002",1092196.8400000001,488,14967.769166666667,3.2603388959710815E-2,2238.1082786885249,72.969914744030831]
[4524,"T","PD   ","FL","6-2002",1348685.59,569,16795.298333333332,3.3878528901788885E-2,2370.2734446397189,80.301377399369414]
[4525,"T","PD   ","FL","9-2002",1638242.52,668,18768.131666666664,3.5592248171745743E-2,2452.4588622754491,87.288524457104998]
[4526,"T","PD   ","FL","12-2002",1925865.89,751,20470.362499999999,3.6687186169761285E-2,2564.401984021305,94.080693001894815]
[4527,"T","PD   ","FL","3-2003",2149229.61,839,21729.616666666665,3.8610897415739046E-2,2561.6562693682954,98.90784743096404]
[4528,"T","PD   ","FL","6-2003",2259011.12,879,22510.408333333336,3.9048603072134404E-2,2569.9785210466439,100.35407117226141]
[4529,"T","PD   ","FL","9-2003",2197236.92,885,22964.75333333333,3.8537317912987243E-2,2482.7535819209038,95.67866408609369]
[4530,"T","PD   ","FL","12-2003",2093450.72,869,23190.226666666666,3.747268245761002E-2,2409.0342002301495,90.272973614746903]
[4531,"T","PD   ","FL","3-2004",1986211.49,836,23161.130833333333,3.6094956071697278E-2,2375.8510645933015,85.756239809390422]
[4532,"T","PD   ","FL","6-2004",1914694.69,810,22866.929999999997,3.542233259995986E-2,2363.8206049382716,83.732039674761779]
[4533,"T","PD   ","FL","9-2004",1885024.19,751,22083.201666666664,3.4007749932999605E-2,2510.018894806924,85.360094901697906]
[4534,"T","PD   ","FL","12-2004",1815117.58,711,20821.221666666668,3.4147852195352289E-2,2552.9079887482421,87.176324668109046]
[4535,"T","PD   ","FL","3-2005",1638377.47,656,19368.618333333336,3.3869220236067428E-2,2497.5266310975608,84.589279514086826]
[4536,"T","PD   ","FL","6-2005",1500067.23,589,17899.875833333335,3.2905256186367395E-2,2546.8034465195246,83.803219864048401]
[4537,"T","PD   ","FL","9-2005",1395714.38,569,16842.247500000001,3.37840896828051E-2,2452.9250966608083,82.869841450792109]
[4538,"T","PD   ","FL","12-2005",1366805.86,532,16381.967499999999,3.2474731743912938E-2,2569.1839473684213,83.433559491556807]
[4539,"T","PD   ","FL","3-2006",1401652.47,535,16958.848333333332,3.154695351266483E-2,2619.9111588785045,82.650215536452023]
[4540,"T","PD   ","FL","6-2006",1521959.47,581,18781.424166666668,3.0934821281080521E-2,2619.5515834767643,81.035360071425174]
[4541,"T","PD   ","FL","9-2006",1760730.29,675,21573.089166666668,3.1288982063957999E-2,2608.4893185185188,81.616975501151956]
[4542,"T","PD   ","FL","12-2006",2021111.32,789,25018.940000000002,3.1536108244394047E-2,2561.6113054499369,80.783251408732738]
[4543,"T","PD   ","FL","3-2007",2385441.61,910,28373.03,3.2072711303657034E-2,2621.3644065934063,84.07426383435255]
[4544,"T","PD   ","FL","6-2007",2641023.33,1017,31278.950833333332,3.2513878276128241E-2,2596.876430678466,84.434524165226023]
[4545,"T","PD   ","FL","9-2007",2958967.97,1146,33737.730000000003,3.3967904776047469E-2,2581.9964834205934,87.70501068092014]
[4546,"T","PD   ","FL","12-2007",3122741.87,1251,35583.165000000001,3.5157074981947221E-2,2496.1965387689847,87.758968883178326]
[4547,"T","PD   ","FL","3-2008",3394321.09,1339,36728.431666666664,3.6456770388462456E-2,2534.9672068707991,92.416717403170722]
[4548,"T","PD   ","FL","6-2008",3600696.08,1408,37308.722499999996,3.7739164078855823E-2,2557.3125568181817,96.510838182679677]
[5501,"T","PD   ","GA","9-1996",548795.03,310,10468.545833333334,2.961251781626786E-2,1770.3065483870969,52.423234204368562]
[5502,"T","PD   ","GA","12-1996",872907.9,464,14029.125,3.3074051303983679E-2,1881.267025862069,62.221122129854855]
[5503,"T","PD   ","GA","3-1997",1001138.99,509,14159.348333333333,3.5947982069325458E-2,1966.8742436149312,70.705160042087627]
[5504,"T","PD   ","GA","6-1997",1230897.29,543,14300.3125,3.7971198181857915E-2,2266.8458379373851,86.074852560040213]
[5505,"T","PD   ","GA","9-1997",1235067.8700000001,539,14465.557500000001,3.7260921329855416E-2,2291.4060667903527,85.37990118942875]
[5506,"T","PD   ","GA","12-1997",1162737.1599999999,502,14657.431666666665,3.4248837819358759E-2,2316.209482071713,79.32748290713505]
[5507,"T","PD   ","GA","3-1998",1271260.99,518,14876.549166666666,3.4819903070038814E-2,2454.1717953667953,85.454024031894946]
[5508,"T","PD   ","GA","6-1998",1214070.5900000001,539,15025.609166666667,3.5872089711726049E-2,2252.4500742115029,80.800091133299034]
[5509,"T","PD   ","GA","9-1998",1264348.55,554,15193.963333333333,3.6461849212483292E-2,2282.2175992779785,83.213873974949266]
[5510,"T","PD   ","GA","12-1998",1328667.6599999999,582,15324.880833333335,3.7977456812198156E-2,2282.9341237113399,86.700032088340862]
[5511,"T","PD   ","GA","3-1999",1301152.02,587,15424.891666666668,3.8055372620121042E-2,2216.61332197615,84.354045922526737]
[5512,"T","PD   ","GA","6-1999",1301138.31,591,15522.85,3.8072905426516396E-2,2201.5876649746192,83.820838956763737]
[5513,"T","PD   ","GA","9-1999",1406633.99,603,15561.925000000001,3.874841962032332E-2,2332.7263515754562,90.389459530231633]
[5514,"T","PD   ","GA","12-1999",1397745.51,571,15599.980000000001,3.6602611028988492E-2,2447.8905604203151,89.599186024597458]
[5515,"T","PD   ","GA","3-2000",1461036.05,581,15636.279166666667,3.7157177472155432E-2,2514.6919965576594,93.438856803901828]
[5516,"T","PD   ","GA","6-2000",1536040.16,583,15694.106666666667,3.7147702152315352E-2,2634.7172555746138,97.87369186565148]
[5517,"T","PD   ","GA","9-2000",1473448.55,585,15721.808333333334,3.7209460107695415E-2,2518.7154700854703,93.720042806780597]
[5518,"T","PD   ","GA","12-2000",1516388.93,628,15718.074999999999,3.9954002000881152E-2,2414.6320541401274,96.474213922506422]
[5519,"T","PD   ","GA","3-2001",1401993.99,608,15790.262499999999,3.8504743033879268E-2,2305.9111677631577,88.788516973672856]
[5520,"T","PD   ","GA","6-2001",1409796.21,602,15886.675833333333,3.7893389801338238E-2,2341.8541694352157,88.740792900297848]
[5521,"T","PD   ","GA","9-2001",1427703.51,606,16119.061666666666,3.7595240500455103E-2,2355.9463861386139,88.572370993059252]
[5522,"T","PD   ","GA","12-2001",1571317.42,634,16539.754166666666,3.8331887742184802E-2,2478.418643533123,95.002465222049608]
[5523,"T","PD   ","GA","3-2002",1631229.49,647,16986.711666666666,3.8088596115375281E-2,2521.2202318392583,96.029739128438337]
[5524,"T","PD   ","GA","6-2002",1588835.31,659,17525.551666666666,3.7602240005569013E-2,2410.9792261001517,90.658219508258952]
[5525,"T","PD   ","GA","9-2002",1669226.31,673,18014.692500000001,3.735839509888942E-2,2480.2768350668648,92.65916195905092]
[5526,"T","PD   ","GA","12-2002",1729688.14,676,18401.873333333333,3.6735390346127807E-2,2558.7102662721891,93.995220414153479]
[5527,"T","PD   ","GA","3-2003",1804975.32,684,18704.283333333333,3.6569163747697718E-2,2638.8528070175439,96.500640405896334]
[5528,"T","PD   ","GA","6-2003",1915400.21,695,18839.38,3.6890810631772381E-2,2755.9715251798561,101.67002364196698]
[5529,"T","PD   ","GA","9-2003",1950749.5,694,18931.524999999998,3.665843084484742E-2,2810.878242074928,103.04238565039003]
[5530,"T","PD   ","GA","12-2003",1910815.03,697,19045.855,3.6595889236791947E-2,2741.4849784791968,100.32708061675362]
[5531,"T","PD   ","GA","3-2004",1951659.3,714,19184.431666666667,3.7217677980035724E-2,2733.416386554622,101.73141086014276]
[5532,"T","PD   ","GA","6-2004",2069985.66,720,19271.328333333335,3.7361202484139433E-2,2874.9800833333334,107.41271303128472]
[{"$f":"INDEX(State,MATCH(D4546,StateAbbr),1)*1000+INDEX(Coverage,MATCH(C4546,CoverageAbbr),1)*100+VLOOKUP(E4546,Date,2,FALSE)","v":5533},"T","PD   ","GA","9-2004",1989662.68,709,19152.262500000001,3.7019125025045993E-2,2806.294330042313,103.88656066091407]
[5534,"T","PD   ","GA","12-2004",1938084.14,689,18836.385833333334,{"$f":"G4547/H4547","v":3.6578142224116504E-2},{"$f":"F4547/G4547","v":2812.8942525399129},{"$f":"F4547/H4547","v":102.89044603080482}]
[5535,"T","PD   ","GA","3-2005",1847020.09,668,18453.521666666667,3.6199052520508056E-2,2765.0001347305392,100.09038509632262]
[5536,"T","PD   ","GA","6-2005",1769739.12,672,18089.013333333332,3.7149621575084987E-2,2633.5403571428574,97.835027670571321]
[5537,"T","PD   ","GA","9-2005",1870597.64,701,17844.253333333334,3.9284355971931952E-2,2668.4702425106989,104.82913490729787]
[5538,"T","PD   ","GA","12-2005",1820913.39,708,17587.465833333332,4.025594174335994E-2,2571.9115677966101,103.53472224229387]
[5539,"T","PD   ","GA","3-2006",1804025.64,686,17263.465,3.973709796961386E-2,2629.7749854227404,104.4996262337833]
[5540,"T","PD   ","GA","6-2006",1743936.15,662,16982.574166666669,3.898113404382305E-2,2634.3446374622354,102.68974143054184]
[5541,"T","PD   ","GA","9-2006",1635389.43,617,16741.530833333334,3.6854455314893793E-2,2650.5501296596435,97.684581313427273]
[5542,"T","PD   ","GA","12-2006",1651401.74,601,16859.709166666667,3.5647115502338386E-2,2747.7566389351082,97.949598280436916]
[5543,"T","PD   ","GA","3-2007",1935092.47,693,18127.855833333331,3.8228459359529884E-2,2792.3412265512266,106.74690309715339]
[5544,"T","PD   ","GA","6-2007",2119432.0299999998,777,20558.539166666666,3.7794514177340831E-2,2727.7117503217501,103.09254041923455]
[5545,"T","PD   ","GA","9-2007",2653257.71,994,23828.030833333334,4.1715574692369493E-2,2669.2733501006037,111.35027181047307]
[5546,"T","PD   ","GA","12-2007",3177188.76,1176,27476.154999999999,4.2800748503566091E-2,2701.6911224489795,115.63440226625596]
[5547,"T","PD   ","GA","3-2008",3711339.68,1360,30711.194166666668,4.4283527127581303E-2,2728.9262352941178,120.84647896981538]
[5548,"T","PD   ","GA","6-2008",4244519.2699999996,1536,33429.434999999998,4.5947530970834538E-2,2763.3588997395832,126.96951862931574]
[6501,"T","PD   ","IL","9-1996",678577.85,452,12709.606666666667,3.5563649753650915E-2,1501.2784292035399,53.390940238905898]
[6502,"T","PD   ","IL","12-1996",1038619.61,632,16777.669166666667,3.7669118023595155E-2,1643.3854588607594,61.904880808086027]
[6503,"T","PD   ","IL","3-1997",1205287.1399999999,692,16499.444166666664,4.1940806793845029E-2,1741.7444219653178,73.05016628590468]
[6504,"T","PD   ","IL","6-1997",1252462.25,709,16121.899166666668,4.3977449100160292E-2,1766.5193935119887,77.68701671261951]
[6505,"T","PD   ","IL","9-1997",1261190.1399999999,677,15804.334999999999,4.2836348381630737E-2,1862.9101033973411,79.800266192788243]
[6506,"T","PD   ","IL","12-1997",1206248.8600000001,634,15592.366666666667,4.0660921690314281E-2,1902.6007255520506,77.361499109607053]
[6507,"T","PD   ","IL","3-1998",1181532.1599999999,627,15483.228333333333,4.0495430700983229E-2,1884.4213078149919,76.31045248207819]
[6508,"T","PD   ","IL","6-1998",1200276.75,611,15484.876666666665,3.9457853824258211E-2,1964.4463993453355,77.512838870958618]
[6509,"T","PD   ","IL","9-1998",1285261.56,642,15603.745000000001,4.1143968963860918E-2,2001.9650467289721,82.368787749351199]
[6510,"T","PD   ","IL","12-1998",1380224.18,685,15762.097500000002,4.3458683084532365E-2,2014.9258102189781,87.566022225151173]
[6511,"T","PD   ","IL","3-1999",1477162.51,700,15934.550000000001,4.3929699928771125E-2,2110.232157142857,92.701865443329112]
[6512,"T","PD   ","IL","6-1999",1590088.55,726,16083.862500000001,4.5138411249163561E-2,2190.2046143250691,98.862356601220625]
[6513,"T","PD   ","IL","9-1999",1610127.2,729,16197.502500000001,4.5006938569696162E-2,2208.6792866941014,99.405892976401759]
[6514,"T","PD   ","IL","12-1999",1636153.49,745,16354.648333333333,4.555279849592201E-2,2196.1791812080537,100.04210770250945]
[6515,"T","PD   ","IL","3-2000",1618542.09,741,16584.600833333334,4.4680002096322183E-2,2184.267327935223,97.593068791073804]
[6516,"T","PD   ","IL","6-2000",1592085.81,744,16967.859166666665,4.3847605799415573E-2,2139.9002822580646,93.829504026509738]
[6517,"T","PD   ","IL","9-2000",1563206.99,734,17564.809166666666,4.1788099889689477E-2,2129.7097956403268,88.996525676268149]
[6518,"T","PD   ","IL","12-2000",1523037.94,749,18309.821666666667,4.0907006831397322E-2,2033.4284913217623,83.181473185657282]
[6519,"T","PD   ","IL","3-2001",1721665.43,826,19135.5625,4.316570260215763E-2,2084.3407142857141,89.972031394425954]
[6520,"T","PD   ","IL","6-2001",1860754.32,853,20071.206666666669,4.2498690495605472E-2,2181.4235873388043,92.707645878125248]
[6521,"T","PD   ","IL","9-2001",1965132.57,913,20984.412500000002,4.3508485167264029E-2,2152.3905476451259,93.647252216377268]
[6522,"T","PD   ","IL","12-2001",2256303.73,961,21812.328333333335,4.4057653328618364E-2,2347.8706867845995,103.44167277878098]
[6523,"T","PD   ","IL","3-2002",2180248.34,935,22609.744999999999,4.1353849855449501E-2,2331.8164064171119,96.42958556144707]
[6524,"T","PD   ","IL","6-2002",2127752.44,943,23328.319166666668,4.0422972322302256E-2,2256.3652598091198,91.208990446268388]
[6525,"T","PD   ","IL","9-2002",2237073.14,969,24042.5425,4.0303557745608641E-2,2308.6410113519091,93.046446314902013]
[6526,"T","PD   ","IL","12-2002",2236961.38,992,24633.049166666668,4.0271100556335919E-2,2255.0013911290321,90.811387776834636]
[6527,"T","PD   ","IL","3-2003",2396584.84,1012,24966.818333333333,4.0533799160499095E-2,2368.1668379446637,95.990798987803203]
[6528,"T","PD   ","IL","6-2003",2493082.84,1072,24972.617499999997,4.2927017962774636E-2,2325.63697761194,99.832660312840659]
[6529,"T","PD   ","IL","9-2003",2409398.67,1026,24541.33083333333,4.1807023709017142E-2,2348.3417836257308,98.177180624916545]
[6530,"T","PD   ","IL","12-2003",2241158.7799999998,966,23831.985000000001,4.0533761665257843E-2,2320.0401449275359,94.039954288323017]
[6531,"T","PD   ","IL","3-2004",2008934.51,913,22945.245833333334,3.9790377781599273E-2,2200.3663855421687,87.553409738655006]
[6532,"T","PD   ","IL","6-2004",1844947.17,813,21808.420000000002,3.7279179326150172E-2,2269.3077121771216,84.597929148466505]
[6533,"T","PD   ","IL","9-2004",1670571.11,759,20457.693333333333,3.7100956966800429E-2,2201.0159552042164,81.659798237272767]
[6534,"T","PD   ","IL","12-2004",1557249.38,705,18880.235833333332,3.7340635266605735E-2,2208.8643687943259,82.480398748550229]
[6535,"T","PD   ","IL","3-2005",1489600.43,647,17353.426666666666,3.7283702661606889E-2,2302.3190571870168,85.838979160311851]
[6536,"T","PD   ","IL","6-2005",1394710.84,621,16108.667500000001,3.8550674660085944E-2,2245.9111755233494,86.581391043051823]
[6537,"T","PD   ","IL","9-2005",1333325.52,580,15379.083333333334,3.7713561168036674E-2,2298.8371034482757,86.697333716248792]
[6538,"T","PD   ","IL","12-2005",1196523.6000000001,534,15088.916666666666,3.5390214671917025E-2,2240.6808988764046,79.298178022499968]
[6539,"T","PD   ","IL","3-2006",1147384.44,536,15039.868333333334,3.5638609868149332E-2,2140.6426119402986,76.289526914076475]
[6540,"T","PD   ","IL","6-2006",1206367.22,539,15199.978333333333,3.5460576862664392E-2,2238.1581076066791,79.366377605582116]
[6541,"T","PD   ","IL","9-2006",1251921.24,531,15435.425833333333,3.4401383268175684E-2,2357.6671186440676,81.10701016725001]
[6542,"T","PD   ","IL","12-2006",1320662.72,545,15862.39,3.4358000276124845E-2,2423.2343486238533,83.257486419133556]
[6543,"T","PD   ","IL","3-2007",1454539.2,580,16503.735833333332,3.5143558152969712E-2,2507.8262068965519,88.133936139610412]
[6544,"T","PD   ","IL","6-2007",1606033.16,621,17311.511666666669,3.5872083961086772E-2,2586.2047665056361,92.772554524652989]
[6545,"T","PD   ","IL","9-2007",1726170.61,673,18137.36,3.7105730933278049E-2,2564.8894650817238,95.172098364921908]
[6546,"T","PD   ","IL","12-2007",1913808.98,728,18921.79,3.8474161271211657E-2,2628.8584890109892,101.14312546540258]
[6547,"T","PD   ","IL","3-2008",2119397.2599999998,802,19683.313333333335,4.0745172645391341E-2,2642.6399750623436,107.67482202352785]
[6548,"T","PD   ","IL","6-2008",2101427.94,821,20413.452499999999,4.0218576450994754E-2,2559.5955420219243,102.94328899043413]
[{"$f":"INDEX(State,MATCH(D4610,StateAbbr),1)*1000+INDEX(Coverage,MATCH(C4610,CoverageAbbr),1)*100+VLOOKUP(E4610,Date,2,FALSE)","v":7501},"T","PD   ","IN","9-1996",854548.58,516,3428.1583333333333,0.1505181353447794,1656.1018992248062,249.27336981226557]
[7502,"T","PD   ","IN","12-1996",1207110.77,710,4578.8275000000003,{"$f":"G4611/H4611","v":0.15506153049006541},{"$f":"F4611/G4611","v":1700.156014084507},{"$f":"F4611/H4611","v":263.62879361583288}]
[7503,"T","PD   ","IN","3-1997",1399698.58,794,4749.3758333333335,0.16717986275740443,1762.8445591939549,294.71211146868245]
[7504,"T","PD   ","IN","6-1997",1416955.15,811,4950.4458333333332,0.16382362867990846,1747.1703452527743,286.22778588123793]
[7505,"T","PD   ","IN","9-1997",1571998.33,849,5163.7699999999995,0.16441475898423052,1851.5881389870437,304.42841760961471]
[7506,"T","PD   ","IN","12-1997",1562730.08,872,5361.1433333333334,0.16265187214418814,1792.1216513761469,291.49194170646439]
[7507,"T","PD   ","IN","3-1998",1701397.8,917,5533.75,0.16571041337248701,1855.3956379498366,307.45837813417666]
[7508,"T","PD   ","IN","6-1998",1791272.54,958,5690.3083333333334,0.16835643059763897,1869.8043215031316,314.79358148430737]
[7509,"T","PD   ","IN","9-1998",1788448.45,936,5838.12,0.16032558426342727,1910.7355235042735,306.3397891787082]
[7510,"T","PD   ","IN","12-1998",1951319.75,953,6001.2174999999997,0.15880110994144106,2047.5548268625394,325.15397917172641]
[7511,"T","PD   ","IN","3-1999",1889341.83,950,6119.5791666666664,0.15523943299477974,1988.7808736842105,308.73721518159954]
[7512,"T","PD   ","IN","6-1999",2039092.65,994,6222.3833333333341,0.15974586372317143,2051.401056338028,327.70283358734457]
[7513,"T","PD   ","IN","9-1999",2222195.27,1040,6328.0983333333324,0.16434637156660284,2136.7262211538464,351.16320147785319]
[7514,"T","PD   ","IN","12-1999",2267279.91,1075,6433.0124999999998,0.1671067792888635,2109.0975906976746,352.4445055873901]
[7515,"T","PD   ","IN","3-2000",2379609.31,1094,6423.9741666666669,0.17029956404193716,2175.1456215722119,370.42635108147618]
[7516,"T","PD   ","IN","6-2000",2285315.2799999998,1083,6484.4991666666674,0.1670136693928688,2110.1710803324099,352.42741517302989]
[7517,"T","PD   ","IN","9-2000",2225340.11,1061,6622.3216666666667,0.16021571488146277,2097.3987841658809,336.03624559664746]
[7518,"T","PD   ","IN","12-2000",2292445.83,1069,6826.3774999999996,0.15659843013369831,2144.4769223573435,335.8217194991048]
[7519,"T","PD   ","IN","3-2001",2396575.33,1117,7060.4366666666674,0.15820551231250568,2145.5464010743062,339.43726757221339]
[7520,"T","PD   ","IN","6-2001",2597474.23,1146,7353.2658333333338,0.15584911874191046,2266.5569197207678,353.2408985168608]
[7521,"T","PD   ","IN","9-2001",2764510.65,1222,7688.2908333333335,0.15894299870940107,2262.283674304419,359.57415112526633]
[7522,"T","PD   ","IN","12-2001",2868251.39,1247,8041.3641666666663,0.15507319083609053,2300.1214033680835,356.68716533067516]
[7523,"T","PD   ","IN","3-2002",3057699.9,1240,8373.2783333333336,0.14809014470039314,2465.887016129032,365.17356503336902]
[7524,"T","PD   ","IN","6-2002",3008057.6,1273,8590.9533333333329,0.14817913107043612,2362.9674783974865,350.14246769663907]
[7525,"T","PD   ","IN","9-2002",3033869.09,1254,8556.0074999999997,0.14656368639228051,2419.3533413078148,354.5893443875546]
[7526,"T","PD   ","IN","12-2002",2931238.95,1205,8344.4483333333337,0.14440738942398629,2432.5634439834025,351.28013655386445]
[7527,"T","PD   ","IN","3-2003",2699764.43,1168,8032.354166666667,0.14541191483401764,2311.4421489726028,336.11122891016282]
[7528,"T","PD   ","IN","6-2003",2569207.4500000002,1044,7766.7583333333341,0.13441901436785617,2460.9266762452107,330.7953382524455]
[7529,"T","PD   ","IN","9-2003",2547792.77,997,7708.9075000000003,0.12933090713567388,2555.4591474423269,330.49984968687198]
[7530,"T","PD   ","IN","12-2003",2494200.23,963,8055.45,0.11954639405619798,2590.031391484943,309.62891334438177]
[7531,"T","PD   ","IN","3-2004",2372075.0099999998,921,9875.07,9.3265161664676813E-2,2575.5428990228011,240.20842485167194]
[7532,"T","PD   ","IN","6-2004",2328120.94,945,13819.480000000001,6.8381733610816023E-2,2463.6200423280425,168.46660945274348]
[7533,"T","PD   ","IN","9-2004",2008349.81,912,18961.88,4.8096496760869703E-2,2202.1379495614037,105.91512075806828]
[7534,"T","PD   ","IN","12-2004",1852751.89,904,23951.155833333334,3.7743481203603706E-2,2049.5043030973452,77.355427140659557]
[7535,"T","PD   ","IN","3-2005",1738128.12,855,27554.135833333334,3.1029824530576369E-2,2032.8983859649124,63.080480204983147]
[7536,"T","PD   ","IN","6-2005",1707575.01,849,29046.245833333334,2.922925065330445E-2,2011.2779858657243,58.788148382342584]
[7537,"T","PD   ","IN","9-2005",1777277.12,849,29379.979166666668,2.889722947670572E-2,2093.3770553592462,60.492797149986636]
[7538,"T","PD   ","IN","12-2005",1821455.52,832,29855.596666666665,2.7867471860943103E-2,2189.249423076923,61.008846694182076]
[7539,"T","PD   ","IN","3-2006",1945746.17,884,30614.618333333332,2.8875094583083433E-2,2201.0703280542984,63.556113906586347]
[7540,"T","PD   ","IN","6-2006",2052346.74,874,31711.214166666668,2.7561227880032027E-2,2348.222814645309,64.719904107529572]
[7541,"T","PD   ","IN","9-2006",2147190.41,909,32863.377500000002,2.7659968912203254E-2,2362.145665566557,65.336875675666633]
[7542,"T","PD   ","IN","12-2006",2420865.1800000002,1013,33814.26,2.9957775210813425E-2,2389.7978084896349,71.593025546027036]
[7543,"T","PD   ","IN","3-2007",2622017.65,1104,34672.7575,3.184055955168838E-2,2375.0159873188404,75.621837980437519]
[7544,"T","PD   ","IN","6-2007",2827856.62,1213,35384.23333333333,3.4280804915937137E-2,2331.2915251442705,79.918549975648304]
[7545,"T","PD   ","IN","9-2007",2972863.57,1234,35856.918333333335,3.4414558120373889E-2,2409.1276904376014,82.90906492196693]
[7546,"T","PD   ","IN","12-2007",3025737.78,1242,35156.914166666662,3.5327332601266179E-2,2436.1817874396133,86.063804282026368]
[7547,"T","PD   ","IN","3-2008",3122350.16,1216,32648.676666666666,3.7245001150123185E-2,2567.7221710526319,95.634815214052068]
[7548,"T","PD   ","IN","6-2008",3115006.89,1196,29266.698333333334,4.0865559427925448E-2,2604.5208110367894,106.4351999846925]
[8501,"T","PD   ","LA","9-1996",417883.2,200,6161.5424999999996,3.2459404442962136E-2,2089.4160000000002,67.82119899359617]
[8502,"T","PD   ","LA","12-1996",537888.02,277,8213.7100000000009,3.3724102750157962E-2,1941.8340072202166,65.486609583245567]
[8503,"T","PD   ","LA","3-1997",641952.15,325,8174.0424999999996,3.9760008588161859E-2,1975.2373846153846,78.535455375966066]
[8504,"T","PD   ","LA","6-1997",719099.62,336,8139.8824999999997,4.1278237124430239E-2,2140.1774404761904,88.342751876332372]
[8505,"T","PD   ","LA","9-1997",716210.17,354,8110.0800000000008,4.3649384469696968E-2,2023.192570621469,88.311110371291036]
[8506,"T","PD   ","LA","12-1997",753614.8,362,8085.6433333333334,4.477071088550777E-2,2081.8088397790057,93.204061684640223]
[8507,"T","PD   ","LA","3-1998",718586.51,352,8097.4958333333334,4.3470229222100039E-2,2041.4389488636364,88.741819050025242]
[8508,"T","PD   ","LA","6-1998",619882.44999999995,341,8156.8291666666664,4.1805460557334626E-2,1817.8370967741935,75.99551704885323]
[8509,"T","PD   ","LA","9-1998",645765.16,333,8203.3416666666672,4.0593213537978928E-2,1939.2347147147148,78.719768874676078]
[8510,"T","PD   ","LA","12-1998",606420.31000000006,318,8210.0966666666664,3.8732796081572735E-2,1906.9821069182392,73.862749078472092]
[8511,"T","PD   ","LA","3-1999",651478.41,334,8175.0774999999994,4.0855881794392777E-2,1950.5341616766468,79.690793145386095]
[8512,"T","PD   ","LA","6-1999",655641.69999999995,320,8063.1108333333332,3.9686915709641842E-2,2048.8803124999999,81.313740261332129]
[8513,"T","PD   ","LA","9-1999",628075.29,319,7894.7883333333339,4.0406403127126268E-2,1968.8880564263325,79.555684520146514]
[8514,"T","PD   ","LA","12-1999",675084.79,329,7708.8858333333337,4.2678022105010198E-2,2051.929452887538,87.572290548255836]
[8515,"T","PD   ","LA","3-2000",585677.44999999995,296,7527.2658333333338,3.9323707512654828E-2,1978.6400337837836,77.807461961342966]
[8516,"T","PD   ","LA","6-2000",559629.31000000006,292,7411.435833333333,3.9398573578241648E-2,1916.5387328767126,75.50889228279317]
[{"$f":"INDEX(State,MATCH(D4674,StateAbbr),1)*1000+INDEX(Coverage,MATCH(C4674,CoverageAbbr),1)*100+VLOOKUP(E4674,Date,2,FALSE)","v":8517},"T","PD   ","LA","9-2000",552626.9,299,7340.87,4.0730867049818348E-2,1848.2505016722409,75.280845458372099]
[8518,"T","PD   ","LA","12-2000",547040.19999999995,290,7334.3916666666664,{"$f":"G4675/H4675","v":3.9539748240878872E-2},{"$f":"F4675/G4675","v":1886.3455172413792},{"$f":"F4675/H4675","v":74.585626847034575}]
[8519,"T","PD   ","LA","3-2001",604208.15,321,7348.8849999999993,4.3680095687985324E-2,1882.2683800623054,82.217662951590626]
[8520,"T","PD   ","LA","6-2001",650425.89,333,7400.5691666666671,4.4996539117543095E-2,1953.2309009009009,87.888630637981336]
[8521,"T","PD   ","LA","9-2001",643259.4,317,7563.1225000000004,4.1913905268624166E-2,2029.2094637223975,85.052093232656219]
[8522,"T","PD   ","LA","12-2001",635884.02,313,7870.8383333333331,3.9767047262860393E-2,2031.578338658147,80.789871811621936]
[8523,"T","PD   ","LA","3-2002",637792.82999999996,292,8243.2450000000008,3.5422943270520285E-2,2184.2220205479452,77.371572724091052]
[8524,"T","PD   ","LA","6-2002",651275.88,294,8687.5074999999997,3.3841697402851166E-2,2215.224081632653,74.966943050121117]
[8525,"T","PD   ","LA","9-2002",731267.61,320,9156.1641666666674,3.4949133084023448E-2,2285.21128125,79.866153193517988]
[8526,"T","PD   ","LA","12-2002",895561.71,363,9741.5091666666667,3.7263220081145881E-2,2467.1121487603305,91.932542964124906]
[8527,"T","PD   ","LA","3-2003",1041886.09,412,10530.960833333333,3.9122735951681524E-2,2528.8497330097089,98.935520366019148]
[8528,"T","PD   ","LA","6-2003",1273439.1000000001,468,11571.518333333333,4.044413071116712E-2,2721.0237179487181,110.04943891690388]
[8529,"T","PD   ","LA","9-2003",1371187.25,511,12813.112500000001,3.9881020321955341E-2,2683.3409980430529,107.01437687369091]
[8530,"T","PD   ","LA","12-2003",1523718.23,541,14137.590833333334,3.8266774472241825E-2,2816.4847134935303,107.77778533577356]
[8531,"T","PD   ","LA","3-2004",1678307.34,591,15448.549166666666,3.8256019618670777E-2,2839.7755329949241,108.63850850287507]
[8532,"T","PD   ","LA","6-2004",1736015.35,635,16532.977500000001,3.8408084690129164E-2,2733.8824409448821,105.00318832466807]
[8533,"T","PD   ","LA","9-2004",1895327.35,672,17417.912500000002,3.8580972318008826E-2,2820.4276041666667,108.81483932130213]
[8534,"T","PD   ","LA","12-2004",1822524.51,707,18014.634166666667,3.9245870521655984E-2,2577.8281612446958,101.16911024328785]
[8535,"T","PD   ","LA","3-2005",1793050.11,710,18414.806666666667,3.8555930173581332E-2,2525.4226901408451,97.370020899848342]
[8536,"T","PD   ","LA","6-2005",1851604.7,729,18783.272499999999,3.8811128359022638E-2,2539.9241426611798,98.577321923003566]
[8537,"T","PD   ","LA","9-2005",1758924.19,708,19166.329999999998,3.693977929003623E-2,2484.3562005649715,91.771569726703035]
[8538,"T","PD   ","LA","12-2005",1846750.98,708,19465.678333333333,3.6371709625326015E-2,2608.405338983051,94.872161574641595]
[8539,"T","PD   ","LA","3-2006",1966264.71,745,19680.060833333333,3.7855574040612086E-2,2639.281489932886,99.911515856171349]
[8540,"T","PD   ","LA","6-2006",1871325.9,717,20159.184166666666,3.5566915509684362E-2,2609.9384937238492,92.82746189174901]
[8541,"T","PD   ","LA","9-2006",1995273.42,771,21432.829999999998,3.5972850995412184E-2,2587.9032684824901,93.094258667660782]
[8542,"T","PD   ","LA","12-2006",2198241.17,868,23701.149166666666,3.6622696810868417E-2,2532.5359101382487,92.74829479962979]
[8543,"T","PD   ","LA","3-2007",2497229.11,975,26689.331666666665,3.6531450550247951E-2,2561.2606256410254,93.566565891902258]
[8544,"T","PD   ","LA","6-2007",3046846.3,1162,29597.908333333336,3.9259531008525653E-2,2622.0708261617897,102.94127090624927]
[8545,"T","PD   ","LA","9-2007",3673345.81,1348,31722.87166666667,4.2493000449780632E-2,2725.0339836795251,115.79487029416157]
[8546,"T","PD   ","LA","12-2007",4070093.73,1420,32848.028333333335,4.322938307256087E-2,2866.2631901408449,123.90678943337898]
[8547,"T","PD   ","LA","3-2008",4376866.58,1486,33244.350833333338,4.4699323727206683E-2,2945.4014670255719,131.65745368116552]
[8548,"T","PD   ","LA","6-2008",4433546.82,1510,33355.6175,4.5269736049707368E-2,2936.1237218543047,132.9175458976288]
[9501,"T","PD   ","MA","9-1996",8319294.4900000002,6010,121541.4375,4.9448156312944712E-2,1384.2420116472547,68.448215366878486]
[9502,"T","PD   ","MA","12-1996",12519520.49,8681,163206.98083333333,5.319012676832139E-2,1442.1749210920402,76.709466874979512]
[9503,"T","PD   ","MA","3-1997",16018202.859999999,10532,165908.79166666666,6.3480662442290711E-2,1520.9079813900494,96.548246172407488]
[9504,"T","PD   ","MA","6-1997",17524949.449999999,11023,171073.10500000001,6.4434441638269196E-2,1589.8529846684205,102.44128935404544]
[9505,"T","PD   ","MA","9-1997",19945904.809999999,11885,176516.71083333332,6.7330735678741427E-2,1678.2418855700462,112.9972608023094]
[9506,"T","PD   ","MA","12-1997",21062312.949999999,12291,182682.91083333336,6.7280513234286146E-2,1713.6370474330811,115.29438004858444]
[9507,"T","PD   ","MA","3-1998",22494855.809999999,12853,189816.09083333332,6.7712910657745484E-2,1750.1638380144711,118.50868759989082]
[9508,"T","PD   ","MA","6-1998",24310760.82,13710,195100.83499999999,7.0271354809937125E-2,1773.2137724288841,124.60613415621722]
[9509,"T","PD   ","MA","9-1998",24682948.969999999,13930,199975.01583333334,6.9658701823080649E-2,1771.9274206748025,123.43016384892647]
[9510,"T","PD   ","MA","12-1998",25939401.100000001,14589,203753.85499999998,7.1601099277360913E-2,1778.0109054767292,127.30753535926966]
[9511,"T","PD   ","MA","3-1999",26409486.870000001,14731,205781.30083333331,7.1585707449341826E-2,1792.783033738375,128.33764177333882]
[9512,"T","PD   ","MA","6-1999",26420144.460000001,14675,207823.73333333331,7.0612724372833904E-2,1800.3505594548553,127.12765782926303]
[9513,"T","PD   ","MA","9-1999",26606037.350000001,14744,208941.28083333335,7.0565280069096917E-2,1804.5331897721107,127.33738993024981]
[9514,"T","PD   ","MA","12-1999",27135860.440000001,14921,210029.15833333333,7.1042516755312424E-2,1818.6355096843376,129.20044366855572]
[9515,"T","PD   ","MA","3-2000",28159452.140000001,15365,212054.51500000001,7.2457782848905611E-2,1832.7010829808005,132.793457097577]
[9516,"T","PD   ","MA","6-2000",28822431.68,15509,214597.76666666669,7.2270090415666011E-2,1858.4326313753304,134.30909430091924]
[9517,"T","PD   ","MA","9-2000",29623397.68,15742,219544.28666666665,7.1703072938085727E-2,1881.8064845635879,134.93130761802561]
[9518,"T","PD   ","MA","12-2000",31011450.010000002,16136,225852.82499999998,7.144475611496115E-2,1921.8796486117999,137.30822277737727]
[9519,"T","PD   ","MA","3-2001",31927178.370000001,16529,231290.87083333335,7.1464126277213449E-2,1931.5855992498034,138.03907718003498]
[9520,"T","PD   ","MA","6-2001",33878102.100000001,17371,236245.11416666667,7.3529562976464666E-2,1950.267808416326,143.40233963991997]
[9521,"T","PD   ","MA","9-2001",35781813.299999997,17943,239494.63666666669,7.492025813076314E-2,1994.1934626316668,149.40548898304485]
[9522,"T","PD   ","MA","12-2001",37411663.210000001,18513,242008.06333333332,7.649745113864595E-2,2020.8320212823421,154.58849880745709]
[9523,"T","PD   ","MA","3-2002",38711150.770000003,18683,245686.14500000002,7.6044174163748632E-2,2071.9986495744797,157.5634261752937]
[9524,"T","PD   ","MA","6-2002",39193402.270000003,18604,248987.96083333332,7.4718472080877354E-2,2106.7191071812517,157.41083279217321]
[9525,"T","PD   ","MA","9-2002",40731618.340000004,19412,252713.00583333333,7.6814408249341951E-2,2098.2700566659801,161.17737275011046]
[9526,"T","PD   ","MA","12-2002",42054145.659999996,19977,254989.0275,7.8344547590386018E-2,2105.1281804074683,164.92531491379563]
[9527,"T","PD   ","MA","3-2003",43537716.939999998,20469,253779.6875,8.0656573430448408E-2,2127.0075206409692,171.55713827569434]
[9528,"T","PD   ","MA","6-2003",44286083.869999997,20716,249208.40666666665,8.3127211786675689E-2,2137.7719574242128,177.70702225641881]
[9529,"T","PD   ","MA","9-2003",42935148.619999997,19900,241256.57666666666,8.2484798030998063E-2,2157.5451567839195,177.96467650007966]
[9530,"T","PD   ","MA","12-2003",40634157.960000001,18608,232320.82833333334,8.0096133151269969E-2,2183.692925623388,174.90535933221713]
[9531,"T","PD   ","MA","3-2004",38194198.770000003,17568,223965,7.8440827807916419E-2,2174.0777988387981,170.5364622597281]
[9532,"T","PD   ","MA","6-2004",35479278.759999998,16403,217612.70916666664,7.5377031345339129E-2,2162.9749899408644,163.03863361595714]
[{"$f":"INDEX(State,MATCH(D4738,StateAbbr),1)*1000+INDEX(Coverage,MATCH(C4738,CoverageAbbr),1)*100+VLOOKUP(E4738,Date,2,FALSE)","v":9533},"T","PD   ","MA","9-2004",34241769.299999997,15752,213192.98583333334,7.3886108111991783E-2,2173.8045518029453,160.61395812885226]
[9534,"T","PD   ","MA","12-2004",33082206.73,15379,209165.31916666668,{"$f":"G4739/H4739","v":7.3525573270326605E-2},{"$f":"F4739/G4739","v":2151.1285993887768},{"$f":"F4739/H4739","v":158.16296344825454}]
[9535,"T","PD   ","MA","3-2005",31805480.25,14881,204762.69666666666,7.2674370098889593E-2,2137.3214333714131,155.32848886912328]
[9536,"T","PD   ","MA","6-2005",31728170.940000001,14857,200152.09666666668,7.422855042454464E-2,2135.5705014471296,158.52030265183831]
[9537,"T","PD   ","MA","9-2005",30422896.829999998,14281,194026.61083333334,7.3603305952023343E-2,2130.305779007072,156.79754802362095]
[9538,"T","PD   ","MA","12-2005",28587467.57,13441,186709.32666666666,7.1988905107007867E-2,2126.885467599137,153.11215610046833]
[9539,"T","PD   ","MA","3-2006",28274939.68,12970,178358.68833333332,7.2718633004075786E-2,2180.0261896684656,158.52852442577486]
[9540,"T","PD   ","MA","6-2006",26411677.84,11808,169323.91416666665,6.9736162538608149E-2,2236.7613346883468,155.98315199590064]
[9541,"T","PD   ","MA","9-2006",24924505.57,11019,160843.17749999999,6.8507723928793937E-2,2261.9571258734913,154.96153431810933]
[9542,"T","PD   ","MA","12-2006",23805759.789999999,10249,154132.88833333334,6.6494569139813581E-2,2322.7397590008782,154.44957949867782]
[9543,"T","PD   ","MA","3-2007",20105164.530000001,8786,149922.6,5.8603572776886208E-2,2288.3182938766222,134.10362767187868]
[9544,"T","PD   ","MA","6-2007",18417377.559999999,8246,147284.1575,5.5987012724026342E-2,2233.4923065728835,125.04656218711098]
[9545,"T","PD   ","MA","9-2007",18030334.440000001,8082,146613.05000000002,5.5124697289906995E-2,2230.9248255382331,122.97905568433369]
[9546,"T","PD   ","MA","12-2007",18074251.539999999,7966,146932.77416666667,5.4215269841459073E-2,2268.9243710770775,123.01034702780657]
[9547,"T","PD   ","MA","3-2008",19047393.170000002,8207,148061.49166666667,5.542967254765039E-2,2320.8715937614234,128.64515246733916]
[9548,"T","PD   ","MA","6-2008",19696543.920000002,8387,149683.57999999999,5.6031529978104483E-2,2348.4611803982357,131.58787303189837]
[10501,"T","PD   ","MD","9-1996",9510.93,5,137.57333333333335,3.6344252762163208E-2,1902.1860000000001,69.133528784648178]
[10502,"T","PD   ","MD","12-1996",36644.47,19,233.90833333333333,8.1228401439310274E-2,1928.6563157894736,156.66166945740852]
[10503,"T","PD   ","MD","3-1997",41657.480000000003,21,326.70499999999998,6.427817143906582E-2,1983.689523809524,127.50793529330744]
[10504,"T","PD   ","MD","6-1997",45215.49,26,437.93166666666667,5.9369993035443124E-2,1739.0573076923076,103.24782024592878]
[10505,"T","PD   ","MD","9-1997",53119.29,33,542.95916666666665,6.0778051142581321E-2,1609.6754545454546,97.83293709932147]
[10506,"T","PD   ","MD","12-1997",51211.79,30,612.72833333333335,4.8961339582250969E-2,1707.0596666666668,83.579928026830814]
[10507,"T","PD   ","MD","3-1998",53413.09,30,638.96749999999997,4.6950744756188698E-2,1780.4363333333333,83.592811840977831]
[10508,"T","PD   ","MD","6-1998",57407.34,29,632.08166666666659,4.5880147343829523E-2,1979.5634482758619,90.822662683355802]
[10509,"T","PD   ","MD","9-1998",66141.8,29,601.01833333333332,4.8251439917251553E-2,2280.751724137931,110.04955478340928]
[10510,"T","PD   ","MD","12-1998",45901.49,22,567.45500000000004,3.8769594064727596E-2,2086.4313636363636,80.890097012097868]
[10511,"T","PD   ","MD","3-1999",43599.45,22,542.0291666666667,4.0588221728535517E-2,1981.7931818181817,80.437461083736252]
[10512,"T","PD   ","MD","6-1999",42796.32,21,525.87083333333328,3.9933760666830423E-2,2037.92,81.381809538147053]
[10513,"T","PD   ","MD","9-1999",25147.4,16,522.73083333333341,3.0608487159580214E-2,1571.7125000000001,48.107741874801718]
[10514,"T","PD   ","MD","12-1999",51456.18,23,516.19833333333338,4.4556517359283732E-2,2237.2252173913043,99.682964235322984]
[10515,"T","PD   ","MD","3-2000",66414.5,25,517.07499999999993,4.8348885558187893E-2,2656.58,128.4426823961708]
[10516,"T","PD   ","MD","6-2000",53181.22,23,521.94416666666666,4.4066016001072912E-2,2312.2269565217393,101.89063006419907]
[10517,"T","PD   ","MD","9-2000",56069.56,26,532.65499999999997,4.8812082867897608E-2,2156.5215384615385,105.26430804179066]
[10518,"T","PD   ","MD","12-2000",31091.67,23,559.05666666666673,4.114073111252884E-2,1351.8117391304347,55.614523274325194]
[10519,"T","PD   ","MD","3-2001",34302.99,28,592.17416666666668,4.7283386503689087E-2,1225.1067857142857,57.927197657220773]
[10520,"T","PD   ","MD","6-2001",61806.31,37,629.9708333333333,5.8732877844873771E-2,1670.4408108108107,98.109796088443247]
[10521,"T","PD   ","MD","9-2001",64156.27,36,683.4274999999999,5.2675667865281987E-2,1782.118611111111,93.874288055426518]
[10522,"T","PD   ","MD","12-2001",81353.119999999995,42,756.06416666666667,5.5550840592233683E-2,1936.9790476190476,107.60081430478233]
[10523,"T","PD   ","MD","3-2002",66445.899999999994,35,827.19416666666666,4.2311710370297982E-2,1898.4542857142856,80.326847888393786]
[10524,"T","PD   ","MD","6-2002",75356.039999999994,37,895.90333333333331,4.1299098489048301E-2,2036.6497297297296,84.111797775801705]
[10525,"T","PD   ","MD","9-2002",93499.73,45,974.9375,4.6156804923392525E-2,2077.7717777777775,95.903306622219375]
[10526,"T","PD   ","MD","12-2002",101203.15,48,1045.0133333333333,4.5932428294375827E-2,2108.3989583333332,96.843883969582521]
[10527,"T","PD   ","MD","3-2003",103292.14,53,1129.145,4.6938170031306875E-2,1948.9083018867925,91.47818924938781]
[10528,"T","PD   ","MD","6-2003",82308.78,53,1249.8625,4.2404664513096442E-2,1552.9958490566037,65.854267969476638]
[10529,"T","PD   ","MD","9-2003",101197.96,61,1353.5483333333334,4.5066732009323637E-2,1658.9829508196722,74.764940052627111]
[10530,"T","PD   ","MD","12-2003",118527.96,59,1453.0708333333332,4.0603664079234499E-2,2008.9484745762713,81.570669014185484]
[10531,"T","PD   ","MD","3-2004",145082.23000000001,68,1536.2391666666665,4.426394110726032E-2,2133.5622058823533,94.439871829852905]
[10532,"T","PD   ","MD","6-2004",167977.12,70,1549.8158333333333,4.5166656898480949E-2,2399.6731428571429,108.38521351192803]
[10533,"T","PD   ","MD","9-2004",151394.09,63,1488.4875,4.2324843171340033E-2,2403.0807936507936,101.71001771932919]
[10534,"T","PD   ","MD","12-2004",143809.94,59,1350.2766666666666,4.3694748977370072E-2,2437.4566101694913,106.50405472458731]
[10535,"T","PD   ","MD","3-2005",124089.38,52,1175.5691666666667,4.4233892376954992E-2,2386.334230769231,105.55685153928984]
[10536,"T","PD   ","MD","6-2005",124298.13,46,984.10333333333335,4.6743058825123376E-2,2702.1332608695652,126.30597396614854]
[10537,"T","PD   ","MD","9-2005",109311.42,38,832.14583333333337,4.566507272863831E-2,2876.6163157894734,131.3608932729139]
[10538,"T","PD   ","MD","12-2005",109955.52,43,724.28666666666675,5.9368758226484901E-2,2557.10511627907,151.81215540807966]
[10539,"T","PD   ","MD","3-2006",118349,37,640.42666666666662,5.7773984010659564E-2,3198.6216216216217,184.79711442371755]
[10540,"T","PD   ","MD","6-2006",92460.15,33,589.38083333333327,5.5990962266898744E-2,2801.8227272727272,156.87675060126659]
[10541,"T","PD   ","MD","9-2006",94220.71,32,545.57083333333333,5.8654161925200669E-2,2944.3971875000002,172.70114940773044]
[10542,"T","PD   ","MD","12-2006",59379.13,21,513.36916666666673,4.0906235441357172E-2,2827.577619047619,115.66555581347404]
[10543,"T","PD   ","MD","3-2007",37806.620000000003,19,487.57583333333332,3.8968297239232876E-2,1989.8221052631579,77.53997925109087]
[10544,"T","PD   ","MD","6-2007",34971.230000000003,17,459.6541666666667,3.698432698496152E-2,2057.1311764705883,76.081612081546822]
[10545,"T","PD   ","MD","9-2007",50644.86,18,444.13583333333332,4.0528141728412667E-2,2813.6033333333335,114.03011466086764]
[10546,"T","PD   ","MD","12-2007",49079.26,17,427.69083333333333,3.9748338460998893E-2,2887.015294117647,114.7540610526685]
[10547,"T","PD   ","MD","3-2008",49114.6,16,406.92583333333329,3.9319204359516788E-2,3069.6624999999999,120.6966871522452]
[10548,"T","PD   ","MD","6-2008",63256.1,15,387.84999999999997,3.8674745391259514E-2,4217.0733333333328,163.09423746293672]
[{"$f":"INDEX(State,MATCH(D4802,StateAbbr),1)*1000+INDEX(Coverage,MATCH(C4802,CoverageAbbr),1)*100+VLOOKUP(E4802,Date,2,FALSE)","v":11501},"T","PD   ","ME","9-1996",340294.21,278,10108.044166666667,2.7502847773139098E-2,1224.079892086331,33.665682934210899]
[11502,"T","PD   ","ME","12-1996",474724.18,383,13499.500833333334,{"$f":"G4803/H4803","v":2.8371419412359752E-2},{"$f":"F4803/G4803","v":1239.4887206266319},{"$f":"F4803/H4803","v":35.16605434978738}]
[11503,"T","PD   ","ME","3-1997",566625.07999999996,416,13537.524166666668,3.0729400359950108E-2,1362.0795192307692,41.855886868530668]
[11504,"T","PD   ","ME","6-1997",571841.19999999995,404,13719.405833333332,2.9447339404336449E-2,1415.448514851485,41.681192826195641]
[11505,"T","PD   ","ME","9-1997",678408.38,435,14022.327499999999,3.102195409428285E-2,1559.5594942528735,48.380583038015622]
[11506,"T","PD   ","ME","12-1997",740802.76,438,14456.796666666667,3.0297168183177507E-2,1691.330502283105,51.242524681009321]
[11507,"T","PD   ","ME","3-1998",790351.84,474,14968.33,3.1666859295592764E-2,1667.4089451476793,52.801604454204309]
[11508,"T","PD   ","ME","6-1998",871296.45,523,15569.650833333333,3.3590990934767806E-2,1665.9587954110898,55.961206794350609]
[11509,"T","PD   ","ME","9-1998",856569.17,513,16328.203333333333,3.141803109180618E-2,1669.725477582846,52.459486969478782]
[11510,"T","PD   ","ME","12-1998",943797,554,17144.795000000002,3.2313013949714767E-2,1703.6046931407943,55.048602214258025]
[11511,"T","PD   ","ME","3-1999",1031110.76,590,17981.157500000001,3.2812125693243051E-2,1747.6453559322033,57.343959086059947]
[11512,"T","PD   ","ME","6-1999",1051271.08,610,18829.616666666665,3.2395773679230508E-2,1723.3952131147541,55.8307212839348]
[11513,"T","PD   ","ME","9-1999",1128514.68,662,19614.865000000002,3.3749913649673342E-2,1704.7049546827793,57.533645018714118]
[11514,"T","PD   ","ME","12-1999",1216547.54,710,20344.578333333335,3.4898732643512641E-2,1713.4472394366198,59.797137107863378]
[11515,"T","PD   ","ME","3-2000",1225517.71,739,21056.108333333334,3.5096703925582957E-2,1658.3460216508795,58.2024793280493]
[11516,"T","PD   ","ME","6-2000",1259660.99,743,21766.177500000002,3.4135529768605441E-2,1695.3714535666218,57.872402722067292]
[11517,"T","PD   ","ME","9-2000",1263082.47,736,22306.758333333331,3.2994484855299835E-2,1716.144660326087,56.623309004632752]
[11518,"T","PD   ","ME","12-2000",1253014.1599999999,754,22785.341666666664,3.3091450241584414E-2,1661.8224933687002,54.992116349656087]
[11519,"T","PD   ","ME","3-2001",1356092.25,750,23168.994166666667,3.2370848497127611E-2,1808.123,58.530475697171859]
[11520,"T","PD   ","ME","6-2001",1478377.82,812,23397.101666666666,3.4705153294984331E-2,1820.6623399014779,63.186365604685655]
[11521,"T","PD   ","ME","9-2001",1575052.79,838,23524.853333333333,3.5621901149649395E-2,1879.5379355608593,66.952714547565023]
[11522,"T","PD   ","ME","12-2001",1667963.65,828,23466.959166666667,3.5283651116422517E-2,2014.4488526570046,71.077110509027378]
[11523,"T","PD   ","ME","3-2002",1769454.28,841,23382.111666666668,3.596766673554648E-2,2103.9884423305589,75.675555109187101]
[11524,"T","PD   ","ME","6-2002",1776482.73,802,23336.932499999999,3.4366127596246854E-2,2215.0657481296757,76.123232134300423]
[11525,"T","PD   ","ME","9-2002",1775532.5,784,23373.235833333336,3.3542638494320584E-2,2264.7098214285716,75.964342834715893]
[11526,"T","PD   ","ME","12-2002",1711782.97,780,23432.336666666666,3.3287333273492002E-2,2194.5935512820511,73.052166941381998]
[11527,"T","PD   ","ME","3-2003",1718011.13,788,23347.612499999999,3.3750774302939969E-2,2180.2171700507611,73.584017637777734]
[11528,"T","PD   ","ME","6-2003",1645916.12,778,22935.89333333333,3.3920632115484788E-2,2115.5734190231365,71.761587659982155]
[11529,"T","PD   ","ME","9-2003",1671016.79,781,22236.662500000002,3.5122177170247557E-2,2139.5861587708068,75.146924139357694]
[11530,"T","PD   ","ME","12-2003",1625786.84,717,21380.715,3.3534893477603529E-2,2267.4851324965134,76.039872380320304]
[11531,"T","PD   ","ME","3-2004",1445084.05,653,20430.203333333335,3.196248169173059E-2,2212.9924196018378,70.732729695462325]
[11532,"T","PD   ","ME","6-2004",1443010.58,622,19443.803333333333,3.1989626172245794E-2,2319.9527009646304,74.214419641150457]
[11533,"T","PD   ","ME","9-2004",1313656.3200000001,582,18430.098333333332,3.1578778879729257E-2,2257.1414432989691,71.277770538211101]
[11534,"T","PD   ","ME","12-2004",1195733.1000000001,539,17361.901666666668,3.1044986335502223E-2,2218.4287569573285,68.871090446025448]
[11535,"T","PD   ","ME","3-2005",1174504.74,509,16384.499166666665,3.1065948053849071E-2,2307.4749312377212,71.683896349389997]
[11536,"T","PD   ","ME","6-2005",1099092.32,479,15638.565833333334,3.062940714032867E-2,2294.5559916492693,70.280889674506071]
[11537,"T","PD   ","ME","9-2005",1040958.31,445,15325.156666666668,2.9037223545512421E-2,2339.232157303371,67.92480707646925]
[11538,"T","PD   ","ME","12-2005",1118826.71,478,15445.595000000001,3.0947334822646843E-2,2340.6416527196652,72.436620926548954]
[11539,"T","PD   ","ME","3-2006",1090534.1100000001,486,15967.918333333333,3.0436027405367282E-2,2243.8973456790127,68.295321107917331]
[11540,"T","PD   ","ME","6-2006",1188104.75,501,16920.674166666668,2.9608749336179421E-2,2371.4665668662674,70.216159137473298]
[11541,"T","PD   ","ME","9-2006",1322868.98,562,18077.89,3.1087698840959868E-2,2353.8593950177938,73.176071986277165]
[11542,"T","PD   ","ME","12-2006",1292821.8700000001,574,19186.318333333333,2.9917151901037817E-2,2252.3029094076655,67.382488267898552]
[11543,"T","PD   ","ME","3-2007",1280861.57,597,20089.663333333334,2.9716774746017811E-2,2145.4967671691793,63.757244148275923]
[11544,"T","PD   ","ME","6-2007",1261165.07,632,20683.246666666666,3.0556131258567723E-2,1995.5143512658228,60.975198445634106]
[11545,"T","PD   ","ME","9-2007",1277157.02,638,20896.474166666667,3.0531466452733712E-2,2001.8135109717869,61.118302054864202]
[11546,"T","PD   ","ME","12-2007",1276247.99,628,20825.685833333333,3.015506932284703E-2,2032.2420222929936,61.282399063048061]
[11547,"T","PD   ","ME","3-2008",1390140.9,654,20506.637500000001,3.1892112980492292E-2,2125.5977064220183,67.789802204286289]
[11548,"T","PD   ","ME","6-2008",1401928.12,638,20002.1675,3.1896543212129383E-2,2197.3794984326018,70.088810125202684]
[12501,"T","PD   ","MI","9-1996",4522073.1500000004,5143,360367.3125,1.427154967058784E-2,879.26757728951986,12.548510903024814]
[12502,"T","PD   ","MI","12-1996",6579221.0199999996,7276,480489.75,1.5142882860664562E-2,904.23598405717416,13.692739584975538]
[12503,"T","PD   ","MI","3-1997",8270704.6900000004,8674,480299.70833333331,1.8059557083845133E-2,953.50526746599041,17.219882807549073]
[12504,"T","PD   ","MI","6-1997",8984814.8699999992,8935,480109.66666666669,1.8610331389564468E-2,1005.5752512590933,18.714088663076282]
[12505,"T","PD   ","MI","9-1997",9122410.5999999996,8915,479919.625,1.8576027183718525E-2,1023.2653505328099,19.008204967654738]
[12506,"T","PD   ","MI","12-1997",9260605.1999999993,8867,479729.58333333331,1.8483329584114663E-2,1044.3898951167248,19.303802645761369]
[12507,"T","PD   ","MI","3-1998",8948285.5099999998,8416,409625.66666666669,2.0545587556769308E-2,1063.2468524239544,21.84503130093573]
[12508,"T","PD   ","MI","6-1998",8899946.1199999992,8224,339521.75,2.4222306818340797E-2,1082.1918920233461,26.213184044910228]
[12509,"T","PD   ","MI","9-1998",8688940.25,8197,269417.83333333331,3.0424860517152107E-2,1060.0146700012199,32.250798480922136]
[12510,"T","PD   ","MI","12-1998",8551688.0399999991,8150,199313.91666666666,4.0890270665997153E-2,1049.2868760736196,42.905624368928912]
[12511,"T","PD   ","MI","3-1999",8719693.1300000008,8482,267210.83333333331,3.1742725001793218E-2,1028.0232409809009,32.632259033908937]
[12512,"T","PD   ","MI","6-1999",8573205.0500000007,8630,335107.75,2.5752910817490791E-2,993.4188933951333,25.58342816601526]
[12513,"T","PD   ","MI","9-1999",9072749.3699999992,8791,403004.66666666669,2.1813643183619048E-2,1032.0497520191104,22.512765038287395]
[12514,"T","PD   ","MI","12-1999",9108868.7799999993,8784,470901.58333333331,1.8653579242230198E-2,1036.9841507285973,19.343466028552676]
[12515,"T","PD   ","MI","3-2000",9153147.3399999999,8630,467765.60416666669,1.8449411250266057E-2,1060.6196222479721,19.567807590954676]
[12516,"T","PD   ","MI","6-2000",9365872.4100000001,8528,466411.54166666669,1.8284281665771385E-2,1098.2495790337712,20.080704642368321]
[{"$f":"INDEX(State,MATCH(D4866,StateAbbr),1)*1000+INDEX(Coverage,MATCH(C4866,CoverageAbbr),1)*100+VLOOKUP(E4866,Date,2,FALSE)","v":12517},"T","PD   ","MI","9-2000",9059484.5500000007,8297,467679.22916666669,1.7740792155306946E-2,1091.8988248764615,19.371150106757202]
[12518,"T","PD   ","MI","12-2000",9052601.2200000007,8174,467603.5,{"$f":"G4867/H4867","v":1.7480621937175405E-2},{"$f":"F4867/G4867","v":1107.4873036457059},{"$f":"F4867/H4867","v":19.359566855252368}]
[12519,"T","PD   ","MI","3-2001",9178372.1899999995,8326,465358.4266666667,1.7891585330556098E-2,1102.3747525822723,19.723231952076393]
[12520,"T","PD   ","MI","6-2001",9121174,8252,463634.38666666666,1.7798507266314646E-2,1105.3288899660688,19.673204279728576]
[12521,"T","PD   ","MI","9-2001",9428155.3300000001,8276,462832.46833333332,1.7881200145275028E-2,1139.2164487675207,20.370557329201493]
[12522,"T","PD   ","MI","12-2001",9488188.3900000006,8356,462162.45416666666,1.8080222494635253E-2,1135.4940629487794,20.529985299451297]
[12523,"T","PD   ","MI","3-2002",9326434.2200000007,8084,461375.80333333329,1.7521508370389113E-2,1153.6905269668482,20.214398225088257]
[12524,"T","PD   ","MI","6-2002",9025510.2599999998,7977,458783.73583333334,1.738727722226378E-2,1131.4416773223015,19.672690104425982]
[12525,"T","PD   ","MI","9-2002",9077907.9299999997,7980,453795.8233333333,1.7585000984326676E-2,1137.5824473684211,20.004388456726431]
[12526,"T","PD   ","MI","12-2002",9132757.9000000004,7825,447949.66166666668,1.7468480656701167E-2,1167.1256102236423,20.387911146132243]
[12527,"T","PD   ","MI","3-2003",9272293.6199999992,7869,443967.35250000004,1.772427624619087E-2,1178.3318871521158,20.885079877579507]
[12528,"T","PD   ","MI","6-2003",9788321.7699999996,7905,442272.52499999997,1.7873595019270078E-2,1238.2443731815306,22.131878461136605]
[12529,"T","PD   ","MI","9-2003",9521189.1799999997,7856,443325.40500000003,1.7720617657812774E-2,1211.963999490835,21.476750650010683]
[12530,"T","PD   ","MI","12-2003",9347909.8399999999,7825,448117.25666666665,1.7461947478225881E-2,1194.6210658146965,20.860410307638453]
[12531,"T","PD   ","MI","3-2004",9198389.5500000007,7842,453921.08666666667,1.7276130654310648E-2,1172.9647475133895,20.264292230941816]
[12532,"T","PD   ","MI","6-2004",8830101.4499999993,7826,459210.58166666672,1.7042290209420222E-2,1128.303277536417,19.228871900015626]
[12533,"T","PD   ","MI","9-2004",8733298.2799999993,7675,460155.6333333333,1.6679139499831543E-2,1137.8890267100976,18.979009811825261]
[12534,"T","PD   ","MI","12-2004",8826002.3100000005,7610,453480.60916666663,1.6781312907699467E-2,1159.7900538764784,19.462799801338807]
[12535,"T","PD   ","MI","3-2005",8521343.9600000009,7259,443216.92583333334,1.6377984632133982E-2,1173.9005317536853,19.226124868715765]
[12536,"T","PD   ","MI","6-2005",8284321.5300000003,7081,428852.38833333337,1.651150883761935E-2,1169.9366657251801,19.317419595576229]
[12537,"T","PD   ","MI","9-2005",8280589.6399999997,7022,414398.8641666667,1.6945027139784408E-2,1179.2352093420677,19.982172626490687]
[12538,"T","PD   ","MI","12-2005",8092386.7400000002,6773,403532.05916666664,1.6784292217046918E-2,1194.8009360696885,20.053888052194846]
[12539,"T","PD   ","MI","3-2006",8204729.0599999996,6702,397766.97583333333,1.6849060900440808E-2,1224.2209877648463,20.626973978447694]
[12540,"T","PD   ","MI","6-2006",8245272.4199999999,6613,396062.39333333331,1.6696864209559979E-2,1246.8278270074097,20.81811492024346]
[12541,"T","PD   ","MI","9-2006",8129879.0899999999,6541,395922.45583333331,1.6520911869554289E-2,1242.9107307751108,20.534018644858925]
[12542,"T","PD   ","MI","12-2006",8099131.6600000001,6623,397056.14416666672,1.6680260706959254E-2,1222.8796104484372,20.39795071550471]
[12543,"T","PD   ","MI","3-2007",7785009.0199999996,6536,397771.39250000002,1.6431548681570908E-2,1191.0968512851896,19.571565896358418]
[12544,"T","PD   ","MI","6-2007",7710927.6500000004,6509,396803.47666666663,1.6403586114412658E-2,1184.6562682439699,19.432611112118703]
[12545,"T","PD   ","MI","9-2007",7771850.0999999996,6487,394285.1875,1.6452558213336382E-2,1198.0653769076614,19.711240356956093]
[12546,"T","PD   ","MI","12-2007",7974360.3799999999,6516,391147.20333333337,1.6658689987991818E-2,1223.8122130141192,20.387108260120414]
[12547,"T","PD   ","MI","3-2008",8140225.7999999998,6489,387379.42749999999,1.6751018612107378E-2,1254.4653721682848,21.013572797435145]
[12548,"T","PD   ","MI","6-2008",8485119.6600000001,6577,383595.44500000001,1.7145667618654856E-2,1290.1200638589023,22.119969803082515]
[13501,"T","PD   ","NC","9-1996",459235.57,188,7291.9366666666674,2.5781902475839748E-2,2442.7423936170212,62.9785461658334]
[13502,"T","PD   ","NC","12-1996",589146.68000000005,273,9819.6183333333338,2.7801487871813076E-2,2158.046446886447,59.996902119922858]
[13503,"T","PD   ","NC","3-1997",743768,319,9977.4333333333325,3.1972150486264006E-2,2331.5611285266459,74.545023269177449]
[13504,"T","PD   ","NC","6-1997",808908.43,341,10110.465,3.3727429945111326E-2,2372.1654838709678,80.007045175469187]
[13505,"T","PD   ","NC","9-1997",785401.73,355,10247.3925,3.4642959172296761E-2,2212.3992394366196,76.64405652462321]
[13506,"T","PD   ","NC","12-1997",888879.3,361,10319.090833333334,3.4983702133319396E-2,2462.2695290858728,86.139303777488792]
[13507,"T","PD   ","NC","3-1998",852824.49,360,10390.568333333335,3.4646805492352759E-2,2368.9569166666665,82.076789511513724]
[13508,"T","PD   ","NC","6-1998",844631.48,344,10443.2925,3.2939803227765574E-2,2455.3240697674419,80.877891718536091]
[13509,"T","PD   ","NC","9-1998",846310.96,342,10445.3225,3.2741928265020058E-2,2474.5934502923974,81.02296123456216]
[13510,"T","PD   ","NC","12-1998",806983.79,344,10376.317499999999,3.3152416548549141E-2,2345.8831104651163,77.771694052345651]
[13511,"T","PD   ","NC","3-1999",779591.67,326,10220.91,3.1895398746295586E-2,2391.385490797546,76.274193785093502]
[13512,"T","PD   ","NC","6-1999",1011880.4,329,10026.706666666667,3.2812369099591357E-2,3075.6243161094226,100.91852027186061]
[13513,"T","PD   ","NC","9-1999",941109.86,298,9797.873333333333,3.0414763475883542E-2,3158.08677852349,96.052462405106965]
[13514,"T","PD   ","NC","12-1999",972402.61,303,9566.6083333333336,3.1672666993614075E-2,3209.2495379537954,101.64549191502039]
[13515,"T","PD   ","NC","3-2000",919760.37,292,9338.8791666666675,3.1267135465489031E-2,3149.8642808219179,98.487233166364078]
[13516,"T","PD   ","NC","6-2000",636022.92000000004,284,9141.2566666666662,3.1067938507360587E-2,2239.5173239436622,69.577186506450431]
[13517,"T","PD   ","NC","9-2000",676904.38,283,9004.3075000000008,3.1429401983439589E-2,2391.8882685512367,75.175617891770131]
[13518,"T","PD   ","NC","12-2000",613140.42000000004,252,8956.7316666666666,2.8135262881419359E-2,2433.0969047619051,68.455821031443946]
[13519,"T","PD   ","NC","3-2001",668457.29,283,9154.7116666666661,3.0913043502007256E-2,2362.0398939929328,73.017841996480144]
[13520,"T","PD   ","NC","6-2001",666156.84,291,9446.33,3.0805614455561049E-2,2289.1987628865977,70.520174501631843]
[13521,"T","PD   ","NC","9-2001",625222.5,309,9817.9250000000011,3.1473045475495072E-2,2023.3737864077671,63.681735193536305]
[13522,"T","PD   ","NC","12-2001",664455.77,332,10345.216666666667,3.2092126312804788E-2,2001.3728012048193,64.228308735277011]
[13523,"T","PD   ","NC","3-2002",667211.17000000004,307,10764.789166666667,2.8518905038161839E-2,2173.3262866449513,61.980885985768261]
[13524,"T","PD   ","NC","6-2002",744597.05,308,11177.182500000001,2.7556139483273175E-2,2417.5228896103899,66.617597950109513]
[13525,"T","PD   ","NC","9-2002",808129.89,324,11506.176666666666,2.8158788917141027E-2,2494.2280555555558,70.234441327599995]
[13526,"T","PD   ","NC","12-2002",856305.95,330,11667.614166666666,2.8283417268183293E-2,2594.8665151515152,73.391692403266958]
[13527,"T","PD   ","NC","3-2003",925904.22,358,11670.036666666667,3.0676853057588223E-2,2586.3246368715081,79.340300844527476]
[13528,"T","PD   ","NC","6-2003",939941.23,378,11570.707499999999,3.2668702410807639E-2,2486.6170105820106,81.234551128355818]
[13529,"T","PD   ","NC","9-2003",977776.34,383,11489.159166666666,3.3335772831069518E-2,2552.9408355091382,85.104255743693457]
[13530,"T","PD   ","NC","12-2003",943116.48,379,11523.15,3.2890312110837747E-2,2488.4339841688652,81.845370406529469]
[13531,"T","PD   ","NC","3-2004",998917.71,375,11714.236666666666,3.2012329157313141E-2,2663.7805599999997,85.273820089571927]
[13532,"T","PD   ","NC","6-2004",973938.75,357,11922.38,2.9943685740598774E-2,2728.1197478991598,81.68996039381399]
[{"$f":"INDEX(State,MATCH(D4930,StateAbbr),1)*1000+INDEX(Coverage,MATCH(C4930,CoverageAbbr),1)*100+VLOOKUP(E4930,Date,2,FALSE)","v":13533},"T","PD   ","NC","9-2004",898452.16,331,11896.567499999999,2.7823151509878796E-2,2714.356978851964,75.521965474495062]
[13534,"T","PD   ","NC","12-2004",898537.46,318,11506.106666666667,{"$f":"G4931/H4931","v":2.7637498001061467E-2},{"$f":"F4931/G4931","v":2825.5894968553457},{"$f":"F4931/H4931","v":78.09222407115989}]
[13535,"T","PD   ","NC","3-2005",758682.62,301,10899.796666666667,2.7615194044904201E-2,2520.5402657807308,69.605208537529293]
[13536,"T","PD   ","NC","6-2005",703277.95,288,10202.720833333333,2.8227764407615128E-2,2441.9373263888888,68.930431547467123]
[13537,"T","PD   ","NC","9-2005",657226.11,269,9615.64,2.7975256977174689E-2,2443.2197397769514,68.349700071966097]
[13538,"T","PD   ","NC","12-2005",543694.42000000004,239,9161.1625000000004,2.608839216638718E-2,2274.8720502092051,59.347754174210969]
[13539,"T","PD   ","NC","3-2006",543305.86,229,8780.5958333333328,2.6080234684149661E-2,2372.5146724890828,61.875739450103758]
[13540,"T","PD   ","NC","6-2006",512484.96,212,8434.7808333333323,2.5134025908794117E-2,2417.3818867924529,60.758538974091117]
[13541,"T","PD   ","NC","9-2006",512980.69,216,8087.6966666666667,2.6707233085316008E-2,2374.9106018518519,63.427291000445535]
[13542,"T","PD   ","NC","12-2006",518154.53,206,7711.4033333333327,2.671368505775646E-2,2515.3132524271846,67.193286046940884]
[13543,"T","PD   ","NC","3-2007",464114.66,189,7316.9041666666672,2.5830596615030149E-2,2455.6331216931217,63.430468600962264]
[13544,"T","PD   ","NC","6-2007",466914.1,193,6944.4858333333332,2.7791834360667213E-2,2419.2440414507769,67.235229678031118]
[13545,"T","PD   ","NC","9-2007",461072.05,190,6602.2983333333332,2.8777857407736043E-2,2426.6950000000002,69.835082682066016]
[13546,"T","PD   ","NC","12-2007",460456.01,189,6286.8908333333338,3.0062554768394392E-2,2436.2751851851854,73.24065618550982]
[13547,"T","PD   ","NC","3-2008",466919.69,190,5995.9933333333329,3.168782709342572E-2,2457.4720526315791,77.87194949071548]
[13548,"T","PD   ","NC","6-2008",436780.06,176,5703.3666666666659,3.0858966341517587E-2,2481.7048863636364,76.582847557875183]
[14501,"T","PD   ","NH","9-1996",788440,532,13693.328333333333,3.8851036581439846E-2,1482.0300751879699,57.578404665921859]
[14502,"T","PD   ","NH","12-1996",1039353.61,704,18110.032500000001,3.8873480762665662E-2,1476.3545596590909,57.391040573781403]
[14503,"T","PD   ","NH","3-1997",1178833.97,774,17941.442500000001,4.3140343927195374E-2,1523.0413049095607,65.704525709122876]
[14504,"T","PD   ","NH","6-1997",1179685.02,762,17597.581666666669,4.3301404388046118E-2,1548.1430708661417,67.036769162126348]
[14505,"T","PD   ","NH","9-1997",1298346.99,778,17287.195833333335,4.5004407163587112E-2,1668.8264652956298,75.104545729534394]
[14506,"T","PD   ","NH","12-1997",1341140.6399999999,798,16939.25,4.7109523739244652E-2,1680.6273684210526,79.173554909455845]
[14507,"T","PD   ","NH","3-1998",1339186.78,791,16542.02,4.7817618404523754E-2,1693.0300632111253,80.956665510016308]
[14508,"T","PD   ","NH","6-1998",1403781.21,784,15926.883333333333,4.9224947756047688E-2,1790.5372576530613,88.139102963228837]
[14509,"T","PD   ","NH","9-1998",1275215.31,732,15134.465833333334,4.8366424561069467E-2,1742.0974180327869,84.259023347316685]
[14510,"T","PD   ","NH","12-1998",1299877.7,694,14280.759166666665,4.8596856224555292E-2,1873.0226224783862,91.023011089921638]
[14511,"T","PD   ","NH","3-1999",1204980.1000000001,624,13469.887499999999,4.632555394393606E-2,1931.0578525641026,89.457324717819674]
[14512,"T","PD   ","NH","6-1999",1065099.19,585,12821.566666666666,4.5626249522289268E-2,1820.682376068376,83.070908391330235]
[14513,"T","PD   ","NH","9-1999",1060143.76,574,12377.029999999999,4.6376230808198741E-2,1846.9403484320558,85.654131887860018]
[14514,"T","PD   ","NH","12-1999",957019.97,537,12074.472500000002,4.4473992549156904E-2,1782.1600931098696,79.259774702373107]
[14515,"T","PD   ","NH","3-2000",994319.44,534,11798.773333333333,4.5258942172519634E-2,1862.0214232209737,84.273119917550758]
[14516,"T","PD   ","NH","6-2000",967206.78,502,11496.654999999999,4.3664874696161628E-2,1926.7067330677291,84.129408075653316]
[14517,"T","PD   ","NH","9-2000",930997.49,491,11112.851666666667,4.4183078720718395E-2,1896.1252342158859,83.77665048770109]
[14518,"T","PD   ","NH","12-2000",913961.7,472,10727.210833333333,4.4000253871521282E-2,1936.359533898305,85.200311078066036]
[14519,"T","PD   ","NH","3-2001",859161.8,449,10374.872499999999,4.3277640279434759E-2,1913.5006681514478,82.81179359071642]
[14520,"T","PD   ","NH","6-2001",844210.39,445,10143.860833333334,4.3868898372274916E-2,1897.1020000000001,83.223774839839493]
[14521,"T","PD   ","NH","9-2001",759540,409,10102.8375,4.0483675996966201E-2,1857.0660146699267,75.180858842874585]
[14522,"T","PD   ","NH","12-2001",781871.07,434,10296.705,4.2149406047857059E-2,1801.5462442396313,75.934104162448079]
[14523,"T","PD   ","NH","3-2002",759821.85,441,10639.539166666667,4.1449163642504248E-2,1722.9520408163264,71.414921087982577]
[14524,"T","PD   ","NH","6-2002",779535.35,442,11009.778333333334,4.0146130704720513E-2,1763.6546380090497,70.803909615497858]
[14525,"T","PD   ","NH","9-2002",850782.97,467,11325.1625,4.123561140954931E-2,1821.8050749464667,75.123246134437366]
[14526,"T","PD   ","NH","12-2002",883077.96,471,11550.160000000002,4.0778655880091698E-2,1874.9001273885349,76.455907104317149]
[14527,"T","PD   ","NH","3-2003",951748.86,496,11592.711666666668,4.2785503017916282E-2,1918.8485080645162,82.098898632718502]
[14528,"T","PD   ","NH","6-2003",1058563.8400000001,532,11444.023333333333,4.6487147439697056E-2,1989.7816541353386,92.499273128593771]
[14529,"T","PD   ","NH","9-2003",1166091.6100000001,545,11125.434166666666,4.8986852273405664E-2,2139.617633027523,104.81313291069317]
[14530,"T","PD   ","NH","12-2003",1103903.69,513,10664.745833333332,4.8102412192195548E-2,2151.859044834308,103.50961075412408]
[14531,"T","PD   ","NH","3-2004",1059940.53,480,10182.950833333334,4.7137613434088885E-2,2208.2094375000001,104.08972284638186]
[14532,"T","PD   ","NH","6-2004",940273.69,430,9742.1408333333329,4.4138142463382241E-2,2186.683,96.516125776256061]
[14533,"T","PD   ","NH","9-2004",877209.33,398,9320.1833333333325,4.2703022651557287E-2,2204.0435427135676,94.119321329516055]
[14534,"T","PD   ","NH","12-2004",885300.12,393,8882.310833333333,4.4245242862382003E-2,2252.6720610687021,99.67002243128735]
[14535,"T","PD   ","NH","3-2005",817555.38,357,8471.6149999999998,4.2140725233618385E-2,2290.0710924369746,96.50525667183885]
[14536,"T","PD   ","NH","6-2005",761647.21,360,8121.8783333333331,4.4324722093226791E-2,2115.6866944444441,93.777224767587626]
[14537,"T","PD   ","NH","9-2005",631498.12,333,7890.3808333333336,4.220328613204876E-2,1896.3907507507508,80.033921472104694]
[14538,"T","PD   ","NH","12-2005",601614.61,314,7776.083333333333,4.0380225692025762E-2,1915.9700955414012,77.367304877133947]
[14539,"T","PD   ","NH","3-2006",630625.5,313,7719.47,4.0546825105868663E-2,2014.7779552715656,81.692849379555852]
[14540,"T","PD   ","NH","6-2006",604192.56000000006,284,7717.3233333333337,3.6800324119286611E-2,2127.4385915492958,78.290429712892688]
[14541,"T","PD   ","NH","9-2006",629495.76,284,7710.6716666666662,3.6832070184979561E-2,2216.5343661971833,81.639549343193849]
[14542,"T","PD   ","NH","12-2006",558521.57999999996,272,7819.6508333333331,3.4784161824787357E-2,2053.3881617647057,71.425386107926172]
[14543,"T","PD   ","NH","3-2007",498871.39,269,8054.2675000000008,3.3398443744263519E-2,1854.5404832713755,61.938766001998317]
[14544,"T","PD   ","NH","6-2007",562972.1,292,8515.6083333333336,3.4289975368759128E-2,1927.9866438356164,66.110614528419873]
[14545,"T","PD   ","NH","9-2007",699224.06,341,9197.7875000000004,3.7074133317387466E-2,2050.5104398826979,76.020897416905967]
[14546,"T","PD   ","NH","12-2007",804698.48,381,10021.100833333334,3.8019775106211302E-2,2112.0695013123359,80.30040744858286]
[14547,"T","PD   ","NH","3-2008",959771.79,436,10951.843333333332,3.9810649835811507E-2,2201.3114449541285,87.635639114633079]
[14548,"T","PD   ","NH","6-2008",1076800.72,479,11871.224166666667,4.034967188514467E-2,2248.0182045929018,90.70679694715561]
[{"$f":"INDEX(State,MATCH(D4994,StateAbbr),1)*1000+INDEX(Coverage,MATCH(C4994,CoverageAbbr),1)*100+VLOOKUP(E4994,Date,2,FALSE)","v":15501},"T","PD   ","NJ","9-1996",1934421.84,1019,33603.92083333333,3.0323842418686017E-2,1898.3531305201179,57.565361184911339]
[15502,"T","PD   ","NJ","12-1996",2813747.14,1430,45610.301666666666,{"$f":"G4995/H4995","v":3.1352566147245756E-2},{"$f":"F4995/G4995","v":1967.6553426573428},{"$f":"F4995/H4995","v":61.691044285645852}]
[15503,"T","PD   ","NJ","3-1997",3684388.3,1783,47165.982500000006,3.7802668480403222E-2,2066.398373527762,78.11537266291441]
[15504,"T","PD   ","NJ","6-1997",4580758.58,2085,48806.453333333331,4.2719760556254309E-2,2197.0065131894485,93.855592183984413]
[15505,"T","PD   ","NJ","9-1997",5016443.09,2160,49911.287499999999,4.3276783833716977E-2,2322.4273564814816,100.50718667595982]
[15506,"T","PD   ","NJ","12-1997",5308613.41,2253,50257.873333333329,4.4828796973900346E-2,2356.2420816688859,105.6274979004948]
[15507,"T","PD   ","NJ","3-1998",5694876.21,2314,50347.707499999997,4.596038459149307E-2,2461.0528133102853,113.1109337997167]
[15508,"T","PD   ","NJ","6-1998",5310038.58,2225,50471.714999999997,4.4084097399900123E-2,2386.534193258427,105.20820582379656]
[15509,"T","PD   ","NJ","9-1998",5318258.05,2254,51286.935833333329,4.3948813930409149E-2,2359.4756211180124,103.69615504585208]
[15510,"T","PD   ","NJ","12-1998",5470637.5099999998,2309,52942.808333333327,4.3613100111016025E-2,2369.2670030316153,103.33107899294475]
[15511,"T","PD   ","NJ","3-1999",5247674.51,2286,55113.901666666665,4.1477738481044454E-2,2295.5706517935255,95.215079159852621]
[15512,"T","PD   ","NJ","6-1999",5257608.95,2296,57582.377500000002,3.9873310198072318E-2,2289.899368466899,91.30586784125056]
[15513,"T","PD   ","NJ","9-1999",5341992.5999999996,2389,59686.556666666671,4.0025763478733094E-2,2236.0789451653409,89.500766978962929]
[15514,"T","PD   ","NJ","12-1999",5688761.2000000002,2539,61499.152499999997,4.1285121774645599E-2,2240.5518708152817,92.501456829018906]
[15515,"T","PD   ","NJ","3-2000",6086663.5599999996,2671,62857.535000000003,4.2492916720326367E-2,2278.7957918382626,96.832679805213473]
[15516,"T","PD   ","NJ","6-2000",6502273.6399999997,2806,64009.144999999997,4.3837486034222141E-2,2317.2749964362079,101.58351029372443]
[15517,"T","PD   ","NJ","9-2000",6948211.4000000004,2859,65467.055833333339,4.3670819828502287E-2,2430.2942987058414,106.13294444901912]
[15518,"T","PD   ","NJ","12-2000",7062664.6299999999,2846,67352.02416666667,4.2255597143708711E-2,2481.6109030217849,104.86195058552373]
[15519,"T","PD   ","NJ","3-2001",7531896.0999999996,3026,69535.91333333333,4.3517081389214035E-2,2489.0601784534038,108.31663436840839]
[15520,"T","PD   ","NJ","6-2001",8084226.3799999999,3169,72383.657500000001,4.3780600614164875E-2,2551.0338845061533,111.6857956507655]
[15521,"T","PD   ","NJ","9-2001",8461081.0299999993,3350,75613.121666666659,4.4304479515713688E-2,2525.6958298507461,111.89963915654587]
[15522,"T","PD   ","NJ","12-2001",9129924.2200000007,3614,79083.213333333333,4.5698699479586144E-2,2526.2656945213062,115.44705677951714]
[15523,"T","PD   ","NJ","3-2002",9663847.7400000002,3691,83029.894166666665,4.4453868537890968E-2,2618.2193822812246,116.38998022328765]
[15524,"T","PD   ","NJ","6-2002",10003012.08,3858,86448.775000000009,4.4627584370050349E-2,2592.7973250388804,115.7102813776135]
[15525,"T","PD   ","NJ","9-2002",10506053.140000001,3992,88791.742499999993,4.495913569890804E-2,2631.776838677355,118.32241201933842]
[15526,"T","PD   ","NJ","12-2002",10860938.710000001,4039,90034.074166666658,4.4860793398321636E-2,2689.0167640505078,120.63142549669323]
[15527,"T","PD   ","NJ","3-2003",10658152.83,3978,90347.133333333346,4.4030173988180397E-2,2679.2742156862746,117.96890987871224]
[15528,"T","PD   ","NJ","6-2003",10928134.15,3937,90091.157499999987,4.3700182229315911E-2,2775.7516256032513,121.30085186218194]
[15529,"T","PD   ","NJ","9-2003",10735539.9,3855,89902.349999999991,4.2879857979240814E-2,2784.835252918288,119.41334014071936]
[15530,"T","PD   ","NJ","12-2003",10614538.560000001,3801,89671.876666666663,4.2387871663813734E-2,2792.5647355958959,118.37087562533078]
[15531,"T","PD   ","NJ","3-2004",11293547.640000001,3897,89206.036666666667,4.368538437103528E-2,2898.0106851424175,126.6007106918138]
[15532,"T","PD   ","NJ","6-2004",10868198.75,3776,88497.989999999991,4.2667635728223886E-2,2878.230601165254,122.80729483234592]
[15533,"T","PD   ","NJ","9-2004",10757140.640000001,3691,87461.948333333319,4.2201209444053665E-2,2914.4244486589,122.99223656672488]
[15534,"T","PD   ","NJ","12-2004",10295271.789999999,3551,85417.420833333337,4.1572315873698869E-2,2899.259867642917,120.52894701758973]
[15535,"T","PD   ","NJ","3-2005",9616478.5199999996,3396,82271.873333333337,4.1277776503772332E-2,2831.7074558303884,116.88658748583254]
[15536,"T","PD   ","NJ","6-2005",9727245.0999999996,3335,78408.518333333326,4.2533643931672312E-2,2916.715172413793,124.05852459355448]
[15537,"T","PD   ","NJ","9-2005",9612380.1999999993,3205,74367.182499999995,4.3096966864382691E-2,2999.1825897035878,129.255672688689]
[15538,"T","PD   ","NJ","12-2005",9452061.4900000002,3050,70786.543333333335,4.3087285469465171E-2,3099.0365540983607,133.52907268674372]
[15539,"T","PD   ","NJ","3-2006",9034975.2400000002,2858,67613.065833333341,4.2269936509682748E-2,3161.2929461161652,133.62765212083821]
[15540,"T","PD   ","NJ","6-2006",8284684.7999999998,2671,64496.520833333336,4.1413086558609591E-2,3101.7165106701609,128.45165433665187]
[15541,"T","PD   ","NJ","9-2006",7655236.4199999999,2489,60663.504166666673,4.1029611365042996E-2,3075.6273282442748,126.19179398156813]
[15542,"T","PD   ","NJ","12-2006",7189641.0999999996,2408,56358.842499999999,4.2726214613084006E-2,2985.7313538205976,127.56899860035273]
[15543,"T","PD   ","NJ","3-2007",6527840.1699999999,2285,52192.859999999993,4.3779934650065168E-2,2856.8228315098468,125.07151687031522]
[15544,"T","PD   ","NJ","6-2007",6005784.1799999997,2121,48487.033333333333,4.3743653801600564E-2,2831.5814144271567,123.863717103748]
[15545,"T","PD   ","NJ","9-2007",5846581.75,2014,46123.394166666665,4.3665476845056561E-2,2902.9700844091362,126.75957300265901]
[15546,"T","PD   ","NJ","12-2007",5983752.3499999996,1977,44685.646666666667,4.4242394313938539E-2,3026.6830298431964,133.90770406962892]
[15547,"T","PD   ","NJ","3-2008",6223341.5899999999,1904,43684.430833333332,4.3585322360367253E-2,3268.5617594537816,142.46131794056222]
[15548,"T","PD   ","NJ","6-2008",6582251.6399999997,1972,42916.64166666667,4.5949541329829896E-2,3337.8558012170383,153.37294309103478]
[16501,"T","PD   ","NY","9-1996",1512258.8,837,29681.908333333336,2.8198995516067724E-2,1806.7608124253286,50.948840048188721]
[16502,"T","PD   ","NY","12-1996",2288030.77,1227,39718.061666666668,3.0892746234637079E-2,1864.7357538712306,57.606808438998591]
[16503,"T","PD   ","NY","3-1997",2810097.77,1452,39986.29583333333,3.6312440793517697E-2,1935.3290426997246,70.276521279009032]
[16504,"T","PD   ","NY","6-1997",2890349.68,1510,40455.85,3.7324639081863314E-2,1914.1388609271523,71.444542136674926]
[16505,"T","PD   ","NY","9-1997",3102134.1,1575,41263.123333333329,3.816967482749125E-2,1969.6089523809524,75.179333249696654]
[16506,"T","PD   ","NY","12-1997",3083041.77,1573,42289.630833333336,3.7195879202618562E-2,1959.9756961220598,72.903019233024352]
[16507,"T","PD   ","NY","3-1998",3069980.71,1606,43448.260833333334,3.6963504849148836E-2,1911.5695579078456,70.658310623211946]
[16508,"T","PD   ","NY","6-1998",3238325.26,1642,44560.968333333331,3.6848391348168266E-2,1972.1834713763701,72.671788363665499]
[16509,"T","PD   ","NY","9-1998",3273329.74,1706,45323.185833333329,3.764077852500182E-2,1918.7161430246192,72.221969391935403]
[16510,"T","PD   ","NY","12-1998",3394413.27,1771,45715.255000000005,3.8739803595101895E-2,1916.6647487295313,74.251215923437371]
[16511,"T","PD   ","NY","3-1999",3458404.6,1758,45924.880833333329,3.8279903357397574E-2,1967.2381114903301,75.305684788839145]
[16512,"T","PD   ","NY","6-1999",3562834.89,1807,46066.168333333335,3.9226184103800542E-2,1971.6850525733259,77.341680866952942]
[16513,"T","PD   ","NY","9-1999",3786582.51,1841,46180.334999999999,3.9865453552902982E-2,2056.8074470396523,81.995561747224215]
[16514,"T","PD   ","NY","12-1999",3856504.04,1834,46475.818333333329,3.9461381547845079E-2,2102.7830098146128,82.978722662620513]
[16515,"T","PD   ","NY","3-2000",4115634.76,1895,46644.409166666672,4.0626519530538231E-2,2171.8389234828496,88.234256442059106]
[16516,"T","PD   ","NY","6-2000",4162053.49,1903,46797.407500000001,4.0664645792611483E-2,2187.1011508145034,88.937693610484729]
[{"$f":"INDEX(State,MATCH(D5058,StateAbbr),1)*1000+INDEX(Coverage,MATCH(C5058,CoverageAbbr),1)*100+VLOOKUP(E5058,Date,2,FALSE)","v":16517},"T","PD   ","NY","9-2000",4048959.35,1861,46916.068333333329,3.9666580472553808E-2,2175.6901397098336,86.302188010141947]
[16518,"T","PD   ","NY","12-2000",4098117.61,1859,46873.418333333335,{"$f":"G5059/H5059","v":3.9660004883364776E-2},{"$f":"F5059/G5059","v":2204.4742388380851},{"$f":"F5059/H5059","v":87.429459077570286}]
[16519,"T","PD   ","NY","3-2001",4074560.82,1852,46918.313333333332,3.9472859709222284E-2,2200.0868358531316,86.843719019737421]
[16520,"T","PD   ","NY","6-2001",4184780.45,1868,46978.734166666669,3.9762672050142688E-2,2240.2464935760172,89.078186635545251]
[16521,"T","PD   ","NY","9-2001",4260127.58,1893,47174.730833333335,4.0127414964759467E-2,2250.4635921817221,90.305286426559192]
[16522,"T","PD   ","NY","12-2001",4355282.78,1902,47447.115833333337,4.0086735865697769E-2,2289.8437329127237,91.792360894995738]
[16523,"T","PD   ","NY","3-2002",4315197.8499999996,1899,47844.292500000003,3.9691254709221586E-2,2272.3527382833067,90.192531324399866]
[16524,"T","PD   ","NY","6-2002",4481450.74,1929,48298.075833333336,3.9939479300512504E-2,2323.1989320891653,92.787355659147977]
[16525,"T","PD   ","NY","9-2002",4608438.67,1944,48496.325833333336,4.0085510945322297E-2,2370.5960236625515,95.026552853462718]
[16526,"T","PD   ","NY","12-2002",4835046.21,2007,48326.005000000005,4.1530434804201169E-2,2409.0912855007473,100.05060856985797]
[16527,"T","PD   ","NY","3-2003",4925251.68,1974,47775.729166666664,4.1318050701301873E-2,2495.0616413373859,103.09108339965158]
[16528,"T","PD   ","NY","6-2003",4834636.92,1922,46646.619999999995,4.1203414095169172E-2,2515.4198335067636,103.64388502318069]
[16529,"T","PD   ","NY","9-2003",4486332.3499999996,1763,45075.558333333327,3.9112105655189709E-2,2544.7148893930798,99.529157616276521]
[16530,"T","PD   ","NY","12-2003",4314728.41,1709,43456.476666666662,3.9326704120743648E-2,2524.7094265652431,99.288500609383675]
[16531,"T","PD   ","NY","3-2004",4275003.71,1682,41840.997499999998,4.0199806421919081E-2,2541.6193281807373,102.17260499107365]
[16532,"T","PD   ","NY","6-2004",4017777.18,1589,40481.431666666664,3.9252564313539802E-2,2528.4941346758969,99.249878637773818]
[16533,"T","PD   ","NY","9-2004",4032594,1619,39329.120000000003,4.1165426533825315E-2,2490.7930821494751,102.53455963418453]
[16534,"T","PD   ","NY","12-2004",3710523.45,1482,38129.076666666668,3.8867975035325186E-2,2503.7270242914983,97.314799475430959]
[16535,"T","PD   ","NY","3-2005",3598592.12,1442,36793.8825,3.9191297629436087E-2,2495.5562552011097,97.80408794858765]
[16536,"T","PD   ","NY","6-2005",3631228.9,1430,35338.380833333336,4.0465917404204778E-2,2539.320909090909,102.75595017004291]
[16537,"T","PD   ","NY","9-2005",3487905.37,1327,34085.974999999999,3.893096794209349E-2,2628.4139939713641,102.32670093784908]
[16538,"T","PD   ","NY","12-2005",3700770.59,1360,33881.26,4.0140183688564118E-2,2721.1548455882353,109.22765534693809]
[16539,"T","PD   ","NY","3-2006",3714390,1326,34896.505833333336,3.7998073684884448E-2,2801.1990950226245,106.4401696187013]
[16540,"T","PD   ","NY","6-2006",3691810.65,1339,37360.894999999997,3.5839612514635959E-2,2757.1401418969381,98.814834334134673]
[16541,"T","PD   ","NY","9-2006",4183007.75,1502,40918.540833333333,3.6707076288908888E-2,2784.9585552596536,102.22768614936558]
[16542,"T","PD   ","NY","12-2006",4666117.84,1720,44396.166666666664,3.8742083588297789E-2,2712.8592093023253,105.10181825007415]
[16543,"T","PD   ","NY","3-2007",5146693.05,1960,47367.08833333334,4.13789419819732E-2,2625.8638010204081,108.65546587498709]
[16544,"T","PD   ","NY","6-2007",5727778.2699999996,2153,49278.577500000007,4.3690384528652426E-2,2660.3707710171852,116.23262197452836]
[16545,"T","PD   ","NY","9-2007",6097766.3399999999,2284,50159.366666666669,4.5534865206299117E-2,2669.7751050788092,121.56784954089665]
[16546,"T","PD   ","NY","12-2007",6553928.0499999998,2388,50208.519166666665,4.7561649688831857E-2,2744.5259840871022,130.53418341704727]
[16547,"T","PD   ","NY","3-2008",6753007.6699999999,2378,49538.780833333331,4.800279619315756E-2,2839.7845542472664,136.31759919000834]
[16548,"T","PD   ","NY","6-2008",7021150.2199999997,2440,48612.27,5.0193089111041311E-2,2877.5205819672128,144.43164698953578]
[17501,"T","PD   ","OH","9-1996",17847.189999999999,15,488.9375,3.0678767736162599E-2,1189.8126666666665,36.501986450210914]
[17502,"T","PD   ","OH","12-1996",40362.04,31,651.91666666666663,4.7552089991052031E-2,1302.0012903225806,61.912882525885216]
[17503,"T","PD   ","OH","3-1997",65479.51,44,1132.3616666666667,3.8856843440773489E-2,1488.1706818181819,57.825615196558225]
[17504,"T","PD   ","OH","6-1997",79672.98,57,1615.86,3.5275333259069473E-2,1397.7715789473684,49.306858267424161]
[17505,"T","PD   ","OH","9-1997",145842.79,80,2101.0625,3.807597346580599E-2,1823.0348750000001,69.413827527738945]
[17506,"T","PD   ","OH","12-1997",226153.34,110,2587.8274999999999,4.2506697219965396E-2,2055.9394545454547,87.391195896944453]
[17507,"T","PD   ","OH","3-1998",282659.39,147,3396.8958333333335,4.3274803589061092E-2,1922.8529931972789,83.211085611250468]
[17508,"T","PD   ","OH","6-1998",395011.53,184,4202.3708333333334,4.3784807980415813E-2,2146.8017934782611,93.997304299457952]
[17509,"T","PD   ","OH","9-1998",458869.99,217,5004.9574999999995,4.3357011523074876E-2,2114.608248847926,91.683094212088719]
[17510,"T","PD   ","OH","12-1998",510604.03,240,5805.8116666666674,4.1337889304596226E-2,2127.5167916666669,87.947053627586371]
[17511,"T","PD   ","OH","3-1999",589417.99,275,6583.0050000000001,4.1774235322622422E-2,2143.3381454545456,89.536312064171298]
[17512,"T","PD   ","OH","6-1999",620432.16,316,7360.5391666666665,4.2931637594030424E-2,1963.3929113924053,84.291672926587026]
[17513,"T","PD   ","OH","9-1999",675783.3,336,8141.3499999999995,4.127079661235545E-2,2011.2598214285715,83.006295024780911]
[17514,"T","PD   ","OH","12-1999",730111.68,373,8926.5249999999996,4.1785577254306691E-2,1957.4039678284184,81.79125471558082]
[17515,"T","PD   ","OH","3-2000",841891.71,409,9206.0025000000005,4.4427535186960895E-2,2058.4149388753053,91.450302126248602]
[17516,"T","PD   ","OH","6-2000",938163.06,419,9594.2683333333334,4.3671907585101588E-2,2239.0526491646779,97.78370037249671]
[17517,"T","PD   ","OH","9-2000",1012435.53,445,10014.6425,4.4434936144750053E-2,2275.1360224719101,101.09552387915994]
[17518,"T","PD   ","OH","12-2000",1110205.6100000001,452,10409.991666666667,4.3419823422849363E-2,2456.2071017699118,106.64807864879816]
[17519,"T","PD   ","OH","3-2001",1104498.01,440,10466.478333333334,4.2038972994259287E-2,2510.2227499999999,105.52718639682529]
[17520,"T","PD   ","OH","6-2001",1033928.25,419,10559.901666666667,3.9678399783078785E-2,2467.6091885441529,97.910783891453534]
[17521,"T","PD   ","OH","9-2001",944364.42,403,10649.383333333333,3.7842566783992185E-2,2343.3360297766749,88.677850204158929]
[17522,"T","PD   ","OH","12-2001",863405.53,387,10752.17,3.599273448987507E-2,2231.0220413436691,80.300583975141762]
[17523,"T","PD   ","OH","3-2002",821711.34,377,10753.024166666666,3.5059904465635214E-2,2179.6056763925731,76.416766787079823]
[17524,"T","PD   ","OH","6-2002",867969.56,389,10536.161666666667,3.6920466134330705E-2,2231.2842159383035,82.380053330616761]
[17525,"T","PD   ","OH","9-2002",928552.74,383,10210.848333333333,3.7509126323000588E-2,2424.419686684073,90.937864287802398]
[17526,"T","PD   ","OH","12-2002",920516.82,381,9679.9433333333345,3.9359734543900564E-2,2416.0546456692914,95.095269497101029]
[17527,"T","PD   ","OH","3-2003",854794.02,354,9100.3091666666678,3.8899777306100676E-2,2414.6723728813558,93.930217572278437]
[17528,"T","PD   ","OH","6-2003",875068.7,334,8464.5166666666664,3.9458838957136755E-2,2619.9661676646706,103.38082308302698]
[17529,"T","PD   ","OH","9-2003",791447.26,315,7858.7849999999999,4.0082531841754164E-2,2512.5309841269841,100.70860317466376]
[17530,"T","PD   ","OH","12-2003",695183.28,276,7374.8008333333337,3.7424739492964834E-2,2518.7800000000002,94.264685340089969]
[17531,"T","PD   ","OH","3-2004",668592.74,266,6971.5124999999998,3.8155278356023892E-2,2513.5065413533835,95.903541735025215]
[17532,"T","PD   ","OH","6-2004",528712.32999999996,240,6560.355833333334,3.6583381465461667E-2,2202.9680416666665,80.592020224512709]
[{"$f":"INDEX(State,MATCH(D5122,StateAbbr),1)*1000+INDEX(Coverage,MATCH(C5122,CoverageAbbr),1)*100+VLOOKUP(E5122,Date,2,FALSE)","v":17533},"T","PD   ","OH","9-2004",533228.12,225,6071.4283333333333,3.7058824982699017E-2,2369.9027555555554,87.825811444149466]
[17534,"T","PD   ","OH","12-2004",522197.16,214,5570.3833333333341,{"$f":"G5123/H5123","v":3.8417463789146761E-2},{"$f":"F5123/G5123","v":2440.1736448598131},{"$f":"F5123/H5123","v":93.745282640632141}]
[17535,"T","PD   ","OH","3-2005",503325.3,201,5076.0425000000005,3.9597777205372095E-2,2504.1059701492536,99.157030304612292]
[17536,"T","PD   ","OH","6-2005",460345.74,181,4582.0550000000003,3.9501926537328771E-2,2543.3466298342541,100.46709173067542]
[17537,"T","PD   ","OH","9-2005",350537.79,154,4121.4933333333329,3.7365097440409951E-2,2276.2194155844154,85.051160259064673]
[17538,"T","PD   ","OH","12-2005",327081.59999999998,141,3701.7591666666667,3.8089998201305639E-2,2319.7276595744679,88.358422380710422]
[17539,"T","PD   ","OH","3-2006",260031.92,113,3345.7824999999998,3.3773863064918301E-2,2301.1674336283186,77.719313792812301]
[17540,"T","PD   ","OH","6-2006",252446.56,110,3058.2441666666668,3.5968351120863738E-2,2294.9687272727274,82.546240993947237]
[17541,"T","PD   ","OH","9-2006",254107.13,108,2801.2024999999999,3.8554870631452028E-2,2352.8437962962962,90.713588182218174]
[17542,"T","PD   ","OH","12-2006",229271.8,97,2599.2424999999998,3.7318564928051155E-2,2363.6268041237113,88.207160355372764]
[17543,"T","PD   ","OH","3-2007",216111.64,94,2458.5391666666669,3.8234086840864503E-2,2299.06,87.902459692357965]
[17544,"T","PD   ","OH","6-2007",198747.41,95,2448.4583333333335,3.8799925122951516E-2,2092.078,81.172469751374166]
[17545,"T","PD   ","OH","9-2007",211748.56,101,2581.6183333333333,3.912274664922713E-2,2096.5203960396038,82.021636299194753]
[17546,"T","PD   ","OH","12-2007",221277.98,116,2841.9766666666669,4.0816661642776794E-2,1907.5687931034483,77.860589988423541]
[17547,"T","PD   ","OH","3-2008",297353.21000000002,135,3300.0083333333332,4.0908987603566656E-2,2202.6163703703705,90.106805790894484]
[17548,"T","PD   ","OH","6-2008",323688.65999999997,150,3944.5783333333334,3.8026878242583599E-2,2157.9243999999999,82.059128415500254]
[18501,"T","PD   ","OK","9-1996",410804.65,193,6177.9083333333328,3.1240346989069929E-2,2128.5215025906737,66.495750314629149]
[18502,"T","PD   ","OK","12-1996",538904.47,273,8311.3066666666655,3.2846820716517906E-2,1974.0090476190476,64.839921279927111]
[18503,"T","PD   ","OK","3-1997",629274.85,307,8465.6049999999996,3.6264389845734595E-2,2049.7552117263845,74.333122086371858]
[18504,"T","PD   ","OK","6-1997",656755.51,326,8618.1224999999995,3.7827264581119617E-2,2014.58745398773,76.206332643798007]
[18505,"T","PD   ","OK","9-1997",613879.15,319,8827.0149999999994,3.6139057201103657E-2,1924.3860501567399,69.545497543620357]
[18506,"T","PD   ","OK","12-1997",737832.08,333,9041.5825000000004,3.6829835927504946E-2,2215.711951951952,81.60430765300211]
[18507,"T","PD   ","OK","3-1998",788257.2,338,9230.8541666666661,3.6616329745576999E-2,2332.121893491124,85.393744258950392]
[18508,"T","PD   ","OK","6-1998",770768.71,326,9348.0791666666664,3.4873474452639337E-2,2364.3211963190183,82.452094837664959]
[18509,"T","PD   ","OK","9-1998",786960.35,338,9344.0141666666659,3.61728903628767E-2,2328.2850591715974,84.220800178938092]
[18510,"T","PD   ","OK","12-1998",683432.99,313,9230.2016666666659,3.3910418353084018E-2,2183.4919808306709,74.04312654057216]
[18511,"T","PD   ","OK","3-1999",646670.15,313,9040.2325000000001,3.4623003335367754E-2,2066.038817891374,71.532468882852299]
[18512,"T","PD   ","OK","6-1999",653202.15,331,8767.4791666666661,3.7753155007021692E-2,1973.4203927492447,74.502845981479865]
[18513,"T","PD   ","OK","9-1999",659405.78,303,8435.4850000000006,3.5919689265051145E-2,2176.256699669967,78.170464413130958]
[18514,"T","PD   ","OK","12-1999",647247.78,307,8007.7633333333333,3.8337796363445642E-2,2108.2989576547234,80.827536111831478]
[18515,"T","PD   ","OK","3-2000",570500.04,271,7502.9425000000001,3.6119162581880374E-2,2105.1661992619929,76.036840213023098]
[18516,"T","PD   ","OK","6-2000",567068.68000000005,258,6999.1624999999995,3.6861553078671914E-2,2197.9406201550391,81.019504833614036]
[18517,"T","PD   ","OK","9-2000",515990.8,257,6550.4633333333331,3.923386589956232E-2,2007.7463035019455,78.771649231937289]
[18518,"T","PD   ","OK","12-2000",484535.27,229,6220.668333333334,3.6812764759199236E-2,2115.8745414847162,77.891191755655399]
[18519,"T","PD   ","OK","3-2001",475702.37,229,5996.6841666666669,3.8187770713843106E-2,2077.302925764192,79.327567832278419]
[18520,"T","PD   ","OK","6-2001",472930.85,208,5853.0058333333336,3.5537295865215694E-2,2273.7060096153846,80.801363174220867]
[18521,"T","PD   ","OK","9-2001",469668.18,201,5778.9366666666674,3.4781485175185048E-2,2336.6576119402985,81.272422089184786]
[18522,"T","PD   ","OK","12-2001",459866.54,203,5750.333333333333,3.5302301315865751E-2,2265.3524137931036,79.972153498347922]
[18523,"T","PD   ","OK","3-2002",494037.63,207,5780.1525000000001,3.5812203916765172E-2,2386.6552173913042,85.471383324228896]
[18524,"T","PD   ","OK","6-2002",492526.81,201,5822.9225000000006,3.4518748961539496E-2,2450.3821393034827,84.58412592645702]
[18525,"T","PD   ","OK","9-2002",519153.31,202,5853.9199999999992,3.4506792029955997E-2,2570.0658910891088,88.68472920709543]
[18526,"T","PD   ","OK","12-2002",564706.32999999996,214,5890.2649999999994,3.6331132809814162E-2,2638.8146261682241,95.871124643797856]
[18527,"T","PD   ","OK","3-2003",573834.57999999996,214,5902.9916666666659,3.6252804016042715E-2,2681.47,97.210806384898063]
[18528,"T","PD   ","OK","6-2003",566898.28,221,5907.07,3.7412795175950177E-2,2565.1505882352944,95.969453553115173]
[18529,"T","PD   ","OK","9-2003",576723.66,224,5915.5183333333334,3.7866504231384629E-2,2574.6591964285717,97.493343355935849]
[18530,"T","PD   ","OK","12-2003",571986.22,219,5922.3983333333335,3.6978262466303771E-2,2611.809223744292,96.580166987529537]
[18531,"T","PD   ","OK","3-2004",515550.5,201,5932.16,3.3883104973567807E-2,2564.9278606965172,86.907719953608805]
[18532,"T","PD   ","OK","6-2004",491312.44,201,5962.98,3.3707978225652274E-2,2444.3404975124377,82.39377626622931]
[18533,"T","PD   ","OK","9-2004",450400.57,191,5972.04,3.1982371183046331E-2,2358.1181675392672,75.418210527725876]
[18534,"T","PD   ","OK","12-2004",488458.92,191,5943.6699999999992,3.2135027684915218E-2,2557.3765445026179,82.181366058344437]
[18535,"T","PD   ","OK","3-2005",534571.24,209,5911.1541666666672,3.5356885323438662E-2,2557.7571291866029,90.43432550185841]
[18536,"T","PD   ","OK","6-2005",567883.89,212,5879.4083333333328,3.6058050058891983E-2,2678.6975943396228,96.58861194933165]
[18537,"T","PD   ","OK","9-2005",569052.99,211,5917.7966666666662,3.5655162197191635E-2,2696.9336018957347,96.159605010648676]
[18538,"T","PD   ","OK","12-2005",501422.89,199,6013.3191666666671,3.3093204349289626E-2,2519.7130150753769,83.385377709454133]
[18539,"T","PD   ","OK","3-2006",523880.15,197,6119.5741666666663,3.2191782407517737E-2,2659.2901015228426,85.607288306689099]
[18540,"T","PD   ","OK","6-2006",482499.91,191,6229.4158333333335,3.0660980918622786E-2,2526.1775392670156,77.455081328519427]
[18541,"T","PD   ","OK","9-2006",470610.49,201,6351.62,3.1645469974589162E-2,2341.3457213930346,74.092985726476087]
[18542,"T","PD   ","OK","12-2006",571488.18000000005,238,6547.8450000000003,3.6347836578294081E-2,2401.2108403361349,87.278819214566013]
[18543,"T","PD   ","OK","3-2007",586760.43999999994,251,6871.0141666666668,3.6530269609641564E-2,2337.690996015936,85.396482348493663]
[18544,"T","PD   ","OK","6-2007",633979.18000000005,262,7321.9491666666663,3.5782821491408427E-2,2419.76786259542,86.586121477898828]
[18545,"T","PD   ","OK","9-2007",760137.91,276,7918.854166666667,3.4853527314820901E-2,2754.1228623188408,95.990896410202438]
[18546,"T","PD   ","OK","12-2007",757073.11,266,8767.1658333333344,3.0340477761770023E-2,2846.1395112781956,86.353232548831102]
[18547,"T","PD   ","OK","3-2008",853443.79,295,9829.0774999999994,3.0012989520125363E-2,2893.0297966101698,86.828472967071434]
[18548,"T","PD   ","OK","6-2008",990072.48,347,11171.146666666667,3.1062164910555287E-2,2853.2348126801153,88.62765028000706]
[{"$f":"INDEX(State,MATCH(D5186,StateAbbr),1)*1000+INDEX(Coverage,MATCH(C5186,CoverageAbbr),1)*100+VLOOKUP(E5186,Date,2,FALSE)","v":19501},"T","PD   ","RI","9-1996",80320.88,53,1335.5,3.9685511044552604E-2,1515.4883018867924,60.142927742418571]
[19502,"T","PD   ","RI","12-1996",135480.13,89,1896.0525,{"$f":"G5187/H5187","v":4.6939628517670265E-2},{"$f":"F5187/G5187","v":1522.2486516853933},{"$f":"F5187/H5187","v":71.453786221636804}]
[19503,"T","PD   ","RI","3-1997",193799.94,110,2111.2224999999999,5.2102514064718428E-2,1761.8176363636364,91.795128178105344]
[19504,"T","PD   ","RI","6-1997",251058.85,125,2303.3933333333334,5.4267761476546196E-2,2008.4708000000001,108.99521430700791]
[19505,"T","PD   ","RI","9-1997",297176.76,145,2451.5408333333335,5.9146475566896867E-2,2049.4948965517242,121.22039982337638]
[19506,"T","PD   ","RI","12-1997",318242.75,148,2524.0308333333332,5.8636367688323934E-2,2150.2888513513512,126.08512772394157]
[19507,"T","PD   ","RI","3-1998",323602.56,153,2510.4033333333332,6.0946381789911581E-2,2115.0494117647058,128.90460895393969]
[19508,"T","PD   ","RI","6-1998",305508.62,148,2398.1458333333335,6.1714345284117067E-2,2064.2474324324326,127.39367879698725]
[19509,"T","PD   ","RI","9-1998",262037.35,138,2215.4425000000001,6.2290039123109715E-2,1898.8213768115943,118.27765784939126]
[19510,"T","PD   ","RI","12-1998",222064.81,121,2042.0141666666666,5.9255220642037663E-2,1835.2463636363636,108.74792820977001]
[19511,"T","PD   ","RI","3-1999",195529.28,111,1928.0733333333335,5.7570424361452363E-2,1761.5250450450451,101.41174436656972]
[19512,"T","PD   ","RI","6-1999",216877.69,109,1870.6358333333335,5.8268957569240047E-2,1989.7035779816515,115.93795336077794]
[19513,"T","PD   ","RI","9-1999",246586.34,119,1885.4133333333332,6.3116133685982206E-2,2072.1541176470587,130.78635630737028]
[19514,"T","PD   ","RI","12-1999",290670.71000000002,127,1889.4775,6.7214348940381669E-2,2288.7457480314961,153.83655534400384]
[19515,"T","PD   ","RI","3-2000",328955.08,141,1888.4958333333334,7.4662595231213547E-2,2333.0147517730497,174.18893608008136]
[19516,"T","PD   ","RI","6-2000",344638.74,146,1897.3824999999999,7.694811141137857E-2,2360.5393150684931,181.63904220682969]
[19517,"T","PD   ","RI","9-2000",362033,149,1960.4341666666667,7.6003572337930245E-2,2429.7516778523491,184.6698074108584]
[19518,"T","PD   ","RI","12-2000",421591.88,165,2074.2874999999999,7.9545386066299878E-2,2555.1023030303031,203.2465991334374]
[19519,"T","PD   ","RI","3-2001",414085.25,165,2192.0641666666666,7.5271519195948114E-2,2509.6075757575759,188.90197481293319]
[19520,"T","PD   ","RI","6-2001",413414.61,176,2344.4883333333332,7.506968471443308E-2,2348.9466477272726,176.33468425591084]
[19521,"T","PD   ","RI","9-2001",421404.56,174,2491.6849999999999,6.9832262103757092E-2,2421.8652873563219,169.12433152665767]
[19522,"T","PD   ","RI","12-2001",409491.1,186,2656.0441666666666,7.0028955969293941E-2,2201.5650537634406,154.17330221353623]
[19523,"T","PD   ","RI","3-2002",432451.52,189,2861.1650000000004,6.6057008246640778E-2,2288.1032804232805,151.14525726408647]
[19524,"T","PD   ","RI","6-2002",503048.05,203,3096.7474999999999,6.5552648383505593E-2,2478.0692118226602,162.44399971260168]
[19525,"T","PD   ","RI","9-2002",541513.44999999995,222,3355.2808333333337,6.6164357330248308E-2,2439.2497747747748,161.39139371592589]
[19526,"T","PD   ","RI","12-2002",557405.43000000005,224,3643.4300000000003,6.1480527964033888E-2,2488.4170982142859,152.98919699294348]
[19527,"T","PD   ","RI","3-2003",629827.81999999995,249,3896.6541666666667,6.3900974874812472E-2,2529.4289959839357,161.6329787199916]
[19528,"T","PD   ","RI","6-2003",619035.35,252,4093.959166666667,6.1554106853777033E-2,2456.4894841269838,151.207016191132]
[19529,"T","PD   ","RI","9-2003",639087.24,263,4236.9324999999999,6.2073209804498895E-2,2429.9895057034219,150.83724841025906]
[19530,"T","PD   ","RI","12-2003",637134.88,262,4318.8841666666667,6.0663817293857343E-2,2431.8125190839696,147.52303035062491]
[19531,"T","PD   ","RI","3-2004",667259.56000000006,264,4394.4741666666669,6.0075447024473344E-2,2527.4983333333334,151.84059222861134]
[19532,"T","PD   ","RI","6-2004",633279.54,262,4471.4825000000001,5.859354252197118E-2,2417.0974809160307,141.62630402780286]
[19533,"T","PD   ","RI","9-2004",625585.35,260,4522.1216666666669,5.749513594835462E-2,2406.0974999999999,138.33890286749619]
[19534,"T","PD   ","RI","12-2004",604433.01,252,4498.1558333333332,5.6022959038583779E-2,2398.5436904761905,134.3735149238012]
[19535,"T","PD   ","RI","3-2005",504433.8,229,4367.7216666666673,5.2430080823984121E-2,2202.7676855895197,115.49128779191896]
[19536,"T","PD   ","RI","6-2005",501213.99,226,4144.0974999999999,5.4535396428293498E-2,2217.7610176991152,120.94647628343687]
[19537,"T","PD   ","RI","9-2005",458711.52,191,3848.7841666666668,4.9626061563597682E-2,2401.6309947643981,119.18348759922235]
[19538,"T","PD   ","RI","12-2005",465861.86,187,3484.5533333333333,5.3665414792522431E-2,2491.2398930481281,133.69342220810702]
[19539,"T","PD   ","RI","3-2006",477313.99,178,3131.2108333333331,5.6847018445739715E-2,2681.5392696629215,152.43751232550349]
[19540,"T","PD   ","RI","6-2006",483731.26,168,2801.5016666666666,5.9967838676995254E-2,2879.3527380952382,172.66856049225981]
[19541,"T","PD   ","RI","9-2006",463333.51,174,2498.5875000000001,6.9639346230620292E-2,2662.8362643678161,185.43817656976191]
[19542,"T","PD   ","RI","12-2006",442101.13,170,2268.4124999999999,7.4942277914620908E-2,2600.5948823529411,194.89450441663499]
[19543,"T","PD   ","RI","3-2007",444666.86,154,2023.7858333333334,7.6095008406274867E-2,2887.4471428571428,219.72031460838863]
[19544,"T","PD   ","RI","6-2007",357263.17,130,1773.6824999999999,7.3293839229963659E-2,2748.1782307692306,201.42453342128596]
[19545,"T","PD   ","RI","9-2007",336178.11,115,1514.53,7.5931146956481552E-2,2923.2879130434781,221.96860412141061]
[19546,"T","PD   ","RI","12-2007",270107.33,87,1234.7950000000001,7.045703942759729E-2,3104.6819540229885,218.7466988447475]
[19547,"T","PD   ","RI","3-2008",223687.86,77,1019.2666666666668,7.5544509124206932E-2,2905.0371428571425,219.45960494473147]
[19548,"T","PD   ","RI","6-2008",211029.25,64,852.11749999999995,7.510701282393567E-2,3297.33203125,247.65275915586761]
[20501,"T","PD   ","TN","9-1996",40260.79,18,619.13499999999999,2.9072819336655172E-2,2236.7105555555554,65.027481890056293]
[20502,"T","PD   ","TN","12-1996",51008.72,25,845.26333333333332,2.9576581656998412E-2,2040.3488,60.34654289195872]
[20503,"T","PD   ","TN","3-1997",71088.31,25,913.32,2.7372662374633205E-2,2843.5324000000001,77.835052336530453]
[20504,"T","PD   ","TN","6-1997",72783.929999999993,30,946.92333333333329,3.1681551128743261E-2,2426.1309999999999,76.863593321529024]
[20505,"T","PD   ","TN","9-1997",66972.789999999994,31,1006.7175000000001,3.0793147034793772E-2,2160.4125806451611,66.5259022516247]
[20506,"T","PD   ","TN","12-1997",65326.86,34,1064.4516666666666,3.1941328164266113E-2,1921.3782352941178,61.371372741207921]
[20507,"T","PD   ","TN","3-1998",48505.99,39,1128.6708333333333,3.4553918510342181E-2,1243.7433333333333,42.976205787781346]
[20508,"T","PD   ","TN","6-1998",43911.27,36,1172.98,3.0691060376135997E-2,1219.7574999999999,37.435651076744698]
[20509,"T","PD   ","TN","9-1998",45366.55,39,1209.8416666666667,3.2235623118727658E-2,1163.2448717948719,37.497923281972163]
[20510,"T","PD   ","TN","12-1998",50678.09,38,1239.3441666666665,3.0661378027222734E-2,1333.6339473684209,40.89105461020042]
[20511,"T","PD   ","TN","3-1999",62268.74,37,1251.7075,2.9559621556953204E-2,1682.9389189189189,49.747037546711191]
[20512,"T","PD   ","TN","6-1999",89552.66,44,1259.0166666666667,3.4947909082485011E-2,2035.2877272727274,71.129050449424824]
[20513,"T","PD   ","TN","9-1999",102951.7,46,1246.6983333333333,3.6897458487017046E-2,2238.0804347826088,82.57947993299635]
[20514,"T","PD   ","TN","12-1999",111892.44,46,1227.7925,3.7465614100102421E-2,2432.4443478260869,91.133021255627483]
[20515,"T","PD   ","TN","3-2000",100779.68,44,1206.3541666666667,3.6473534237112512E-2,2290.4472727272728,83.540707020119143]
[20516,"T","PD   ","TN","6-2000",103396.69,47,1193.6716666666666,3.937431147314379E-2,2199.9295744680853,86.620712284087062]
[{"$f":"INDEX(State,MATCH(D5250,StateAbbr),1)*1000+INDEX(Coverage,MATCH(C5250,CoverageAbbr),1)*100+VLOOKUP(E5250,Date,2,FALSE)","v":20517},"T","PD   ","TN","9-2000",96873.49,42,1219.6883333333333,3.4435026434348669E-2,2306.5116666666668,79.424790212800275]
[20518,"T","PD   ","TN","12-2000",108536.12,47,1294.8958333333333,{"$f":"G5251/H5251","v":3.6296355884482344E-2},{"$f":"F5251/G5251","v":2309.2791489361703},{"$f":"F5251/H5251","v":83.818417826401742}]
[20519,"T","PD   ","TN","3-2001",119050.8,54,1450.2716666666665,3.7234403209513621E-2,2204.6444444444446,82.088620178058605]
[20520,"T","PD   ","TN","6-2001",116762.76,53,1742.0891666666666,3.0423241826025935E-2,2203.0709433962265,67.024560070834482]
[20521,"T","PD   ","TN","9-2001",150517.32999999999,69,2124.3341666666665,3.2480765541830561E-2,2181.4105797101447,70.853885590033897]
[20522,"T","PD   ","TN","12-2001",206557.99,83,2631.3066666666668,3.1543263676348375E-2,2488.6504819277106,78.500158349717239]
[20523,"T","PD   ","TN","3-2002",294454.18,102,3180.4283333333333,3.2071151841706856E-2,2886.8056862745098,92.583183502012574]
[20524,"T","PD   ","TN","6-2002",363612.13,126,3700.8541666666665,3.4046194290732433E-2,2885.8105555555558,98.250866860690948]
[20525,"T","PD   ","TN","9-2002",461144.71,150,4185.6075000000001,3.5837091748330441E-2,3074.2980666666667,110.17390187684822]
[20526,"T","PD   ","TN","12-2002",542712.73,165,4633.5708333333332,3.5609685474755341E-2,3289.1680606060604,117.12624011179282]
[20527,"T","PD   ","TN","3-2003",541491.28,171,5009.085,3.4137971306136751E-2,3166.6156725146202,108.10183496586703]
[20528,"T","PD   ","TN","6-2003",595944.24,181,5367.4658333333327,3.3721686475569869E-2,3292.5096132596686,111.02897689614234]
[20529,"T","PD   ","TN","9-2003",581788.68999999994,185,5728.2449999999999,3.2296104653344961E-2,3144.8037297297296,101.5649103695809]
[20530,"T","PD   ","TN","12-2003",529940.68999999994,183,6034.625,3.0324999482155064E-2,2895.8507650273223,87.816672949851892]
[20531,"T","PD   ","TN","3-2004",545603.29,199,6318.479166666667,3.1494920652715086E-2,2741.7250753768844,86.350413700554256]
[20532,"T","PD   ","TN","6-2004",510206.08,201,6390.1533333333327,3.1454644280836247E-2,2538.3387064676617,79.842541076218311]
[20533,"T","PD   ","TN","9-2004",467730.64,183,6143.5466666666662,2.9787354101648126E-2,2555.905136612022,76.133651354483632]
[20534,"T","PD   ","TN","12-2004",436897.33,172,5572.6158333333333,3.0865217546696726E-2,2540.1007558139536,78.400762418726458]
[20535,"T","PD   ","TN","3-2005",386418.14,152,4785.6233333333339,3.1761797662025214E-2,2542.2246052631581,80.745623523790343]
[20536,"T","PD   ","TN","6-2005",304658.78000000003,120,4046.9974999999999,2.9651612090197732E-2,2538.823166666667,75.280199703607437]
[20537,"T","PD   ","TN","9-2005",295189.06,121,4024.4974999999999,3.0065865365800328E-2,2439.5790082644626,73.348054011712023]
[20538,"T","PD   ","TN","12-2005",319441.37,139,4838.5349999999999,2.8727703736771564E-2,2298.1393525179856,66.020266464952712]
[20539,"T","PD   ","TN","3-2006",509349.15,205,6744.2858333333324,3.0396101984111738E-2,2484.63,75.523066872783559]
[20540,"T","PD   ","TN","6-2006",833321.06,354,9884.5041666666675,3.581363253341404E-2,2354.0142937853111,84.305802896031281]
[20541,"T","PD   ","TN","9-2006",1315292.19,532,13793.843333333332,3.856793115189313E-2,2472.3537406015034,95.353568850644237]
[20542,"T","PD   ","TN","12-2006",1866253.43,760,18080.945833333335,4.2033199314102987E-2,2455.5966184210524,103.2165820971294]
[20543,"T","PD   ","TN","3-2007",2273196.48,949,22390.264166666664,4.2384493230446851E-2,2395.3598314014753,101.52611255852014]
[20544,"T","PD   ","TN","6-2007",2696565.04,1123,26096.566666666666,4.3032480645602167E-2,2401.2155298308103,103.33026081336371]
[20545,"T","PD   ","TN","9-2007",2975403.95,1253,28515.073333333334,4.3941672018611912E-2,2374.6240622505989,104.34495171091967]
[20546,"T","PD   ","TN","12-2007",3202935.61,1328,29786.615833333333,4.4583782442108574E-2,2411.8491039156625,107.52935573217042]
[20547,"T","PD   ","TN","3-2008",3469771.5,1406,30064.038333333334,4.6766837655375967E-2,2467.8317923186346,115.41268879214108]
[20548,"T","PD   ","TN","6-2008",3652298.73,1397,29749.922500000001,4.695810552111522E-2,2614.3870651395846,122.76666367786336]
[21501,"T","PD   ","TX","9-1996",753342.87,384,8744.4683333333323,4.3913475966997045E-2,1961.8303906250001,86.150791710035364]
[21502,"T","PD   ","TX","12-1996",1066945.53,544,11548.984166666667,4.7103709915035097E-2,1961.2969301470589,92.384361654895912]
[21503,"T","PD   ","TX","3-1997",1222655.5900000001,604,11377.611666666666,5.3086712545266167E-2,2024.2642218543049,107.46153286124638]
[21504,"T","PD   ","TX","6-1997",1207223.5,605,11068.126666666665,5.4661463337065778E-2,1995.4107438016529,109.07207121470121]
[21505,"T","PD   ","TX","9-1997",1169805.44,579,10649.855,5.4366937390227382E-2,2020.3893609671848,109.84238189158444]
[21506,"T","PD   ","TX","12-1997",1082259.3,526,9940.8083333333325,5.291320206187123E-2,2057.5271863117873,108.87035175710896]
[21507,"T","PD   ","TX","3-1998",990500.85,489,9036.8058333333338,5.4112040141026968E-2,2025.5641104294477,109.60740645178186]
[21508,"T","PD   ","TX","6-1998",887859.21,424,7749.5258333333331,5.4713024915180299E-2,2094.0075707547171,114.56948839127899]
[21509,"T","PD   ","TX","9-1998",769640.73,357,6307.72,5.6597312499603661E-2,2155.8563865546216,122.01567761409827]
[21510,"T","PD   ","TX","12-1998",659203,292,4954.0124999999998,5.8942120150080365E-2,2257.544520547945,133.06446037429257]
[21511,"T","PD   ","TX","3-1999",493600.7,207,3602.5808333333334,5.7458807887030984E-2,2384.5444444444447,137.01308113142036]
[21512,"T","PD   ","TX","6-1999",369642.13,153,2595.6008333333334,5.8945889535531433E-2,2415.9616339869281,142.41100759907548]
[21513,"T","PD   ","TX","9-1999",270861.96999999997,116,1889.4350000000002,6.1394014612833989E-2,2335.0169827586205,143.35606676069827]
[21514,"T","PD   ","TX","12-1999",224063.92,91,1426.7908333333335,6.3779495826589858E-2,2462.2408791208791,157.04048187394906]
[21515,"T","PD   ","TX","3-2000",219328.16,79,1217.3666666666666,6.4894170477259663E-2,2776.3058227848101,180.16606336080613]
[21516,"T","PD   ","TX","6-2000",195354.07,66,1126.7183333333335,5.8577195424470173E-2,2959.9101515151515,173.38323538417615]
[21517,"T","PD   ","TX","9-2000",162378.32999999999,57,1113.1358333333333,5.1206688611677376E-2,2848.7426315789471,145.8746768700735]
[21518,"T","PD   ","TX","12-2000",109527.43,51,1146.8916666666667,4.4468018630065324E-2,2147.5966666666664,95.499368583199512]
[21519,"T","PD   ","TX","3-2001",138237.47,50,1230.1975,4.0643880352545021E-2,2764.7494000000002,112.37014381837064]
[21520,"T","PD   ","TX","6-2001",147222.20000000001,60,1389.8733333333332,4.3169401528196816E-2,2453.7033333333334,105.92490442774164]
[21521,"T","PD   ","TX","9-2001",164159.06,62,1599.1241666666667,3.8771223206036216E-2,2647.7267741935484,102.65560575085632]
[21522,"T","PD   ","TX","12-2001",228808.01,88,1845.1491666666668,4.7692621057285792E-2,2600.091022727273,124.00515586138248]
[21523,"T","PD   ","TX","3-2002",204035.88,99,2186.7458333333334,4.5272751177072475E-2,2060.9684848484849,93.305713398333523]
[21524,"T","PD   ","TX","6-2002",256615.08,122,2583.9016666666666,4.7215419059419832E-2,2103.4022950819672,99.31302081284052]
[21525,"T","PD   ","TX","9-2002",331017.89,138,2866.9266666666667,4.8135169135822567E-2,2398.6803623188407,115.46088494299354]
[21526,"T","PD   ","TX","12-2002",338852.78,133,3019.28,4.4050237142630025E-2,2547.7652631578949,112.22966402586047]
[21527,"T","PD   ","TX","3-2003",441534.24,144,2967.0466666666666,4.8533109242186956E-2,3066.21,148.81270488948607]
[21528,"T","PD   ","TX","6-2003",456301.66,134,2712.2483333333334,4.9405505518484355E-2,3405.2362686567162,168.23741926286246]
[21529,"T","PD   ","TX","9-2003",420244.37,133,2445.6666666666665,5.4381899959111357E-2,3159.7321052631578,171.83223524601337]
[21530,"T","PD   ","TX","12-2003",436169.48,131,2165.3875000000003,6.0497255110228534E-2,3329.5380152671755,201.42791070882228]
[21531,"T","PD   ","TX","3-2004",308001.51,115,1885.3950000000002,6.0995176077161546E-2,2678.2739999999999,163.36179421288375]
[21532,"T","PD   ","TX","6-2004",266596.51,106,1615.7366666666667,6.5604749948939695E-2,2515.0614150943397,164.99997524349058]
[{"$f":"INDEX(State,MATCH(D5314,StateAbbr),1)*1000+INDEX(Coverage,MATCH(C5314,CoverageAbbr),1)*100+VLOOKUP(E5314,Date,2,FALSE)","v":21533},"T","PD   ","TX","9-2004",219124.39,87,1354.1000000000001,6.4249316889446864E-2,2518.6711494252877,161.82290081973267]
[21534,"T","PD   ","TX","12-2004",137301.17000000001,70,1119.1658333333332,{"$f":"G5315/H5315","v":6.2546584174671765E-2},{"$f":"F5315/G5315","v":1961.445285714286},{"$f":"F5315/H5315","v":122.68170266694169}]
[21535,"T","PD   ","TX","3-2005",140525.32999999999,60,889.8649999999999,6.7425957870014E-2,2342.0888333333332,157.91758300416356]
[21536,"T","PD   ","TX","6-2005",104273.79,46,690.52666666666664,6.6615819809034651E-2,2266.8215217391303,151.00617403141564]
[21537,"T","PD   ","TX","9-2005",86330.52,36,521.88250000000005,6.898104458379041E-2,2398.0700000000002,165.42137358505028]
[21538,"T","PD   ","TX","12-2005",76606.94,28,382.76416666666665,7.3152093216667352E-2,2735.9621428571431,200.1413577115587]
[21539,"T","PD   ","TX","3-2006",38168.339999999997,17,264.44416666666666,6.4285781812796025E-2,2245.1964705882351,144.33421043509497]
[21540,"T","PD   ","TX","6-2006",24948.29,9,175.86166666666668,5.1176587658860656E-2,2772.0322222222221,141.86315001374186]
[21541,"T","PD   ","TX","9-2006",18715.099999999999,8,105.29833333333333,7.5974611817217749E-2,2339.3874999999998,177.73405720255147]
[21542,"T","PD   ","TX","12-2006",5883.11,3,50.607499999999995,5.92797510250457E-2,1961.0366666666666,116.24976535098553]
[21543,"T","PD   ","TX","3-2007",4739.16,2,24.844166666666666,8.0501794519169487E-2,2369.58,190.75544225673363]
[21544,"T","PD   ","TX","6-2007",3535.65,3,10.894166666666665,0.27537673066625873,1178.55,324.54524592671925]
[21545,"T","PD   ","TX","9-2007",710.97,2,5.0449999999999999,0.39643211100099107,355.48500000000001,140.92566897918732]
[21546,"T","PD   ","TX","12-2007",710.97,2,2.8158333333333334,0.7102693104468778,355.48500000000001,252.49008582420834]
[21547,"T","PD   ","TX","3-2008",1364.93,1,1.4516666666666669,0.68886337543053955,1364.93,940.25028702640634]
[21548,"T","PD   ","TX","6-2008",883.86,0,0.33833333333333332,0,{"$error":"#DIV/0!"},2612.3940886699511]
[22501,"T","PD   ","VA","9-1996",242363.96,160,5760.8433333333332,2.7773711372119706E-2,1514.77475,42.070916700274786]
[22502,"T","PD   ","VA","12-1996",358063.01,227,7641.7383333333337,2.9705283025698994E-2,1577.3700881057268,46.856224903452379]
[22503,"T","PD   ","VA","3-1997",440377.44,243,7557.0008333333326,3.2155613762558585E-2,1812.2528395061729,58.274102347260566]
[22504,"T","PD   ","VA","6-1997",558502.12,262,7486.3916666666664,3.4996833142802442E-2,2131.6874809160304,74.602311082219188]
[22505,"T","PD   ","VA","9-1997",498513.37,240,7404.8233333333337,3.2411306684336831E-2,2077.1390416666668,67.322790505467822]
[22506,"T","PD   ","VA","12-1997",458547.3,223,7303.3883333333333,3.0533772794499724E-2,2056.2659192825113,62.7855563844453]
[22507,"T","PD   ","VA","3-1998",459578.04,222,7186.770833333333,3.0890090299015842E-2,2070.1713513513514,63.947779977678891]
[22508,"T","PD   ","VA","6-1998",358306.73,204,6989.0108333333337,2.9188679895450154E-2,1756.4055392156861,51.267159050762189]
[22509,"T","PD   ","VA","9-1998",373167.66,207,6743.1399999999994,3.069786479295996E-2,1802.7423188405796,55.340339960315227]
[22510,"T","PD   ","VA","12-1998",356511.33,193,6489.5516666666663,2.974011301756593E-2,1847.2089637305701,54.936203348408]
[22511,"T","PD   ","VA","3-1999",320248.25,176,6217.0266666666676,2.8309352595131215E-2,1819.5923295454545,51.511480836498471]
[22512,"T","PD   ","VA","6-1999",296241.93,158,5926.3266666666668,2.6660697070360617E-2,1874.948924050633,49.987445286512497]
[22513,"T","PD   ","VA","9-1999",274153.65000000002,157,5764.3758333333326,2.7236253245689658E-2,1746.201592356688,47.559988787453293]
[22514,"T","PD   ","VA","12-1999",271736.74,157,5667.2491666666674,2.7703034643938803E-2,1730.8072611464968,47.948613517522233]
[22515,"T","PD   ","VA","3-2000",298051.81,166,5691.2125000000005,2.9167774002464324E-2,1795.4928313253013,52.370529127141182]
[22516,"T","PD   ","VA","6-2000",325106.3,179,5863.060833333333,3.0530128389991976E-2,1816.236312849162,55.449927817850543]
[22517,"T","PD   ","VA","9-2000",328867.07,174,6031.2591666666667,2.8849697085089058E-2,1890.040632183908,54.527099717015972]
[22518,"T","PD   ","VA","12-2000",394457.45,196,6294.7491666666674,3.1137062782088613E-2,2012.5380102040817,62.664522375064188]
[22519,"T","PD   ","VA","3-2001",388785.39,201,6641.8050000000003,3.0262857762310094E-2,1934.2556716417912,58.5361042668371]
[22520,"T","PD   ","VA","6-2001",428048.91,222,7117.1541666666672,3.1192242685951839E-2,1928.1482432432431,60.14326793773494]
[22521,"T","PD   ","VA","9-2001",534238.71999999997,252,7756.9524999999994,3.2486985062754999E-2,2119.9949206349206,68.872243319783124]
[22522,"T","PD   ","VA","12-2001",532591.06000000006,264,8542.7150000000001,3.0903524230879761E-2,2017.3903787878789,62.34447245401492]
[22523,"T","PD   ","VA","3-2002",659363.57999999996,303,9320.1125000000011,3.2510337187453477E-2,2176.1174257425741,70.746311270384325]
[22524,"T","PD   ","VA","6-2002",689363.7,309,10072.945833333333,3.0676229686201529E-2,2230.9504854368929,68.437149509804925]
[22525,"T","PD   ","VA","9-2002",756076.05,338,10691.446666666667,3.1614056594773267E-2,2236.9113905325444,70.717843297788832]
[22526,"T","PD   ","VA","12-2002",915182.5,363,11153.2675,3.25465160770151E-2,2521.1639118457301,82.055101789677337]
[22527,"T","PD   ","VA","3-2003",870532.22,365,11496.588333333333,3.1748549171036686E-2,2385.0197808219177,75.720917785319784]
[22528,"T","PD   ","VA","6-2003",901042.49,392,11774.339999999998,3.329273657801627E-2,2298.5777806122451,76.525944554004738]
[22529,"T","PD   ","VA","9-2003",865647.57,391,12015.115,3.2542343539783018E-2,2213.9324040920715,72.046548867821897]
[22530,"T","PD   ","VA","12-2003",833492.47999999998,397,12224.262499999999,3.2476396837846047E-2,2099.4772795969775,68.183457284232901]
[22531,"T","PD   ","VA","3-2004",875110.98,404,12458.114166666666,3.2428664129676661E-2,2166.1162871287129,70.244257541119282]
[22532,"T","PD   ","VA","6-2004",980020.85,405,12568.36,3.2223774621350752E-2,2419.8045679012343,77.975237023764436]
[22533,"T","PD   ","VA","9-2004",972966,387,12443.835833333333,3.1099735257141707E-2,2514.1240310077519,78.188591767959011]
[22534,"T","PD   ","VA","12-2004",902244.6,362,12068.700833333334,2.9994943531963979E-2,2492.388397790055,74.759049251434888]
[22535,"T","PD   ","VA","3-2005",903069.52,339,11495.159166666666,2.9490674734023909E-2,2663.9218879056048,78.560853913071099]
[22536,"T","PD   ","VA","6-2005",771719.35,288,10902.599166666667,2.6415719370893133E-2,2679.581076388889,70.783061745444641]
[22537,"T","PD   ","VA","9-2005",732026.19,268,10704.355833333333,2.503653691756479E-2,2731.4410074626862,68.385823621489905]
[22538,"T","PD   ","VA","12-2005",803536.54,301,11918.329166666668,2.5255217890930597E-2,2669.5566112956813,67.420233890446752]
[22539,"T","PD   ","VA","3-2006",1110297.97,440,15191.589999999998,2.8963393561832571E-2,2523.404477272727,73.086356990940388]
[22540,"T","PD   ","VA","6-2006",1714378.98,697,20087.614166666666,3.4697998190178304E-2,2459.6542037302725,85.345077109497453]
[22541,"T","PD   ","VA","9-2006",2413116.21,1007,25815.835833333334,3.9007065527576851E-2,2396.3418172790466,93.474262293076379]
[22542,"T","PD   ","VA","12-2006",3182767.46,1298,30992.815000000002,4.188067460151651E-2,2452.0550539291216,102.69371981860957]
[22543,"T","PD   ","VA","3-2007",3535629.44,1472,34625.622499999998,4.2511871086216575E-2,2401.9221739130435,102.11020581651637]
[22544,"T","PD   ","VA","6-2007",3629845.02,1565,36765.46,4.2567126863093788E-2,2319.3897891373804,98.729759399175208]
[22545,"T","PD   ","VA","9-2007",3801379.27,1618,37618.291666666664,4.3010990885418113E-2,2349.4309456118667,101.05135298763125]
[22546,"T","PD   ","VA","12-2007",3874259.56,1666,37408.32916666667,4.4535536259248852E-2,2325.4859303721487,103.5667629724619]
[22547,"T","PD   ","VA","3-2008",3956123.03,1634,36554.476666666662,4.4700407419319278E-2,2421.1279253365974,108.22540467683713]
[22548,"T","PD   ","VA","6-2008",4018301.73,1594,35503.256666666668,4.489728970403372E-2,2520.8919259723966,113.18121511294221]
[{"$f":"INDEX(State,MATCH(D5378,StateAbbr),1)*1000+INDEX(Coverage,MATCH(C5378,CoverageAbbr),1)*100+VLOOKUP(E5378,Date,2,FALSE)","v":23501},"T","PD   ","WI","9-1996",239485.59,154,6153.4375,2.5026661926768574E-2,1555.1012337662337,38.918992839368237]
[23502,"T","PD   ","WI","12-1996",311270.83,202,8100.1466666666665,{"$f":"G5379/H5379","v":2.4937820055933143E-2},{"$f":"F5379/G5379","v":1540.9447029702972},{"$f":"F5379/H5379","v":38.427801718816617}]
[23503,"T","PD   ","WI","3-1997",369922.75,225,7912.9258333333337,2.8434488675754259E-2,1644.1011111111111,46.749174425683883]
[23504,"T","PD   ","WI","6-1997",354962.06,215,7708.2508333333326,2.789219041371362E-2,1650.9863255813952,46.049624963553669]
[23505,"T","PD   ","WI","9-1997",358714.73,206,7495.6824999999999,2.7482487418590634E-2,1741.333640776699,47.856179874214256]
[23506,"T","PD   ","WI","12-1997",391409.83,202,7279.6341666666667,2.7748647167594617E-2,1937.6724257425744,53.767788468307877]
[23507,"T","PD   ","WI","3-1998",387618.56,186,6987.7383333333337,2.661805453028078E-2,2083.9707526881721,55.471247134564038]
[23508,"T","PD   ","WI","6-1998",399089.41,188,6647.835,2.8279883601202496E-2,2122.8160106382979,60.032989687620102]
[23509,"T","PD   ","WI","9-1998",364059.29,171,6309.3516666666665,2.7102626233915742E-2,2129.0016959064328,57.701537215524787]
[23510,"T","PD   ","WI","12-1998",367503.37,163,5981.9466666666667,2.7248654841456294E-2,2254.6219018404909,61.43541400123928]
[23511,"T","PD   ","WI","3-1999",324363.74,156,5739.1049999999996,2.7181938647228097E-2,2079.2547435897436,56.518174872214395]
[23512,"T","PD   ","WI","6-1999",370377.25,169,5598.1116666666667,3.0188751147336289E-2,2191.5813609467455,66.161104324761894]
[23513,"T","PD   ","WI","9-1999",409754.18,181,5510.6383333333333,3.2845559634198461E-2,2263.8352486187846,74.356935660508782]
[23514,"T","PD   ","WI","12-1999",378455.63,184,5530.5633333333326,3.3269666923622612E-2,2056.8240760869567,68.429851931900856]
[23515,"T","PD   ","WI","3-2000",438228.92,182,5661.04,3.2149569690374913E-2,2407.8512087912086,77.411380241086448]
[23516,"T","PD   ","WI","6-2000",384031,158,5861.4116666666669,2.6955963679966742E-2,2430.5759493670885,65.518517012539917]
[23517,"T","PD   ","WI","9-2000",320406.68,140,6126.7649999999994,2.2850558165687766E-2,2288.6191428571428,52.296224842963625]
[23518,"T","PD   ","WI","12-2000",368828.05,149,6404.5241666666661,2.3264804085757609E-2,2475.3560402684561,57.588673319342355]
[23519,"T","PD   ","WI","3-2001",358354.6,163,6655.793333333334,2.4489943097191515E-2,2198.494478527607,53.841004678630838]
[23520,"T","PD   ","WI","6-2001",400298.09,173,6902.6549999999997,2.5062820030843206E-2,2313.8617919075145,57.991901666822407]
[23521,"T","PD   ","WI","9-2001",484722.8,202,7168.9749999999995,2.8176970905882642E-2,2399.617821782178,67.61396154959391]
[23522,"T","PD   ","WI","12-2001",513861.63,210,7471.6008333333339,2.8106426545582989E-2,2446.9601428571427,68.775305515183547]
[23523,"T","PD   ","WI","3-2002",526687.15,221,7793.9841666666662,2.8355202586268193E-2,2383.1997737556562,67.576112388390158]
[23524,"T","PD   ","WI","6-2002",556875.11,247,8098.07,3.0501094705281631E-2,2254.5551012145747,68.766398660421558]
[23525,"T","PD   ","WI","9-2002",570136.26,259,8364.3483333333334,3.096475537345109E-2,2201.298301158301,68.162663399360255]
[23526,"T","PD   ","WI","12-2002",567061.72,255,8532.4316666666655,2.9885970373041373E-2,2223.7714509803923,66.459567700415221]
[23527,"T","PD   ","WI","3-2003",575418.26,247,8626.4575000000004,2.863284262398557E-2,2329.6285829959515,66.703888589261581]
[23528,"T","PD   ","WI","6-2003",612361.15,245,8693.5283333333336,2.8181883190120161E-2,2499.4332653061224,70.438736324357748]
[23529,"T","PD   ","WI","9-2003",626428.5,240,8716.5083333333332,2.7533960941929156E-2,2610.1187500000001,71.86690771629695]
[23530,"T","PD   ","WI","12-2003",639174.41,245,8683.4708333333328,2.8214524434114048E-2,2608.8751428571431,73.608171463695641]
[23531,"T","PD   ","WI","3-2004",633861.26,249,8567.4916666666668,2.9063348957639294E-2,2545.6275502008034,73.984461807666378]
[23532,"T","PD   ","WI","6-2004",549763.80000000005,232,8348.1908333333322,2.7790452402411743E-2,2369.6715517241382,65.854244467538834]
[23533,"T","PD   ","WI","9-2004",477931.8,208,8020.2758333333331,2.5934270132646105E-2,2297.7490384615385,59.590444260489377]
[23534,"T","PD   ","WI","12-2004",412532.97,192,7597.0974999999999,2.5272809780314126E-2,2148.6092187499999,54.30139207769809]
[23535,"T","PD   ","WI","3-2005",351975.61,179,7166.2125000000005,2.4978327114916002E-2,1966.3441899441341,49.115988396939102]
[23536,"T","PD   ","WI","6-2005",358830.78,159,6723.9775,2.3646718032593061E-2,2256.7973584905662,53.365850792927255]
[23537,"T","PD   ","WI","9-2005",367237.72,163,6297.1324999999997,2.5884797564605797E-2,2252.9921472392634,58.318245645934873]
[23538,"T","PD   ","WI","12-2005",356308.49,155,5952.1616666666669,2.6040959348942416E-2,2298.764451612903,59.862031637245515]
[23539,"T","PD   ","WI","3-2006",369905.37,152,5665.6100000000006,2.6828532143935071E-2,2433.5879605263158,65.289592824073651]
[23540,"T","PD   ","WI","6-2006",324869.87,156,5425.3041666666668,2.8754148192920059E-2,2082.4991666666665,59.88048964996586]
[23541,"T","PD   ","WI","9-2006",301056.34999999998,141,5222.2550000000001,2.699983053297857E-2,2135.1514184397161,57.648726460121146]
[23542,"T","PD   ","WI","12-2006",274477.53000000003,145,5133.0008333333335,2.8248582984514742E-2,1892.9484827586209,53.473112300618176]
[23543,"T","PD   ","WI","3-2007",309865.28999999998,141,5214.1366666666663,2.7041868868032486E-2,2197.6261702127658,59.427918715850048]
[23544,"T","PD   ","WI","6-2007",307691.37,139,5558.3183333333336,2.5007563738552816E-2,2213.606978417266,55.356917604875093]
[23545,"T","PD   ","WI","9-2007",342534.1,145,6103.5133333333333,2.3756808919889856E-2,2362.3041379310343,56.120808015492713]
[23546,"T","PD   ","WI","12-2007",383802.26,146,6732.5916666666672,2.168555694872331E-2,2628.7826027397259,57.006614837525419]
[23547,"T","PD   ","WI","3-2008",428363.37,179,7413.2550000000001,2.4145938592426672E-2,2393.0914525139665,57.783439258463389]
[23548,"T","PD   ","WI","6-2008",557524.17000000004,205,8182.6274999999996,2.5053077388650528E-2,2719.6300975609756,68.135103302698312]
[2601,"T","PIP  ","CO","9-1996",null,null,6.5708333333333329,0,{"$error":"#DIV/0!"},0]
[2602,"T","PIP  ","CO","12-1996",null,null,12.190833333333332,0,{"$error":"#DIV/0!"},0]
[2603,"T","PIP  ","CO","3-1997",null,null,21.627499999999998,0,{"$error":"#DIV/0!"},0]
[2604,"T","PIP  ","CO","6-1997",0,0,28.315833333333334,0,{"$error":"#DIV/0!"},0]
[2605,"T","PIP  ","CO","9-1997",1580.5,1,34.926666666666669,2.8631418209581979E-2,1580.5,45.251956480244317]
[2606,"T","PIP  ","CO","12-1997",2174.4,2,37.697499999999998,5.3053916042177865E-2,1087.2,57.680217521055781]
[2607,"T","PIP  ","CO","3-1998",4697.3999999999996,2,38.303333333333335,5.2214776781829259E-2,2348.6999999999998,122.63684622748237]
[2608,"T","PIP  ","CO","6-1998",5106.3999999999996,2,41.62083333333333,4.8052858143958356E-2,2553.1999999999998,122.68855741315447]
[2609,"T","PIP  ","CO","9-1998",3525.9,1,47.854166666666664,2.0896821941663039E-2,3525.9,73.680104484109719]
[2610,"T","PIP  ","CO","12-1998",2932,0,60.31583333333333,0,{"$error":"#DIV/0!"},48.610784896171545]
[2611,"T","PIP  ","CO","3-1999",409,0,76.969166666666666,0,{"$error":"#DIV/0!"},5.3138161384970175]
[2612,"T","PIP  ","CO","6-1999",495,0,104.98083333333334,0,{"$error":"#DIV/0!"},4.7151464156155489]
[2613,"T","PIP  ","CO","9-1999",495,0,144.155,0,{"$error":"#DIV/0!"},3.4338038916444105]
[2614,"T","PIP  ","CO","12-1999",495,0,179.51916666666668,0,{"$error":"#DIV/0!"},2.7573657408911769]
[2615,"T","PIP  ","CO","3-2000",1817.2,1,211.21583333333334,4.7344935472798362E-3,1817.2,8.6035216741169176]
[2616,"T","PIP  ","CO","6-2000",1811.7,2,236.29250000000002,8.4640858258302736E-3,905.85,7.6671921453283529]
[{"$f":"INDEX(State,MATCH(D5442,StateAbbr),1)*1000+INDEX(Coverage,MATCH(C5442,CoverageAbbr),1)*100+VLOOKUP(E5442,Date,2,FALSE)","v":2617},"T","PIP  ","CO","9-2000",2107.5,2,252.32833333333335,7.9261808358157687E-3,1053.75,8.3522130557408669]
[2618,"T","PIP  ","CO","12-2000",6095.37,4,270.53333333333336,{"$f":"G5443/H5443","v":1.4785608674223754E-2},{"$f":"F5443/G5443","v":1523.8425},{"$f":"F5443/H5443","v":22.53093888615081}]
[2619,"T","PIP  ","CO","3-2001",6424.57,5,283.81833333333333,1.7616902831036285E-2,1284.914,22.636205084238156]
[2620,"T","PIP  ","CO","6-2001",13511.29,4,291.75749999999999,1.3710016023581227E-2,3377.8225000000002,46.310000599813208]
[2621,"T","PIP  ","CO","9-2001",17358.03,4,303.59416666666669,1.3175483718670482E-2,4339.5074999999997,57.175110413298448]
[2622,"T","PIP  ","CO","12-2001",17281.09,4,324.30500000000001,1.2334068238232528E-2,4320.2725,53.28653582275944]
[2623,"T","PIP  ","CO","3-2002",17638.490000000002,5,354.01583333333332,1.4123662077261141E-2,3527.6980000000003,49.824014462629975]
[2624,"T","PIP  ","CO","6-2002",10142.370000000001,5,390,1.282051282051282E-2,2028.4740000000002,26.006076923076925]
[2625,"T","PIP  ","CO","9-2002",23416.22,8,422.11833333333334,1.8952031618306085E-2,2927.0275000000001,55.473117727651413]
[2626,"T","PIP  ","CO","12-2002",35830.97,12,480.06583333333333,2.4996571650763178E-2,2985.9141666666669,74.637617410112156]
[2627,"T","PIP  ","CO","3-2003",45935.99,14,551.36833333333334,2.5391374791805841E-2,3281.1421428571425,83.312709894474651]
[2628,"T","PIP  ","CO","6-2003",122789.1,20,645.61666666666667,3.0978134599994836E-2,6139.4549999999999,190.18886336061132]
[2629,"T","PIP  ","CO","9-2003",142824.09,17,706.02833333333331,2.407835379599969E-2,8401.4170588235284,202.29229233010008]
[2630,"T","PIP  ","CO","12-2003",175628.72,18,656.30083333333334,2.7426446967282535E-2,9757.1511111111104,267.60398750065076]
[2631,"T","PIP  ","CO","3-2004",212594.08,20,542.19749999999999,3.6886927733897706E-2,10629.704,392.09712328072334]
[2632,"T","PIP  ","CO","6-2004",196376.42,16,343.44250000000005,4.6587128849807459E-2,12273.526250000001,571.78834885024412]
[2633,"T","PIP  ","CO","9-2004",190037.04,16,167.42416666666665,9.5565654102105935E-2,11877.315000000001,1135.0633769517544]
[2634,"T","PIP  ","CO","12-2004",152449.01999999999,10,61.821666666666665,0.16175558730757825,15244.901999999998,2465.9480764564742]
[2635,"T","PIP  ","CO","3-2005",113423.84,3,3.0175000000000001,0.99420049710024849,37807.946666666663,37588.679370339683]
[2636,"T","PIP  ","CO","6-2005",76297.289999999994,1,-3.1666666666666665,-0.31578947368421056,76297.289999999994,-24093.881052631579]
[2637,"T","PIP  ","CO","9-2005",55012.26,1,-2.5,-0.4,55012.26,-22004.904000000002]
[2638,"T","PIP  ","CO","12-2005",59395.97,0,-0.25,0,{"$error":"#DIV/0!"},-237583.88]
[2639,"T","PIP  ","CO","3-2006",53967.97,0,-0.25,0,{"$error":"#DIV/0!"},-215871.88]
[2640,"T","PIP  ","CO","6-2006",126603.47,0,0,{"$error":"#DIV/0!"},{"$error":"#DIV/0!"},{"$error":"#DIV/0!"}]
[2641,"T","PIP  ","CO","9-2006",120316.5,0,0,{"$error":"#DIV/0!"},{"$error":"#DIV/0!"},{"$error":"#DIV/0!"}]
[2642,"T","PIP  ","CO","12-2006",104390.5,0,0,{"$error":"#DIV/0!"},{"$error":"#DIV/0!"},{"$error":"#DIV/0!"}]
[2643,"T","PIP  ","CO","3-2007",99974.5,0,0,{"$error":"#DIV/0!"},{"$error":"#DIV/0!"},{"$error":"#DIV/0!"}]
[2644,"T","PIP  ","CO","6-2007",15273.76,0,0,{"$error":"#DIV/0!"},{"$error":"#DIV/0!"},{"$error":"#DIV/0!"}]
[2645,"T","PIP  ","CO","9-2007",13054.76,0,0,{"$error":"#DIV/0!"},{"$error":"#DIV/0!"},{"$error":"#DIV/0!"}]
[2646,"T","PIP  ","CO","12-2007",14543.76,0,0,{"$error":"#DIV/0!"},{"$error":"#DIV/0!"},{"$error":"#DIV/0!"}]
[2647,"T","PIP  ","CO","3-2008",14796.76,0,0,{"$error":"#DIV/0!"},{"$error":"#DIV/0!"},{"$error":"#DIV/0!"}]
[2648,"T","PIP  ","CO","6-2008",3273,0,0,{"$error":"#DIV/0!"},{"$error":"#DIV/0!"},{"$error":"#DIV/0!"}]
[3601,"T","PIP  ","CT","9-1996",26993.05,11,596.71333333333337,1.8434312400147472E-2,2453.9136363636362,45.236210575709158]
[3602,"T","PIP  ","CT","12-1996",50896.66,19,856.36166666666668,2.2186887549458269E-2,2678.7715789473687,59.433603792790045]
[3603,"T","PIP  ","CT","3-1997",69446.64,26,991.69583333333333,2.6217716285655463E-2,2671.0246153846156,70.028165558155848]
[3604,"T","PIP  ","CT","6-1997",73121.91,23,1118.4716666666666,2.0563775270719124E-2,3179.2134782608696,65.376631504597796]
[3605,"T","PIP  ","CT","9-1997",82334.960000000006,25,1250.0191666666667,1.9999693338035484E-2,3293.3984,65.866958039976723]
[3606,"T","PIP  ","CT","12-1997",80620.210000000006,27,1410.3225,1.9144557361879994E-2,2985.9337037037039,57.164379069326344]
[3607,"T","PIP  ","CT","3-1998",85049.97,29,1602.3591666666669,1.809831441244706E-2,2932.7575862068966,53.07796889066173]
[3608,"T","PIP  ","CT","6-1998",89927.24,35,1820.5016666666668,1.9225469902526868E-2,2569.3497142857145,49.396955601066004]
[3609,"T","PIP  ","CT","9-1998",87223.21,39,2028.2524999999998,1.9228375165320888E-2,2236.4925641025643,43.004118077014581]
[3610,"T","PIP  ","CT","12-1998",111669.62,46,2220.5974999999999,2.0715145360651808E-2,2427.6004347826088,50.288095884103264]
[3611,"T","PIP  ","CT","3-1999",99961.15,43,2380.4883333333332,1.8063520580161075E-2,2324.677906976744,41.991867214920184]
[3612,"T","PIP  ","CT","6-1999",100059.59,44,2507.8058333333333,1.7545217981057147E-2,2274.0815909090907,39.899257219209218]
[3613,"T","PIP  ","CT","9-1999",112543.69,40,2608.1316666666667,1.5336649031650371E-2,2813.5922500000001,43.15107685642149]
[3614,"T","PIP  ","CT","12-1999",83129.05,30,2709.4924999999998,1.1072184182093141E-2,2770.9683333333332,30.68067174941433]
[3615,"T","PIP  ","CT","3-2000",98989.77,40,2808.4883333333332,1.4242537355505009E-2,2474.7442500000002,35.246637425946226]
[3616,"T","PIP  ","CT","6-2000",108656.11,42,2897.6358333333333,1.4494575031426482E-2,2587.050238095238,37.498193786141172]
[3617,"T","PIP  ","CT","9-2000",96170.880000000005,44,2984.4541666666664,1.4743064407366507E-2,2185.7018181818185,32.223942680752629]
[3618,"T","PIP  ","CT","12-2000",109559.76,51,3042.3924999999999,1.676312310130925E-2,2148.2305882352939,36.011053800586218]
[3619,"T","PIP  ","CT","3-2001",127159.03999999999,44,3089.3758333333335,1.4242359095728883E-2,2889.9781818181818,41.160107044276202]
[3620,"T","PIP  ","CT","6-2001",114424.43,37,3126.5083333333332,1.183428798366655E-2,3092.5521621621619,36.598152891537687]
[3621,"T","PIP  ","CT","9-2001",109567.88,36,3151.4833333333336,1.1423192253383327E-2,3043.5522222222226,34.767082167656497]
[3622,"T","PIP  ","CT","12-2001",110681.67,33,3186.0591666666664,1.0357623092896109E-2,3353.99,34.739364277342624]
[3623,"T","PIP  ","CT","3-2002",105872.63,39,3199.9225000000001,1.218779517316435E-2,2714.6828205128209,33.085998176518338]
[3624,"T","PIP  ","CT","6-2002",120382.67,43,3207.7525000000001,1.3405024234257474E-2,2799.5969767441861,37.528665319409775]
[3625,"T","PIP  ","CT","9-2002",137268.82999999999,49,3222.0491666666662,1.5207713310809712E-2,2801.4046938775509,42.602959452046434]
[3626,"T","PIP  ","CT","12-2002",153276.41,59,3217.3741666666665,1.8337935516255621E-2,2597.9052542372883,47.640219029545058]
[3627,"T","PIP  ","CT","3-2003",143634.43,55,3218.9841666666666,1.7086135610587295E-2,2611.5350909090907,44.621042715080144]
[3628,"T","PIP  ","CT","6-2003",148241.60000000001,55,3196.1408333333334,1.7208252973833809E-2,2695.3018181818184,46.381435528106948]
[3629,"T","PIP  ","CT","9-2003",162980.34,59,3134.1800000000003,1.8824700559636011E-2,2762.3786440677964,52.000950806909614]
[3630,"T","PIP  ","CT","12-2003",141360.64000000001,47,3038.7741666666666,1.5466763050561232E-2,3007.6731914893621,46.518968586291244]
[3631,"T","PIP  ","CT","3-2004",159702.03,48,2918.5074999999997,1.644676260040449E-2,3327.1256250000001,54.720445296097409]
[3632,"T","PIP  ","CT","6-2004",147022.12,45,2800.2916666666665,1.6069754638653712E-2,3267.1582222222223,52.502430996771167]
[{"$f":"INDEX(State,MATCH(D5506,StateAbbr),1)*1000+INDEX(Coverage,MATCH(C5506,CoverageAbbr),1)*100+VLOOKUP(E5506,Date,2,FALSE)","v":3633},"T","PIP  ","CT","9-2004",151357.67000000001,39,2703.5499999999997,1.4425477612768399E-2,3880.9658974358977,55.984786669379162]
[3634,"T","PIP  ","CT","12-2004",148153.19,39,2622.1183333333333,{"$f":"G5507/H5507","v":1.4873470622670856E-2},{"$f":"F5507/G5507","v":3798.7997435897437},{"$f":"F5507/H5507","v":56.50133638769163}]
[3635,"T","PIP  ","CT","3-2005",128268.98,36,2537.3825000000002,1.4187849092519553E-2,3563.027222222222,50.551692541428025]
[3636,"T","PIP  ","CT","6-2005",145281.74,36,2453.8674999999998,1.4670718773527911E-2,4035.6038888888888,59.205209735244466]
[3637,"T","PIP  ","CT","9-2005",112437.91,35,2365.8883333333333,1.479359761273602E-2,3212.5117142857143,47.524605627343639]
[3638,"T","PIP  ","CT","12-2005",107681.93,34,2288.4349999999999,1.4857315152058067E-2,3167.1155882352941,47.054834417407527]
[3639,"T","PIP  ","CT","3-2006",86673.97,25,2213.3491666666664,1.1295099922101462E-2,3466.9587999999999,39.159646071808979]
[3640,"T","PIP  ","CT","6-2006",72963.91,27,2124.5075000000002,1.2708827810680827E-2,2702.3670370370373,34.343917354963445]
[3641,"T","PIP  ","CT","9-2006",90618.89,29,2045.9241666666667,1.4174523412198806E-2,3124.7893103448278,44.292399237671319]
[3642,"T","PIP  ","CT","12-2006",85754.08,24,1962.1758333333335,1.2231319738164817E-2,3573.0866666666666,43.70356547217353]
[3643,"T","PIP  ","CT","3-2007",98650.2,31,1884.5958333333335,1.6449150237783077E-2,3182.264516129032,52.345547122172519]
[3644,"T","PIP  ","CT","6-2007",83399.66,27,1810.2808333333332,1.491481294108603E-2,3088.8762962962965,46.070012157413885]
[3645,"T","PIP  ","CT","9-2007",60598.54,20,1731.6166666666668,1.1549900382109204E-2,3029.9270000000001,34.995355015062991]
[3646,"T","PIP  ","CT","12-2007",59020.9,21,1650.7475000000002,1.2721509497969857E-2,2810.5190476190478,35.754044758510915]
[3647,"T","PIP  ","CT","3-2008",50295.35,14,1572.6066666666666,8.9024167941973206E-3,3592.5250000000001,31.982154893573728]
[3648,"T","PIP  ","CT","6-2008",44777.23,16,1513.3108333333332,1.057284442004369E-2,2798.5768750000002,29.588917896907063]
[4601,"T","PIP  ","FL","9-1996",351541.8,183,12120.491666666667,1.5098397410996115E-2,1920.9934426229509,29.003922420638876]
[4602,"T","PIP  ","FL","12-1996",618191.17000000004,278,16406.609166666665,1.6944390957079239E-2,2223.7092446043166,37.679398815446888]
[4603,"T","PIP  ","FL","3-1997",857109.09,319,16830.48,1.8953707796806746E-2,2686.8623510971784,50.926003892937096]
[4604,"T","PIP  ","FL","6-1997",1011116.49,343,17178.444166666664,1.9966883884954077E-2,2947.8614868804666,58.85960801747035]
[4605,"T","PIP  ","FL","9-1997",1140225.7,348,17371.041666666668,2.0033340928988619E-2,3276.510632183908,65.639454551996252]
[4606,"T","PIP  ","FL","12-1997",1108801,318,17350.073333333334,1.8328452790401271E-2,3486.7955974842766,63.907568498269555]
[4607,"T","PIP  ","FL","3-1998",1148189.4099999999,317,17186.661666666667,1.8444536009853376E-2,3622.0486119873813,66.807006053240698]
[4608,"T","PIP  ","FL","6-1998",1098424.02,277,16904.144166666669,1.6386514293117372E-2,3965.4296750902527,64.979570049218196]
[4609,"T","PIP  ","FL","9-1998",977760.33,265,16531.954166666666,1.6029562949933577E-2,3689.6616226415094,59.143663244086135]
[4610,"T","PIP  ","FL","12-1998",919768.13,236,16102.341666666667,1.4656253412417759E-2,3897.3225847457629,57.120147431972882]
[4611,"T","PIP  ","FL","3-1999",788372.02,225,15582.776666666667,1.4439018463333342E-2,3503.8756444444443,50.592525123357348]
[4612,"T","PIP  ","FL","6-1999",735894.98,231,15009.981666666667,1.5389758970391814E-2,3185.6925541125538,49.027040561564085]
[4613,"T","PIP  ","FL","9-1999",760171.29,205,14409.690833333334,1.4226537013950507E-2,3708.1526341463418,52.754170703061]
[4614,"T","PIP  ","FL","12-1999",846933.59,236,13855.439166666665,1.7033021989499072E-2,3588.7016525423728,61.126434161505891]
[4615,"T","PIP  ","FL","3-2000",853097.38,205,13469.459166666667,1.5219616278827329E-2,4161.4506341463411,63.335681814989968]
[4616,"T","PIP  ","FL","6-2000",890752.49,204,13293.798333333332,1.534550132963002E-2,4366.4337745098037,67.005115292481619]
[4617,"T","PIP  ","FL","9-2000",886557.85,193,13323.955,1.4485188519474886E-2,4593.5639896373059,66.538640366167556]
[4618,"T","PIP  ","FL","12-2000",821636.38,192,13579.743333333334,1.4138706107111008E-2,4279.3561458333334,60.504558873596771]
[4619,"T","PIP  ","FL","3-2001",916295.39,224,13978.241666666667,1.6024905373768397E-2,4090.604419642857,65.55154874629558]
[4620,"T","PIP  ","FL","6-2001",912786.1,245,14501.896666666667,1.6894341866546651E-2,3725.6575510204079,62.942532344619742]
[4621,"T","PIP  ","FL","9-2001",986916.39,257,15188.024166666668,1.6921226696757625E-2,3840.1415953307392,64.979906482239926]
[4622,"T","PIP  ","FL","12-2001",962181.45,234,16249.301666666666,1.440061885736423E-2,4111.8865384615383,59.213710825111356]
[4623,"T","PIP  ","FL","3-2002",1059955.6599999999,250,17705.561666666665,1.4119857065628251E-2,4239.8226399999994,59.865689660414617]
[4624,"T","PIP  ","FL","6-2002",1362173.39,305,19529.498333333333,1.5617400651783256E-2,4466.1422622950813,69.749533078123946]
[4625,"T","PIP  ","FL","9-2002",1658715.75,374,21511.665833333333,1.7385915293480877E-2,4435.0688502673793,77.107731351504285]
[4626,"T","PIP  ","FL","12-2002",1966902.72,452,23239.994999999999,1.9449229657751647E-2,4351.5546902654869,84.634386539239784]
[4627,"T","PIP  ","FL","3-2003",2209756.9900000002,490,24470.936666666665,2.0023753347678697E-2,4509.7081428571437,90.3012835225896]
[4628,"T","PIP  ","FL","6-2003",2365148.09,498,25180.396666666667,1.9777289714392902E-2,4749.2933534136546,93.928150589102444]
[4629,"T","PIP  ","FL","9-2003",2358467.44,505,25553.918333333335,1.9762135630732688E-2,4670.2325544554451,92.293769168211711]
[4630,"T","PIP  ","FL","12-2003",2587221.5299999998,507,25688.618333333332,1.973636703310435E-2,5103.0010453648911,100.71470160163668]
[4631,"T","PIP  ","FL","3-2004",2564659.56,515,25574.988333333331,2.0136861580842692E-2,4979.9214757281552,100.27998944020374]
[4632,"T","PIP  ","FL","6-2004",2484461.61,498,25208.852499999997,1.9754965046504994E-2,4988.8787349397589,98.555125029986996]
[4633,"T","PIP  ","FL","9-2004",2436133.8199999998,486,24337.750833333335,1.9968977549657849E-2,5012.621028806584,100.09691678918151]
[4634,"T","PIP  ","FL","12-2004",2192260.84,447,22988.552500000002,1.944446045482855E-2,4904.3866666666663,95.363152595188396]
[4635,"T","PIP  ","FL","3-2005",1968357.45,389,21466.05,1.8121638587443895E-2,5060.0448586118255,91.696304164017135]
[4636,"T","PIP  ","FL","6-2005",1739122.88,358,19931.478333333333,1.7961537725040801E-2,4857.8851396648042,87.255087200004482]
[4637,"T","PIP  ","FL","9-2005",1575060.8,312,18822.026666666668,1.6576323343146893E-2,5048.2717948717955,83.681785595883397]
[4638,"T","PIP  ","FL","12-2005",1389992.47,284,18311.190833333334,1.5509641212575424E-2,4894.3396830985912,75.909452457329252]
[4639,"T","PIP  ","FL","3-2006",1333029.1399999999,273,18886.570833333335,1.4454715067606457E-2,4882.8906227106227,70.580792657569503]
[4640,"T","PIP  ","FL","6-2006",1313314.57,263,20802.715833333332,1.2642580041331944E-2,4993.5915209125478,63.131880496853405]
[4641,"T","PIP  ","FL","9-2006",1359656.62,304,23763.482499999998,1.2792737764761542E-2,4472.5546710526323,57.216219045335642]
[4642,"T","PIP  ","FL","12-2006",1718414.29,385,27446.971666666665,1.4027048399935805E-2,4463.4137402597407,62.608520563561875]
[4643,"T","PIP  ","FL","3-2007",2308031.19,485,31043.870833333334,1.5623051732299813E-2,4758.8271958762889,74.347403466250512]
[4644,"T","PIP  ","FL","6-2007",2872066.33,560,34113.693333333336,1.6415695437257453E-2,5128.689875,84.19101098014599]
[4645,"T","PIP  ","FL","9-2007",3340132.73,608,36676.875,1.6577202937818447E-2,5493.6393585526312,91.069174513913737]
[4646,"T","PIP  ","FL","12-2007",3465233.27,595,37157.975833333338,1.6012712927872753E-2,5823.9214621848741,93.256782488443307]
[4647,"T","PIP  ","FL","3-2008",3511628.17,574,38173.416666666664,1.5036641991263556E-2,6117.8191114982574,91.991455746909395]
[4648,"T","PIP  ","FL","6-2008",3562028.89,598,38755.364166666666,1.5430122071058679E-2,5956.5700501672245,91.910602998892401]
[{"$f":"INDEX(State,MATCH(D5570,StateAbbr),1)*1000+INDEX(Coverage,MATCH(C5570,CoverageAbbr),1)*100+VLOOKUP(E5570,Date,2,FALSE)","v":9601},"T","PIP  ","MA","9-1996",3628688.65,1930,121312.81833333334,1.5909283342976217E-2,1880.1495595854922,29.911832070617542]
[9602,"T","PIP  ","MA","12-1996",6241348.3899999997,3211,162882.65416666667,{"$f":"G5571/H5571","v":1.9713578566287381E-2},{"$f":"F5571/G5571","v":1943.739766427904},{"$f":"F5571/H5571","v":38.318066597893569}]
[9603,"T","PIP  ","MA","3-1997",8153755.3200000003,3935,165442.94500000001,2.3784634636430099E-2,2072.1106277001272,49.284394206111358]
[9604,"T","PIP  ","MA","6-1997",8589270.2200000007,3903,170573.22166666665,2.2881669009143905E-2,2200.6841455290805,50.355326211667091]
[9605,"T","PIP  ","MA","9-1997",9186084.5700000003,4035,176107.45666666667,2.2912147369417653E-2,2276.6008847583644,52.161814972930259]
[9606,"T","PIP  ","MA","12-1997",9157862.8300000001,3737,182416.28083333335,2.0486110027724724E-2,2450.5921407546161,50.203100228576538]
[9607,"T","PIP  ","MA","3-1998",9773332.7899999991,3964,189593.13333333333,2.0907930209849372E-2,2465.5229036326941,51.548980799937546]
[9608,"T","PIP  ","MA","6-1998",10173499.66,4044,194923.61916666667,2.0746587906015818E-2,2515.7021909000991,52.192236648865489]
[9609,"T","PIP  ","MA","9-1998",10294393.09,4108,199872.96416666664,2.0553054872266222E-2,2505.9379479065237,51.504680149816998]
[9610,"T","PIP  ","MA","12-1998",10240953.130000001,4264,203699.05249999999,2.0932841599741854E-2,2401.7244676360228,50.274917847249199]
[9611,"T","PIP  ","MA","3-1999",9774229.3699999992,4050,205709.58666666667,1.9687949723814525E-2,2413.3899679012343,47.514700351997853]
[9612,"T","PIP  ","MA","6-1999",9851472.5299999993,4125,207765.28583333336,1.9854134839970436E-2,2388.2357648484849,47.416354904941741]
[9613,"T","PIP  ","MA","9-1999",8868381.9700000007,3816,208896.08916666664,1.8267455437882441E-2,2323.9994680293503,42.45355671988866]
[9614,"T","PIP  ","MA","12-1999",8076113.9299999997,3613,210015.89583333334,1.720345969843751E-2,2235.2930888458345,38.454774568155202]
[9615,"T","PIP  ","MA","3-2000",7722265.2800000003,3610,212115.1525,1.7019057608343185E-2,2139.1316565096954,36.40600489396909]
[9616,"T","PIP  ","MA","6-2000",7269914.29,3572,214657.51,1.6640461356325246E-2,2035.2503611422173,33.867504985034067]
[9617,"T","PIP  ","MA","9-2000",7515532.1600000001,3841,219518.49,1.7497387122150852E-2,1956.6602863837543,34.236442497395096]
[9618,"T","PIP  ","MA","12-2000",8352124.9500000002,4007,225675.2225,1.7755604517017812E-2,2084.3835662590468,37.00949026426683]
[9619,"T","PIP  ","MA","3-2001",9688300.0600000005,4431,230875.43166666667,1.9192167689792948E-2,2186.4816204017152,41.96332190939993]
[9620,"T","PIP  ","MA","6-2001",11669686.32,4924,235745.92583333331,2.0886893305130327E-2,2369.9606661251014,49.501115570710596]
[9621,"T","PIP  ","MA","9-2001",13015887.529999999,5109,239124.095,2.136547552851167E-2,2547.6389763163043,54.43151820396853]
[9622,"T","PIP  ","MA","12-2001",14436794.65,5403,241735.7225,2.2350854661126882E-2,2671.9960484915787,59.721395334940617]
[9623,"T","PIP  ","MA","3-2002",15470679.560000001,5684,245346.33416666664,2.3167250569714207E-2,2721.7944334975368,63.056493640090771]
[9624,"T","PIP  ","MA","6-2002",14971316.630000001,5528,248607.16500000001,2.2235883668115519E-2,2708.2700126628079,60.220776943415935]
[9625,"T","PIP  ","MA","9-2002",15069033.92,5805,252350.88583333333,2.3003683861977594E-2,2595.8714763135226,59.714606787441333]
[9626,"T","PIP  ","MA","12-2002",15249541.27,6092,254643.14333333334,2.3923675777224606E-2,2503.2076936966514,59.885929267052845]
[9627,"T","PIP  ","MA","3-2003",15087379.779999999,6005,253452.09583333333,2.3692840180531815E-2,2512.469572023314,59.527540028397539]
[9628,"T","PIP  ","MA","6-2003",16290177.9,6239,248898.53583333336,2.5066439137985685E-2,2611.0238660041673,65.44907082502155]
[9629,"T","PIP  ","MA","9-2003",16357897.15,5863,240942.08083333334,2.4333648899029836E-2,2790.0216868497355,67.891408148480437]
[9630,"T","PIP  ","MA","12-2003",14964317.9,5230,232090.22083333333,2.2534340228646359E-2,2861.2462523900576,64.476296529296903]
[9631,"T","PIP  ","MA","3-2004",14499209.73,5055,223961.70833333334,2.2570822653649313E-2,2868.2907477744807,64.739681787120972]
[9632,"T","PIP  ","MA","6-2004",12019454.83,4315,217624.44916666669,1.98277354245955E-2,2785.5051749710315,55.230259633167208]
[9633,"T","PIP  ","MA","9-2004",10346114.060000001,3950,212944.69916666669,1.8549416893014228E-2,2619.2693822784813,48.585919726991399]
[9634,"T","PIP  ","MA","12-2004",8994179.7599999998,3544,208728.24750000003,1.6979014783324906E-2,2537.8611060948078,43.090381238409037]
[9635,"T","PIP  ","MA","3-2005",6685248.4100000001,2821,204514.69416666668,1.3793629897815858E-2,2369.8151045728464,32.68835247873163]
[9636,"T","PIP  ","MA","6-2005",6203923.1799999997,2614,200064.23499999999,1.3065803590531812E-2,2373.3447513389442,31.009656373614206]
[9637,"T","PIP  ","MA","9-2005",5587213.7699999996,2308,193991.07750000001,1.1897454407406959E-2,2420.8031932409012,28.801395620888798]
[9638,"T","PIP  ","MA","12-2005",4899576.4000000004,2029,186701.75,1.0867600330473603E-2,2414.7739773287335,26.2427984740368]
[9639,"T","PIP  ","MA","3-2006",4541060.49,1752,178376.28416666668,9.8219334940457155E-3,2591.9295034246575,25.457759203891925]
[9640,"T","PIP  ","MA","6-2006",3426596.56,1432,169330.13583333333,8.4568526030680997E-3,2392.87469273743,20.236188574092317]
[9641,"T","PIP  ","MA","9-2006",2882358.31,1149,160840.45499999999,7.1437251281090946E-3,2508.5799042645781,17.920605297964372]
[9642,"T","PIP  ","MA","12-2006",2892873.63,1094,154111.49083333332,7.0987568421041767E-3,2644.3086197440584,18.771303907043187]
[9643,"T","PIP  ","MA","3-2007",3264655.53,1092,149872.67166666666,7.2861849185469141E-3,2989.611291208791,21.78286070232306]
[9644,"T","PIP  ","MA","6-2007",3802958.29,1217,147229.52416666667,8.2660051160821004E-3,3124.8630156121612,25.830133674105866]
[9645,"T","PIP  ","MA","9-2007",3943807.02,1294,146552.54083333333,8.8295978537253732E-3,3047.7643122102008,26.910533229751977]
[9646,"T","PIP  ","MA","12-2007",3968105.95,1277,146861.85833333334,8.6952460937923352E-3,3107.365661707126,27.019309131943324]
[9647,"T","PIP  ","MA","3-2008",3349925.86,1148,147988.95083333334,7.7573358925484195E-3,2918.0538850174216,22.636324138636002]
[9648,"T","PIP  ","MA","6-2008",3443209.76,1182,149623.77416666667,7.899814094271972E-3,2913.0370219966157,23.012450923504918]
[10601,"T","PIP  ","MD","9-1996",7701.08,5,134.64083333333335,3.7135836701347409E-2,1540.2159999999999,57.197209860802502]
[10602,"T","PIP  ","MD","12-1996",14349.6,9,228.83416666666668,3.932979122435825E-2,1594.4,62.707419128116797]
[10603,"T","PIP  ","MD","3-1997",32612.48,18,318.9733333333333,5.6431049617522891E-2,1811.8044444444445,102.24202650169293]
[10604,"T","PIP  ","MD","6-1997",37680.54,25,427.16666666666669,5.8525165821303154E-2,1507.2216000000001,88.210394069449862]
[10605,"T","PIP  ","MD","9-1997",44063.83,27,528.94333333333327,5.1045165518675606E-2,1631.9937037037037,83.305388730991993]
[10606,"T","PIP  ","MD","12-1997",50466.77,30,596.53250000000003,5.0290637978651624E-2,1682.2256666666665,84.600202000729212]
[10607,"T","PIP  ","MD","3-1998",38406.71,24,622.31083333333333,3.8565936368883183E-2,1600.2795833333332,61.716280583256221]
[10608,"T","PIP  ","MD","6-1998",42437.48,20,614.55000000000007,3.2544137987145061E-2,2121.8740000000003,69.054560247335445]
[10609,"T","PIP  ","MD","9-1998",33977.11,18,581.63666666666666,3.0947154867586295E-2,1887.6172222222222,58.416382506834168]
[10610,"T","PIP  ","MD","12-1998",36934.43,20,545.3125,3.6676217765042977E-2,1846.7215000000001,67.730759885386817]
[10611,"T","PIP  ","MD","3-1999",35302.239999999998,18,517.4,3.4789331271743336E-2,1961.2355555555555,68.230073444143798]
[10612,"T","PIP  ","MD","6-1999",28717.98,16,499.18249999999995,3.2052405683292186E-2,1794.87375,57.530021585291955]
[10613,"T","PIP  ","MD","9-1999",31545.98,15,494.35416666666669,3.034261873656707E-2,2103.0653333333335,63.812509587424664]
[10614,"T","PIP  ","MD","12-1999",25392.560000000001,10,486.11833333333334,2.057112294331627E-2,2539.2560000000003,52.235347360553504]
[10615,"T","PIP  ","MD","3-2000",26788.720000000001,15,485.42333333333335,3.0900863164111048E-2,1785.9146666666668,55.186304737445667]
[10616,"T","PIP  ","MD","6-2000",36537.910000000003,16,489.4591666666667,3.2689141586547052E-2,2283.6193750000002,74.649557079157091]
[{"$f":"INDEX(State,MATCH(D5634,StateAbbr),1)*1000+INDEX(Coverage,MATCH(C5634,CoverageAbbr),1)*100+VLOOKUP(E5634,Date,2,FALSE)","v":10617},"T","PIP  ","MD","9-2000",35904.660000000003,15,499.0025,3.0059969639430664E-2,2393.6440000000002,71.952865967605376]
[10618,"T","PIP  ","MD","12-2000",32687.69,14,525.37333333333333,{"$f":"G5635/H5635","v":2.6647717178895008E-2},{"$f":"F5635/G5635","v":2334.835},{"$f":"F5635/H5635","v":62.218022739385326}]
[10619,"T","PIP  ","MD","3-2001",31265.4,10,558.11250000000007,1.7917534547246296E-2,3126.54,56.019888463347442]
[10620,"T","PIP  ","MD","6-2001",28330.6,15,594.85249999999996,2.5216335141904928E-2,1888.7066666666665,47.626260291416777]
[10621,"T","PIP  ","MD","9-2001",29997.35,19,646.28499999999997,2.9398794649419375E-2,1578.8078947368419,46.415049088250541]
[10622,"T","PIP  ","MD","12-2001",35587.5,23,714.97166666666669,3.2169106934307419E-2,1547.2826086956522,49.774699696724575]
[10623,"T","PIP  ","MD","3-2002",54876.959999999999,26,782.88333333333333,3.3210567772975964E-2,2110.6523076923077,70.095961509803502]
[10624,"T","PIP  ","MD","6-2002",64646.18,28,848.74666666666656,3.2989820284026646E-2,2308.7921428571431,76.166637866029916]
[10625,"T","PIP  ","MD","9-2002",74477.91,27,925.97333333333336,2.9158507084437277E-2,2758.4411111111112,80.432024680336369]
[10626,"T","PIP  ","MD","12-2002",97561.23,40,995.35666666666668,4.0186599778303925E-2,2439.0307499999999,98.016352597226444]
[10627,"T","PIP  ","MD","3-2003",94537.9,45,1075.9974999999999,4.1821658507570886E-2,2100.8422222222221,87.860705996064112]
[10628,"T","PIP  ","MD","6-2003",83796.39,39,1193.8075000000001,3.2668583502784156E-2,2148.6253846153845,70.192547793509419]
[10629,"T","PIP  ","MD","9-2003",71312.56,48,1294.7758333333334,3.7072054300261753E-2,1485.6783333333333,55.077147846055716]
[10630,"T","PIP  ","MD","12-2003",66306.19,40,1393.0541666666668,2.8713887052728863E-2,1657.6547500000001,47.5977112639195]
[10631,"T","PIP  ","MD","3-2004",63322.34,43,1476.7291666666667,2.9118406387991479E-2,1472.6125581395347,42.880130919966703]
[10632,"T","PIP  ","MD","6-2004",66034.100000000006,45,1488.5908333333334,3.0229932223372325E-2,1467.4244444444446,44.36014149847535]
[10633,"T","PIP  ","MD","9-2004",69599.7,35,1428.2366666666667,2.4505742512328722E-2,1988.562857142857,48.731209346723581]
[10634,"T","PIP  ","MD","12-2004",59046.15,33,1290.8316666666667,2.5564913576389382E-2,1789.2772727272727,45.74271884147042]
[10635,"T","PIP  ","MD","3-2005",55799.37,29,1117.885,2.5941845538673479E-2,1924.1162068965518,49.915125437768644]
[10636,"T","PIP  ","MD","6-2005",48314.94,25,931.03499999999997,2.6851836934164666E-2,1932.5976000000001,51.893795614557995]
[10637,"T","PIP  ","MD","9-2005",51429.36,28,781.3175,3.5836903691521052E-2,1836.7628571428572,65.823893615591615]
[10638,"T","PIP  ","MD","12-2005",38659.54,21,675.77583333333337,3.1075393590823387E-2,1840.9304761904762,57.20763912096097]
[10639,"T","PIP  ","MD","3-2006",33279.4,16,595.50583333333327,2.6867914811917602E-2,2079.9625000000001,55.884255261983171]
[10640,"T","PIP  ","MD","6-2006",32733.360000000001,16,546.46416666666664,2.9279138461350777E-2,2045.835,59.900286234077569]
[10641,"T","PIP  ","MD","9-2006",24491.16,11,508.79666666666668,2.1619638493438766E-2,2226.4690909090909,48.135456862269798]
[10642,"T","PIP  ","MD","12-2006",18131.04,9,484.50583333333333,1.8575627744420002E-2,2014.5600000000002,37.421716628798762]
[10643,"T","PIP  ","MD","3-2007",8931.18,5,461.91,1.0824619514624061E-2,1786.2360000000001,19.335325063324024]
[10644,"T","PIP  ","MD","6-2007",5622,3,438.04500000000002,6.8486114440297228E-3,1874,12.834297846111701]
[10645,"T","PIP  ","MD","9-2007",1005.78,2,422.59750000000003,4.7326356639592043E-3,502.89,2.3799951490484443]
[10646,"T","PIP  ","MD","12-2007",1646.47,3,403.23250000000002,7.4398764980501322E-3,548.82333333333338,4.0831778192482]
[10647,"T","PIP  ","MD","3-2008",3599.91,3,382.98916666666668,7.833119735762761E-3,1199.97,9.3995086893232394]
[10648,"T","PIP  ","MD","6-2008",5632.13,5,363.62916666666666,1.3750272140802787E-2,1126.4259999999999,15.48866404647592]
[12601,"T","PIP  ","MI","9-1996",9245275.1199999992,4183,480955.4375,8.6972714597909079E-3,2210.2020368156823,19.222727095168768]
[12602,"T","PIP  ","MI","12-1996",16523059.189999999,6580,641273.91666666663,1.02608258795286E-2,2511.1032203647414,25.765992909686151]
[12603,"T","PIP  ","MI","3-1997",27607702.370000001,8482,638140.0625,1.3291752858722923E-2,3254.8576243810421,43.262763133602824]
[12604,"T","PIP  ","MI","6-1997",34111138.240000002,9023,635006.20833333337,1.4209309895854692E-2,3780.4652820569659,53.717802743267143]
[12605,"T","PIP  ","MI","9-1997",39460006,9103,631872.35416666663,1.4406390689469752E-2,4334.8353290124132,62.449331324268982]
[12606,"T","PIP  ","MI","12-1997",42961503.640000001,8898,628738.5,1.4152147514427699E-2,4828.2202337603958,68.329684980321716]
[12607,"T","PIP  ","MI","3-1998",42625216.740000002,8618,624620.50666666671,1.3797177499007503E-2,4946.068315154328,68.241782466401247]
[12608,"T","PIP  ","MI","6-1998",44091322.340000004,8527,620502.51333333331,1.3742087770431486E-2,5170.7895320745874,71.05744359219733]
[12609,"T","PIP  ","MI","9-1998",48694443.939999998,8647,616384.52,1.4028580730742556E-2,5631.3685601942871,79.000108471251025]
[12610,"T","PIP  ","MI","12-1998",56847567.700000003,8930,612266.52666666673,1.4585151418643071E-2,6365.9090369540872,92.847747221283655]
[12611,"T","PIP  ","MI","3-1999",62333004.399999999,9193,610261.39500000002,1.5064036616637039E-2,6780.4856303709339,102.14148381448904]
[12612,"T","PIP  ","MI","6-1999",65411929.130000003,9044,608256.26333333331,1.4868733040967893E-2,7232.6325884564358,107.54008314116334]
[12613,"T","PIP  ","MI","9-1999",64472766.200000003,8927,606251.13166666671,1.4724920967089107E-2,7222.2209252828497,106.34663233164713]
[12614,"T","PIP  ","MI","12-1999",60282243.75,8462,604246,1.400423006523833E-2,7123.8765953675256,99.764406797893571]
[12615,"T","PIP  ","MI","3-2000",58737167.57,8043,598997.16666666663,1.3427442478164199E-2,7302.8928969290064,98.059174297708154]
[12616,"T","PIP  ","MI","6-2000",59488789.210000001,7884,596291.33333333337,1.3221724951002697E-2,7545.5085248604773,99.764638331151318]
[12617,"T","PIP  ","MI","9-2000",58140413.5,7384,596754.58333333337,1.2373595790005801E-2,7873.8371478873241,97.427678184289874]
[12618,"T","PIP  ","MI","12-2000",59808196.270000003,7245,595061.41666666663,1.2175213846974059E-2,8255.0995541752945,100.50760240014442]
[12619,"T","PIP  ","MI","3-2001",61401073.539999999,7108,591850.3041666667,1.2009793608213417E-2,8638.3052250984802,103.74426287818429]
[12620,"T","PIP  ","MI","6-2001",62936237.299999997,6918,589531.77500000002,1.1734736435538186E-2,9097.4613038450407,106.75631063312913]
[12621,"T","PIP  ","MI","9-2001",66665837.119999997,7086,589350.58499999996,1.202340369272731E-2,9408.1057183178091,113.11745303519128]
[12622,"T","PIP  ","MI","12-2001",69054502.400000006,6956,591041.23916666664,1.1769060327850474E-2,9927.3292696952285,116.83533706947892]
[12623,"T","PIP  ","MI","3-2002",71062071.219999999,6856,594208.14833333332,1.1538044402841115E-2,10364.946210618436,119.59120961117529]
[12624,"T","PIP  ","MI","6-2002",72214672.269999996,6836,595594.22750000004,1.1477612918939849E-2,10563.878330895261,121.24810640479217]
[12625,"T","PIP  ","MI","9-2002",73158690.069999993,6712,592448.75666666671,1.1329249870932577E-2,10899.685648092967,123.48526222186291]
[12626,"T","PIP  ","MI","12-2002",75235956.510000005,6610,587728.86916666664,1.1246682521095544E-2,11382.141680786688,128.01133389393669]
[12627,"T","PIP  ","MI","3-2003",79383952.939999998,6640,592439.41666666663,1.1207897066268239E-2,11955.414599397591,133.99505621460872]
[12628,"T","PIP  ","MI","6-2003",81538038.150000006,6504,608740.21333333326,1.068436068053639E-2,12536.598731549817,133.94554255503326]
[12629,"T","PIP  ","MI","9-2003",84192946.609999999,6512,632270.47250000003,1.0299389712525283E-2,12928.892292690418,133.15970027368311]
[12630,"T","PIP  ","MI","12-2003",83967882.799999997,6214,660721.42000000004,9.4048714206964867E-3,13512.694367557129,127.08515307404441]
[12631,"T","PIP  ","MI","3-2004",74317537.879999995,5842,687378.24583333335,8.4989596854604162E-3,12721.249209174939,108.11738417747301]
[12632,"T","PIP  ","MI","6-2004",74900566.519999996,5662,717071.25,7.896007544578032E-3,13228.64120805369,104.45345078330779]
[{"$f":"INDEX(State,MATCH(D5698,StateAbbr),1)*1000+INDEX(Coverage,MATCH(C5698,CoverageAbbr),1)*100+VLOOKUP(E5698,Date,2,FALSE)","v":12633},"T","PIP  ","MI","9-2004",76291438.019999996,5293,760597.94333333336,6.9589985699978858E-3,14413.647840544114,100.30455471079961]
[12634,"T","PIP  ","MI","12-2004",76936243.680000007,5182,819310.36833333329,{"$f":"G5699/H5699","v":6.3248314683742937E-3},{"$f":"F5699/G5699","v":14846.824330374375},{"$f":"F5699/H5699","v":93.90366173017695}]
[12635,"T","PIP  ","MI","3-2005",84477010.189999998,5127,888046.71,5.7733449629017823E-3,16476.889055978154,95.126764435622988]
[12636,"T","PIP  ","MI","6-2005",84074033.379999995,5056,946546.93666666665,5.341520641126439E-3,16628.566728639238,88.821832413374835]
[12637,"T","PIP  ","MI","9-2005",79641300.219999999,4736,982618.88666666672,4.819773021121047E-3,16816.152918074324,81.050040153580596]
[12638,"T","PIP  ","MI","12-2005",79596341.469999999,4606,994286.05666666664,4.632469669183098E-3,17281.012042987408,80.053764141927005]
[12639,"T","PIP  ","MI","3-2006",79260030.769999996,4307,990605.98833333328,4.3478436943899428E-3,18402.607562108195,80.011661249244781]
[12640,"T","PIP  ","MI","6-2006",77923656.790000007,3981,986681.9408333333,4.0347348372847701E-3,19573.890175835219,78.975456593628465]
[12641,"T","PIP  ","MI","9-2006",79616782.620000005,4026,985802.61833333329,4.0839818490304245E-3,19775.653904619972,80.763411599175598]
[12642,"T","PIP  ","MI","12-2006",80460723.390000001,3942,987578.22000000009,3.9915825604173406E-3,20411.142412480975,81.472760091853786]
[12643,"T","PIP  ","MI","3-2007",80688711.799999997,3953,988739.14333333343,3.9980211430420999E-3,20412.019175309892,81.607684235069698]
[12644,"T","PIP  ","MI","6-2007",81499639.769999996,4140,986546.59916666662,4.1964566128929416E-3,19685.903326086955,82.611039193528754]
[12645,"T","PIP  ","MI","9-2007",84050819.870000005,4316,980881.58166666667,4.4001233998771398E-3,19474.24000695088,85.689059149408138]
[12646,"T","PIP  ","MI","12-2007",88304552.409999996,4426,973980.84916666662,4.5442371929456972E-3,19951.322279710799,90.663540751907959]
[12647,"T","PIP  ","MI","3-2008",92605915.430000007,4386,965569.79499999993,4.5423956121162642E-3,21113.979806201551,95.908049226001324]
[12648,"T","PIP  ","MI","6-2008",96490428.150000006,4334,956892.4341666667,4.5292447147148472E-3,22263.596712044302,100.83727773856951]
[15601,"T","PIP  ","NJ","9-1996",1881730.3,486,43405.521666666667,1.1196732151550764E-2,3871.8730452674899,43.352325412669273]
[15602,"T","PIP  ","NJ","12-1996",3017363.95,730,58578.375,1.2461936678851197E-2,4133.3752739726033,51.509860934175798]
[15603,"T","PIP  ","NJ","3-1997",5400222.9299999997,1194,59967.204999999994,1.9910882956776125E-2,4522.7997738693466,90.052936934446095]
[15604,"T","PIP  ","NJ","6-1997",7532945.8499999996,1471,61482.395833333336,2.3925547793999299E-2,5120.9693065941537,122.52199589652186]
[15605,"T","PIP  ","NJ","9-1997",8317304.7000000002,1511,62535.035833333335,2.4162455171962735E-2,5504.5034414295169,133.0023176474553]
[15606,"T","PIP  ","NJ","12-1997",10386568.32,1755,62797.994166666671,2.7946752492479424E-2,5918.272547008547,165.39649805428365]
[15607,"T","PIP  ","NJ","3-1998",10101788.699999999,1597,62749.064166666671,2.5450578764939613E-2,6325.4782091421412,160.98708138768123]
[15608,"T","PIP  ","NJ","6-1998",9533064.4499999993,1414,62669.107500000006,2.2562950972295239E-2,6741.9126237623759,152.11744398944884]
[15609,"T","PIP  ","NJ","9-1998",8908969.3300000001,1431,63218.924999999996,2.2635626910770788E-2,6225.6948497554158,140.92250587937079]
[15610,"T","PIP  ","NJ","12-1998",8133820.1699999999,1268,64636.105000000003,1.96175187227015E-2,6414.6846766561512,125.84019674452846]
[15611,"T","PIP  ","NJ","3-1999",8193352.6100000003,1217,66599.144166666665,1.8273508094254414E-2,6732.4179211175024,123.02489337544417]
[15612,"T","PIP  ","NJ","6-1999",9162997.1099999994,1268,68860.244166666671,1.8414108392223849E-2,7226.3384148264977,133.06657884950619]
[15613,"T","PIP  ","NJ","9-1999",10986675.02,1397,70754.299166666664,1.9744383259443634E-2,7864.4774659985678,155.27925722393383]
[15614,"T","PIP  ","NJ","12-1999",12337831.119999999,1550,72356.824999999997,2.1421614339766845E-2,7959.8910451612901,170.51371615600877]
[15615,"T","PIP  ","NJ","3-2000",12440922.210000001,1614,73512.382499999992,2.1955484846379453E-2,7708.1302416356884,169.23573671415156]
[15616,"T","PIP  ","NJ","6-2000",12101206.34,1585,74507.997499999998,2.1272884162535706E-2,7634.8304984227125,162.41486479354111]
[15617,"T","PIP  ","NJ","9-2000",10639713.140000001,1439,75835.685833333337,1.897523552648471E-2,7393.8242807505212,140.29955716868255]
[15618,"T","PIP  ","NJ","12-2000",9385782.8699999992,1262,77585.840833333335,1.626585452248917E-2,7437.2288985736923,120.97288331465204]
[15619,"T","PIP  ","NJ","3-2001",10893902.560000001,1556,79635.292499999996,1.9539075592646313E-2,7001.2227249357329,136.79742006347249]
[15620,"T","PIP  ","NJ","6-2001",11812354.9,1758,82336.115000000005,2.1351505350962939E-2,6719.2007394766779,143.46505054313042]
[15621,"T","PIP  ","NJ","9-2001",12900328.470000001,1933,85431.6875,2.2626264990961344E-2,6673.7343352302123,151.00168154819605]
[15622,"T","PIP  ","NJ","12-2001",13679483.82,2266,88804.050833333342,2.5516854003122095E-2,6036.8419329214476,154.04121424228197]
[15623,"T","PIP  ","NJ","3-2002",12864831.73,2146,92667.48583333334,2.3158068665634007E-2,5994.7957735321534,138.82789215991014]
[15624,"T","PIP  ","NJ","6-2002",12777749.119999999,2230,96023.11583333333,2.3223574663736136E-2,5729.9323408071741,133.06951153489177]
[15625,"T","PIP  ","NJ","9-2002",14117145.199999999,2353,98311.010000000009,2.3934247039065104E-2,5999.6367190820229,143.59678737915516]
[15626,"T","PIP  ","NJ","12-2002",15354992.07,2423,99472.870833333334,2.4358400232157101E-2,6337.1820346677678,154.36361634447314]
[15627,"T","PIP  ","NJ","3-2003",16667825.51,2460,99704.456666666665,2.4672919167738974E-2,6775.5388252032517,167.17232175211694]
[15628,"T","PIP  ","NJ","6-2003",17358071.5,2368,99350.987500000003,2.3834690118203404E-2,7330.2666807432433,174.71463481930664]
[15629,"T","PIP  ","NJ","9-2003",16854406.789999999,2335,99042.514999999999,2.3575734117817989E-2,7218.1613661670235,170.1734531882596]
[15630,"T","PIP  ","NJ","12-2003",17414925.969999999,2135,98693.378333333341,2.163265698321841E-2,8156.8739906323181,176.45485709468483]
[15631,"T","PIP  ","NJ","3-2004",18861821.739999998,2144,98101.266666666663,2.1854967553935765E-2,8797.4914832089544,192.26889092155793]
[15632,"T","PIP  ","NJ","6-2004",19391290.579999998,2094,97281.223333333328,2.1525222733115988E-2,9260.4061986628458,199.33230602534567]
[15633,"T","PIP  ","NJ","9-2004",19602371.27,1941,96127.800833333342,2.0191869398586484E-2,10099.109361154044,203.91989726246464]
[15634,"T","PIP  ","NJ","12-2004",18519444.120000001,1831,93927.292499999996,1.9493801548681924E-2,10114.387831785911,197.16786917923778]
[15635,"T","PIP  ","NJ","3-2005",17355933.329999998,1539,90541.754166666666,1.6997682606933514E-2,11277.409571150096,191.68982851880352]
[15636,"T","PIP  ","NJ","6-2005",17700240.84,1514,86361.134999999995,1.7531034069897301E-2,11691.044147952443,204.95609327042774]
[15637,"T","PIP  ","NJ","9-2005",16384075.890000001,1265,81987.007499999992,1.5429273961487132E-2,12951.838648221345,199.83746680838428]
[15638,"T","PIP  ","NJ","12-2005",17106797.600000001,1269,78031.565000000002,1.6262649608527011E-2,13480.533963750986,219.22920038833004]
[15639,"T","PIP  ","NJ","3-2006",16449412.449999999,1295,74515.170833333337,1.7379011354567004E-2,12702.248996138995,220.75252953243691]
[15640,"T","PIP  ","NJ","6-2006",15000248.529999999,1109,71051.28333333334,1.5608444323196601E-2,13525.922930568078,211.11861498162006]
[15641,"T","PIP  ","NJ","9-2006",15084962.49,1154,66748.732499999998,1.7288717804491645E-2,13071.891239168111,225.99623880498405]
[15642,"T","PIP  ","NJ","12-2006",14141511.5,1017,61981.094166666669,1.6408229213658202E-2,13905.124385447394,228.158468160849]
[15643,"T","PIP  ","NJ","3-2007",14081886.07,934,57426.910833333335,1.6264151883612406E-2,15076.965813704497,245.21406193812183]
[15644,"T","PIP  ","NJ","6-2007",14519271.1,925,53499.853333333333,1.7289767024906488E-2,15696.509297297296,271.38898885454887]
[15645,"T","PIP  ","NJ","9-2007",14444082.43,855,51169.53833333333,1.6709159938678362E-2,16893.663660818715,282.27892805885847]
[15646,"T","PIP  ","NJ","12-2007",14123751.539999999,807,49898.746666666666,1.617275089875337E-2,17501.550855018588,283.04822232007962]
[15647,"T","PIP  ","NJ","3-2008",13554974.91,763,49061.847500000003,1.5551799185711462E-2,17765.366854521624,276.28341778201479]
[15648,"T","PIP  ","NJ","6-2008",12526319.789999999,714,48459.006666666661,1.473410309277216E-2,17543.865252100841,258.49311927015702]
[{"$f":"INDEX(State,MATCH(D5762,StateAbbr),1)*1000+INDEX(Coverage,MATCH(C5762,CoverageAbbr),1)*100+VLOOKUP(E5762,Date,2,FALSE)","v":16601},"T","PIP  ","NY","9-1996",1313547.5900000001,741,55229.16333333333,1.3416824649827215E-2,1772.6688124156547,23.783586618398289]
[16602,"T","PIP  ","NY","12-1996",2202532.7799999998,1107,73270.369166666671,{"$f":"G5763/H5763","v":1.5108426674934977E-2},{"$f":"F5763/G5763","v":1989.6411743450767},{"$f":"F5763/H5763","v":30.06034779202411}]
[16603,"T","PIP  ","NY","3-1997",3210869.3,1302,72497.374166666661,1.795927114555609E-2,2466.1054531490013,44.289456506637386]
[16604,"T","PIP  ","NY","6-1997",3775428.12,1291,72140.384999999995,1.7895662741472754E-2,2924.421471727343,52.334460371953938]
[16605,"T","PIP  ","NY","9-1997",4162934.19,1218,72302.521666666667,1.6845885481218695E-2,3417.8441625615765,57.576611355164118]
[16606,"T","PIP  ","NY","12-1997",4361792.5199999996,1179,72942.534166666665,1.6163408818592708E-2,3699.569567430025,59.797655371195681]
[16607,"T","PIP  ","NY","3-1998",4614889.01,1167,73938.200833333336,1.578345140735268E-2,3954.4892973436158,62.415489665519196]
[16608,"T","PIP  ","NY","6-1998",4603004.46,1180,74978.82166666667,1.5737777331923483E-2,3900.8512372881355,61.390728177398891]
[16609,"T","PIP  ","NY","9-1998",4615583.5,1182,75532.500833333339,1.5648892688038343E-2,3904.8929780033841,61.10725117104942]
[16610,"T","PIP  ","NY","12-1998",4824798.97,1143,75485.683333333334,1.5141944134660414E-2,4221.1714523184601,63.916742313829481]
[16611,"T","PIP  ","NY","3-1999",4748395.26,1074,75140.737500000003,1.4293178849888184E-2,4421.2246368715078,63.193354470336409]
[16612,"T","PIP  ","NY","6-1999",5240439.93,1108,74707.115000000005,1.4831251347344894E-2,4729.6389259927791,70.146463693585261]
[16613,"T","PIP  ","NY","9-1999",5489627.21,1050,74260.668333333335,1.4139382577152046E-2,5228.2163904761901,73.923751741079798]
[16614,"T","PIP  ","NY","12-1999",5575307.1500000004,1102,74080.001666666663,1.4875809600526242E-2,5059.2623865698733,75.26062398171743]
[16615,"T","PIP  ","NY","3-2000",5783641.3300000001,1181,73730.494166666671,1.6017795802783681E-2,4897.2407535986449,78.443002388213571]
[16616,"T","PIP  ","NY","6-2000",5488652.9900000002,1132,73211.34583333334,1.5462084286457647E-2,4848.6333833922263,74.96997804814292]
[16617,"T","PIP  ","NY","9-2000",5093637.08,1095,72580.307499999995,1.5086736853519118E-2,4651.7233607305934,70.179326258710063]
[16618,"T","PIP  ","NY","12-2000",5205521.96,1156,71791.195833333331,1.6102253021160268E-2,4503.0466782006924,72.509196978482791]
[16619,"T","PIP  ","NY","3-2001",5332408.72,1124,71176.597500000003,1.5791707379662255E-2,4744.1358718861211,74.918005458184481]
[16620,"T","PIP  ","NY","6-2001",5656395.7699999996,1158,70691.563333333339,1.6381021233604066E-2,4884.625017271157,80.015146126112441]
[16621,"T","PIP  ","NY","9-2001",5970122.8700000001,1228,70419.903333333335,1.7438251713968556E-2,4861.6635749185671,84.778913168062189]
[16622,"T","PIP  ","NY","12-2001",6220672.0700000003,1131,70278.460833333331,1.6093124217421144E-2,5500.1521396993812,88.514631598896841]
[16623,"T","PIP  ","NY","3-2002",6073361.8300000001,1152,70257.128333333341,1.6396912702357578E-2,5272.0154774305556,86.444777548906828]
[16624,"T","PIP  ","NY","6-2002",5954652.8300000001,1215,70286.204166666663,1.7286464881770006E-2,4900.9488312757203,84.720079859199501]
[16625,"T","PIP  ","NY","9-2002",6114347.9100000001,1233,70048.838333333333,1.7602004963061128E-2,4958.9196350364964,87.286928027333687]
[16626,"T","PIP  ","NY","12-2002",5887121.2599999998,1294,69367.444166666668,1.865428394465497E-2,4549.5527511591963,84.868648841309835]
[16627,"T","PIP  ","NY","3-2003",6419575.2800000003,1274,68241.124166666661,1.8669094560759058E-2,5038.913092621664,94.071945009600711]
[16628,"T","PIP  ","NY","6-2003",6401595.9400000004,1180,66409.090833333335,1.7768651628757303E-2,5425.0813050847464,96.396379767734871]
[16629,"T","PIP  ","NY","9-2003",6207648.2599999998,1129,63942.559999999998,1.7656471683335794E-2,5498.3598405668736,97.081634829759707]
[16630,"T","PIP  ","NY","12-2003",6084174.1500000004,997,61322.52583333334,1.6258299645218733E-2,6102.4815947843535,99.215974347436301]
[16631,"T","PIP  ","NY","3-2004",5724331.2999999998,919,58680.960833333338,1.5660956926219383E-2,6228.8697497279654,97.550060849520563]
[16632,"T","PIP  ","NY","6-2004",5796281.5499999998,877,56354.2425,1.5562271110289523E-2,6609.2149942987453,102.85439556746771]
[16633,"T","PIP  ","NY","9-2004",5933932.5999999996,852,54405.577500000007,1.5660159107767947E-2,6964.7096244131453,109.06846085771259]
[16634,"T","PIP  ","NY","12-2004",5695748.6299999999,773,52526.480833333335,1.4716386625114503E-2,7368.3682147477357,108.43575544443242]
[16635,"T","PIP  ","NY","3-2005",5110029.75,734,50556.984999999993,1.4518270818562462E-2,6961.8933923705727,101.07465368039649]
[16636,"T","PIP  ","NY","6-2005",4585848.93,678,48484.853333333333,1.3983748601625139E-2,6763.7889823008845,94.583124722937526]
[16637,"T","PIP  ","NY","9-2005",3603412.87,565,46700.868333333339,1.2098276116992969E-2,6377.7218938053102,77.159440468647958]
[16638,"T","PIP  ","NY","12-2005",3594385.42,588,46271.98,1.2707474372179447E-2,6112.9003741496599,77.679524844192954]
[16639,"T","PIP  ","NY","3-2006",3467722.44,559,47437.695,1.1783877779053134E-2,6203.4390697674417,73.10056780794261]
[16640,"T","PIP  ","NY","6-2006",3642978.01,610,50574.416666666664,1.2061434223166193E-2,5972.0950983606554,72.032032203370278]
[16641,"T","PIP  ","NY","9-2006",4554235.41,782,55199.387500000004,1.4166823861949554E-2,5823.8304475703326,82.505180152587741]
[16642,"T","PIP  ","NY","12-2006",5315749.47,894,59784.034166666672,1.4953825255547254E-2,5946.0284899328853,88.915871002961879]
[16643,"T","PIP  ","NY","3-2007",6456189.9800000004,1079,63732.02416666667,1.6930264087929945E-2,5983.4939573679339,101.30213286677215]
[16644,"T","PIP  ","NY","6-2007",7435197.1100000003,1161,66349.911666666667,1.7498139346932565E-2,6404.1318776916451,112.06039199198131]
[16645,"T","PIP  ","NY","9-2007",7568469.3399999999,1141,67673.917499999996,1.6860262301203414E-2,6633.1896056091146,111.83731664418571]
[16646,"T","PIP  ","NY","12-2007",7955000.0800000001,1163,67987.597500000003,1.71060611459318E-2,6840.0688564058473,117.00663610006221]
[16647,"T","PIP  ","NY","3-2008",8166292.29,1108,67421.044999999998,1.6434037769660795E-2,7370.2999007220214,121.12378694219291]
[16648,"T","PIP  ","NY","6-2008",8235450.1799999997,1083,66520.241666666669,1.6280758651282711E-2,7604.2937950138503,123.80367199006717]
[21601,"T","PIP  ","TX","9-1996",123244.72,87,7793.0858333333335,1.1163742047838774E-2,1416.6059770114944,15.814623710782945]
[21602,"T","PIP  ","TX","12-1996",213952.39,135,10234.729166666666,1.3190383233557312E-2,1584.8325185185186,20.904548280263079]
[21603,"T","PIP  ","TX","3-1997",253768.83,154,9947.1450000000004,1.5481829208280366E-2,1647.8495454545455,25.511725223669703]
[21604,"T","PIP  ","TX","6-1997",288812.15999999997,156,9554.8891666666659,1.6326719994222853E-2,1851.36,30.226636328504419]
[21605,"T","PIP  ","TX","9-1997",308638.99,161,9077.0416666666661,1.7737056401452383E-2,1917.0123602484471,34.002156356008065]
[21606,"T","PIP  ","TX","12-1997",260806.42,142,8372.1024999999991,1.696109191209735E-2,1836.6649295774648,31.151842682289193]
[21607,"T","PIP  ","TX","3-1998",278586.26,142,7543.7233333333324,1.8823595951954764E-2,1961.8750704225354,36.929543633846599]
[21608,"T","PIP  ","TX","6-1998",242447.8,120,6467.1791666666659,1.8555230481089452E-2,2020.3983333333333,37.488956738608991]
[21609,"T","PIP  ","TX","9-1998",189304.36,96,5281.5425000000005,1.8176508093989584E-2,1971.9204166666666,35.84262741424498]
[21610,"T","PIP  ","TX","12-1998",163138.88,78,4200.8975,1.8567460881871077E-2,2091.5241025641026,38.834291957849487]
[21611,"T","PIP  ","TX","3-1999",118752.99,55,3125.6666666666665,1.7596246134158049E-2,2159.1452727272726,37.992851658312894]
[21612,"T","PIP  ","TX","6-1999",80791.759999999995,42,2287.2733333333331,1.8362475261665276E-2,1923.6133333333332,35.322302246342808]
[21613,"T","PIP  ","TX","9-1999",63250.25,33,1697.3158333333333,1.9442462829791549E-2,1916.6742424242425,37.264867715152207]
[21614,"T","PIP  ","TX","12-1999",55822.9,27,1299.325,2.0780020395205202E-2,2067.5148148148151,42.963000019240759]
[21615,"T","PIP  ","TX","3-2000",36194.339999999997,22,1117.8016666666667,1.9681487920486788E-2,1645.1972727272725,32.379930249999624]
[21616,"T","PIP  ","TX","6-2000",32364.23,18,1034.6883333333333,1.7396542920331888E-2,1798.0127777777777,31.279206459916271]
[{"$f":"INDEX(State,MATCH(D5826,StateAbbr),1)*1000+INDEX(Coverage,MATCH(C5826,CoverageAbbr),1)*100+VLOOKUP(E5826,Date,2,FALSE)","v":21617},"T","PIP  ","TX","9-2000",23611.18,13,1017.5983333333334,1.2775178156410764E-2,1816.2446153846154,23.202848537160207]
[21618,"T","PIP  ","TX","12-2000",17234.11,9,1031.5958333333333,{"$f":"G5827/H5827","v":8.7243469866670979E-3},{"$f":"F5827/G5827","v":1914.9011111111113},{"$f":"F5827/H5827","v":16.706261738487701}]
[21619,"T","PIP  ","TX","3-2001",30093.69,13,1080.3425,1.2033220946135138E-2,2314.8992307692306,27.855693911884426]
[21620,"T","PIP  ","TX","6-2001",30014.02,13,1183.8824999999999,1.0980819464769519E-2,2308.7707692307695,25.352195002460128]
[21621,"T","PIP  ","TX","9-2001",39705.68,18,1326.0891666666666,1.3573747868890164E-2,2205.8711111111111,29.941938293490821]
[21622,"T","PIP  ","TX","12-2001",55734.87,23,1498.8608333333334,1.5344986998459384E-2,2423.2552173913045,37.184819804818439]
[21623,"T","PIP  ","TX","3-2002",53257.77,20,1731.76,1.154894442647942E-2,2662.8885,30.753551300411139]
[21624,"T","PIP  ","TX","6-2002",85115.22,33,2007.2416666666668,1.6440471791720809E-2,2579.2490909090911,42.404071922912451]
[21625,"T","PIP  ","TX","9-2002",95996.68,42,2204.4183333333335,1.9052645028809562E-2,2285.635238095238,43.5473968567672]
[21626,"T","PIP  ","TX","12-2002",97045.99,46,2284.2241666666664,2.0138128591436408E-2,2109.695434782609,42.48531795441852]
[21627,"T","PIP  ","TX","3-2003",101494.93,54,2220.66,2.4317094917727163E-2,1879.5357407407407,45.704849008853223]
[21628,"T","PIP  ","TX","6-2003",79646.97,43,2005.2591666666667,2.144361223466127E-2,1852.2551162790699,39.7190404731558]
[21629,"T","PIP  ","TX","9-2003",87698.19,41,1781.9174999999998,2.3008921569040094E-2,2138.9802439024393,49.215628669677479]
[21630,"T","PIP  ","TX","12-2003",82473.05,38,1582.4216666666669,2.4013826908756933E-2,2170.3434210526316,52.118251245717268]
[21631,"T","PIP  ","TX","3-2004",66349.89,26,1374.4566666666667,1.8916565818735645E-2,2551.9188461538461,48.273540817341157]
[21632,"T","PIP  ","TX","6-2004",56050.86,24,1172.1458333333333,2.0475267938076535E-2,2335.4524999999999,47.819015694150686]
[21633,"T","PIP  ","TX","9-2004",33900.85,14,961.1825,1.456539210815844E-2,2421.4892857142854,35.269940932133075]
[21634,"T","PIP  ","TX","12-2004",34714.51,14,761.97666666666657,1.8373266023019079E-2,2479.6078571428575,45.558494792054006]
[21635,"T","PIP  ","TX","3-2005",42642.69,16,593.23916666666662,2.6970572576827504E-2,2665.1681250000001,71.881110344759776]
[21636,"T","PIP  ","TX","6-2005",42696.75,16,461.98250000000002,3.4633346501220283E-2,2668.546875,92.420708576623568]
[21637,"T","PIP  ","TX","9-2005",33321.620000000003,13,356.23333333333335,3.6492935342004304E-2,2563.2015384615388,93.538748011602891]
[21638,"T","PIP  ","TX","12-2005",18124.400000000001,6,270.13499999999999,2.2211116663890279E-2,3020.7333333333336,67.093860477168832]
[21639,"T","PIP  ","TX","3-2006",7574.06,3,190.95416666666665,1.5710576272665779E-2,2524.686666666667,39.664282441248993]
[21640,"T","PIP  ","TX","6-2006",3638,2,125.13166666666666,1.5983164400165159E-2,1819,29.073376043900428]
[21641,"T","PIP  ","TX","9-2006",2848,2,74.125833333333333,2.6981146923587145E-2,1424,38.421153219188092]
[21642,"T","PIP  ","TX","12-2006",2473,2,35.314999999999998,5.6633158714427298E-2,1236.5,70.026900750389359]
[21643,"T","PIP  ","TX","3-2007",2473,2,15.753333333333332,0.12695725772323319,1236.5,156.98264917477783]
[21644,"T","PIP  ","TX","6-2007",0,0,5.5183333333333335,0,{"$error":"#DIV/0!"},0]
[21645,"T","PIP  ","TX","9-2007",0,0,1.6325000000000001,0,{"$error":"#DIV/0!"},0]
[21646,"T","PIP  ","TX","12-2007",1.164153E-10,0,0.6,0,{"$error":"#DIV/0!"},1.9402550000000001E-10]
[21647,"T","PIP  ","TX","3-2008",0,0,0.19166666666666665,0,{"$error":"#DIV/0!"},0]
[21648,"T","PIP  ","TX","6-2008",0,0,0,{"$error":"#DIV/0!"},{"$error":"#DIV/0!"},{"$error":"#DIV/0!"}]

{"sheet":"Exhibits","index":11,"n_rows":50,"n_cols":11,"rows_kept":50,"cut":false,"hidden":false,"merged":[]}
["EXHIBITS"]
["state#","State Abbr.",null,"Coverage#","Coverage Abbr",null,"Attribute #","Attribute",null,"t","t (index)"]
[1,"AR",null,1,"BI",null,1,"Frequency",null,"9-1996",1]
[2,"CO",null,2,"CM",null,2,"Severity",null,"12-1996",2]
[3,"CT",null,3,"CO",null,3,"PurePremium",null,"3-1997",3]
[4,"FL",null,4,"CSL",null,null,null,null,"6-1997",4]
[5,"GA",null,5,"PD",null,null,null,null,"9-1997",5]
[6,"IL",null,6,"PIP",null,null,null,null,"12-1997",6]
[7,"IN",null,null,null,null,null,null,null,"3-1998",7]
[8,"LA",null,null,null,null,null,null,null,"6-1998",8]
[9,"MA",null,null,null,null,null,null,null,"9-1998",9]
[10,"MD",null,null,null,null,null,null,null,"12-1998",10]
[11,"ME",null,null,null,null,null,null,null,"3-1999",11]
[12,"MI",null,null,null,null,null,null,null,"6-1999",12]
[13,"NC",null,null,null,null,null,null,null,"9-1999",13]
[14,"NH",null,null,null,null,null,null,null,"12-1999",14]
[15,"NJ",null,null,null,null,null,null,null,"3-2000",15]
[16,"NY",null,null,null,null,null,null,null,"6-2000",16]
[17,"OH",null,null,null,null,null,null,null,"9-2000",17]
[18,"OK",null,null,null,null,null,null,null,"12-2000",18]
[19,"RI",null,null,null,null,null,null,null,"3-2001",19]
[20,"TN",null,null,null,null,null,null,null,"6-2001",20]
[21,"TX",null,null,null,null,null,null,null,"9-2001",21]
[22,"VA",null,null,null,null,null,null,null,"12-2001",22]
[23,"WI",null,null,null,null,null,null,null,"3-2002",23]
[null,null,null,null,null,null,null,null,null,"6-2002",24]
[null,null,null,null,null,null,null,null,null,"9-2002",25]
[null,null,null,null,null,null,null,null,null,"12-2002",26]
[null,null,null,null,null,null,null,null,null,"3-2003",27]
[null,null,null,null,null,null,null,null,null,"6-2003",28]
[null,null,null,null,null,null,null,null,null,"9-2003",29]
[null,null,null,null,null,null,null,null,null,"12-2003",30]
[null,null,null,null,null,null,null,null,null,"3-2004",31]
[null,null,null,null,null,null,null,null,null,"6-2004",32]
[null,null,null,null,null,null,null,null,null,"9-2004",33]
[null,null,null,null,null,null,null,null,null,"12-2004",34]
[null,null,null,null,null,null,null,null,null,"3-2005",35]
[null,null,null,null,null,null,null,null,null,"6-2005",36]
[null,null,null,null,null,null,null,null,null,"9-2005",37]
[null,null,null,null,null,null,null,null,null,"12-2005",38]
[null,null,null,null,null,null,null,null,null,"3-2006",39]
[null,null,null,null,null,null,null,null,null,"6-2006",40]
[null,null,null,null,null,null,null,null,null,"9-2006",41]
[null,null,null,null,null,null,null,null,null,"12-2006",42]
[null,null,null,null,null,null,null,null,null,"3-2007",43]
[null,null,null,null,null,null,null,null,null,"6-2007",44]
[null,null,null,null,null,null,null,null,null,"9-2007",45]
[null,null,null,null,null,null,null,null,null,"12-2007",46]
[null,null,null,null,null,null,null,null,null,"3-2008",47]
[null,null,null,null,null,null,null,null,null,"6-2008",48]